{"text_format":"2","workbook":"xlsx","n_sheets":73,"sheets":["Resumo","Brigadista 12X36 Diurno","Uniformes","Mat. e Equip. Salvamento","Mat. e Equip.  Prim. Socorros","Equip. cont. ronda eletrônica","Agua Oxigenada","Alcool","Alcool Iodado","Atadura 10cm","Atadura 20cm","Bandagem","Maleta ","Cobertor","Colar cervic","Colete Dorsal","Gaze","Band-aid","Esparadrapo","Fita Crepe","Compressa","Lençol","Luva Látex","Maca","Mascara","Mascara RCP","Medidor de pressão","Pinça","Prancha","Protetor queimadura","Soro","Tala","Tala moldavel","Tala Aramada","Termometro","Tesoura","Padiola","Bolsa termica","Oximetro","I-buttons","Gandola","Calça","Cinto","Japona","Camisa","Bota","Pochete","Meia ","Alicate reto","Alicate de corte","Alicate universal","Arco de serra","Chave teste","Chave de fenda","Facão","Machado","Marreta","Martelo","Pé de cabra","Talhadeira","Corda","Escada","Holofote","Fita zebrada","Megafone","Oculos","Capacete","Espatula","Rádiocomunicador","Trena","Luvas","Descensor","Mosquetão"],"not_rendered":{"charts":0,"images":214,"macros":0,"external_links":2,"defined_names":680,"comments":0,"pivot_tables":0},"unopened":[],"bounds":{"document_bytes":16777216,"sheet_cells":100000,"run_cost":"one","rows_first":2000,"rows_last":500,"rows_between":2000,"halvings":0,"cell_chars":16384,"cell_head_chars":4096},"cells_cut":0,"cells_raw":0,"read":"whole","date_system":"1900"}

{"sheet":"Resumo","index":0,"n_rows":8,"n_cols":10,"rows_kept":8,"cut":false,"hidden":false,"merged":[[0,1,0,8],[2,1,2,8],[1,1,1,9],[7,1,7,9]]}
[]
[null,"RESUMO -  VALOR TOTAL UNITARIO E GLOBAL DO CONTRATO"]
[]
[null,"Item","Cargo","Qtd por Posto","Valor por Empregado","Qtd de Postos","Valor  Mensal por Posto","Valor Total Mensal ","Valor Total (12 meses)","Valor Total (36 meses)"]
[null,1,"Bombeiro Civil 12 x 36 Diurno",4,{"$f":"'Brigadista 12X36 Diurno'!C95","v":13002.916407374018},2,{"$f":"E5*D5","v":52011.66562949607},{"$f":"G5*F5","v":104023.33125899214},{"$f":"H5*12","v":1248279.9751079057},{"$f":"H5*36","v":3744839.9253237173}]
[{"$nulls":5},{"$f":"SUM(F5)","v":2},null,{"$f":"SUM(H5:H5)","v":104023.33125899214},{"$f":"SUM(I5:I5)","v":1248279.9751079057},{"$f":"SUM(J5:J5)","v":3744839.9253237173}]
[]
[null,"VALOR TOTAL GLOBAL DA PROPOSTA"]

{"sheet":"Brigadista 12X36 Diurno","index":1,"n_rows":95,"n_cols":7,"rows_kept":95,"cut":false,"hidden":false,"merged":[[5,0,5,3],[0,0,0,3],[1,0,1,3],[2,0,2,3],[3,0,3,3],[4,0,4,3],[21,0,21,1],[6,2,6,3],[7,2,7,3],[8,2,8,3],[9,2,9,3],[10,0,10,3],[11,2,11,3],[12,2,12,3],[13,2,13,3],[14,2,14,3],[15,2,15,3],[16,0,16,3],[77,0,77,3],[22,0,22,3],[32,0,32,1],[37,0,37,1],[41,0,41,1],[52,0,52,1],[56,0,56,1],[61,0,61,1],[62,0,62,1],[72,0,72,1],[73,0,73,3],[76,0,76,1],[94,0,94,1],[80,0,80,1],[85,0,85,1],[86,0,86,1],[87,0,87,3],[88,0,88,1],[88,2,88,3],[89,2,89,3],[90,2,90,3],[91,2,91,3],[92,2,92,3],[93,2,93,3]]}
["POSTO: BRIGADISTA DIURNO 12 X36 \nESCALA: DE SEGUNDA A SABADO"]
["Planilha de Proposta de Preço"]
["Processo nº:59500.001028/2026-13"]
["Pregão Eletrônico nº:"]
["Data da abertura:",{"$nulls":4},2]
["DESCRIMINAÇÃO DOS SERVIÇOS"]
["A","Data da Apresentação da Proposta"]
["B","Município/UF","Brasília/DF"]
["C","Ano Acordo, Convenção Coletiva ou Sentença Normativa em Dissídio Coletivo.","SINDBOMBEIROS/DF 2026\nREGISTRO NO MTE: DF000032/2026"]
["D","N° de meses de execução contratual","36 meses"]
["IDENTIFICAÇÃO DOS SERVIÇOS"]
[1,"Tipo de Serviço","Brigada de Incêndio"]
[2,"Salário normativo da categoria profissional",4033.04]
[3,"Categoria profissional","Bombeiro Civil"]
[4,"Classificação Brasileira de Ocupações (CBO)","5171-10"]
[5,"Data base da categoria","2026-01-01"]
["MÓDULO 1:COMPOSIÇÃO DA REMUNERAÇÃO"]
[1,"Composição da Remuneração","%","Valor (R$)"]
["A","Salário Base da Categoria",1,{"$f":"C13","v":4033.04}]
["B","Adicional de Periculosidade",0.3,{"$f":"D19*C20","v":1209.912}]
["C","Adicional noturno ",0,{"$f":"(D19+D20)*C21","v":0}]
["TOTAL DA REMUNERAÇÃO",null,{"$f":"SUM(C19:C21)","v":1.3},{"$f":"SUM(D19:D21)","v":5242.9520000000002}]
["MÓDULO 2: BENEFICIOS MENSAIS E DIÁRIOS"]
["2.1","GPS, FGTS e outras contribuições ","%","Valor (R$)"]
[null,"INSS",0.2,{"$f":"$D$22*C25","v":1048.5904}]
[null,"FGTS",0.08,{"$f":"$D$22*C26","v":419.43616000000003}]
[null,"SESC OU SESI",1.4999999999999999E-2,78.644279999999995]
[null,"SENAI-SENAC",0.01,52.429520000000004]
[null,"SEBRAE",6.0000000000000001E-3,31.457712000000001]
[null,"INCRA",2E-3,10.485904000000001]
[null,"Salário Educação",2.5000000000000001E-2,131.07380000000001]
[null,"SAT",3.49E-2,182.97902480000002]
["TOTAL",null,{"$f":"SUM(C25:C32)","v":0.37290000000000006},{"$f":"SUM(D25:D32)","v":1955.0968007999995}]
["2.2","Ausencias Legais","%","Valor (R$)"]
[null,"Reposição de Férias Gozadas",7.2900000000000006E-2,{"$f":"$D$22*C35","v":382.21120080000003}]
[null,"Reposição de Faltas e Ausências",3.78E-2,{"$f":"$D$22*C36","v":198.18358560000001}]
[null,"Reposição de Afastamentos por Doenças e Acidentes",1.1999999999999999E-3,6.2915424]
["TOTAL",null,{"$f":"SUM(C35:C37)","v":0.11190000000000001},{"$f":"SUM(D35:D37)","v":586.68632880000007}]
["2.3","13º Salário, Férias e Adicional de Férias ","%","Valor (R$)"]
[null,"13° Salário",8.3299999999999999E-2,{"$f":"$D$22*C40","v":436.73790159999999}]
[null,"Adicional de Férias",2.3800000000000002E-2,{"$f":"$D$22*C41","v":124.78225760000001}]
["TOTAL",null,{"$f":"SUM(C40:C41)","v":0.1071},{"$f":"SUM(D40:D41)","v":561.52015919999997}]
["2.4","Provisão para Rescisão e Indenizações","%","Valor (R$)"]
[null,"Aviso Prévio Indenizado",1.2800000000000001E-2,{"$f":"$D$22*C44","v":67.109785600000009}]
[null,"Aviso Prévio Complementar",8.3000000000000001E-3,{"$f":"$D$22*C45","v":43.516501600000005}]
[null,"Reflexos sobre os Avisos Prévios Indenizados",4.1000000000000003E-3,21.496103200000004]
[null,"FGTS Sobre Aviso Prévio Indenizado e Complementar",1.8E-3,9.4373135999999995]
[null,"Aviso Prévio Trabalhado",1.6000000000000001E-3,8.3887232000000012]
[null,"Encargos Sobre Aviso Prévio Trabalhado",5.9999999999999995E-4,3.1457712]
[null,"Multa do FGTS",3.2000000000000001E-2,167.77446400000002]
[null,"Férias Indenizadsas",1.67E-2,87.557298400000008]
[null,"Adicional sobre Férias Indenizadas",5.5999999999999999E-3,29.3605312]
["TOTAL",null,{"$f":"SUM(C44:C52)","v":8.3499999999999991E-2},{"$f":"SUM(D44:D52)","v":437.78649200000012}]
["2.5","Direitos sobre o Abono Pecuniário ","%","Valor (R$)"]
[null,"Abono Pecuniário",5.1999999999999998E-3,{"$f":"$D$22*C55","v":27.2633504}]
[null,"1\\3 Constitucional do Abono Pecuniário",1.6999999999999999E-3,8.9130184000000003]
["TOTAL",null,{"$f":"SUM(C55:C56)","v":6.8999999999999999E-3},{"$f":"SUM(D55:D56)","v":36.176368799999999}]
["2.6","Custos decorrentes das incidências ","%","Valor (R$)"]
[null,"Incidência Grupo \"A\" Sobre os Grupos \"B\" e \"C\"",8.7400000000000005E-2,{"$f":"$D$22*C59","v":458.23400480000004}]
[null,"FGTS sobre Aviso Prévio Indenizado",2.3999999999999998E-3,12.5830848]
[null,"Incidência sobre Salário Maternidade",5.0000000000000001E-4,2.6214760000000004]
["TOTAL",null,{"$f":"SUM(C59:C61)","v":9.0300000000000005E-2},{"$f":"SUM(D59:D61)","v":473.4385656}]
["TOTAL DOS ENCARGOS SOCIAIS",null,{"$f":"C62+C57+C53+C42+C38+C33","v":0.77260000000000006},4050.7047152000005]
["2.3","Benefícios Mensais e Diários",null,"Valor (R$)"]
["A","Transporte",null,0]
["B","Auxílio Refeição/Alimentação",null,{"$f":"E66*13.58","v":674.38279999999997},49.66]
["C","Plano de Saúde",null,{"$f":"E67","v":209.4},209.4,"MENSAL POR FUNCIONARIOS"]
["D","Fundo social odontológico",null,{"$f":"E68","v":25},25,"MENSAL POR FUNCIONARIOS"]
["E","Auxilio Morte/Funeral",null,{"$f":"E69","v":25.23},25.23,"MENSAL POR FUNCIONARIOS"]
["F","Seguro de Vida",null,0]
["G","Auxilio Lazer Cultura",null,{"$f":"E71","v":31},31,"MENSAL POR FUNCIONARIOS"]
["H","Auxílio Creche ",null,65.83,null,"Guia Prático para Órgãos Públicos e Empresas Fornecedoras, considerou-se a incidência em 10% do quadro, 1 (empregado)",526.66]
["TOTAL",null,null,{"$f":"SUM(D65:D72)","v":1030.8427999999999}]
["MÓDULO 5: INSUMOS DIVERSOS"]
["A","Uniformes",null,{"$f":"Uniformes!F13","v":209.48194444444439}]
["B","Materiais e equipamentos",null,{"$f":"'Mat. e Equip. Salvamento'!F32+'Mat. e Equip.  Prim. Socorros'!F40+'Equip. cont. ronda eletrônica'!F8","v":154.81131254956853}]
["TOTAL",null,null,{"$f":"SUM(D75:D76)","v":364.29325699401295}]
["MÓDULO 6:CUSTOS INDIRETOS, LUCROS E TRIBUTOS"]
["A","Custos Indiretos (administração)",0.05,{"$f":"($D$22+$D$63+$D$73+$D$77)*C79","v":534.43963860970075}]
["B","Lucros",0.08,{"$f":"($D$22+$D$63+$D$73+$D$77)*C80","v":855.10342177552116}]
["SUBTOTAL (A+B)",null,{"$f":"SUM(C79:C80)","v":0.13},{"$f":"SUM(D79:D80)","v":1389.5430603852219}]
["C","Tributos"]
["C.1","PIS",6.4999999999999997E-3,{"$f":"($D$22+$D$63+$D$73+$D$77)*C83","v":69.477153019261095}]
["C.2","COFINS",0.03,{"$f":"($D$22+$D$63+$D$73+$D$77)*C84","v":320.6637831658204}]
["C.3","ISS",0.05,{"$f":"($D$22+$D$63+$D$73+$D$77)*C85","v":534.43963860970075}]
["SUBTOTAL (C.1+C.2+C.3)",null,{"$f":"SUM(C83:C85)","v":8.6499999999999994E-2},{"$f":"SUM(D83:D85)","v":924.58057479478225}]
["TOTAL",null,null,{"$f":"D81+D86","v":2314.1236351800044}]
["QUADRO RESUMO: CUSTO POR EMPREGADO"]
["MÃO DE OBRA VINCULADA À EXECUÇÃO CONTRATUAL",null,"Valor (R$)"]
["A","COMPOSIÇÃO DA REMUNERAÇÃO",{"$f":"D22","v":5242.9520000000002}]
["B","TOTAL DOS ENCARGOS SOCIAIS",{"$f":"D63","v":4050.7047152000005}]
["C","BENEFÍCIOS MENSAIS E DIÁRIOS",{"$f":"D73","v":1030.8427999999999}]
["D","INSUMOS DIVERSOS",{"$f":"D77","v":364.29325699401295}]
["E","CUSTOS INDIRETOS, LUCROS E TRIBUTOS",{"$f":"D87","v":2314.1236351800044}]
["TOTAL",null,{"$f":"SUM(C90:C94)","v":13002.916407374018}]

{"sheet":"Uniformes","index":2,"n_rows":13,"n_cols":7,"rows_kept":13,"cut":false,"hidden":false,"merged":[[0,0,1,5],[11,0,11,4],[12,0,12,4]]}
["PLANILHA DE PESQUISA DE PREÇOS \nDetalhamento do custo do Uniforme"]
[]
["ITEM","UNIFORME","MATERIAL","QTD. ANUAL","Codevasf - Preço Unitário","Codevasf - Custo Total "]
[1,"Gandola","Blusa com manga longa, tecido \"Ripstop\" padrão estipulado pelo CBMDF",2,{"$f":"Gandola!L37","v":198.55},{"$f":"E4*D4","v":397.1}]
[2,"Calça","Tecido \"Ripstop\" padrão estipulado pelo CBMDF\n",4,{"$f":"Calça!L37","v":219.9},{"$f":"E5*D5","v":879.6}]
[3,"Cinto","Confeccionado em nylon e/ou poliéster, com fivela e ponteira prata",1,{"$f":"Cinto!L37","v":18.760000000000002},18.760000000000002]
[4,"Blusão de frio","Tipo japona- Padrão aprovado pelo Corpo de Bombeiros Militar",1,{"$f":"Japona!L37","v":268.14},268.14]
[5,"Camiseta","100% Algodão, manga curta, aprovado com logotipo da prestadora de serviço e nome fantasia",6,{"$f":"Camisa!L37","v":24.99},149.94]
[6,"Coturno (par)","Cabedal em couro nobuk hidrofugado, espessura de 2mm, dublado com tecido sintético e colarinho de couro pelica;forração interna de acrílico automotivo, com isolamento térmico em EVA; reforço interno de material termoplástico leve e resistente, no bico e calcanhar, solado de borracha macio, vulcanizado ao cabedal, resistente à corrente elétrica;vedação resistente à água ou 100% impermeável; marca guartelá Attack II Dry Impermeável ou similar.",1,{"$f":"Bota!L37","v":587.26666666666665},587.26666666666665]
[7,"Pochete","confeccionada em tecido nylon, com duas divisórias para colocar tesoura, luvas, RCP, gaze e atadura.",1,{"$f":"Pochete!L37","v":64.989999999999995},64.989999999999995]
[8,"Meias (par)","Confeccionado em algodão e lycra- cor preta",4,{"$f":"'Meia '!L37","v":36.996666666666663},147.98666666666665]
["Custo para 1 (um) ano de uniforme para um profissional",{"$nulls":4},{"$f":"SUM(F4:F11)","v":2513.7833333333328}]
["Custo Mensal do uniforme para um profissional",{"$nulls":4},{"$f":"F12/12","v":209.48194444444439},{"$f":"F13*12","v":2513.7833333333328}]

{"sheet":"Mat. e Equip. Salvamento","index":3,"n_rows":32,"n_cols":8,"rows_kept":32,"cut":false,"hidden":false,"merged":[[0,0,0,5],[31,0,31,4],[29,5,30,5],[29,0,30,4]]}
["PLANILHA DE PESQUISA DE PREÇOS \n MATERIAIS E EQUIPAMENTOS PARA SALVAMENTO E ISOLAMENTO"]
["Item","Descrição","Unidade de Fornecimento","QTD Total","Preço Unit.   CODEVASF","Preço Total  Codevasf"]
[1,"ALICATE bico meia cana 6 polegadas","Und",1,{"$f":"'Alicate reto'!L37","v":32.993333333333332},{"$f":"E3*D3","v":32.993333333333332}]
[2,"ALICATE corte diagonal 6 polegadas","Und",1,{"$f":"'Alicate de corte'!L37","v":31.766666666666666},{"$f":"E4*D4","v":31.766666666666666}]
[3,"ALICATE universal 8 polegadas","Und",1,{"$f":"'Alicate universal'!L37","v":38.303333333333335},38.303333333333335]
[4,"ARCO DE SERRA fixo de 12'' com lâmina","Und",1,{"$f":"'Arco de serra'!L37","v":56.44},56.44]
[5,"CHAVE DE FENDA TESTE , com \"neon\", de 100 a 500 volts","Und",1,{"$f":"'Chave teste'!L37","v":7.9},7.9]
[6,"CHAVES DE FENDA : 1/8 x 4'', 3/16 x 4' e 1/4 x 5''","Jogo",1,null,0]
[7,"CHAVES PHILIPS : 1/4 x 4'', 1/4 x 6'', 1/8 x 3'' e 3/16 x 3''","Jogo",1,{"$f":"'Chave de fenda'!L37","v":88.21},88.21]
[8,"FACÃO  de 18'', em aço carbono, com cabo em polipropileno","Und",1,{"$f":"Facão!L37","v":28.95},28.95]
[9,"MACHADO para bombeiro, com cabeça chata,cunha de ferro cortante e cabo de madeira","Und",1,{"$f":"Machado!L37","v":520.57500000000005},520.57500000000005]
[10,"MARRETA de 5kg, com base polida, cabo curto de madeira fixado com cunhas metálicas","Und",1,{"$f":"Marreta!L37","v":184.58},184.58]
[11,"MARTELO  de aço com cabo e madeira e mínio de 250mm de comprimento","Und",1,{"$f":"Martelo!L37","v":35.979999999999997},35.979999999999997]
[12,"PÉ DE  CABRA 3/4'' x 80cm","Und",1,{"$f":"'Pé de cabra'!L37","v":57.699999999999996},57.699999999999996]
[13,"TALHADEIRA em aço especial com empunhadura","Und",1,{"$f":"Talhadeira!L37","v":61.11},61.11]
[14,"CORDA para resgate com 150m de comprimento, com 10mm de espessura","Und",1,{"$f":"Corda!L37","v":404.95666666666671},404.95666666666671]
[15,"ESCADA  com 6 (seis) degraus em fibra de vidro ou aluminio, com pés e degraus emborrachados","Und",1,{"$f":"Escada!L37","v":413.99},413.99]
[16,"LANTERNA de mão tipo farolete, com capacidade de luminosidade de 500.000 velas, com recarregador e transformador bivolt automático","Und",2,{"$f":"Holofote!L37","v":235.55},471.1]
[17,"FITA ZEBRADA plástica utilizada para isolamento, rolo com dimensões 7cmx 200 m ","Und",12,{"$f":"'Fita zebrada'!L37","v":17.79},213.48]
[18,"MEGAOFONE  com potência de no mínimo 35W, alimentação com bateria de 12v, alcance de no mínimo 600m, peso de 2,5Kg, com manopla e alça de carregamento","Und",2,{"$f":"Megafone!L37","v":274.2166666666667},548.43333333333339]
[19,"ÓCULOS DE PROTEÇÃO de proteção individual para trabalho sujeitas a particulas e poeiras","Und",4,{"$f":"Oculos!L37","v":19},76]
[20,"CAPACETE DE SEGURANÇA com catraca e jugular Tipo III, classe A, de polipropileno injetado","Und",4,{"$f":"Capacete!L37","v":46.6},186.4]
[21,"ESPATULA","Und",1,{"$f":"Espatula!L37","v":12.283333333333333},12.283333333333333]
[22,"EQUIPAMENTO DE RADIOCOMUNICAÇÃO de boa qualidade de recepção/transmissão, inclusive em subsolos,  licença da ANATEL, compostos por rádio, bateria recarregável, carregadores e baterias sobressalentes. Equipamento deve ser compativel com o equipamento de radiocomunicação da equipe de Vigilância contratada pela Codevasf.","Und",4,{"$f":"Rádiocomunicador!L37","v":188.32525118964415},753.3010047585766]
[23,"TRENA de 30m","Und",1,{"$f":"Trena!L37","v":117.9},117.9]
[24,"LUVAS PARA COMBATE DE INCENDIO","Und",4,{"$f":"Luvas!L37","v":154.47999999999999},617.91999999999996]
[25,"DESCENSOR TIPO 8 para resgate, confeccionado em duraluminio de alta resistência, tensão mínima de ruptura de 22KN.","Und",2,{"$f":"Descensor!L37","v":102},204]
[26,"MOSQUETÃO TIPO DELTA (assimetrico), fabircado em duraluminio, com trava de rosca, tensão minima de ruptura de 22KN, para ser usado em sistemas de descensor.","Und",4,{"$f":"Mosquetão!L37","v":137.04},548.16]
[]
["VALOR TOTAL ANUAL",{"$nulls":4},{"$f":"SUM(F3:F29)","v":5712.4326714252429}]
[]
["CUSTO MENSAL POR FUNCIONÁRIO (VALOR MENSAL / 08/12)",{"$nulls":4},{"$f":"F30/8/12","v":59.504506994012949},{"$f":"F32*8","v":476.0360559521036},{"$f":"G32*12","v":5712.4326714252429}]

{"sheet":"Mat. e Equip.  Prim. Socorros","index":4,"n_rows":40,"n_cols":8,"rows_kept":40,"cut":false,"hidden":false,"merged":[[39,0,39,4],[0,0,0,5],[37,0,38,4],[37,5,38,5]]}
["MATERIAS E EQUIPAMENTOS \nPRIMEIROS SOCORROS "]
["Item","Descrição","Unidade de Fornecimento","QTD Total","Preço Unit.   CODEVASF","Preço Total  Codevasf"]
[1,"ÁGUA OXIGENADA 10 volumes embalada em frascos de plástico de 200ml","Und",2,{"$f":"'Agua Oxigenada'!L37","v":3.3666666666666671},{"$f":"E3*D3","v":6.7333333333333343}]
[2,"ÁLCOOL (70% - litro)","Und",6,{"$f":"Alcool!L37","v":9.9},{"$f":"E4*D4","v":59.400000000000006}]
[3,"ÁLCOOL IODADO para superfícies fixas, antissepsia da pele em procedimentos de médio e baixo risco, embalado em frascos plásticos de 500ml","Und",2,{"$f":"'Alcool Iodado'!L37","v":5.87},11.74]
[4,"ATADURA CREPE 10cm de largura, 1,80m.","Und",10,{"$f":"'Atadura 10cm'!L37","v":4.2133333333333338},42.13333333333334]
[5,"ATADURA CREPE 20cm de largura, 1,80m.","Und",10,{"$f":"'Atadura 20cm'!L37","v":5.01},50.099999999999994]
[6,"BANDAGENS TRIANGULARES (142 cm x 100 cm x 100\ncm)","Und",3,{"$f":"Bandagem!L37","v":20.39},61.17]
[7,"CAIXA DE PRIMEIROS SOCORROS","Und",2,{"$f":"'Maleta '!L37","v":42.9},85.8]
[8,"COBERTOR/LENÇOL TÉRMICO DE EMERGÊNCIA","Und",10,{"$f":"Cobertor!L37","v":24.55},245.5]
[9,"COLAR CERVICAL 4x1 em polietileno de alta densidade, com espessura mínima de 1,5mm, revestido em espuma macia tipo \"E.V.A\", fecho em velcro de 05mm em um dos lados, abertura frontal que permite a palpação do pulso carotídeo e acesso a traqueia, botões em plástico resistente, possibilita rádio-transparência, tamanho universal.","Und",2,{"$f":"'Colar cervic'!L37","v":50.390000000000008},100.78000000000002]
[10,"COLETE DE IMOBILIZAÇÃO dorsal tipo KED, em nylon, para imobilização desde a cabeça até a região do coccix, com 3 (três) tirantes em cores diferentes para imbilização do tronco e outros 02 (dois) tirantes para fixação dos membros inferiores, regulagem para fixação da tesa e queixo, almofada para apoio da cabeça, todos com engate rápido, acondicionado em sacola de nylon.","Und",1,{"$f":"'Colete Dorsal'!L37","v":289.82},289.82]
[11,"COMPRESSAS DE GAZE ESTERILIZADAS (10 cm x 15 cm) – pacote com 10 unidades","Und",20,{"$f":"Gaze!L37","v":17.989999999999998},359.79999999999995]
[12,"CURATIVO ADESIVO protetor retangular (caixa com 40)","Und",5,{"$f":"'Band-aid'!L37","v":14.29},71.449999999999989]
[13,"ESPARADRAPO IMPERMEÁVEL 10cmx4,5m.","Und",4,{"$f":"Esparadrapo!L37","v":15.38},61.52]
[14,"FITA ADESIVA (CREPE) 25mm x 50m","Und",2,{"$f":"'Fita Crepe'!L37","v":9.6},19.2]
[15,"GAZE 8 DOBRAS 7,5cm X 7,5cm. 100 unidades cada pacote","Und",5,{"$f":"Compressa!L37","v":61.153333333333329},305.76666666666665]
[16,"Lençol Descartável Uso Hospitalar; Matéria Prima: 100% Fibra Celulose\nNatural; Dimensões: 50 Cm X 50 M; Apresentação 1: Em Rolo","Und",3,{"$f":"Lençol!L37","v":28.596666666666664},85.789999999999992]
[17,"LUVAS PROCEDIMENTO. Caixa com 50 unidades","Und",3,{"$f":"'Luva Látex'!L37","v":29.9},89.699999999999989]
[18,"MACA DOBRÁVEL tipo maleta, leve, estrutura em alumínio polido, espuma de densidade D28, revestido em courvim com verniz, com duas alças e rodinhas para transporte, trava de segurança em todos os pés, capacidade de até 130 Kg (170Kg), dimensões: abeta: 1,80 mt 0,60 cm, altura 0,75cm em relação ao solo e dimensões fechadas de 0,90 cm x 0,60 cm.","Und",1,{"$f":"Maca!L37","v":479.97},479.97]
[19,"MÁSCARA CIRÚRGICA (caixa com 50)","Und",3,{"$f":"Mascara!L37","v":44.559999999999995},133.67999999999998]
[20,"MÁSCARA RCP DESCARTÁVEL (unidade)","Und",10,{"$f":"'Mascara RCP'!L37","v":17.836666666666666},178.36666666666667]
[21,"MONITOR DE PRESSÃO ARTERIAL e batimentos cardíacos, ajuste da insuflação automático, de braço, digital, com braçadeira pequena e grande, indicador de nível de carga de bateria, data e hora, memória, visor de cristal líquido.","Und",2,{"$f":"'Medidor de pressão'!L37","v":167.39666666666668},334.79333333333335]
[22,"PINÇA DISSECÇÃO 16cm, sem dente","Und",2,{"$f":"Pinça!L37","v":23.48},46.96]
[23,"PRANCHA longa de madeira ou material similar resistência (190cm x 45cm) com imobilizador lateral de cabeça confeccionado em espuma injetada e com tirantes para fixação da testa e queixo e cinto aranha.","Und",2,{"$f":"Prancha!L37","v":591.66666666666663},1183.3333333333333]
[24,"PROTETOR DE QUEIMADURAS E EVISCERAÇÕES","Und",3,{"$f":"'Protetor queimadura'!L37","v":12.136666666666665},36.409999999999997]
[25,"SOLUÇÃO FISIOLÓGICA 250ml","Und",4,{"$f":"Soro!L37","v":5.9},23.6]
[26,"TALA moldável grande (86cmx10x2)","Und",2,{"$f":"Tala!L37","v":21.433333333333334},42.866666666666667]
[27,"TALA moldável média (63cmx9x2)","Und",2,{"$f":"'Tala moldavel'!L37","v":16.899999999999999},33.799999999999997]
[28,"TALA moldável pequena (30cmx8x2)","Und",2,{"$f":"'Tala Aramada'!L37","v":12.479999999999999},24.959999999999997]
[29,"TERMÔMETRO clínico digital com no mínimo, aviso sonoro, visor de temperatura com 03 (três) dígitos, ponta flexível, desligamento automático, dimensões: 2cmx13cmx1cm (PxLxD), bateria substituível, erro máximo: 0,2ºC, 1 pilha LR41 de 1,5V","Und",2,{"$f":"Termometro!L37","v":22.09},44.18]
[30,"TESOURA de ponta romba especial para APH, destinado ao corte de roupas. Com lâminas ponta romba e com corte liso. A segunda lâmina contem apoio para corte semicircular e corte micro-serrilhado.","Und",2,{"$f":"Tesoura!L37","v":28.003333333333334},56.006666666666668]
[31,"PADIOLA dobrável no padrão (1,90m x 0,60m) com três cintos para afixar a vítima, confeccionada com material de alta qualidade com resistência mínima de 150 kg, em lona impermeável.","Und",1,{"$f":"Padiola!L37","v":1070.8166666666666},1070.8166666666666]
[32,"BOLSA TÉRMICA de gel para uso quente ou gelado. 25 cm x 14 cm.","Und",2,{"$f":"'Bolsa termica'!L37","v":22.86333333333333},45.726666666666659]
[33,"OXIMETRO digital de dedo, medidor portátil de saturação de oxigenio no sangue ","Und",2,{"$f":"Oximetro!L37","v":122.77333333333335},245.54666666666671]
[]
[]
["VALOR TOTAL ANUAL",{"$nulls":4},{"$f":"SUM(F3:F37)","v":5927.4200000000019}]
[]
["CUSTO MENSAL POR FUNCIONÁRIO (VALOR MENSAL / 08/12)",{"$nulls":4},{"$f":"F38/8/12","v":61.743958333333353},{"$f":"F40*8","v":493.95166666666682},{"$f":"G40*12","v":5927.4200000000019}]

{"sheet":"Equip. cont. ronda eletrônica","index":5,"n_rows":8,"n_cols":8,"rows_kept":8,"cut":false,"hidden":false,"merged":[[0,0,0,5],[5,0,6,4],[5,5,6,5],[7,0,7,4]]}
["PLANILHA DE PESQUISA DE PREÇOS \n EQUIPAMENTOS DE CONTROLE DE RONDA ELETRÔNICA "]
["Item","Descrição","Unidade de Fornecimento","QTD Total","Preço Unit.   CODEVASF","Preço Total  Codevasf"]
[1,"BASTÃO DE RONDA com estojo de proteção e baterias, interface USB para descarga de dados no PC por meio de base coletora ou cabo, manual de instalação e CD com o Software para gerar relatórios de rondas, com no mínimo 10 I-buttons.","Und",2,{"$f":"'[2]Item 1'!$L$30","v":711.26666666666677},{"$f":"E3*D3","v":1422.5333333333335}]
[2,"I-buttons avulsos com suporte ","Und",30,{"$f":"'I-buttons'!L37","v":59.983333333333327},{"$f":"E4*D4","v":1799.4999999999998},"Colocar 4 i-buttons por andar, mais cobertura, garagem, área externa."]
[]
["VALOR TOTAL ANUAL",{"$nulls":4},{"$f":"SUM(F3:F5)","v":3222.0333333333333}]
[]
["CUSTO MENSAL POR FUNCIONÁRIO (VALOR MENSAL / 08/12)",{"$nulls":4},{"$f":"F6/8/12","v":33.562847222222224},{"$f":"F8*8","v":268.50277777777779},{"$f":"G8*12","v":3222.0333333333338}]

{"sheet":"Agua Oxigenada","index":6,"n_rows":39,"n_cols":16,"rows_kept":39,"cut":false,"hidden":true,"merged":[[16,1,16,11],[16,14,16,15],[0,0,0,6],[6,2,6,7],[6,14,6,15],[7,1,7,11],[7,14,7,15],[28,1,28,8],[17,1,17,8],[18,1,18,8],[19,1,19,8],[20,1,20,8],[21,1,21,8],[22,1,22,8],[23,1,23,8],[24,1,24,8],[25,1,25,8],[26,1,26,8],[27,1,27,8],[31,1,33,10],[31,11,33,11],[34,1,35,10],[34,11,35,11],[36,1,36,10]]}
[]
[null,"Processo"]
[null,"Responsável"]
[null,"Área de Origem"]
[null,"Data da pesquisa"]
[]
[null,"ITEM:","ÁGUA OXIGENADA 10 volumes embalada em frascos de plástico de 200ml",{"$nulls":5},"UNIDADE DE MEDIDA:","Unidade",2,null,null,null,"Tabela auxiliar de metodologias para exclusão de preços"]
[null,"LICITAÇÕES ANTERIORES",{"$nulls":12},"Licitações Anteriores"]
[null,"Órgão","Edital/Ano - Nº do Lote / Item","Quantidade","Valor Unitário","Data","índice de atualização (nome)","I0","If","Variação acumulada do índice (%)","Preço unitário atualizado","Utilizar?  (Sim/Não)",null,null,"Outliers","Por critério do(a) analista"]
[{"$nulls":9},{"$f":"IF(ISBLANK(E10),\"\",IF(ISNUMBER(H10),(I10-H10)/H10,0))","v":""},{"$f":"IF(ISBLANK(E10),\"\",E10*(1+J10))","v":""},{"$f":"IF(ISNUMBER(K10),IF($L$32<>$P$9,O10,P10),\"\")","v":""},null,null,{"$f":"IF(ISNUMBER(K10),IF(OR(K10<_xlfn.QUARTILE.INC($K$10:$K$29,1)-1.5*(_xlfn.QUARTILE.INC($K$10:K29,3)-_xlfn.QUARTILE.INC($K$10:$K$29,1)),K10>_xlfn.QUARTILE.INC($K$10:$K$29,3)+1.5*(_xlfn.QUARTILE.INC($K$10:$K$29,3)-_xlfn.QUARTILE.INC($K$10:$K$29,1))),\"Não\",\"Sim\"),\"\")","v":""}]
[{"$nulls":9},{"$f":"IF(ISBLANK(E11),\"\",IF(ISNUMBER(H11),(I11-H11)/H11,0))","v":""},{"$f":"IF(ISBLANK(E11),\"\",E11*(1+J11))","v":""},"",null,null,{"$f":"IF(ISNUMBER(K11),IF(OR(K11<_xlfn.QUARTILE.INC($K$10:$K$29,1)-1.5*(_xlfn.QUARTILE.INC($K$10:K29,3)-_xlfn.QUARTILE.INC($K$10:$K$29,1)),K11>_xlfn.QUARTILE.INC($K$10:$K$29,3)+1.5*(_xlfn.QUARTILE.INC($K$10:$K$29,3)-_xlfn.QUARTILE.INC($K$10:$K$29,1))),\"Não\",\"Sim\"),\"\")","v":""}]
[{"$nulls":9},"","","",null,null,{"$f":"IF(ISNUMBER(K12),IF(OR(K12<_xlfn.QUARTILE.INC($K$10:$K$29,1)-1.5*(_xlfn.QUARTILE.INC($K$10:K30,3)-_xlfn.QUARTILE.INC($K$10:$K$29,1)),K12>_xlfn.QUARTILE.INC($K$10:$K$29,3)+1.5*(_xlfn.QUARTILE.INC($K$10:$K$29,3)-_xlfn.QUARTILE.INC($K$10:$K$29,1))),\"Não\",\"Sim\"),\"\")","v":""}]
[{"$nulls":9},"","","",null,null,{"$f":"IF(ISNUMBER(K13),IF(OR(K13<_xlfn.QUARTILE.INC($K$10:$K$29,1)-1.5*(_xlfn.QUARTILE.INC($K$10:K31,3)-_xlfn.QUARTILE.INC($K$10:$K$29,1)),K13>_xlfn.QUARTILE.INC($K$10:$K$29,3)+1.5*(_xlfn.QUARTILE.INC($K$10:$K$29,3)-_xlfn.QUARTILE.INC($K$10:$K$29,1))),\"Não\",\"Sim\"),\"\")","v":""}]
[{"$nulls":9},"","","",null,null,{"$f":"IF(ISNUMBER(K14),IF(OR(K14<_xlfn.QUARTILE.INC($K$10:$K$29,1)-1.5*(_xlfn.QUARTILE.INC($K$10:K32,3)-_xlfn.QUARTILE.INC($K$10:$K$29,1)),K14>_xlfn.QUARTILE.INC($K$10:$K$29,3)+1.5*(_xlfn.QUARTILE.INC($K$10:$K$29,3)-_xlfn.QUARTILE.INC($K$10:$K$29,1))),\"Não\",\"Sim\"),\"\")","v":""}]
[{"$nulls":9},"","","",null,null,{"$f":"IF(ISNUMBER(K15),IF(OR(K15<_xlfn.QUARTILE.INC($K$10:$K$29,1)-1.5*(_xlfn.QUARTILE.INC($K$10:K35,3)-_xlfn.QUARTILE.INC($K$10:$K$29,1)),K15>_xlfn.QUARTILE.INC($K$10:$K$29,3)+1.5*(_xlfn.QUARTILE.INC($K$10:$K$29,3)-_xlfn.QUARTILE.INC($K$10:$K$29,1))),\"Não\",\"Sim\"),\"\")","v":""}]
[{"$nulls":9},"","","",null,null,{"$f":"IF(ISNUMBER(K16),IF(OR(K16<_xlfn.QUARTILE.INC($K$10:$K$29,1)-1.5*(_xlfn.QUARTILE.INC($I$10:I37,3)-_xlfn.QUARTILE.INC($K$10:$K$29,1)),K16>_xlfn.QUARTILE.INC($K$10:$K$29,3)+1.5*(_xlfn.QUARTILE.INC($K$10:$K$29,3)-_xlfn.QUARTILE.INC($K$10:$K$29,1))),\"Não\",\"Sim\"),\"\")","v":""}]
[null,"COTAÇÕES DE MERCADO",{"$nulls":12},"Cotações"]
[null,"Empresa",{"$nulls":7},"Data","Preço Unitário","Utilizar? (Sim/Não)",null,null,"Outliers","Por critério do(a) analista"]
[null,"Drogaria Rosário - https://www.drogariarosario.com.br/agua-oxigenada-farmax-10-volume-100ml-farmax/p?idsku=2490&utm_source=googleshopping&utm_source=google&utm_medium=cpc&utm_campaign=pmax.novosusuarios&gad_source=1&gad_campaignid=21197072094&gbraid=0AAAAACRP8poMfvdeCWJwW9MfUgWmYhAFf&gclid=CjwKCAjwtcHPBhADEiwAWo3sJjTCjr7slJjVw0bAn712YLjdB4XF_6m3KGxKgLkLgxTZjVBLo2kOPxoCNqEQAvD_BwE",{"$nulls":7},"2026-04-28",1.99,{"$f":"IF(ISNUMBER(K19),IF($L$32=$O$18,O19,IF($L$32=$P$18,P19,\"\")),\"\")","v":"Sim"},null,null,{"$f":"IF(ISNUMBER(K19),IF(OR(K19<_xlfn.QUARTILE.INC($K$10:$K$29,1)-1.5*(_xlfn.QUARTILE.INC($K$10:$K$29,3)-_xlfn.QUARTILE.INC($K$10:$K$29,1)),K19>_xlfn.QUARTILE.INC($K$10:$K$29,3)+1.5*(_xlfn.QUARTILE.INC($K$10:$K$29,3)-_xlfn.QUARTILE.INC($K$10:$K$29,1))),\"Não\",\"Sim\"),\"\")","v":"Sim"}]
[null,"Utilidades Clínicas - https://www.utilidadesclinicas.com.br/agua-oxigenada-10-volumes-antisseptica-100ml-farmax-farmaceuticos-far26360a.html?gad_source=1&gad_campaignid=20755738692&gbraid=0AAAAADbsX57dKzO0XuY-6mJLXMZAlgojp&gclid=CjwKCAjwtcHPBhADEiwAWo3sJnbKzz4Ep09inG916qZ6bFWZy7NXUvCG9aQZKa0Vsn_qpLg2HqImzhoCTI4QAvD_BwE",{"$nulls":7},"2026-04-28",3.58,"Sim",null,null,"Sim"]
[null,"Magazine Luiza - https://www.magazineluiza.com.br/agua-oxigenada-10-volumes-100ml-farmax/p/kj58317f45/pf/aoxg/?&seller_id=farmapontesorocaba&utm_source=google&utm_medium=cpc&utm_term=84403&utm_campaign=google_eco_per_ven_pla_bel_sor_3p_cab-cp-drm-maq-pfm-b-0326&utm_content=&partner_id=84403&gclsrc=aw.ds&gad_source=1&gad_campaignid=23604909838&gbraid=0AAAAAD4zZmT3QqsAvUIO3HpDU6Amx0ZTa&gclid=CjwKCAjwtcHPBhADEiwAWo3sJrtBwY8sVoCP7fVItJ4MOU1OmDmxkAS_6GA5yeS2iD24UmMIi-MoBRoCZ_wQAvD_BwE",{"$nulls":7},"2026-04-28",4.53,"Sim",null,null,"Sim"]
[{"$nulls":11},"",null,null,""]
[{"$nulls":11},"",null,null,""]
[{"$nulls":11},"",null,null,""]
[{"$nulls":11},"",null,null,""]
[{"$nulls":11},"",null,null,""]
[{"$nulls":11},"",null,null,""]
[{"$nulls":11},"",null,null,""]
[{"$nulls":11},"",null,null,""]
[null,"Observações:",{"$nulls":8},"Média:",{"$f":"IF($L$32=\"\",\"Selecione metodologia para exclusão de preços\",AVERAGE(IF($L$10:$L$29=\"Sim\",$K$10:$K$29)))","v":3.3666666666666671},null,"Média (Cotações)",{"$f":"IF(COUNTIF(O19:O29,\"Sim\")<3,\"N/D (são necessários pelo menos 3 preços)\",AVERAGE(IF(O19:O29=\"Sim\",$K19:$K29)))","v":3.3666666666666671},{"$f":"IF(COUNTIF(P19:P29,\"Sim\")<3,\"N/D (são necessários pelo menos 3 preços)\",AVERAGE(IF(P19:P29=\"Sim\",$K19:$K29)))","v":"N/D (são necessários pelo menos 3 preços)"}]
[{"$nulls":10},"Mediana:",{"$f":"IF($L$32=\"\",\"Selecione metodologia para exclusão de preços\",MEDIAN(IF($L$10:$L$29=\"Sim\",$K$10:$K$29)))","v":3.58},null,"Mediana (Cotações)",{"$f":"IF(COUNTIF(O19:O29,\"Sim\")<3,\"N/D (são necessários pelo menos 3 preços)\",MEDIAN(IF(O19:O29=\"Sim\",$K19:$K29)))","v":3.58},{"$f":"IF(COUNTIF(P19:P29,\"Sim\")<3,\"N/D (são necessários pelo menos 3 preços)\",MEDIAN(IF(P19:P29=\"Sim\",$K19:$K29)))","v":"N/D (são necessários pelo menos 3 preços)"}]
[null,"Metodologia de exclusão de preços adotada:",{"$nulls":9},{"$f":"IF(O35=\"\",INDEX(O18:P18,MATCH(MIN(#REF!),#REF!,0)),O35)","v":"Outliers"},null,"CV (Cotações)",{"$f":"IF(COUNTIF(O19:O29,\"Sim\")<3,\"N/D (são necessários pelo menos 3 preços)\",_xlfn.STDEV.S(IF(O19:O29=\"Sim\",$K19:$K29))/AVERAGE(IF(O19:O29=\"Sim\",$K19:$K29)))","v":0.38119840541604499},{"$f":"IF(COUNTIF(P19:P29,\"Sim\")<3,\"N/D (são necessários pelo menos 3 preços)\",_xlfn.STDEV.S(IF(P19:P29=\"Sim\",$K19:$K29))/AVERAGE(IF(P19:P29=\"Sim\",$K19:$K29)))","v":"N/D (são necessários pelo menos 3 preços)"}]
[{"$nulls":13},"Média",{"$f":"IF(SUM(COUNTIF($O$10:$O$16,\"Sim\")) + SUM(COUNTIF(O19:O29,\"Sim\")) < 3,\n   \"N/D (são necessários pelo menos 3 preços)\",\n   IFERROR(AVERAGE(_xlfn._xlws.FILTER($K$10:$K$16,$O$10:$O$16=\"Sim\"), _xlfn._xlws.FILTER($K$19:$K$29,O19:O29=\"Sim\")),O30))","v":3.3666666666666671},{"$f":"IF(SUM(COUNTIF($P$10:$P$16,\"Sim\")) + SUM(COUNTIF(P19:P29,\"Sim\")) < 3,\n   \"N/D (são necessários pelo menos 3 preços)\",\n   IFERROR(AVERAGE(_xlfn._xlws.FILTER($K$10:$K$16,$P$10:$P$16=\"Sim\"), _xlfn._xlws.FILTER($K$19:$K$29,P19:P29=\"Sim\")),P30))","v":"N/D (são necessários pelo menos 3 preços)"}]
[{"$nulls":13},"Mediana",{"$f":"IF(SUM(COUNTIF($O$10:$O$16,\"Sim\")) + SUM(COUNTIF(O19:O29,\"Sim\")) < 3,\n   \"N/D (são necessários pelo menos 3 preços)\",\n   IFERROR(MEDIAN(_xlfn._xlws.FILTER($K$10:$K$16,$O$10:$O$16=\"Sim\"), _xlfn._xlws.FILTER($K$19:$K$29,O19:O29=\"Sim\")),O31))","v":3.58},{"$f":"IF(SUM(COUNTIF($P10:$P$16,\"Sim\")) + SUM(COUNTIF(P19:P29,\"Sim\")) < 3,\n   \"N/D (são necessários pelo menos 3 preços)\",\n   IFERROR(MEDIAN(_xlfn._xlws.FILTER($K$10:$K$16,$P$10:$P$16=\"Sim\"), _xlfn._xlws.FILTER($K$19:$K$29,P19:P29=\"Sim\")),P31))","v":"N/D (são necessários pelo menos 3 preços)"}]
[null,"COSOLIDAÇÃO DOS PREÇOS",{"$nulls":11},"Metodologia a adotar:",{"$f":"IF(INDEX(O18:P18,P35)=0,\"\",INDEX(O18:P18,P35))","v":"Outliers"},1]
[]
[null,"PREÇO UNITÁRIO ESTIMADO ADOTADO:",{"$nulls":9},{"$f":"IF($B$39=\"Mediana:\",L31,L30)","v":3.3666666666666671}]
[]
[{"$f":"O18","v":"Outliers"},"Média:"]

{"sheet":"Alcool","index":7,"n_rows":39,"n_cols":16,"rows_kept":39,"cut":false,"hidden":true,"merged":[[16,1,16,11],[16,14,16,15],[0,0,0,6],[6,2,6,7],[6,14,6,15],[7,1,7,11],[7,14,7,15],[28,1,28,8],[17,1,17,8],[18,1,18,8],[19,1,19,8],[20,1,20,8],[21,1,21,8],[22,1,22,8],[23,1,23,8],[24,1,24,8],[25,1,25,8],[26,1,26,8],[27,1,27,8],[31,1,33,10],[31,11,33,11],[34,1,35,10],[34,11,35,11],[36,1,36,10]]}
[]
[null,"Processo"]
[null,"Responsável"]
[null,"Área de Origem"]
[null,"Data da pesquisa"]
[]
[null,"ITEM:","ÁLCOOL (70% - litro)",{"$nulls":5},"UNIDADE DE MEDIDA:","Unidade","QUANTIDADE:",6,null,null,"Tabela auxiliar de metodologias para exclusão de preços"]
[null,"LICITAÇÕES ANTERIORES",{"$nulls":12},"Licitações Anteriores"]
[null,"Órgão","Edital/Ano - Nº do Lote / Item","Quantidade","Valor Unitário","Data","índice de atualização (nome)","I0","If","Variação acumulada do índice (%)","Preço unitário atualizado","Utilizar?  (Sim/Não)",null,null,"Outliers","Por critério do(a) analista"]
[{"$nulls":9},{"$f":"IF(ISBLANK(E10),\"\",IF(ISNUMBER(H10),(I10-H10)/H10,0))","v":""},{"$f":"IF(ISBLANK(E10),\"\",E10*(1+J10))","v":""},{"$f":"IF(ISNUMBER(K10),IF($L$32<>$P$9,O10,P10),\"\")","v":""},null,null,{"$f":"IF(ISNUMBER(K10),IF(OR(K10<_xlfn.QUARTILE.INC($K$10:$K$29,1)-1.5*(_xlfn.QUARTILE.INC($K$10:K29,3)-_xlfn.QUARTILE.INC($K$10:$K$29,1)),K10>_xlfn.QUARTILE.INC($K$10:$K$29,3)+1.5*(_xlfn.QUARTILE.INC($K$10:$K$29,3)-_xlfn.QUARTILE.INC($K$10:$K$29,1))),\"Não\",\"Sim\"),\"\")","v":""}]
[{"$nulls":9},{"$f":"IF(ISBLANK(E11),\"\",IF(ISNUMBER(H11),(I11-H11)/H11,0))","v":""},{"$f":"IF(ISBLANK(E11),\"\",E11*(1+J11))","v":""},"",null,null,{"$f":"IF(ISNUMBER(K11),IF(OR(K11<_xlfn.QUARTILE.INC($K$10:$K$29,1)-1.5*(_xlfn.QUARTILE.INC($K$10:K29,3)-_xlfn.QUARTILE.INC($K$10:$K$29,1)),K11>_xlfn.QUARTILE.INC($K$10:$K$29,3)+1.5*(_xlfn.QUARTILE.INC($K$10:$K$29,3)-_xlfn.QUARTILE.INC($K$10:$K$29,1))),\"Não\",\"Sim\"),\"\")","v":""}]
[{"$nulls":9},"","","",null,null,{"$f":"IF(ISNUMBER(K12),IF(OR(K12<_xlfn.QUARTILE.INC($K$10:$K$29,1)-1.5*(_xlfn.QUARTILE.INC($K$10:K30,3)-_xlfn.QUARTILE.INC($K$10:$K$29,1)),K12>_xlfn.QUARTILE.INC($K$10:$K$29,3)+1.5*(_xlfn.QUARTILE.INC($K$10:$K$29,3)-_xlfn.QUARTILE.INC($K$10:$K$29,1))),\"Não\",\"Sim\"),\"\")","v":""}]
[{"$nulls":9},"","","",null,null,{"$f":"IF(ISNUMBER(K13),IF(OR(K13<_xlfn.QUARTILE.INC($K$10:$K$29,1)-1.5*(_xlfn.QUARTILE.INC($K$10:K31,3)-_xlfn.QUARTILE.INC($K$10:$K$29,1)),K13>_xlfn.QUARTILE.INC($K$10:$K$29,3)+1.5*(_xlfn.QUARTILE.INC($K$10:$K$29,3)-_xlfn.QUARTILE.INC($K$10:$K$29,1))),\"Não\",\"Sim\"),\"\")","v":""}]
[{"$nulls":9},"","","",null,null,{"$f":"IF(ISNUMBER(K14),IF(OR(K14<_xlfn.QUARTILE.INC($K$10:$K$29,1)-1.5*(_xlfn.QUARTILE.INC($K$10:K32,3)-_xlfn.QUARTILE.INC($K$10:$K$29,1)),K14>_xlfn.QUARTILE.INC($K$10:$K$29,3)+1.5*(_xlfn.QUARTILE.INC($K$10:$K$29,3)-_xlfn.QUARTILE.INC($K$10:$K$29,1))),\"Não\",\"Sim\"),\"\")","v":""}]
[{"$nulls":9},"","","",null,null,{"$f":"IF(ISNUMBER(K15),IF(OR(K15<_xlfn.QUARTILE.INC($K$10:$K$29,1)-1.5*(_xlfn.QUARTILE.INC($K$10:K35,3)-_xlfn.QUARTILE.INC($K$10:$K$29,1)),K15>_xlfn.QUARTILE.INC($K$10:$K$29,3)+1.5*(_xlfn.QUARTILE.INC($K$10:$K$29,3)-_xlfn.QUARTILE.INC($K$10:$K$29,1))),\"Não\",\"Sim\"),\"\")","v":""}]
[{"$nulls":9},"","","",null,null,{"$f":"IF(ISNUMBER(K16),IF(OR(K16<_xlfn.QUARTILE.INC($K$10:$K$29,1)-1.5*(_xlfn.QUARTILE.INC($I$10:I37,3)-_xlfn.QUARTILE.INC($K$10:$K$29,1)),K16>_xlfn.QUARTILE.INC($K$10:$K$29,3)+1.5*(_xlfn.QUARTILE.INC($K$10:$K$29,3)-_xlfn.QUARTILE.INC($K$10:$K$29,1))),\"Não\",\"Sim\"),\"\")","v":""}]
[null,"COTAÇÕES DE MERCADO",{"$nulls":12},"Cotações"]
[null,"Empresa",{"$nulls":7},"Data","Preço Unitário","Utilizar? (Sim/Não)",null,null,"Outliers","Por critério do(a) analista"]
[null,"https://www.multdistribuidora.com.br/alcool-liquido-araucaria-70-1litro?srsltid=AfmBOopNoSAswJlcivcgZElHolWiFZqTzbNLKhSaDJGfknjIn9rCx8SA",{"$nulls":7},"2026-04-28",7.6,{"$f":"IF(ISNUMBER(K19),IF($L$32=$O$18,O19,IF($L$32=$P$18,P19,\"\")),\"\")","v":"Sim"},null,null,{"$f":"IF(ISNUMBER(K19),IF(OR(K19<_xlfn.QUARTILE.INC($K$10:$K$29,1)-1.5*(_xlfn.QUARTILE.INC($K$10:$K$29,3)-_xlfn.QUARTILE.INC($K$10:$K$29,1)),K19>_xlfn.QUARTILE.INC($K$10:$K$29,3)+1.5*(_xlfn.QUARTILE.INC($K$10:$K$29,3)-_xlfn.QUARTILE.INC($K$10:$K$29,1))),\"Não\",\"Sim\"),\"\")","v":"Sim"}]
[null,"https://www.dentalspeed.com/alcool-70-1l-prolink.html?srsltid=AfmBOormD65FWczrLYf-bLKlOYAkv-rC3kmPi7-aqSCeCVlCLoJN7dOp",{"$nulls":7},"2026-04-28",9.9,"Sim",null,null,"Sim"]
[null,"https://www.amazon.com.br/%C3%81lcool-L%C3%ADquido-Tupi-99-Bact%C3%A9rias/dp/B0G39ZMTQV/ref=sr_1_3_sspa?crid=1ETOG1Z4XWYOH&dib=eyJ2IjoiMSJ9.uxwRfZgelrFelGmMq48w840ifndzFTts6BoZaizBZzlTQ_E9tZCC_Jg833aijHwdeeqkR97NislS5vkZENeujK0XJHOqaHIc6tXBucGk4yKQ_BWi4HeTeeP7EuF9eW_mY_nt4rcf5blE7ZlYtTfRSgKDUkcgyKxggUltRY9OfP8Db9N3py3VTZa1_FXRsbTJbGUtDxxtVnt6df_hFRG0fPumc4oB1ZQIGnXIwp2mTG_XUzMKNxnMPzoYLA05tjfHSRaJsOf-NBkZ_91sOi8OXQCuWvwc5Vb2UjVItjezldU.xO1KLE4hcIxPXS9bp7PeXMaUydM-3ksqXICebhQRqJs&dib_tag=se&keywords=alcool+70+1l&qid=1777382637&sprefix=alcool+70%25+1%2Caps%2C207&sr=8-3-spons&sp_csd=d2lkZ2V0TmFtZT1zcF9hdGY&psc=1",{"$nulls":7},"2026-04-28",19.53,"Sim",null,null,"Sim"]
[{"$nulls":11},"",null,null,""]
[{"$nulls":11},"",null,null,""]
[{"$nulls":11},"",null,null,""]
[{"$nulls":11},"",null,null,""]
[{"$nulls":11},"",null,null,""]
[{"$nulls":11},"",null,null,""]
[{"$nulls":11},"",null,null,""]
[{"$nulls":11},"",null,null,""]
[null,"Observações:",{"$nulls":8},"Média:",{"$f":"IF($L$32=\"\",\"Selecione metodologia para exclusão de preços\",AVERAGE(IF($L$10:$L$29=\"Sim\",$K$10:$K$29)))","v":12.343333333333334},null,"Média (Cotações)",{"$f":"IF(COUNTIF(O19:O29,\"Sim\")<3,\"N/D (são necessários pelo menos 3 preços)\",AVERAGE(IF(O19:O29=\"Sim\",$K19:$K29)))","v":12.343333333333334},{"$f":"IF(COUNTIF(P19:P29,\"Sim\")<3,\"N/D (são necessários pelo menos 3 preços)\",AVERAGE(IF(P19:P29=\"Sim\",$K19:$K29)))","v":"N/D (são necessários pelo menos 3 preços)"}]
[{"$nulls":10},"Mediana:",{"$f":"IF($L$32=\"\",\"Selecione metodologia para exclusão de preços\",MEDIAN(IF($L$10:$L$29=\"Sim\",$K$10:$K$29)))","v":9.9},null,"Mediana (Cotações)",{"$f":"IF(COUNTIF(O19:O29,\"Sim\")<3,\"N/D (são necessários pelo menos 3 preços)\",MEDIAN(IF(O19:O29=\"Sim\",$K19:$K29)))","v":9.9},{"$f":"IF(COUNTIF(P19:P29,\"Sim\")<3,\"N/D (são necessários pelo menos 3 preços)\",MEDIAN(IF(P19:P29=\"Sim\",$K19:$K29)))","v":"N/D (são necessários pelo menos 3 preços)"}]
[null,"Metodologia de exclusão de preços adotada:",{"$nulls":9},{"$f":"IF(O35=\"\",INDEX(O18:P18,MATCH(MIN(#REF!),#REF!,0)),O35)","v":"Outliers"},null,"CV (Cotações)",{"$f":"IF(COUNTIF(O19:O29,\"Sim\")<3,\"N/D (são necessários pelo menos 3 preços)\",_xlfn.STDEV.S(IF(O19:O29=\"Sim\",$K19:$K29))/AVERAGE(IF(O19:O29=\"Sim\",$K19:$K29)))","v":0.51276173331731856},{"$f":"IF(COUNTIF(P19:P29,\"Sim\")<3,\"N/D (são necessários pelo menos 3 preços)\",_xlfn.STDEV.S(IF(P19:P29=\"Sim\",$K19:$K29))/AVERAGE(IF(P19:P29=\"Sim\",$K19:$K29)))","v":"N/D (são necessários pelo menos 3 preços)"}]
[{"$nulls":13},"Média",{"$f":"IF(SUM(COUNTIF($O$10:$O$16,\"Sim\")) + SUM(COUNTIF(O19:O29,\"Sim\")) < 3,\n   \"N/D (são necessários pelo menos 3 preços)\",\n   IFERROR(AVERAGE(_xlfn._xlws.FILTER($K$10:$K$16,$O$10:$O$16=\"Sim\"), _xlfn._xlws.FILTER($K$19:$K$29,O19:O29=\"Sim\")),O30))","v":12.343333333333334},{"$f":"IF(SUM(COUNTIF($P$10:$P$16,\"Sim\")) + SUM(COUNTIF(P19:P29,\"Sim\")) < 3,\n   \"N/D (são necessários pelo menos 3 preços)\",\n   IFERROR(AVERAGE(_xlfn._xlws.FILTER($K$10:$K$16,$P$10:$P$16=\"Sim\"), _xlfn._xlws.FILTER($K$19:$K$29,P19:P29=\"Sim\")),P30))","v":"N/D (são necessários pelo menos 3 preços)"}]
[{"$nulls":13},"Mediana",{"$f":"IF(SUM(COUNTIF($O$10:$O$16,\"Sim\")) + SUM(COUNTIF(O19:O29,\"Sim\")) < 3,\n   \"N/D (são necessários pelo menos 3 preços)\",\n   IFERROR(MEDIAN(_xlfn._xlws.FILTER($K$10:$K$16,$O$10:$O$16=\"Sim\"), _xlfn._xlws.FILTER($K$19:$K$29,O19:O29=\"Sim\")),O31))","v":9.9},{"$f":"IF(SUM(COUNTIF($P10:$P$16,\"Sim\")) + SUM(COUNTIF(P19:P29,\"Sim\")) < 3,\n   \"N/D (são necessários pelo menos 3 preços)\",\n   IFERROR(MEDIAN(_xlfn._xlws.FILTER($K$10:$K$16,$P$10:$P$16=\"Sim\"), _xlfn._xlws.FILTER($K$19:$K$29,P19:P29=\"Sim\")),P31))","v":"N/D (são necessários pelo menos 3 preços)"}]
[null,"COSOLIDAÇÃO DOS PREÇOS",{"$nulls":11},"Metodologia a adotar:",{"$f":"IF(INDEX(O18:P18,P35)=0,\"\",INDEX(O18:P18,P35))","v":"Outliers"},1]
[]
[null,"PREÇO UNITÁRIO ESTIMADO ADOTADO:",{"$nulls":9},{"$f":"IF($B$39=\"Mediana:\",L31,L30)","v":9.9}]
[]
[{"$f":"O18","v":"Outliers"},"Mediana:"]

{"sheet":"Alcool Iodado","index":8,"n_rows":39,"n_cols":16,"rows_kept":39,"cut":false,"hidden":true,"merged":[[16,1,16,11],[16,14,16,15],[0,0,0,6],[6,2,6,7],[6,14,6,15],[7,1,7,11],[7,14,7,15],[28,1,28,8],[17,1,17,8],[18,1,18,8],[19,1,19,8],[20,1,20,8],[21,1,21,8],[22,1,22,8],[23,1,23,8],[24,1,24,8],[25,1,25,8],[26,1,26,8],[27,1,27,8],[31,1,33,10],[31,11,33,11],[34,1,35,10],[34,11,35,11],[36,1,36,10]]}
[]
[null,"Processo"]
[null,"Responsável"]
[null,"Área de Origem"]
[null,"Data da pesquisa"]
[]
[null,"ITEM:","ÁLCOOL IODADO para superfícies fixas, antissepsia da pele em procedimentos de médio e baixo risco, embalado em frascos plásticos de 500ml",{"$nulls":5},"UNIDADE DE MEDIDA:","Unidade","QUANTIDADE:",2,null,null,"Tabela auxiliar de metodologias para exclusão de preços"]
[null,"LICITAÇÕES ANTERIORES",{"$nulls":12},"Licitações Anteriores"]
[null,"Órgão","Edital/Ano - Nº do Lote / Item","Quantidade","Valor Unitário","Data","índice de atualização (nome)","I0","If","Variação acumulada do índice (%)","Preço unitário atualizado","Utilizar?  (Sim/Não)",null,null,"Outliers","Por critério do(a) analista"]
[{"$nulls":9},{"$f":"IF(ISBLANK(E10),\"\",IF(ISNUMBER(H10),(I10-H10)/H10,0))","v":""},{"$f":"IF(ISBLANK(E10),\"\",E10*(1+J10))","v":""},{"$f":"IF(ISNUMBER(K10),IF($L$32<>$P$9,O10,P10),\"\")","v":""},null,null,{"$f":"IF(ISNUMBER(K10),IF(OR(K10<_xlfn.QUARTILE.INC($K$10:$K$29,1)-1.5*(_xlfn.QUARTILE.INC($K$10:K29,3)-_xlfn.QUARTILE.INC($K$10:$K$29,1)),K10>_xlfn.QUARTILE.INC($K$10:$K$29,3)+1.5*(_xlfn.QUARTILE.INC($K$10:$K$29,3)-_xlfn.QUARTILE.INC($K$10:$K$29,1))),\"Não\",\"Sim\"),\"\")","v":""}]
[{"$nulls":9},{"$f":"IF(ISBLANK(E11),\"\",IF(ISNUMBER(H11),(I11-H11)/H11,0))","v":""},{"$f":"IF(ISBLANK(E11),\"\",E11*(1+J11))","v":""},"",null,null,{"$f":"IF(ISNUMBER(K11),IF(OR(K11<_xlfn.QUARTILE.INC($K$10:$K$29,1)-1.5*(_xlfn.QUARTILE.INC($K$10:K29,3)-_xlfn.QUARTILE.INC($K$10:$K$29,1)),K11>_xlfn.QUARTILE.INC($K$10:$K$29,3)+1.5*(_xlfn.QUARTILE.INC($K$10:$K$29,3)-_xlfn.QUARTILE.INC($K$10:$K$29,1))),\"Não\",\"Sim\"),\"\")","v":""}]
[{"$nulls":9},"","","",null,null,{"$f":"IF(ISNUMBER(K12),IF(OR(K12<_xlfn.QUARTILE.INC($K$10:$K$29,1)-1.5*(_xlfn.QUARTILE.INC($K$10:K30,3)-_xlfn.QUARTILE.INC($K$10:$K$29,1)),K12>_xlfn.QUARTILE.INC($K$10:$K$29,3)+1.5*(_xlfn.QUARTILE.INC($K$10:$K$29,3)-_xlfn.QUARTILE.INC($K$10:$K$29,1))),\"Não\",\"Sim\"),\"\")","v":""}]
[{"$nulls":9},"","","",null,null,{"$f":"IF(ISNUMBER(K13),IF(OR(K13<_xlfn.QUARTILE.INC($K$10:$K$29,1)-1.5*(_xlfn.QUARTILE.INC($K$10:K31,3)-_xlfn.QUARTILE.INC($K$10:$K$29,1)),K13>_xlfn.QUARTILE.INC($K$10:$K$29,3)+1.5*(_xlfn.QUARTILE.INC($K$10:$K$29,3)-_xlfn.QUARTILE.INC($K$10:$K$29,1))),\"Não\",\"Sim\"),\"\")","v":""}]
[{"$nulls":9},"","","",null,null,{"$f":"IF(ISNUMBER(K14),IF(OR(K14<_xlfn.QUARTILE.INC($K$10:$K$29,1)-1.5*(_xlfn.QUARTILE.INC($K$10:K32,3)-_xlfn.QUARTILE.INC($K$10:$K$29,1)),K14>_xlfn.QUARTILE.INC($K$10:$K$29,3)+1.5*(_xlfn.QUARTILE.INC($K$10:$K$29,3)-_xlfn.QUARTILE.INC($K$10:$K$29,1))),\"Não\",\"Sim\"),\"\")","v":""}]
[{"$nulls":9},"","","",null,null,{"$f":"IF(ISNUMBER(K15),IF(OR(K15<_xlfn.QUARTILE.INC($K$10:$K$29,1)-1.5*(_xlfn.QUARTILE.INC($K$10:K35,3)-_xlfn.QUARTILE.INC($K$10:$K$29,1)),K15>_xlfn.QUARTILE.INC($K$10:$K$29,3)+1.5*(_xlfn.QUARTILE.INC($K$10:$K$29,3)-_xlfn.QUARTILE.INC($K$10:$K$29,1))),\"Não\",\"Sim\"),\"\")","v":""}]
[{"$nulls":9},"","","",null,null,{"$f":"IF(ISNUMBER(K16),IF(OR(K16<_xlfn.QUARTILE.INC($K$10:$K$29,1)-1.5*(_xlfn.QUARTILE.INC($I$10:I37,3)-_xlfn.QUARTILE.INC($K$10:$K$29,1)),K16>_xlfn.QUARTILE.INC($K$10:$K$29,3)+1.5*(_xlfn.QUARTILE.INC($K$10:$K$29,3)-_xlfn.QUARTILE.INC($K$10:$K$29,1))),\"Não\",\"Sim\"),\"\")","v":""}]
[null,"COTAÇÕES DE MERCADO",{"$nulls":12},"Cotações"]
[null,"Empresa",{"$nulls":7},"Data","Preço Unitário","Utilizar? (Sim/Não)",null,null,"Outliers","Por critério do(a) analista"]
[null,"Magazine Médica - https://magazinemedica.com.br/produtos/visualiza/sku/12686/?gad_source=1&gad_campaignid=23257119241&gbraid=0AAAAA-LLl3RLzXqqgnGcdPho_yiSl5zbL&gclid=CjwKCAjwtcHPBhADEiwAWo3sJv4HoWoTw2IdmSd-R_sdh6bXxJp8_5_UpfTjLcg86DkBsgfuvI7ggxoCDugQAvD_BwE",{"$nulls":7},"2026-04-28",6.63,{"$f":"IF(ISNUMBER(K19),IF($L$32=$O$18,O19,IF($L$32=$P$18,P19,\"\")),\"\")","v":"Sim"},null,null,{"$f":"IF(ISNUMBER(K19),IF(OR(K19<_xlfn.QUARTILE.INC($K$10:$K$29,1)-1.5*(_xlfn.QUARTILE.INC($K$10:$K$29,3)-_xlfn.QUARTILE.INC($K$10:$K$29,1)),K19>_xlfn.QUARTILE.INC($K$10:$K$29,3)+1.5*(_xlfn.QUARTILE.INC($K$10:$K$29,3)-_xlfn.QUARTILE.INC($K$10:$K$29,1))),\"Não\",\"Sim\"),\"\")","v":"Sim"}]
[null,"Utilidades Clínicas - https://www.utilidadesclinicas.com.br/alcool-iodado-almotolia-100ml-rioquimica-rio23379a.html?gad_source=1&gad_campaignid=20593790294&gbraid=0AAAAADbsX56R_MC0lTdeCDTjmg_7zjyGF&gclid=CjwKCAjwtcHPBhADEiwAWo3sJh0BDfYHnKRdWXFaSPLxMZ_NYtJYhxUBEfIlG7G0_FkSA8tYzwhJ6hoCAlgQAvD_BwE",{"$nulls":7},"2026-04-28",5.87,"Sim",null,null,"Sim"]
[null,"Instrumentar Técnico - https://www.instrumentaltecnico.com.br/consumo/higiene/alcool-iodado-0-1-100ml-rioquimica?parceiro=8024&gad_source=1&gad_campaignid=21972165760&gbraid=0AAAAAoY49TeuNGIuEC4KL6K_GhPQklW0P&gclid=CjwKCAjwtcHPBhADEiwAWo3sJtXPXbSMZj-Bs393_SWwsFNg9FsPVr1L9LgZ4N1OQRKtfjnfdBC3uBoCCx0QAvD_BwE",{"$nulls":7},"2026-04-28",5.55,"Sim",null,null,"Sim"]
[{"$nulls":11},"",null,null,""]
[{"$nulls":11},"",null,null,""]
[{"$nulls":11},"",null,null,""]
[{"$nulls":11},"",null,null,""]
[{"$nulls":11},"",null,null,""]
[{"$nulls":11},"",null,null,""]
[{"$nulls":11},"",null,null,""]
[{"$nulls":11},"",null,null,""]
[null,"Observações:",{"$nulls":8},"Média:",{"$f":"IF($L$32=\"\",\"Selecione metodologia para exclusão de preços\",AVERAGE(IF($L$10:$L$29=\"Sim\",$K$10:$K$29)))","v":6.0166666666666666},null,"Média (Cotações)",{"$f":"IF(COUNTIF(O19:O29,\"Sim\")<3,\"N/D (são necessários pelo menos 3 preços)\",AVERAGE(IF(O19:O29=\"Sim\",$K19:$K29)))","v":6.0166666666666666},{"$f":"IF(COUNTIF(P19:P29,\"Sim\")<3,\"N/D (são necessários pelo menos 3 preços)\",AVERAGE(IF(P19:P29=\"Sim\",$K19:$K29)))","v":"N/D (são necessários pelo menos 3 preços)"}]
[{"$nulls":10},"Mediana:",{"$f":"IF($L$32=\"\",\"Selecione metodologia para exclusão de preços\",MEDIAN(IF($L$10:$L$29=\"Sim\",$K$10:$K$29)))","v":5.87},null,"Mediana (Cotações)",{"$f":"IF(COUNTIF(O19:O29,\"Sim\")<3,\"N/D (são necessários pelo menos 3 preços)\",MEDIAN(IF(O19:O29=\"Sim\",$K19:$K29)))","v":5.87},{"$f":"IF(COUNTIF(P19:P29,\"Sim\")<3,\"N/D (são necessários pelo menos 3 preços)\",MEDIAN(IF(P19:P29=\"Sim\",$K19:$K29)))","v":"N/D (são necessários pelo menos 3 preços)"}]
[null,"Metodologia de exclusão de preços adotada:",{"$nulls":9},{"$f":"IF(O35=\"\",INDEX(O18:P18,MATCH(MIN(#REF!),#REF!,0)),O35)","v":"Outliers"},null,"CV (Cotações)",{"$f":"IF(COUNTIF(O19:O29,\"Sim\")<3,\"N/D (são necessários pelo menos 3 preços)\",_xlfn.STDEV.S(IF(O19:O29=\"Sim\",$K19:$K29))/AVERAGE(IF(O19:O29=\"Sim\",$K19:$K29)))","v":9.2200084488486295E-2},{"$f":"IF(COUNTIF(P19:P29,\"Sim\")<3,\"N/D (são necessários pelo menos 3 preços)\",_xlfn.STDEV.S(IF(P19:P29=\"Sim\",$K19:$K29))/AVERAGE(IF(P19:P29=\"Sim\",$K19:$K29)))","v":"N/D (são necessários pelo menos 3 preços)"}]
[{"$nulls":13},"Média",{"$f":"IF(SUM(COUNTIF($O$10:$O$16,\"Sim\")) + SUM(COUNTIF(O19:O29,\"Sim\")) < 3,\n   \"N/D (são necessários pelo menos 3 preços)\",\n   IFERROR(AVERAGE(_xlfn._xlws.FILTER($K$10:$K$16,$O$10:$O$16=\"Sim\"), _xlfn._xlws.FILTER($K$19:$K$29,O19:O29=\"Sim\")),O30))","v":6.0166666666666666},{"$f":"IF(SUM(COUNTIF($P$10:$P$16,\"Sim\")) + SUM(COUNTIF(P19:P29,\"Sim\")) < 3,\n   \"N/D (são necessários pelo menos 3 preços)\",\n   IFERROR(AVERAGE(_xlfn._xlws.FILTER($K$10:$K$16,$P$10:$P$16=\"Sim\"), _xlfn._xlws.FILTER($K$19:$K$29,P19:P29=\"Sim\")),P30))","v":"N/D (são necessários pelo menos 3 preços)"}]
[{"$nulls":13},"Mediana",{"$f":"IF(SUM(COUNTIF($O$10:$O$16,\"Sim\")) + SUM(COUNTIF(O19:O29,\"Sim\")) < 3,\n   \"N/D (são necessários pelo menos 3 preços)\",\n   IFERROR(MEDIAN(_xlfn._xlws.FILTER($K$10:$K$16,$O$10:$O$16=\"Sim\"), _xlfn._xlws.FILTER($K$19:$K$29,O19:O29=\"Sim\")),O31))","v":5.87},{"$f":"IF(SUM(COUNTIF($P10:$P$16,\"Sim\")) + SUM(COUNTIF(P19:P29,\"Sim\")) < 3,\n   \"N/D (são necessários pelo menos 3 preços)\",\n   IFERROR(MEDIAN(_xlfn._xlws.FILTER($K$10:$K$16,$P$10:$P$16=\"Sim\"), _xlfn._xlws.FILTER($K$19:$K$29,P19:P29=\"Sim\")),P31))","v":"N/D (são necessários pelo menos 3 preços)"}]
[null,"COSOLIDAÇÃO DOS PREÇOS",{"$nulls":11},"Metodologia a adotar:",{"$f":"IF(INDEX(O18:P18,P35)=0,\"\",INDEX(O18:P18,P35))","v":"Outliers"},1]
[]
[null,"PREÇO UNITÁRIO ESTIMADO ADOTADO:",{"$nulls":9},{"$f":"IF($B$39=\"Mediana:\",L31,L30)","v":5.87}]
[]
[{"$f":"O18","v":"Outliers"},"Mediana:"]

{"sheet":"Atadura 10cm","index":9,"n_rows":39,"n_cols":16,"rows_kept":39,"cut":false,"hidden":true,"merged":[[16,1,16,11],[16,14,16,15],[0,0,0,6],[6,2,6,7],[6,14,6,15],[7,1,7,11],[7,14,7,15],[28,1,28,8],[17,1,17,8],[18,1,18,8],[19,1,19,8],[20,1,20,8],[21,1,21,8],[22,1,22,8],[23,1,23,8],[24,1,24,8],[25,1,25,8],[26,1,26,8],[27,1,27,8],[31,1,33,10],[31,11,33,11],[34,1,35,10],[34,11,35,11],[36,1,36,10]]}
[]
[null,"Processo"]
[null,"Responsável"]
[null,"Área de Origem"]
[null,"Data da pesquisa"]
[]
[null,"ITEM:","ATADURA CREPE 10cm de largura, 1,80m.",{"$nulls":5},"UNIDADE DE MEDIDA:","Unidade","QUANTIDADE:",10,null,null,"Tabela auxiliar de metodologias para exclusão de preços"]
[null,"LICITAÇÕES ANTERIORES",{"$nulls":12},"Licitações Anteriores"]
[null,"Órgão","Edital/Ano - Nº do Lote / Item","Quantidade","Valor Unitário","Data","índice de atualização (nome)","I0","If","Variação acumulada do índice (%)","Preço unitário atualizado","Utilizar?  (Sim/Não)",null,null,"Outliers","Por critério do(a) analista"]
[{"$nulls":9},{"$f":"IF(ISBLANK(E10),\"\",IF(ISNUMBER(H10),(I10-H10)/H10,0))","v":""},{"$f":"IF(ISBLANK(E10),\"\",E10*(1+J10))","v":""},{"$f":"IF(ISNUMBER(K10),IF($L$32<>$P$9,O10,P10),\"\")","v":""},null,null,{"$f":"IF(ISNUMBER(K10),IF(OR(K10<_xlfn.QUARTILE.INC($K$10:$K$29,1)-1.5*(_xlfn.QUARTILE.INC($K$10:K29,3)-_xlfn.QUARTILE.INC($K$10:$K$29,1)),K10>_xlfn.QUARTILE.INC($K$10:$K$29,3)+1.5*(_xlfn.QUARTILE.INC($K$10:$K$29,3)-_xlfn.QUARTILE.INC($K$10:$K$29,1))),\"Não\",\"Sim\"),\"\")","v":""}]
[{"$nulls":9},{"$f":"IF(ISBLANK(E11),\"\",IF(ISNUMBER(H11),(I11-H11)/H11,0))","v":""},{"$f":"IF(ISBLANK(E11),\"\",E11*(1+J11))","v":""},"",null,null,{"$f":"IF(ISNUMBER(K11),IF(OR(K11<_xlfn.QUARTILE.INC($K$10:$K$29,1)-1.5*(_xlfn.QUARTILE.INC($K$10:K29,3)-_xlfn.QUARTILE.INC($K$10:$K$29,1)),K11>_xlfn.QUARTILE.INC($K$10:$K$29,3)+1.5*(_xlfn.QUARTILE.INC($K$10:$K$29,3)-_xlfn.QUARTILE.INC($K$10:$K$29,1))),\"Não\",\"Sim\"),\"\")","v":""}]
[{"$nulls":9},"","","",null,null,{"$f":"IF(ISNUMBER(K12),IF(OR(K12<_xlfn.QUARTILE.INC($K$10:$K$29,1)-1.5*(_xlfn.QUARTILE.INC($K$10:K30,3)-_xlfn.QUARTILE.INC($K$10:$K$29,1)),K12>_xlfn.QUARTILE.INC($K$10:$K$29,3)+1.5*(_xlfn.QUARTILE.INC($K$10:$K$29,3)-_xlfn.QUARTILE.INC($K$10:$K$29,1))),\"Não\",\"Sim\"),\"\")","v":""}]
[{"$nulls":9},"","","",null,null,{"$f":"IF(ISNUMBER(K13),IF(OR(K13<_xlfn.QUARTILE.INC($K$10:$K$29,1)-1.5*(_xlfn.QUARTILE.INC($K$10:K31,3)-_xlfn.QUARTILE.INC($K$10:$K$29,1)),K13>_xlfn.QUARTILE.INC($K$10:$K$29,3)+1.5*(_xlfn.QUARTILE.INC($K$10:$K$29,3)-_xlfn.QUARTILE.INC($K$10:$K$29,1))),\"Não\",\"Sim\"),\"\")","v":""}]
[{"$nulls":9},"","","",null,null,{"$f":"IF(ISNUMBER(K14),IF(OR(K14<_xlfn.QUARTILE.INC($K$10:$K$29,1)-1.5*(_xlfn.QUARTILE.INC($K$10:K32,3)-_xlfn.QUARTILE.INC($K$10:$K$29,1)),K14>_xlfn.QUARTILE.INC($K$10:$K$29,3)+1.5*(_xlfn.QUARTILE.INC($K$10:$K$29,3)-_xlfn.QUARTILE.INC($K$10:$K$29,1))),\"Não\",\"Sim\"),\"\")","v":""}]
[{"$nulls":9},"","","",null,null,{"$f":"IF(ISNUMBER(K15),IF(OR(K15<_xlfn.QUARTILE.INC($K$10:$K$29,1)-1.5*(_xlfn.QUARTILE.INC($K$10:K35,3)-_xlfn.QUARTILE.INC($K$10:$K$29,1)),K15>_xlfn.QUARTILE.INC($K$10:$K$29,3)+1.5*(_xlfn.QUARTILE.INC($K$10:$K$29,3)-_xlfn.QUARTILE.INC($K$10:$K$29,1))),\"Não\",\"Sim\"),\"\")","v":""}]
[{"$nulls":9},"","","",null,null,{"$f":"IF(ISNUMBER(K16),IF(OR(K16<_xlfn.QUARTILE.INC($K$10:$K$29,1)-1.5*(_xlfn.QUARTILE.INC($I$10:I37,3)-_xlfn.QUARTILE.INC($K$10:$K$29,1)),K16>_xlfn.QUARTILE.INC($K$10:$K$29,3)+1.5*(_xlfn.QUARTILE.INC($K$10:$K$29,3)-_xlfn.QUARTILE.INC($K$10:$K$29,1))),\"Não\",\"Sim\"),\"\")","v":""}]
[null,"COTAÇÕES DE MERCADO",{"$nulls":12},"Cotações"]
[null,"Empresa",{"$nulls":7},"Data","Preço Unitário","Utilizar? (Sim/Não)",null,null,"Outliers","Por critério do(a) analista"]
[null,"https://www.medjet.com.br/material-medico/ataduras-e-gesso/atadura-crepon-cysne-10cm-x-1-8m-unidade-cremer?parceiro=6961&gad_source=1&gad_campaignid=23711823972&gbraid=0AAAAAD3OH6ENlVL4GKeCNe2Ux0ZG7FHRP&gclid=CjwKCAjwtcHPBhADEiwAWo3sJhN-wNqvpzIZGnpt1IbYRFzXZykHume7DgOVRMJUN7Y4d1Zl9enbYhoCtfgQAvD_BwE",{"$nulls":7},"2026-04-28",2.76,{"$f":"IF(ISNUMBER(K19),IF($L$32=$O$18,O19,IF($L$32=$P$18,P19,\"\")),\"\")","v":"Sim"},null,null,{"$f":"IF(ISNUMBER(K19),IF(OR(K19<_xlfn.QUARTILE.INC($K$10:$K$29,1)-1.5*(_xlfn.QUARTILE.INC($K$10:$K$29,3)-_xlfn.QUARTILE.INC($K$10:$K$29,1)),K19>_xlfn.QUARTILE.INC($K$10:$K$29,3)+1.5*(_xlfn.QUARTILE.INC($K$10:$K$29,3)-_xlfn.QUARTILE.INC($K$10:$K$29,1))),\"Não\",\"Sim\"),\"\")","v":"Sim"}]
[null,"https://www.drogariarosario.com.br/atadura-crepom-cremer-cysne-10cmx180mt---cremer/p?idsku=851&utm_source=googleshopping&utm_source=google&utm_medium=cpc&utm_campaign=pmax.infantil&gad_source=1&gad_campaignid=21774929705&gbraid=0AAAAACRP8priGczylBEdbxm0U-zi4lnd3&gclid=CjwKCAjwtcHPBhADEiwAWo3sJpNjsqhq8C59yOzIgfsnuD7_DvHRuzFnPYm8wVMUjN64b8BrMNcacBoC9wgQAvD_BwE",{"$nulls":7},"2026-04-28",4.49,"Sim",null,null,"Sim"]
[null,"https://www.drogasil.com.br/cremer-atadura-crepom-cysne-10cm-x-1-80m-1-unidade.html?gad_source=1&gad_campaignid=17339191360&gbraid=0AAAAADod4VVQwQ90NZQI-0p0cJy81H-gh&gclid=CjwKCAjwtcHPBhADEiwAWo3sJug5_i_l00goL9xaqkuS-aEYbwNs8tayunrUDtDisF3C7fAQTd--_hoCRB4QAvD_BwE",{"$nulls":7},"2026-04-28",5.39,"Sim",null,null,"Sim"]
[{"$nulls":11},"",null,null,""]
[{"$nulls":11},"",null,null,""]
[{"$nulls":11},"",null,null,""]
[{"$nulls":11},"",null,null,""]
[{"$nulls":11},"",null,null,""]
[{"$nulls":11},"",null,null,""]
[{"$nulls":11},"",null,null,""]
[{"$nulls":11},"",null,null,""]
[null,"Observações:",{"$nulls":8},"Média:",{"$f":"IF($L$32=\"\",\"Selecione metodologia para exclusão de preços\",AVERAGE(IF($L$10:$L$29=\"Sim\",$K$10:$K$29)))","v":4.2133333333333338},null,"Média (Cotações)",{"$f":"IF(COUNTIF(O19:O29,\"Sim\")<3,\"N/D (são necessários pelo menos 3 preços)\",AVERAGE(IF(O19:O29=\"Sim\",$K19:$K29)))","v":4.2133333333333338},{"$f":"IF(COUNTIF(P19:P29,\"Sim\")<3,\"N/D (são necessários pelo menos 3 preços)\",AVERAGE(IF(P19:P29=\"Sim\",$K19:$K29)))","v":"N/D (são necessários pelo menos 3 preços)"}]
[{"$nulls":10},"Mediana:",{"$f":"IF($L$32=\"\",\"Selecione metodologia para exclusão de preços\",MEDIAN(IF($L$10:$L$29=\"Sim\",$K$10:$K$29)))","v":4.49},null,"Mediana (Cotações)",{"$f":"IF(COUNTIF(O19:O29,\"Sim\")<3,\"N/D (são necessários pelo menos 3 preços)\",MEDIAN(IF(O19:O29=\"Sim\",$K19:$K29)))","v":4.49},{"$f":"IF(COUNTIF(P19:P29,\"Sim\")<3,\"N/D (são necessários pelo menos 3 preços)\",MEDIAN(IF(P19:P29=\"Sim\",$K19:$K29)))","v":"N/D (são necessários pelo menos 3 preços)"}]
[null,"Metodologia de exclusão de preços adotada:",{"$nulls":9},{"$f":"IF(O35=\"\",INDEX(O18:P18,MATCH(MIN(#REF!),#REF!,0)),O35)","v":"Outliers"},null,"CV (Cotações)",{"$f":"IF(COUNTIF(O19:O29,\"Sim\")<3,\"N/D (são necessários pelo menos 3 preços)\",_xlfn.STDEV.S(IF(O19:O29=\"Sim\",$K19:$K29))/AVERAGE(IF(O19:O29=\"Sim\",$K19:$K29)))","v":0.31724288958687502},{"$f":"IF(COUNTIF(P19:P29,\"Sim\")<3,\"N/D (são necessários pelo menos 3 preços)\",_xlfn.STDEV.S(IF(P19:P29=\"Sim\",$K19:$K29))/AVERAGE(IF(P19:P29=\"Sim\",$K19:$K29)))","v":"N/D (são necessários pelo menos 3 preços)"}]
[{"$nulls":13},"Média",{"$f":"IF(SUM(COUNTIF($O$10:$O$16,\"Sim\")) + SUM(COUNTIF(O19:O29,\"Sim\")) < 3,\n   \"N/D (são necessários pelo menos 3 preços)\",\n   IFERROR(AVERAGE(_xlfn._xlws.FILTER($K$10:$K$16,$O$10:$O$16=\"Sim\"), _xlfn._xlws.FILTER($K$19:$K$29,O19:O29=\"Sim\")),O30))","v":4.2133333333333338},{"$f":"IF(SUM(COUNTIF($P$10:$P$16,\"Sim\")) + SUM(COUNTIF(P19:P29,\"Sim\")) < 3,\n   \"N/D (são necessários pelo menos 3 preços)\",\n   IFERROR(AVERAGE(_xlfn._xlws.FILTER($K$10:$K$16,$P$10:$P$16=\"Sim\"), _xlfn._xlws.FILTER($K$19:$K$29,P19:P29=\"Sim\")),P30))","v":"N/D (são necessários pelo menos 3 preços)"}]
[{"$nulls":13},"Mediana",{"$f":"IF(SUM(COUNTIF($O$10:$O$16,\"Sim\")) + SUM(COUNTIF(O19:O29,\"Sim\")) < 3,\n   \"N/D (são necessários pelo menos 3 preços)\",\n   IFERROR(MEDIAN(_xlfn._xlws.FILTER($K$10:$K$16,$O$10:$O$16=\"Sim\"), _xlfn._xlws.FILTER($K$19:$K$29,O19:O29=\"Sim\")),O31))","v":4.49},{"$f":"IF(SUM(COUNTIF($P10:$P$16,\"Sim\")) + SUM(COUNTIF(P19:P29,\"Sim\")) < 3,\n   \"N/D (são necessários pelo menos 3 preços)\",\n   IFERROR(MEDIAN(_xlfn._xlws.FILTER($K$10:$K$16,$P$10:$P$16=\"Sim\"), _xlfn._xlws.FILTER($K$19:$K$29,P19:P29=\"Sim\")),P31))","v":"N/D (são necessários pelo menos 3 preços)"}]
[null,"COSOLIDAÇÃO DOS PREÇOS",{"$nulls":11},"Metodologia a adotar:",{"$f":"IF(INDEX(O18:P18,P35)=0,\"\",INDEX(O18:P18,P35))","v":"Outliers"},1]
[]
[null,"PREÇO UNITÁRIO ESTIMADO ADOTADO:",{"$nulls":9},{"$f":"IF($B$39=\"Mediana:\",L31,L30)","v":4.2133333333333338}]
[]
[{"$f":"O18","v":"Outliers"},"Média:"]

{"sheet":"Atadura 20cm","index":10,"n_rows":39,"n_cols":16,"rows_kept":39,"cut":false,"hidden":true,"merged":[[16,1,16,11],[16,14,16,15],[0,0,0,6],[6,2,6,7],[6,14,6,15],[7,1,7,11],[7,14,7,15],[28,1,28,8],[17,1,17,8],[18,1,18,8],[19,1,19,8],[20,1,20,8],[21,1,21,8],[22,1,22,8],[23,1,23,8],[24,1,24,8],[25,1,25,8],[26,1,26,8],[27,1,27,8],[31,1,33,10],[31,11,33,11],[34,1,35,10],[34,11,35,11],[36,1,36,10]]}
[]
[null,"Processo"]
[null,"Responsável"]
[null,"Área de Origem"]
[null,"Data da pesquisa"]
[]
[null,"ITEM:","ATADURA CREPE 20cm de largura, 1,80m.",{"$nulls":5},"UNIDADE DE MEDIDA:","Unidade","QUANTIDADE:",10,null,null,"Tabela auxiliar de metodologias para exclusão de preços"]
[null,"LICITAÇÕES ANTERIORES",{"$nulls":12},"Licitações Anteriores"]
[null,"Órgão","Edital/Ano - Nº do Lote / Item","Quantidade","Valor Unitário","Data","índice de atualização (nome)","I0","If","Variação acumulada do índice (%)","Preço unitário atualizado","Utilizar?  (Sim/Não)",null,null,"Outliers","Por critério do(a) analista"]
[{"$nulls":9},{"$f":"IF(ISBLANK(E10),\"\",IF(ISNUMBER(H10),(I10-H10)/H10,0))","v":""},{"$f":"IF(ISBLANK(E10),\"\",E10*(1+J10))","v":""},{"$f":"IF(ISNUMBER(K10),IF($L$32<>$P$9,O10,P10),\"\")","v":""},null,null,{"$f":"IF(ISNUMBER(K10),IF(OR(K10<_xlfn.QUARTILE.INC($K$10:$K$29,1)-1.5*(_xlfn.QUARTILE.INC($K$10:K29,3)-_xlfn.QUARTILE.INC($K$10:$K$29,1)),K10>_xlfn.QUARTILE.INC($K$10:$K$29,3)+1.5*(_xlfn.QUARTILE.INC($K$10:$K$29,3)-_xlfn.QUARTILE.INC($K$10:$K$29,1))),\"Não\",\"Sim\"),\"\")","v":""}]
[{"$nulls":9},{"$f":"IF(ISBLANK(E11),\"\",IF(ISNUMBER(H11),(I11-H11)/H11,0))","v":""},{"$f":"IF(ISBLANK(E11),\"\",E11*(1+J11))","v":""},"",null,null,{"$f":"IF(ISNUMBER(K11),IF(OR(K11<_xlfn.QUARTILE.INC($K$10:$K$29,1)-1.5*(_xlfn.QUARTILE.INC($K$10:K29,3)-_xlfn.QUARTILE.INC($K$10:$K$29,1)),K11>_xlfn.QUARTILE.INC($K$10:$K$29,3)+1.5*(_xlfn.QUARTILE.INC($K$10:$K$29,3)-_xlfn.QUARTILE.INC($K$10:$K$29,1))),\"Não\",\"Sim\"),\"\")","v":""}]
[{"$nulls":9},"","","",null,null,{"$f":"IF(ISNUMBER(K12),IF(OR(K12<_xlfn.QUARTILE.INC($K$10:$K$29,1)-1.5*(_xlfn.QUARTILE.INC($K$10:K30,3)-_xlfn.QUARTILE.INC($K$10:$K$29,1)),K12>_xlfn.QUARTILE.INC($K$10:$K$29,3)+1.5*(_xlfn.QUARTILE.INC($K$10:$K$29,3)-_xlfn.QUARTILE.INC($K$10:$K$29,1))),\"Não\",\"Sim\"),\"\")","v":""}]
[{"$nulls":9},"","","",null,null,{"$f":"IF(ISNUMBER(K13),IF(OR(K13<_xlfn.QUARTILE.INC($K$10:$K$29,1)-1.5*(_xlfn.QUARTILE.INC($K$10:K31,3)-_xlfn.QUARTILE.INC($K$10:$K$29,1)),K13>_xlfn.QUARTILE.INC($K$10:$K$29,3)+1.5*(_xlfn.QUARTILE.INC($K$10:$K$29,3)-_xlfn.QUARTILE.INC($K$10:$K$29,1))),\"Não\",\"Sim\"),\"\")","v":""}]
[{"$nulls":9},"","","",null,null,{"$f":"IF(ISNUMBER(K14),IF(OR(K14<_xlfn.QUARTILE.INC($K$10:$K$29,1)-1.5*(_xlfn.QUARTILE.INC($K$10:K32,3)-_xlfn.QUARTILE.INC($K$10:$K$29,1)),K14>_xlfn.QUARTILE.INC($K$10:$K$29,3)+1.5*(_xlfn.QUARTILE.INC($K$10:$K$29,3)-_xlfn.QUARTILE.INC($K$10:$K$29,1))),\"Não\",\"Sim\"),\"\")","v":""}]
[{"$nulls":9},"","","",null,null,{"$f":"IF(ISNUMBER(K15),IF(OR(K15<_xlfn.QUARTILE.INC($K$10:$K$29,1)-1.5*(_xlfn.QUARTILE.INC($K$10:K35,3)-_xlfn.QUARTILE.INC($K$10:$K$29,1)),K15>_xlfn.QUARTILE.INC($K$10:$K$29,3)+1.5*(_xlfn.QUARTILE.INC($K$10:$K$29,3)-_xlfn.QUARTILE.INC($K$10:$K$29,1))),\"Não\",\"Sim\"),\"\")","v":""}]
[{"$nulls":9},"","","",null,null,{"$f":"IF(ISNUMBER(K16),IF(OR(K16<_xlfn.QUARTILE.INC($K$10:$K$29,1)-1.5*(_xlfn.QUARTILE.INC($I$10:I37,3)-_xlfn.QUARTILE.INC($K$10:$K$29,1)),K16>_xlfn.QUARTILE.INC($K$10:$K$29,3)+1.5*(_xlfn.QUARTILE.INC($K$10:$K$29,3)-_xlfn.QUARTILE.INC($K$10:$K$29,1))),\"Não\",\"Sim\"),\"\")","v":""}]
[null,"COTAÇÕES DE MERCADO",{"$nulls":12},"Cotações"]
[null,"Empresa",{"$nulls":7},"Data","Preço Unitário","Utilizar? (Sim/Não)",null,null,"Outliers","Por critério do(a) analista"]
[null,"Drogaria Rosário - https://www.drogariarosario.com.br/atadura-crepom-cremer-cysne-20cmx180mt---cremer/p?idsku=853&utm_source=googleshopping&utm_source=google&utm_medium=cpc&utm_campaign=pmax.infantil&gad_source=1&gad_campaignid=21774929705&gbraid=0AAAAACRP8priGczylBEdbxm0U-zi4lnd3&gclid=CjwKCAjwtcHPBhADEiwAWo3sJhUMU2LXsuMfsAp_6cT2g9mY3Oi7NaHpKM-1m0M5hrBmCTCh3xlPgRoC8VQQAvD_BwE",{"$nulls":7},"2026-04-28",8.99,{"$f":"IF(ISNUMBER(K19),IF($L$32=$O$18,O19,IF($L$32=$P$18,P19,\"\")),\"\")","v":"Sim"},null,null,{"$f":"IF(ISNUMBER(K19),IF(OR(K19<_xlfn.QUARTILE.INC($K$10:$K$29,1)-1.5*(_xlfn.QUARTILE.INC($K$10:$K$29,3)-_xlfn.QUARTILE.INC($K$10:$K$29,1)),K19>_xlfn.QUARTILE.INC($K$10:$K$29,3)+1.5*(_xlfn.QUARTILE.INC($K$10:$K$29,3)-_xlfn.QUARTILE.INC($K$10:$K$29,1))),\"Não\",\"Sim\"),\"\")","v":"Sim"}]
[null,"Instrumental Tecnico - https://www.instrumentaltecnico.com.br/material-de-consumo/atadura/atadura-crepom-20cmx1-80m-cysne-cremer?parceiro=8024&gad_source=1&gad_campaignid=21972165760&gbraid=0AAAAAoY49TeuNGIuEC4KL6K_GhPQklW0P&gclid=CjwKCAjwtcHPBhADEiwAWo3sJkDih2b1HUAx6ZRZ1DDNgUSLmnblB-xW9RRELSPt2mN6MR_A48o9thoCetUQAvD_BwE",{"$nulls":7},"2026-04-28",3.78,"Sim",null,null,"Sim"]
[null,"Drogaria Pacheco - https://www.drogariaspacheco.com.br/atadura-crepe-cysne-20cm/p?idsku=833&utm_source=google&utm_medium=cpc&utm_campaign=google-shp-gabarito-promocao&gad_source=1&gad_campaignid=23174723271&gbraid=0AAAAADnsPzM4bLRs0EFhkml4plXCRCOt7&gclid=CjwKCAjwtcHPBhADEiwAWo3sJgiz3Ub715_L3c-DmJyPovMXvxueVRlTAmf2LFKNM3AW6DIPWrlsLRoC1y4QAvD_BwE",{"$nulls":7},"2026-04-28",5.01,"Sim",null,null,"Sim"]
[{"$nulls":11},"",null,null,""]
[{"$nulls":11},"",null,null,""]
[{"$nulls":11},"",null,null,""]
[{"$nulls":11},"",null,null,""]
[{"$nulls":11},"",null,null,""]
[{"$nulls":11},"",null,null,""]
[{"$nulls":11},"",null,null,""]
[{"$nulls":11},"",null,null,""]
[null,"Observações:",{"$nulls":8},"Média:",{"$f":"IF($L$32=\"\",\"Selecione metodologia para exclusão de preços\",AVERAGE(IF($L$10:$L$29=\"Sim\",$K$10:$K$29)))","v":5.9266666666666667},null,"Média (Cotações)",{"$f":"IF(COUNTIF(O19:O29,\"Sim\")<3,\"N/D (são necessários pelo menos 3 preços)\",AVERAGE(IF(O19:O29=\"Sim\",$K19:$K29)))","v":5.9266666666666667},{"$f":"IF(COUNTIF(P19:P29,\"Sim\")<3,\"N/D (são necessários pelo menos 3 preços)\",AVERAGE(IF(P19:P29=\"Sim\",$K19:$K29)))","v":"N/D (são necessários pelo menos 3 preços)"}]
[{"$nulls":10},"Mediana:",{"$f":"IF($L$32=\"\",\"Selecione metodologia para exclusão de preços\",MEDIAN(IF($L$10:$L$29=\"Sim\",$K$10:$K$29)))","v":5.01},null,"Mediana (Cotações)",{"$f":"IF(COUNTIF(O19:O29,\"Sim\")<3,\"N/D (são necessários pelo menos 3 preços)\",MEDIAN(IF(O19:O29=\"Sim\",$K19:$K29)))","v":5.01},{"$f":"IF(COUNTIF(P19:P29,\"Sim\")<3,\"N/D (são necessários pelo menos 3 preços)\",MEDIAN(IF(P19:P29=\"Sim\",$K19:$K29)))","v":"N/D (são necessários pelo menos 3 preços)"}]
[null,"Metodologia de exclusão de preços adotada:",{"$nulls":9},{"$f":"IF(O35=\"\",INDEX(O18:P18,MATCH(MIN(#REF!),#REF!,0)),O35)","v":"Outliers"},null,"CV (Cotações)",{"$f":"IF(COUNTIF(O19:O29,\"Sim\")<3,\"N/D (são necessários pelo menos 3 preços)\",_xlfn.STDEV.S(IF(O19:O29=\"Sim\",$K19:$K29))/AVERAGE(IF(O19:O29=\"Sim\",$K19:$K29)))","v":0.45949542404801896},{"$f":"IF(COUNTIF(P19:P29,\"Sim\")<3,\"N/D (são necessários pelo menos 3 preços)\",_xlfn.STDEV.S(IF(P19:P29=\"Sim\",$K19:$K29))/AVERAGE(IF(P19:P29=\"Sim\",$K19:$K29)))","v":"N/D (são necessários pelo menos 3 preços)"}]
[{"$nulls":13},"Média",{"$f":"IF(SUM(COUNTIF($O$10:$O$16,\"Sim\")) + SUM(COUNTIF(O19:O29,\"Sim\")) < 3,\n   \"N/D (são necessários pelo menos 3 preços)\",\n   IFERROR(AVERAGE(_xlfn._xlws.FILTER($K$10:$K$16,$O$10:$O$16=\"Sim\"), _xlfn._xlws.FILTER($K$19:$K$29,O19:O29=\"Sim\")),O30))","v":5.9266666666666667},{"$f":"IF(SUM(COUNTIF($P$10:$P$16,\"Sim\")) + SUM(COUNTIF(P19:P29,\"Sim\")) < 3,\n   \"N/D (são necessários pelo menos 3 preços)\",\n   IFERROR(AVERAGE(_xlfn._xlws.FILTER($K$10:$K$16,$P$10:$P$16=\"Sim\"), _xlfn._xlws.FILTER($K$19:$K$29,P19:P29=\"Sim\")),P30))","v":"N/D (são necessários pelo menos 3 preços)"}]
[{"$nulls":13},"Mediana",{"$f":"IF(SUM(COUNTIF($O$10:$O$16,\"Sim\")) + SUM(COUNTIF(O19:O29,\"Sim\")) < 3,\n   \"N/D (são necessários pelo menos 3 preços)\",\n   IFERROR(MEDIAN(_xlfn._xlws.FILTER($K$10:$K$16,$O$10:$O$16=\"Sim\"), _xlfn._xlws.FILTER($K$19:$K$29,O19:O29=\"Sim\")),O31))","v":5.01},{"$f":"IF(SUM(COUNTIF($P10:$P$16,\"Sim\")) + SUM(COUNTIF(P19:P29,\"Sim\")) < 3,\n   \"N/D (são necessários pelo menos 3 preços)\",\n   IFERROR(MEDIAN(_xlfn._xlws.FILTER($K$10:$K$16,$P$10:$P$16=\"Sim\"), _xlfn._xlws.FILTER($K$19:$K$29,P19:P29=\"Sim\")),P31))","v":"N/D (são necessários pelo menos 3 preços)"}]
[null,"COSOLIDAÇÃO DOS PREÇOS",{"$nulls":11},"Metodologia a adotar:",{"$f":"IF(INDEX(O18:P18,P35)=0,\"\",INDEX(O18:P18,P35))","v":"Outliers"},1]
[]
[null,"PREÇO UNITÁRIO ESTIMADO ADOTADO:",{"$nulls":9},{"$f":"IF($B$39=\"Mediana:\",L31,L30)","v":5.01}]
[]
[{"$f":"O18","v":"Outliers"},"Mediana:"]

{"sheet":"Bandagem","index":11,"n_rows":39,"n_cols":16,"rows_kept":39,"cut":false,"hidden":true,"merged":[[16,1,16,11],[16,14,16,15],[0,0,0,6],[6,2,6,7],[6,14,6,15],[7,1,7,11],[7,14,7,15],[28,1,28,8],[17,1,17,8],[18,1,18,8],[19,1,19,8],[20,1,20,8],[21,1,21,8],[22,1,22,8],[23,1,23,8],[24,1,24,8],[25,1,25,8],[26,1,26,8],[27,1,27,8],[31,1,33,10],[31,11,33,11],[34,1,35,10],[34,11,35,11],[36,1,36,10]]}
[]
[null,"Processo"]
[null,"Responsável"]
[null,"Área de Origem"]
[null,"Data da pesquisa"]
[]
[null,"ITEM:","BANDAGENS TRIANGULARES (142 cm x 100 cm x 100",{"$nulls":5},"UNIDADE DE MEDIDA:","Unidade","QUANTIDADE:",3,null,null,"Tabela auxiliar de metodologias para exclusão de preços"]
[null,"LICITAÇÕES ANTERIORES",{"$nulls":12},"Licitações Anteriores"]
[null,"Órgão","Edital/Ano - Nº do Lote / Item","Quantidade","Valor Unitário","Data","índice de atualização (nome)","I0","If","Variação acumulada do índice (%)","Preço unitário atualizado","Utilizar?  (Sim/Não)",null,null,"Outliers","Por critério do(a) analista"]
[{"$nulls":9},{"$f":"IF(ISBLANK(E10),\"\",IF(ISNUMBER(H10),(I10-H10)/H10,0))","v":""},{"$f":"IF(ISBLANK(E10),\"\",E10*(1+J10))","v":""},{"$f":"IF(ISNUMBER(K10),IF($L$32<>$P$9,O10,P10),\"\")","v":""},null,null,{"$f":"IF(ISNUMBER(K10),IF(OR(K10<_xlfn.QUARTILE.INC($K$10:$K$29,1)-1.5*(_xlfn.QUARTILE.INC($K$10:K29,3)-_xlfn.QUARTILE.INC($K$10:$K$29,1)),K10>_xlfn.QUARTILE.INC($K$10:$K$29,3)+1.5*(_xlfn.QUARTILE.INC($K$10:$K$29,3)-_xlfn.QUARTILE.INC($K$10:$K$29,1))),\"Não\",\"Sim\"),\"\")","v":""}]
[{"$nulls":9},{"$f":"IF(ISBLANK(E11),\"\",IF(ISNUMBER(H11),(I11-H11)/H11,0))","v":""},{"$f":"IF(ISBLANK(E11),\"\",E11*(1+J11))","v":""},"",null,null,{"$f":"IF(ISNUMBER(K11),IF(OR(K11<_xlfn.QUARTILE.INC($K$10:$K$29,1)-1.5*(_xlfn.QUARTILE.INC($K$10:K29,3)-_xlfn.QUARTILE.INC($K$10:$K$29,1)),K11>_xlfn.QUARTILE.INC($K$10:$K$29,3)+1.5*(_xlfn.QUARTILE.INC($K$10:$K$29,3)-_xlfn.QUARTILE.INC($K$10:$K$29,1))),\"Não\",\"Sim\"),\"\")","v":""}]
[{"$nulls":9},"","","",null,null,{"$f":"IF(ISNUMBER(K12),IF(OR(K12<_xlfn.QUARTILE.INC($K$10:$K$29,1)-1.5*(_xlfn.QUARTILE.INC($K$10:K30,3)-_xlfn.QUARTILE.INC($K$10:$K$29,1)),K12>_xlfn.QUARTILE.INC($K$10:$K$29,3)+1.5*(_xlfn.QUARTILE.INC($K$10:$K$29,3)-_xlfn.QUARTILE.INC($K$10:$K$29,1))),\"Não\",\"Sim\"),\"\")","v":""}]
[{"$nulls":9},"","","",null,null,{"$f":"IF(ISNUMBER(K13),IF(OR(K13<_xlfn.QUARTILE.INC($K$10:$K$29,1)-1.5*(_xlfn.QUARTILE.INC($K$10:K31,3)-_xlfn.QUARTILE.INC($K$10:$K$29,1)),K13>_xlfn.QUARTILE.INC($K$10:$K$29,3)+1.5*(_xlfn.QUARTILE.INC($K$10:$K$29,3)-_xlfn.QUARTILE.INC($K$10:$K$29,1))),\"Não\",\"Sim\"),\"\")","v":""}]
[{"$nulls":9},"","","",null,null,{"$f":"IF(ISNUMBER(K14),IF(OR(K14<_xlfn.QUARTILE.INC($K$10:$K$29,1)-1.5*(_xlfn.QUARTILE.INC($K$10:K32,3)-_xlfn.QUARTILE.INC($K$10:$K$29,1)),K14>_xlfn.QUARTILE.INC($K$10:$K$29,3)+1.5*(_xlfn.QUARTILE.INC($K$10:$K$29,3)-_xlfn.QUARTILE.INC($K$10:$K$29,1))),\"Não\",\"Sim\"),\"\")","v":""}]
[{"$nulls":9},"","","",null,null,{"$f":"IF(ISNUMBER(K15),IF(OR(K15<_xlfn.QUARTILE.INC($K$10:$K$29,1)-1.5*(_xlfn.QUARTILE.INC($K$10:K35,3)-_xlfn.QUARTILE.INC($K$10:$K$29,1)),K15>_xlfn.QUARTILE.INC($K$10:$K$29,3)+1.5*(_xlfn.QUARTILE.INC($K$10:$K$29,3)-_xlfn.QUARTILE.INC($K$10:$K$29,1))),\"Não\",\"Sim\"),\"\")","v":""}]
[{"$nulls":9},"","","",null,null,{"$f":"IF(ISNUMBER(K16),IF(OR(K16<_xlfn.QUARTILE.INC($K$10:$K$29,1)-1.5*(_xlfn.QUARTILE.INC($I$10:I37,3)-_xlfn.QUARTILE.INC($K$10:$K$29,1)),K16>_xlfn.QUARTILE.INC($K$10:$K$29,3)+1.5*(_xlfn.QUARTILE.INC($K$10:$K$29,3)-_xlfn.QUARTILE.INC($K$10:$K$29,1))),\"Não\",\"Sim\"),\"\")","v":""}]
[null,"COTAÇÕES DE MERCADO",{"$nulls":12},"Cotações"]
[null,"Empresa",{"$nulls":7},"Data","Preço Unitário","Utilizar? (Sim/Não)",null,null,"Outliers","Por critério do(a) analista"]
[null,"https://www.southsafe.com.br/produto/bandagem-triangular-142cm-x-100x-100/68235#",{"$nulls":7},"2026-04-28",23.12,{"$f":"IF(ISNUMBER(K19),IF($L$32=$O$18,O19,IF($L$32=$P$18,P19,\"\")),\"\")","v":"Sim"},null,null,{"$f":"IF(ISNUMBER(K19),IF(OR(K19<_xlfn.QUARTILE.INC($K$10:$K$29,1)-1.5*(_xlfn.QUARTILE.INC($K$10:$K$29,3)-_xlfn.QUARTILE.INC($K$10:$K$29,1)),K19>_xlfn.QUARTILE.INC($K$10:$K$29,3)+1.5*(_xlfn.QUARTILE.INC($K$10:$K$29,3)-_xlfn.QUARTILE.INC($K$10:$K$29,1))),\"Não\",\"Sim\"),\"\")","v":"Sim"}]
[null,"https://www.sinetecirurgica.com.br/bandagem-triangular-em-algodao-m-p6739#self",{"$nulls":7},"2026-04-28",17.05,"Sim",null,null,"Sim"]
[null,"https://www.cirurgicapassos.com.br/bandagem-triangular-ortocenter?parceiro=3944&gad_source=1&gad_campaignid=23787002567&gbraid=0AAAAAD1u6AA9WX3Y5uwIOPhgZ3QVCKbuY&gclid=Cj0KCQjw2MbPBhCSARIsAP3jP9wjdBMKIOsD8uYkpVkdC75Afkvvgy5o1KZhOqm2NxLbDrShcoaYPn0aAlIEEALw_wcB&variant_id=555",{"$nulls":7},"2026-04-29",21,"Sim",null,null,"Sim"]
[{"$nulls":11},"",null,null,""]
[{"$nulls":11},"",null,null,""]
[{"$nulls":11},"",null,null,""]
[{"$nulls":11},"",null,null,""]
[{"$nulls":11},"",null,null,""]
[{"$nulls":11},"",null,null,""]
[{"$nulls":11},"",null,null,""]
[{"$nulls":11},"",null,null,""]
[null,"Observações:",{"$nulls":8},"Média:",{"$f":"IF($L$32=\"\",\"Selecione metodologia para exclusão de preços\",AVERAGE(IF($L$10:$L$29=\"Sim\",$K$10:$K$29)))","v":20.39},null,"Média (Cotações)",{"$f":"IF(COUNTIF(O19:O29,\"Sim\")<3,\"N/D (são necessários pelo menos 3 preços)\",AVERAGE(IF(O19:O29=\"Sim\",$K19:$K29)))","v":20.39},{"$f":"IF(COUNTIF(P19:P29,\"Sim\")<3,\"N/D (são necessários pelo menos 3 preços)\",AVERAGE(IF(P19:P29=\"Sim\",$K19:$K29)))","v":"N/D (são necessários pelo menos 3 preços)"}]
[{"$nulls":10},"Mediana:",{"$f":"IF($L$32=\"\",\"Selecione metodologia para exclusão de preços\",MEDIAN(IF($L$10:$L$29=\"Sim\",$K$10:$K$29)))","v":21},null,"Mediana (Cotações)",{"$f":"IF(COUNTIF(O19:O29,\"Sim\")<3,\"N/D (são necessários pelo menos 3 preços)\",MEDIAN(IF(O19:O29=\"Sim\",$K19:$K29)))","v":21},{"$f":"IF(COUNTIF(P19:P29,\"Sim\")<3,\"N/D (são necessários pelo menos 3 preços)\",MEDIAN(IF(P19:P29=\"Sim\",$K19:$K29)))","v":"N/D (são necessários pelo menos 3 preços)"}]
[null,"Metodologia de exclusão de preços adotada:",{"$nulls":9},{"$f":"IF(O35=\"\",INDEX(O18:P18,MATCH(MIN(#REF!),#REF!,0)),O35)","v":"Outliers"},null,"CV (Cotações)",{"$f":"IF(COUNTIF(O19:O29,\"Sim\")<3,\"N/D (são necessários pelo menos 3 preços)\",_xlfn.STDEV.S(IF(O19:O29=\"Sim\",$K19:$K29))/AVERAGE(IF(O19:O29=\"Sim\",$K19:$K29)))","v":0.15108548562165558},{"$f":"IF(COUNTIF(P19:P29,\"Sim\")<3,\"N/D (são necessários pelo menos 3 preços)\",_xlfn.STDEV.S(IF(P19:P29=\"Sim\",$K19:$K29))/AVERAGE(IF(P19:P29=\"Sim\",$K19:$K29)))","v":"N/D (são necessários pelo menos 3 preços)"}]
[{"$nulls":13},"Média",{"$f":"IF(SUM(COUNTIF($O$10:$O$16,\"Sim\")) + SUM(COUNTIF(O19:O29,\"Sim\")) < 3,\n   \"N/D (são necessários pelo menos 3 preços)\",\n   IFERROR(AVERAGE(_xlfn._xlws.FILTER($K$10:$K$16,$O$10:$O$16=\"Sim\"), _xlfn._xlws.FILTER($K$19:$K$29,O19:O29=\"Sim\")),O30))","v":20.39},{"$f":"IF(SUM(COUNTIF($P$10:$P$16,\"Sim\")) + SUM(COUNTIF(P19:P29,\"Sim\")) < 3,\n   \"N/D (são necessários pelo menos 3 preços)\",\n   IFERROR(AVERAGE(_xlfn._xlws.FILTER($K$10:$K$16,$P$10:$P$16=\"Sim\"), _xlfn._xlws.FILTER($K$19:$K$29,P19:P29=\"Sim\")),P30))","v":"N/D (são necessários pelo menos 3 preços)"}]
[{"$nulls":13},"Mediana",{"$f":"IF(SUM(COUNTIF($O$10:$O$16,\"Sim\")) + SUM(COUNTIF(O19:O29,\"Sim\")) < 3,\n   \"N/D (são necessários pelo menos 3 preços)\",\n   IFERROR(MEDIAN(_xlfn._xlws.FILTER($K$10:$K$16,$O$10:$O$16=\"Sim\"), _xlfn._xlws.FILTER($K$19:$K$29,O19:O29=\"Sim\")),O31))","v":21},{"$f":"IF(SUM(COUNTIF($P10:$P$16,\"Sim\")) + SUM(COUNTIF(P19:P29,\"Sim\")) < 3,\n   \"N/D (são necessários pelo menos 3 preços)\",\n   IFERROR(MEDIAN(_xlfn._xlws.FILTER($K$10:$K$16,$P$10:$P$16=\"Sim\"), _xlfn._xlws.FILTER($K$19:$K$29,P19:P29=\"Sim\")),P31))","v":"N/D (são necessários pelo menos 3 preços)"}]
[null,"COSOLIDAÇÃO DOS PREÇOS",{"$nulls":11},"Metodologia a adotar:",{"$f":"IF(INDEX(O18:P18,P35)=0,\"\",INDEX(O18:P18,P35))","v":"Outliers"},1]
[]
[null,"PREÇO UNITÁRIO ESTIMADO ADOTADO:",{"$nulls":9},{"$f":"IF($B$39=\"Mediana:\",L31,L30)","v":20.39}]
[]
[{"$f":"O18","v":"Outliers"},"Média:"]

{"sheet":"Maleta ","index":12,"n_rows":39,"n_cols":16,"rows_kept":39,"cut":false,"hidden":true,"merged":[[16,1,16,11],[16,14,16,15],[0,0,0,6],[6,2,6,7],[6,14,6,15],[7,1,7,11],[7,14,7,15],[28,1,28,8],[17,1,17,8],[18,1,18,8],[19,1,19,8],[20,1,20,8],[21,1,21,8],[22,1,22,8],[23,1,23,8],[24,1,24,8],[25,1,25,8],[26,1,26,8],[27,1,27,8],[31,1,33,10],[31,11,33,11],[34,1,35,10],[34,11,35,11],[36,1,36,10]]}
[]
[null,"Processo"]
[null,"Responsável"]
[null,"Área de Origem"]
[null,"Data da pesquisa"]
[]
[null,"ITEM:","CAIXA DE PRIMEIROS SOCORROS",{"$nulls":5},"UNIDADE DE MEDIDA:","Unidade","QUANTIDADE:",2,null,null,"Tabela auxiliar de metodologias para exclusão de preços"]
[null,"LICITAÇÕES ANTERIORES",{"$nulls":12},"Licitações Anteriores"]
[null,"Órgão","Edital/Ano - Nº do Lote / Item","Quantidade","Valor Unitário","Data","índice de atualização (nome)","I0","If","Variação acumulada do índice (%)","Preço unitário atualizado","Utilizar?  (Sim/Não)",null,null,"Outliers","Por critério do(a) analista"]
[{"$nulls":9},{"$f":"IF(ISBLANK(E10),\"\",IF(ISNUMBER(H10),(I10-H10)/H10,0))","v":""},{"$f":"IF(ISBLANK(E10),\"\",E10*(1+J10))","v":""},{"$f":"IF(ISNUMBER(K10),IF($L$32<>$P$9,O10,P10),\"\")","v":""},null,null,{"$f":"IF(ISNUMBER(K10),IF(OR(K10<_xlfn.QUARTILE.INC($K$10:$K$29,1)-1.5*(_xlfn.QUARTILE.INC($K$10:K29,3)-_xlfn.QUARTILE.INC($K$10:$K$29,1)),K10>_xlfn.QUARTILE.INC($K$10:$K$29,3)+1.5*(_xlfn.QUARTILE.INC($K$10:$K$29,3)-_xlfn.QUARTILE.INC($K$10:$K$29,1))),\"Não\",\"Sim\"),\"\")","v":""}]
[{"$nulls":9},{"$f":"IF(ISBLANK(E11),\"\",IF(ISNUMBER(H11),(I11-H11)/H11,0))","v":""},{"$f":"IF(ISBLANK(E11),\"\",E11*(1+J11))","v":""},"",null,null,{"$f":"IF(ISNUMBER(K11),IF(OR(K11<_xlfn.QUARTILE.INC($K$10:$K$29,1)-1.5*(_xlfn.QUARTILE.INC($K$10:K29,3)-_xlfn.QUARTILE.INC($K$10:$K$29,1)),K11>_xlfn.QUARTILE.INC($K$10:$K$29,3)+1.5*(_xlfn.QUARTILE.INC($K$10:$K$29,3)-_xlfn.QUARTILE.INC($K$10:$K$29,1))),\"Não\",\"Sim\"),\"\")","v":""}]
[{"$nulls":9},"","","",null,null,{"$f":"IF(ISNUMBER(K12),IF(OR(K12<_xlfn.QUARTILE.INC($K$10:$K$29,1)-1.5*(_xlfn.QUARTILE.INC($K$10:K30,3)-_xlfn.QUARTILE.INC($K$10:$K$29,1)),K12>_xlfn.QUARTILE.INC($K$10:$K$29,3)+1.5*(_xlfn.QUARTILE.INC($K$10:$K$29,3)-_xlfn.QUARTILE.INC($K$10:$K$29,1))),\"Não\",\"Sim\"),\"\")","v":""}]
[{"$nulls":9},"","","",null,null,{"$f":"IF(ISNUMBER(K13),IF(OR(K13<_xlfn.QUARTILE.INC($K$10:$K$29,1)-1.5*(_xlfn.QUARTILE.INC($K$10:K31,3)-_xlfn.QUARTILE.INC($K$10:$K$29,1)),K13>_xlfn.QUARTILE.INC($K$10:$K$29,3)+1.5*(_xlfn.QUARTILE.INC($K$10:$K$29,3)-_xlfn.QUARTILE.INC($K$10:$K$29,1))),\"Não\",\"Sim\"),\"\")","v":""}]
[{"$nulls":9},"","","",null,null,{"$f":"IF(ISNUMBER(K14),IF(OR(K14<_xlfn.QUARTILE.INC($K$10:$K$29,1)-1.5*(_xlfn.QUARTILE.INC($K$10:K32,3)-_xlfn.QUARTILE.INC($K$10:$K$29,1)),K14>_xlfn.QUARTILE.INC($K$10:$K$29,3)+1.5*(_xlfn.QUARTILE.INC($K$10:$K$29,3)-_xlfn.QUARTILE.INC($K$10:$K$29,1))),\"Não\",\"Sim\"),\"\")","v":""}]
[{"$nulls":9},"","","",null,null,{"$f":"IF(ISNUMBER(K15),IF(OR(K15<_xlfn.QUARTILE.INC($K$10:$K$29,1)-1.5*(_xlfn.QUARTILE.INC($K$10:K35,3)-_xlfn.QUARTILE.INC($K$10:$K$29,1)),K15>_xlfn.QUARTILE.INC($K$10:$K$29,3)+1.5*(_xlfn.QUARTILE.INC($K$10:$K$29,3)-_xlfn.QUARTILE.INC($K$10:$K$29,1))),\"Não\",\"Sim\"),\"\")","v":""}]
[{"$nulls":9},"","","",null,null,{"$f":"IF(ISNUMBER(K16),IF(OR(K16<_xlfn.QUARTILE.INC($K$10:$K$29,1)-1.5*(_xlfn.QUARTILE.INC($I$10:I37,3)-_xlfn.QUARTILE.INC($K$10:$K$29,1)),K16>_xlfn.QUARTILE.INC($K$10:$K$29,3)+1.5*(_xlfn.QUARTILE.INC($K$10:$K$29,3)-_xlfn.QUARTILE.INC($K$10:$K$29,1))),\"Não\",\"Sim\"),\"\")","v":""}]
[null,"COTAÇÕES DE MERCADO",{"$nulls":12},"Cotações"]
[null,"Empresa",{"$nulls":7},"Data","Preço Unitário","Utilizar? (Sim/Não)",null,null,"Outliers","Por critério do(a) analista"]
[null,"Amazon - https://www.amazon.com.br/Arqplast-Maleta-Primeiros-Socorros/dp/B09CW531JY/ref=asc_df_B09CW531JY?mcid=75cd4c8ec81e3f1abe26782a01a8cc6f&tag=googleshopp00-20&linkCode=df0&hvadid=709968341224&hvpos=&hvnetw=g&hvrand=4552985567237553637&hvpone=&hvptwo=&hvqmt=&hvdev=c&hvdvcmdl=&hvlocint=&hvlocphy=9196708&hvtargid=pla-1471054041999&psc=1&hvocijid=4552985567237553637-B09CW531JY-&hvexpln=0&language=pt_BR",{"$nulls":7},"2026-04-28",42.9,{"$f":"IF(ISNUMBER(K19),IF($L$32=$O$18,O19,IF($L$32=$P$18,P19,\"\")),\"\")","v":"Sim"},null,null,{"$f":"IF(ISNUMBER(K19),IF(OR(K19<_xlfn.QUARTILE.INC($K$10:$K$29,1)-1.5*(_xlfn.QUARTILE.INC($K$10:$K$29,3)-_xlfn.QUARTILE.INC($K$10:$K$29,1)),K19>_xlfn.QUARTILE.INC($K$10:$K$29,3)+1.5*(_xlfn.QUARTILE.INC($K$10:$K$29,3)-_xlfn.QUARTILE.INC($K$10:$K$29,1))),\"Não\",\"Sim\"),\"\")","v":"Sim"}]
[null,"Tudo de Ferramentas - https://www.tudodeferramentas.com.br/produto/caixa-maleta-primeiros-socorros-c-2-bandejas-mps-arqplast.html?utm_source=Site&utm_medium=GoogleMerchant&utm_campaign=GoogleMerchant&gad_source=1&gad_campaignid=17836472111&gbraid=0AAAAADdm7bkiCqa2v1p471pymEjSOWifA&gclid=CjwKCAjwtcHPBhADEiwAWo3sJqXzKpjnkWxHGiSGFCEbBCHOShmkemNSqssmGH6ys28r0bZpcjTNwBoCVvMQAvD_BwE",{"$nulls":7},"2026-04-28",34.53,"Sim",null,null,"Sim"]
[null,"Life Pesca - https://www.lifepesca.com.br/maleta-para-primeiros-socorros-emergencia-medica-mps?parceiro=1404&gad_source=1&gad_campaignid=19795690957&gbraid=0AAAAACo9Ns5ppBIANAcLbetREiveBsWzl&gclid=CjwKCAjwtcHPBhADEiwAWo3sJgLkESPJP6r2vMrN9it7Tfr6H8JosjxZs2xEBnfPbXUbWjE860St9RoCpicQAvD_BwE",{"$nulls":7},"2026-04-28",52.11,"Sim",null,null,"Sim"]
[{"$nulls":11},"",null,null,""]
[{"$nulls":11},"",null,null,""]
[{"$nulls":11},"",null,null,""]
[{"$nulls":11},"",null,null,""]
[{"$nulls":11},"",null,null,""]
[{"$nulls":11},"",null,null,""]
[{"$nulls":11},"",null,null,""]
[{"$nulls":11},"",null,null,""]
[null,"Observações:",{"$nulls":8},"Média:",{"$f":"IF($L$32=\"\",\"Selecione metodologia para exclusão de preços\",AVERAGE(IF($L$10:$L$29=\"Sim\",$K$10:$K$29)))","v":43.180000000000007},null,"Média (Cotações)",{"$f":"IF(COUNTIF(O19:O29,\"Sim\")<3,\"N/D (são necessários pelo menos 3 preços)\",AVERAGE(IF(O19:O29=\"Sim\",$K19:$K29)))","v":43.180000000000007},{"$f":"IF(COUNTIF(P19:P29,\"Sim\")<3,\"N/D (são necessários pelo menos 3 preços)\",AVERAGE(IF(P19:P29=\"Sim\",$K19:$K29)))","v":"N/D (são necessários pelo menos 3 preços)"}]
[{"$nulls":10},"Mediana:",{"$f":"IF($L$32=\"\",\"Selecione metodologia para exclusão de preços\",MEDIAN(IF($L$10:$L$29=\"Sim\",$K$10:$K$29)))","v":42.9},null,"Mediana (Cotações)",{"$f":"IF(COUNTIF(O19:O29,\"Sim\")<3,\"N/D (são necessários pelo menos 3 preços)\",MEDIAN(IF(O19:O29=\"Sim\",$K19:$K29)))","v":42.9},{"$f":"IF(COUNTIF(P19:P29,\"Sim\")<3,\"N/D (são necessários pelo menos 3 preços)\",MEDIAN(IF(P19:P29=\"Sim\",$K19:$K29)))","v":"N/D (são necessários pelo menos 3 preços)"}]
[null,"Metodologia de exclusão de preços adotada:",{"$nulls":9},{"$f":"IF(O35=\"\",INDEX(O18:P18,MATCH(MIN(#REF!),#REF!,0)),O35)","v":"Outliers"},null,"CV (Cotações)",{"$f":"IF(COUNTIF(O19:O29,\"Sim\")<3,\"N/D (são necessários pelo menos 3 preços)\",_xlfn.STDEV.S(IF(O19:O29=\"Sim\",$K19:$K29))/AVERAGE(IF(O19:O29=\"Sim\",$K19:$K29)))","v":0.20364391092604614},{"$f":"IF(COUNTIF(P19:P29,\"Sim\")<3,\"N/D (são necessários pelo menos 3 preços)\",_xlfn.STDEV.S(IF(P19:P29=\"Sim\",$K19:$K29))/AVERAGE(IF(P19:P29=\"Sim\",$K19:$K29)))","v":"N/D (são necessários pelo menos 3 preços)"}]
[{"$nulls":13},"Média",{"$f":"IF(SUM(COUNTIF($O$10:$O$16,\"Sim\")) + SUM(COUNTIF(O19:O29,\"Sim\")) < 3,\n   \"N/D (são necessários pelo menos 3 preços)\",\n   IFERROR(AVERAGE(_xlfn._xlws.FILTER($K$10:$K$16,$O$10:$O$16=\"Sim\"), _xlfn._xlws.FILTER($K$19:$K$29,O19:O29=\"Sim\")),O30))","v":43.180000000000007},{"$f":"IF(SUM(COUNTIF($P$10:$P$16,\"Sim\")) + SUM(COUNTIF(P19:P29,\"Sim\")) < 3,\n   \"N/D (são necessários pelo menos 3 preços)\",\n   IFERROR(AVERAGE(_xlfn._xlws.FILTER($K$10:$K$16,$P$10:$P$16=\"Sim\"), _xlfn._xlws.FILTER($K$19:$K$29,P19:P29=\"Sim\")),P30))","v":"N/D (são necessários pelo menos 3 preços)"}]
[{"$nulls":13},"Mediana",{"$f":"IF(SUM(COUNTIF($O$10:$O$16,\"Sim\")) + SUM(COUNTIF(O19:O29,\"Sim\")) < 3,\n   \"N/D (são necessários pelo menos 3 preços)\",\n   IFERROR(MEDIAN(_xlfn._xlws.FILTER($K$10:$K$16,$O$10:$O$16=\"Sim\"), _xlfn._xlws.FILTER($K$19:$K$29,O19:O29=\"Sim\")),O31))","v":42.9},{"$f":"IF(SUM(COUNTIF($P10:$P$16,\"Sim\")) + SUM(COUNTIF(P19:P29,\"Sim\")) < 3,\n   \"N/D (são necessários pelo menos 3 preços)\",\n   IFERROR(MEDIAN(_xlfn._xlws.FILTER($K$10:$K$16,$P$10:$P$16=\"Sim\"), _xlfn._xlws.FILTER($K$19:$K$29,P19:P29=\"Sim\")),P31))","v":"N/D (são necessários pelo menos 3 preços)"}]
[null,"COSOLIDAÇÃO DOS PREÇOS",{"$nulls":11},"Metodologia a adotar:",{"$f":"IF(INDEX(O18:P18,P35)=0,\"\",INDEX(O18:P18,P35))","v":"Outliers"},1]
[]
[null,"PREÇO UNITÁRIO ESTIMADO ADOTADO:",{"$nulls":9},{"$f":"IF($B$39=\"Mediana:\",L31,L30)","v":42.9}]
[]
[{"$f":"O18","v":"Outliers"},"Mediana:"]

{"sheet":"Cobertor","index":13,"n_rows":39,"n_cols":16,"rows_kept":39,"cut":false,"hidden":true,"merged":[[16,1,16,11],[16,14,16,15],[0,0,0,6],[6,2,6,7],[6,14,6,15],[7,1,7,11],[7,14,7,15],[28,1,28,8],[17,1,17,8],[18,1,18,8],[19,1,19,8],[20,1,20,8],[21,1,21,8],[22,1,22,8],[23,1,23,8],[24,1,24,8],[25,1,25,8],[26,1,26,8],[27,1,27,8],[31,1,33,10],[31,11,33,11],[34,1,35,10],[34,11,35,11],[36,1,36,10]]}
[]
[null,"Processo"]
[null,"Responsável"]
[null,"Área de Origem"]
[null,"Data da pesquisa"]
[]
[null,"ITEM:","COBERTOR/LENÇOL TÉRMICO DE EMERGÊNCIA",{"$nulls":5},"UNIDADE DE MEDIDA:","Unidade","QUANTIDADE:",10,null,null,"Tabela auxiliar de metodologias para exclusão de preços"]
[null,"LICITAÇÕES ANTERIORES",{"$nulls":12},"Licitações Anteriores"]
[null,"Órgão","Edital/Ano - Nº do Lote / Item","Quantidade","Valor Unitário","Data","índice de atualização (nome)","I0","If","Variação acumulada do índice (%)","Preço unitário atualizado","Utilizar?  (Sim/Não)",null,null,"Outliers","Por critério do(a) analista"]
[{"$nulls":9},{"$f":"IF(ISBLANK(E10),\"\",IF(ISNUMBER(H10),(I10-H10)/H10,0))","v":""},{"$f":"IF(ISBLANK(E10),\"\",E10*(1+J10))","v":""},{"$f":"IF(ISNUMBER(K10),IF($L$32<>$P$9,O10,P10),\"\")","v":""},null,null,{"$f":"IF(ISNUMBER(K10),IF(OR(K10<_xlfn.QUARTILE.INC($K$10:$K$29,1)-1.5*(_xlfn.QUARTILE.INC($K$10:K29,3)-_xlfn.QUARTILE.INC($K$10:$K$29,1)),K10>_xlfn.QUARTILE.INC($K$10:$K$29,3)+1.5*(_xlfn.QUARTILE.INC($K$10:$K$29,3)-_xlfn.QUARTILE.INC($K$10:$K$29,1))),\"Não\",\"Sim\"),\"\")","v":""}]
[{"$nulls":9},{"$f":"IF(ISBLANK(E11),\"\",IF(ISNUMBER(H11),(I11-H11)/H11,0))","v":""},{"$f":"IF(ISBLANK(E11),\"\",E11*(1+J11))","v":""},"",null,null,{"$f":"IF(ISNUMBER(K11),IF(OR(K11<_xlfn.QUARTILE.INC($K$10:$K$29,1)-1.5*(_xlfn.QUARTILE.INC($K$10:K29,3)-_xlfn.QUARTILE.INC($K$10:$K$29,1)),K11>_xlfn.QUARTILE.INC($K$10:$K$29,3)+1.5*(_xlfn.QUARTILE.INC($K$10:$K$29,3)-_xlfn.QUARTILE.INC($K$10:$K$29,1))),\"Não\",\"Sim\"),\"\")","v":""}]
[{"$nulls":9},"","","",null,null,{"$f":"IF(ISNUMBER(K12),IF(OR(K12<_xlfn.QUARTILE.INC($K$10:$K$29,1)-1.5*(_xlfn.QUARTILE.INC($K$10:K30,3)-_xlfn.QUARTILE.INC($K$10:$K$29,1)),K12>_xlfn.QUARTILE.INC($K$10:$K$29,3)+1.5*(_xlfn.QUARTILE.INC($K$10:$K$29,3)-_xlfn.QUARTILE.INC($K$10:$K$29,1))),\"Não\",\"Sim\"),\"\")","v":""}]
[{"$nulls":9},"","","",null,null,{"$f":"IF(ISNUMBER(K13),IF(OR(K13<_xlfn.QUARTILE.INC($K$10:$K$29,1)-1.5*(_xlfn.QUARTILE.INC($K$10:K31,3)-_xlfn.QUARTILE.INC($K$10:$K$29,1)),K13>_xlfn.QUARTILE.INC($K$10:$K$29,3)+1.5*(_xlfn.QUARTILE.INC($K$10:$K$29,3)-_xlfn.QUARTILE.INC($K$10:$K$29,1))),\"Não\",\"Sim\"),\"\")","v":""}]
[{"$nulls":9},"","","",null,null,{"$f":"IF(ISNUMBER(K14),IF(OR(K14<_xlfn.QUARTILE.INC($K$10:$K$29,1)-1.5*(_xlfn.QUARTILE.INC($K$10:K32,3)-_xlfn.QUARTILE.INC($K$10:$K$29,1)),K14>_xlfn.QUARTILE.INC($K$10:$K$29,3)+1.5*(_xlfn.QUARTILE.INC($K$10:$K$29,3)-_xlfn.QUARTILE.INC($K$10:$K$29,1))),\"Não\",\"Sim\"),\"\")","v":""}]
[{"$nulls":9},"","","",null,null,{"$f":"IF(ISNUMBER(K15),IF(OR(K15<_xlfn.QUARTILE.INC($K$10:$K$29,1)-1.5*(_xlfn.QUARTILE.INC($K$10:K35,3)-_xlfn.QUARTILE.INC($K$10:$K$29,1)),K15>_xlfn.QUARTILE.INC($K$10:$K$29,3)+1.5*(_xlfn.QUARTILE.INC($K$10:$K$29,3)-_xlfn.QUARTILE.INC($K$10:$K$29,1))),\"Não\",\"Sim\"),\"\")","v":""}]
[{"$nulls":9},"","","",null,null,{"$f":"IF(ISNUMBER(K16),IF(OR(K16<_xlfn.QUARTILE.INC($K$10:$K$29,1)-1.5*(_xlfn.QUARTILE.INC($I$10:I37,3)-_xlfn.QUARTILE.INC($K$10:$K$29,1)),K16>_xlfn.QUARTILE.INC($K$10:$K$29,3)+1.5*(_xlfn.QUARTILE.INC($K$10:$K$29,3)-_xlfn.QUARTILE.INC($K$10:$K$29,1))),\"Não\",\"Sim\"),\"\")","v":""}]
[null,"COTAÇÕES DE MERCADO",{"$nulls":12},"Cotações"]
[null,"Empresa",{"$nulls":7},"Data","Preço Unitário","Utilizar? (Sim/Não)",null,null,"Outliers","Por critério do(a) analista"]
[null,"https://www.sapesca.com.br/cobertor-manta-termica-emerg-ncia-de-aluminio-albatroz-laranja-legendarios?gad_source=1&gad_campaignid=23158985418&gbraid=0AAAABBFoYGlOUQEMRXMjs_8sez7u-cLoQ&gclid=CjwKCAjwtcHPBhADEiwAWo3sJm328xgf9RpK5DEmXAKzpMImKYm-eWtN4o8ZixAqm4Ju-qM3nt2SPRoCP7gQAvD_BwE",{"$nulls":7},"2026-04-28",19.899999999999999,{"$f":"IF(ISNUMBER(K19),IF($L$32=$O$18,O19,IF($L$32=$P$18,P19,\"\")),\"\")","v":"Sim"},null,null,{"$f":"IF(ISNUMBER(K19),IF(OR(K19<_xlfn.QUARTILE.INC($K$10:$K$29,1)-1.5*(_xlfn.QUARTILE.INC($K$10:$K$29,3)-_xlfn.QUARTILE.INC($K$10:$K$29,1)),K19>_xlfn.QUARTILE.INC($K$10:$K$29,3)+1.5*(_xlfn.QUARTILE.INC($K$10:$K$29,3)-_xlfn.QUARTILE.INC($K$10:$K$29,1))),\"Não\",\"Sim\"),\"\")","v":"Sim"}]
[null,"https://www.amazon.com.br/Cobertor-T%C3%A9rmica-Aluminizado-Isolante-Emerg%C3%AAncia/dp/B0BC6DFQ7K/ref=asc_df_B0BC6DFQ7K?mcid=87609cff66ed3e65a77142ce70b537bf&tag=googleshopp00-20&linkCode=df0&hvadid=709968340933&hvpos=&hvnetw=g&hvrand=5503984832897904889&hvpone=&hvptwo=&hvqmt=&hvdev=c&hvdvcmdl=&hvlocint=&hvlocphy=9196708&hvtargid=pla-2340797163025&psc=1&hvocijid=5503984832897904889-B0BC6DFQ7K-&hvexpln=0&language=pt_BR",{"$nulls":7},"2026-04-28",32.9,"Sim",null,null,"Sim"]
[null,"https://www.generalmed.com.br/loja/produto.php?loja=371454&IdProd=2583&parceiro=3060&gad_source=1&gad_campaignid=1041253627&gbraid=0AAAAADm_LOUSXv0FaHYo5lJzDBrjyNMVo&gclid=CjwKCAjwtcHPBhADEiwAWo3sJh9zNKBIe1SW_EC-pVxZabHwaOPslfqksZb0iBjOOiBh-p9qlHd9phoCAHoQAvD_BwE",{"$nulls":7},"2026-04-28",24.55,"Sim",null,null,"Sim"]
[{"$nulls":11},"",null,null,""]
[{"$nulls":11},"",null,null,""]
[{"$nulls":11},"",null,null,""]
[{"$nulls":11},"",null,null,""]
[{"$nulls":11},"",null,null,""]
[{"$nulls":11},"",null,null,""]
[{"$nulls":11},"",null,null,""]
[{"$nulls":11},"",null,null,""]
[null,"Observações:",{"$nulls":8},"Média:",{"$f":"IF($L$32=\"\",\"Selecione metodologia para exclusão de preços\",AVERAGE(IF($L$10:$L$29=\"Sim\",$K$10:$K$29)))","v":25.783333333333331},null,"Média (Cotações)",{"$f":"IF(COUNTIF(O19:O29,\"Sim\")<3,\"N/D (são necessários pelo menos 3 preços)\",AVERAGE(IF(O19:O29=\"Sim\",$K19:$K29)))","v":25.783333333333331},{"$f":"IF(COUNTIF(P19:P29,\"Sim\")<3,\"N/D (são necessários pelo menos 3 preços)\",AVERAGE(IF(P19:P29=\"Sim\",$K19:$K29)))","v":"N/D (são necessários pelo menos 3 preços)"}]
[{"$nulls":10},"Mediana:",{"$f":"IF($L$32=\"\",\"Selecione metodologia para exclusão de preços\",MEDIAN(IF($L$10:$L$29=\"Sim\",$K$10:$K$29)))","v":24.55},null,"Mediana (Cotações)",{"$f":"IF(COUNTIF(O19:O29,\"Sim\")<3,\"N/D (são necessários pelo menos 3 preços)\",MEDIAN(IF(O19:O29=\"Sim\",$K19:$K29)))","v":24.55},{"$f":"IF(COUNTIF(P19:P29,\"Sim\")<3,\"N/D (são necessários pelo menos 3 preços)\",MEDIAN(IF(P19:P29=\"Sim\",$K19:$K29)))","v":"N/D (são necessários pelo menos 3 preços)"}]
[null,"Metodologia de exclusão de preços adotada:",{"$nulls":9},{"$f":"IF(O35=\"\",INDEX(O18:P18,MATCH(MIN(#REF!),#REF!,0)),O35)","v":"Outliers"},null,"CV (Cotações)",{"$f":"IF(COUNTIF(O19:O29,\"Sim\")<3,\"N/D (são necessários pelo menos 3 preços)\",_xlfn.STDEV.S(IF(O19:O29=\"Sim\",$K19:$K29))/AVERAGE(IF(O19:O29=\"Sim\",$K19:$K29)))","v":0.25548177931652577},{"$f":"IF(COUNTIF(P19:P29,\"Sim\")<3,\"N/D (são necessários pelo menos 3 preços)\",_xlfn.STDEV.S(IF(P19:P29=\"Sim\",$K19:$K29))/AVERAGE(IF(P19:P29=\"Sim\",$K19:$K29)))","v":"N/D (são necessários pelo menos 3 preços)"}]
[{"$nulls":13},"Média",{"$f":"IF(SUM(COUNTIF($O$10:$O$16,\"Sim\")) + SUM(COUNTIF(O19:O29,\"Sim\")) < 3,\n   \"N/D (são necessários pelo menos 3 preços)\",\n   IFERROR(AVERAGE(_xlfn._xlws.FILTER($K$10:$K$16,$O$10:$O$16=\"Sim\"), _xlfn._xlws.FILTER($K$19:$K$29,O19:O29=\"Sim\")),O30))","v":25.783333333333331},{"$f":"IF(SUM(COUNTIF($P$10:$P$16,\"Sim\")) + SUM(COUNTIF(P19:P29,\"Sim\")) < 3,\n   \"N/D (são necessários pelo menos 3 preços)\",\n   IFERROR(AVERAGE(_xlfn._xlws.FILTER($K$10:$K$16,$P$10:$P$16=\"Sim\"), _xlfn._xlws.FILTER($K$19:$K$29,P19:P29=\"Sim\")),P30))","v":"N/D (são necessários pelo menos 3 preços)"}]
[{"$nulls":13},"Mediana",{"$f":"IF(SUM(COUNTIF($O$10:$O$16,\"Sim\")) + SUM(COUNTIF(O19:O29,\"Sim\")) < 3,\n   \"N/D (são necessários pelo menos 3 preços)\",\n   IFERROR(MEDIAN(_xlfn._xlws.FILTER($K$10:$K$16,$O$10:$O$16=\"Sim\"), _xlfn._xlws.FILTER($K$19:$K$29,O19:O29=\"Sim\")),O31))","v":24.55},{"$f":"IF(SUM(COUNTIF($P10:$P$16,\"Sim\")) + SUM(COUNTIF(P19:P29,\"Sim\")) < 3,\n   \"N/D (são necessários pelo menos 3 preços)\",\n   IFERROR(MEDIAN(_xlfn._xlws.FILTER($K$10:$K$16,$P$10:$P$16=\"Sim\"), _xlfn._xlws.FILTER($K$19:$K$29,P19:P29=\"Sim\")),P31))","v":"N/D (são necessários pelo menos 3 preços)"}]
[null,"COSOLIDAÇÃO DOS PREÇOS",{"$nulls":11},"Metodologia a adotar:",{"$f":"IF(INDEX(O18:P18,P35)=0,\"\",INDEX(O18:P18,P35))","v":"Outliers"},1]
[]
[null,"PREÇO UNITÁRIO ESTIMADO ADOTADO:",{"$nulls":9},{"$f":"IF($B$39=\"Mediana:\",L31,L30)","v":24.55}]
[]
[{"$f":"O18","v":"Outliers"},"Mediana:"]

{"sheet":"Colar cervic","index":14,"n_rows":39,"n_cols":16,"rows_kept":39,"cut":false,"hidden":true,"merged":[[16,1,16,11],[16,14,16,15],[0,0,0,6],[6,2,6,7],[6,14,6,15],[7,1,7,11],[7,14,7,15],[28,1,28,8],[17,1,17,8],[18,1,18,8],[19,1,19,8],[20,1,20,8],[21,1,21,8],[22,1,22,8],[23,1,23,8],[24,1,24,8],[25,1,25,8],[26,1,26,8],[27,1,27,8],[31,1,33,10],[31,11,33,11],[34,1,35,10],[34,11,35,11],[36,1,36,10]]}
[]
[null,"Processo"]
[null,"Responsável"]
[null,"Área de Origem"]
[null,"Data da pesquisa"]
[]
[null,"ITEM:","COLAR CERVICAL 4x1 em polietileno de alta densidade, com espessura mínima de 1,5mm, revestido em espuma macia tipo \"E.V.A\", fecho em velcro de 05mm em um dos lados, abertura frontal que permite a palpação do pulso carotídeo e acesso a traqueia, botões em plástico resistente, possibilita rádio-transparência, tamanho universal.",{"$nulls":5},"UNIDADE DE MEDIDA:","Unidade","QUANTIDADE:",2,null,null,"Tabela auxiliar de metodologias para exclusão de preços"]
[null,"LICITAÇÕES ANTERIORES",{"$nulls":12},"Licitações Anteriores"]
[null,"Órgão","Edital/Ano - Nº do Lote / Item","Quantidade","Valor Unitário","Data","índice de atualização (nome)","I0","If","Variação acumulada do índice (%)","Preço unitário atualizado","Utilizar?  (Sim/Não)",null,null,"Outliers","Por critério do(a) analista"]
[{"$nulls":9},{"$f":"IF(ISBLANK(E10),\"\",IF(ISNUMBER(H10),(I10-H10)/H10,0))","v":""},{"$f":"IF(ISBLANK(E10),\"\",E10*(1+J10))","v":""},{"$f":"IF(ISNUMBER(K10),IF($L$32<>$P$9,O10,P10),\"\")","v":""},null,null,{"$f":"IF(ISNUMBER(K10),IF(OR(K10<_xlfn.QUARTILE.INC($K$10:$K$29,1)-1.5*(_xlfn.QUARTILE.INC($K$10:K29,3)-_xlfn.QUARTILE.INC($K$10:$K$29,1)),K10>_xlfn.QUARTILE.INC($K$10:$K$29,3)+1.5*(_xlfn.QUARTILE.INC($K$10:$K$29,3)-_xlfn.QUARTILE.INC($K$10:$K$29,1))),\"Não\",\"Sim\"),\"\")","v":""}]
[{"$nulls":9},{"$f":"IF(ISBLANK(E11),\"\",IF(ISNUMBER(H11),(I11-H11)/H11,0))","v":""},{"$f":"IF(ISBLANK(E11),\"\",E11*(1+J11))","v":""},"",null,null,{"$f":"IF(ISNUMBER(K11),IF(OR(K11<_xlfn.QUARTILE.INC($K$10:$K$29,1)-1.5*(_xlfn.QUARTILE.INC($K$10:K29,3)-_xlfn.QUARTILE.INC($K$10:$K$29,1)),K11>_xlfn.QUARTILE.INC($K$10:$K$29,3)+1.5*(_xlfn.QUARTILE.INC($K$10:$K$29,3)-_xlfn.QUARTILE.INC($K$10:$K$29,1))),\"Não\",\"Sim\"),\"\")","v":""}]
[{"$nulls":9},"","","",null,null,{"$f":"IF(ISNUMBER(K12),IF(OR(K12<_xlfn.QUARTILE.INC($K$10:$K$29,1)-1.5*(_xlfn.QUARTILE.INC($K$10:K30,3)-_xlfn.QUARTILE.INC($K$10:$K$29,1)),K12>_xlfn.QUARTILE.INC($K$10:$K$29,3)+1.5*(_xlfn.QUARTILE.INC($K$10:$K$29,3)-_xlfn.QUARTILE.INC($K$10:$K$29,1))),\"Não\",\"Sim\"),\"\")","v":""}]
[{"$nulls":9},"","","",null,null,{"$f":"IF(ISNUMBER(K13),IF(OR(K13<_xlfn.QUARTILE.INC($K$10:$K$29,1)-1.5*(_xlfn.QUARTILE.INC($K$10:K31,3)-_xlfn.QUARTILE.INC($K$10:$K$29,1)),K13>_xlfn.QUARTILE.INC($K$10:$K$29,3)+1.5*(_xlfn.QUARTILE.INC($K$10:$K$29,3)-_xlfn.QUARTILE.INC($K$10:$K$29,1))),\"Não\",\"Sim\"),\"\")","v":""}]
[{"$nulls":9},"","","",null,null,{"$f":"IF(ISNUMBER(K14),IF(OR(K14<_xlfn.QUARTILE.INC($K$10:$K$29,1)-1.5*(_xlfn.QUARTILE.INC($K$10:K32,3)-_xlfn.QUARTILE.INC($K$10:$K$29,1)),K14>_xlfn.QUARTILE.INC($K$10:$K$29,3)+1.5*(_xlfn.QUARTILE.INC($K$10:$K$29,3)-_xlfn.QUARTILE.INC($K$10:$K$29,1))),\"Não\",\"Sim\"),\"\")","v":""}]
[{"$nulls":9},"","","",null,null,{"$f":"IF(ISNUMBER(K15),IF(OR(K15<_xlfn.QUARTILE.INC($K$10:$K$29,1)-1.5*(_xlfn.QUARTILE.INC($K$10:K35,3)-_xlfn.QUARTILE.INC($K$10:$K$29,1)),K15>_xlfn.QUARTILE.INC($K$10:$K$29,3)+1.5*(_xlfn.QUARTILE.INC($K$10:$K$29,3)-_xlfn.QUARTILE.INC($K$10:$K$29,1))),\"Não\",\"Sim\"),\"\")","v":""}]
[{"$nulls":9},"","","",null,null,{"$f":"IF(ISNUMBER(K16),IF(OR(K16<_xlfn.QUARTILE.INC($K$10:$K$29,1)-1.5*(_xlfn.QUARTILE.INC($I$10:I37,3)-_xlfn.QUARTILE.INC($K$10:$K$29,1)),K16>_xlfn.QUARTILE.INC($K$10:$K$29,3)+1.5*(_xlfn.QUARTILE.INC($K$10:$K$29,3)-_xlfn.QUARTILE.INC($K$10:$K$29,1))),\"Não\",\"Sim\"),\"\")","v":""}]
[null,"COTAÇÕES DE MERCADO",{"$nulls":12},"Cotações"]
[null,"Empresa",{"$nulls":7},"Data","Preço Unitário","Utilizar? (Sim/Não)",null,null,"Outliers","Por critério do(a) analista"]
[null,"Prática Brasil - https://praticabrasil.com.br/produto/colar-cervical-regulavel-4x1/?https://praticabrasil.com.br/?utm_source=GADS&utm_medium=PMAX&utm_campaign=marco&utm_term=&utm_content=&gad_source=1&gad_campaignid=23628834712&gbraid=0AAAAADjRHqiOSutdLFtEVRKqtJhDjCXRk&gclid=CjwKCAjwtcHPBhADEiwAWo3sJq5pQPQtJjz_kL3ATs_KJ3IArHt87OzkeKi6EjePLSMwlc2FEeyTkhoCKXAQAvD_BwE",{"$nulls":7},"2026-04-28",49.77,{"$f":"IF(ISNUMBER(K19),IF($L$32=$O$18,O19,IF($L$32=$P$18,P19,\"\")),\"\")","v":"Sim"},null,null,{"$f":"IF(ISNUMBER(K19),IF(OR(K19<_xlfn.QUARTILE.INC($K$10:$K$29,1)-1.5*(_xlfn.QUARTILE.INC($K$10:$K$29,3)-_xlfn.QUARTILE.INC($K$10:$K$29,1)),K19>_xlfn.QUARTILE.INC($K$10:$K$29,3)+1.5*(_xlfn.QUARTILE.INC($K$10:$K$29,3)-_xlfn.QUARTILE.INC($K$10:$K$29,1))),\"Não\",\"Sim\"),\"\")","v":"Sim"}]
[null,"Magazine Luiza - https://www.magazineluiza.com.br/colar-cervical-4-x-1-vno/p/egk056egj9/cp/coce/?&seller_id=corcenter&utm_source=google&utm_medium=cpc&utm_term=84444&utm_campaign=google_eco_per_ven_pla_all_sor_4p_all-products-0326&utm_content=&partner_id=84444&gclsrc=aw.ds&gad_source=1&gad_campaignid=18473140027&gbraid=0AAAAAD4zZmRNEX92cFIcWTvoFbuqtLpfI&gclid=CjwKCAjwtcHPBhADEiwAWo3sJmHI0_G6q9OZt1sIJF2PY5o_1JVgNn7n_J5MMlXJbqO801e3EYh-_hoCIk4QAvD_BwE",{"$nulls":7},"2026-04-28",54.9,"Sim",null,null,"Sim"]
[null,"Mercado Livre - https://www.mercadolivre.com.br/colar-cervical-regulavel-4x1/up/MLBU3412838340?pdp_filters=item_id%3AMLB5677547810&from=gshop&matt_tool=79314260&matt_word=&matt_source=google&matt_campaign_id=22090354076&matt_ad_group_id=192555040014&matt_match_type=&matt_network=g&matt_device=c&matt_creative=799032780706&matt_keyword=&matt_ad_position=&matt_ad_type=pla&matt_merchant_id=5705685143&matt_product_id=MLBU3412838340&matt_product_partition_id=2468104432726&matt_target_id=pla-2468104432726&cq_src=google_ads&cq_cmp=22090354076&cq_net=g&cq_plt=gp&cq_med=pla&gad_source=1&gad_campaignid=22090354076&gbraid=0AAAAAD93qcCcGqt1pEx9xzjfzQyhTs6YD&gclid=CjwKCAjwtcHPBhADEiwAWo3sJvw5WSDl8tHc6vJV4bEsP96-1Sd3mTJfZyGCQsP9WooWbuZYwo7UGxoCAGIQAvD_BwE",{"$nulls":7},"2026-04-28",46.5,"Sim",null,null,"Sim"]
[{"$nulls":11},"",null,null,""]
[{"$nulls":11},"",null,null,""]
[{"$nulls":11},"",null,null,""]
[{"$nulls":11},"",null,null,""]
[{"$nulls":11},"",null,null,""]
[{"$nulls":11},"",null,null,""]
[{"$nulls":11},"",null,null,""]
[{"$nulls":11},"",null,null,""]
[null,"Observações:",{"$nulls":8},"Média:",{"$f":"IF($L$32=\"\",\"Selecione metodologia para exclusão de preços\",AVERAGE(IF($L$10:$L$29=\"Sim\",$K$10:$K$29)))","v":50.390000000000008},null,"Média (Cotações)",{"$f":"IF(COUNTIF(O19:O29,\"Sim\")<3,\"N/D (são necessários pelo menos 3 preços)\",AVERAGE(IF(O19:O29=\"Sim\",$K19:$K29)))","v":50.390000000000008},{"$f":"IF(COUNTIF(P19:P29,\"Sim\")<3,\"N/D (são necessários pelo menos 3 preços)\",AVERAGE(IF(P19:P29=\"Sim\",$K19:$K29)))","v":"N/D (são necessários pelo menos 3 preços)"}]
[{"$nulls":10},"Mediana:",{"$f":"IF($L$32=\"\",\"Selecione metodologia para exclusão de preços\",MEDIAN(IF($L$10:$L$29=\"Sim\",$K$10:$K$29)))","v":49.77},null,"Mediana (Cotações)",{"$f":"IF(COUNTIF(O19:O29,\"Sim\")<3,\"N/D (são necessários pelo menos 3 preços)\",MEDIAN(IF(O19:O29=\"Sim\",$K19:$K29)))","v":49.77},{"$f":"IF(COUNTIF(P19:P29,\"Sim\")<3,\"N/D (são necessários pelo menos 3 preços)\",MEDIAN(IF(P19:P29=\"Sim\",$K19:$K29)))","v":"N/D (são necessários pelo menos 3 preços)"}]
[null,"Metodologia de exclusão de preços adotada:",{"$nulls":9},{"$f":"IF(O35=\"\",INDEX(O18:P18,MATCH(MIN(#REF!),#REF!,0)),O35)","v":"Outliers"},null,"CV (Cotações)",{"$f":"IF(COUNTIF(O19:O29,\"Sim\")<3,\"N/D (são necessários pelo menos 3 preços)\",_xlfn.STDEV.S(IF(O19:O29=\"Sim\",$K19:$K29))/AVERAGE(IF(O19:O29=\"Sim\",$K19:$K29)))","v":8.4028226425182387E-2},{"$f":"IF(COUNTIF(P19:P29,\"Sim\")<3,\"N/D (são necessários pelo menos 3 preços)\",_xlfn.STDEV.S(IF(P19:P29=\"Sim\",$K19:$K29))/AVERAGE(IF(P19:P29=\"Sim\",$K19:$K29)))","v":"N/D (são necessários pelo menos 3 preços)"}]
[{"$nulls":13},"Média",{"$f":"IF(SUM(COUNTIF($O$10:$O$16,\"Sim\")) + SUM(COUNTIF(O19:O29,\"Sim\")) < 3,\n   \"N/D (são necessários pelo menos 3 preços)\",\n   IFERROR(AVERAGE(_xlfn._xlws.FILTER($K$10:$K$16,$O$10:$O$16=\"Sim\"), _xlfn._xlws.FILTER($K$19:$K$29,O19:O29=\"Sim\")),O30))","v":50.390000000000008},{"$f":"IF(SUM(COUNTIF($P$10:$P$16,\"Sim\")) + SUM(COUNTIF(P19:P29,\"Sim\")) < 3,\n   \"N/D (são necessários pelo menos 3 preços)\",\n   IFERROR(AVERAGE(_xlfn._xlws.FILTER($K$10:$K$16,$P$10:$P$16=\"Sim\"), _xlfn._xlws.FILTER($K$19:$K$29,P19:P29=\"Sim\")),P30))","v":"N/D (são necessários pelo menos 3 preços)"}]
[{"$nulls":13},"Mediana",{"$f":"IF(SUM(COUNTIF($O$10:$O$16,\"Sim\")) + SUM(COUNTIF(O19:O29,\"Sim\")) < 3,\n   \"N/D (são necessários pelo menos 3 preços)\",\n   IFERROR(MEDIAN(_xlfn._xlws.FILTER($K$10:$K$16,$O$10:$O$16=\"Sim\"), _xlfn._xlws.FILTER($K$19:$K$29,O19:O29=\"Sim\")),O31))","v":49.77},{"$f":"IF(SUM(COUNTIF($P10:$P$16,\"Sim\")) + SUM(COUNTIF(P19:P29,\"Sim\")) < 3,\n   \"N/D (são necessários pelo menos 3 preços)\",\n   IFERROR(MEDIAN(_xlfn._xlws.FILTER($K$10:$K$16,$P$10:$P$16=\"Sim\"), _xlfn._xlws.FILTER($K$19:$K$29,P19:P29=\"Sim\")),P31))","v":"N/D (são necessários pelo menos 3 preços)"}]
[null,"COSOLIDAÇÃO DOS PREÇOS",{"$nulls":11},"Metodologia a adotar:",{"$f":"IF(INDEX(O18:P18,P35)=0,\"\",INDEX(O18:P18,P35))","v":"Outliers"},1]
[]
[null,"PREÇO UNITÁRIO ESTIMADO ADOTADO:",{"$nulls":9},{"$f":"IF($B$39=\"Mediana:\",L31,L30)","v":50.390000000000008}]
[]
[{"$f":"O18","v":"Outliers"},""]

{"sheet":"Colete Dorsal","index":15,"n_rows":39,"n_cols":16,"rows_kept":39,"cut":false,"hidden":true,"merged":[[16,1,16,11],[16,14,16,15],[0,0,0,6],[6,2,6,7],[6,14,6,15],[7,1,7,11],[7,14,7,15],[28,1,28,8],[17,1,17,8],[18,1,18,8],[19,1,19,8],[20,1,20,8],[21,1,21,8],[22,1,22,8],[23,1,23,8],[24,1,24,8],[25,1,25,8],[26,1,26,8],[27,1,27,8],[31,1,33,10],[31,11,33,11],[34,1,35,10],[34,11,35,11],[36,1,36,10]]}
[]
[null,"Processo"]
[null,"Responsável"]
[null,"Área de Origem"]
[null,"Data da pesquisa"]
[]
[null,"ITEM:","COLETE DE IMOBILIZAÇÃO dorsal tipo KED, em nylon, para imobilização desde a cabeça até a região do coccix, com 3 (três) tirantes em cores diferentes para imbilização do tronco e outros 02 (dois) tirantes para fixação dos membros inferiores, regulagem para fixação da tesa e queixo, almofada para apoio da cabeça, todos com engate rápido, acondicionado em sacola de nylon.",{"$nulls":5},"UNIDADE DE MEDIDA:","Unidade","QUANTIDADE:",1,null,null,"Tabela auxiliar de metodologias para exclusão de preços"]
[null,"LICITAÇÕES ANTERIORES",{"$nulls":12},"Licitações Anteriores"]
[null,"Órgão","Edital/Ano - Nº do Lote / Item","Quantidade","Valor Unitário","Data","índice de atualização (nome)","I0","If","Variação acumulada do índice (%)","Preço unitário atualizado","Utilizar?  (Sim/Não)",null,null,"Outliers","Por critério do(a) analista"]
[{"$nulls":9},{"$f":"IF(ISBLANK(E10),\"\",IF(ISNUMBER(H10),(I10-H10)/H10,0))","v":""},{"$f":"IF(ISBLANK(E10),\"\",E10*(1+J10))","v":""},{"$f":"IF(ISNUMBER(K10),IF($L$32<>$P$9,O10,P10),\"\")","v":""},null,null,{"$f":"IF(ISNUMBER(K10),IF(OR(K10<_xlfn.QUARTILE.INC($K$10:$K$29,1)-1.5*(_xlfn.QUARTILE.INC($K$10:K29,3)-_xlfn.QUARTILE.INC($K$10:$K$29,1)),K10>_xlfn.QUARTILE.INC($K$10:$K$29,3)+1.5*(_xlfn.QUARTILE.INC($K$10:$K$29,3)-_xlfn.QUARTILE.INC($K$10:$K$29,1))),\"Não\",\"Sim\"),\"\")","v":""}]
[{"$nulls":9},{"$f":"IF(ISBLANK(E11),\"\",IF(ISNUMBER(H11),(I11-H11)/H11,0))","v":""},{"$f":"IF(ISBLANK(E11),\"\",E11*(1+J11))","v":""},"",null,null,{"$f":"IF(ISNUMBER(K11),IF(OR(K11<_xlfn.QUARTILE.INC($K$10:$K$29,1)-1.5*(_xlfn.QUARTILE.INC($K$10:K29,3)-_xlfn.QUARTILE.INC($K$10:$K$29,1)),K11>_xlfn.QUARTILE.INC($K$10:$K$29,3)+1.5*(_xlfn.QUARTILE.INC($K$10:$K$29,3)-_xlfn.QUARTILE.INC($K$10:$K$29,1))),\"Não\",\"Sim\"),\"\")","v":""}]
[{"$nulls":9},"","","",null,null,{"$f":"IF(ISNUMBER(K12),IF(OR(K12<_xlfn.QUARTILE.INC($K$10:$K$29,1)-1.5*(_xlfn.QUARTILE.INC($K$10:K30,3)-_xlfn.QUARTILE.INC($K$10:$K$29,1)),K12>_xlfn.QUARTILE.INC($K$10:$K$29,3)+1.5*(_xlfn.QUARTILE.INC($K$10:$K$29,3)-_xlfn.QUARTILE.INC($K$10:$K$29,1))),\"Não\",\"Sim\"),\"\")","v":""}]
[{"$nulls":9},"","","",null,null,{"$f":"IF(ISNUMBER(K13),IF(OR(K13<_xlfn.QUARTILE.INC($K$10:$K$29,1)-1.5*(_xlfn.QUARTILE.INC($K$10:K31,3)-_xlfn.QUARTILE.INC($K$10:$K$29,1)),K13>_xlfn.QUARTILE.INC($K$10:$K$29,3)+1.5*(_xlfn.QUARTILE.INC($K$10:$K$29,3)-_xlfn.QUARTILE.INC($K$10:$K$29,1))),\"Não\",\"Sim\"),\"\")","v":""}]
[{"$nulls":9},"","","",null,null,{"$f":"IF(ISNUMBER(K14),IF(OR(K14<_xlfn.QUARTILE.INC($K$10:$K$29,1)-1.5*(_xlfn.QUARTILE.INC($K$10:K32,3)-_xlfn.QUARTILE.INC($K$10:$K$29,1)),K14>_xlfn.QUARTILE.INC($K$10:$K$29,3)+1.5*(_xlfn.QUARTILE.INC($K$10:$K$29,3)-_xlfn.QUARTILE.INC($K$10:$K$29,1))),\"Não\",\"Sim\"),\"\")","v":""}]
[{"$nulls":9},"","","",null,null,{"$f":"IF(ISNUMBER(K15),IF(OR(K15<_xlfn.QUARTILE.INC($K$10:$K$29,1)-1.5*(_xlfn.QUARTILE.INC($K$10:K35,3)-_xlfn.QUARTILE.INC($K$10:$K$29,1)),K15>_xlfn.QUARTILE.INC($K$10:$K$29,3)+1.5*(_xlfn.QUARTILE.INC($K$10:$K$29,3)-_xlfn.QUARTILE.INC($K$10:$K$29,1))),\"Não\",\"Sim\"),\"\")","v":""}]
[{"$nulls":9},"","","",null,null,{"$f":"IF(ISNUMBER(K16),IF(OR(K16<_xlfn.QUARTILE.INC($K$10:$K$29,1)-1.5*(_xlfn.QUARTILE.INC($I$10:I37,3)-_xlfn.QUARTILE.INC($K$10:$K$29,1)),K16>_xlfn.QUARTILE.INC($K$10:$K$29,3)+1.5*(_xlfn.QUARTILE.INC($K$10:$K$29,3)-_xlfn.QUARTILE.INC($K$10:$K$29,1))),\"Não\",\"Sim\"),\"\")","v":""}]
[null,"COTAÇÕES DE MERCADO",{"$nulls":12},"Cotações"]
[null,"Empresa",{"$nulls":7},"Data","Preço Unitário","Utilizar? (Sim/Não)",null,null,"Outliers","Por critério do(a) analista"]
[null,"https://triomed.com.br/products/prod-colete-dorsal-tipo-ked-adulto-resgate-s56?variant=46537971892465&country=BR&currency=BRL&utm_medium=product_sync&utm_source=google&utm_content=sag_organic&utm_campaign=sag_organic&gad_source=1&gad_campaignid=22849579101&gbraid=0AAAAABxBVVYZWxImXDbM2oZjelfbbAWD6&gclid=CjwKCAjwtcHPBhADEiwAWo3sJjaqbyaW0Q4Ow6FnhfvhgVxsDOy-znsyp5vUQII2sCdEtlXLhmELwRoCTVwQAvD_BwE",{"$nulls":7},"2026-04-28",241.99,{"$f":"IF(ISNUMBER(K19),IF($L$32=$O$18,O19,IF($L$32=$P$18,P19,\"\")),\"\")","v":"Sim"},null,null,{"$f":"IF(ISNUMBER(K19),IF(OR(K19<_xlfn.QUARTILE.INC($K$10:$K$29,1)-1.5*(_xlfn.QUARTILE.INC($K$10:$K$29,3)-_xlfn.QUARTILE.INC($K$10:$K$29,1)),K19>_xlfn.QUARTILE.INC($K$10:$K$29,3)+1.5*(_xlfn.QUARTILE.INC($K$10:$K$29,3)-_xlfn.QUARTILE.INC($K$10:$K$29,1))),\"Não\",\"Sim\"),\"\")","v":"Sim"}]
[null,"https://magazinemedica.com.br/produtos/visualiza/sku/16380/?gad_source=1&gad_campaignid=23257119241&gbraid=0AAAAA-LLl3RLzXqqgnGcdPho_yiSl5zbL&gclid=CjwKCAjwtcHPBhADEiwAWo3sJumIPFPCwtvD4JgZConaHE7btpSB3NnBb7i6P9KQPFe5HkvfOg3RehoCNlAQAvD_BwE",{"$nulls":7},"2026-04-28",426.2,"Sim",null,null,"Sim"]
[null,"https://www.generalmed.com.br/loja/produto.php?loja=371454&IdProd=700&parceiro=3060&variant_id=2529&gad_source=1&gad_campaignid=1041253627&gbraid=0AAAAADm_LOUSXv0FaHYo5lJzDBrjyNMVo&gclid=CjwKCAjwtcHPBhADEiwAWo3sJkFVs-i-6Qfrhh_vGRjM59TrKrBH6GG3slxnJBQsqJeHxYl3oDkkSBoCjhAQAvD_BwE",{"$nulls":7},"2026-04-28",289.82,"Sim",null,null,"Sim"]
[{"$nulls":11},"",null,null,""]
[{"$nulls":11},"",null,null,""]
[{"$nulls":11},"",null,null,""]
[{"$nulls":11},"",null,null,""]
[{"$nulls":11},"",null,null,""]
[{"$nulls":11},"",null,null,""]
[{"$nulls":11},"",null,null,""]
[{"$nulls":11},"",null,null,""]
[null,"Observações:",{"$nulls":8},"Média:",{"$f":"IF($L$32=\"\",\"Selecione metodologia para exclusão de preços\",AVERAGE(IF($L$10:$L$29=\"Sim\",$K$10:$K$29)))","v":319.33666666666664},null,"Média (Cotações)",{"$f":"IF(COUNTIF(O19:O29,\"Sim\")<3,\"N/D (são necessários pelo menos 3 preços)\",AVERAGE(IF(O19:O29=\"Sim\",$K19:$K29)))","v":319.33666666666664},{"$f":"IF(COUNTIF(P19:P29,\"Sim\")<3,\"N/D (são necessários pelo menos 3 preços)\",AVERAGE(IF(P19:P29=\"Sim\",$K19:$K29)))","v":"N/D (são necessários pelo menos 3 preços)"}]
[{"$nulls":10},"Mediana:",{"$f":"IF($L$32=\"\",\"Selecione metodologia para exclusão de preços\",MEDIAN(IF($L$10:$L$29=\"Sim\",$K$10:$K$29)))","v":289.82},null,"Mediana (Cotações)",{"$f":"IF(COUNTIF(O19:O29,\"Sim\")<3,\"N/D (são necessários pelo menos 3 preços)\",MEDIAN(IF(O19:O29=\"Sim\",$K19:$K29)))","v":289.82},{"$f":"IF(COUNTIF(P19:P29,\"Sim\")<3,\"N/D (são necessários pelo menos 3 preços)\",MEDIAN(IF(P19:P29=\"Sim\",$K19:$K29)))","v":"N/D (são necessários pelo menos 3 preços)"}]
[null,"Metodologia de exclusão de preços adotada:",{"$nulls":9},{"$f":"IF(O35=\"\",INDEX(O18:P18,MATCH(MIN(#REF!),#REF!,0)),O35)","v":"Outliers"},null,"CV (Cotações)",{"$f":"IF(COUNTIF(O19:O29,\"Sim\")<3,\"N/D (são necessários pelo menos 3 preços)\",_xlfn.STDEV.S(IF(O19:O29=\"Sim\",$K19:$K29))/AVERAGE(IF(O19:O29=\"Sim\",$K19:$K29)))","v":0.29932792247502354},{"$f":"IF(COUNTIF(P19:P29,\"Sim\")<3,\"N/D (são necessários pelo menos 3 preços)\",_xlfn.STDEV.S(IF(P19:P29=\"Sim\",$K19:$K29))/AVERAGE(IF(P19:P29=\"Sim\",$K19:$K29)))","v":"N/D (são necessários pelo menos 3 preços)"}]
[{"$nulls":13},"Média",{"$f":"IF(SUM(COUNTIF($O$10:$O$16,\"Sim\")) + SUM(COUNTIF(O19:O29,\"Sim\")) < 3,\n   \"N/D (são necessários pelo menos 3 preços)\",\n   IFERROR(AVERAGE(_xlfn._xlws.FILTER($K$10:$K$16,$O$10:$O$16=\"Sim\"), _xlfn._xlws.FILTER($K$19:$K$29,O19:O29=\"Sim\")),O30))","v":319.33666666666664},{"$f":"IF(SUM(COUNTIF($P$10:$P$16,\"Sim\")) + SUM(COUNTIF(P19:P29,\"Sim\")) < 3,\n   \"N/D (são necessários pelo menos 3 preços)\",\n   IFERROR(AVERAGE(_xlfn._xlws.FILTER($K$10:$K$16,$P$10:$P$16=\"Sim\"), _xlfn._xlws.FILTER($K$19:$K$29,P19:P29=\"Sim\")),P30))","v":"N/D (são necessários pelo menos 3 preços)"}]
[{"$nulls":13},"Mediana",{"$f":"IF(SUM(COUNTIF($O$10:$O$16,\"Sim\")) + SUM(COUNTIF(O19:O29,\"Sim\")) < 3,\n   \"N/D (são necessários pelo menos 3 preços)\",\n   IFERROR(MEDIAN(_xlfn._xlws.FILTER($K$10:$K$16,$O$10:$O$16=\"Sim\"), _xlfn._xlws.FILTER($K$19:$K$29,O19:O29=\"Sim\")),O31))","v":289.82},{"$f":"IF(SUM(COUNTIF($P10:$P$16,\"Sim\")) + SUM(COUNTIF(P19:P29,\"Sim\")) < 3,\n   \"N/D (são necessários pelo menos 3 preços)\",\n   IFERROR(MEDIAN(_xlfn._xlws.FILTER($K$10:$K$16,$P$10:$P$16=\"Sim\"), _xlfn._xlws.FILTER($K$19:$K$29,P19:P29=\"Sim\")),P31))","v":"N/D (são necessários pelo menos 3 preços)"}]
[null,"COSOLIDAÇÃO DOS PREÇOS",{"$nulls":11},"Metodologia a adotar:",{"$f":"IF(INDEX(O18:P18,P35)=0,\"\",INDEX(O18:P18,P35))","v":"Outliers"},1]
[]
[null,"PREÇO UNITÁRIO ESTIMADO ADOTADO:",{"$nulls":9},{"$f":"IF($B$39=\"Mediana:\",L31,L30)","v":289.82}]
[]
[{"$f":"O18","v":"Outliers"},"Mediana:"]

{"sheet":"Gaze","index":16,"n_rows":39,"n_cols":16,"rows_kept":39,"cut":false,"hidden":true,"merged":[[16,1,16,11],[16,14,16,15],[0,0,0,6],[6,2,6,7],[6,14,6,15],[7,1,7,11],[7,14,7,15],[28,1,28,8],[17,1,17,8],[18,1,18,8],[19,1,19,8],[20,1,20,8],[21,1,21,8],[22,1,22,8],[23,1,23,8],[24,1,24,8],[25,1,25,8],[26,1,26,8],[27,1,27,8],[31,1,33,10],[31,11,33,11],[34,1,35,10],[34,11,35,11],[36,1,36,10]]}
[]
[null,"Processo"]
[null,"Responsável"]
[null,"Área de Origem"]
[null,"Data da pesquisa"]
[]
[null,"ITEM:","COMPRESSAS DE GAZE ESTERILIZADAS (10 cm x 15 cm) – pacote com 10 unidades",{"$nulls":5},"UNIDADE DE MEDIDA:","Unidade","QUANTIDADE:",20,null,null,"Tabela auxiliar de metodologias para exclusão de preços"]
[null,"LICITAÇÕES ANTERIORES",{"$nulls":12},"Licitações Anteriores"]
[null,"Órgão","Edital/Ano - Nº do Lote / Item","Quantidade","Valor Unitário","Data","índice de atualização (nome)","I0","If","Variação acumulada do índice (%)","Preço unitário atualizado","Utilizar?  (Sim/Não)",null,null,"Outliers","Por critério do(a) analista"]
[{"$nulls":9},{"$f":"IF(ISBLANK(E10),\"\",IF(ISNUMBER(H10),(I10-H10)/H10,0))","v":""},{"$f":"IF(ISBLANK(E10),\"\",E10*(1+J10))","v":""},{"$f":"IF(ISNUMBER(K10),IF($L$32<>$P$9,O10,P10),\"\")","v":""},null,null,{"$f":"IF(ISNUMBER(K10),IF(OR(K10<_xlfn.QUARTILE.INC($K$10:$K$29,1)-1.5*(_xlfn.QUARTILE.INC($K$10:K29,3)-_xlfn.QUARTILE.INC($K$10:$K$29,1)),K10>_xlfn.QUARTILE.INC($K$10:$K$29,3)+1.5*(_xlfn.QUARTILE.INC($K$10:$K$29,3)-_xlfn.QUARTILE.INC($K$10:$K$29,1))),\"Não\",\"Sim\"),\"\")","v":""}]
[{"$nulls":9},{"$f":"IF(ISBLANK(E11),\"\",IF(ISNUMBER(H11),(I11-H11)/H11,0))","v":""},{"$f":"IF(ISBLANK(E11),\"\",E11*(1+J11))","v":""},"",null,null,{"$f":"IF(ISNUMBER(K11),IF(OR(K11<_xlfn.QUARTILE.INC($K$10:$K$29,1)-1.5*(_xlfn.QUARTILE.INC($K$10:K29,3)-_xlfn.QUARTILE.INC($K$10:$K$29,1)),K11>_xlfn.QUARTILE.INC($K$10:$K$29,3)+1.5*(_xlfn.QUARTILE.INC($K$10:$K$29,3)-_xlfn.QUARTILE.INC($K$10:$K$29,1))),\"Não\",\"Sim\"),\"\")","v":""}]
[{"$nulls":9},"","","",null,null,{"$f":"IF(ISNUMBER(K12),IF(OR(K12<_xlfn.QUARTILE.INC($K$10:$K$29,1)-1.5*(_xlfn.QUARTILE.INC($K$10:K30,3)-_xlfn.QUARTILE.INC($K$10:$K$29,1)),K12>_xlfn.QUARTILE.INC($K$10:$K$29,3)+1.5*(_xlfn.QUARTILE.INC($K$10:$K$29,3)-_xlfn.QUARTILE.INC($K$10:$K$29,1))),\"Não\",\"Sim\"),\"\")","v":""}]
[{"$nulls":9},"","","",null,null,{"$f":"IF(ISNUMBER(K13),IF(OR(K13<_xlfn.QUARTILE.INC($K$10:$K$29,1)-1.5*(_xlfn.QUARTILE.INC($K$10:K31,3)-_xlfn.QUARTILE.INC($K$10:$K$29,1)),K13>_xlfn.QUARTILE.INC($K$10:$K$29,3)+1.5*(_xlfn.QUARTILE.INC($K$10:$K$29,3)-_xlfn.QUARTILE.INC($K$10:$K$29,1))),\"Não\",\"Sim\"),\"\")","v":""}]
[{"$nulls":9},"","","",null,null,{"$f":"IF(ISNUMBER(K14),IF(OR(K14<_xlfn.QUARTILE.INC($K$10:$K$29,1)-1.5*(_xlfn.QUARTILE.INC($K$10:K32,3)-_xlfn.QUARTILE.INC($K$10:$K$29,1)),K14>_xlfn.QUARTILE.INC($K$10:$K$29,3)+1.5*(_xlfn.QUARTILE.INC($K$10:$K$29,3)-_xlfn.QUARTILE.INC($K$10:$K$29,1))),\"Não\",\"Sim\"),\"\")","v":""}]
[{"$nulls":9},"","","",null,null,{"$f":"IF(ISNUMBER(K15),IF(OR(K15<_xlfn.QUARTILE.INC($K$10:$K$29,1)-1.5*(_xlfn.QUARTILE.INC($K$10:K35,3)-_xlfn.QUARTILE.INC($K$10:$K$29,1)),K15>_xlfn.QUARTILE.INC($K$10:$K$29,3)+1.5*(_xlfn.QUARTILE.INC($K$10:$K$29,3)-_xlfn.QUARTILE.INC($K$10:$K$29,1))),\"Não\",\"Sim\"),\"\")","v":""}]
[{"$nulls":9},"","","",null,null,{"$f":"IF(ISNUMBER(K16),IF(OR(K16<_xlfn.QUARTILE.INC($K$10:$K$29,1)-1.5*(_xlfn.QUARTILE.INC($I$10:I37,3)-_xlfn.QUARTILE.INC($K$10:$K$29,1)),K16>_xlfn.QUARTILE.INC($K$10:$K$29,3)+1.5*(_xlfn.QUARTILE.INC($K$10:$K$29,3)-_xlfn.QUARTILE.INC($K$10:$K$29,1))),\"Não\",\"Sim\"),\"\")","v":""}]
[null,"COTAÇÕES DE MERCADO",{"$nulls":12},"Cotações"]
[null,"Empresa",{"$nulls":7},"Data","Preço Unitário","Utilizar? (Sim/Não)",null,null,"Outliers","Por critério do(a) analista"]
[null,"Drogasil - https://www.drogasil.com.br/kit-c-10-compressa-de-gaze-algodonada-esteril-10cm-x-15cm-1294635.html?gad_source=1&gad_campaignid=17339191360&gbraid=0AAAAADod4VVQwQ90NZQI-0p0cJy81H-gh&gclid=CjwKCAjwtcHPBhADEiwAWo3sJt7XdpwfRnBmCh9Ba2vz2bbkhNw20Zg8296HvXR7tmRuPQWX6eEYIBoCEYMQAvD_BwE",{"$nulls":7},"2026-04-28",17.989999999999998,{"$f":"IF(ISNUMBER(K19),IF($L$32=$O$18,O19,IF($L$32=$P$18,P19,\"\")),\"\")","v":"Sim"},null,null,{"$f":"IF(ISNUMBER(K19),IF(OR(K19<_xlfn.QUARTILE.INC($K$10:$K$29,1)-1.5*(_xlfn.QUARTILE.INC($K$10:$K$29,3)-_xlfn.QUARTILE.INC($K$10:$K$29,1)),K19>_xlfn.QUARTILE.INC($K$10:$K$29,3)+1.5*(_xlfn.QUARTILE.INC($K$10:$K$29,3)-_xlfn.QUARTILE.INC($K$10:$K$29,1))),\"Não\",\"Sim\"),\"\")","v":"Sim"}]
[null,"Mercado Livre - https://www.mercadolivre.com.br/gaze-esteril-pcurativo-tipo-zobec-10x15cm-c10-unid-america/up/MLBU3200207789?pdp_filters=item_id%3AMLB3754456239&from=gshop&matt_tool=79314260&matt_word=&matt_source=google&matt_campaign_id=22090354076&matt_ad_group_id=192555040454&matt_match_type=&matt_network=g&matt_device=c&matt_creative=799032780841&matt_keyword=&matt_ad_position=&matt_ad_type=pla&matt_merchant_id=5550897666&matt_product_id=MLBU3200207789&matt_product_partition_id=2468339145587&matt_target_id=pla-2468339145587&cq_src=google_ads&cq_cmp=22090354076&cq_net=g&cq_plt=gp&cq_med=pla&gad_source=1&gad_campaignid=22090354076&gbraid=0AAAAAD93qcCcGqt1pEx9xzjfzQyhTs6YD&gclid=CjwKCAjwtcHPBhADEiwAWo3sJlDGEIZjQSWpNXpparMHhdou5bLd-w19J9n0W01ufI8OLIEVFz2LpBoCqpAQAvD_BwE",{"$nulls":7},"2026-04-28",19.899999999999999,"Sim",null,null,"Sim"]
[null,"Shopee - https://shopee.com.br/product/1650486891/46206120774?gads_t_sig=gqRjZGVrxHCFomtpsTE0MjUxOnRzc19zZGtfa2V5omt20QABpGFsZ2_SAAAAZKNkZWvAomN0xEAAAAAMRvS3L9OTXdZ5FJNxILig8p7lQ7pNpXYtdZAbsM8MQrkGmzJ0eOQRwaQfuYgAF9FAqYvxRTQ9oVrOjPOJqmNpcGhlcnRleHTEdAAAAAziYDuww2FnzpQm_fDTzwvP34WpdG-co-2npGv19OIaUyt93lOnHPV51Oo4YsjyBhJvk0SMM36qykzxs9vqyOdAJ1qnbFDgL6NyFpB9EpU_M-EbYAZS9E6lZ47H3EU7pSLV2rZrrZl27yI_e2G-Jn2H&gad_source=1&gad_campaignid=20818538529&gbraid=0AAAAACoEtRkCElrcvIQBPDTMvm57Qd9kz&gclid=CjwKCAjwtcHPBhADEiwAWo3sJn4iJ-S-fpgDesamTFV0YsrXCoSV_Zj5GtkanoEKJa7V9TKn2X2AsRoC3hwQAvD_BwE",{"$nulls":7},"2026-04-28",17.899999999999999,"Sim",null,null,"Sim"]
[{"$nulls":11},"",null,null,""]
[{"$nulls":11},"",null,null,""]
[{"$nulls":11},"",null,null,""]
[{"$nulls":11},"",null,null,""]
[{"$nulls":11},"",null,null,""]
[{"$nulls":11},"",null,null,""]
[{"$nulls":11},"",null,null,""]
[{"$nulls":11},"",null,null,""]
[null,"Observações:",{"$nulls":8},"Média:",{"$f":"IF($L$32=\"\",\"Selecione metodologia para exclusão de preços\",AVERAGE(IF($L$10:$L$29=\"Sim\",$K$10:$K$29)))","v":18.596666666666668},null,"Média (Cotações)",{"$f":"IF(COUNTIF(O19:O29,\"Sim\")<3,\"N/D (são necessários pelo menos 3 preços)\",AVERAGE(IF(O19:O29=\"Sim\",$K19:$K29)))","v":18.596666666666668},{"$f":"IF(COUNTIF(P19:P29,\"Sim\")<3,\"N/D (são necessários pelo menos 3 preços)\",AVERAGE(IF(P19:P29=\"Sim\",$K19:$K29)))","v":"N/D (são necessários pelo menos 3 preços)"}]
[{"$nulls":10},"Mediana:",{"$f":"IF($L$32=\"\",\"Selecione metodologia para exclusão de preços\",MEDIAN(IF($L$10:$L$29=\"Sim\",$K$10:$K$29)))","v":17.989999999999998},null,"Mediana (Cotações)",{"$f":"IF(COUNTIF(O19:O29,\"Sim\")<3,\"N/D (são necessários pelo menos 3 preços)\",MEDIAN(IF(O19:O29=\"Sim\",$K19:$K29)))","v":17.989999999999998},{"$f":"IF(COUNTIF(P19:P29,\"Sim\")<3,\"N/D (são necessários pelo menos 3 preços)\",MEDIAN(IF(P19:P29=\"Sim\",$K19:$K29)))","v":"N/D (são necessários pelo menos 3 preços)"}]
[null,"Metodologia de exclusão de preços adotada:",{"$nulls":9},{"$f":"IF(O35=\"\",INDEX(O18:P18,MATCH(MIN(#REF!),#REF!,0)),O35)","v":"Outliers"},null,"CV (Cotações)",{"$f":"IF(COUNTIF(O19:O29,\"Sim\")<3,\"N/D (são necessários pelo menos 3 preços)\",_xlfn.STDEV.S(IF(O19:O29=\"Sim\",$K19:$K29))/AVERAGE(IF(O19:O29=\"Sim\",$K19:$K29)))","v":6.0742953257693487E-2},{"$f":"IF(COUNTIF(P19:P29,\"Sim\")<3,\"N/D (são necessários pelo menos 3 preços)\",_xlfn.STDEV.S(IF(P19:P29=\"Sim\",$K19:$K29))/AVERAGE(IF(P19:P29=\"Sim\",$K19:$K29)))","v":"N/D (são necessários pelo menos 3 preços)"}]
[{"$nulls":13},"Média",{"$f":"IF(SUM(COUNTIF($O$10:$O$16,\"Sim\")) + SUM(COUNTIF(O19:O29,\"Sim\")) < 3,\n   \"N/D (são necessários pelo menos 3 preços)\",\n   IFERROR(AVERAGE(_xlfn._xlws.FILTER($K$10:$K$16,$O$10:$O$16=\"Sim\"), _xlfn._xlws.FILTER($K$19:$K$29,O19:O29=\"Sim\")),O30))","v":18.596666666666668},{"$f":"IF(SUM(COUNTIF($P$10:$P$16,\"Sim\")) + SUM(COUNTIF(P19:P29,\"Sim\")) < 3,\n   \"N/D (são necessários pelo menos 3 preços)\",\n   IFERROR(AVERAGE(_xlfn._xlws.FILTER($K$10:$K$16,$P$10:$P$16=\"Sim\"), _xlfn._xlws.FILTER($K$19:$K$29,P19:P29=\"Sim\")),P30))","v":"N/D (são necessários pelo menos 3 preços)"}]
[{"$nulls":13},"Mediana",{"$f":"IF(SUM(COUNTIF($O$10:$O$16,\"Sim\")) + SUM(COUNTIF(O19:O29,\"Sim\")) < 3,\n   \"N/D (são necessários pelo menos 3 preços)\",\n   IFERROR(MEDIAN(_xlfn._xlws.FILTER($K$10:$K$16,$O$10:$O$16=\"Sim\"), _xlfn._xlws.FILTER($K$19:$K$29,O19:O29=\"Sim\")),O31))","v":17.989999999999998},{"$f":"IF(SUM(COUNTIF($P10:$P$16,\"Sim\")) + SUM(COUNTIF(P19:P29,\"Sim\")) < 3,\n   \"N/D (são necessários pelo menos 3 preços)\",\n   IFERROR(MEDIAN(_xlfn._xlws.FILTER($K$10:$K$16,$P$10:$P$16=\"Sim\"), _xlfn._xlws.FILTER($K$19:$K$29,P19:P29=\"Sim\")),P31))","v":"N/D (são necessários pelo menos 3 preços)"}]
[null,"COSOLIDAÇÃO DOS PREÇOS",{"$nulls":11},"Metodologia a adotar:",{"$f":"IF(INDEX(O18:P18,P35)=0,\"\",INDEX(O18:P18,P35))","v":"Outliers"},1]
[]
[null,"PREÇO UNITÁRIO ESTIMADO ADOTADO:",{"$nulls":9},{"$f":"IF($B$39=\"Mediana:\",L31,L30)","v":17.989999999999998}]
[]
[{"$f":"O18","v":"Outliers"},"Mediana:"]

{"sheet":"Band-aid","index":17,"n_rows":39,"n_cols":16,"rows_kept":39,"cut":false,"hidden":true,"merged":[[16,1,16,11],[16,14,16,15],[0,0,0,6],[6,2,6,7],[6,14,6,15],[7,1,7,11],[7,14,7,15],[28,1,28,8],[17,1,17,8],[18,1,18,8],[19,1,19,8],[20,1,20,8],[21,1,21,8],[22,1,22,8],[23,1,23,8],[24,1,24,8],[25,1,25,8],[26,1,26,8],[27,1,27,8],[31,1,33,10],[31,11,33,11],[34,1,35,10],[34,11,35,11],[36,1,36,10]]}
[]
[null,"Processo"]
[null,"Responsável"]
[null,"Área de Origem"]
[null,"Data da pesquisa"]
[]
[null,"ITEM:","CURATIVO ADESIVO protetor retangular (caixa com 40)",{"$nulls":5},"UNIDADE DE MEDIDA:","Unidade","QUANTIDADE:",5,null,null,"Tabela auxiliar de metodologias para exclusão de preços"]
[null,"LICITAÇÕES ANTERIORES",{"$nulls":12},"Licitações Anteriores"]
[null,"Órgão","Edital/Ano - Nº do Lote / Item","Quantidade","Valor Unitário","Data","índice de atualização (nome)","I0","If","Variação acumulada do índice (%)","Preço unitário atualizado","Utilizar?  (Sim/Não)",null,null,"Outliers","Por critério do(a) analista"]
[{"$nulls":9},{"$f":"IF(ISBLANK(E10),\"\",IF(ISNUMBER(H10),(I10-H10)/H10,0))","v":""},{"$f":"IF(ISBLANK(E10),\"\",E10*(1+J10))","v":""},{"$f":"IF(ISNUMBER(K10),IF($L$32<>$P$9,O10,P10),\"\")","v":""},null,null,{"$f":"IF(ISNUMBER(K10),IF(OR(K10<_xlfn.QUARTILE.INC($K$10:$K$29,1)-1.5*(_xlfn.QUARTILE.INC($K$10:K29,3)-_xlfn.QUARTILE.INC($K$10:$K$29,1)),K10>_xlfn.QUARTILE.INC($K$10:$K$29,3)+1.5*(_xlfn.QUARTILE.INC($K$10:$K$29,3)-_xlfn.QUARTILE.INC($K$10:$K$29,1))),\"Não\",\"Sim\"),\"\")","v":""}]
[{"$nulls":9},{"$f":"IF(ISBLANK(E11),\"\",IF(ISNUMBER(H11),(I11-H11)/H11,0))","v":""},{"$f":"IF(ISBLANK(E11),\"\",E11*(1+J11))","v":""},"",null,null,{"$f":"IF(ISNUMBER(K11),IF(OR(K11<_xlfn.QUARTILE.INC($K$10:$K$29,1)-1.5*(_xlfn.QUARTILE.INC($K$10:K29,3)-_xlfn.QUARTILE.INC($K$10:$K$29,1)),K11>_xlfn.QUARTILE.INC($K$10:$K$29,3)+1.5*(_xlfn.QUARTILE.INC($K$10:$K$29,3)-_xlfn.QUARTILE.INC($K$10:$K$29,1))),\"Não\",\"Sim\"),\"\")","v":""}]
[{"$nulls":9},"","","",null,null,{"$f":"IF(ISNUMBER(K12),IF(OR(K12<_xlfn.QUARTILE.INC($K$10:$K$29,1)-1.5*(_xlfn.QUARTILE.INC($K$10:K30,3)-_xlfn.QUARTILE.INC($K$10:$K$29,1)),K12>_xlfn.QUARTILE.INC($K$10:$K$29,3)+1.5*(_xlfn.QUARTILE.INC($K$10:$K$29,3)-_xlfn.QUARTILE.INC($K$10:$K$29,1))),\"Não\",\"Sim\"),\"\")","v":""}]
[{"$nulls":9},"","","",null,null,{"$f":"IF(ISNUMBER(K13),IF(OR(K13<_xlfn.QUARTILE.INC($K$10:$K$29,1)-1.5*(_xlfn.QUARTILE.INC($K$10:K31,3)-_xlfn.QUARTILE.INC($K$10:$K$29,1)),K13>_xlfn.QUARTILE.INC($K$10:$K$29,3)+1.5*(_xlfn.QUARTILE.INC($K$10:$K$29,3)-_xlfn.QUARTILE.INC($K$10:$K$29,1))),\"Não\",\"Sim\"),\"\")","v":""}]
[{"$nulls":9},"","","",null,null,{"$f":"IF(ISNUMBER(K14),IF(OR(K14<_xlfn.QUARTILE.INC($K$10:$K$29,1)-1.5*(_xlfn.QUARTILE.INC($K$10:K32,3)-_xlfn.QUARTILE.INC($K$10:$K$29,1)),K14>_xlfn.QUARTILE.INC($K$10:$K$29,3)+1.5*(_xlfn.QUARTILE.INC($K$10:$K$29,3)-_xlfn.QUARTILE.INC($K$10:$K$29,1))),\"Não\",\"Sim\"),\"\")","v":""}]
[{"$nulls":9},"","","",null,null,{"$f":"IF(ISNUMBER(K15),IF(OR(K15<_xlfn.QUARTILE.INC($K$10:$K$29,1)-1.5*(_xlfn.QUARTILE.INC($K$10:K35,3)-_xlfn.QUARTILE.INC($K$10:$K$29,1)),K15>_xlfn.QUARTILE.INC($K$10:$K$29,3)+1.5*(_xlfn.QUARTILE.INC($K$10:$K$29,3)-_xlfn.QUARTILE.INC($K$10:$K$29,1))),\"Não\",\"Sim\"),\"\")","v":""}]
[{"$nulls":9},"","","",null,null,{"$f":"IF(ISNUMBER(K16),IF(OR(K16<_xlfn.QUARTILE.INC($K$10:$K$29,1)-1.5*(_xlfn.QUARTILE.INC($I$10:I37,3)-_xlfn.QUARTILE.INC($K$10:$K$29,1)),K16>_xlfn.QUARTILE.INC($K$10:$K$29,3)+1.5*(_xlfn.QUARTILE.INC($K$10:$K$29,3)-_xlfn.QUARTILE.INC($K$10:$K$29,1))),\"Não\",\"Sim\"),\"\")","v":""}]
[null,"COTAÇÕES DE MERCADO",{"$nulls":12},"Cotações"]
[null,"Empresa",{"$nulls":7},"Data","Preço Unitário","Utilizar? (Sim/Não)",null,null,"Outliers","Por critério do(a) analista"]
[null,"https://www.drogasil.com.br/curativo-flexivel-transparente-missner-caixa-c-40un-1413155.html",{"$nulls":7},"2026-04-29",13.9,{"$f":"IF(ISNUMBER(K19),IF($L$32=$O$18,O19,IF($L$32=$P$18,P19,\"\")),\"\")","v":"Sim"},null,null,{"$f":"IF(ISNUMBER(K19),IF(OR(K19<_xlfn.QUARTILE.INC($K$10:$K$29,1)-1.5*(_xlfn.QUARTILE.INC($K$10:$K$29,3)-_xlfn.QUARTILE.INC($K$10:$K$29,1)),K19>_xlfn.QUARTILE.INC($K$10:$K$29,3)+1.5*(_xlfn.QUARTILE.INC($K$10:$K$29,3)-_xlfn.QUARTILE.INC($K$10:$K$29,1))),\"Não\",\"Sim\"),\"\")","v":"Sim"}]
[null,"https://www.magazineluiza.com.br/curativo-band-aid-transparente-40-unidades-johnson-johnson/p/fgf4f99k10/cp/apcr/?seller_id=farmaciaindiana",{"$nulls":7},"2026-04-29",14.29,"Sim",null,null,"Sim"]
[null,"https://www.mercadolivre.com.br/band-aid-adesivos-transparentes-40-unidades-original/p/MLB19134428#polycard_client=search-desktop&be_origin=backend&search_layout=grid&position=5&type=product&tracking_id=2bfb0ef0-58b0-4ef2-97c9-641fa6d72f1d&wid=MLB5831712648&sid=search",{"$nulls":7},"2026-04-29",23.45,"Sim",null,null,"Sim"]
[{"$nulls":11},"",null,null,""]
[{"$nulls":11},"",null,null,""]
[{"$nulls":11},"",null,null,""]
[{"$nulls":11},"",null,null,""]
[{"$nulls":11},"",null,null,""]
[{"$nulls":11},"",null,null,""]
[{"$nulls":11},"",null,null,""]
[{"$nulls":11},"",null,null,""]
[null,"Observações:",{"$nulls":8},"Média:",{"$f":"IF($L$32=\"\",\"Selecione metodologia para exclusão de preços\",AVERAGE(IF($L$10:$L$29=\"Sim\",$K$10:$K$29)))","v":17.213333333333335},null,"Média (Cotações)",{"$f":"IF(COUNTIF(O19:O29,\"Sim\")<3,\"N/D (são necessários pelo menos 3 preços)\",AVERAGE(IF(O19:O29=\"Sim\",$K19:$K29)))","v":17.213333333333335},{"$f":"IF(COUNTIF(P19:P29,\"Sim\")<3,\"N/D (são necessários pelo menos 3 preços)\",AVERAGE(IF(P19:P29=\"Sim\",$K19:$K29)))","v":"N/D (são necessários pelo menos 3 preços)"}]
[{"$nulls":10},"Mediana:",{"$f":"IF($L$32=\"\",\"Selecione metodologia para exclusão de preços\",MEDIAN(IF($L$10:$L$29=\"Sim\",$K$10:$K$29)))","v":14.29},null,"Mediana (Cotações)",{"$f":"IF(COUNTIF(O19:O29,\"Sim\")<3,\"N/D (são necessários pelo menos 3 preços)\",MEDIAN(IF(O19:O29=\"Sim\",$K19:$K29)))","v":14.29},{"$f":"IF(COUNTIF(P19:P29,\"Sim\")<3,\"N/D (são necessários pelo menos 3 preços)\",MEDIAN(IF(P19:P29=\"Sim\",$K19:$K29)))","v":"N/D (são necessários pelo menos 3 preços)"}]
[null,"Metodologia de exclusão de preços adotada:",{"$nulls":9},{"$f":"IF(O35=\"\",INDEX(O18:P18,MATCH(MIN(#REF!),#REF!,0)),O35)","v":"Outliers"},null,"CV (Cotações)",{"$f":"IF(COUNTIF(O19:O29,\"Sim\")<3,\"N/D (são necessários pelo menos 3 preços)\",_xlfn.STDEV.S(IF(O19:O29=\"Sim\",$K19:$K29))/AVERAGE(IF(O19:O29=\"Sim\",$K19:$K29)))","v":0.31397932206766954},{"$f":"IF(COUNTIF(P19:P29,\"Sim\")<3,\"N/D (são necessários pelo menos 3 preços)\",_xlfn.STDEV.S(IF(P19:P29=\"Sim\",$K19:$K29))/AVERAGE(IF(P19:P29=\"Sim\",$K19:$K29)))","v":"N/D (são necessários pelo menos 3 preços)"}]
[{"$nulls":13},"Média",{"$f":"IF(SUM(COUNTIF($O$10:$O$16,\"Sim\")) + SUM(COUNTIF(O19:O29,\"Sim\")) < 3,\n   \"N/D (são necessários pelo menos 3 preços)\",\n   IFERROR(AVERAGE(_xlfn._xlws.FILTER($K$10:$K$16,$O$10:$O$16=\"Sim\"), _xlfn._xlws.FILTER($K$19:$K$29,O19:O29=\"Sim\")),O30))","v":17.213333333333335},{"$f":"IF(SUM(COUNTIF($P$10:$P$16,\"Sim\")) + SUM(COUNTIF(P19:P29,\"Sim\")) < 3,\n   \"N/D (são necessários pelo menos 3 preços)\",\n   IFERROR(AVERAGE(_xlfn._xlws.FILTER($K$10:$K$16,$P$10:$P$16=\"Sim\"), _xlfn._xlws.FILTER($K$19:$K$29,P19:P29=\"Sim\")),P30))","v":"N/D (são necessários pelo menos 3 preços)"}]
[{"$nulls":13},"Mediana",{"$f":"IF(SUM(COUNTIF($O$10:$O$16,\"Sim\")) + SUM(COUNTIF(O19:O29,\"Sim\")) < 3,\n   \"N/D (são necessários pelo menos 3 preços)\",\n   IFERROR(MEDIAN(_xlfn._xlws.FILTER($K$10:$K$16,$O$10:$O$16=\"Sim\"), _xlfn._xlws.FILTER($K$19:$K$29,O19:O29=\"Sim\")),O31))","v":14.29},{"$f":"IF(SUM(COUNTIF($P10:$P$16,\"Sim\")) + SUM(COUNTIF(P19:P29,\"Sim\")) < 3,\n   \"N/D (são necessários pelo menos 3 preços)\",\n   IFERROR(MEDIAN(_xlfn._xlws.FILTER($K$10:$K$16,$P$10:$P$16=\"Sim\"), _xlfn._xlws.FILTER($K$19:$K$29,P19:P29=\"Sim\")),P31))","v":"N/D (são necessários pelo menos 3 preços)"}]
[null,"COSOLIDAÇÃO DOS PREÇOS",{"$nulls":11},"Metodologia a adotar:",{"$f":"IF(INDEX(O18:P18,P35)=0,\"\",INDEX(O18:P18,P35))","v":"Outliers"},1]
[]
[null,"PREÇO UNITÁRIO ESTIMADO ADOTADO:",{"$nulls":9},{"$f":"IF($B$39=\"Mediana:\",L31,L30)","v":14.29}]
[]
[{"$f":"O18","v":"Outliers"},"Mediana:"]

{"sheet":"Esparadrapo","index":18,"n_rows":39,"n_cols":16,"rows_kept":39,"cut":false,"hidden":true,"merged":[[16,1,16,11],[16,14,16,15],[0,0,0,6],[6,2,6,7],[6,14,6,15],[7,1,7,11],[7,14,7,15],[28,1,28,8],[17,1,17,8],[18,1,18,8],[19,1,19,8],[20,1,20,8],[21,1,21,8],[22,1,22,8],[23,1,23,8],[24,1,24,8],[25,1,25,8],[26,1,26,8],[27,1,27,8],[31,1,33,10],[31,11,33,11],[34,1,35,10],[34,11,35,11],[36,1,36,10]]}
[]
[null,"Processo"]
[null,"Responsável"]
[null,"Área de Origem"]
[null,"Data da pesquisa"]
[]
[null,"ITEM:","ESPARADRAPO IMPERMEÁVEL 10cmx4,5m.",{"$nulls":5},"UNIDADE DE MEDIDA:","Unidade","QUANTIDADE:",4,null,null,"Tabela auxiliar de metodologias para exclusão de preços"]
[null,"LICITAÇÕES ANTERIORES",{"$nulls":12},"Licitações Anteriores"]
[null,"Órgão","Edital/Ano - Nº do Lote / Item","Quantidade","Valor Unitário","Data","índice de atualização (nome)","I0","If","Variação acumulada do índice (%)","Preço unitário atualizado","Utilizar?  (Sim/Não)",null,null,"Outliers","Por critério do(a) analista"]
[{"$nulls":9},{"$f":"IF(ISBLANK(E10),\"\",IF(ISNUMBER(H10),(I10-H10)/H10,0))","v":""},{"$f":"IF(ISBLANK(E10),\"\",E10*(1+J10))","v":""},{"$f":"IF(ISNUMBER(K10),IF($L$32<>$P$9,O10,P10),\"\")","v":""},null,null,{"$f":"IF(ISNUMBER(K10),IF(OR(K10<_xlfn.QUARTILE.INC($K$10:$K$29,1)-1.5*(_xlfn.QUARTILE.INC($K$10:K29,3)-_xlfn.QUARTILE.INC($K$10:$K$29,1)),K10>_xlfn.QUARTILE.INC($K$10:$K$29,3)+1.5*(_xlfn.QUARTILE.INC($K$10:$K$29,3)-_xlfn.QUARTILE.INC($K$10:$K$29,1))),\"Não\",\"Sim\"),\"\")","v":""}]
[{"$nulls":9},{"$f":"IF(ISBLANK(E11),\"\",IF(ISNUMBER(H11),(I11-H11)/H11,0))","v":""},{"$f":"IF(ISBLANK(E11),\"\",E11*(1+J11))","v":""},"",null,null,{"$f":"IF(ISNUMBER(K11),IF(OR(K11<_xlfn.QUARTILE.INC($K$10:$K$29,1)-1.5*(_xlfn.QUARTILE.INC($K$10:K29,3)-_xlfn.QUARTILE.INC($K$10:$K$29,1)),K11>_xlfn.QUARTILE.INC($K$10:$K$29,3)+1.5*(_xlfn.QUARTILE.INC($K$10:$K$29,3)-_xlfn.QUARTILE.INC($K$10:$K$29,1))),\"Não\",\"Sim\"),\"\")","v":""}]
[{"$nulls":9},"","","",null,null,{"$f":"IF(ISNUMBER(K12),IF(OR(K12<_xlfn.QUARTILE.INC($K$10:$K$29,1)-1.5*(_xlfn.QUARTILE.INC($K$10:K30,3)-_xlfn.QUARTILE.INC($K$10:$K$29,1)),K12>_xlfn.QUARTILE.INC($K$10:$K$29,3)+1.5*(_xlfn.QUARTILE.INC($K$10:$K$29,3)-_xlfn.QUARTILE.INC($K$10:$K$29,1))),\"Não\",\"Sim\"),\"\")","v":""}]
[{"$nulls":9},"","","",null,null,{"$f":"IF(ISNUMBER(K13),IF(OR(K13<_xlfn.QUARTILE.INC($K$10:$K$29,1)-1.5*(_xlfn.QUARTILE.INC($K$10:K31,3)-_xlfn.QUARTILE.INC($K$10:$K$29,1)),K13>_xlfn.QUARTILE.INC($K$10:$K$29,3)+1.5*(_xlfn.QUARTILE.INC($K$10:$K$29,3)-_xlfn.QUARTILE.INC($K$10:$K$29,1))),\"Não\",\"Sim\"),\"\")","v":""}]
[{"$nulls":9},"","","",null,null,{"$f":"IF(ISNUMBER(K14),IF(OR(K14<_xlfn.QUARTILE.INC($K$10:$K$29,1)-1.5*(_xlfn.QUARTILE.INC($K$10:K32,3)-_xlfn.QUARTILE.INC($K$10:$K$29,1)),K14>_xlfn.QUARTILE.INC($K$10:$K$29,3)+1.5*(_xlfn.QUARTILE.INC($K$10:$K$29,3)-_xlfn.QUARTILE.INC($K$10:$K$29,1))),\"Não\",\"Sim\"),\"\")","v":""}]
[{"$nulls":9},"","","",null,null,{"$f":"IF(ISNUMBER(K15),IF(OR(K15<_xlfn.QUARTILE.INC($K$10:$K$29,1)-1.5*(_xlfn.QUARTILE.INC($K$10:K35,3)-_xlfn.QUARTILE.INC($K$10:$K$29,1)),K15>_xlfn.QUARTILE.INC($K$10:$K$29,3)+1.5*(_xlfn.QUARTILE.INC($K$10:$K$29,3)-_xlfn.QUARTILE.INC($K$10:$K$29,1))),\"Não\",\"Sim\"),\"\")","v":""}]
[{"$nulls":9},"","","",null,null,{"$f":"IF(ISNUMBER(K16),IF(OR(K16<_xlfn.QUARTILE.INC($K$10:$K$29,1)-1.5*(_xlfn.QUARTILE.INC($I$10:I37,3)-_xlfn.QUARTILE.INC($K$10:$K$29,1)),K16>_xlfn.QUARTILE.INC($K$10:$K$29,3)+1.5*(_xlfn.QUARTILE.INC($K$10:$K$29,3)-_xlfn.QUARTILE.INC($K$10:$K$29,1))),\"Não\",\"Sim\"),\"\")","v":""}]
[null,"COTAÇÕES DE MERCADO",{"$nulls":12},"Cotações"]
[null,"Empresa",{"$nulls":7},"Data","Preço Unitário","Utilizar? (Sim/Não)",null,null,"Outliers","Por critério do(a) analista"]
[null,"Magazine Médica - https://magazinemedica.com.br/produtos/visualiza/sku/144/?gad_source=1&gad_campaignid=23257119241&gbraid=0AAAAA-LLl3RLzXqqgnGcdPho_yiSl5zbL&gclid=CjwKCAjwtcHPBhADEiwAWo3sJpCN_Vx-3xlDRGgaxJvUh5rNCgjSslVw2FA5A3aThfT-Aq9nIYT8uxoCMJEQAvD_BwE",{"$nulls":7},"2026-04-28",15.85,{"$f":"IF(ISNUMBER(K19),IF($L$32=$O$18,O19,IF($L$32=$P$18,P19,\"\")),\"\")","v":"Sim"},null,null,{"$f":"IF(ISNUMBER(K19),IF(OR(K19<_xlfn.QUARTILE.INC($K$10:$K$29,1)-1.5*(_xlfn.QUARTILE.INC($K$10:$K$29,3)-_xlfn.QUARTILE.INC($K$10:$K$29,1)),K19>_xlfn.QUARTILE.INC($K$10:$K$29,3)+1.5*(_xlfn.QUARTILE.INC($K$10:$K$29,3)-_xlfn.QUARTILE.INC($K$10:$K$29,1))),\"Não\",\"Sim\"),\"\")","v":"Sim"}]
[null,"Utilidades Clínicas - https://www.utilidadesclinicas.com.br/esparadrapo-impermeavel-cremer-cre24687a.html?gad_source=1&gad_campaignid=23200897643&gbraid=0AAAAADbsX56SEWC3F-KTt1pTILdakDhPR&gclid=CjwKCAjwtcHPBhADEiwAWo3sJvZgpbjFE67NNKS74W-lI10NGPysg8lhwOE4v6rJbjvGWwU28W8lZhoCtfIQAvD_BwE",{"$nulls":7},"2026-04-28",14.79,"Sim",null,null,"Sim"]
[null,"Cirurgica Salutar - https://www.cirurgicasalutar.com.br/esparadrapo-10x45m-impermeavel-branco-unidade-cremer?utm_source=Site&utm_medium=GoogleMerchant&utm_campaign=GoogleMerchant&utm_campaign=CURATIVOS-PMAX&gad_source=1&gad_campaignid=17189569139&gbraid=0AAAAADEA62ga0yz9QRKE_10EbMxnHAYCS&gclid=CjwKCAjwtcHPBhADEiwAWo3sJoJnIxsgkCeY6UwKomrbOAby1_VpI6G2bMNtfoSD7bZpUNa_YXBxYRoC4ZsQAvD_BwE",{"$nulls":7},"2026-04-28",15.5,"Sim",null,null,"Sim"]
[{"$nulls":11},"",null,null,""]
[{"$nulls":11},"",null,null,""]
[{"$nulls":11},"",null,null,""]
[{"$nulls":11},"",null,null,""]
[{"$nulls":11},"",null,null,""]
[{"$nulls":11},"",null,null,""]
[{"$nulls":11},"",null,null,""]
[{"$nulls":11},"",null,null,""]
[null,"Observações:",{"$nulls":8},"Média:",{"$f":"IF($L$32=\"\",\"Selecione metodologia para exclusão de preços\",AVERAGE(IF($L$10:$L$29=\"Sim\",$K$10:$K$29)))","v":15.38},null,"Média (Cotações)",{"$f":"IF(COUNTIF(O19:O29,\"Sim\")<3,\"N/D (são necessários pelo menos 3 preços)\",AVERAGE(IF(O19:O29=\"Sim\",$K19:$K29)))","v":15.38},{"$f":"IF(COUNTIF(P19:P29,\"Sim\")<3,\"N/D (são necessários pelo menos 3 preços)\",AVERAGE(IF(P19:P29=\"Sim\",$K19:$K29)))","v":"N/D (são necessários pelo menos 3 preços)"}]
[{"$nulls":10},"Mediana:",{"$f":"IF($L$32=\"\",\"Selecione metodologia para exclusão de preços\",MEDIAN(IF($L$10:$L$29=\"Sim\",$K$10:$K$29)))","v":15.5},null,"Mediana (Cotações)",{"$f":"IF(COUNTIF(O19:O29,\"Sim\")<3,\"N/D (são necessários pelo menos 3 preços)\",MEDIAN(IF(O19:O29=\"Sim\",$K19:$K29)))","v":15.5},{"$f":"IF(COUNTIF(P19:P29,\"Sim\")<3,\"N/D (são necessários pelo menos 3 preços)\",MEDIAN(IF(P19:P29=\"Sim\",$K19:$K29)))","v":"N/D (são necessários pelo menos 3 preços)"}]
[null,"Metodologia de exclusão de preços adotada:",{"$nulls":9},{"$f":"IF(O35=\"\",INDEX(O18:P18,MATCH(MIN(#REF!),#REF!,0)),O35)","v":"Outliers"},null,"CV (Cotações)",{"$f":"IF(COUNTIF(O19:O29,\"Sim\")<3,\"N/D (são necessários pelo menos 3 preços)\",_xlfn.STDEV.S(IF(O19:O29=\"Sim\",$K19:$K29))/AVERAGE(IF(O19:O29=\"Sim\",$K19:$K29)))","v":3.511655296850659E-2},{"$f":"IF(COUNTIF(P19:P29,\"Sim\")<3,\"N/D (são necessários pelo menos 3 preços)\",_xlfn.STDEV.S(IF(P19:P29=\"Sim\",$K19:$K29))/AVERAGE(IF(P19:P29=\"Sim\",$K19:$K29)))","v":"N/D (são necessários pelo menos 3 preços)"}]
[{"$nulls":13},"Média",{"$f":"IF(SUM(COUNTIF($O$10:$O$16,\"Sim\")) + SUM(COUNTIF(O19:O29,\"Sim\")) < 3,\n   \"N/D (são necessários pelo menos 3 preços)\",\n   IFERROR(AVERAGE(_xlfn._xlws.FILTER($K$10:$K$16,$O$10:$O$16=\"Sim\"), _xlfn._xlws.FILTER($K$19:$K$29,O19:O29=\"Sim\")),O30))","v":15.38},{"$f":"IF(SUM(COUNTIF($P$10:$P$16,\"Sim\")) + SUM(COUNTIF(P19:P29,\"Sim\")) < 3,\n   \"N/D (são necessários pelo menos 3 preços)\",\n   IFERROR(AVERAGE(_xlfn._xlws.FILTER($K$10:$K$16,$P$10:$P$16=\"Sim\"), _xlfn._xlws.FILTER($K$19:$K$29,P19:P29=\"Sim\")),P30))","v":"N/D (são necessários pelo menos 3 preços)"}]
[{"$nulls":13},"Mediana",{"$f":"IF(SUM(COUNTIF($O$10:$O$16,\"Sim\")) + SUM(COUNTIF(O19:O29,\"Sim\")) < 3,\n   \"N/D (são necessários pelo menos 3 preços)\",\n   IFERROR(MEDIAN(_xlfn._xlws.FILTER($K$10:$K$16,$O$10:$O$16=\"Sim\"), _xlfn._xlws.FILTER($K$19:$K$29,O19:O29=\"Sim\")),O31))","v":15.5},{"$f":"IF(SUM(COUNTIF($P10:$P$16,\"Sim\")) + SUM(COUNTIF(P19:P29,\"Sim\")) < 3,\n   \"N/D (são necessários pelo menos 3 preços)\",\n   IFERROR(MEDIAN(_xlfn._xlws.FILTER($K$10:$K$16,$P$10:$P$16=\"Sim\"), _xlfn._xlws.FILTER($K$19:$K$29,P19:P29=\"Sim\")),P31))","v":"N/D (são necessários pelo menos 3 preços)"}]
[null,"COSOLIDAÇÃO DOS PREÇOS",{"$nulls":11},"Metodologia a adotar:",{"$f":"IF(INDEX(O18:P18,P35)=0,\"\",INDEX(O18:P18,P35))","v":"Outliers"},1]
[]
[null,"PREÇO UNITÁRIO ESTIMADO ADOTADO:",{"$nulls":9},{"$f":"IF($B$39=\"Mediana:\",L31,L30)","v":15.38}]
[]
[{"$f":"O18","v":"Outliers"},"Média:"]

{"sheet":"Fita Crepe","index":19,"n_rows":39,"n_cols":16,"rows_kept":39,"cut":false,"hidden":true,"merged":[[16,1,16,11],[16,14,16,15],[0,0,0,6],[6,2,6,7],[6,14,6,15],[7,1,7,11],[7,14,7,15],[28,1,28,8],[17,1,17,8],[18,1,18,8],[19,1,19,8],[20,1,20,8],[21,1,21,8],[22,1,22,8],[23,1,23,8],[24,1,24,8],[25,1,25,8],[26,1,26,8],[27,1,27,8],[31,1,33,10],[31,11,33,11],[34,1,35,10],[34,11,35,11],[36,1,36,10]]}
[]
[null,"Processo"]
[null,"Responsável"]
[null,"Área de Origem"]
[null,"Data da pesquisa"]
[]
[null,"ITEM:","FITA ADESIVA (CREPE) 25mm x 50m",{"$nulls":5},"UNIDADE DE MEDIDA:","Unidade","QUANTIDADE:",2,null,null,"Tabela auxiliar de metodologias para exclusão de preços"]
[null,"LICITAÇÕES ANTERIORES",{"$nulls":12},"Licitações Anteriores"]
[null,"Órgão","Edital/Ano - Nº do Lote / Item","Quantidade","Valor Unitário","Data","índice de atualização (nome)","I0","If","Variação acumulada do índice (%)","Preço unitário atualizado","Utilizar?  (Sim/Não)",null,null,"Outliers","Por critério do(a) analista"]
[{"$nulls":9},{"$f":"IF(ISBLANK(E10),\"\",IF(ISNUMBER(H10),(I10-H10)/H10,0))","v":""},{"$f":"IF(ISBLANK(E10),\"\",E10*(1+J10))","v":""},{"$f":"IF(ISNUMBER(K10),IF($L$32<>$P$9,O10,P10),\"\")","v":""},null,null,{"$f":"IF(ISNUMBER(K10),IF(OR(K10<_xlfn.QUARTILE.INC($K$10:$K$29,1)-1.5*(_xlfn.QUARTILE.INC($K$10:K29,3)-_xlfn.QUARTILE.INC($K$10:$K$29,1)),K10>_xlfn.QUARTILE.INC($K$10:$K$29,3)+1.5*(_xlfn.QUARTILE.INC($K$10:$K$29,3)-_xlfn.QUARTILE.INC($K$10:$K$29,1))),\"Não\",\"Sim\"),\"\")","v":""}]
[{"$nulls":9},{"$f":"IF(ISBLANK(E11),\"\",IF(ISNUMBER(H11),(I11-H11)/H11,0))","v":""},{"$f":"IF(ISBLANK(E11),\"\",E11*(1+J11))","v":""},"",null,null,{"$f":"IF(ISNUMBER(K11),IF(OR(K11<_xlfn.QUARTILE.INC($K$10:$K$29,1)-1.5*(_xlfn.QUARTILE.INC($K$10:K29,3)-_xlfn.QUARTILE.INC($K$10:$K$29,1)),K11>_xlfn.QUARTILE.INC($K$10:$K$29,3)+1.5*(_xlfn.QUARTILE.INC($K$10:$K$29,3)-_xlfn.QUARTILE.INC($K$10:$K$29,1))),\"Não\",\"Sim\"),\"\")","v":""}]
[{"$nulls":9},"","","",null,null,{"$f":"IF(ISNUMBER(K12),IF(OR(K12<_xlfn.QUARTILE.INC($K$10:$K$29,1)-1.5*(_xlfn.QUARTILE.INC($K$10:K30,3)-_xlfn.QUARTILE.INC($K$10:$K$29,1)),K12>_xlfn.QUARTILE.INC($K$10:$K$29,3)+1.5*(_xlfn.QUARTILE.INC($K$10:$K$29,3)-_xlfn.QUARTILE.INC($K$10:$K$29,1))),\"Não\",\"Sim\"),\"\")","v":""}]
[{"$nulls":9},"","","",null,null,{"$f":"IF(ISNUMBER(K13),IF(OR(K13<_xlfn.QUARTILE.INC($K$10:$K$29,1)-1.5*(_xlfn.QUARTILE.INC($K$10:K31,3)-_xlfn.QUARTILE.INC($K$10:$K$29,1)),K13>_xlfn.QUARTILE.INC($K$10:$K$29,3)+1.5*(_xlfn.QUARTILE.INC($K$10:$K$29,3)-_xlfn.QUARTILE.INC($K$10:$K$29,1))),\"Não\",\"Sim\"),\"\")","v":""}]
[{"$nulls":9},"","","",null,null,{"$f":"IF(ISNUMBER(K14),IF(OR(K14<_xlfn.QUARTILE.INC($K$10:$K$29,1)-1.5*(_xlfn.QUARTILE.INC($K$10:K32,3)-_xlfn.QUARTILE.INC($K$10:$K$29,1)),K14>_xlfn.QUARTILE.INC($K$10:$K$29,3)+1.5*(_xlfn.QUARTILE.INC($K$10:$K$29,3)-_xlfn.QUARTILE.INC($K$10:$K$29,1))),\"Não\",\"Sim\"),\"\")","v":""}]
[{"$nulls":9},"","","",null,null,{"$f":"IF(ISNUMBER(K15),IF(OR(K15<_xlfn.QUARTILE.INC($K$10:$K$29,1)-1.5*(_xlfn.QUARTILE.INC($K$10:K35,3)-_xlfn.QUARTILE.INC($K$10:$K$29,1)),K15>_xlfn.QUARTILE.INC($K$10:$K$29,3)+1.5*(_xlfn.QUARTILE.INC($K$10:$K$29,3)-_xlfn.QUARTILE.INC($K$10:$K$29,1))),\"Não\",\"Sim\"),\"\")","v":""}]
[{"$nulls":9},"","","",null,null,{"$f":"IF(ISNUMBER(K16),IF(OR(K16<_xlfn.QUARTILE.INC($K$10:$K$29,1)-1.5*(_xlfn.QUARTILE.INC($I$10:I37,3)-_xlfn.QUARTILE.INC($K$10:$K$29,1)),K16>_xlfn.QUARTILE.INC($K$10:$K$29,3)+1.5*(_xlfn.QUARTILE.INC($K$10:$K$29,3)-_xlfn.QUARTILE.INC($K$10:$K$29,1))),\"Não\",\"Sim\"),\"\")","v":""}]
[null,"COTAÇÕES DE MERCADO",{"$nulls":12},"Cotações"]
[null,"Empresa",{"$nulls":7},"Data","Preço Unitário","Utilizar? (Sim/Não)",null,null,"Outliers","Por critério do(a) analista"]
[null,"https://www.leroymerlin.com.br/fita--crepe-branca-25mmx50m-dexter_92138816?store_code=28",{"$nulls":7},"2026-04-29",11.69,{"$f":"IF(ISNUMBER(K19),IF($L$32=$O$18,O19,IF($L$32=$P$18,P19,\"\")),\"\")","v":"Sim"},null,null,{"$f":"IF(ISNUMBER(K19),IF(OR(K19<_xlfn.QUARTILE.INC($K$10:$K$29,1)-1.5*(_xlfn.QUARTILE.INC($K$10:$K$29,3)-_xlfn.QUARTILE.INC($K$10:$K$29,1)),K19>_xlfn.QUARTILE.INC($K$10:$K$29,3)+1.5*(_xlfn.QUARTILE.INC($K$10:$K$29,3)-_xlfn.QUARTILE.INC($K$10:$K$29,1))),\"Não\",\"Sim\"),\"\")","v":"Sim"}]
[null,"https://www.magazineluiza.com.br/fita-crepe-25mm-x-50mts-tigre/p/fg5j5c08gk/pa/pfia/?seller_id=lojathoms&srsltid=AfmBOorSjCu4qXU-bzf0lvvbenESa5aUKo31pRuKpYEI3Se0flG5NLRfERE",{"$nulls":7},"2026-04-29",8.57,"Sim",null,null,"Sim"]
[null,"https://www.eletricaraio.com.br/produtos/fita-crepe-bf-25mm-com-50-metros/?variant=1257686725&pf=mc&srsltid=AfmBOorsUd_ebu7AFQc4KpvbfRk2OXcoA0r6hv-e9YeUCf_K4xvsOSJ8imI",{"$nulls":7},"2026-04-29",8.5399999999999991,"Sim",null,null,"Sim"]
[{"$nulls":11},"",null,null,""]
[{"$nulls":11},"",null,null,""]
[{"$nulls":11},"",null,null,""]
[{"$nulls":11},"",null,null,""]
[{"$nulls":11},"",null,null,""]
[{"$nulls":11},"",null,null,""]
[{"$nulls":11},"",null,null,""]
[{"$nulls":11},"",null,null,""]
[null,"Observações:",{"$nulls":8},"Média:",{"$f":"IF($L$32=\"\",\"Selecione metodologia para exclusão de preços\",AVERAGE(IF($L$10:$L$29=\"Sim\",$K$10:$K$29)))","v":9.6},null,"Média (Cotações)",{"$f":"IF(COUNTIF(O19:O29,\"Sim\")<3,\"N/D (são necessários pelo menos 3 preços)\",AVERAGE(IF(O19:O29=\"Sim\",$K19:$K29)))","v":9.6},{"$f":"IF(COUNTIF(P19:P29,\"Sim\")<3,\"N/D (são necessários pelo menos 3 preços)\",AVERAGE(IF(P19:P29=\"Sim\",$K19:$K29)))","v":"N/D (são necessários pelo menos 3 preços)"}]
[{"$nulls":10},"Mediana:",{"$f":"IF($L$32=\"\",\"Selecione metodologia para exclusão de preços\",MEDIAN(IF($L$10:$L$29=\"Sim\",$K$10:$K$29)))","v":8.57},null,"Mediana (Cotações)",{"$f":"IF(COUNTIF(O19:O29,\"Sim\")<3,\"N/D (são necessários pelo menos 3 preços)\",MEDIAN(IF(O19:O29=\"Sim\",$K19:$K29)))","v":8.57},{"$f":"IF(COUNTIF(P19:P29,\"Sim\")<3,\"N/D (são necessários pelo menos 3 preços)\",MEDIAN(IF(P19:P29=\"Sim\",$K19:$K29)))","v":"N/D (são necessários pelo menos 3 preços)"}]
[null,"Metodologia de exclusão de preços adotada:",{"$nulls":9},{"$f":"IF(O35=\"\",INDEX(O18:P18,MATCH(MIN(#REF!),#REF!,0)),O35)","v":"Outliers"},null,"CV (Cotações)",{"$f":"IF(COUNTIF(O19:O29,\"Sim\")<3,\"N/D (são necessários pelo menos 3 preços)\",_xlfn.STDEV.S(IF(O19:O29=\"Sim\",$K19:$K29))/AVERAGE(IF(O19:O29=\"Sim\",$K19:$K29)))","v":0.18854742164329258},{"$f":"IF(COUNTIF(P19:P29,\"Sim\")<3,\"N/D (são necessários pelo menos 3 preços)\",_xlfn.STDEV.S(IF(P19:P29=\"Sim\",$K19:$K29))/AVERAGE(IF(P19:P29=\"Sim\",$K19:$K29)))","v":"N/D (são necessários pelo menos 3 preços)"}]
[{"$nulls":13},"Média",{"$f":"IF(SUM(COUNTIF($O$10:$O$16,\"Sim\")) + SUM(COUNTIF(O19:O29,\"Sim\")) < 3,\n   \"N/D (são necessários pelo menos 3 preços)\",\n   IFERROR(AVERAGE(_xlfn._xlws.FILTER($K$10:$K$16,$O$10:$O$16=\"Sim\"), _xlfn._xlws.FILTER($K$19:$K$29,O19:O29=\"Sim\")),O30))","v":9.6},{"$f":"IF(SUM(COUNTIF($P$10:$P$16,\"Sim\")) + SUM(COUNTIF(P19:P29,\"Sim\")) < 3,\n   \"N/D (são necessários pelo menos 3 preços)\",\n   IFERROR(AVERAGE(_xlfn._xlws.FILTER($K$10:$K$16,$P$10:$P$16=\"Sim\"), _xlfn._xlws.FILTER($K$19:$K$29,P19:P29=\"Sim\")),P30))","v":"N/D (são necessários pelo menos 3 preços)"}]
[{"$nulls":13},"Mediana",{"$f":"IF(SUM(COUNTIF($O$10:$O$16,\"Sim\")) + SUM(COUNTIF(O19:O29,\"Sim\")) < 3,\n   \"N/D (são necessários pelo menos 3 preços)\",\n   IFERROR(MEDIAN(_xlfn._xlws.FILTER($K$10:$K$16,$O$10:$O$16=\"Sim\"), _xlfn._xlws.FILTER($K$19:$K$29,O19:O29=\"Sim\")),O31))","v":8.57},{"$f":"IF(SUM(COUNTIF($P10:$P$16,\"Sim\")) + SUM(COUNTIF(P19:P29,\"Sim\")) < 3,\n   \"N/D (são necessários pelo menos 3 preços)\",\n   IFERROR(MEDIAN(_xlfn._xlws.FILTER($K$10:$K$16,$P$10:$P$16=\"Sim\"), _xlfn._xlws.FILTER($K$19:$K$29,P19:P29=\"Sim\")),P31))","v":"N/D (são necessários pelo menos 3 preços)"}]
[null,"COSOLIDAÇÃO DOS PREÇOS",{"$nulls":11},"Metodologia a adotar:",{"$f":"IF(INDEX(O18:P18,P35)=0,\"\",INDEX(O18:P18,P35))","v":"Outliers"},1]
[]
[null,"PREÇO UNITÁRIO ESTIMADO ADOTADO:",{"$nulls":9},{"$f":"IF($B$39=\"Mediana:\",L31,L30)","v":9.6}]
[]
[{"$f":"O18","v":"Outliers"},""]

{"sheet":"Compressa","index":20,"n_rows":39,"n_cols":16,"rows_kept":39,"cut":false,"hidden":true,"merged":[[16,1,16,11],[16,14,16,15],[0,0,0,6],[6,2,6,7],[6,14,6,15],[7,1,7,11],[7,14,7,15],[28,1,28,8],[17,1,17,8],[18,1,18,8],[19,1,19,8],[20,1,20,8],[21,1,21,8],[22,1,22,8],[23,1,23,8],[24,1,24,8],[25,1,25,8],[26,1,26,8],[27,1,27,8],[31,1,33,10],[31,11,33,11],[34,1,35,10],[34,11,35,11],[36,1,36,10]]}
[]
[null,"Processo"]
[null,"Responsável"]
[null,"Área de Origem"]
[null,"Data da pesquisa"]
[]
[null,"ITEM:","GAZE 8 DOBRAS 7,5cm X 7,5cm. 100 unidades cada pacote",{"$nulls":5},"UNIDADE DE MEDIDA:","Unidade","QUANTIDADE:",5,null,null,"Tabela auxiliar de metodologias para exclusão de preços"]
[null,"LICITAÇÕES ANTERIORES",{"$nulls":12},"Licitações Anteriores"]
[null,"Órgão","Edital/Ano - Nº do Lote / Item","Quantidade","Valor Unitário","Data","índice de atualização (nome)","I0","If","Variação acumulada do índice (%)","Preço unitário atualizado","Utilizar?  (Sim/Não)",null,null,"Outliers","Por critério do(a) analista"]
[{"$nulls":9},{"$f":"IF(ISBLANK(E10),\"\",IF(ISNUMBER(H10),(I10-H10)/H10,0))","v":""},{"$f":"IF(ISBLANK(E10),\"\",E10*(1+J10))","v":""},{"$f":"IF(ISNUMBER(K10),IF($L$32<>$P$9,O10,P10),\"\")","v":""},null,null,{"$f":"IF(ISNUMBER(K10),IF(OR(K10<_xlfn.QUARTILE.INC($K$10:$K$29,1)-1.5*(_xlfn.QUARTILE.INC($K$10:K29,3)-_xlfn.QUARTILE.INC($K$10:$K$29,1)),K10>_xlfn.QUARTILE.INC($K$10:$K$29,3)+1.5*(_xlfn.QUARTILE.INC($K$10:$K$29,3)-_xlfn.QUARTILE.INC($K$10:$K$29,1))),\"Não\",\"Sim\"),\"\")","v":""}]
[{"$nulls":9},{"$f":"IF(ISBLANK(E11),\"\",IF(ISNUMBER(H11),(I11-H11)/H11,0))","v":""},{"$f":"IF(ISBLANK(E11),\"\",E11*(1+J11))","v":""},"",null,null,{"$f":"IF(ISNUMBER(K11),IF(OR(K11<_xlfn.QUARTILE.INC($K$10:$K$29,1)-1.5*(_xlfn.QUARTILE.INC($K$10:K29,3)-_xlfn.QUARTILE.INC($K$10:$K$29,1)),K11>_xlfn.QUARTILE.INC($K$10:$K$29,3)+1.5*(_xlfn.QUARTILE.INC($K$10:$K$29,3)-_xlfn.QUARTILE.INC($K$10:$K$29,1))),\"Não\",\"Sim\"),\"\")","v":""}]
[{"$nulls":9},"","","",null,null,{"$f":"IF(ISNUMBER(K12),IF(OR(K12<_xlfn.QUARTILE.INC($K$10:$K$29,1)-1.5*(_xlfn.QUARTILE.INC($K$10:K30,3)-_xlfn.QUARTILE.INC($K$10:$K$29,1)),K12>_xlfn.QUARTILE.INC($K$10:$K$29,3)+1.5*(_xlfn.QUARTILE.INC($K$10:$K$29,3)-_xlfn.QUARTILE.INC($K$10:$K$29,1))),\"Não\",\"Sim\"),\"\")","v":""}]
[{"$nulls":9},"","","",null,null,{"$f":"IF(ISNUMBER(K13),IF(OR(K13<_xlfn.QUARTILE.INC($K$10:$K$29,1)-1.5*(_xlfn.QUARTILE.INC($K$10:K31,3)-_xlfn.QUARTILE.INC($K$10:$K$29,1)),K13>_xlfn.QUARTILE.INC($K$10:$K$29,3)+1.5*(_xlfn.QUARTILE.INC($K$10:$K$29,3)-_xlfn.QUARTILE.INC($K$10:$K$29,1))),\"Não\",\"Sim\"),\"\")","v":""}]
[{"$nulls":9},"","","",null,null,{"$f":"IF(ISNUMBER(K14),IF(OR(K14<_xlfn.QUARTILE.INC($K$10:$K$29,1)-1.5*(_xlfn.QUARTILE.INC($K$10:K32,3)-_xlfn.QUARTILE.INC($K$10:$K$29,1)),K14>_xlfn.QUARTILE.INC($K$10:$K$29,3)+1.5*(_xlfn.QUARTILE.INC($K$10:$K$29,3)-_xlfn.QUARTILE.INC($K$10:$K$29,1))),\"Não\",\"Sim\"),\"\")","v":""}]
[{"$nulls":9},"","","",null,null,{"$f":"IF(ISNUMBER(K15),IF(OR(K15<_xlfn.QUARTILE.INC($K$10:$K$29,1)-1.5*(_xlfn.QUARTILE.INC($K$10:K35,3)-_xlfn.QUARTILE.INC($K$10:$K$29,1)),K15>_xlfn.QUARTILE.INC($K$10:$K$29,3)+1.5*(_xlfn.QUARTILE.INC($K$10:$K$29,3)-_xlfn.QUARTILE.INC($K$10:$K$29,1))),\"Não\",\"Sim\"),\"\")","v":""}]
[{"$nulls":9},"","","",null,null,{"$f":"IF(ISNUMBER(K16),IF(OR(K16<_xlfn.QUARTILE.INC($K$10:$K$29,1)-1.5*(_xlfn.QUARTILE.INC($I$10:I37,3)-_xlfn.QUARTILE.INC($K$10:$K$29,1)),K16>_xlfn.QUARTILE.INC($K$10:$K$29,3)+1.5*(_xlfn.QUARTILE.INC($K$10:$K$29,3)-_xlfn.QUARTILE.INC($K$10:$K$29,1))),\"Não\",\"Sim\"),\"\")","v":""}]
[null,"COTAÇÕES DE MERCADO",{"$nulls":12},"Cotações"]
[null,"Empresa",{"$nulls":7},"Data","Preço Unitário","Utilizar? (Sim/Não)",null,null,"Outliers","Por critério do(a) analista"]
[null,"Utilidades Clínicas - https://www.utilidadesclinicas.com.br/compressa-de-gaze-estrela-13-fios-7-5x7-5cm-cremer-cre36697a.html?gad_source=1&gad_campaignid=20593790294&gbraid=0AAAAADbsX54yr9C9LQWVG-kd8vX10YBXE&gclid=Cj0KCQjw2MbPBhCSARIsAP3jP9yI-dCn1nUSDzBeUVNOZAw2gN1I8SR0vbMW6thnHv74VKqoOl8YwbsaAlj1EALw_wcB",{"$nulls":7},"2026-04-29",72.739999999999995,{"$f":"IF(ISNUMBER(K19),IF($L$32=$O$18,O19,IF($L$32=$P$18,P19,\"\")),\"\")","v":"Sim"},null,null,{"$f":"IF(ISNUMBER(K19),IF(OR(K19<_xlfn.QUARTILE.INC($K$10:$K$29,1)-1.5*(_xlfn.QUARTILE.INC($K$10:$K$29,3)-_xlfn.QUARTILE.INC($K$10:$K$29,1)),K19>_xlfn.QUARTILE.INC($K$10:$K$29,3)+1.5*(_xlfn.QUARTILE.INC($K$10:$K$29,3)-_xlfn.QUARTILE.INC($K$10:$K$29,1))),\"Não\",\"Sim\"),\"\")","v":"Sim"}]
[null,"Tiradentes Saúde - https://loja.tiradentessaude.com.br/compressa-de-gaze-75x75-13-fios-com-500-unid-girassol-desc-textil?utm_source=Site&utm_medium=GoogleMerchant&utm_campaign=GoogleMerchant&gad_source=1&gad_campaignid=22966086396&gbraid=0AAAAApCctQ8A7WZ9f31Kn608fgxLFG-r-&gclid=Cj0KCQjw2MbPBhCSARIsAP3jP9yXe7D3m4pD5D2j74L0AQPFYbNFP-N3F8DaGMOJADE4wIkWie1-dzAaAsEBEALw_wcB",{"$nulls":7},"2026-04-29",42.2,"Sim",null,null,"Sim"]
[null,"Magazine Médica - https://magazinemedica.com.br/produtos/visualiza/sku/8808/?gad_source=1&gad_campaignid=23257119241&gbraid=0AAAAA-LLl3TiEu2y6MTx5T-rxpkRQzg3F&gclid=Cj0KCQjw2MbPBhCSARIsAP3jP9xVQcEeJp7bdkJkxKw1sDihyqSWQQDF271KuMgMz46vgeRQJ_vblMwaAoZmEALw_wcB",{"$nulls":7},"2026-04-29",68.52,"Sim",null,null,"Sim"]
[{"$nulls":11},"",null,null,""]
[{"$nulls":11},"",null,null,""]
[{"$nulls":11},"",null,null,""]
[{"$nulls":11},"",null,null,""]
[{"$nulls":11},"",null,null,""]
[{"$nulls":11},"",null,null,""]
[{"$nulls":11},"",null,null,""]
[{"$nulls":11},"",null,null,""]
[null,"Observações:","Pacorte vem com 500 unidades.",{"$nulls":7},"Média:",{"$f":"IF($L$32=\"\",\"Selecione metodologia para exclusão de preços\",AVERAGE(IF($L$10:$L$29=\"Sim\",$K$10:$K$29)))","v":61.153333333333329},null,"Média (Cotações)",{"$f":"IF(COUNTIF(O19:O29,\"Sim\")<3,\"N/D (são necessários pelo menos 3 preços)\",AVERAGE(IF(O19:O29=\"Sim\",$K19:$K29)))","v":61.153333333333329},{"$f":"IF(COUNTIF(P19:P29,\"Sim\")<3,\"N/D (são necessários pelo menos 3 preços)\",AVERAGE(IF(P19:P29=\"Sim\",$K19:$K29)))","v":"N/D (são necessários pelo menos 3 preços)"}]
[{"$nulls":10},"Mediana:",{"$f":"IF($L$32=\"\",\"Selecione metodologia para exclusão de preços\",MEDIAN(IF($L$10:$L$29=\"Sim\",$K$10:$K$29)))","v":68.52},null,"Mediana (Cotações)",{"$f":"IF(COUNTIF(O19:O29,\"Sim\")<3,\"N/D (são necessários pelo menos 3 preços)\",MEDIAN(IF(O19:O29=\"Sim\",$K19:$K29)))","v":68.52},{"$f":"IF(COUNTIF(P19:P29,\"Sim\")<3,\"N/D (são necessários pelo menos 3 preços)\",MEDIAN(IF(P19:P29=\"Sim\",$K19:$K29)))","v":"N/D (são necessários pelo menos 3 preços)"}]
[null,"Metodologia de exclusão de preços adotada:",{"$nulls":9},{"$f":"IF(O35=\"\",INDEX(O18:P18,MATCH(MIN(#REF!),#REF!,0)),O35)","v":"Outliers"},null,"CV (Cotações)",{"$f":"IF(COUNTIF(O19:O29,\"Sim\")<3,\"N/D (são necessários pelo menos 3 preços)\",_xlfn.STDEV.S(IF(O19:O29=\"Sim\",$K19:$K29))/AVERAGE(IF(O19:O29=\"Sim\",$K19:$K29)))","v":0.27061698833960712},{"$f":"IF(COUNTIF(P19:P29,\"Sim\")<3,\"N/D (são necessários pelo menos 3 preços)\",_xlfn.STDEV.S(IF(P19:P29=\"Sim\",$K19:$K29))/AVERAGE(IF(P19:P29=\"Sim\",$K19:$K29)))","v":"N/D (são necessários pelo menos 3 preços)"}]
[{"$nulls":13},"Média",{"$f":"IF(SUM(COUNTIF($O$10:$O$16,\"Sim\")) + SUM(COUNTIF(O19:O29,\"Sim\")) < 3,\n   \"N/D (são necessários pelo menos 3 preços)\",\n   IFERROR(AVERAGE(_xlfn._xlws.FILTER($K$10:$K$16,$O$10:$O$16=\"Sim\"), _xlfn._xlws.FILTER($K$19:$K$29,O19:O29=\"Sim\")),O30))","v":61.153333333333329},{"$f":"IF(SUM(COUNTIF($P$10:$P$16,\"Sim\")) + SUM(COUNTIF(P19:P29,\"Sim\")) < 3,\n   \"N/D (são necessários pelo menos 3 preços)\",\n   IFERROR(AVERAGE(_xlfn._xlws.FILTER($K$10:$K$16,$P$10:$P$16=\"Sim\"), _xlfn._xlws.FILTER($K$19:$K$29,P19:P29=\"Sim\")),P30))","v":"N/D (são necessários pelo menos 3 preços)"}]
[{"$nulls":13},"Mediana",{"$f":"IF(SUM(COUNTIF($O$10:$O$16,\"Sim\")) + SUM(COUNTIF(O19:O29,\"Sim\")) < 3,\n   \"N/D (são necessários pelo menos 3 preços)\",\n   IFERROR(MEDIAN(_xlfn._xlws.FILTER($K$10:$K$16,$O$10:$O$16=\"Sim\"), _xlfn._xlws.FILTER($K$19:$K$29,O19:O29=\"Sim\")),O31))","v":68.52},{"$f":"IF(SUM(COUNTIF($P10:$P$16,\"Sim\")) + SUM(COUNTIF(P19:P29,\"Sim\")) < 3,\n   \"N/D (são necessários pelo menos 3 preços)\",\n   IFERROR(MEDIAN(_xlfn._xlws.FILTER($K$10:$K$16,$P$10:$P$16=\"Sim\"), _xlfn._xlws.FILTER($K$19:$K$29,P19:P29=\"Sim\")),P31))","v":"N/D (são necessários pelo menos 3 preços)"}]
[null,"COSOLIDAÇÃO DOS PREÇOS",{"$nulls":11},"Metodologia a adotar:",{"$f":"IF(INDEX(O18:P18,P35)=0,\"\",INDEX(O18:P18,P35))","v":"Outliers"},1]
[]
[null,"PREÇO UNITÁRIO ESTIMADO ADOTADO:",{"$nulls":9},{"$f":"IF($B$39=\"Mediana:\",L31,L30)","v":61.153333333333329}]
[]
[{"$f":"O18","v":"Outliers"},"Média:"]

{"sheet":"Lençol","index":21,"n_rows":39,"n_cols":16,"rows_kept":39,"cut":false,"hidden":true,"merged":[[16,1,16,11],[16,14,16,15],[0,0,0,6],[6,2,6,7],[6,14,6,15],[7,1,7,11],[7,14,7,15],[28,1,28,8],[17,1,17,8],[18,1,18,8],[19,1,19,8],[20,1,20,8],[21,1,21,8],[22,1,22,8],[23,1,23,8],[24,1,24,8],[25,1,25,8],[26,1,26,8],[27,1,27,8],[31,1,33,10],[31,11,33,11],[34,1,35,10],[34,11,35,11],[36,1,36,10]]}
[]
[null,"Processo"]
[null,"Responsável"]
[null,"Área de Origem"]
[null,"Data da pesquisa"]
[]
[null,"ITEM:","Lençol Descartável Uso Hospitalar; Matéria Prima: 100% Fibra Celulose",{"$nulls":5},"UNIDADE DE MEDIDA:","Unidade","QUANTIDADE:",3,null,null,"Tabela auxiliar de metodologias para exclusão de preços"]
[null,"LICITAÇÕES ANTERIORES",{"$nulls":12},"Licitações Anteriores"]
[null,"Órgão","Edital/Ano - Nº do Lote / Item","Quantidade","Valor Unitário","Data","índice de atualização (nome)","I0","If","Variação acumulada do índice (%)","Preço unitário atualizado","Utilizar?  (Sim/Não)",null,null,"Outliers","Por critério do(a) analista"]
[{"$nulls":9},{"$f":"IF(ISBLANK(E10),\"\",IF(ISNUMBER(H10),(I10-H10)/H10,0))","v":""},{"$f":"IF(ISBLANK(E10),\"\",E10*(1+J10))","v":""},{"$f":"IF(ISNUMBER(K10),IF($L$32<>$P$9,O10,P10),\"\")","v":""},null,null,{"$f":"IF(ISNUMBER(K10),IF(OR(K10<_xlfn.QUARTILE.INC($K$10:$K$29,1)-1.5*(_xlfn.QUARTILE.INC($K$10:K29,3)-_xlfn.QUARTILE.INC($K$10:$K$29,1)),K10>_xlfn.QUARTILE.INC($K$10:$K$29,3)+1.5*(_xlfn.QUARTILE.INC($K$10:$K$29,3)-_xlfn.QUARTILE.INC($K$10:$K$29,1))),\"Não\",\"Sim\"),\"\")","v":""}]
[{"$nulls":9},{"$f":"IF(ISBLANK(E11),\"\",IF(ISNUMBER(H11),(I11-H11)/H11,0))","v":""},{"$f":"IF(ISBLANK(E11),\"\",E11*(1+J11))","v":""},"",null,null,{"$f":"IF(ISNUMBER(K11),IF(OR(K11<_xlfn.QUARTILE.INC($K$10:$K$29,1)-1.5*(_xlfn.QUARTILE.INC($K$10:K29,3)-_xlfn.QUARTILE.INC($K$10:$K$29,1)),K11>_xlfn.QUARTILE.INC($K$10:$K$29,3)+1.5*(_xlfn.QUARTILE.INC($K$10:$K$29,3)-_xlfn.QUARTILE.INC($K$10:$K$29,1))),\"Não\",\"Sim\"),\"\")","v":""}]
[{"$nulls":9},"","","",null,null,{"$f":"IF(ISNUMBER(K12),IF(OR(K12<_xlfn.QUARTILE.INC($K$10:$K$29,1)-1.5*(_xlfn.QUARTILE.INC($K$10:K30,3)-_xlfn.QUARTILE.INC($K$10:$K$29,1)),K12>_xlfn.QUARTILE.INC($K$10:$K$29,3)+1.5*(_xlfn.QUARTILE.INC($K$10:$K$29,3)-_xlfn.QUARTILE.INC($K$10:$K$29,1))),\"Não\",\"Sim\"),\"\")","v":""}]
[{"$nulls":9},"","","",null,null,{"$f":"IF(ISNUMBER(K13),IF(OR(K13<_xlfn.QUARTILE.INC($K$10:$K$29,1)-1.5*(_xlfn.QUARTILE.INC($K$10:K31,3)-_xlfn.QUARTILE.INC($K$10:$K$29,1)),K13>_xlfn.QUARTILE.INC($K$10:$K$29,3)+1.5*(_xlfn.QUARTILE.INC($K$10:$K$29,3)-_xlfn.QUARTILE.INC($K$10:$K$29,1))),\"Não\",\"Sim\"),\"\")","v":""}]
[{"$nulls":9},"","","",null,null,{"$f":"IF(ISNUMBER(K14),IF(OR(K14<_xlfn.QUARTILE.INC($K$10:$K$29,1)-1.5*(_xlfn.QUARTILE.INC($K$10:K32,3)-_xlfn.QUARTILE.INC($K$10:$K$29,1)),K14>_xlfn.QUARTILE.INC($K$10:$K$29,3)+1.5*(_xlfn.QUARTILE.INC($K$10:$K$29,3)-_xlfn.QUARTILE.INC($K$10:$K$29,1))),\"Não\",\"Sim\"),\"\")","v":""}]
[{"$nulls":9},"","","",null,null,{"$f":"IF(ISNUMBER(K15),IF(OR(K15<_xlfn.QUARTILE.INC($K$10:$K$29,1)-1.5*(_xlfn.QUARTILE.INC($K$10:K35,3)-_xlfn.QUARTILE.INC($K$10:$K$29,1)),K15>_xlfn.QUARTILE.INC($K$10:$K$29,3)+1.5*(_xlfn.QUARTILE.INC($K$10:$K$29,3)-_xlfn.QUARTILE.INC($K$10:$K$29,1))),\"Não\",\"Sim\"),\"\")","v":""}]
[{"$nulls":9},"","","",null,null,{"$f":"IF(ISNUMBER(K16),IF(OR(K16<_xlfn.QUARTILE.INC($K$10:$K$29,1)-1.5*(_xlfn.QUARTILE.INC($I$10:I37,3)-_xlfn.QUARTILE.INC($K$10:$K$29,1)),K16>_xlfn.QUARTILE.INC($K$10:$K$29,3)+1.5*(_xlfn.QUARTILE.INC($K$10:$K$29,3)-_xlfn.QUARTILE.INC($K$10:$K$29,1))),\"Não\",\"Sim\"),\"\")","v":""}]
[null,"COTAÇÕES DE MERCADO",{"$nulls":12},"Cotações"]
[null,"Empresa",{"$nulls":7},"Data","Preço Unitário","Utilizar? (Sim/Não)",null,null,"Outliers","Por critério do(a) analista"]
[null,"https://www.utilidadesclinicas.com.br/lencol-hospitalar-eco-70x50-plumax-plu20754a.html?gad_source=1&gad_campaignid=22368456438&gbraid=0AAAAADbsX571vZYS4KW6CqWydfSadGyQs&gclid=Cj0KCQjw2MbPBhCSARIsAP3jP9w90Yd_gfm-8fYI3gYZqB6-pnENAG-QuvL9DoK8Ce7Hxa1wMGfuVwYaAiheEALw_wcB",{"$nulls":7},"2026-04-29",15.99,{"$f":"IF(ISNUMBER(K19),IF($L$32=$O$18,O19,IF($L$32=$P$18,P19,\"\")),\"\")","v":"Sim"},null,null,{"$f":"IF(ISNUMBER(K19),IF(OR(K19<_xlfn.QUARTILE.INC($K$10:$K$29,1)-1.5*(_xlfn.QUARTILE.INC($K$10:$K$29,3)-_xlfn.QUARTILE.INC($K$10:$K$29,1)),K19>_xlfn.QUARTILE.INC($K$10:$K$29,3)+1.5*(_xlfn.QUARTILE.INC($K$10:$K$29,3)-_xlfn.QUARTILE.INC($K$10:$K$29,1))),\"Não\",\"Sim\"),\"\")","v":"Sim"}]
[null,"https://www.amazon.com.br/Hospitalar-Descart%C3%A1vel-Protetor-Hospital-Celulose/dp/B0FPJZCWKN/ref=asc_df_B0FPJZCWKN?mcid=b91808e52ba135fd860968d7cc10ac7c&tag=googleshopp00-20&linkCode=df0&hvadid=709857205152&hvpos=&hvnetw=g&hvrand=169471622777831492&hvpone=&hvptwo=&hvqmt=&hvdev=c&hvdvcmdl=&hvlocint=&hvlocphy=9196708&hvtargid=pla-2447020340396&hvocijid=169471622777831492-B0FPJZCWKN-&hvexpln=0&language=pt_BR&th=1",{"$nulls":7},"2026-04-29",39.9,"Sim",null,null,"Sim"]
[null,"https://www.amazon.com.br/Hospitalar-Descart%C3%A1vel-Protetor-Hospital-Celulose/dp/B0FPMJ8C8Q/ref=asc_df_B0FPJZCWKN?mcid=b91808e52ba135fd860968d7cc10ac7c&tag=googleshopp00-20&linkCode=df0&hvadid=709857205152&hvpos=&hvnetw=g&hvrand=169471622777831492&hvpone=&hvptwo=&hvqmt=&hvdev=c&hvdvcmdl=&hvlocint=&hvlocphy=9196708&hvtargid=pla-2447020340396&hvocijid=169471622777831492-B0FPJZCWKN-&hvexpln=0&language=pt_BR&th=1",{"$nulls":7},"2026-04-29",29.9,"Sim",null,null,"Sim"]
[{"$nulls":11},"",null,null,""]
[{"$nulls":11},"",null,null,""]
[{"$nulls":11},"",null,null,""]
[{"$nulls":11},"",null,null,""]
[{"$nulls":11},"",null,null,""]
[{"$nulls":11},"",null,null,""]
[{"$nulls":11},"",null,null,""]
[{"$nulls":11},"",null,null,""]
[null,"Observações:",{"$nulls":8},"Média:",{"$f":"IF($L$32=\"\",\"Selecione metodologia para exclusão de preços\",AVERAGE(IF($L$10:$L$29=\"Sim\",$K$10:$K$29)))","v":28.596666666666664},null,"Média (Cotações)",{"$f":"IF(COUNTIF(O19:O29,\"Sim\")<3,\"N/D (são necessários pelo menos 3 preços)\",AVERAGE(IF(O19:O29=\"Sim\",$K19:$K29)))","v":28.596666666666664},{"$f":"IF(COUNTIF(P19:P29,\"Sim\")<3,\"N/D (são necessários pelo menos 3 preços)\",AVERAGE(IF(P19:P29=\"Sim\",$K19:$K29)))","v":"N/D (são necessários pelo menos 3 preços)"}]
[{"$nulls":10},"Mediana:",{"$f":"IF($L$32=\"\",\"Selecione metodologia para exclusão de preços\",MEDIAN(IF($L$10:$L$29=\"Sim\",$K$10:$K$29)))","v":29.9},null,"Mediana (Cotações)",{"$f":"IF(COUNTIF(O19:O29,\"Sim\")<3,\"N/D (são necessários pelo menos 3 preços)\",MEDIAN(IF(O19:O29=\"Sim\",$K19:$K29)))","v":29.9},{"$f":"IF(COUNTIF(P19:P29,\"Sim\")<3,\"N/D (são necessários pelo menos 3 preços)\",MEDIAN(IF(P19:P29=\"Sim\",$K19:$K29)))","v":"N/D (são necessários pelo menos 3 preços)"}]
[null,"Metodologia de exclusão de preços adotada:",{"$nulls":9},{"$f":"IF(O35=\"\",INDEX(O18:P18,MATCH(MIN(#REF!),#REF!,0)),O35)","v":"Outliers"},null,"CV (Cotações)",{"$f":"IF(COUNTIF(O19:O29,\"Sim\")<3,\"N/D (são necessários pelo menos 3 preços)\",_xlfn.STDEV.S(IF(O19:O29=\"Sim\",$K19:$K29))/AVERAGE(IF(O19:O29=\"Sim\",$K19:$K29)))","v":0.41991485992186728},{"$f":"IF(COUNTIF(P19:P29,\"Sim\")<3,\"N/D (são necessários pelo menos 3 preços)\",_xlfn.STDEV.S(IF(P19:P29=\"Sim\",$K19:$K29))/AVERAGE(IF(P19:P29=\"Sim\",$K19:$K29)))","v":"N/D (são necessários pelo menos 3 preços)"}]
[{"$nulls":13},"Média",{"$f":"IF(SUM(COUNTIF($O$10:$O$16,\"Sim\")) + SUM(COUNTIF(O19:O29,\"Sim\")) < 3,\n   \"N/D (são necessários pelo menos 3 preços)\",\n   IFERROR(AVERAGE(_xlfn._xlws.FILTER($K$10:$K$16,$O$10:$O$16=\"Sim\"), _xlfn._xlws.FILTER($K$19:$K$29,O19:O29=\"Sim\")),O30))","v":28.596666666666664},{"$f":"IF(SUM(COUNTIF($P$10:$P$16,\"Sim\")) + SUM(COUNTIF(P19:P29,\"Sim\")) < 3,\n   \"N/D (são necessários pelo menos 3 preços)\",\n   IFERROR(AVERAGE(_xlfn._xlws.FILTER($K$10:$K$16,$P$10:$P$16=\"Sim\"), _xlfn._xlws.FILTER($K$19:$K$29,P19:P29=\"Sim\")),P30))","v":"N/D (são necessários pelo menos 3 preços)"}]
[{"$nulls":13},"Mediana",{"$f":"IF(SUM(COUNTIF($O$10:$O$16,\"Sim\")) + SUM(COUNTIF(O19:O29,\"Sim\")) < 3,\n   \"N/D (são necessários pelo menos 3 preços)\",\n   IFERROR(MEDIAN(_xlfn._xlws.FILTER($K$10:$K$16,$O$10:$O$16=\"Sim\"), _xlfn._xlws.FILTER($K$19:$K$29,O19:O29=\"Sim\")),O31))","v":29.9},{"$f":"IF(SUM(COUNTIF($P10:$P$16,\"Sim\")) + SUM(COUNTIF(P19:P29,\"Sim\")) < 3,\n   \"N/D (são necessários pelo menos 3 preços)\",\n   IFERROR(MEDIAN(_xlfn._xlws.FILTER($K$10:$K$16,$P$10:$P$16=\"Sim\"), _xlfn._xlws.FILTER($K$19:$K$29,P19:P29=\"Sim\")),P31))","v":"N/D (são necessários pelo menos 3 preços)"}]
[null,"COSOLIDAÇÃO DOS PREÇOS",{"$nulls":11},"Metodologia a adotar:",{"$f":"IF(INDEX(O18:P18,P35)=0,\"\",INDEX(O18:P18,P35))","v":"Outliers"},1]
[]
[null,"PREÇO UNITÁRIO ESTIMADO ADOTADO:",{"$nulls":9},{"$f":"IF($B$39=\"Mediana:\",L31,L30)","v":28.596666666666664}]
[]
[{"$f":"O18","v":"Outliers"},"Média:"]

{"sheet":"Luva Látex","index":22,"n_rows":39,"n_cols":16,"rows_kept":39,"cut":false,"hidden":true,"merged":[[16,1,16,11],[16,14,16,15],[0,0,0,6],[6,2,6,7],[6,14,6,15],[7,1,7,11],[7,14,7,15],[28,1,28,8],[17,1,17,8],[18,1,18,8],[19,1,19,8],[20,1,20,8],[21,1,21,8],[22,1,22,8],[23,1,23,8],[24,1,24,8],[25,1,25,8],[26,1,26,8],[27,1,27,8],[31,1,33,10],[31,11,33,11],[34,1,35,10],[34,11,35,11],[36,1,36,10]]}
[]
[null,"Processo"]
[null,"Responsável"]
[null,"Área de Origem"]
[null,"Data da pesquisa"]
[]
[null,"ITEM:","LUVAS PROCEDIMENTO. Caixa com 50 unidades",{"$nulls":5},"UNIDADE DE MEDIDA:","Unidade","QUANTIDADE:",3,null,null,"Tabela auxiliar de metodologias para exclusão de preços"]
[null,"LICITAÇÕES ANTERIORES",{"$nulls":12},"Licitações Anteriores"]
[null,"Órgão","Edital/Ano - Nº do Lote / Item","Quantidade","Valor Unitário","Data","índice de atualização (nome)","I0","If","Variação acumulada do índice (%)","Preço unitário atualizado","Utilizar?  (Sim/Não)",null,null,"Outliers","Por critério do(a) analista"]
[{"$nulls":9},{"$f":"IF(ISBLANK(E10),\"\",IF(ISNUMBER(H10),(I10-H10)/H10,0))","v":""},{"$f":"IF(ISBLANK(E10),\"\",E10*(1+J10))","v":""},{"$f":"IF(ISNUMBER(K10),IF($L$32<>$P$9,O10,P10),\"\")","v":""},null,null,{"$f":"IF(ISNUMBER(K10),IF(OR(K10<_xlfn.QUARTILE.INC($K$10:$K$29,1)-1.5*(_xlfn.QUARTILE.INC($K$10:K29,3)-_xlfn.QUARTILE.INC($K$10:$K$29,1)),K10>_xlfn.QUARTILE.INC($K$10:$K$29,3)+1.5*(_xlfn.QUARTILE.INC($K$10:$K$29,3)-_xlfn.QUARTILE.INC($K$10:$K$29,1))),\"Não\",\"Sim\"),\"\")","v":""}]
[{"$nulls":9},{"$f":"IF(ISBLANK(E11),\"\",IF(ISNUMBER(H11),(I11-H11)/H11,0))","v":""},{"$f":"IF(ISBLANK(E11),\"\",E11*(1+J11))","v":""},"",null,null,{"$f":"IF(ISNUMBER(K11),IF(OR(K11<_xlfn.QUARTILE.INC($K$10:$K$29,1)-1.5*(_xlfn.QUARTILE.INC($K$10:K29,3)-_xlfn.QUARTILE.INC($K$10:$K$29,1)),K11>_xlfn.QUARTILE.INC($K$10:$K$29,3)+1.5*(_xlfn.QUARTILE.INC($K$10:$K$29,3)-_xlfn.QUARTILE.INC($K$10:$K$29,1))),\"Não\",\"Sim\"),\"\")","v":""}]
[{"$nulls":9},"","","",null,null,{"$f":"IF(ISNUMBER(K12),IF(OR(K12<_xlfn.QUARTILE.INC($K$10:$K$29,1)-1.5*(_xlfn.QUARTILE.INC($K$10:K30,3)-_xlfn.QUARTILE.INC($K$10:$K$29,1)),K12>_xlfn.QUARTILE.INC($K$10:$K$29,3)+1.5*(_xlfn.QUARTILE.INC($K$10:$K$29,3)-_xlfn.QUARTILE.INC($K$10:$K$29,1))),\"Não\",\"Sim\"),\"\")","v":""}]
[{"$nulls":9},"","","",null,null,{"$f":"IF(ISNUMBER(K13),IF(OR(K13<_xlfn.QUARTILE.INC($K$10:$K$29,1)-1.5*(_xlfn.QUARTILE.INC($K$10:K31,3)-_xlfn.QUARTILE.INC($K$10:$K$29,1)),K13>_xlfn.QUARTILE.INC($K$10:$K$29,3)+1.5*(_xlfn.QUARTILE.INC($K$10:$K$29,3)-_xlfn.QUARTILE.INC($K$10:$K$29,1))),\"Não\",\"Sim\"),\"\")","v":""}]
[{"$nulls":9},"","","",null,null,{"$f":"IF(ISNUMBER(K14),IF(OR(K14<_xlfn.QUARTILE.INC($K$10:$K$29,1)-1.5*(_xlfn.QUARTILE.INC($K$10:K32,3)-_xlfn.QUARTILE.INC($K$10:$K$29,1)),K14>_xlfn.QUARTILE.INC($K$10:$K$29,3)+1.5*(_xlfn.QUARTILE.INC($K$10:$K$29,3)-_xlfn.QUARTILE.INC($K$10:$K$29,1))),\"Não\",\"Sim\"),\"\")","v":""}]
[{"$nulls":9},"","","",null,null,{"$f":"IF(ISNUMBER(K15),IF(OR(K15<_xlfn.QUARTILE.INC($K$10:$K$29,1)-1.5*(_xlfn.QUARTILE.INC($K$10:K35,3)-_xlfn.QUARTILE.INC($K$10:$K$29,1)),K15>_xlfn.QUARTILE.INC($K$10:$K$29,3)+1.5*(_xlfn.QUARTILE.INC($K$10:$K$29,3)-_xlfn.QUARTILE.INC($K$10:$K$29,1))),\"Não\",\"Sim\"),\"\")","v":""}]
[{"$nulls":9},"","","",null,null,{"$f":"IF(ISNUMBER(K16),IF(OR(K16<_xlfn.QUARTILE.INC($K$10:$K$29,1)-1.5*(_xlfn.QUARTILE.INC($I$10:I37,3)-_xlfn.QUARTILE.INC($K$10:$K$29,1)),K16>_xlfn.QUARTILE.INC($K$10:$K$29,3)+1.5*(_xlfn.QUARTILE.INC($K$10:$K$29,3)-_xlfn.QUARTILE.INC($K$10:$K$29,1))),\"Não\",\"Sim\"),\"\")","v":""}]
[null,"COTAÇÕES DE MERCADO",{"$nulls":12},"Cotações"]
[null,"Empresa",{"$nulls":7},"Data","Preço Unitário","Utilizar? (Sim/Não)",null,null,"Outliers","Por critério do(a) analista"]
[null,"Utilidades Clínicas - https://www.utilidadesclinicas.com.br/luva-latex-para-procedimento-com-po-descarpack-16939.html",{"$nulls":7},"2026-04-28",28.99,{"$f":"IF(ISNUMBER(K19),IF($L$32=$O$18,O19,IF($L$32=$P$18,P19,\"\")),\"\")","v":"Sim"},null,null,{"$f":"IF(ISNUMBER(K19),IF(OR(K19<_xlfn.QUARTILE.INC($K$10:$K$29,1)-1.5*(_xlfn.QUARTILE.INC($K$10:$K$29,3)-_xlfn.QUARTILE.INC($K$10:$K$29,1)),K19>_xlfn.QUARTILE.INC($K$10:$K$29,3)+1.5*(_xlfn.QUARTILE.INC($K$10:$K$29,3)-_xlfn.QUARTILE.INC($K$10:$K$29,1))),\"Não\",\"Sim\"),\"\")","v":"Sim"}]
[null,"Smart Luvas - https://smartluvas.com.br/produtos/luvas-descartaveis-unigloves-latex-com-po-branca-100un/?variant=1079539892&pf=mc&gad_source=4&gad_campaignid=22425411490&gbraid=0AAAAABUn9-O7PRWAn_EnEiHEVKL4KAx2D&gclid=CjwKCAjwtcHPBhADEiwAWo3sJjBG47VXHjRaB6hQB92lHu6NygR2rpPjBTPE2gcrS2nd6QeKGSLbFxoC7zAQAvD_BwE",{"$nulls":7},"2026-04-28",29.9,"Sim",null,null,"Sim"]
[null,"Amazon - https://www.amazon.com.br/Descart%C3%A1vel-Bioabsorv%C3%ADvel-Est%C3%A9ril-M%C3%A9dico-Laboratorial/dp/B0FPTKXTM4/ref=asc_df_B0FPTKXTM4?mcid=19e7a4a2d7f233e2ae05bb3eb2c12d33&tag=googleshopp00-20&linkCode=df0&hvadid=754710229179&hvpos=&hvnetw=g&hvrand=3754711117637421323&hvpone=&hvptwo=&hvqmt=&hvdev=c&hvdvcmdl=&hvlocint=&hvlocphy=9198389&hvtargid=pla-2442314910943&psc=1&hvocijid=3754711117637421323-B0FPTKXTM4-&hvexpln=0&language=pt_BR",{"$nulls":7},"2026-04-28",39.9,"Sim",null,null,"Sim"]
[{"$nulls":11},"",null,null,""]
[{"$nulls":11},"",null,null,""]
[{"$nulls":11},"",null,null,""]
[{"$nulls":11},"",null,null,""]
[{"$nulls":11},"",null,null,""]
[{"$nulls":11},"",null,null,""]
[{"$nulls":11},"",null,null,""]
[{"$nulls":11},"",null,null,""]
[null,"Observações:",{"$nulls":8},"Média:",{"$f":"IF($L$32=\"\",\"Selecione metodologia para exclusão de preços\",AVERAGE(IF($L$10:$L$29=\"Sim\",$K$10:$K$29)))","v":32.93},null,"Média (Cotações)",{"$f":"IF(COUNTIF(O19:O29,\"Sim\")<3,\"N/D (são necessários pelo menos 3 preços)\",AVERAGE(IF(O19:O29=\"Sim\",$K19:$K29)))","v":32.93},{"$f":"IF(COUNTIF(P19:P29,\"Sim\")<3,\"N/D (são necessários pelo menos 3 preços)\",AVERAGE(IF(P19:P29=\"Sim\",$K19:$K29)))","v":"N/D (são necessários pelo menos 3 preços)"}]
[{"$nulls":10},"Mediana:",{"$f":"IF($L$32=\"\",\"Selecione metodologia para exclusão de preços\",MEDIAN(IF($L$10:$L$29=\"Sim\",$K$10:$K$29)))","v":29.9},null,"Mediana (Cotações)",{"$f":"IF(COUNTIF(O19:O29,\"Sim\")<3,\"N/D (são necessários pelo menos 3 preços)\",MEDIAN(IF(O19:O29=\"Sim\",$K19:$K29)))","v":29.9},{"$f":"IF(COUNTIF(P19:P29,\"Sim\")<3,\"N/D (são necessários pelo menos 3 preços)\",MEDIAN(IF(P19:P29=\"Sim\",$K19:$K29)))","v":"N/D (são necessários pelo menos 3 preços)"}]
[null,"Metodologia de exclusão de preços adotada:",{"$nulls":9},{"$f":"IF(O35=\"\",INDEX(O18:P18,MATCH(MIN(#REF!),#REF!,0)),O35)","v":"Outliers"},null,"CV (Cotações)",{"$f":"IF(COUNTIF(O19:O29,\"Sim\")<3,\"N/D (são necessários pelo menos 3 preços)\",_xlfn.STDEV.S(IF(O19:O29=\"Sim\",$K19:$K29))/AVERAGE(IF(O19:O29=\"Sim\",$K19:$K29)))","v":0.18382391139804849},{"$f":"IF(COUNTIF(P19:P29,\"Sim\")<3,\"N/D (são necessários pelo menos 3 preços)\",_xlfn.STDEV.S(IF(P19:P29=\"Sim\",$K19:$K29))/AVERAGE(IF(P19:P29=\"Sim\",$K19:$K29)))","v":"N/D (são necessários pelo menos 3 preços)"}]
[{"$nulls":13},"Média",{"$f":"IF(SUM(COUNTIF($O$10:$O$16,\"Sim\")) + SUM(COUNTIF(O19:O29,\"Sim\")) < 3,\n   \"N/D (são necessários pelo menos 3 preços)\",\n   IFERROR(AVERAGE(_xlfn._xlws.FILTER($K$10:$K$16,$O$10:$O$16=\"Sim\"), _xlfn._xlws.FILTER($K$19:$K$29,O19:O29=\"Sim\")),O30))","v":32.93},{"$f":"IF(SUM(COUNTIF($P$10:$P$16,\"Sim\")) + SUM(COUNTIF(P19:P29,\"Sim\")) < 3,\n   \"N/D (são necessários pelo menos 3 preços)\",\n   IFERROR(AVERAGE(_xlfn._xlws.FILTER($K$10:$K$16,$P$10:$P$16=\"Sim\"), _xlfn._xlws.FILTER($K$19:$K$29,P19:P29=\"Sim\")),P30))","v":"N/D (são necessários pelo menos 3 preços)"}]
[{"$nulls":13},"Mediana",{"$f":"IF(SUM(COUNTIF($O$10:$O$16,\"Sim\")) + SUM(COUNTIF(O19:O29,\"Sim\")) < 3,\n   \"N/D (são necessários pelo menos 3 preços)\",\n   IFERROR(MEDIAN(_xlfn._xlws.FILTER($K$10:$K$16,$O$10:$O$16=\"Sim\"), _xlfn._xlws.FILTER($K$19:$K$29,O19:O29=\"Sim\")),O31))","v":29.9},{"$f":"IF(SUM(COUNTIF($P10:$P$16,\"Sim\")) + SUM(COUNTIF(P19:P29,\"Sim\")) < 3,\n   \"N/D (são necessários pelo menos 3 preços)\",\n   IFERROR(MEDIAN(_xlfn._xlws.FILTER($K$10:$K$16,$P$10:$P$16=\"Sim\"), _xlfn._xlws.FILTER($K$19:$K$29,P19:P29=\"Sim\")),P31))","v":"N/D (são necessários pelo menos 3 preços)"}]
[null,"COSOLIDAÇÃO DOS PREÇOS",{"$nulls":11},"Metodologia a adotar:",{"$f":"IF(INDEX(O18:P18,P35)=0,\"\",INDEX(O18:P18,P35))","v":"Outliers"},1]
[]
[null,"PREÇO UNITÁRIO ESTIMADO ADOTADO:",{"$nulls":9},{"$f":"IF($B$39=\"Mediana:\",L31,L30)","v":29.9}]
[]
[{"$f":"O18","v":"Outliers"},"Mediana:"]

{"sheet":"Maca","index":23,"n_rows":39,"n_cols":16,"rows_kept":39,"cut":false,"hidden":true,"merged":[[16,1,16,11],[16,14,16,15],[0,0,0,6],[6,2,6,7],[6,14,6,15],[7,1,7,11],[7,14,7,15],[28,1,28,8],[17,1,17,8],[18,1,18,8],[19,1,19,8],[20,1,20,8],[21,1,21,8],[22,1,22,8],[23,1,23,8],[24,1,24,8],[25,1,25,8],[26,1,26,8],[27,1,27,8],[31,1,33,10],[31,11,33,11],[34,1,35,10],[34,11,35,11],[36,1,36,10]]}
[]
[null,"Processo"]
[null,"Responsável"]
[null,"Área de Origem"]
[null,"Data da pesquisa"]
[]
[null,"ITEM:","MACA DOBRÁVEL tipo maleta, leve, estrutura em alumínio polido, espuma de densidade D28, revestido em courvim com verniz, com duas alças e rodinhas para transporte, trava de segurança em todos os pés, capacidade de até 130 Kg (170Kg), dimensões: abeta: 1,80 mt 0,60 cm, altura 0,75cm em relação ao solo e dimensões fechadas de 0,90 cm x 0,60 cm.",{"$nulls":5},"UNIDADE DE MEDIDA:","Unidade","QUANTIDADE:",1,null,null,"Tabela auxiliar de metodologias para exclusão de preços"]
[null,"LICITAÇÕES ANTERIORES",{"$nulls":12},"Licitações Anteriores"]
[null,"Órgão","Edital/Ano - Nº do Lote / Item","Quantidade","Valor Unitário","Data","índice de atualização (nome)","I0","If","Variação acumulada do índice (%)","Preço unitário atualizado","Utilizar?  (Sim/Não)",null,null,"Outliers","Por critério do(a) analista"]
[{"$nulls":9},{"$f":"IF(ISBLANK(E10),\"\",IF(ISNUMBER(H10),(I10-H10)/H10,0))","v":""},{"$f":"IF(ISBLANK(E10),\"\",E10*(1+J10))","v":""},{"$f":"IF(ISNUMBER(K10),IF($L$32<>$P$9,O10,P10),\"\")","v":""},null,null,{"$f":"IF(ISNUMBER(K10),IF(OR(K10<_xlfn.QUARTILE.INC($K$10:$K$29,1)-1.5*(_xlfn.QUARTILE.INC($K$10:K29,3)-_xlfn.QUARTILE.INC($K$10:$K$29,1)),K10>_xlfn.QUARTILE.INC($K$10:$K$29,3)+1.5*(_xlfn.QUARTILE.INC($K$10:$K$29,3)-_xlfn.QUARTILE.INC($K$10:$K$29,1))),\"Não\",\"Sim\"),\"\")","v":""}]
[{"$nulls":9},{"$f":"IF(ISBLANK(E11),\"\",IF(ISNUMBER(H11),(I11-H11)/H11,0))","v":""},{"$f":"IF(ISBLANK(E11),\"\",E11*(1+J11))","v":""},"",null,null,{"$f":"IF(ISNUMBER(K11),IF(OR(K11<_xlfn.QUARTILE.INC($K$10:$K$29,1)-1.5*(_xlfn.QUARTILE.INC($K$10:K29,3)-_xlfn.QUARTILE.INC($K$10:$K$29,1)),K11>_xlfn.QUARTILE.INC($K$10:$K$29,3)+1.5*(_xlfn.QUARTILE.INC($K$10:$K$29,3)-_xlfn.QUARTILE.INC($K$10:$K$29,1))),\"Não\",\"Sim\"),\"\")","v":""}]
[{"$nulls":9},"","","",null,null,{"$f":"IF(ISNUMBER(K12),IF(OR(K12<_xlfn.QUARTILE.INC($K$10:$K$29,1)-1.5*(_xlfn.QUARTILE.INC($K$10:K30,3)-_xlfn.QUARTILE.INC($K$10:$K$29,1)),K12>_xlfn.QUARTILE.INC($K$10:$K$29,3)+1.5*(_xlfn.QUARTILE.INC($K$10:$K$29,3)-_xlfn.QUARTILE.INC($K$10:$K$29,1))),\"Não\",\"Sim\"),\"\")","v":""}]
[{"$nulls":9},"","","",null,null,{"$f":"IF(ISNUMBER(K13),IF(OR(K13<_xlfn.QUARTILE.INC($K$10:$K$29,1)-1.5*(_xlfn.QUARTILE.INC($K$10:K31,3)-_xlfn.QUARTILE.INC($K$10:$K$29,1)),K13>_xlfn.QUARTILE.INC($K$10:$K$29,3)+1.5*(_xlfn.QUARTILE.INC($K$10:$K$29,3)-_xlfn.QUARTILE.INC($K$10:$K$29,1))),\"Não\",\"Sim\"),\"\")","v":""}]
[{"$nulls":9},"","","",null,null,{"$f":"IF(ISNUMBER(K14),IF(OR(K14<_xlfn.QUARTILE.INC($K$10:$K$29,1)-1.5*(_xlfn.QUARTILE.INC($K$10:K32,3)-_xlfn.QUARTILE.INC($K$10:$K$29,1)),K14>_xlfn.QUARTILE.INC($K$10:$K$29,3)+1.5*(_xlfn.QUARTILE.INC($K$10:$K$29,3)-_xlfn.QUARTILE.INC($K$10:$K$29,1))),\"Não\",\"Sim\"),\"\")","v":""}]
[{"$nulls":9},"","","",null,null,{"$f":"IF(ISNUMBER(K15),IF(OR(K15<_xlfn.QUARTILE.INC($K$10:$K$29,1)-1.5*(_xlfn.QUARTILE.INC($K$10:K35,3)-_xlfn.QUARTILE.INC($K$10:$K$29,1)),K15>_xlfn.QUARTILE.INC($K$10:$K$29,3)+1.5*(_xlfn.QUARTILE.INC($K$10:$K$29,3)-_xlfn.QUARTILE.INC($K$10:$K$29,1))),\"Não\",\"Sim\"),\"\")","v":""}]
[{"$nulls":9},"","","",null,null,{"$f":"IF(ISNUMBER(K16),IF(OR(K16<_xlfn.QUARTILE.INC($K$10:$K$29,1)-1.5*(_xlfn.QUARTILE.INC($I$10:I37,3)-_xlfn.QUARTILE.INC($K$10:$K$29,1)),K16>_xlfn.QUARTILE.INC($K$10:$K$29,3)+1.5*(_xlfn.QUARTILE.INC($K$10:$K$29,3)-_xlfn.QUARTILE.INC($K$10:$K$29,1))),\"Não\",\"Sim\"),\"\")","v":""}]
[null,"COTAÇÕES DE MERCADO",{"$nulls":12},"Cotações"]
[null,"Empresa",{"$nulls":7},"Data","Preço Unitário","Utilizar? (Sim/Não)",null,null,"Outliers","Por critério do(a) analista"]
[null,"https://www.mercadolivre.com.br/ate-200kg-maca-preta-c-capa-de-qualidade-extra-forte-oferta/up/MLBU1106500581?pdp_filters=item_id%3AMLB2636235083&from=gshop&matt_tool=41970894&matt_word=&matt_source=google&matt_campaign_id=22090193723&matt_ad_group_id=194474622634&matt_match_type=&matt_network=g&matt_device=c&matt_creative=792355615191&matt_keyword=&matt_ad_position=&matt_ad_type=pla&matt_merchant_id=551211311&matt_product_id=MLBU1106500581&matt_product_partition_id=2452703710740&matt_target_id=pla-2452703710740&cq_src=google_ads&cq_cmp=22090193723&cq_net=g&cq_plt=gp&cq_med=pla&gad_source=1&gad_campaignid=22090193723&gbraid=0AAAAAD93qcCz-Fkd_jMBjWdla16bXTF8b&gclid=Cj0KCQjw2MbPBhCSARIsAP3jP9wwje5jdFPP4IgKaUm59rxtIfh8x-bNxVczCmlOC0GXknVHCbLSeNkaAqtdEALw_wcB",{"$nulls":7},"2026-04-29",330.56,{"$f":"IF(ISNUMBER(K19),IF($L$32=$O$18,O19,IF($L$32=$P$18,P19,\"\")),\"\")","v":"Sim"},null,null,{"$f":"IF(ISNUMBER(K19),IF(OR(K19<_xlfn.QUARTILE.INC($K$10:$K$29,1)-1.5*(_xlfn.QUARTILE.INC($K$10:$K$29,3)-_xlfn.QUARTILE.INC($K$10:$K$29,1)),K19>_xlfn.QUARTILE.INC($K$10:$K$29,3)+1.5*(_xlfn.QUARTILE.INC($K$10:$K$29,3)-_xlfn.QUARTILE.INC($K$10:$K$29,1))),\"Não\",\"Sim\"),\"\")","v":"Sim"}]
[null,"https://www.amazon.com.br/Portatil-Dobravel-Massagem-Estetica-Depila%C3%A7%C3%A3o/dp/B0FSTCVWNH/ref=asc_df_B0FSTCVWNH?mcid=c42cf6bedcc031b9aaa316aa4eced1b7&tag=googleshopp00-20&linkCode=df0&hvadid=754710229179&hvpos=&hvnetw=g&hvrand=10726841688931654309&hvpone=&hvptwo=&hvqmt=&hvdev=c&hvdvcmdl=&hvlocint=&hvlocphy=9243155&hvtargid=pla-2451838356160&hvocijid=10726841688931654309-B0FSTCVWNH-&hvexpln=0&language=pt_BR&th=1",{"$nulls":7},"2026-04-29",479.97,"Sim",null,null,"Sim"]
[null,"https://magazinemedica.com.br/produtos/visualiza/sku/16338/?gad_source=1&gad_campaignid=23257119241&gbraid=0AAAAA-LLl3TiEu2y6MTx5T-rxpkRQzg3F&gclid=Cj0KCQjw2MbPBhCSARIsAP3jP9zUFgyTOLm4g8go9aNWIdN2Z_tBp_fZ2qyLlXyNXef7EmATgyDbv4MaAtVaEALw_wcB",{"$nulls":7},"2026-04-29",896.25,"Sim",null,null,"Sim"]
[{"$nulls":11},"",null,null,""]
[{"$nulls":11},"",null,null,""]
[{"$nulls":11},"",null,null,""]
[{"$nulls":11},"",null,null,""]
[{"$nulls":11},"",null,null,""]
[{"$nulls":11},"",null,null,""]
[{"$nulls":11},"",null,null,""]
[{"$nulls":11},"",null,null,""]
[null,"Observações:",{"$nulls":8},"Média:",{"$f":"IF($L$32=\"\",\"Selecione metodologia para exclusão de preços\",AVERAGE(IF($L$10:$L$29=\"Sim\",$K$10:$K$29)))","v":568.92666666666662},null,"Média (Cotações)",{"$f":"IF(COUNTIF(O19:O29,\"Sim\")<3,\"N/D (são necessários pelo menos 3 preços)\",AVERAGE(IF(O19:O29=\"Sim\",$K19:$K29)))","v":568.92666666666662},{"$f":"IF(COUNTIF(P19:P29,\"Sim\")<3,\"N/D (são necessários pelo menos 3 preços)\",AVERAGE(IF(P19:P29=\"Sim\",$K19:$K29)))","v":"N/D (são necessários pelo menos 3 preços)"}]
[{"$nulls":10},"Mediana:",{"$f":"IF($L$32=\"\",\"Selecione metodologia para exclusão de preços\",MEDIAN(IF($L$10:$L$29=\"Sim\",$K$10:$K$29)))","v":479.97},null,"Mediana (Cotações)",{"$f":"IF(COUNTIF(O19:O29,\"Sim\")<3,\"N/D (são necessários pelo menos 3 preços)\",MEDIAN(IF(O19:O29=\"Sim\",$K19:$K29)))","v":479.97},{"$f":"IF(COUNTIF(P19:P29,\"Sim\")<3,\"N/D (são necessários pelo menos 3 preços)\",MEDIAN(IF(P19:P29=\"Sim\",$K19:$K29)))","v":"N/D (são necessários pelo menos 3 preços)"}]
[null,"Metodologia de exclusão de preços adotada:",{"$nulls":9},{"$f":"IF(O35=\"\",INDEX(O18:P18,MATCH(MIN(#REF!),#REF!,0)),O35)","v":"Outliers"},null,"CV (Cotações)",{"$f":"IF(COUNTIF(O19:O29,\"Sim\")<3,\"N/D (são necessários pelo menos 3 preços)\",_xlfn.STDEV.S(IF(O19:O29=\"Sim\",$K19:$K29))/AVERAGE(IF(O19:O29=\"Sim\",$K19:$K29)))","v":0.5152665324810406},{"$f":"IF(COUNTIF(P19:P29,\"Sim\")<3,\"N/D (são necessários pelo menos 3 preços)\",_xlfn.STDEV.S(IF(P19:P29=\"Sim\",$K19:$K29))/AVERAGE(IF(P19:P29=\"Sim\",$K19:$K29)))","v":"N/D (são necessários pelo menos 3 preços)"}]
[{"$nulls":13},"Média",{"$f":"IF(SUM(COUNTIF($O$10:$O$16,\"Sim\")) + SUM(COUNTIF(O19:O29,\"Sim\")) < 3,\n   \"N/D (são necessários pelo menos 3 preços)\",\n   IFERROR(AVERAGE(_xlfn._xlws.FILTER($K$10:$K$16,$O$10:$O$16=\"Sim\"), _xlfn._xlws.FILTER($K$19:$K$29,O19:O29=\"Sim\")),O30))","v":568.92666666666662},{"$f":"IF(SUM(COUNTIF($P$10:$P$16,\"Sim\")) + SUM(COUNTIF(P19:P29,\"Sim\")) < 3,\n   \"N/D (são necessários pelo menos 3 preços)\",\n   IFERROR(AVERAGE(_xlfn._xlws.FILTER($K$10:$K$16,$P$10:$P$16=\"Sim\"), _xlfn._xlws.FILTER($K$19:$K$29,P19:P29=\"Sim\")),P30))","v":"N/D (são necessários pelo menos 3 preços)"}]
[{"$nulls":13},"Mediana",{"$f":"IF(SUM(COUNTIF($O$10:$O$16,\"Sim\")) + SUM(COUNTIF(O19:O29,\"Sim\")) < 3,\n   \"N/D (são necessários pelo menos 3 preços)\",\n   IFERROR(MEDIAN(_xlfn._xlws.FILTER($K$10:$K$16,$O$10:$O$16=\"Sim\"), _xlfn._xlws.FILTER($K$19:$K$29,O19:O29=\"Sim\")),O31))","v":479.97},{"$f":"IF(SUM(COUNTIF($P10:$P$16,\"Sim\")) + SUM(COUNTIF(P19:P29,\"Sim\")) < 3,\n   \"N/D (são necessários pelo menos 3 preços)\",\n   IFERROR(MEDIAN(_xlfn._xlws.FILTER($K$10:$K$16,$P$10:$P$16=\"Sim\"), _xlfn._xlws.FILTER($K$19:$K$29,P19:P29=\"Sim\")),P31))","v":"N/D (são necessários pelo menos 3 preços)"}]
[null,"COSOLIDAÇÃO DOS PREÇOS",{"$nulls":11},"Metodologia a adotar:",{"$f":"IF(INDEX(O18:P18,P35)=0,\"\",INDEX(O18:P18,P35))","v":"Outliers"},1]
[]
[null,"PREÇO UNITÁRIO ESTIMADO ADOTADO:",{"$nulls":9},{"$f":"IF($B$39=\"Mediana:\",L31,L30)","v":479.97}]
[]
[{"$f":"O18","v":"Outliers"},"Mediana:"]

{"sheet":"Mascara","index":24,"n_rows":39,"n_cols":16,"rows_kept":39,"cut":false,"hidden":true,"merged":[[16,1,16,11],[16,14,16,15],[0,0,0,6],[6,2,6,7],[6,14,6,15],[7,1,7,11],[7,14,7,15],[28,1,28,8],[17,1,17,8],[18,1,18,8],[19,1,19,8],[20,1,20,8],[21,1,21,8],[22,1,22,8],[23,1,23,8],[24,1,24,8],[25,1,25,8],[26,1,26,8],[27,1,27,8],[31,1,33,10],[31,11,33,11],[34,1,35,10],[34,11,35,11],[36,1,36,10]]}
[]
[null,"Processo"]
[null,"Responsável"]
[null,"Área de Origem"]
[null,"Data da pesquisa"]
[]
[null,"ITEM:","MÁSCARA CIRÚRGICA (caixa com 50)",{"$nulls":5},"UNIDADE DE MEDIDA:","Unidade","QUANTIDADE:",3,null,null,"Tabela auxiliar de metodologias para exclusão de preços"]
[null,"LICITAÇÕES ANTERIORES",{"$nulls":12},"Licitações Anteriores"]
[null,"Órgão","Edital/Ano - Nº do Lote / Item","Quantidade","Valor Unitário","Data","índice de atualização (nome)","I0","If","Variação acumulada do índice (%)","Preço unitário atualizado","Utilizar?  (Sim/Não)",null,null,"Outliers","Por critério do(a) analista"]
[{"$nulls":9},{"$f":"IF(ISBLANK(E10),\"\",IF(ISNUMBER(H10),(I10-H10)/H10,0))","v":""},{"$f":"IF(ISBLANK(E10),\"\",E10*(1+J10))","v":""},{"$f":"IF(ISNUMBER(K10),IF($L$32<>$P$9,O10,P10),\"\")","v":""},null,null,{"$f":"IF(ISNUMBER(K10),IF(OR(K10<_xlfn.QUARTILE.INC($K$10:$K$29,1)-1.5*(_xlfn.QUARTILE.INC($K$10:K29,3)-_xlfn.QUARTILE.INC($K$10:$K$29,1)),K10>_xlfn.QUARTILE.INC($K$10:$K$29,3)+1.5*(_xlfn.QUARTILE.INC($K$10:$K$29,3)-_xlfn.QUARTILE.INC($K$10:$K$29,1))),\"Não\",\"Sim\"),\"\")","v":""}]
[{"$nulls":9},{"$f":"IF(ISBLANK(E11),\"\",IF(ISNUMBER(H11),(I11-H11)/H11,0))","v":""},{"$f":"IF(ISBLANK(E11),\"\",E11*(1+J11))","v":""},"",null,null,{"$f":"IF(ISNUMBER(K11),IF(OR(K11<_xlfn.QUARTILE.INC($K$10:$K$29,1)-1.5*(_xlfn.QUARTILE.INC($K$10:K29,3)-_xlfn.QUARTILE.INC($K$10:$K$29,1)),K11>_xlfn.QUARTILE.INC($K$10:$K$29,3)+1.5*(_xlfn.QUARTILE.INC($K$10:$K$29,3)-_xlfn.QUARTILE.INC($K$10:$K$29,1))),\"Não\",\"Sim\"),\"\")","v":""}]
[{"$nulls":9},"","","",null,null,{"$f":"IF(ISNUMBER(K12),IF(OR(K12<_xlfn.QUARTILE.INC($K$10:$K$29,1)-1.5*(_xlfn.QUARTILE.INC($K$10:K30,3)-_xlfn.QUARTILE.INC($K$10:$K$29,1)),K12>_xlfn.QUARTILE.INC($K$10:$K$29,3)+1.5*(_xlfn.QUARTILE.INC($K$10:$K$29,3)-_xlfn.QUARTILE.INC($K$10:$K$29,1))),\"Não\",\"Sim\"),\"\")","v":""}]
[{"$nulls":9},"","","",null,null,{"$f":"IF(ISNUMBER(K13),IF(OR(K13<_xlfn.QUARTILE.INC($K$10:$K$29,1)-1.5*(_xlfn.QUARTILE.INC($K$10:K31,3)-_xlfn.QUARTILE.INC($K$10:$K$29,1)),K13>_xlfn.QUARTILE.INC($K$10:$K$29,3)+1.5*(_xlfn.QUARTILE.INC($K$10:$K$29,3)-_xlfn.QUARTILE.INC($K$10:$K$29,1))),\"Não\",\"Sim\"),\"\")","v":""}]
[{"$nulls":9},"","","",null,null,{"$f":"IF(ISNUMBER(K14),IF(OR(K14<_xlfn.QUARTILE.INC($K$10:$K$29,1)-1.5*(_xlfn.QUARTILE.INC($K$10:K32,3)-_xlfn.QUARTILE.INC($K$10:$K$29,1)),K14>_xlfn.QUARTILE.INC($K$10:$K$29,3)+1.5*(_xlfn.QUARTILE.INC($K$10:$K$29,3)-_xlfn.QUARTILE.INC($K$10:$K$29,1))),\"Não\",\"Sim\"),\"\")","v":""}]
[{"$nulls":9},"","","",null,null,{"$f":"IF(ISNUMBER(K15),IF(OR(K15<_xlfn.QUARTILE.INC($K$10:$K$29,1)-1.5*(_xlfn.QUARTILE.INC($K$10:K35,3)-_xlfn.QUARTILE.INC($K$10:$K$29,1)),K15>_xlfn.QUARTILE.INC($K$10:$K$29,3)+1.5*(_xlfn.QUARTILE.INC($K$10:$K$29,3)-_xlfn.QUARTILE.INC($K$10:$K$29,1))),\"Não\",\"Sim\"),\"\")","v":""}]
[{"$nulls":9},"","","",null,null,{"$f":"IF(ISNUMBER(K16),IF(OR(K16<_xlfn.QUARTILE.INC($K$10:$K$29,1)-1.5*(_xlfn.QUARTILE.INC($I$10:I37,3)-_xlfn.QUARTILE.INC($K$10:$K$29,1)),K16>_xlfn.QUARTILE.INC($K$10:$K$29,3)+1.5*(_xlfn.QUARTILE.INC($K$10:$K$29,3)-_xlfn.QUARTILE.INC($K$10:$K$29,1))),\"Não\",\"Sim\"),\"\")","v":""}]
[null,"COTAÇÕES DE MERCADO",{"$nulls":12},"Cotações"]
[null,"Empresa",{"$nulls":7},"Data","Preço Unitário","Utilizar? (Sim/Não)",null,null,"Outliers","Por critério do(a) analista"]
[null,"Bonaty Company - https://www.bonaticompany.com.br/higiene-e-cuidados-pessoais/higiene-pessoal/mascara-cirurgica-descartavel-fava-mask-com-elastico-branca-50-unidades?parceiro=5563&gad_source=1&gad_campaignid=22931647865&gbraid=0AAAAADg-LnRRItBaS1YTdEwiaQOP_IrKr&gclid=CjwKCAjwtcHPBhADEiwAWo3sJkyXOkkwtTxeVNLBnWNY1Kq1dkkL_7BzwkJhrX5URltE1A_jxygDYBoC92MQAvD_BwE",{"$nulls":7},"2026-06-28",58.66,{"$f":"IF(ISNUMBER(K19),IF($L$32=$O$18,O19,IF($L$32=$P$18,P19,\"\")),\"\")","v":"Sim"},null,null,{"$f":"IF(ISNUMBER(K19),IF(OR(K19<_xlfn.QUARTILE.INC($K$10:$K$29,1)-1.5*(_xlfn.QUARTILE.INC($K$10:$K$29,3)-_xlfn.QUARTILE.INC($K$10:$K$29,1)),K19>_xlfn.QUARTILE.INC($K$10:$K$29,3)+1.5*(_xlfn.QUARTILE.INC($K$10:$K$29,3)-_xlfn.QUARTILE.INC($K$10:$K$29,1))),\"Não\",\"Sim\"),\"\")","v":"Sim"}]
[null,"Mercado Livre - https://www.mercadolivre.com.br/mascara-descartavel-cirurgica-g-tech-caixa-com-50-und/p/MLB20199523?pdp_filters=item_id%3AMLB3918468075&from=gshop&matt_tool=35397717&matt_word=&matt_source=google&matt_campaign_id=22090354487&matt_ad_group_id=197094212771&matt_match_type=&matt_network=g&matt_device=c&matt_creative=792396419707&matt_keyword=&matt_ad_position=&matt_ad_type=pla&matt_merchant_id=735098639&matt_product_id=MLB20199523-product&matt_product_partition_id=2470634131585&matt_target_id=pla-2470634131585&cq_src=google_ads&cq_cmp=22090354487&cq_net=g&cq_plt=gp&cq_med=pla&gad_source=1&gad_campaignid=22090354487&gbraid=0AAAAAD93qcD9MlUhk0DsjOWe3HkL9bL24&gclid=CjwKCAjwtcHPBhADEiwAWo3sJgxfHHSsOl9hwAdJ7_9HZok_sITxqY-e-qWu3c9qihF4nmGvOUcAvhoCfD4QAvD_BwE",{"$nulls":7},"2026-06-28",26.79,"Sim",null,null,"Sim"]
[null,"Pacheco - https://www.drogariaspacheco.com.br/mascara-cirurgica-descartavel-ever-care-50-unidades/p?idsku=740900&utm_source=google&utm_medium=cpc&utm_campaign=google-shp&gad_source=1&gad_campaignid=19773079415&gbraid=0AAAAADnsPzPbfHwr5vRbnleeKTJaUywX8&gclid=CjwKCAjwtcHPBhADEiwAWo3sJs-Ej3DS_YWydqCX2OKhrRCOA2_XXO2IRyO--8OdDvmADBtgKs1HvRoCZ1QQAvD_BwE",{"$nulls":7},"2026-06-28",48.23,"Sim",null,null,"Sim"]
[{"$nulls":11},"",null,null,""]
[{"$nulls":11},"",null,null,""]
[{"$nulls":11},"",null,null,""]
[{"$nulls":11},"",null,null,""]
[{"$nulls":11},"",null,null,""]
[{"$nulls":11},"",null,null,""]
[{"$nulls":11},"",null,null,""]
[{"$nulls":11},"",null,null,""]
[null,"Observações:",{"$nulls":8},"Média:",{"$f":"IF($L$32=\"\",\"Selecione metodologia para exclusão de preços\",AVERAGE(IF($L$10:$L$29=\"Sim\",$K$10:$K$29)))","v":44.559999999999995},null,"Média (Cotações)",{"$f":"IF(COUNTIF(O19:O29,\"Sim\")<3,\"N/D (são necessários pelo menos 3 preços)\",AVERAGE(IF(O19:O29=\"Sim\",$K19:$K29)))","v":44.559999999999995},{"$f":"IF(COUNTIF(P19:P29,\"Sim\")<3,\"N/D (são necessários pelo menos 3 preços)\",AVERAGE(IF(P19:P29=\"Sim\",$K19:$K29)))","v":"N/D (são necessários pelo menos 3 preços)"}]
[{"$nulls":10},"Mediana:",{"$f":"IF($L$32=\"\",\"Selecione metodologia para exclusão de preços\",MEDIAN(IF($L$10:$L$29=\"Sim\",$K$10:$K$29)))","v":48.23},null,"Mediana (Cotações)",{"$f":"IF(COUNTIF(O19:O29,\"Sim\")<3,\"N/D (são necessários pelo menos 3 preços)\",MEDIAN(IF(O19:O29=\"Sim\",$K19:$K29)))","v":48.23},{"$f":"IF(COUNTIF(P19:P29,\"Sim\")<3,\"N/D (são necessários pelo menos 3 preços)\",MEDIAN(IF(P19:P29=\"Sim\",$K19:$K29)))","v":"N/D (são necessários pelo menos 3 preços)"}]
[null,"Metodologia de exclusão de preços adotada:",{"$nulls":9},{"$f":"IF(O35=\"\",INDEX(O18:P18,MATCH(MIN(#REF!),#REF!,0)),O35)","v":"Outliers"},null,"CV (Cotações)",{"$f":"IF(COUNTIF(O19:O29,\"Sim\")<3,\"N/D (são necessários pelo menos 3 preços)\",_xlfn.STDEV.S(IF(O19:O29=\"Sim\",$K19:$K29))/AVERAGE(IF(O19:O29=\"Sim\",$K19:$K29)))","v":0.36465156658727399},{"$f":"IF(COUNTIF(P19:P29,\"Sim\")<3,\"N/D (são necessários pelo menos 3 preços)\",_xlfn.STDEV.S(IF(P19:P29=\"Sim\",$K19:$K29))/AVERAGE(IF(P19:P29=\"Sim\",$K19:$K29)))","v":"N/D (são necessários pelo menos 3 preços)"}]
[{"$nulls":13},"Média",{"$f":"IF(SUM(COUNTIF($O$10:$O$16,\"Sim\")) + SUM(COUNTIF(O19:O29,\"Sim\")) < 3,\n   \"N/D (são necessários pelo menos 3 preços)\",\n   IFERROR(AVERAGE(_xlfn._xlws.FILTER($K$10:$K$16,$O$10:$O$16=\"Sim\"), _xlfn._xlws.FILTER($K$19:$K$29,O19:O29=\"Sim\")),O30))","v":44.559999999999995},{"$f":"IF(SUM(COUNTIF($P$10:$P$16,\"Sim\")) + SUM(COUNTIF(P19:P29,\"Sim\")) < 3,\n   \"N/D (são necessários pelo menos 3 preços)\",\n   IFERROR(AVERAGE(_xlfn._xlws.FILTER($K$10:$K$16,$P$10:$P$16=\"Sim\"), _xlfn._xlws.FILTER($K$19:$K$29,P19:P29=\"Sim\")),P30))","v":"N/D (são necessários pelo menos 3 preços)"}]
[{"$nulls":13},"Mediana",{"$f":"IF(SUM(COUNTIF($O$10:$O$16,\"Sim\")) + SUM(COUNTIF(O19:O29,\"Sim\")) < 3,\n   \"N/D (são necessários pelo menos 3 preços)\",\n   IFERROR(MEDIAN(_xlfn._xlws.FILTER($K$10:$K$16,$O$10:$O$16=\"Sim\"), _xlfn._xlws.FILTER($K$19:$K$29,O19:O29=\"Sim\")),O31))","v":48.23},{"$f":"IF(SUM(COUNTIF($P10:$P$16,\"Sim\")) + SUM(COUNTIF(P19:P29,\"Sim\")) < 3,\n   \"N/D (são necessários pelo menos 3 preços)\",\n   IFERROR(MEDIAN(_xlfn._xlws.FILTER($K$10:$K$16,$P$10:$P$16=\"Sim\"), _xlfn._xlws.FILTER($K$19:$K$29,P19:P29=\"Sim\")),P31))","v":"N/D (são necessários pelo menos 3 preços)"}]
[null,"COSOLIDAÇÃO DOS PREÇOS",{"$nulls":11},"Metodologia a adotar:",{"$f":"IF(INDEX(O18:P18,P35)=0,\"\",INDEX(O18:P18,P35))","v":"Outliers"},1]
[]
[null,"PREÇO UNITÁRIO ESTIMADO ADOTADO:",{"$nulls":9},{"$f":"IF($B$39=\"Mediana:\",L31,L30)","v":44.559999999999995}]
[]
[{"$f":"O18","v":"Outliers"},"Média:"]

{"sheet":"Mascara RCP","index":25,"n_rows":39,"n_cols":16,"rows_kept":39,"cut":false,"hidden":true,"merged":[[16,1,16,11],[16,14,16,15],[0,0,0,6],[6,2,6,7],[6,14,6,15],[7,1,7,11],[7,14,7,15],[28,1,28,8],[17,1,17,8],[18,1,18,8],[19,1,19,8],[20,1,20,8],[21,1,21,8],[22,1,22,8],[23,1,23,8],[24,1,24,8],[25,1,25,8],[26,1,26,8],[27,1,27,8],[31,1,33,10],[31,11,33,11],[34,1,35,10],[34,11,35,11],[36,1,36,10]]}
[]
[null,"Processo"]
[null,"Responsável"]
[null,"Área de Origem"]
[null,"Data da pesquisa"]
[]
[null,"ITEM:","MÁSCARA RCP DESCARTÁVEL",{"$nulls":5},"UNIDADE DE MEDIDA:","Unidade","QUANTIDADE:",10,null,null,"Tabela auxiliar de metodologias para exclusão de preços"]
[null,"LICITAÇÕES ANTERIORES",{"$nulls":12},"Licitações Anteriores"]
[null,"Órgão","Edital/Ano - Nº do Lote / Item","Quantidade","Valor Unitário","Data","índice de atualização (nome)","I0","If","Variação acumulada do índice (%)","Preço unitário atualizado","Utilizar?  (Sim/Não)",null,null,"Outliers","Por critério do(a) analista"]
[{"$nulls":9},{"$f":"IF(ISBLANK(E10),\"\",IF(ISNUMBER(H10),(I10-H10)/H10,0))","v":""},{"$f":"IF(ISBLANK(E10),\"\",E10*(1+J10))","v":""},{"$f":"IF(ISNUMBER(K10),IF($L$32<>$P$9,O10,P10),\"\")","v":""},null,null,{"$f":"IF(ISNUMBER(K10),IF(OR(K10<_xlfn.QUARTILE.INC($K$10:$K$29,1)-1.5*(_xlfn.QUARTILE.INC($K$10:K29,3)-_xlfn.QUARTILE.INC($K$10:$K$29,1)),K10>_xlfn.QUARTILE.INC($K$10:$K$29,3)+1.5*(_xlfn.QUARTILE.INC($K$10:$K$29,3)-_xlfn.QUARTILE.INC($K$10:$K$29,1))),\"Não\",\"Sim\"),\"\")","v":""}]
[{"$nulls":9},{"$f":"IF(ISBLANK(E11),\"\",IF(ISNUMBER(H11),(I11-H11)/H11,0))","v":""},{"$f":"IF(ISBLANK(E11),\"\",E11*(1+J11))","v":""},"",null,null,{"$f":"IF(ISNUMBER(K11),IF(OR(K11<_xlfn.QUARTILE.INC($K$10:$K$29,1)-1.5*(_xlfn.QUARTILE.INC($K$10:K29,3)-_xlfn.QUARTILE.INC($K$10:$K$29,1)),K11>_xlfn.QUARTILE.INC($K$10:$K$29,3)+1.5*(_xlfn.QUARTILE.INC($K$10:$K$29,3)-_xlfn.QUARTILE.INC($K$10:$K$29,1))),\"Não\",\"Sim\"),\"\")","v":""}]
[{"$nulls":9},"","","",null,null,{"$f":"IF(ISNUMBER(K12),IF(OR(K12<_xlfn.QUARTILE.INC($K$10:$K$29,1)-1.5*(_xlfn.QUARTILE.INC($K$10:K30,3)-_xlfn.QUARTILE.INC($K$10:$K$29,1)),K12>_xlfn.QUARTILE.INC($K$10:$K$29,3)+1.5*(_xlfn.QUARTILE.INC($K$10:$K$29,3)-_xlfn.QUARTILE.INC($K$10:$K$29,1))),\"Não\",\"Sim\"),\"\")","v":""}]
[{"$nulls":9},"","","",null,null,{"$f":"IF(ISNUMBER(K13),IF(OR(K13<_xlfn.QUARTILE.INC($K$10:$K$29,1)-1.5*(_xlfn.QUARTILE.INC($K$10:K31,3)-_xlfn.QUARTILE.INC($K$10:$K$29,1)),K13>_xlfn.QUARTILE.INC($K$10:$K$29,3)+1.5*(_xlfn.QUARTILE.INC($K$10:$K$29,3)-_xlfn.QUARTILE.INC($K$10:$K$29,1))),\"Não\",\"Sim\"),\"\")","v":""}]
[{"$nulls":9},"","","",null,null,{"$f":"IF(ISNUMBER(K14),IF(OR(K14<_xlfn.QUARTILE.INC($K$10:$K$29,1)-1.5*(_xlfn.QUARTILE.INC($K$10:K32,3)-_xlfn.QUARTILE.INC($K$10:$K$29,1)),K14>_xlfn.QUARTILE.INC($K$10:$K$29,3)+1.5*(_xlfn.QUARTILE.INC($K$10:$K$29,3)-_xlfn.QUARTILE.INC($K$10:$K$29,1))),\"Não\",\"Sim\"),\"\")","v":""}]
[{"$nulls":9},"","","",null,null,{"$f":"IF(ISNUMBER(K15),IF(OR(K15<_xlfn.QUARTILE.INC($K$10:$K$29,1)-1.5*(_xlfn.QUARTILE.INC($K$10:K35,3)-_xlfn.QUARTILE.INC($K$10:$K$29,1)),K15>_xlfn.QUARTILE.INC($K$10:$K$29,3)+1.5*(_xlfn.QUARTILE.INC($K$10:$K$29,3)-_xlfn.QUARTILE.INC($K$10:$K$29,1))),\"Não\",\"Sim\"),\"\")","v":""}]
[{"$nulls":9},"","","",null,null,{"$f":"IF(ISNUMBER(K16),IF(OR(K16<_xlfn.QUARTILE.INC($K$10:$K$29,1)-1.5*(_xlfn.QUARTILE.INC($I$10:I37,3)-_xlfn.QUARTILE.INC($K$10:$K$29,1)),K16>_xlfn.QUARTILE.INC($K$10:$K$29,3)+1.5*(_xlfn.QUARTILE.INC($K$10:$K$29,3)-_xlfn.QUARTILE.INC($K$10:$K$29,1))),\"Não\",\"Sim\"),\"\")","v":""}]
[null,"COTAÇÕES DE MERCADO",{"$nulls":12},"Cotações"]
[null,"Empresa",{"$nulls":7},"Data","Preço Unitário","Utilizar? (Sim/Não)",null,null,"Outliers","Por critério do(a) analista"]
[null,"https://magazinemedica.com.br/produtos/visualiza/sku/483/?gad_source=1&gad_campaignid=23257119241&gbraid=0AAAAA-LLl3TiEu2y6MTx5T-rxpkRQzg3F&gclid=Cj0KCQjw2MbPBhCSARIsAP3jP9wAINz9vrTKBdF-1Q3R7_fhAwGBMF9EOfMnJBjtz-kWBtOOddZmJwUaAuivEALw_wcB",{"$nulls":7},"2026-04-29",12.51,{"$f":"IF(ISNUMBER(K19),IF($L$32=$O$18,O19,IF($L$32=$P$18,P19,\"\")),\"\")","v":"Sim"},null,null,{"$f":"IF(ISNUMBER(K19),IF(OR(K19<_xlfn.QUARTILE.INC($K$10:$K$29,1)-1.5*(_xlfn.QUARTILE.INC($K$10:$K$29,3)-_xlfn.QUARTILE.INC($K$10:$K$29,1)),K19>_xlfn.QUARTILE.INC($K$10:$K$29,3)+1.5*(_xlfn.QUARTILE.INC($K$10:$K$29,3)-_xlfn.QUARTILE.INC($K$10:$K$29,1))),\"Não\",\"Sim\"),\"\")","v":"Sim"}]
[null,"https://www.mercadolivre.com.br/mascara-rcp-descartavel/up/MLBU595157551?pdp_filters=item_id%3AMLB1129178186&from=gshop&matt_tool=79314260&matt_word=&matt_source=google&matt_campaign_id=22090354076&matt_ad_group_id=192555039814&matt_match_type=&matt_network=g&matt_device=c&matt_creative=799032780700&matt_keyword=&matt_ad_position=&matt_ad_type=pla&matt_merchant_id=120034263&matt_product_id=MLBU595157551&matt_product_partition_id=2471390449598&matt_target_id=pla-2471390449598&cq_src=google_ads&cq_cmp=22090354076&cq_net=g&cq_plt=gp&cq_med=pla&gad_source=1&gad_campaignid=22090354076&gbraid=0AAAAAD93qcDD1Q6_wlkrpP01JMAjAU17U&gclid=Cj0KCQjw2MbPBhCSARIsAP3jP9zPPwtiflqOzyEMOxHDuzYgrCCZUqKxTtrSkZT71VR4JAkvVog-_jwaAkvaEALw_wcB",{"$nulls":7},"2026-04-29",22,"Sim",null,null,"Sim"]
[null,"https://www.mercadolivre.com.br/mascaras-rcp-descartavel/up/MLBU1098046046?pdp_filters=item_id%3AMLB1865569708&from=gshop&matt_tool=79314260&matt_word=&matt_source=google&matt_campaign_id=22090354076&matt_ad_group_id=192555039814&matt_match_type=&matt_network=g&matt_device=c&matt_creative=799032780700&matt_keyword=&matt_ad_position=&matt_ad_type=pla&matt_merchant_id=399414265&matt_product_id=MLBU1098046046&matt_product_partition_id=2471390449598&matt_target_id=pla-2471390449598&cq_src=google_ads&cq_cmp=22090354076&cq_net=g&cq_plt=gp&cq_med=pla&gad_source=1&gad_campaignid=22090354076&gbraid=0AAAAAD93qcDD1Q6_wlkrpP01JMAjAU17U&gclid=Cj0KCQjw2MbPBhCSARIsAP3jP9y_0wpRbGplV8mgOOc_QfP26tVCXit11fz_BHCzMrTF6uHEwR94xEAaAh8yEALw_wcB",{"$nulls":7},"2026-04-29",19,"Sim",null,null,"Sim"]
[{"$nulls":11},"",null,null,""]
[{"$nulls":11},"",null,null,""]
[{"$nulls":11},"",null,null,""]
[{"$nulls":11},"",null,null,""]
[{"$nulls":11},"",null,null,""]
[{"$nulls":11},"",null,null,""]
[{"$nulls":11},"",null,null,""]
[{"$nulls":11},"",null,null,""]
[null,"Observações:",{"$nulls":8},"Média:",{"$f":"IF($L$32=\"\",\"Selecione metodologia para exclusão de preços\",AVERAGE(IF($L$10:$L$29=\"Sim\",$K$10:$K$29)))","v":17.836666666666666},null,"Média (Cotações)",{"$f":"IF(COUNTIF(O19:O29,\"Sim\")<3,\"N/D (são necessários pelo menos 3 preços)\",AVERAGE(IF(O19:O29=\"Sim\",$K19:$K29)))","v":17.836666666666666},{"$f":"IF(COUNTIF(P19:P29,\"Sim\")<3,\"N/D (são necessários pelo menos 3 preços)\",AVERAGE(IF(P19:P29=\"Sim\",$K19:$K29)))","v":"N/D (são necessários pelo menos 3 preços)"}]
[{"$nulls":10},"Mediana:",{"$f":"IF($L$32=\"\",\"Selecione metodologia para exclusão de preços\",MEDIAN(IF($L$10:$L$29=\"Sim\",$K$10:$K$29)))","v":19},null,"Mediana (Cotações)",{"$f":"IF(COUNTIF(O19:O29,\"Sim\")<3,\"N/D (são necessários pelo menos 3 preços)\",MEDIAN(IF(O19:O29=\"Sim\",$K19:$K29)))","v":19},{"$f":"IF(COUNTIF(P19:P29,\"Sim\")<3,\"N/D (são necessários pelo menos 3 preços)\",MEDIAN(IF(P19:P29=\"Sim\",$K19:$K29)))","v":"N/D (são necessários pelo menos 3 preços)"}]
[null,"Metodologia de exclusão de preços adotada:",{"$nulls":9},{"$f":"IF(O35=\"\",INDEX(O18:P18,MATCH(MIN(#REF!),#REF!,0)),O35)","v":"Outliers"},null,"CV (Cotações)",{"$f":"IF(COUNTIF(O19:O29,\"Sim\")<3,\"N/D (são necessários pelo menos 3 preços)\",_xlfn.STDEV.S(IF(O19:O29=\"Sim\",$K19:$K29))/AVERAGE(IF(O19:O29=\"Sim\",$K19:$K29)))","v":0.27195533003912264},{"$f":"IF(COUNTIF(P19:P29,\"Sim\")<3,\"N/D (são necessários pelo menos 3 preços)\",_xlfn.STDEV.S(IF(P19:P29=\"Sim\",$K19:$K29))/AVERAGE(IF(P19:P29=\"Sim\",$K19:$K29)))","v":"N/D (são necessários pelo menos 3 preços)"}]
[{"$nulls":13},"Média",{"$f":"IF(SUM(COUNTIF($O$10:$O$16,\"Sim\")) + SUM(COUNTIF(O19:O29,\"Sim\")) < 3,\n   \"N/D (são necessários pelo menos 3 preços)\",\n   IFERROR(AVERAGE(_xlfn._xlws.FILTER($K$10:$K$16,$O$10:$O$16=\"Sim\"), _xlfn._xlws.FILTER($K$19:$K$29,O19:O29=\"Sim\")),O30))","v":17.836666666666666},{"$f":"IF(SUM(COUNTIF($P$10:$P$16,\"Sim\")) + SUM(COUNTIF(P19:P29,\"Sim\")) < 3,\n   \"N/D (são necessários pelo menos 3 preços)\",\n   IFERROR(AVERAGE(_xlfn._xlws.FILTER($K$10:$K$16,$P$10:$P$16=\"Sim\"), _xlfn._xlws.FILTER($K$19:$K$29,P19:P29=\"Sim\")),P30))","v":"N/D (são necessários pelo menos 3 preços)"}]
[{"$nulls":13},"Mediana",{"$f":"IF(SUM(COUNTIF($O$10:$O$16,\"Sim\")) + SUM(COUNTIF(O19:O29,\"Sim\")) < 3,\n   \"N/D (são necessários pelo menos 3 preços)\",\n   IFERROR(MEDIAN(_xlfn._xlws.FILTER($K$10:$K$16,$O$10:$O$16=\"Sim\"), _xlfn._xlws.FILTER($K$19:$K$29,O19:O29=\"Sim\")),O31))","v":19},{"$f":"IF(SUM(COUNTIF($P10:$P$16,\"Sim\")) + SUM(COUNTIF(P19:P29,\"Sim\")) < 3,\n   \"N/D (são necessários pelo menos 3 preços)\",\n   IFERROR(MEDIAN(_xlfn._xlws.FILTER($K$10:$K$16,$P$10:$P$16=\"Sim\"), _xlfn._xlws.FILTER($K$19:$K$29,P19:P29=\"Sim\")),P31))","v":"N/D (são necessários pelo menos 3 preços)"}]
[null,"COSOLIDAÇÃO DOS PREÇOS",{"$nulls":11},"Metodologia a adotar:",{"$f":"IF(INDEX(O18:P18,P35)=0,\"\",INDEX(O18:P18,P35))","v":"Outliers"},1]
[]
[null,"PREÇO UNITÁRIO ESTIMADO ADOTADO:",{"$nulls":9},{"$f":"IF($B$39=\"Mediana:\",L31,L30)","v":17.836666666666666}]
[]
[{"$f":"O18","v":"Outliers"},"Média:"]

{"sheet":"Medidor de pressão","index":26,"n_rows":39,"n_cols":16,"rows_kept":39,"cut":false,"hidden":true,"merged":[[16,1,16,11],[16,14,16,15],[0,0,0,6],[6,2,6,7],[6,14,6,15],[7,1,7,11],[7,14,7,15],[28,1,28,8],[17,1,17,8],[18,1,18,8],[19,1,19,8],[20,1,20,8],[21,1,21,8],[22,1,22,8],[23,1,23,8],[24,1,24,8],[25,1,25,8],[26,1,26,8],[27,1,27,8],[31,1,33,10],[31,11,33,11],[34,1,35,10],[34,11,35,11],[36,1,36,10]]}
[]
[null,"Processo"]
[null,"Responsável"]
[null,"Área de Origem"]
[null,"Data da pesquisa"]
[]
[null,"ITEM:","MONITOR DE PRESSÃO ARTERIAL e batimentos cardíacos, ajuste da insuflação automático, de braço, digital, com braçadeira pequena e grande, indicador de nível de carga de bateria, data e hora, memória, visor de cristal líquido.",{"$nulls":5},"UNIDADE DE MEDIDA:","Unidade","QUANTIDADE:",2,null,null,"Tabela auxiliar de metodologias para exclusão de preços"]
[null,"LICITAÇÕES ANTERIORES",{"$nulls":12},"Licitações Anteriores"]
[null,"Órgão","Edital/Ano - Nº do Lote / Item","Quantidade","Valor Unitário","Data","índice de atualização (nome)","I0","If","Variação acumulada do índice (%)","Preço unitário atualizado","Utilizar?  (Sim/Não)",null,null,"Outliers","Por critério do(a) analista"]
[{"$nulls":9},{"$f":"IF(ISBLANK(E10),\"\",IF(ISNUMBER(H10),(I10-H10)/H10,0))","v":""},{"$f":"IF(ISBLANK(E10),\"\",E10*(1+J10))","v":""},{"$f":"IF(ISNUMBER(K10),IF($L$32<>$P$9,O10,P10),\"\")","v":""},null,null,{"$f":"IF(ISNUMBER(K10),IF(OR(K10<_xlfn.QUARTILE.INC($K$10:$K$29,1)-1.5*(_xlfn.QUARTILE.INC($K$10:K29,3)-_xlfn.QUARTILE.INC($K$10:$K$29,1)),K10>_xlfn.QUARTILE.INC($K$10:$K$29,3)+1.5*(_xlfn.QUARTILE.INC($K$10:$K$29,3)-_xlfn.QUARTILE.INC($K$10:$K$29,1))),\"Não\",\"Sim\"),\"\")","v":""}]
[{"$nulls":9},{"$f":"IF(ISBLANK(E11),\"\",IF(ISNUMBER(H11),(I11-H11)/H11,0))","v":""},{"$f":"IF(ISBLANK(E11),\"\",E11*(1+J11))","v":""},"",null,null,{"$f":"IF(ISNUMBER(K11),IF(OR(K11<_xlfn.QUARTILE.INC($K$10:$K$29,1)-1.5*(_xlfn.QUARTILE.INC($K$10:K29,3)-_xlfn.QUARTILE.INC($K$10:$K$29,1)),K11>_xlfn.QUARTILE.INC($K$10:$K$29,3)+1.5*(_xlfn.QUARTILE.INC($K$10:$K$29,3)-_xlfn.QUARTILE.INC($K$10:$K$29,1))),\"Não\",\"Sim\"),\"\")","v":""}]
[{"$nulls":9},"","","",null,null,{"$f":"IF(ISNUMBER(K12),IF(OR(K12<_xlfn.QUARTILE.INC($K$10:$K$29,1)-1.5*(_xlfn.QUARTILE.INC($K$10:K30,3)-_xlfn.QUARTILE.INC($K$10:$K$29,1)),K12>_xlfn.QUARTILE.INC($K$10:$K$29,3)+1.5*(_xlfn.QUARTILE.INC($K$10:$K$29,3)-_xlfn.QUARTILE.INC($K$10:$K$29,1))),\"Não\",\"Sim\"),\"\")","v":""}]
[{"$nulls":9},"","","",null,null,{"$f":"IF(ISNUMBER(K13),IF(OR(K13<_xlfn.QUARTILE.INC($K$10:$K$29,1)-1.5*(_xlfn.QUARTILE.INC($K$10:K31,3)-_xlfn.QUARTILE.INC($K$10:$K$29,1)),K13>_xlfn.QUARTILE.INC($K$10:$K$29,3)+1.5*(_xlfn.QUARTILE.INC($K$10:$K$29,3)-_xlfn.QUARTILE.INC($K$10:$K$29,1))),\"Não\",\"Sim\"),\"\")","v":""}]
[{"$nulls":9},"","","",null,null,{"$f":"IF(ISNUMBER(K14),IF(OR(K14<_xlfn.QUARTILE.INC($K$10:$K$29,1)-1.5*(_xlfn.QUARTILE.INC($K$10:K32,3)-_xlfn.QUARTILE.INC($K$10:$K$29,1)),K14>_xlfn.QUARTILE.INC($K$10:$K$29,3)+1.5*(_xlfn.QUARTILE.INC($K$10:$K$29,3)-_xlfn.QUARTILE.INC($K$10:$K$29,1))),\"Não\",\"Sim\"),\"\")","v":""}]
[{"$nulls":9},"","","",null,null,{"$f":"IF(ISNUMBER(K15),IF(OR(K15<_xlfn.QUARTILE.INC($K$10:$K$29,1)-1.5*(_xlfn.QUARTILE.INC($K$10:K35,3)-_xlfn.QUARTILE.INC($K$10:$K$29,1)),K15>_xlfn.QUARTILE.INC($K$10:$K$29,3)+1.5*(_xlfn.QUARTILE.INC($K$10:$K$29,3)-_xlfn.QUARTILE.INC($K$10:$K$29,1))),\"Não\",\"Sim\"),\"\")","v":""}]
[{"$nulls":9},"","","",null,null,{"$f":"IF(ISNUMBER(K16),IF(OR(K16<_xlfn.QUARTILE.INC($K$10:$K$29,1)-1.5*(_xlfn.QUARTILE.INC($I$10:I37,3)-_xlfn.QUARTILE.INC($K$10:$K$29,1)),K16>_xlfn.QUARTILE.INC($K$10:$K$29,3)+1.5*(_xlfn.QUARTILE.INC($K$10:$K$29,3)-_xlfn.QUARTILE.INC($K$10:$K$29,1))),\"Não\",\"Sim\"),\"\")","v":""}]
[null,"COTAÇÕES DE MERCADO",{"$nulls":12},"Cotações"]
[null,"Empresa",{"$nulls":7},"Data","Preço Unitário","Utilizar? (Sim/Não)",null,null,"Outliers","Por critério do(a) analista"]
[null,"Amazon - https://www.amazon.com.br/Medidor-Press%C3%A3o-Bra%C3%A7o-Eletrico-Garantia/dp/B09L1L2V12/ref=asc_df_B09L1L2V12?mcid=fb4ff1a9adff3367bbbc901543ad3745&tag=googleshopp00-20&linkCode=df0&hvadid=709857204930&hvpos=&hvnetw=g&hvrand=1022160588793177548&hvpone=&hvptwo=&hvqmt=&hvdev=c&hvdvcmdl=&hvlocint=&hvlocphy=9198389&hvtargid=pla-1651119083753&psc=1&hvocijid=1022160588793177548-B09L1L2V12-&hvexpln=0&language=pt_BR",{"$nulls":7},"2026-04-28",184.9,{"$f":"IF(ISNUMBER(K19),IF($L$32=$O$18,O19,IF($L$32=$P$18,P19,\"\")),\"\")","v":"Sim"},null,null,{"$f":"IF(ISNUMBER(K19),IF(OR(K19<_xlfn.QUARTILE.INC($K$10:$K$29,1)-1.5*(_xlfn.QUARTILE.INC($K$10:$K$29,3)-_xlfn.QUARTILE.INC($K$10:$K$29,1)),K19>_xlfn.QUARTILE.INC($K$10:$K$29,3)+1.5*(_xlfn.QUARTILE.INC($K$10:$K$29,3)-_xlfn.QUARTILE.INC($K$10:$K$29,1))),\"Não\",\"Sim\"),\"\")","v":"Sim"}]
[null,"Drogasil - https://www.drogasil.com.br/aparelho-de-pressao-digital-de-braco-la800-g-tech-aparelho-de-pressao-digital-de-braco-g-tech-la800-713712.html?gad_source=1&gad_campaignid=17339191360&gbraid=0AAAAADod4VVQwQ90NZQI-0p0cJy81H-gh&gclid=CjwKCAjwtcHPBhADEiwAWo3sJgq8YNmqLF1LGJ_S59XZeLazv6WRsW4PmiRmfth6PoyMKEpWrFSFLBoCVjIQAvD_BwE",{"$nulls":7},"2026-04-28",182.29,"Sim",null,null,"Sim"]
[null,"Cirurgica Saluta - https://www.cirurgicasalutar.com.br/aparelho-de-pressao-digital-de-braco-la800-g-tech?utm_source=Site&utm_medium=GoogleMerchant&utm_campaign=GoogleMerchant&utm_campaign=APARELHOS&gad_source=1&gad_campaignid=23693078041&gbraid=0AAAAADEA62igI-y8s0gresymEwQ0ls_Ds&gclid=CjwKCAjwtcHPBhADEiwAWo3sJl5a4t-_4a2r2f-kc_ZedvIadpHgvs1mhYX8I48V6-BGzgcWdCGTWRoCFX4QAvD_BwE",{"$nulls":7},"2026-04-28",135,"Sim",null,null,"Sim"]
[{"$nulls":11},"",null,null,""]
[{"$nulls":11},"",null,null,""]
[{"$nulls":11},"",null,null,""]
[{"$nulls":11},"",null,null,""]
[{"$nulls":11},"",null,null,""]
[{"$nulls":11},"",null,null,""]
[{"$nulls":11},"",null,null,""]
[{"$nulls":11},"",null,null,""]
[null,"Observações:",{"$nulls":8},"Média:",{"$f":"IF($L$32=\"\",\"Selecione metodologia para exclusão de preços\",AVERAGE(IF($L$10:$L$29=\"Sim\",$K$10:$K$29)))","v":167.39666666666668},null,"Média (Cotações)",{"$f":"IF(COUNTIF(O19:O29,\"Sim\")<3,\"N/D (são necessários pelo menos 3 preços)\",AVERAGE(IF(O19:O29=\"Sim\",$K19:$K29)))","v":167.39666666666668},{"$f":"IF(COUNTIF(P19:P29,\"Sim\")<3,\"N/D (são necessários pelo menos 3 preços)\",AVERAGE(IF(P19:P29=\"Sim\",$K19:$K29)))","v":"N/D (são necessários pelo menos 3 preços)"}]
[{"$nulls":10},"Mediana:",{"$f":"IF($L$32=\"\",\"Selecione metodologia para exclusão de preços\",MEDIAN(IF($L$10:$L$29=\"Sim\",$K$10:$K$29)))","v":182.29},null,"Mediana (Cotações)",{"$f":"IF(COUNTIF(O19:O29,\"Sim\")<3,\"N/D (são necessários pelo menos 3 preços)\",MEDIAN(IF(O19:O29=\"Sim\",$K19:$K29)))","v":182.29},{"$f":"IF(COUNTIF(P19:P29,\"Sim\")<3,\"N/D (são necessários pelo menos 3 preços)\",MEDIAN(IF(P19:P29=\"Sim\",$K19:$K29)))","v":"N/D (são necessários pelo menos 3 preços)"}]
[null,"Metodologia de exclusão de preços adotada:",{"$nulls":9},{"$f":"IF(O35=\"\",INDEX(O18:P18,MATCH(MIN(#REF!),#REF!,0)),O35)","v":"Outliers"},null,"CV (Cotações)",{"$f":"IF(COUNTIF(O19:O29,\"Sim\")<3,\"N/D (são necessários pelo menos 3 preços)\",_xlfn.STDEV.S(IF(O19:O29=\"Sim\",$K19:$K29))/AVERAGE(IF(O19:O29=\"Sim\",$K19:$K29)))","v":0.16778512134415829},{"$f":"IF(COUNTIF(P19:P29,\"Sim\")<3,\"N/D (são necessários pelo menos 3 preços)\",_xlfn.STDEV.S(IF(P19:P29=\"Sim\",$K19:$K29))/AVERAGE(IF(P19:P29=\"Sim\",$K19:$K29)))","v":"N/D (são necessários pelo menos 3 preços)"}]
[{"$nulls":13},"Média",{"$f":"IF(SUM(COUNTIF($O$10:$O$16,\"Sim\")) + SUM(COUNTIF(O19:O29,\"Sim\")) < 3,\n   \"N/D (são necessários pelo menos 3 preços)\",\n   IFERROR(AVERAGE(_xlfn._xlws.FILTER($K$10:$K$16,$O$10:$O$16=\"Sim\"), _xlfn._xlws.FILTER($K$19:$K$29,O19:O29=\"Sim\")),O30))","v":167.39666666666668},{"$f":"IF(SUM(COUNTIF($P$10:$P$16,\"Sim\")) + SUM(COUNTIF(P19:P29,\"Sim\")) < 3,\n   \"N/D (são necessários pelo menos 3 preços)\",\n   IFERROR(AVERAGE(_xlfn._xlws.FILTER($K$10:$K$16,$P$10:$P$16=\"Sim\"), _xlfn._xlws.FILTER($K$19:$K$29,P19:P29=\"Sim\")),P30))","v":"N/D (são necessários pelo menos 3 preços)"}]
[{"$nulls":13},"Mediana",{"$f":"IF(SUM(COUNTIF($O$10:$O$16,\"Sim\")) + SUM(COUNTIF(O19:O29,\"Sim\")) < 3,\n   \"N/D (são necessários pelo menos 3 preços)\",\n   IFERROR(MEDIAN(_xlfn._xlws.FILTER($K$10:$K$16,$O$10:$O$16=\"Sim\"), _xlfn._xlws.FILTER($K$19:$K$29,O19:O29=\"Sim\")),O31))","v":182.29},{"$f":"IF(SUM(COUNTIF($P10:$P$16,\"Sim\")) + SUM(COUNTIF(P19:P29,\"Sim\")) < 3,\n   \"N/D (são necessários pelo menos 3 preços)\",\n   IFERROR(MEDIAN(_xlfn._xlws.FILTER($K$10:$K$16,$P$10:$P$16=\"Sim\"), _xlfn._xlws.FILTER($K$19:$K$29,P19:P29=\"Sim\")),P31))","v":"N/D (são necessários pelo menos 3 preços)"}]
[null,"COSOLIDAÇÃO DOS PREÇOS",{"$nulls":11},"Metodologia a adotar:",{"$f":"IF(INDEX(O18:P18,P35)=0,\"\",INDEX(O18:P18,P35))","v":"Outliers"},1]
[]
[null,"PREÇO UNITÁRIO ESTIMADO ADOTADO:",{"$nulls":9},{"$f":"IF($B$39=\"Mediana:\",L31,L30)","v":167.39666666666668}]
[]
[{"$f":"O18","v":"Outliers"},"Média:"]

{"sheet":"Pinça","index":27,"n_rows":39,"n_cols":16,"rows_kept":39,"cut":false,"hidden":true,"merged":[[16,1,16,11],[16,14,16,15],[0,0,0,6],[6,2,6,7],[6,14,6,15],[7,1,7,11],[7,14,7,15],[28,1,28,8],[17,1,17,8],[18,1,18,8],[19,1,19,8],[20,1,20,8],[21,1,21,8],[22,1,22,8],[23,1,23,8],[24,1,24,8],[25,1,25,8],[26,1,26,8],[27,1,27,8],[31,1,33,10],[31,11,33,11],[34,1,35,10],[34,11,35,11],[36,1,36,10]]}
[]
[null,"Processo"]
[null,"Responsável"]
[null,"Área de Origem"]
[null,"Data da pesquisa"]
[]
[null,"ITEM:","PINÇA DISSECÇÃO 16cm, sem dente",{"$nulls":5},"UNIDADE DE MEDIDA:","Unidade","QUANTIDADE:",2,null,null,"Tabela auxiliar de metodologias para exclusão de preços"]
[null,"LICITAÇÕES ANTERIORES",{"$nulls":12},"Licitações Anteriores"]
[null,"Órgão","Edital/Ano - Nº do Lote / Item","Quantidade","Valor Unitário","Data","índice de atualização (nome)","I0","If","Variação acumulada do índice (%)","Preço unitário atualizado","Utilizar?  (Sim/Não)",null,null,"Outliers","Por critério do(a) analista"]
[{"$nulls":9},{"$f":"IF(ISBLANK(E10),\"\",IF(ISNUMBER(H10),(I10-H10)/H10,0))","v":""},{"$f":"IF(ISBLANK(E10),\"\",E10*(1+J10))","v":""},{"$f":"IF(ISNUMBER(K10),IF($L$32<>$P$9,O10,P10),\"\")","v":""},null,null,{"$f":"IF(ISNUMBER(K10),IF(OR(K10<_xlfn.QUARTILE.INC($K$10:$K$29,1)-1.5*(_xlfn.QUARTILE.INC($K$10:K29,3)-_xlfn.QUARTILE.INC($K$10:$K$29,1)),K10>_xlfn.QUARTILE.INC($K$10:$K$29,3)+1.5*(_xlfn.QUARTILE.INC($K$10:$K$29,3)-_xlfn.QUARTILE.INC($K$10:$K$29,1))),\"Não\",\"Sim\"),\"\")","v":""}]
[{"$nulls":9},{"$f":"IF(ISBLANK(E11),\"\",IF(ISNUMBER(H11),(I11-H11)/H11,0))","v":""},{"$f":"IF(ISBLANK(E11),\"\",E11*(1+J11))","v":""},"",null,null,{"$f":"IF(ISNUMBER(K11),IF(OR(K11<_xlfn.QUARTILE.INC($K$10:$K$29,1)-1.5*(_xlfn.QUARTILE.INC($K$10:K29,3)-_xlfn.QUARTILE.INC($K$10:$K$29,1)),K11>_xlfn.QUARTILE.INC($K$10:$K$29,3)+1.5*(_xlfn.QUARTILE.INC($K$10:$K$29,3)-_xlfn.QUARTILE.INC($K$10:$K$29,1))),\"Não\",\"Sim\"),\"\")","v":""}]
[{"$nulls":9},"","","",null,null,{"$f":"IF(ISNUMBER(K12),IF(OR(K12<_xlfn.QUARTILE.INC($K$10:$K$29,1)-1.5*(_xlfn.QUARTILE.INC($K$10:K30,3)-_xlfn.QUARTILE.INC($K$10:$K$29,1)),K12>_xlfn.QUARTILE.INC($K$10:$K$29,3)+1.5*(_xlfn.QUARTILE.INC($K$10:$K$29,3)-_xlfn.QUARTILE.INC($K$10:$K$29,1))),\"Não\",\"Sim\"),\"\")","v":""}]
[{"$nulls":9},"","","",null,null,{"$f":"IF(ISNUMBER(K13),IF(OR(K13<_xlfn.QUARTILE.INC($K$10:$K$29,1)-1.5*(_xlfn.QUARTILE.INC($K$10:K31,3)-_xlfn.QUARTILE.INC($K$10:$K$29,1)),K13>_xlfn.QUARTILE.INC($K$10:$K$29,3)+1.5*(_xlfn.QUARTILE.INC($K$10:$K$29,3)-_xlfn.QUARTILE.INC($K$10:$K$29,1))),\"Não\",\"Sim\"),\"\")","v":""}]
[{"$nulls":9},"","","",null,null,{"$f":"IF(ISNUMBER(K14),IF(OR(K14<_xlfn.QUARTILE.INC($K$10:$K$29,1)-1.5*(_xlfn.QUARTILE.INC($K$10:K32,3)-_xlfn.QUARTILE.INC($K$10:$K$29,1)),K14>_xlfn.QUARTILE.INC($K$10:$K$29,3)+1.5*(_xlfn.QUARTILE.INC($K$10:$K$29,3)-_xlfn.QUARTILE.INC($K$10:$K$29,1))),\"Não\",\"Sim\"),\"\")","v":""}]
[{"$nulls":9},"","","",null,null,{"$f":"IF(ISNUMBER(K15),IF(OR(K15<_xlfn.QUARTILE.INC($K$10:$K$29,1)-1.5*(_xlfn.QUARTILE.INC($K$10:K35,3)-_xlfn.QUARTILE.INC($K$10:$K$29,1)),K15>_xlfn.QUARTILE.INC($K$10:$K$29,3)+1.5*(_xlfn.QUARTILE.INC($K$10:$K$29,3)-_xlfn.QUARTILE.INC($K$10:$K$29,1))),\"Não\",\"Sim\"),\"\")","v":""}]
[{"$nulls":9},"","","",null,null,{"$f":"IF(ISNUMBER(K16),IF(OR(K16<_xlfn.QUARTILE.INC($K$10:$K$29,1)-1.5*(_xlfn.QUARTILE.INC($I$10:I37,3)-_xlfn.QUARTILE.INC($K$10:$K$29,1)),K16>_xlfn.QUARTILE.INC($K$10:$K$29,3)+1.5*(_xlfn.QUARTILE.INC($K$10:$K$29,3)-_xlfn.QUARTILE.INC($K$10:$K$29,1))),\"Não\",\"Sim\"),\"\")","v":""}]
[null,"COTAÇÕES DE MERCADO",{"$nulls":12},"Cotações"]
[null,"Empresa",{"$nulls":7},"Data","Preço Unitário","Utilizar? (Sim/Não)",null,null,"Outliers","Por critério do(a) analista"]
[null,"https://magazinemedica.com.br/produtos/visualiza/sku/5759/?gad_source=1&gad_campaignid=23257119241&gbraid=0AAAAA-LLl3TiEu2y6MTx5T-rxpkRQzg3F&gclid=Cj0KCQjw2MbPBhCSARIsAP3jP9wwWwca-A9KbErYbTpUBVfOSjP33Y0olQwLkaOluM8oLpL_N-N4qbwaAmhfEALw_wcB",{"$nulls":7},"2026-04-29",26.59,{"$f":"IF(ISNUMBER(K19),IF($L$32=$O$18,O19,IF($L$32=$P$18,P19,\"\")),\"\")","v":"Sim"},null,null,{"$f":"IF(ISNUMBER(K19),IF(OR(K19<_xlfn.QUARTILE.INC($K$10:$K$29,1)-1.5*(_xlfn.QUARTILE.INC($K$10:$K$29,3)-_xlfn.QUARTILE.INC($K$10:$K$29,1)),K19>_xlfn.QUARTILE.INC($K$10:$K$29,3)+1.5*(_xlfn.QUARTILE.INC($K$10:$K$29,3)-_xlfn.QUARTILE.INC($K$10:$K$29,1))),\"Não\",\"Sim\"),\"\")","v":"Sim"}]
[null,"https://www.utilidadesclinicas.com.br/pinca-anatomica-disseccao-16cm-golgran-gol29182a.html?gad_source=1&gad_campaignid=23293178041&gbraid=0AAAAADbsX55cW2hxy3rYGY1ROEcSPZ4ZI&gclid=Cj0KCQjw2MbPBhCSARIsAP3jP9wppaEuLUDdFQE8lcYGH24AVbVMvN-leGCRYDTaFfRTLowrBFahImIaAs-XEALw_wcB",{"$nulls":7},"2026-04-29",23.9,"Sim",null,null,"Sim"]
[null,"https://loja.tiradentessaude.com.br/pinca-anatomica-disseccao-16cm-abc?utm_source=Site&utm_medium=GoogleMerchant&utm_campaign=GoogleMerchant&gad_source=1&gad_campaignid=22966086396&gbraid=0AAAAApCctQ8A7WZ9f31Kn608fgxLFG-r-&gclid=Cj0KCQjw2MbPBhCSARIsAP3jP9yST3L3Z69vPm9BUaTsBQ4ZnnqHZtJwno0sqsVXWhMdFYjX8TaFzd8aAmbdEALw_wcB",{"$nulls":7},"2026-04-29",19.95,"Sim",null,null,"Sim"]
[{"$nulls":11},"",null,null,""]
[{"$nulls":11},"",null,null,""]
[{"$nulls":11},"",null,null,""]
[{"$nulls":11},"",null,null,""]
[{"$nulls":11},"",null,null,""]
[{"$nulls":11},"",null,null,""]
[{"$nulls":11},"",null,null,""]
[{"$nulls":11},"",null,null,""]
[null,"Observações:",{"$nulls":8},"Média:",{"$f":"IF($L$32=\"\",\"Selecione metodologia para exclusão de preços\",AVERAGE(IF($L$10:$L$29=\"Sim\",$K$10:$K$29)))","v":23.48},null,"Média (Cotações)",{"$f":"IF(COUNTIF(O19:O29,\"Sim\")<3,\"N/D (são necessários pelo menos 3 preços)\",AVERAGE(IF(O19:O29=\"Sim\",$K19:$K29)))","v":23.48},{"$f":"IF(COUNTIF(P19:P29,\"Sim\")<3,\"N/D (são necessários pelo menos 3 preços)\",AVERAGE(IF(P19:P29=\"Sim\",$K19:$K29)))","v":"N/D (são necessários pelo menos 3 preços)"}]
[{"$nulls":10},"Mediana:",{"$f":"IF($L$32=\"\",\"Selecione metodologia para exclusão de preços\",MEDIAN(IF($L$10:$L$29=\"Sim\",$K$10:$K$29)))","v":23.9},null,"Mediana (Cotações)",{"$f":"IF(COUNTIF(O19:O29,\"Sim\")<3,\"N/D (são necessários pelo menos 3 preços)\",MEDIAN(IF(O19:O29=\"Sim\",$K19:$K29)))","v":23.9},{"$f":"IF(COUNTIF(P19:P29,\"Sim\")<3,\"N/D (são necessários pelo menos 3 preços)\",MEDIAN(IF(P19:P29=\"Sim\",$K19:$K29)))","v":"N/D (são necessários pelo menos 3 preços)"}]
[null,"Metodologia de exclusão de preços adotada:",{"$nulls":9},{"$f":"IF(O35=\"\",INDEX(O18:P18,MATCH(MIN(#REF!),#REF!,0)),O35)","v":"Outliers"},null,"CV (Cotações)",{"$f":"IF(COUNTIF(O19:O29,\"Sim\")<3,\"N/D (são necessários pelo menos 3 preços)\",_xlfn.STDEV.S(IF(O19:O29=\"Sim\",$K19:$K29))/AVERAGE(IF(O19:O29=\"Sim\",$K19:$K29)))","v":0.14224298410321815},{"$f":"IF(COUNTIF(P19:P29,\"Sim\")<3,\"N/D (são necessários pelo menos 3 preços)\",_xlfn.STDEV.S(IF(P19:P29=\"Sim\",$K19:$K29))/AVERAGE(IF(P19:P29=\"Sim\",$K19:$K29)))","v":"N/D (são necessários pelo menos 3 preços)"}]
[{"$nulls":13},"Média",{"$f":"IF(SUM(COUNTIF($O$10:$O$16,\"Sim\")) + SUM(COUNTIF(O19:O29,\"Sim\")) < 3,\n   \"N/D (são necessários pelo menos 3 preços)\",\n   IFERROR(AVERAGE(_xlfn._xlws.FILTER($K$10:$K$16,$O$10:$O$16=\"Sim\"), _xlfn._xlws.FILTER($K$19:$K$29,O19:O29=\"Sim\")),O30))","v":23.48},{"$f":"IF(SUM(COUNTIF($P$10:$P$16,\"Sim\")) + SUM(COUNTIF(P19:P29,\"Sim\")) < 3,\n   \"N/D (são necessários pelo menos 3 preços)\",\n   IFERROR(AVERAGE(_xlfn._xlws.FILTER($K$10:$K$16,$P$10:$P$16=\"Sim\"), _xlfn._xlws.FILTER($K$19:$K$29,P19:P29=\"Sim\")),P30))","v":"N/D (são necessários pelo menos 3 preços)"}]
[{"$nulls":13},"Mediana",{"$f":"IF(SUM(COUNTIF($O$10:$O$16,\"Sim\")) + SUM(COUNTIF(O19:O29,\"Sim\")) < 3,\n   \"N/D (são necessários pelo menos 3 preços)\",\n   IFERROR(MEDIAN(_xlfn._xlws.FILTER($K$10:$K$16,$O$10:$O$16=\"Sim\"), _xlfn._xlws.FILTER($K$19:$K$29,O19:O29=\"Sim\")),O31))","v":23.9},{"$f":"IF(SUM(COUNTIF($P10:$P$16,\"Sim\")) + SUM(COUNTIF(P19:P29,\"Sim\")) < 3,\n   \"N/D (são necessários pelo menos 3 preços)\",\n   IFERROR(MEDIAN(_xlfn._xlws.FILTER($K$10:$K$16,$P$10:$P$16=\"Sim\"), _xlfn._xlws.FILTER($K$19:$K$29,P19:P29=\"Sim\")),P31))","v":"N/D (são necessários pelo menos 3 preços)"}]
[null,"COSOLIDAÇÃO DOS PREÇOS",{"$nulls":11},"Metodologia a adotar:",{"$f":"IF(INDEX(O18:P18,P35)=0,\"\",INDEX(O18:P18,P35))","v":"Outliers"},1]
[]
[null,"PREÇO UNITÁRIO ESTIMADO ADOTADO:",{"$nulls":9},{"$f":"IF($B$39=\"Mediana:\",L31,L30)","v":23.48}]
[]
[{"$f":"O18","v":"Outliers"},"Média:"]

{"sheet":"Prancha","index":28,"n_rows":39,"n_cols":16,"rows_kept":39,"cut":false,"hidden":true,"merged":[[16,1,16,11],[16,14,16,15],[0,0,0,6],[6,2,6,7],[6,14,6,15],[7,1,7,11],[7,14,7,15],[28,1,28,8],[17,1,17,8],[18,1,18,8],[19,1,19,8],[20,1,20,8],[21,1,21,8],[22,1,22,8],[23,1,23,8],[24,1,24,8],[25,1,25,8],[26,1,26,8],[27,1,27,8],[31,1,33,10],[31,11,33,11],[34,1,35,10],[34,11,35,11],[36,1,36,10]]}
[]
[null,"Processo"]
[null,"Responsável"]
[null,"Área de Origem"]
[null,"Data da pesquisa"]
[]
[null,"ITEM:","PRANCHA longa de madeira ou material similar resistência (190cm x 45cm) com imobilizador lateral de cabeça confeccionado em espuma injetada e com tirantes para fixação da testa e queixo e cinto aranha.",{"$nulls":5},"UNIDADE DE MEDIDA:",null,"QUANTIDADE:",null,null,null,"Tabela auxiliar de metodologias para exclusão de preços"]
[null,"LICITAÇÕES ANTERIORES",{"$nulls":12},"Licitações Anteriores"]
[null,"Órgão","Edital/Ano - Nº do Lote / Item","Quantidade","Valor Unitário","Data","índice de atualização (nome)","I0","If","Variação acumulada do índice (%)","Preço unitário atualizado","Utilizar?  (Sim/Não)",null,null,"Outliers","Por critério do(a) analista"]
[{"$nulls":9},{"$f":"IF(ISBLANK(E10),\"\",IF(ISNUMBER(H10),(I10-H10)/H10,0))","v":""},{"$f":"IF(ISBLANK(E10),\"\",E10*(1+J10))","v":""},{"$f":"IF(ISNUMBER(K10),IF($L$32<>$P$9,O10,P10),\"\")","v":""},null,null,{"$f":"IF(ISNUMBER(K10),IF(OR(K10<_xlfn.QUARTILE.INC($K$10:$K$29,1)-1.5*(_xlfn.QUARTILE.INC($K$10:K29,3)-_xlfn.QUARTILE.INC($K$10:$K$29,1)),K10>_xlfn.QUARTILE.INC($K$10:$K$29,3)+1.5*(_xlfn.QUARTILE.INC($K$10:$K$29,3)-_xlfn.QUARTILE.INC($K$10:$K$29,1))),\"Não\",\"Sim\"),\"\")","v":""}]
[{"$nulls":9},{"$f":"IF(ISBLANK(E11),\"\",IF(ISNUMBER(H11),(I11-H11)/H11,0))","v":""},{"$f":"IF(ISBLANK(E11),\"\",E11*(1+J11))","v":""},"",null,null,{"$f":"IF(ISNUMBER(K11),IF(OR(K11<_xlfn.QUARTILE.INC($K$10:$K$29,1)-1.5*(_xlfn.QUARTILE.INC($K$10:K29,3)-_xlfn.QUARTILE.INC($K$10:$K$29,1)),K11>_xlfn.QUARTILE.INC($K$10:$K$29,3)+1.5*(_xlfn.QUARTILE.INC($K$10:$K$29,3)-_xlfn.QUARTILE.INC($K$10:$K$29,1))),\"Não\",\"Sim\"),\"\")","v":""}]
[{"$nulls":9},"","","",null,null,{"$f":"IF(ISNUMBER(K12),IF(OR(K12<_xlfn.QUARTILE.INC($K$10:$K$29,1)-1.5*(_xlfn.QUARTILE.INC($K$10:K30,3)-_xlfn.QUARTILE.INC($K$10:$K$29,1)),K12>_xlfn.QUARTILE.INC($K$10:$K$29,3)+1.5*(_xlfn.QUARTILE.INC($K$10:$K$29,3)-_xlfn.QUARTILE.INC($K$10:$K$29,1))),\"Não\",\"Sim\"),\"\")","v":""}]
[{"$nulls":9},"","","",null,null,{"$f":"IF(ISNUMBER(K13),IF(OR(K13<_xlfn.QUARTILE.INC($K$10:$K$29,1)-1.5*(_xlfn.QUARTILE.INC($K$10:K31,3)-_xlfn.QUARTILE.INC($K$10:$K$29,1)),K13>_xlfn.QUARTILE.INC($K$10:$K$29,3)+1.5*(_xlfn.QUARTILE.INC($K$10:$K$29,3)-_xlfn.QUARTILE.INC($K$10:$K$29,1))),\"Não\",\"Sim\"),\"\")","v":""}]
[{"$nulls":9},"","","",null,null,{"$f":"IF(ISNUMBER(K14),IF(OR(K14<_xlfn.QUARTILE.INC($K$10:$K$29,1)-1.5*(_xlfn.QUARTILE.INC($K$10:K32,3)-_xlfn.QUARTILE.INC($K$10:$K$29,1)),K14>_xlfn.QUARTILE.INC($K$10:$K$29,3)+1.5*(_xlfn.QUARTILE.INC($K$10:$K$29,3)-_xlfn.QUARTILE.INC($K$10:$K$29,1))),\"Não\",\"Sim\"),\"\")","v":""}]
[{"$nulls":9},"","","",null,null,{"$f":"IF(ISNUMBER(K15),IF(OR(K15<_xlfn.QUARTILE.INC($K$10:$K$29,1)-1.5*(_xlfn.QUARTILE.INC($K$10:K35,3)-_xlfn.QUARTILE.INC($K$10:$K$29,1)),K15>_xlfn.QUARTILE.INC($K$10:$K$29,3)+1.5*(_xlfn.QUARTILE.INC($K$10:$K$29,3)-_xlfn.QUARTILE.INC($K$10:$K$29,1))),\"Não\",\"Sim\"),\"\")","v":""}]
[{"$nulls":9},"","","",null,null,{"$f":"IF(ISNUMBER(K16),IF(OR(K16<_xlfn.QUARTILE.INC($K$10:$K$29,1)-1.5*(_xlfn.QUARTILE.INC($I$10:I37,3)-_xlfn.QUARTILE.INC($K$10:$K$29,1)),K16>_xlfn.QUARTILE.INC($K$10:$K$29,3)+1.5*(_xlfn.QUARTILE.INC($K$10:$K$29,3)-_xlfn.QUARTILE.INC($K$10:$K$29,1))),\"Não\",\"Sim\"),\"\")","v":""}]
[null,"COTAÇÕES DE MERCADO",{"$nulls":12},"Cotações"]
[null,"Empresa",{"$nulls":7},"Data","Preço Unitário","Utilizar? (Sim/Não)",null,null,"Outliers","Por critério do(a) analista"]
[null,"Mercado Livre - https://produto.mercadolivre.com.br/MLB-6004870802-prancha-em-polietileno-imobilizador-de-cabeca-resgate-aph-_JM?matt_tool=41970894&matt_word=&matt_source=google&matt_campaign_id=22090193723&matt_ad_group_id=194474622434&matt_match_type=&matt_network=g&matt_device=c&matt_creative=792355615185&matt_keyword=&matt_ad_position=&matt_ad_type=pla&matt_merchant_id=5640180053&matt_product_id=MLB6004870802&matt_product_partition_id=2452780200222&matt_target_id=pla-2452780200222&cq_src=google_ads&cq_cmp=22090193723&cq_net=g&cq_plt=gp&cq_med=pla&gad_source=1&gad_campaignid=22090193723&gbraid=0AAAAAD93qcAqfjg2bVqt9F1DOVt_W5yW4&gclid=CjwKCAjwtcHPBhADEiwAWo3sJs1XEf2DP-PdMvDee55REHks_PeA_u5Gmyw6tI8xe5oigFyWOxYUbxoCwy0QAvD_BwE",{"$nulls":7},"2026-04-28",540,{"$f":"IF(ISNUMBER(K19),IF($L$32=$O$18,O19,IF($L$32=$P$18,P19,\"\")),\"\")","v":"Sim"},null,null,{"$f":"IF(ISNUMBER(K19),IF(OR(K19<_xlfn.QUARTILE.INC($K$10:$K$29,1)-1.5*(_xlfn.QUARTILE.INC($K$10:$K$29,3)-_xlfn.QUARTILE.INC($K$10:$K$29,1)),K19>_xlfn.QUARTILE.INC($K$10:$K$29,3)+1.5*(_xlfn.QUARTILE.INC($K$10:$K$29,3)-_xlfn.QUARTILE.INC($K$10:$K$29,1))),\"Não\",\"Sim\"),\"\")","v":"Sim"}]
[null,"Mercado Livre - https://www.mercadolivre.com.br/prancha-de-resgate-com-kit-cinto--imobilizador-de-cabeca/up/MLBU603492234?pdp_filters=item_id%3AMLB2834904910&from=gshop&matt_tool=41970894&matt_word=&matt_source=google&matt_campaign_id=22090193723&matt_ad_group_id=194474622434&matt_match_type=&matt_network=g&matt_device=c&matt_creative=792355615185&matt_keyword=&matt_ad_position=&matt_ad_type=pla&matt_merchant_id=399414265&matt_product_id=MLBU603492234&matt_product_partition_id=2452780200222&matt_target_id=pla-2452780200222&cq_src=google_ads&cq_cmp=22090193723&cq_net=g&cq_plt=gp&cq_med=pla&gad_source=1&gad_campaignid=22090193723&gbraid=0AAAAAD93qcAqfjg2bVqt9F1DOVt_W5yW4&gclid=CjwKCAjwtcHPBhADEiwAWo3sJppjg_264-vmxOiiL4esIqMnd1m2W1daUIezh4Fb38cR92b1VMi3dRoC-TYQAvD_BwE",{"$nulls":7},"2026-04-28",635,"Sim",null,null,"Sim"]
[null,"Mercado Livre - https://www.mercadolivre.com.br/prancha-em-polietileno-adulto--imobilizador-cabeca/up/MLBU606297926?pdp_filters=item_id%3AMLB3438766759&from=gshop&matt_tool=41970894&matt_word=&matt_source=google&matt_campaign_id=22090193723&matt_ad_group_id=194474622474&matt_match_type=&matt_network=g&matt_device=c&matt_creative=792355615188&matt_keyword=&matt_ad_position=&matt_ad_type=pla&matt_merchant_id=347834209&matt_product_id=MLBU606297926&matt_product_partition_id=2452780200422&matt_target_id=pla-2452780200422&cq_src=google_ads&cq_cmp=22090193723&cq_net=g&cq_plt=gp&cq_med=pla&gad_source=1&gad_campaignid=22090193723&gbraid=0AAAAAD93qcAqfjg2bVqt9F1DOVt_W5yW4&gclid=CjwKCAjwtcHPBhADEiwAWo3sJkbJ-YAeXInDxilL9jUXU6bWCcXQqEuQBejkPdobaJeUEREYuGsSXBoCPhMQAvD_BwE",{"$nulls":7},"2026-04-28",600,"Sim",null,null,"Sim"]
[{"$nulls":11},"",null,null,""]
[{"$nulls":11},"",null,null,""]
[{"$nulls":11},"",null,null,""]
[{"$nulls":11},"",null,null,""]
[{"$nulls":11},"",null,null,""]
[{"$nulls":11},"",null,null,""]
[{"$nulls":11},"",null,null,""]
[{"$nulls":11},"",null,null,""]
[null,"Observações:",{"$nulls":8},"Média:",{"$f":"IF($L$32=\"\",\"Selecione metodologia para exclusão de preços\",AVERAGE(IF($L$10:$L$29=\"Sim\",$K$10:$K$29)))","v":591.66666666666663},null,"Média (Cotações)",{"$f":"IF(COUNTIF(O19:O29,\"Sim\")<3,\"N/D (são necessários pelo menos 3 preços)\",AVERAGE(IF(O19:O29=\"Sim\",$K19:$K29)))","v":591.66666666666663},{"$f":"IF(COUNTIF(P19:P29,\"Sim\")<3,\"N/D (são necessários pelo menos 3 preços)\",AVERAGE(IF(P19:P29=\"Sim\",$K19:$K29)))","v":"N/D (são necessários pelo menos 3 preços)"}]
[{"$nulls":10},"Mediana:",{"$f":"IF($L$32=\"\",\"Selecione metodologia para exclusão de preços\",MEDIAN(IF($L$10:$L$29=\"Sim\",$K$10:$K$29)))","v":600},null,"Mediana (Cotações)",{"$f":"IF(COUNTIF(O19:O29,\"Sim\")<3,\"N/D (são necessários pelo menos 3 preços)\",MEDIAN(IF(O19:O29=\"Sim\",$K19:$K29)))","v":600},{"$f":"IF(COUNTIF(P19:P29,\"Sim\")<3,\"N/D (são necessários pelo menos 3 preços)\",MEDIAN(IF(P19:P29=\"Sim\",$K19:$K29)))","v":"N/D (são necessários pelo menos 3 preços)"}]
[null,"Metodologia de exclusão de preços adotada:",{"$nulls":9},{"$f":"IF(O35=\"\",INDEX(O18:P18,MATCH(MIN(#REF!),#REF!,0)),O35)","v":"Outliers"},null,"CV (Cotações)",{"$f":"IF(COUNTIF(O19:O29,\"Sim\")<3,\"N/D (são necessários pelo menos 3 preços)\",_xlfn.STDEV.S(IF(O19:O29=\"Sim\",$K19:$K29))/AVERAGE(IF(O19:O29=\"Sim\",$K19:$K29)))","v":8.120301580506803E-2},{"$f":"IF(COUNTIF(P19:P29,\"Sim\")<3,\"N/D (são necessários pelo menos 3 preços)\",_xlfn.STDEV.S(IF(P19:P29=\"Sim\",$K19:$K29))/AVERAGE(IF(P19:P29=\"Sim\",$K19:$K29)))","v":"N/D (são necessários pelo menos 3 preços)"}]
[{"$nulls":13},"Média",{"$f":"IF(SUM(COUNTIF($O$10:$O$16,\"Sim\")) + SUM(COUNTIF(O19:O29,\"Sim\")) < 3,\n   \"N/D (são necessários pelo menos 3 preços)\",\n   IFERROR(AVERAGE(_xlfn._xlws.FILTER($K$10:$K$16,$O$10:$O$16=\"Sim\"), _xlfn._xlws.FILTER($K$19:$K$29,O19:O29=\"Sim\")),O30))","v":591.66666666666663},{"$f":"IF(SUM(COUNTIF($P$10:$P$16,\"Sim\")) + SUM(COUNTIF(P19:P29,\"Sim\")) < 3,\n   \"N/D (são necessários pelo menos 3 preços)\",\n   IFERROR(AVERAGE(_xlfn._xlws.FILTER($K$10:$K$16,$P$10:$P$16=\"Sim\"), _xlfn._xlws.FILTER($K$19:$K$29,P19:P29=\"Sim\")),P30))","v":"N/D (são necessários pelo menos 3 preços)"}]
[{"$nulls":13},"Mediana",{"$f":"IF(SUM(COUNTIF($O$10:$O$16,\"Sim\")) + SUM(COUNTIF(O19:O29,\"Sim\")) < 3,\n   \"N/D (são necessários pelo menos 3 preços)\",\n   IFERROR(MEDIAN(_xlfn._xlws.FILTER($K$10:$K$16,$O$10:$O$16=\"Sim\"), _xlfn._xlws.FILTER($K$19:$K$29,O19:O29=\"Sim\")),O31))","v":600},{"$f":"IF(SUM(COUNTIF($P10:$P$16,\"Sim\")) + SUM(COUNTIF(P19:P29,\"Sim\")) < 3,\n   \"N/D (são necessários pelo menos 3 preços)\",\n   IFERROR(MEDIAN(_xlfn._xlws.FILTER($K$10:$K$16,$P$10:$P$16=\"Sim\"), _xlfn._xlws.FILTER($K$19:$K$29,P19:P29=\"Sim\")),P31))","v":"N/D (são necessários pelo menos 3 preços)"}]
[null,"COSOLIDAÇÃO DOS PREÇOS",{"$nulls":11},"Metodologia a adotar:",{"$f":"IF(INDEX(O18:P18,P35)=0,\"\",INDEX(O18:P18,P35))","v":"Outliers"},1]
[]
[null,"PREÇO UNITÁRIO ESTIMADO ADOTADO:",{"$nulls":9},{"$f":"IF($B$39=\"Mediana:\",L31,L30)","v":591.66666666666663}]
[]
[{"$f":"O18","v":"Outliers"},"Média:"]

{"sheet":"Protetor queimadura","index":29,"n_rows":39,"n_cols":16,"rows_kept":39,"cut":false,"hidden":true,"merged":[[16,1,16,11],[16,14,16,15],[0,0,0,6],[6,2,6,7],[6,14,6,15],[7,1,7,11],[7,14,7,15],[28,1,28,8],[17,1,17,8],[18,1,18,8],[19,1,19,8],[20,1,20,8],[21,1,21,8],[22,1,22,8],[23,1,23,8],[24,1,24,8],[25,1,25,8],[26,1,26,8],[27,1,27,8],[31,1,33,10],[31,11,33,11],[34,1,35,10],[34,11,35,11],[36,1,36,10]]}
[]
[null,"Processo"]
[null,"Responsável"]
[null,"Área de Origem"]
[null,"Data da pesquisa"]
[]
[null,"ITEM:","PROTETOR DE QUEIMADURAS E EVISCERAÇÕES",{"$nulls":5},"UNIDADE DE MEDIDA:","Unidade","QUANTIDADE:",3,null,null,"Tabela auxiliar de metodologias para exclusão de preços"]
[null,"LICITAÇÕES ANTERIORES",{"$nulls":12},"Licitações Anteriores"]
[null,"Órgão","Edital/Ano - Nº do Lote / Item","Quantidade","Valor Unitário","Data","índice de atualização (nome)","I0","If","Variação acumulada do índice (%)","Preço unitário atualizado","Utilizar?  (Sim/Não)",null,null,"Outliers","Por critério do(a) analista"]
[{"$nulls":9},{"$f":"IF(ISBLANK(E10),\"\",IF(ISNUMBER(H10),(I10-H10)/H10,0))","v":""},{"$f":"IF(ISBLANK(E10),\"\",E10*(1+J10))","v":""},{"$f":"IF(ISNUMBER(K10),IF($L$32<>$P$9,O10,P10),\"\")","v":""},null,null,{"$f":"IF(ISNUMBER(K10),IF(OR(K10<_xlfn.QUARTILE.INC($K$10:$K$29,1)-1.5*(_xlfn.QUARTILE.INC($K$10:K29,3)-_xlfn.QUARTILE.INC($K$10:$K$29,1)),K10>_xlfn.QUARTILE.INC($K$10:$K$29,3)+1.5*(_xlfn.QUARTILE.INC($K$10:$K$29,3)-_xlfn.QUARTILE.INC($K$10:$K$29,1))),\"Não\",\"Sim\"),\"\")","v":""}]
[{"$nulls":9},{"$f":"IF(ISBLANK(E11),\"\",IF(ISNUMBER(H11),(I11-H11)/H11,0))","v":""},{"$f":"IF(ISBLANK(E11),\"\",E11*(1+J11))","v":""},"",null,null,{"$f":"IF(ISNUMBER(K11),IF(OR(K11<_xlfn.QUARTILE.INC($K$10:$K$29,1)-1.5*(_xlfn.QUARTILE.INC($K$10:K29,3)-_xlfn.QUARTILE.INC($K$10:$K$29,1)),K11>_xlfn.QUARTILE.INC($K$10:$K$29,3)+1.5*(_xlfn.QUARTILE.INC($K$10:$K$29,3)-_xlfn.QUARTILE.INC($K$10:$K$29,1))),\"Não\",\"Sim\"),\"\")","v":""}]
[{"$nulls":9},"","","",null,null,{"$f":"IF(ISNUMBER(K12),IF(OR(K12<_xlfn.QUARTILE.INC($K$10:$K$29,1)-1.5*(_xlfn.QUARTILE.INC($K$10:K30,3)-_xlfn.QUARTILE.INC($K$10:$K$29,1)),K12>_xlfn.QUARTILE.INC($K$10:$K$29,3)+1.5*(_xlfn.QUARTILE.INC($K$10:$K$29,3)-_xlfn.QUARTILE.INC($K$10:$K$29,1))),\"Não\",\"Sim\"),\"\")","v":""}]
[{"$nulls":9},"","","",null,null,{"$f":"IF(ISNUMBER(K13),IF(OR(K13<_xlfn.QUARTILE.INC($K$10:$K$29,1)-1.5*(_xlfn.QUARTILE.INC($K$10:K31,3)-_xlfn.QUARTILE.INC($K$10:$K$29,1)),K13>_xlfn.QUARTILE.INC($K$10:$K$29,3)+1.5*(_xlfn.QUARTILE.INC($K$10:$K$29,3)-_xlfn.QUARTILE.INC($K$10:$K$29,1))),\"Não\",\"Sim\"),\"\")","v":""}]
[{"$nulls":9},"","","",null,null,{"$f":"IF(ISNUMBER(K14),IF(OR(K14<_xlfn.QUARTILE.INC($K$10:$K$29,1)-1.5*(_xlfn.QUARTILE.INC($K$10:K32,3)-_xlfn.QUARTILE.INC($K$10:$K$29,1)),K14>_xlfn.QUARTILE.INC($K$10:$K$29,3)+1.5*(_xlfn.QUARTILE.INC($K$10:$K$29,3)-_xlfn.QUARTILE.INC($K$10:$K$29,1))),\"Não\",\"Sim\"),\"\")","v":""}]
[{"$nulls":9},"","","",null,null,{"$f":"IF(ISNUMBER(K15),IF(OR(K15<_xlfn.QUARTILE.INC($K$10:$K$29,1)-1.5*(_xlfn.QUARTILE.INC($K$10:K35,3)-_xlfn.QUARTILE.INC($K$10:$K$29,1)),K15>_xlfn.QUARTILE.INC($K$10:$K$29,3)+1.5*(_xlfn.QUARTILE.INC($K$10:$K$29,3)-_xlfn.QUARTILE.INC($K$10:$K$29,1))),\"Não\",\"Sim\"),\"\")","v":""}]
[{"$nulls":9},"","","",null,null,{"$f":"IF(ISNUMBER(K16),IF(OR(K16<_xlfn.QUARTILE.INC($K$10:$K$29,1)-1.5*(_xlfn.QUARTILE.INC($I$10:I37,3)-_xlfn.QUARTILE.INC($K$10:$K$29,1)),K16>_xlfn.QUARTILE.INC($K$10:$K$29,3)+1.5*(_xlfn.QUARTILE.INC($K$10:$K$29,3)-_xlfn.QUARTILE.INC($K$10:$K$29,1))),\"Não\",\"Sim\"),\"\")","v":""}]
[null,"COTAÇÕES DE MERCADO",{"$nulls":12},"Cotações"]
[null,"Empresa",{"$nulls":7},"Data","Preço Unitário","Utilizar? (Sim/Não)",null,null,"Outliers","Por critério do(a) analista"]
[null,"https://www.bisturi.com.br/protetor-queimaduras-evisceracoes-90x120-marimar/p?idsku=18279&utm_medium=JKLive&utm_source=-ga-JKLive&gad_source=1&gad_campaignid=23248896671&gbraid=0AAAAADMFrRV6It54JrSe6IOfc_VdL2J4m&gclid=Cj0KCQjw2MbPBhCSARIsAP3jP9wKAA8LlSTqTZG2XYi0pems4P-cwLWS4QmofCqLIlkCQcvIJwvorpMaAqI5EALw_wcB",{"$nulls":7},"2026-04-29",10.9,{"$f":"IF(ISNUMBER(K19),IF($L$32=$O$18,O19,IF($L$32=$P$18,P19,\"\")),\"\")","v":"Sim"},null,null,{"$f":"IF(ISNUMBER(K19),IF(OR(K19<_xlfn.QUARTILE.INC($K$10:$K$29,1)-1.5*(_xlfn.QUARTILE.INC($K$10:$K$29,3)-_xlfn.QUARTILE.INC($K$10:$K$29,1)),K19>_xlfn.QUARTILE.INC($K$10:$K$29,3)+1.5*(_xlfn.QUARTILE.INC($K$10:$K$29,3)-_xlfn.QUARTILE.INC($K$10:$K$29,1))),\"Não\",\"Sim\"),\"\")","v":"Sim"}]
[null,"https://www.drogasil.com.br/protetor-de-queimaduras-e-evisceracoes-90cmx120cm-unidade-1309957.html?gad_source=1&gad_campaignid=17339191360&gbraid=0AAAAADod4VUE_vV2qEYMM0s919XJmEYxo&gclid=Cj0KCQjw2MbPBhCSARIsAP3jP9z_RyKz5zPWvBU_szsDUuTRrLONMowT0HGax9epzothsw3y_P4hYZ4aArFtEALw_wcB",{"$nulls":7},"2026-04-29",12.43,"Sim",null,null,"Sim"]
[null,"https://www.magazineluiza.com.br/protetor-de-queimaduras-e-evisceracoes-90cmx120cm-unidade-marimar/p/gk608dbaeb/cp/adsf/?&seller_id=bisturi&utm_source=google&utm_medium=cpc&utm_term=84444&utm_campaign=google_eco_per_ven_pla_all_sor_4p_all-products-0326&utm_content=&partner_id=84444&gclsrc=aw.ds&gad_source=1&gad_campaignid=18473140027&gbraid=0AAAAAD4zZmR0rlIDxIQORIQpC7Z7_84kU&gclid=Cj0KCQjw2MbPBhCSARIsAP3jP9yqBNmvQYCtiiiKDs4WQWHln_UxW-JsBUupRgmSzVNQWESaXkZcH8waAqcfEALw_wcB",{"$nulls":7},"2026-04-29",13.08,"Sim",null,null,"Sim"]
[{"$nulls":11},"",null,null,""]
[{"$nulls":11},"",null,null,""]
[{"$nulls":11},"",null,null,""]
[{"$nulls":11},"",null,null,""]
[{"$nulls":11},"",null,null,""]
[{"$nulls":11},"",null,null,""]
[{"$nulls":11},"",null,null,""]
[{"$nulls":11},"",null,null,""]
[null,"Observações:",{"$nulls":8},"Média:",{"$f":"IF($L$32=\"\",\"Selecione metodologia para exclusão de preços\",AVERAGE(IF($L$10:$L$29=\"Sim\",$K$10:$K$29)))","v":12.136666666666665},null,"Média (Cotações)",{"$f":"IF(COUNTIF(O19:O29,\"Sim\")<3,\"N/D (são necessários pelo menos 3 preços)\",AVERAGE(IF(O19:O29=\"Sim\",$K19:$K29)))","v":12.136666666666665},{"$f":"IF(COUNTIF(P19:P29,\"Sim\")<3,\"N/D (são necessários pelo menos 3 preços)\",AVERAGE(IF(P19:P29=\"Sim\",$K19:$K29)))","v":"N/D (são necessários pelo menos 3 preços)"}]
[{"$nulls":10},"Mediana:",{"$f":"IF($L$32=\"\",\"Selecione metodologia para exclusão de preços\",MEDIAN(IF($L$10:$L$29=\"Sim\",$K$10:$K$29)))","v":12.43},null,"Mediana (Cotações)",{"$f":"IF(COUNTIF(O19:O29,\"Sim\")<3,\"N/D (são necessários pelo menos 3 preços)\",MEDIAN(IF(O19:O29=\"Sim\",$K19:$K29)))","v":12.43},{"$f":"IF(COUNTIF(P19:P29,\"Sim\")<3,\"N/D (são necessários pelo menos 3 preços)\",MEDIAN(IF(P19:P29=\"Sim\",$K19:$K29)))","v":"N/D (são necessários pelo menos 3 preços)"}]
[null,"Metodologia de exclusão de preços adotada:",{"$nulls":9},{"$f":"IF(O35=\"\",INDEX(O18:P18,MATCH(MIN(#REF!),#REF!,0)),O35)","v":"Outliers"},null,"CV (Cotações)",{"$f":"IF(COUNTIF(O19:O29,\"Sim\")<3,\"N/D (são necessários pelo menos 3 preços)\",_xlfn.STDEV.S(IF(O19:O29=\"Sim\",$K19:$K29))/AVERAGE(IF(O19:O29=\"Sim\",$K19:$K29)))","v":9.2217333010293917E-2},{"$f":"IF(COUNTIF(P19:P29,\"Sim\")<3,\"N/D (são necessários pelo menos 3 preços)\",_xlfn.STDEV.S(IF(P19:P29=\"Sim\",$K19:$K29))/AVERAGE(IF(P19:P29=\"Sim\",$K19:$K29)))","v":"N/D (são necessários pelo menos 3 preços)"}]
[{"$nulls":13},"Média",{"$f":"IF(SUM(COUNTIF($O$10:$O$16,\"Sim\")) + SUM(COUNTIF(O19:O29,\"Sim\")) < 3,\n   \"N/D (são necessários pelo menos 3 preços)\",\n   IFERROR(AVERAGE(_xlfn._xlws.FILTER($K$10:$K$16,$O$10:$O$16=\"Sim\"), _xlfn._xlws.FILTER($K$19:$K$29,O19:O29=\"Sim\")),O30))","v":12.136666666666665},{"$f":"IF(SUM(COUNTIF($P$10:$P$16,\"Sim\")) + SUM(COUNTIF(P19:P29,\"Sim\")) < 3,\n   \"N/D (são necessários pelo menos 3 preços)\",\n   IFERROR(AVERAGE(_xlfn._xlws.FILTER($K$10:$K$16,$P$10:$P$16=\"Sim\"), _xlfn._xlws.FILTER($K$19:$K$29,P19:P29=\"Sim\")),P30))","v":"N/D (são necessários pelo menos 3 preços)"}]
[{"$nulls":13},"Mediana",{"$f":"IF(SUM(COUNTIF($O$10:$O$16,\"Sim\")) + SUM(COUNTIF(O19:O29,\"Sim\")) < 3,\n   \"N/D (são necessários pelo menos 3 preços)\",\n   IFERROR(MEDIAN(_xlfn._xlws.FILTER($K$10:$K$16,$O$10:$O$16=\"Sim\"), _xlfn._xlws.FILTER($K$19:$K$29,O19:O29=\"Sim\")),O31))","v":12.43},{"$f":"IF(SUM(COUNTIF($P10:$P$16,\"Sim\")) + SUM(COUNTIF(P19:P29,\"Sim\")) < 3,\n   \"N/D (são necessários pelo menos 3 preços)\",\n   IFERROR(MEDIAN(_xlfn._xlws.FILTER($K$10:$K$16,$P$10:$P$16=\"Sim\"), _xlfn._xlws.FILTER($K$19:$K$29,P19:P29=\"Sim\")),P31))","v":"N/D (são necessários pelo menos 3 preços)"}]
[null,"COSOLIDAÇÃO DOS PREÇOS",{"$nulls":11},"Metodologia a adotar:",{"$f":"IF(INDEX(O18:P18,P35)=0,\"\",INDEX(O18:P18,P35))","v":"Outliers"},1]
[]
[null,"PREÇO UNITÁRIO ESTIMADO ADOTADO:",{"$nulls":9},{"$f":"IF($B$39=\"Mediana:\",L31,L30)","v":12.136666666666665}]
[]
[{"$f":"O18","v":"Outliers"},"Média:"]

{"sheet":"Soro","index":30,"n_rows":39,"n_cols":16,"rows_kept":39,"cut":false,"hidden":true,"merged":[[16,1,16,11],[16,14,16,15],[0,0,0,6],[6,2,6,7],[6,14,6,15],[7,1,7,11],[7,14,7,15],[28,1,28,8],[17,1,17,8],[18,1,18,8],[19,1,19,8],[20,1,20,8],[21,1,21,8],[22,1,22,8],[23,1,23,8],[24,1,24,8],[25,1,25,8],[26,1,26,8],[27,1,27,8],[31,1,33,10],[31,11,33,11],[34,1,35,10],[34,11,35,11],[36,1,36,10]]}
[]
[null,"Processo"]
[null,"Responsável"]
[null,"Área de Origem"]
[null,"Data da pesquisa"]
[]
[null,"ITEM:","SOLUÇÃO FISIOLÓGICA 250ml",{"$nulls":5},"UNIDADE DE MEDIDA:","Unidade","QUANTIDADE:",4,null,null,"Tabela auxiliar de metodologias para exclusão de preços"]
[null,"LICITAÇÕES ANTERIORES",{"$nulls":12},"Licitações Anteriores"]
[null,"Órgão","Edital/Ano - Nº do Lote / Item","Quantidade","Valor Unitário","Data","índice de atualização (nome)","I0","If","Variação acumulada do índice (%)","Preço unitário atualizado","Utilizar?  (Sim/Não)",null,null,"Outliers","Por critério do(a) analista"]
[{"$nulls":9},{"$f":"IF(ISBLANK(E10),\"\",IF(ISNUMBER(H10),(I10-H10)/H10,0))","v":""},{"$f":"IF(ISBLANK(E10),\"\",E10*(1+J10))","v":""},{"$f":"IF(ISNUMBER(K10),IF($L$32<>$P$9,O10,P10),\"\")","v":""},null,null,{"$f":"IF(ISNUMBER(K10),IF(OR(K10<_xlfn.QUARTILE.INC($K$10:$K$29,1)-1.5*(_xlfn.QUARTILE.INC($K$10:K29,3)-_xlfn.QUARTILE.INC($K$10:$K$29,1)),K10>_xlfn.QUARTILE.INC($K$10:$K$29,3)+1.5*(_xlfn.QUARTILE.INC($K$10:$K$29,3)-_xlfn.QUARTILE.INC($K$10:$K$29,1))),\"Não\",\"Sim\"),\"\")","v":""}]
[{"$nulls":9},{"$f":"IF(ISBLANK(E11),\"\",IF(ISNUMBER(H11),(I11-H11)/H11,0))","v":""},{"$f":"IF(ISBLANK(E11),\"\",E11*(1+J11))","v":""},"",null,null,{"$f":"IF(ISNUMBER(K11),IF(OR(K11<_xlfn.QUARTILE.INC($K$10:$K$29,1)-1.5*(_xlfn.QUARTILE.INC($K$10:K29,3)-_xlfn.QUARTILE.INC($K$10:$K$29,1)),K11>_xlfn.QUARTILE.INC($K$10:$K$29,3)+1.5*(_xlfn.QUARTILE.INC($K$10:$K$29,3)-_xlfn.QUARTILE.INC($K$10:$K$29,1))),\"Não\",\"Sim\"),\"\")","v":""}]
[{"$nulls":9},"","","",null,null,{"$f":"IF(ISNUMBER(K12),IF(OR(K12<_xlfn.QUARTILE.INC($K$10:$K$29,1)-1.5*(_xlfn.QUARTILE.INC($K$10:K30,3)-_xlfn.QUARTILE.INC($K$10:$K$29,1)),K12>_xlfn.QUARTILE.INC($K$10:$K$29,3)+1.5*(_xlfn.QUARTILE.INC($K$10:$K$29,3)-_xlfn.QUARTILE.INC($K$10:$K$29,1))),\"Não\",\"Sim\"),\"\")","v":""}]
[{"$nulls":9},"","","",null,null,{"$f":"IF(ISNUMBER(K13),IF(OR(K13<_xlfn.QUARTILE.INC($K$10:$K$29,1)-1.5*(_xlfn.QUARTILE.INC($K$10:K31,3)-_xlfn.QUARTILE.INC($K$10:$K$29,1)),K13>_xlfn.QUARTILE.INC($K$10:$K$29,3)+1.5*(_xlfn.QUARTILE.INC($K$10:$K$29,3)-_xlfn.QUARTILE.INC($K$10:$K$29,1))),\"Não\",\"Sim\"),\"\")","v":""}]
[{"$nulls":9},"","","",null,null,{"$f":"IF(ISNUMBER(K14),IF(OR(K14<_xlfn.QUARTILE.INC($K$10:$K$29,1)-1.5*(_xlfn.QUARTILE.INC($K$10:K32,3)-_xlfn.QUARTILE.INC($K$10:$K$29,1)),K14>_xlfn.QUARTILE.INC($K$10:$K$29,3)+1.5*(_xlfn.QUARTILE.INC($K$10:$K$29,3)-_xlfn.QUARTILE.INC($K$10:$K$29,1))),\"Não\",\"Sim\"),\"\")","v":""}]
[{"$nulls":9},"","","",null,null,{"$f":"IF(ISNUMBER(K15),IF(OR(K15<_xlfn.QUARTILE.INC($K$10:$K$29,1)-1.5*(_xlfn.QUARTILE.INC($K$10:K35,3)-_xlfn.QUARTILE.INC($K$10:$K$29,1)),K15>_xlfn.QUARTILE.INC($K$10:$K$29,3)+1.5*(_xlfn.QUARTILE.INC($K$10:$K$29,3)-_xlfn.QUARTILE.INC($K$10:$K$29,1))),\"Não\",\"Sim\"),\"\")","v":""}]
[{"$nulls":9},"","","",null,null,{"$f":"IF(ISNUMBER(K16),IF(OR(K16<_xlfn.QUARTILE.INC($K$10:$K$29,1)-1.5*(_xlfn.QUARTILE.INC($I$10:I37,3)-_xlfn.QUARTILE.INC($K$10:$K$29,1)),K16>_xlfn.QUARTILE.INC($K$10:$K$29,3)+1.5*(_xlfn.QUARTILE.INC($K$10:$K$29,3)-_xlfn.QUARTILE.INC($K$10:$K$29,1))),\"Não\",\"Sim\"),\"\")","v":""}]
[null,"COTAÇÕES DE MERCADO",{"$nulls":12},"Cotações"]
[null,"Empresa",{"$nulls":7},"Data","Preço Unitário","Utilizar? (Sim/Não)",null,null,"Outliers","Por critério do(a) analista"]
[null,"Utilidades Clínicas - https://www.utilidadesclinicas.com.br/soro-fisiologico-250ml-adv-farma-adv27244a.html?gad_source=1&gad_campaignid=23293178041&gbraid=0AAAAADbsX56okbpZeXevXb06wuvJY8YB9&gclid=CjwKCAjwtcHPBhADEiwAWo3sJtIYZXv-1M3No777qW5vkMRf-TY5SstaU_Afh2CGmlPsJl3N4OXpGxoCEbsQAvD_BwE",{"$nulls":7},"2026-04-28",5.44,{"$f":"IF(ISNUMBER(K19),IF($L$32=$O$18,O19,IF($L$32=$P$18,P19,\"\")),\"\")","v":"Sim"},null,null,{"$f":"IF(ISNUMBER(K19),IF(OR(K19<_xlfn.QUARTILE.INC($K$10:$K$29,1)-1.5*(_xlfn.QUARTILE.INC($K$10:$K$29,3)-_xlfn.QUARTILE.INC($K$10:$K$29,1)),K19>_xlfn.QUARTILE.INC($K$10:$K$29,3)+1.5*(_xlfn.QUARTILE.INC($K$10:$K$29,3)-_xlfn.QUARTILE.INC($K$10:$K$29,1))),\"Não\",\"Sim\"),\"\")","v":"Sim"}]
[null,"Dental Speed - https://www.dentalspeed.com/soro-fisiologico-250ml-adv-farma-adv27244a.html?gad_source=1&gad_campaignid=21250807156&gbraid=0AAAAAD1ZbgPDwMu_qAmzfyr2_4g1m3Rvt&gclid=CjwKCAjwtcHPBhADEiwAWo3sJqlWRVmQRvkoOrfHDTiGR_oWcm2CT0Ex1uKNSzOB_fKRMEmZL-7EShoCH7kQAvD_BwE",{"$nulls":7},"2026-04-28",5.9,"Sim",null,null,"Sim"]
[null,"Rosário - https://www.drogariarosario.com.br/soro-fisiologico-adv-cloreto-sod-09-bico-dosado-250ml-adv/p?idsku=23100&utm_source=googleshopping&utm_source=google&utm_medium=cpc&utm_campaign=pmax.compras&gad_source=1&gad_campaignid=23733391099&gbraid=0AAAAACRP8ppLzCMuB8NsezORf5wBwIPCJ&gclid=CjwKCAjwtcHPBhADEiwAWo3sJpOwFYa2ZYEuDXKspudN_5Kod-F8Mpdc_PwoyPXW-knWHqIbOY_6nBoCzxwQAvD_BwE",{"$nulls":7},"2026-04-28",6.99,"Sim",null,null,"Sim"]
[{"$nulls":11},"",null,null,""]
[{"$nulls":11},"",null,null,""]
[{"$nulls":11},"",null,null,""]
[{"$nulls":11},"",null,null,""]
[{"$nulls":11},"",null,null,""]
[{"$nulls":11},"",null,null,""]
[{"$nulls":11},"",null,null,""]
[{"$nulls":11},"",null,null,""]
[null,"Observações:",{"$nulls":8},"Média:",{"$f":"IF($L$32=\"\",\"Selecione metodologia para exclusão de preços\",AVERAGE(IF($L$10:$L$29=\"Sim\",$K$10:$K$29)))","v":6.1099999999999994},null,"Média (Cotações)",{"$f":"IF(COUNTIF(O19:O29,\"Sim\")<3,\"N/D (são necessários pelo menos 3 preços)\",AVERAGE(IF(O19:O29=\"Sim\",$K19:$K29)))","v":6.1099999999999994},{"$f":"IF(COUNTIF(P19:P29,\"Sim\")<3,\"N/D (são necessários pelo menos 3 preços)\",AVERAGE(IF(P19:P29=\"Sim\",$K19:$K29)))","v":"N/D (são necessários pelo menos 3 preços)"}]
[{"$nulls":10},"Mediana:",{"$f":"IF($L$32=\"\",\"Selecione metodologia para exclusão de preços\",MEDIAN(IF($L$10:$L$29=\"Sim\",$K$10:$K$29)))","v":5.9},null,"Mediana (Cotações)",{"$f":"IF(COUNTIF(O19:O29,\"Sim\")<3,\"N/D (são necessários pelo menos 3 preços)\",MEDIAN(IF(O19:O29=\"Sim\",$K19:$K29)))","v":5.9},{"$f":"IF(COUNTIF(P19:P29,\"Sim\")<3,\"N/D (são necessários pelo menos 3 preços)\",MEDIAN(IF(P19:P29=\"Sim\",$K19:$K29)))","v":"N/D (são necessários pelo menos 3 preços)"}]
[null,"Metodologia de exclusão de preços adotada:",{"$nulls":9},{"$f":"IF(O35=\"\",INDEX(O18:P18,MATCH(MIN(#REF!),#REF!,0)),O35)","v":"Outliers"},null,"CV (Cotações)",{"$f":"IF(COUNTIF(O19:O29,\"Sim\")<3,\"N/D (são necessários pelo menos 3 preços)\",_xlfn.STDEV.S(IF(O19:O29=\"Sim\",$K19:$K29))/AVERAGE(IF(O19:O29=\"Sim\",$K19:$K29)))","v":0.13028686776930712},{"$f":"IF(COUNTIF(P19:P29,\"Sim\")<3,\"N/D (são necessários pelo menos 3 preços)\",_xlfn.STDEV.S(IF(P19:P29=\"Sim\",$K19:$K29))/AVERAGE(IF(P19:P29=\"Sim\",$K19:$K29)))","v":"N/D (são necessários pelo menos 3 preços)"}]
[{"$nulls":13},"Média",{"$f":"IF(SUM(COUNTIF($O$10:$O$16,\"Sim\")) + SUM(COUNTIF(O19:O29,\"Sim\")) < 3,\n   \"N/D (são necessários pelo menos 3 preços)\",\n   IFERROR(AVERAGE(_xlfn._xlws.FILTER($K$10:$K$16,$O$10:$O$16=\"Sim\"), _xlfn._xlws.FILTER($K$19:$K$29,O19:O29=\"Sim\")),O30))","v":6.1099999999999994},{"$f":"IF(SUM(COUNTIF($P$10:$P$16,\"Sim\")) + SUM(COUNTIF(P19:P29,\"Sim\")) < 3,\n   \"N/D (são necessários pelo menos 3 preços)\",\n   IFERROR(AVERAGE(_xlfn._xlws.FILTER($K$10:$K$16,$P$10:$P$16=\"Sim\"), _xlfn._xlws.FILTER($K$19:$K$29,P19:P29=\"Sim\")),P30))","v":"N/D (são necessários pelo menos 3 preços)"}]
[{"$nulls":13},"Mediana",{"$f":"IF(SUM(COUNTIF($O$10:$O$16,\"Sim\")) + SUM(COUNTIF(O19:O29,\"Sim\")) < 3,\n   \"N/D (são necessários pelo menos 3 preços)\",\n   IFERROR(MEDIAN(_xlfn._xlws.FILTER($K$10:$K$16,$O$10:$O$16=\"Sim\"), _xlfn._xlws.FILTER($K$19:$K$29,O19:O29=\"Sim\")),O31))","v":5.9},{"$f":"IF(SUM(COUNTIF($P10:$P$16,\"Sim\")) + SUM(COUNTIF(P19:P29,\"Sim\")) < 3,\n   \"N/D (são necessários pelo menos 3 preços)\",\n   IFERROR(MEDIAN(_xlfn._xlws.FILTER($K$10:$K$16,$P$10:$P$16=\"Sim\"), _xlfn._xlws.FILTER($K$19:$K$29,P19:P29=\"Sim\")),P31))","v":"N/D (são necessários pelo menos 3 preços)"}]
[null,"COSOLIDAÇÃO DOS PREÇOS",{"$nulls":11},"Metodologia a adotar:",{"$f":"IF(INDEX(O18:P18,P35)=0,\"\",INDEX(O18:P18,P35))","v":"Outliers"},1]
[]
[null,"PREÇO UNITÁRIO ESTIMADO ADOTADO:",{"$nulls":9},{"$f":"IF($B$39=\"Mediana:\",L31,L30)","v":5.9}]
[]
[{"$f":"O18","v":"Outliers"},"Mediana:"]

{"sheet":"Tala","index":31,"n_rows":39,"n_cols":16,"rows_kept":39,"cut":false,"hidden":true,"merged":[[16,1,16,11],[16,14,16,15],[0,0,0,6],[6,2,6,7],[6,14,6,15],[7,1,7,11],[7,14,7,15],[28,1,28,8],[17,1,17,8],[18,1,18,8],[19,1,19,8],[20,1,20,8],[21,1,21,8],[22,1,22,8],[23,1,23,8],[24,1,24,8],[25,1,25,8],[26,1,26,8],[27,1,27,8],[31,1,33,10],[31,11,33,11],[34,1,35,10],[34,11,35,11],[36,1,36,10]]}
[]
[null,"Processo"]
[null,"Responsável"]
[null,"Área de Origem"]
[null,"Data da pesquisa"]
[]
[null,"ITEM:","TALA moldável grande (86cmx10x2)",{"$nulls":5},"UNIDADE DE MEDIDA:","Unidade","QUANTIDADE:",2,null,null,"Tabela auxiliar de metodologias para exclusão de preços"]
[null,"LICITAÇÕES ANTERIORES",{"$nulls":12},"Licitações Anteriores"]
[null,"Órgão","Edital/Ano - Nº do Lote / Item","Quantidade","Valor Unitário","Data","índice de atualização (nome)","I0","If","Variação acumulada do índice (%)","Preço unitário atualizado","Utilizar?  (Sim/Não)",null,null,"Outliers","Por critério do(a) analista"]
[{"$nulls":9},{"$f":"IF(ISBLANK(E10),\"\",IF(ISNUMBER(H10),(I10-H10)/H10,0))","v":""},{"$f":"IF(ISBLANK(E10),\"\",E10*(1+J10))","v":""},{"$f":"IF(ISNUMBER(K10),IF($L$32<>$P$9,O10,P10),\"\")","v":""},null,null,{"$f":"IF(ISNUMBER(K10),IF(OR(K10<_xlfn.QUARTILE.INC($K$10:$K$29,1)-1.5*(_xlfn.QUARTILE.INC($K$10:K29,3)-_xlfn.QUARTILE.INC($K$10:$K$29,1)),K10>_xlfn.QUARTILE.INC($K$10:$K$29,3)+1.5*(_xlfn.QUARTILE.INC($K$10:$K$29,3)-_xlfn.QUARTILE.INC($K$10:$K$29,1))),\"Não\",\"Sim\"),\"\")","v":""}]
[{"$nulls":9},{"$f":"IF(ISBLANK(E11),\"\",IF(ISNUMBER(H11),(I11-H11)/H11,0))","v":""},{"$f":"IF(ISBLANK(E11),\"\",E11*(1+J11))","v":""},"",null,null,{"$f":"IF(ISNUMBER(K11),IF(OR(K11<_xlfn.QUARTILE.INC($K$10:$K$29,1)-1.5*(_xlfn.QUARTILE.INC($K$10:K29,3)-_xlfn.QUARTILE.INC($K$10:$K$29,1)),K11>_xlfn.QUARTILE.INC($K$10:$K$29,3)+1.5*(_xlfn.QUARTILE.INC($K$10:$K$29,3)-_xlfn.QUARTILE.INC($K$10:$K$29,1))),\"Não\",\"Sim\"),\"\")","v":""}]
[{"$nulls":9},"","","",null,null,{"$f":"IF(ISNUMBER(K12),IF(OR(K12<_xlfn.QUARTILE.INC($K$10:$K$29,1)-1.5*(_xlfn.QUARTILE.INC($K$10:K30,3)-_xlfn.QUARTILE.INC($K$10:$K$29,1)),K12>_xlfn.QUARTILE.INC($K$10:$K$29,3)+1.5*(_xlfn.QUARTILE.INC($K$10:$K$29,3)-_xlfn.QUARTILE.INC($K$10:$K$29,1))),\"Não\",\"Sim\"),\"\")","v":""}]
[{"$nulls":9},"","","",null,null,{"$f":"IF(ISNUMBER(K13),IF(OR(K13<_xlfn.QUARTILE.INC($K$10:$K$29,1)-1.5*(_xlfn.QUARTILE.INC($K$10:K31,3)-_xlfn.QUARTILE.INC($K$10:$K$29,1)),K13>_xlfn.QUARTILE.INC($K$10:$K$29,3)+1.5*(_xlfn.QUARTILE.INC($K$10:$K$29,3)-_xlfn.QUARTILE.INC($K$10:$K$29,1))),\"Não\",\"Sim\"),\"\")","v":""}]
[{"$nulls":9},"","","",null,null,{"$f":"IF(ISNUMBER(K14),IF(OR(K14<_xlfn.QUARTILE.INC($K$10:$K$29,1)-1.5*(_xlfn.QUARTILE.INC($K$10:K32,3)-_xlfn.QUARTILE.INC($K$10:$K$29,1)),K14>_xlfn.QUARTILE.INC($K$10:$K$29,3)+1.5*(_xlfn.QUARTILE.INC($K$10:$K$29,3)-_xlfn.QUARTILE.INC($K$10:$K$29,1))),\"Não\",\"Sim\"),\"\")","v":""}]
[{"$nulls":9},"","","",null,null,{"$f":"IF(ISNUMBER(K15),IF(OR(K15<_xlfn.QUARTILE.INC($K$10:$K$29,1)-1.5*(_xlfn.QUARTILE.INC($K$10:K35,3)-_xlfn.QUARTILE.INC($K$10:$K$29,1)),K15>_xlfn.QUARTILE.INC($K$10:$K$29,3)+1.5*(_xlfn.QUARTILE.INC($K$10:$K$29,3)-_xlfn.QUARTILE.INC($K$10:$K$29,1))),\"Não\",\"Sim\"),\"\")","v":""}]
[{"$nulls":9},"","","",null,null,{"$f":"IF(ISNUMBER(K16),IF(OR(K16<_xlfn.QUARTILE.INC($K$10:$K$29,1)-1.5*(_xlfn.QUARTILE.INC($I$10:I37,3)-_xlfn.QUARTILE.INC($K$10:$K$29,1)),K16>_xlfn.QUARTILE.INC($K$10:$K$29,3)+1.5*(_xlfn.QUARTILE.INC($K$10:$K$29,3)-_xlfn.QUARTILE.INC($K$10:$K$29,1))),\"Não\",\"Sim\"),\"\")","v":""}]
[null,"COTAÇÕES DE MERCADO",{"$nulls":12},"Cotações"]
[null,"Empresa",{"$nulls":7},"Data","Preço Unitário","Utilizar? (Sim/Não)",null,null,"Outliers","Por critério do(a) analista"]
[null,"Bisturi - https://www.bisturi.com.br/marimar-tala-facil-g-verde/p?idsku=2623&utm_medium=ga-pmax&utm_source=ga-performacemax&gad_source=1&gad_campaignid=19859877295&gbraid=0AAAAADMFrRU8osHJcEEvRLZh6Jgyi0q2X&gclid=Cj0KCQjw2MbPBhCSARIsAP3jP9xtoLRl8rGOWKBgiifE1e2Kz7-3_P2I0dZOzxcbCifvVllZgOq9dnwaAtS1EALw_wcB",{"$nulls":7},"2026-04-29",22,{"$f":"IF(ISNUMBER(K19),IF($L$32=$O$18,O19,IF($L$32=$P$18,P19,\"\")),\"\")","v":"Sim"},null,null,{"$f":"IF(ISNUMBER(K19),IF(OR(K19<_xlfn.QUARTILE.INC($K$10:$K$29,1)-1.5*(_xlfn.QUARTILE.INC($K$10:$K$29,3)-_xlfn.QUARTILE.INC($K$10:$K$29,1)),K19>_xlfn.QUARTILE.INC($K$10:$K$29,3)+1.5*(_xlfn.QUARTILE.INC($K$10:$K$29,3)-_xlfn.QUARTILE.INC($K$10:$K$29,1))),\"Não\",\"Sim\"),\"\")","v":"Sim"}]
[null,"Magazine Médica - https://magazinemedica.com.br/produtos/visualiza/sku/2558/?gad_source=1&gad_campaignid=23257119241&gbraid=0AAAAA-LLl3TiEu2y6MTx5T-rxpkRQzg3F&gclid=Cj0KCQjw2MbPBhCSARIsAP3jP9xi42rmsNSLSMvc2blRJLlLCz7fEYTeVHZ3exgItuOiMG4oFFwhUnsaApbiEALw_wcB",{"$nulls":7},"2026-04-29",28.14,"Sim",null,null,"Sim"]
[null,"Triomed - https://triomed.com.br/products/prod-tala-de-imobilizacao-aramada-em-eva-tam-g-resgate-s58?variant=46537895805169&country=BR&currency=BRL&utm_medium=product_sync&utm_source=google&utm_content=sag_organic&utm_campaign=sag_organic&gad_source=1&gad_campaignid=22849579101&gbraid=0AAAAABxBVVbd0j64HvsWIzhWN3f0fk5ZE&gclid=Cj0KCQjw2MbPBhCSARIsAP3jP9y-smNX7Jn73FUBUSGefNuWcVLzMtv5p1k_cOoK-d7d5j-gP3VmK40aArEgEALw_wcB",{"$nulls":7},"2026-04-29",14.16,"Sim",null,null,"Sim"]
[{"$nulls":11},"",null,null,""]
[{"$nulls":11},"",null,null,""]
[{"$nulls":11},"",null,null,""]
[{"$nulls":11},"",null,null,""]
[{"$nulls":11},"",null,null,""]
[{"$nulls":11},"",null,null,""]
[{"$nulls":11},"",null,null,""]
[{"$nulls":11},"",null,null,""]
[null,"Observações:",{"$nulls":8},"Média:",{"$f":"IF($L$32=\"\",\"Selecione metodologia para exclusão de preços\",AVERAGE(IF($L$10:$L$29=\"Sim\",$K$10:$K$29)))","v":21.433333333333334},null,"Média (Cotações)",{"$f":"IF(COUNTIF(O19:O29,\"Sim\")<3,\"N/D (são necessários pelo menos 3 preços)\",AVERAGE(IF(O19:O29=\"Sim\",$K19:$K29)))","v":21.433333333333334},{"$f":"IF(COUNTIF(P19:P29,\"Sim\")<3,\"N/D (são necessários pelo menos 3 preços)\",AVERAGE(IF(P19:P29=\"Sim\",$K19:$K29)))","v":"N/D (são necessários pelo menos 3 preços)"}]
[{"$nulls":10},"Mediana:",{"$f":"IF($L$32=\"\",\"Selecione metodologia para exclusão de preços\",MEDIAN(IF($L$10:$L$29=\"Sim\",$K$10:$K$29)))","v":22},null,"Mediana (Cotações)",{"$f":"IF(COUNTIF(O19:O29,\"Sim\")<3,\"N/D (são necessários pelo menos 3 preços)\",MEDIAN(IF(O19:O29=\"Sim\",$K19:$K29)))","v":22},{"$f":"IF(COUNTIF(P19:P29,\"Sim\")<3,\"N/D (são necessários pelo menos 3 preços)\",MEDIAN(IF(P19:P29=\"Sim\",$K19:$K29)))","v":"N/D (são necessários pelo menos 3 preços)"}]
[null,"Metodologia de exclusão de preços adotada:",{"$nulls":9},{"$f":"IF(O35=\"\",INDEX(O18:P18,MATCH(MIN(#REF!),#REF!,0)),O35)","v":"Outliers"},null,"CV (Cotações)",{"$f":"IF(COUNTIF(O19:O29,\"Sim\")<3,\"N/D (são necessários pelo menos 3 preços)\",_xlfn.STDEV.S(IF(O19:O29=\"Sim\",$K19:$K29))/AVERAGE(IF(O19:O29=\"Sim\",$K19:$K29)))","v":0.32693028685702297},{"$f":"IF(COUNTIF(P19:P29,\"Sim\")<3,\"N/D (são necessários pelo menos 3 preços)\",_xlfn.STDEV.S(IF(P19:P29=\"Sim\",$K19:$K29))/AVERAGE(IF(P19:P29=\"Sim\",$K19:$K29)))","v":"N/D (são necessários pelo menos 3 preços)"}]
[{"$nulls":13},"Média",{"$f":"IF(SUM(COUNTIF($O$10:$O$16,\"Sim\")) + SUM(COUNTIF(O19:O29,\"Sim\")) < 3,\n   \"N/D (são necessários pelo menos 3 preços)\",\n   IFERROR(AVERAGE(_xlfn._xlws.FILTER($K$10:$K$16,$O$10:$O$16=\"Sim\"), _xlfn._xlws.FILTER($K$19:$K$29,O19:O29=\"Sim\")),O30))","v":21.433333333333334},{"$f":"IF(SUM(COUNTIF($P$10:$P$16,\"Sim\")) + SUM(COUNTIF(P19:P29,\"Sim\")) < 3,\n   \"N/D (são necessários pelo menos 3 preços)\",\n   IFERROR(AVERAGE(_xlfn._xlws.FILTER($K$10:$K$16,$P$10:$P$16=\"Sim\"), _xlfn._xlws.FILTER($K$19:$K$29,P19:P29=\"Sim\")),P30))","v":"N/D (são necessários pelo menos 3 preços)"}]
[{"$nulls":13},"Mediana",{"$f":"IF(SUM(COUNTIF($O$10:$O$16,\"Sim\")) + SUM(COUNTIF(O19:O29,\"Sim\")) < 3,\n   \"N/D (são necessários pelo menos 3 preços)\",\n   IFERROR(MEDIAN(_xlfn._xlws.FILTER($K$10:$K$16,$O$10:$O$16=\"Sim\"), _xlfn._xlws.FILTER($K$19:$K$29,O19:O29=\"Sim\")),O31))","v":22},{"$f":"IF(SUM(COUNTIF($P10:$P$16,\"Sim\")) + SUM(COUNTIF(P19:P29,\"Sim\")) < 3,\n   \"N/D (são necessários pelo menos 3 preços)\",\n   IFERROR(MEDIAN(_xlfn._xlws.FILTER($K$10:$K$16,$P$10:$P$16=\"Sim\"), _xlfn._xlws.FILTER($K$19:$K$29,P19:P29=\"Sim\")),P31))","v":"N/D (são necessários pelo menos 3 preços)"}]
[null,"COSOLIDAÇÃO DOS PREÇOS",{"$nulls":11},"Metodologia a adotar:",{"$f":"IF(INDEX(O18:P18,P35)=0,\"\",INDEX(O18:P18,P35))","v":"Outliers"},1]
[]
[null,"PREÇO UNITÁRIO ESTIMADO ADOTADO:",{"$nulls":9},{"$f":"IF($B$39=\"Mediana:\",L31,L30)","v":21.433333333333334}]
[]
[{"$f":"O18","v":"Outliers"},"Média:"]

{"sheet":"Tala moldavel","index":32,"n_rows":39,"n_cols":16,"rows_kept":39,"cut":false,"hidden":true,"merged":[[16,1,16,11],[16,14,16,15],[0,0,0,6],[6,2,6,7],[6,14,6,15],[7,1,7,11],[7,14,7,15],[28,1,28,8],[17,1,17,8],[18,1,18,8],[19,1,19,8],[20,1,20,8],[21,1,21,8],[22,1,22,8],[23,1,23,8],[24,1,24,8],[25,1,25,8],[26,1,26,8],[27,1,27,8],[31,1,33,10],[31,11,33,11],[34,1,35,10],[34,11,35,11],[36,1,36,10]]}
[]
[null,"Processo"]
[null,"Responsável"]
[null,"Área de Origem"]
[null,"Data da pesquisa"]
[]
[null,"ITEM:","TALA moldável média (63cmx9x2)",{"$nulls":5},"UNIDADE DE MEDIDA:","Unidade","QUANTIDADE:",2,null,null,"Tabela auxiliar de metodologias para exclusão de preços"]
[null,"LICITAÇÕES ANTERIORES",{"$nulls":12},"Licitações Anteriores"]
[null,"Órgão","Edital/Ano - Nº do Lote / Item","Quantidade","Valor Unitário","Data","índice de atualização (nome)","I0","If","Variação acumulada do índice (%)","Preço unitário atualizado","Utilizar?  (Sim/Não)",null,null,"Outliers","Por critério do(a) analista"]
[{"$nulls":9},{"$f":"IF(ISBLANK(E10),\"\",IF(ISNUMBER(H10),(I10-H10)/H10,0))","v":""},{"$f":"IF(ISBLANK(E10),\"\",E10*(1+J10))","v":""},{"$f":"IF(ISNUMBER(K10),IF($L$32<>$P$9,O10,P10),\"\")","v":""},null,null,{"$f":"IF(ISNUMBER(K10),IF(OR(K10<_xlfn.QUARTILE.INC($K$10:$K$29,1)-1.5*(_xlfn.QUARTILE.INC($K$10:K29,3)-_xlfn.QUARTILE.INC($K$10:$K$29,1)),K10>_xlfn.QUARTILE.INC($K$10:$K$29,3)+1.5*(_xlfn.QUARTILE.INC($K$10:$K$29,3)-_xlfn.QUARTILE.INC($K$10:$K$29,1))),\"Não\",\"Sim\"),\"\")","v":""}]
[{"$nulls":9},{"$f":"IF(ISBLANK(E11),\"\",IF(ISNUMBER(H11),(I11-H11)/H11,0))","v":""},{"$f":"IF(ISBLANK(E11),\"\",E11*(1+J11))","v":""},"",null,null,{"$f":"IF(ISNUMBER(K11),IF(OR(K11<_xlfn.QUARTILE.INC($K$10:$K$29,1)-1.5*(_xlfn.QUARTILE.INC($K$10:K29,3)-_xlfn.QUARTILE.INC($K$10:$K$29,1)),K11>_xlfn.QUARTILE.INC($K$10:$K$29,3)+1.5*(_xlfn.QUARTILE.INC($K$10:$K$29,3)-_xlfn.QUARTILE.INC($K$10:$K$29,1))),\"Não\",\"Sim\"),\"\")","v":""}]
[{"$nulls":9},"","","",null,null,{"$f":"IF(ISNUMBER(K12),IF(OR(K12<_xlfn.QUARTILE.INC($K$10:$K$29,1)-1.5*(_xlfn.QUARTILE.INC($K$10:K30,3)-_xlfn.QUARTILE.INC($K$10:$K$29,1)),K12>_xlfn.QUARTILE.INC($K$10:$K$29,3)+1.5*(_xlfn.QUARTILE.INC($K$10:$K$29,3)-_xlfn.QUARTILE.INC($K$10:$K$29,1))),\"Não\",\"Sim\"),\"\")","v":""}]
[{"$nulls":9},"","","",null,null,{"$f":"IF(ISNUMBER(K13),IF(OR(K13<_xlfn.QUARTILE.INC($K$10:$K$29,1)-1.5*(_xlfn.QUARTILE.INC($K$10:K31,3)-_xlfn.QUARTILE.INC($K$10:$K$29,1)),K13>_xlfn.QUARTILE.INC($K$10:$K$29,3)+1.5*(_xlfn.QUARTILE.INC($K$10:$K$29,3)-_xlfn.QUARTILE.INC($K$10:$K$29,1))),\"Não\",\"Sim\"),\"\")","v":""}]
[{"$nulls":9},"","","",null,null,{"$f":"IF(ISNUMBER(K14),IF(OR(K14<_xlfn.QUARTILE.INC($K$10:$K$29,1)-1.5*(_xlfn.QUARTILE.INC($K$10:K32,3)-_xlfn.QUARTILE.INC($K$10:$K$29,1)),K14>_xlfn.QUARTILE.INC($K$10:$K$29,3)+1.5*(_xlfn.QUARTILE.INC($K$10:$K$29,3)-_xlfn.QUARTILE.INC($K$10:$K$29,1))),\"Não\",\"Sim\"),\"\")","v":""}]
[{"$nulls":9},"","","",null,null,{"$f":"IF(ISNUMBER(K15),IF(OR(K15<_xlfn.QUARTILE.INC($K$10:$K$29,1)-1.5*(_xlfn.QUARTILE.INC($K$10:K35,3)-_xlfn.QUARTILE.INC($K$10:$K$29,1)),K15>_xlfn.QUARTILE.INC($K$10:$K$29,3)+1.5*(_xlfn.QUARTILE.INC($K$10:$K$29,3)-_xlfn.QUARTILE.INC($K$10:$K$29,1))),\"Não\",\"Sim\"),\"\")","v":""}]
[{"$nulls":9},"","","",null,null,{"$f":"IF(ISNUMBER(K16),IF(OR(K16<_xlfn.QUARTILE.INC($K$10:$K$29,1)-1.5*(_xlfn.QUARTILE.INC($I$10:I37,3)-_xlfn.QUARTILE.INC($K$10:$K$29,1)),K16>_xlfn.QUARTILE.INC($K$10:$K$29,3)+1.5*(_xlfn.QUARTILE.INC($K$10:$K$29,3)-_xlfn.QUARTILE.INC($K$10:$K$29,1))),\"Não\",\"Sim\"),\"\")","v":""}]
[null,"COTAÇÕES DE MERCADO",{"$nulls":12},"Cotações"]
[null,"Empresa",{"$nulls":7},"Data","Preço Unitário","Utilizar? (Sim/Não)",null,null,"Outliers","Por critério do(a) analista"]
[null,"Mercado Livre - https://www.mercadolivre.com.br/tala-moldavel-aramada-em-eva-m-63x09cm-laranja--ortofex/up/MLBU2977597845?pdp_filters=item_id%3AMLB3960088403&from=gshop&matt_tool=79314260&matt_word=&matt_source=google&matt_campaign_id=22090354076&matt_ad_group_id=192555040014&matt_match_type=&matt_network=g&matt_device=c&matt_creative=799032780706&matt_keyword=&matt_ad_position=&matt_ad_type=pla&matt_merchant_id=5550897666&matt_product_id=MLBU2977597845&matt_product_partition_id=2468104432726&matt_target_id=pla-2468104432726&cq_src=google_ads&cq_cmp=22090354076&cq_net=g&cq_plt=gp&cq_med=pla&gad_source=1&gad_campaignid=22090354076&gbraid=0AAAAAD93qcCcGqt1pEx9xzjfzQyhTs6YD&gclid=CjwKCAjwtcHPBhADEiwAWo3sJkkM2gMNIp6cauAhphKXAQ0qBSwOnBCu_SDTNurd4rAkgVn_V-ifzRoCbiUQAvD_BwE",{"$nulls":7},"2026-04-28",19.98,{"$f":"IF(ISNUMBER(K19),IF($L$32=$O$18,O19,IF($L$32=$P$18,P19,\"\")),\"\")","v":"Sim"},null,null,{"$f":"IF(ISNUMBER(K19),IF(OR(K19<_xlfn.QUARTILE.INC($K$10:$K$29,1)-1.5*(_xlfn.QUARTILE.INC($K$10:$K$29,3)-_xlfn.QUARTILE.INC($K$10:$K$29,1)),K19>_xlfn.QUARTILE.INC($K$10:$K$29,3)+1.5*(_xlfn.QUARTILE.INC($K$10:$K$29,3)-_xlfn.QUARTILE.INC($K$10:$K$29,1))),\"Não\",\"Sim\"),\"\")","v":"Sim"}]
[null,"Althis - https://www.althis.com.br/tala-aramada-moldavel-eva-resgate-sp-m?utm_source=google&utm_medium=Shopping&utm_campaign=tala-aramada-moldavel-eva-resgate-sp-m&inStock&gad_source=1&gad_campaignid=17178626559&gbraid=0AAAAABjnm_M8PK1GCT5ZKviCdoRxzinEM&gclid=CjwKCAjwtcHPBhADEiwAWo3sJsVQIpMI6CzM2uleGw8guZxVGxGMFG7-pTF4O-ZnHc6iaTCgBVMy8BoCwysQAvD_BwE",{"$nulls":7},"2026-04-28",14.64,"Sim",null,null,"Sim"]
[null,"Shopee - https://shopee.com.br/product/406038416/18699607974?gads_t_sig=gqRjZGVrxHCFomtpsTE0MjUxOnRzc19zZGtfa2V5omt20QABpGFsZ2_SAAAAZKNkZWvAomN0xEAAAAAMRvS3L9OTXdZ5FJNxILig8p7lQ7pNpXYtdZAbsM8MQrkGmzJ0eOQRwaQfuYgAF9FAqYvxRTQ9oVrOjPOJqmNpcGhlcnRleHTEcgAAAAwJpirLow5c-1g8fUTM2YNdw_k1TiHs-pA_khJt4HXFCGWbn0m7xQjNAuHvZ9StrkwrPSiaqHxzTdJMrOkXsnXzCBMuWqsj3DbE_RuEr5uuDrhIraf0R1ocrJ61HRTVJK5rx2Lt8dUA5fZCF-S25Q&gad_source=1&gad_campaignid=20818538529&gbraid=0AAAAACoEtRkCElrcvIQBPDTMvm57Qd9kz&gclid=CjwKCAjwtcHPBhADEiwAWo3sJsRUj_P_Bbkzss3VaTdhTCdxdafkbH1lYhkTTE7GDuLjupM1iNgLCxoCYnEQAvD_BwE",{"$nulls":7},"2026-04-28",16.899999999999999,"Sim",null,null,"Sim"]
[{"$nulls":11},"",null,null,""]
[{"$nulls":11},"",null,null,""]
[{"$nulls":11},"",null,null,""]
[{"$nulls":11},"",null,null,""]
[{"$nulls":11},"",null,null,""]
[{"$nulls":11},"",null,null,""]
[{"$nulls":11},"",null,null,""]
[{"$nulls":11},"",null,null,""]
[null,"Observações:",{"$nulls":8},"Média:",{"$f":"IF($L$32=\"\",\"Selecione metodologia para exclusão de preços\",AVERAGE(IF($L$10:$L$29=\"Sim\",$K$10:$K$29)))","v":17.173333333333336},null,"Média (Cotações)",{"$f":"IF(COUNTIF(O19:O29,\"Sim\")<3,\"N/D (são necessários pelo menos 3 preços)\",AVERAGE(IF(O19:O29=\"Sim\",$K19:$K29)))","v":17.173333333333336},{"$f":"IF(COUNTIF(P19:P29,\"Sim\")<3,\"N/D (são necessários pelo menos 3 preços)\",AVERAGE(IF(P19:P29=\"Sim\",$K19:$K29)))","v":"N/D (são necessários pelo menos 3 preços)"}]
[{"$nulls":10},"Mediana:",{"$f":"IF($L$32=\"\",\"Selecione metodologia para exclusão de preços\",MEDIAN(IF($L$10:$L$29=\"Sim\",$K$10:$K$29)))","v":16.899999999999999},null,"Mediana (Cotações)",{"$f":"IF(COUNTIF(O19:O29,\"Sim\")<3,\"N/D (são necessários pelo menos 3 preços)\",MEDIAN(IF(O19:O29=\"Sim\",$K19:$K29)))","v":16.899999999999999},{"$f":"IF(COUNTIF(P19:P29,\"Sim\")<3,\"N/D (são necessários pelo menos 3 preços)\",MEDIAN(IF(P19:P29=\"Sim\",$K19:$K29)))","v":"N/D (são necessários pelo menos 3 preços)"}]
[null,"Metodologia de exclusão de preços adotada:",{"$nulls":9},{"$f":"IF(O35=\"\",INDEX(O18:P18,MATCH(MIN(#REF!),#REF!,0)),O35)","v":"Outliers"},null,"CV (Cotações)",{"$f":"IF(COUNTIF(O19:O29,\"Sim\")<3,\"N/D (são necessários pelo menos 3 preços)\",_xlfn.STDEV.S(IF(O19:O29=\"Sim\",$K19:$K29))/AVERAGE(IF(O19:O29=\"Sim\",$K19:$K29)))","v":0.1560834197484571},{"$f":"IF(COUNTIF(P19:P29,\"Sim\")<3,\"N/D (são necessários pelo menos 3 preços)\",_xlfn.STDEV.S(IF(P19:P29=\"Sim\",$K19:$K29))/AVERAGE(IF(P19:P29=\"Sim\",$K19:$K29)))","v":"N/D (são necessários pelo menos 3 preços)"}]
[{"$nulls":13},"Média",{"$f":"IF(SUM(COUNTIF($O$10:$O$16,\"Sim\")) + SUM(COUNTIF(O19:O29,\"Sim\")) < 3,\n   \"N/D (são necessários pelo menos 3 preços)\",\n   IFERROR(AVERAGE(_xlfn._xlws.FILTER($K$10:$K$16,$O$10:$O$16=\"Sim\"), _xlfn._xlws.FILTER($K$19:$K$29,O19:O29=\"Sim\")),O30))","v":17.173333333333336},{"$f":"IF(SUM(COUNTIF($P$10:$P$16,\"Sim\")) + SUM(COUNTIF(P19:P29,\"Sim\")) < 3,\n   \"N/D (são necessários pelo menos 3 preços)\",\n   IFERROR(AVERAGE(_xlfn._xlws.FILTER($K$10:$K$16,$P$10:$P$16=\"Sim\"), _xlfn._xlws.FILTER($K$19:$K$29,P19:P29=\"Sim\")),P30))","v":"N/D (são necessários pelo menos 3 preços)"}]
[{"$nulls":13},"Mediana",{"$f":"IF(SUM(COUNTIF($O$10:$O$16,\"Sim\")) + SUM(COUNTIF(O19:O29,\"Sim\")) < 3,\n   \"N/D (são necessários pelo menos 3 preços)\",\n   IFERROR(MEDIAN(_xlfn._xlws.FILTER($K$10:$K$16,$O$10:$O$16=\"Sim\"), _xlfn._xlws.FILTER($K$19:$K$29,O19:O29=\"Sim\")),O31))","v":16.899999999999999},{"$f":"IF(SUM(COUNTIF($P10:$P$16,\"Sim\")) + SUM(COUNTIF(P19:P29,\"Sim\")) < 3,\n   \"N/D (são necessários pelo menos 3 preços)\",\n   IFERROR(MEDIAN(_xlfn._xlws.FILTER($K$10:$K$16,$P$10:$P$16=\"Sim\"), _xlfn._xlws.FILTER($K$19:$K$29,P19:P29=\"Sim\")),P31))","v":"N/D (são necessários pelo menos 3 preços)"}]
[null,"COSOLIDAÇÃO DOS PREÇOS",{"$nulls":11},"Metodologia a adotar:",{"$f":"IF(INDEX(O18:P18,P35)=0,\"\",INDEX(O18:P18,P35))","v":"Outliers"},1]
[]
[null,"PREÇO UNITÁRIO ESTIMADO ADOTADO:",{"$nulls":9},{"$f":"IF($B$39=\"Mediana:\",L31,L30)","v":16.899999999999999}]
[]
[{"$f":"O18","v":"Outliers"},"Mediana:"]

{"sheet":"Tala Aramada","index":33,"n_rows":39,"n_cols":16,"rows_kept":39,"cut":false,"hidden":true,"merged":[[16,1,16,11],[16,14,16,15],[0,0,0,6],[6,2,6,7],[6,14,6,15],[7,1,7,11],[7,14,7,15],[28,1,28,8],[17,1,17,8],[18,1,18,8],[19,1,19,8],[20,1,20,8],[21,1,21,8],[22,1,22,8],[23,1,23,8],[24,1,24,8],[25,1,25,8],[26,1,26,8],[27,1,27,8],[31,1,33,10],[31,11,33,11],[34,1,35,10],[34,11,35,11],[36,1,36,10]]}
[]
[null,"Processo"]
[null,"Responsável"]
[null,"Área de Origem"]
[null,"Data da pesquisa"]
[]
[null,"ITEM:","TALA moldável pequena (30cmx8x2)",{"$nulls":5},"UNIDADE DE MEDIDA:","Unidade","QUANTIDADE:",2,null,null,"Tabela auxiliar de metodologias para exclusão de preços"]
[null,"LICITAÇÕES ANTERIORES",{"$nulls":12},"Licitações Anteriores"]
[null,"Órgão","Edital/Ano - Nº do Lote / Item","Quantidade","Valor Unitário","Data","índice de atualização (nome)","I0","If","Variação acumulada do índice (%)","Preço unitário atualizado","Utilizar?  (Sim/Não)",null,null,"Outliers","Por critério do(a) analista"]
[{"$nulls":9},{"$f":"IF(ISBLANK(E10),\"\",IF(ISNUMBER(H10),(I10-H10)/H10,0))","v":""},{"$f":"IF(ISBLANK(E10),\"\",E10*(1+J10))","v":""},{"$f":"IF(ISNUMBER(K10),IF($L$32<>$P$9,O10,P10),\"\")","v":""},null,null,{"$f":"IF(ISNUMBER(K10),IF(OR(K10<_xlfn.QUARTILE.INC($K$10:$K$29,1)-1.5*(_xlfn.QUARTILE.INC($K$10:K29,3)-_xlfn.QUARTILE.INC($K$10:$K$29,1)),K10>_xlfn.QUARTILE.INC($K$10:$K$29,3)+1.5*(_xlfn.QUARTILE.INC($K$10:$K$29,3)-_xlfn.QUARTILE.INC($K$10:$K$29,1))),\"Não\",\"Sim\"),\"\")","v":""}]
[{"$nulls":9},{"$f":"IF(ISBLANK(E11),\"\",IF(ISNUMBER(H11),(I11-H11)/H11,0))","v":""},{"$f":"IF(ISBLANK(E11),\"\",E11*(1+J11))","v":""},"",null,null,{"$f":"IF(ISNUMBER(K11),IF(OR(K11<_xlfn.QUARTILE.INC($K$10:$K$29,1)-1.5*(_xlfn.QUARTILE.INC($K$10:K29,3)-_xlfn.QUARTILE.INC($K$10:$K$29,1)),K11>_xlfn.QUARTILE.INC($K$10:$K$29,3)+1.5*(_xlfn.QUARTILE.INC($K$10:$K$29,3)-_xlfn.QUARTILE.INC($K$10:$K$29,1))),\"Não\",\"Sim\"),\"\")","v":""}]
[{"$nulls":9},"","","",null,null,{"$f":"IF(ISNUMBER(K12),IF(OR(K12<_xlfn.QUARTILE.INC($K$10:$K$29,1)-1.5*(_xlfn.QUARTILE.INC($K$10:K30,3)-_xlfn.QUARTILE.INC($K$10:$K$29,1)),K12>_xlfn.QUARTILE.INC($K$10:$K$29,3)+1.5*(_xlfn.QUARTILE.INC($K$10:$K$29,3)-_xlfn.QUARTILE.INC($K$10:$K$29,1))),\"Não\",\"Sim\"),\"\")","v":""}]
[{"$nulls":9},"","","",null,null,{"$f":"IF(ISNUMBER(K13),IF(OR(K13<_xlfn.QUARTILE.INC($K$10:$K$29,1)-1.5*(_xlfn.QUARTILE.INC($K$10:K31,3)-_xlfn.QUARTILE.INC($K$10:$K$29,1)),K13>_xlfn.QUARTILE.INC($K$10:$K$29,3)+1.5*(_xlfn.QUARTILE.INC($K$10:$K$29,3)-_xlfn.QUARTILE.INC($K$10:$K$29,1))),\"Não\",\"Sim\"),\"\")","v":""}]
[{"$nulls":9},"","","",null,null,{"$f":"IF(ISNUMBER(K14),IF(OR(K14<_xlfn.QUARTILE.INC($K$10:$K$29,1)-1.5*(_xlfn.QUARTILE.INC($K$10:K32,3)-_xlfn.QUARTILE.INC($K$10:$K$29,1)),K14>_xlfn.QUARTILE.INC($K$10:$K$29,3)+1.5*(_xlfn.QUARTILE.INC($K$10:$K$29,3)-_xlfn.QUARTILE.INC($K$10:$K$29,1))),\"Não\",\"Sim\"),\"\")","v":""}]
[{"$nulls":9},"","","",null,null,{"$f":"IF(ISNUMBER(K15),IF(OR(K15<_xlfn.QUARTILE.INC($K$10:$K$29,1)-1.5*(_xlfn.QUARTILE.INC($K$10:K35,3)-_xlfn.QUARTILE.INC($K$10:$K$29,1)),K15>_xlfn.QUARTILE.INC($K$10:$K$29,3)+1.5*(_xlfn.QUARTILE.INC($K$10:$K$29,3)-_xlfn.QUARTILE.INC($K$10:$K$29,1))),\"Não\",\"Sim\"),\"\")","v":""}]
[{"$nulls":9},"","","",null,null,{"$f":"IF(ISNUMBER(K16),IF(OR(K16<_xlfn.QUARTILE.INC($K$10:$K$29,1)-1.5*(_xlfn.QUARTILE.INC($I$10:I37,3)-_xlfn.QUARTILE.INC($K$10:$K$29,1)),K16>_xlfn.QUARTILE.INC($K$10:$K$29,3)+1.5*(_xlfn.QUARTILE.INC($K$10:$K$29,3)-_xlfn.QUARTILE.INC($K$10:$K$29,1))),\"Não\",\"Sim\"),\"\")","v":""}]
[null,"COTAÇÕES DE MERCADO",{"$nulls":12},"Cotações"]
[null,"Empresa",{"$nulls":7},"Data","Preço Unitário","Utilizar? (Sim/Não)",null,null,"Outliers","Por critério do(a) analista"]
[null,"Triomed - https://triomed.com.br/products/prod-tala-de-imobilizacao-aramada-em-eva-tam-resgate-s135?variant=46537896722673&country=BR&currency=BRL&utm_medium=product_sync&utm_source=google&utm_content=sag_organic&utm_campaign=sag_organic&gad_source=1&gad_campaignid=22849579101&gbraid=0AAAAABxBVVbd0j64HvsWIzhWN3f0fk5ZE&gclid=Cj0KCQjw2MbPBhCSARIsAP3jP9zYQ--oaf7y_weBLosEARE3-xHZRE3LW7TSY_kc9xC2Tzbvu6ESruQaAlhREALw_wcB",{"$nulls":7},"2026-04-29",9.41,{"$f":"IF(ISNUMBER(K19),IF($L$32=$O$18,O19,IF($L$32=$P$18,P19,\"\")),\"\")","v":"Sim"},null,null,{"$f":"IF(ISNUMBER(K19),IF(OR(K19<_xlfn.QUARTILE.INC($K$10:$K$29,1)-1.5*(_xlfn.QUARTILE.INC($K$10:$K$29,3)-_xlfn.QUARTILE.INC($K$10:$K$29,1)),K19>_xlfn.QUARTILE.INC($K$10:$K$29,3)+1.5*(_xlfn.QUARTILE.INC($K$10:$K$29,3)-_xlfn.QUARTILE.INC($K$10:$K$29,1))),\"Não\",\"Sim\"),\"\")","v":"Sim"}]
[null,"Magazine Médica - https://magazinemedica.com.br/produtos/visualiza/sku/1682/?gad_source=1&gad_campaignid=23257119241&gbraid=0AAAAA-LLl3TiEu2y6MTx5T-rxpkRQzg3F&gclid=Cj0KCQjw2MbPBhCSARIsAP3jP9zO54IrrY0zDhp-vF0jXyemgG8upmO1yb8gx-prrGhy-4MgVTl1htwaAgkoEALw_wcB",{"$nulls":7},"2026-04-29",15.11,"Sim",null,null,"Sim"]
[null,"Althis - https://www.althis.com.br/tala-aramada-moldavel-eva-resgate-sp-p?utm_source=google&utm_medium=Shopping&utm_campaign=tala-aramada-moldavel-eva-resgate-sp-p&inStock&gad_source=1&gad_campaignid=17178626559&gbraid=0AAAAABjnm_OPE669OeagXWQYu1r4tOCiG&gclid=Cj0KCQjw2MbPBhCSARIsAP3jP9wbZzwiiuY8cdUcCnI8Z37CZhM1uSgSkpXX-ltm6FO8fQLfyzQZE4gaAnkgEALw_wcB",{"$nulls":7},"2026-04-29",12.92,"Sim",null,null,"Sim"]
[{"$nulls":11},"",null,null,""]
[{"$nulls":11},"",null,null,""]
[{"$nulls":11},"",null,null,""]
[{"$nulls":11},"",null,null,""]
[{"$nulls":11},"",null,null,""]
[{"$nulls":11},"",null,null,""]
[{"$nulls":11},"",null,null,""]
[{"$nulls":11},"",null,null,""]
[null,"Observações:",{"$nulls":8},"Média:",{"$f":"IF($L$32=\"\",\"Selecione metodologia para exclusão de preços\",AVERAGE(IF($L$10:$L$29=\"Sim\",$K$10:$K$29)))","v":12.479999999999999},null,"Média (Cotações)",{"$f":"IF(COUNTIF(O19:O29,\"Sim\")<3,\"N/D (são necessários pelo menos 3 preços)\",AVERAGE(IF(O19:O29=\"Sim\",$K19:$K29)))","v":12.479999999999999},{"$f":"IF(COUNTIF(P19:P29,\"Sim\")<3,\"N/D (são necessários pelo menos 3 preços)\",AVERAGE(IF(P19:P29=\"Sim\",$K19:$K29)))","v":"N/D (são necessários pelo menos 3 preços)"}]
[{"$nulls":10},"Mediana:",{"$f":"IF($L$32=\"\",\"Selecione metodologia para exclusão de preços\",MEDIAN(IF($L$10:$L$29=\"Sim\",$K$10:$K$29)))","v":12.92},null,"Mediana (Cotações)",{"$f":"IF(COUNTIF(O19:O29,\"Sim\")<3,\"N/D (são necessários pelo menos 3 preços)\",MEDIAN(IF(O19:O29=\"Sim\",$K19:$K29)))","v":12.92},{"$f":"IF(COUNTIF(P19:P29,\"Sim\")<3,\"N/D (são necessários pelo menos 3 preços)\",MEDIAN(IF(P19:P29=\"Sim\",$K19:$K29)))","v":"N/D (são necessários pelo menos 3 preços)"}]
[null,"Metodologia de exclusão de preços adotada:",{"$nulls":9},{"$f":"IF(O35=\"\",INDEX(O18:P18,MATCH(MIN(#REF!),#REF!,0)),O35)","v":"Outliers"},null,"CV (Cotações)",{"$f":"IF(COUNTIF(O19:O29,\"Sim\")<3,\"N/D (são necessários pelo menos 3 preços)\",_xlfn.STDEV.S(IF(O19:O29=\"Sim\",$K19:$K29))/AVERAGE(IF(O19:O29=\"Sim\",$K19:$K29)))","v":0.23039750375960871},{"$f":"IF(COUNTIF(P19:P29,\"Sim\")<3,\"N/D (são necessários pelo menos 3 preços)\",_xlfn.STDEV.S(IF(P19:P29=\"Sim\",$K19:$K29))/AVERAGE(IF(P19:P29=\"Sim\",$K19:$K29)))","v":"N/D (são necessários pelo menos 3 preços)"}]
[{"$nulls":13},"Média",{"$f":"IF(SUM(COUNTIF($O$10:$O$16,\"Sim\")) + SUM(COUNTIF(O19:O29,\"Sim\")) < 3,\n   \"N/D (são necessários pelo menos 3 preços)\",\n   IFERROR(AVERAGE(_xlfn._xlws.FILTER($K$10:$K$16,$O$10:$O$16=\"Sim\"), _xlfn._xlws.FILTER($K$19:$K$29,O19:O29=\"Sim\")),O30))","v":12.479999999999999},{"$f":"IF(SUM(COUNTIF($P$10:$P$16,\"Sim\")) + SUM(COUNTIF(P19:P29,\"Sim\")) < 3,\n   \"N/D (são necessários pelo menos 3 preços)\",\n   IFERROR(AVERAGE(_xlfn._xlws.FILTER($K$10:$K$16,$P$10:$P$16=\"Sim\"), _xlfn._xlws.FILTER($K$19:$K$29,P19:P29=\"Sim\")),P30))","v":"N/D (são necessários pelo menos 3 preços)"}]
[{"$nulls":13},"Mediana",{"$f":"IF(SUM(COUNTIF($O$10:$O$16,\"Sim\")) + SUM(COUNTIF(O19:O29,\"Sim\")) < 3,\n   \"N/D (são necessários pelo menos 3 preços)\",\n   IFERROR(MEDIAN(_xlfn._xlws.FILTER($K$10:$K$16,$O$10:$O$16=\"Sim\"), _xlfn._xlws.FILTER($K$19:$K$29,O19:O29=\"Sim\")),O31))","v":12.92},{"$f":"IF(SUM(COUNTIF($P10:$P$16,\"Sim\")) + SUM(COUNTIF(P19:P29,\"Sim\")) < 3,\n   \"N/D (são necessários pelo menos 3 preços)\",\n   IFERROR(MEDIAN(_xlfn._xlws.FILTER($K$10:$K$16,$P$10:$P$16=\"Sim\"), _xlfn._xlws.FILTER($K$19:$K$29,P19:P29=\"Sim\")),P31))","v":"N/D (são necessários pelo menos 3 preços)"}]
[null,"COSOLIDAÇÃO DOS PREÇOS",{"$nulls":11},"Metodologia a adotar:",{"$f":"IF(INDEX(O18:P18,P35)=0,\"\",INDEX(O18:P18,P35))","v":"Outliers"},1]
[]
[null,"PREÇO UNITÁRIO ESTIMADO ADOTADO:",{"$nulls":9},{"$f":"IF($B$39=\"Mediana:\",L31,L30)","v":12.479999999999999}]
[]
[{"$f":"O18","v":"Outliers"},"Média:"]

{"sheet":"Termometro","index":34,"n_rows":39,"n_cols":16,"rows_kept":39,"cut":false,"hidden":true,"merged":[[16,1,16,11],[16,14,16,15],[0,0,0,6],[6,2,6,7],[6,14,6,15],[7,1,7,11],[7,14,7,15],[28,1,28,8],[17,1,17,8],[18,1,18,8],[19,1,19,8],[20,1,20,8],[21,1,21,8],[22,1,22,8],[23,1,23,8],[24,1,24,8],[25,1,25,8],[26,1,26,8],[27,1,27,8],[31,1,33,10],[31,11,33,11],[34,1,35,10],[34,11,35,11],[36,1,36,10]]}
[]
[null,"Processo"]
[null,"Responsável"]
[null,"Área de Origem"]
[null,"Data da pesquisa"]
[]
[null,"ITEM:","TERMÔMETRO clínico digital com no mínimo, aviso sonoro, visor de temperatura com 03 (três) dígitos, ponta flexível, desligamento automático, dimensões: 2cmx13cmx1cm (PxLxD), bateria substituível, erro máximo: 0,2ºC, 1 pilha LR41 de 1,5V",{"$nulls":5},"UNIDADE DE MEDIDA:","Unidade","QUANTIDADE:",2,null,null,"Tabela auxiliar de metodologias para exclusão de preços"]
[null,"LICITAÇÕES ANTERIORES",{"$nulls":12},"Licitações Anteriores"]
[null,"Órgão","Edital/Ano - Nº do Lote / Item","Quantidade","Valor Unitário","Data","índice de atualização (nome)","I0","If","Variação acumulada do índice (%)","Preço unitário atualizado","Utilizar?  (Sim/Não)",null,null,"Outliers","Por critério do(a) analista"]
[{"$nulls":9},{"$f":"IF(ISBLANK(E10),\"\",IF(ISNUMBER(H10),(I10-H10)/H10,0))","v":""},{"$f":"IF(ISBLANK(E10),\"\",E10*(1+J10))","v":""},{"$f":"IF(ISNUMBER(K10),IF($L$32<>$P$9,O10,P10),\"\")","v":""},null,null,{"$f":"IF(ISNUMBER(K10),IF(OR(K10<_xlfn.QUARTILE.INC($K$10:$K$29,1)-1.5*(_xlfn.QUARTILE.INC($K$10:K29,3)-_xlfn.QUARTILE.INC($K$10:$K$29,1)),K10>_xlfn.QUARTILE.INC($K$10:$K$29,3)+1.5*(_xlfn.QUARTILE.INC($K$10:$K$29,3)-_xlfn.QUARTILE.INC($K$10:$K$29,1))),\"Não\",\"Sim\"),\"\")","v":""}]
[{"$nulls":9},{"$f":"IF(ISBLANK(E11),\"\",IF(ISNUMBER(H11),(I11-H11)/H11,0))","v":""},{"$f":"IF(ISBLANK(E11),\"\",E11*(1+J11))","v":""},"",null,null,{"$f":"IF(ISNUMBER(K11),IF(OR(K11<_xlfn.QUARTILE.INC($K$10:$K$29,1)-1.5*(_xlfn.QUARTILE.INC($K$10:K29,3)-_xlfn.QUARTILE.INC($K$10:$K$29,1)),K11>_xlfn.QUARTILE.INC($K$10:$K$29,3)+1.5*(_xlfn.QUARTILE.INC($K$10:$K$29,3)-_xlfn.QUARTILE.INC($K$10:$K$29,1))),\"Não\",\"Sim\"),\"\")","v":""}]
[{"$nulls":9},"","","",null,null,{"$f":"IF(ISNUMBER(K12),IF(OR(K12<_xlfn.QUARTILE.INC($K$10:$K$29,1)-1.5*(_xlfn.QUARTILE.INC($K$10:K30,3)-_xlfn.QUARTILE.INC($K$10:$K$29,1)),K12>_xlfn.QUARTILE.INC($K$10:$K$29,3)+1.5*(_xlfn.QUARTILE.INC($K$10:$K$29,3)-_xlfn.QUARTILE.INC($K$10:$K$29,1))),\"Não\",\"Sim\"),\"\")","v":""}]
[{"$nulls":9},"","","",null,null,{"$f":"IF(ISNUMBER(K13),IF(OR(K13<_xlfn.QUARTILE.INC($K$10:$K$29,1)-1.5*(_xlfn.QUARTILE.INC($K$10:K31,3)-_xlfn.QUARTILE.INC($K$10:$K$29,1)),K13>_xlfn.QUARTILE.INC($K$10:$K$29,3)+1.5*(_xlfn.QUARTILE.INC($K$10:$K$29,3)-_xlfn.QUARTILE.INC($K$10:$K$29,1))),\"Não\",\"Sim\"),\"\")","v":""}]
[{"$nulls":9},"","","",null,null,{"$f":"IF(ISNUMBER(K14),IF(OR(K14<_xlfn.QUARTILE.INC($K$10:$K$29,1)-1.5*(_xlfn.QUARTILE.INC($K$10:K32,3)-_xlfn.QUARTILE.INC($K$10:$K$29,1)),K14>_xlfn.QUARTILE.INC($K$10:$K$29,3)+1.5*(_xlfn.QUARTILE.INC($K$10:$K$29,3)-_xlfn.QUARTILE.INC($K$10:$K$29,1))),\"Não\",\"Sim\"),\"\")","v":""}]
[{"$nulls":9},"","","",null,null,{"$f":"IF(ISNUMBER(K15),IF(OR(K15<_xlfn.QUARTILE.INC($K$10:$K$29,1)-1.5*(_xlfn.QUARTILE.INC($K$10:K35,3)-_xlfn.QUARTILE.INC($K$10:$K$29,1)),K15>_xlfn.QUARTILE.INC($K$10:$K$29,3)+1.5*(_xlfn.QUARTILE.INC($K$10:$K$29,3)-_xlfn.QUARTILE.INC($K$10:$K$29,1))),\"Não\",\"Sim\"),\"\")","v":""}]
[{"$nulls":9},"","","",null,null,{"$f":"IF(ISNUMBER(K16),IF(OR(K16<_xlfn.QUARTILE.INC($K$10:$K$29,1)-1.5*(_xlfn.QUARTILE.INC($I$10:I37,3)-_xlfn.QUARTILE.INC($K$10:$K$29,1)),K16>_xlfn.QUARTILE.INC($K$10:$K$29,3)+1.5*(_xlfn.QUARTILE.INC($K$10:$K$29,3)-_xlfn.QUARTILE.INC($K$10:$K$29,1))),\"Não\",\"Sim\"),\"\")","v":""}]
[null,"COTAÇÕES DE MERCADO",{"$nulls":12},"Cotações"]
[null,"Empresa",{"$nulls":7},"Data","Preço Unitário","Utilizar? (Sim/Não)",null,null,"Outliers","Por critério do(a) analista"]
[null,"Nissei - https://www.farmaciasnissei.com.br/termometro-clinico-digital-g-tech-com-ponta-flexivel-th400?utm_campaign=PMax_Todos_os_Produtos&utm_source=google&utm_medium=cpc&gad_source=1&gad_campaignid=18958935481&gbraid=0AAAAADonTcB-3bFgugbZ-5TcTiPlym6sh&gclid=CjwKCAjwtcHPBhADEiwAWo3sJnhDM5ANAlDXze-d_mvtABDskhqSvxBRNrBwTeT3OxH3lHxcQe2u5RoCLC4QAvD_BwE",{"$nulls":7},"2026-04-28",33.950000000000003,{"$f":"IF(ISNUMBER(K19),IF($L$32=$O$18,O19,IF($L$32=$P$18,P19,\"\")),\"\")","v":"Sim"},null,null,{"$f":"IF(ISNUMBER(K19),IF(OR(K19<_xlfn.QUARTILE.INC($K$10:$K$29,1)-1.5*(_xlfn.QUARTILE.INC($K$10:$K$29,3)-_xlfn.QUARTILE.INC($K$10:$K$29,1)),K19>_xlfn.QUARTILE.INC($K$10:$K$29,3)+1.5*(_xlfn.QUARTILE.INC($K$10:$K$29,3)-_xlfn.QUARTILE.INC($K$10:$K$29,1))),\"Não\",\"Sim\"),\"\")","v":"Sim"}]
[null,"Mercado Livre - https://www.mercadolivre.com.br/termmetro-clinico-digital-branco-ponta-flexivel-1-minuto/p/MLB46376663?pdp_filters=item_id%3AMLB6635177714&from=gshop&matt_tool=35397717&matt_word=&matt_source=google&matt_campaign_id=22090354487&matt_ad_group_id=197094212371&matt_match_type=&matt_network=g&matt_device=c&matt_creative=792396419695&matt_keyword=&matt_ad_position=&matt_ad_type=pla&matt_merchant_id=735098660&matt_product_id=MLB46376663-product&matt_product_partition_id=2469475009611&matt_target_id=pla-2469475009611&cq_src=google_ads&cq_cmp=22090354487&cq_net=g&cq_plt=gp&cq_med=pla&gad_source=1&gad_campaignid=22090354487&gbraid=0AAAAAD93qcD9MlUhk0DsjOWe3HkL9bL24&gclid=CjwKCAjwtcHPBhADEiwAWo3sJqGZ9Ms4Qm1FzQ6c0eZ9XSJnz_g0TJ-Z1O8hXOntLm3IkxZR5lwCRRoCZzEQAvD_BwE",{"$nulls":7},"2026-04-28",19.239999999999998,"Sim",null,null,"Sim"]
[null,"Amazon - https://www.amazon.com.br/Term%C3%B4metro-Digital-Ponta-Flex%C3%ADvel-G-Tech/dp/B076VYL3PX/ref=asc_df_B076VYL3PX?mcid=fc86704eae163ec68e7a3504f1effbbf&tag=googleshopp00-20&linkCode=df0&hvadid=709857204930&hvpos=&hvnetw=g&hvrand=10450406643330742267&hvpone=&hvptwo=&hvqmt=&hvdev=c&hvdvcmdl=&hvlocint=&hvlocphy=9196708&hvtargid=pla-835646429930&psc=1&hvocijid=10450406643330742267-B076VYL3PX-&hvexpln=0&language=pt_BR",{"$nulls":7},"2062-04-28",22.09,"Sim",null,null,"Sim"]
[{"$nulls":11},"",null,null,""]
[{"$nulls":11},"",null,null,""]
[{"$nulls":11},"",null,null,""]
[{"$nulls":11},"",null,null,""]
[{"$nulls":11},"",null,null,""]
[{"$nulls":11},"",null,null,""]
[{"$nulls":11},"",null,null,""]
[{"$nulls":11},"",null,null,""]
[null,"Observações:",{"$nulls":8},"Média:",{"$f":"IF($L$32=\"\",\"Selecione metodologia para exclusão de preços\",AVERAGE(IF($L$10:$L$29=\"Sim\",$K$10:$K$29)))","v":25.093333333333334},null,"Média (Cotações)",{"$f":"IF(COUNTIF(O19:O29,\"Sim\")<3,\"N/D (são necessários pelo menos 3 preços)\",AVERAGE(IF(O19:O29=\"Sim\",$K19:$K29)))","v":25.093333333333334},{"$f":"IF(COUNTIF(P19:P29,\"Sim\")<3,\"N/D (são necessários pelo menos 3 preços)\",AVERAGE(IF(P19:P29=\"Sim\",$K19:$K29)))","v":"N/D (são necessários pelo menos 3 preços)"}]
[{"$nulls":10},"Mediana:",{"$f":"IF($L$32=\"\",\"Selecione metodologia para exclusão de preços\",MEDIAN(IF($L$10:$L$29=\"Sim\",$K$10:$K$29)))","v":22.09},null,"Mediana (Cotações)",{"$f":"IF(COUNTIF(O19:O29,\"Sim\")<3,\"N/D (são necessários pelo menos 3 preços)\",MEDIAN(IF(O19:O29=\"Sim\",$K19:$K29)))","v":22.09},{"$f":"IF(COUNTIF(P19:P29,\"Sim\")<3,\"N/D (são necessários pelo menos 3 preços)\",MEDIAN(IF(P19:P29=\"Sim\",$K19:$K29)))","v":"N/D (são necessários pelo menos 3 preços)"}]
[null,"Metodologia de exclusão de preços adotada:",{"$nulls":9},{"$f":"IF(O35=\"\",INDEX(O18:P18,MATCH(MIN(#REF!),#REF!,0)),O35)","v":"Outliers"},null,"CV (Cotações)",{"$f":"IF(COUNTIF(O19:O29,\"Sim\")<3,\"N/D (são necessários pelo menos 3 preços)\",_xlfn.STDEV.S(IF(O19:O29=\"Sim\",$K19:$K29))/AVERAGE(IF(O19:O29=\"Sim\",$K19:$K29)))","v":0.3108932587973105},{"$f":"IF(COUNTIF(P19:P29,\"Sim\")<3,\"N/D (são necessários pelo menos 3 preços)\",_xlfn.STDEV.S(IF(P19:P29=\"Sim\",$K19:$K29))/AVERAGE(IF(P19:P29=\"Sim\",$K19:$K29)))","v":"N/D (são necessários pelo menos 3 preços)"}]
[{"$nulls":13},"Média",{"$f":"IF(SUM(COUNTIF($O$10:$O$16,\"Sim\")) + SUM(COUNTIF(O19:O29,\"Sim\")) < 3,\n   \"N/D (são necessários pelo menos 3 preços)\",\n   IFERROR(AVERAGE(_xlfn._xlws.FILTER($K$10:$K$16,$O$10:$O$16=\"Sim\"), _xlfn._xlws.FILTER($K$19:$K$29,O19:O29=\"Sim\")),O30))","v":25.093333333333334},{"$f":"IF(SUM(COUNTIF($P$10:$P$16,\"Sim\")) + SUM(COUNTIF(P19:P29,\"Sim\")) < 3,\n   \"N/D (são necessários pelo menos 3 preços)\",\n   IFERROR(AVERAGE(_xlfn._xlws.FILTER($K$10:$K$16,$P$10:$P$16=\"Sim\"), _xlfn._xlws.FILTER($K$19:$K$29,P19:P29=\"Sim\")),P30))","v":"N/D (são necessários pelo menos 3 preços)"}]
[{"$nulls":13},"Mediana",{"$f":"IF(SUM(COUNTIF($O$10:$O$16,\"Sim\")) + SUM(COUNTIF(O19:O29,\"Sim\")) < 3,\n   \"N/D (são necessários pelo menos 3 preços)\",\n   IFERROR(MEDIAN(_xlfn._xlws.FILTER($K$10:$K$16,$O$10:$O$16=\"Sim\"), _xlfn._xlws.FILTER($K$19:$K$29,O19:O29=\"Sim\")),O31))","v":22.09},{"$f":"IF(SUM(COUNTIF($P10:$P$16,\"Sim\")) + SUM(COUNTIF(P19:P29,\"Sim\")) < 3,\n   \"N/D (são necessários pelo menos 3 preços)\",\n   IFERROR(MEDIAN(_xlfn._xlws.FILTER($K$10:$K$16,$P$10:$P$16=\"Sim\"), _xlfn._xlws.FILTER($K$19:$K$29,P19:P29=\"Sim\")),P31))","v":"N/D (são necessários pelo menos 3 preços)"}]
[null,"COSOLIDAÇÃO DOS PREÇOS",{"$nulls":11},"Metodologia a adotar:",{"$f":"IF(INDEX(O18:P18,P35)=0,\"\",INDEX(O18:P18,P35))","v":"Outliers"},1]
[]
[null,"PREÇO UNITÁRIO ESTIMADO ADOTADO:",{"$nulls":9},{"$f":"IF($B$39=\"Mediana:\",L31,L30)","v":22.09}]
[]
[{"$f":"O18","v":"Outliers"},"Mediana:"]

{"sheet":"Tesoura","index":35,"n_rows":39,"n_cols":16,"rows_kept":39,"cut":false,"hidden":true,"merged":[[16,1,16,11],[16,14,16,15],[0,0,0,6],[6,2,6,7],[6,14,6,15],[7,1,7,11],[7,14,7,15],[28,1,28,8],[17,1,17,8],[18,1,18,8],[19,1,19,8],[20,1,20,8],[21,1,21,8],[22,1,22,8],[23,1,23,8],[24,1,24,8],[25,1,25,8],[26,1,26,8],[27,1,27,8],[31,1,33,10],[31,11,33,11],[34,1,35,10],[34,11,35,11],[36,1,36,10]]}
[]
[null,"Processo"]
[null,"Responsável"]
[null,"Área de Origem"]
[null,"Data da pesquisa"]
[]
[null,"ITEM:","TESOURA de ponta romba especial para APH, destinado ao corte de roupas. Com lâminas ponta romba e com corte liso. A segunda lâmina contem apoio para corte semicircular e corte micro-serrilhado.",{"$nulls":5},"UNIDADE DE MEDIDA:","Unidade","QUANTIDADE:",1,null,null,"Tabela auxiliar de metodologias para exclusão de preços"]
[null,"LICITAÇÕES ANTERIORES",{"$nulls":12},"Licitações Anteriores"]
[null,"Órgão","Edital/Ano - Nº do Lote / Item","Quantidade","Valor Unitário","Data","índice de atualização (nome)","I0","If","Variação acumulada do índice (%)","Preço unitário atualizado","Utilizar?  (Sim/Não)",null,null,"Outliers","Por critério do(a) analista"]
[{"$nulls":9},{"$f":"IF(ISBLANK(E10),\"\",IF(ISNUMBER(H10),(I10-H10)/H10,0))","v":""},{"$f":"IF(ISBLANK(E10),\"\",E10*(1+J10))","v":""},{"$f":"IF(ISNUMBER(K10),IF($L$32<>$P$9,O10,P10),\"\")","v":""},null,null,{"$f":"IF(ISNUMBER(K10),IF(OR(K10<_xlfn.QUARTILE.INC($K$10:$K$29,1)-1.5*(_xlfn.QUARTILE.INC($K$10:K29,3)-_xlfn.QUARTILE.INC($K$10:$K$29,1)),K10>_xlfn.QUARTILE.INC($K$10:$K$29,3)+1.5*(_xlfn.QUARTILE.INC($K$10:$K$29,3)-_xlfn.QUARTILE.INC($K$10:$K$29,1))),\"Não\",\"Sim\"),\"\")","v":""}]
[{"$nulls":9},{"$f":"IF(ISBLANK(E11),\"\",IF(ISNUMBER(H11),(I11-H11)/H11,0))","v":""},{"$f":"IF(ISBLANK(E11),\"\",E11*(1+J11))","v":""},"",null,null,{"$f":"IF(ISNUMBER(K11),IF(OR(K11<_xlfn.QUARTILE.INC($K$10:$K$29,1)-1.5*(_xlfn.QUARTILE.INC($K$10:K29,3)-_xlfn.QUARTILE.INC($K$10:$K$29,1)),K11>_xlfn.QUARTILE.INC($K$10:$K$29,3)+1.5*(_xlfn.QUARTILE.INC($K$10:$K$29,3)-_xlfn.QUARTILE.INC($K$10:$K$29,1))),\"Não\",\"Sim\"),\"\")","v":""}]
[{"$nulls":9},"","","",null,null,{"$f":"IF(ISNUMBER(K12),IF(OR(K12<_xlfn.QUARTILE.INC($K$10:$K$29,1)-1.5*(_xlfn.QUARTILE.INC($K$10:K30,3)-_xlfn.QUARTILE.INC($K$10:$K$29,1)),K12>_xlfn.QUARTILE.INC($K$10:$K$29,3)+1.5*(_xlfn.QUARTILE.INC($K$10:$K$29,3)-_xlfn.QUARTILE.INC($K$10:$K$29,1))),\"Não\",\"Sim\"),\"\")","v":""}]
[{"$nulls":9},"","","",null,null,{"$f":"IF(ISNUMBER(K13),IF(OR(K13<_xlfn.QUARTILE.INC($K$10:$K$29,1)-1.5*(_xlfn.QUARTILE.INC($K$10:K31,3)-_xlfn.QUARTILE.INC($K$10:$K$29,1)),K13>_xlfn.QUARTILE.INC($K$10:$K$29,3)+1.5*(_xlfn.QUARTILE.INC($K$10:$K$29,3)-_xlfn.QUARTILE.INC($K$10:$K$29,1))),\"Não\",\"Sim\"),\"\")","v":""}]
[{"$nulls":9},"","","",null,null,{"$f":"IF(ISNUMBER(K14),IF(OR(K14<_xlfn.QUARTILE.INC($K$10:$K$29,1)-1.5*(_xlfn.QUARTILE.INC($K$10:K32,3)-_xlfn.QUARTILE.INC($K$10:$K$29,1)),K14>_xlfn.QUARTILE.INC($K$10:$K$29,3)+1.5*(_xlfn.QUARTILE.INC($K$10:$K$29,3)-_xlfn.QUARTILE.INC($K$10:$K$29,1))),\"Não\",\"Sim\"),\"\")","v":""}]
[{"$nulls":9},"","","",null,null,{"$f":"IF(ISNUMBER(K15),IF(OR(K15<_xlfn.QUARTILE.INC($K$10:$K$29,1)-1.5*(_xlfn.QUARTILE.INC($K$10:K35,3)-_xlfn.QUARTILE.INC($K$10:$K$29,1)),K15>_xlfn.QUARTILE.INC($K$10:$K$29,3)+1.5*(_xlfn.QUARTILE.INC($K$10:$K$29,3)-_xlfn.QUARTILE.INC($K$10:$K$29,1))),\"Não\",\"Sim\"),\"\")","v":""}]
[{"$nulls":9},"","","",null,null,{"$f":"IF(ISNUMBER(K16),IF(OR(K16<_xlfn.QUARTILE.INC($K$10:$K$29,1)-1.5*(_xlfn.QUARTILE.INC($I$10:I37,3)-_xlfn.QUARTILE.INC($K$10:$K$29,1)),K16>_xlfn.QUARTILE.INC($K$10:$K$29,3)+1.5*(_xlfn.QUARTILE.INC($K$10:$K$29,3)-_xlfn.QUARTILE.INC($K$10:$K$29,1))),\"Não\",\"Sim\"),\"\")","v":""}]
[null,"COTAÇÕES DE MERCADO",{"$nulls":12},"Cotações"]
[null,"Empresa",{"$nulls":7},"Data","Preço Unitário","Utilizar? (Sim/Não)",null,null,"Outliers","Por critério do(a) analista"]
[null,"Magazine Luiza - https://www.magazineluiza.com.br/tesoura-edc-ponta-romba-aph-resgate-samu-bombeiros-original-minymix/p/hhka03he21/ud/comp/?seller_id=minymix1",{"$nulls":7},"2026-04-28",22.94,{"$f":"IF(ISNUMBER(K19),IF($L$32=$O$18,O19,IF($L$32=$P$18,P19,\"\")),\"\")","v":"Sim"},null,null,{"$f":"IF(ISNUMBER(K19),IF(OR(K19<_xlfn.QUARTILE.INC($K$10:$K$29,1)-1.5*(_xlfn.QUARTILE.INC($K$10:$K$29,3)-_xlfn.QUARTILE.INC($K$10:$K$29,1)),K19>_xlfn.QUARTILE.INC($K$10:$K$29,3)+1.5*(_xlfn.QUARTILE.INC($K$10:$K$29,3)-_xlfn.QUARTILE.INC($K$10:$K$29,1))),\"Não\",\"Sim\"),\"\")","v":"Sim"}]
[null,"Mercado Livre - https://www.mercadolivre.com.br/tesoura-edc-ponta-romba-aph-resgate-samu-bombeiros-original/up/MLBU1730680810?pdp_filters=item_id%3AMLB3273385069&from=gshop&matt_tool=57986008&matt_internal_campaign_id=350544901&matt_word=&matt_source=google&matt_campaign_id=22060114741&matt_ad_group_id=182940533989&matt_match_type=&matt_network=g&matt_device=c&matt_creative=767100643836&matt_keyword=&matt_ad_position=&matt_ad_type=pla&matt_merchant_id=408680381&matt_product_id=MLBU1730680810&matt_product_partition_id=2434577796143&matt_target_id=pla-2434577796143&cq_src=google_ads&cq_cmp=22060114741&cq_net=g&cq_plt=gp&cq_med=pla&gad_source=1&gad_campaignid=22060114741&gbraid=0AAAAAD93qcAQyGDwu6zL92tXeXaKQjx22&gclid=CjwKCAjwtcHPBhADEiwAWo3sJoDKMWZpcDQzsls5djEAM9sUo5wvseyVnoKci389dipmKbvPGLGpbhoC-QYQAvD_BwE",{"$nulls":7},"2026-04-28",29.7,"Sim",null,null,"Sim"]
[null,"Amazon - https://www.amazon.com.br/Tesoura-Ponta-Romba-Resgate-Bombeiros/dp/B0C15MX9J6/ref=asc_df_B0C15MX9J6?mcid=48d5b51a988a35c18d7582c594e73347&tag=googleshopp00-20&linkCode=df0&hvadid=709884702469&hvpos=&hvnetw=g&hvrand=13268143149865780991&hvpone=&hvptwo=&hvqmt=&hvdev=c&hvdvcmdl=&hvlocint=&hvlocphy=9196708&hvtargid=pla-2201427353455&hvocijid=13268143149865780991-B0C15MX9J6-&hvexpln=0&language=pt_BR&th=1",{"$nulls":7},"2026-04-28",31.37,"Sim",null,null,"Sim"]
[{"$nulls":11},"",null,null,""]
[{"$nulls":11},"",null,null,""]
[{"$nulls":11},"",null,null,""]
[{"$nulls":11},"",null,null,""]
[{"$nulls":11},"",null,null,""]
[{"$nulls":11},"",null,null,""]
[{"$nulls":11},"",null,null,""]
[{"$nulls":11},"",null,null,""]
[null,"Observações:",{"$nulls":8},"Média:",{"$f":"IF($L$32=\"\",\"Selecione metodologia para exclusão de preços\",AVERAGE(IF($L$10:$L$29=\"Sim\",$K$10:$K$29)))","v":28.003333333333334},null,"Média (Cotações)",{"$f":"IF(COUNTIF(O19:O29,\"Sim\")<3,\"N/D (são necessários pelo menos 3 preços)\",AVERAGE(IF(O19:O29=\"Sim\",$K19:$K29)))","v":28.003333333333334},{"$f":"IF(COUNTIF(P19:P29,\"Sim\")<3,\"N/D (são necessários pelo menos 3 preços)\",AVERAGE(IF(P19:P29=\"Sim\",$K19:$K29)))","v":"N/D (são necessários pelo menos 3 preços)"}]
[{"$nulls":10},"Mediana:",{"$f":"IF($L$32=\"\",\"Selecione metodologia para exclusão de preços\",MEDIAN(IF($L$10:$L$29=\"Sim\",$K$10:$K$29)))","v":29.7},null,"Mediana (Cotações)",{"$f":"IF(COUNTIF(O19:O29,\"Sim\")<3,\"N/D (são necessários pelo menos 3 preços)\",MEDIAN(IF(O19:O29=\"Sim\",$K19:$K29)))","v":29.7},{"$f":"IF(COUNTIF(P19:P29,\"Sim\")<3,\"N/D (são necessários pelo menos 3 preços)\",MEDIAN(IF(P19:P29=\"Sim\",$K19:$K29)))","v":"N/D (são necessários pelo menos 3 preços)"}]
[null,"Metodologia de exclusão de preços adotada:",{"$nulls":9},{"$f":"IF(O35=\"\",INDEX(O18:P18,MATCH(MIN(#REF!),#REF!,0)),O35)","v":"Outliers"},null,"CV (Cotações)",{"$f":"IF(COUNTIF(O19:O29,\"Sim\")<3,\"N/D (são necessários pelo menos 3 preços)\",_xlfn.STDEV.S(IF(O19:O29=\"Sim\",$K19:$K29))/AVERAGE(IF(O19:O29=\"Sim\",$K19:$K29)))","v":0.15940134366986017},{"$f":"IF(COUNTIF(P19:P29,\"Sim\")<3,\"N/D (são necessários pelo menos 3 preços)\",_xlfn.STDEV.S(IF(P19:P29=\"Sim\",$K19:$K29))/AVERAGE(IF(P19:P29=\"Sim\",$K19:$K29)))","v":"N/D (são necessários pelo menos 3 preços)"}]
[{"$nulls":13},"Média",{"$f":"IF(SUM(COUNTIF($O$10:$O$16,\"Sim\")) + SUM(COUNTIF(O19:O29,\"Sim\")) < 3,\n   \"N/D (são necessários pelo menos 3 preços)\",\n   IFERROR(AVERAGE(_xlfn._xlws.FILTER($K$10:$K$16,$O$10:$O$16=\"Sim\"), _xlfn._xlws.FILTER($K$19:$K$29,O19:O29=\"Sim\")),O30))","v":28.003333333333334},{"$f":"IF(SUM(COUNTIF($P$10:$P$16,\"Sim\")) + SUM(COUNTIF(P19:P29,\"Sim\")) < 3,\n   \"N/D (são necessários pelo menos 3 preços)\",\n   IFERROR(AVERAGE(_xlfn._xlws.FILTER($K$10:$K$16,$P$10:$P$16=\"Sim\"), _xlfn._xlws.FILTER($K$19:$K$29,P19:P29=\"Sim\")),P30))","v":"N/D (são necessários pelo menos 3 preços)"}]
[{"$nulls":13},"Mediana",{"$f":"IF(SUM(COUNTIF($O$10:$O$16,\"Sim\")) + SUM(COUNTIF(O19:O29,\"Sim\")) < 3,\n   \"N/D (são necessários pelo menos 3 preços)\",\n   IFERROR(MEDIAN(_xlfn._xlws.FILTER($K$10:$K$16,$O$10:$O$16=\"Sim\"), _xlfn._xlws.FILTER($K$19:$K$29,O19:O29=\"Sim\")),O31))","v":29.7},{"$f":"IF(SUM(COUNTIF($P10:$P$16,\"Sim\")) + SUM(COUNTIF(P19:P29,\"Sim\")) < 3,\n   \"N/D (são necessários pelo menos 3 preços)\",\n   IFERROR(MEDIAN(_xlfn._xlws.FILTER($K$10:$K$16,$P$10:$P$16=\"Sim\"), _xlfn._xlws.FILTER($K$19:$K$29,P19:P29=\"Sim\")),P31))","v":"N/D (são necessários pelo menos 3 preços)"}]
[null,"COSOLIDAÇÃO DOS PREÇOS",{"$nulls":11},"Metodologia a adotar:",{"$f":"IF(INDEX(O18:P18,P35)=0,\"\",INDEX(O18:P18,P35))","v":"Outliers"},1]
[]
[null,"PREÇO UNITÁRIO ESTIMADO ADOTADO:",{"$nulls":9},{"$f":"IF($B$39=\"Mediana:\",L31,L30)","v":28.003333333333334}]
[]
[{"$f":"O18","v":"Outliers"},"Média:"]

{"sheet":"Padiola","index":36,"n_rows":39,"n_cols":16,"rows_kept":39,"cut":false,"hidden":true,"merged":[[16,1,16,11],[16,14,16,15],[0,0,0,6],[6,2,6,7],[6,14,6,15],[7,1,7,11],[7,14,7,15],[28,1,28,8],[17,1,17,8],[18,1,18,8],[19,1,19,8],[20,1,20,8],[21,1,21,8],[22,1,22,8],[23,1,23,8],[24,1,24,8],[25,1,25,8],[26,1,26,8],[27,1,27,8],[31,1,33,10],[31,11,33,11],[34,1,35,10],[34,11,35,11],[36,1,36,10]]}
[]
[null,"Processo"]
[null,"Responsável"]
[null,"Área de Origem"]
[null,"Data da pesquisa"]
[]
[null,"ITEM:","PADIOLA dobrável no padrão (1,90m x 0,60m) com três cintos para afixar a vítima, confeccionada com material de alta qualidade com resistência mínima de 150 kg, em lona impermeável.",{"$nulls":5},"UNIDADE DE MEDIDA:","Unidade","QUANTIDADE:",2,null,null,"Tabela auxiliar de metodologias para exclusão de preços"]
[null,"LICITAÇÕES ANTERIORES",{"$nulls":12},"Licitações Anteriores"]
[null,"Órgão","Edital/Ano - Nº do Lote / Item","Quantidade","Valor Unitário","Data","índice de atualização (nome)","I0","If","Variação acumulada do índice (%)","Preço unitário atualizado","Utilizar?  (Sim/Não)",null,null,"Outliers","Por critério do(a) analista"]
[{"$nulls":9},{"$f":"IF(ISBLANK(E10),\"\",IF(ISNUMBER(H10),(I10-H10)/H10,0))","v":""},{"$f":"IF(ISBLANK(E10),\"\",E10*(1+J10))","v":""},{"$f":"IF(ISNUMBER(K10),IF($L$32<>$P$9,O10,P10),\"\")","v":""},null,null,{"$f":"IF(ISNUMBER(K10),IF(OR(K10<_xlfn.QUARTILE.INC($K$10:$K$29,1)-1.5*(_xlfn.QUARTILE.INC($K$10:K29,3)-_xlfn.QUARTILE.INC($K$10:$K$29,1)),K10>_xlfn.QUARTILE.INC($K$10:$K$29,3)+1.5*(_xlfn.QUARTILE.INC($K$10:$K$29,3)-_xlfn.QUARTILE.INC($K$10:$K$29,1))),\"Não\",\"Sim\"),\"\")","v":""}]
[{"$nulls":9},{"$f":"IF(ISBLANK(E11),\"\",IF(ISNUMBER(H11),(I11-H11)/H11,0))","v":""},{"$f":"IF(ISBLANK(E11),\"\",E11*(1+J11))","v":""},"",null,null,{"$f":"IF(ISNUMBER(K11),IF(OR(K11<_xlfn.QUARTILE.INC($K$10:$K$29,1)-1.5*(_xlfn.QUARTILE.INC($K$10:K29,3)-_xlfn.QUARTILE.INC($K$10:$K$29,1)),K11>_xlfn.QUARTILE.INC($K$10:$K$29,3)+1.5*(_xlfn.QUARTILE.INC($K$10:$K$29,3)-_xlfn.QUARTILE.INC($K$10:$K$29,1))),\"Não\",\"Sim\"),\"\")","v":""}]
[{"$nulls":9},"","","",null,null,{"$f":"IF(ISNUMBER(K12),IF(OR(K12<_xlfn.QUARTILE.INC($K$10:$K$29,1)-1.5*(_xlfn.QUARTILE.INC($K$10:K30,3)-_xlfn.QUARTILE.INC($K$10:$K$29,1)),K12>_xlfn.QUARTILE.INC($K$10:$K$29,3)+1.5*(_xlfn.QUARTILE.INC($K$10:$K$29,3)-_xlfn.QUARTILE.INC($K$10:$K$29,1))),\"Não\",\"Sim\"),\"\")","v":""}]
[{"$nulls":9},"","","",null,null,{"$f":"IF(ISNUMBER(K13),IF(OR(K13<_xlfn.QUARTILE.INC($K$10:$K$29,1)-1.5*(_xlfn.QUARTILE.INC($K$10:K31,3)-_xlfn.QUARTILE.INC($K$10:$K$29,1)),K13>_xlfn.QUARTILE.INC($K$10:$K$29,3)+1.5*(_xlfn.QUARTILE.INC($K$10:$K$29,3)-_xlfn.QUARTILE.INC($K$10:$K$29,1))),\"Não\",\"Sim\"),\"\")","v":""}]
[{"$nulls":9},"","","",null,null,{"$f":"IF(ISNUMBER(K14),IF(OR(K14<_xlfn.QUARTILE.INC($K$10:$K$29,1)-1.5*(_xlfn.QUARTILE.INC($K$10:K32,3)-_xlfn.QUARTILE.INC($K$10:$K$29,1)),K14>_xlfn.QUARTILE.INC($K$10:$K$29,3)+1.5*(_xlfn.QUARTILE.INC($K$10:$K$29,3)-_xlfn.QUARTILE.INC($K$10:$K$29,1))),\"Não\",\"Sim\"),\"\")","v":""}]
[{"$nulls":9},"","","",null,null,{"$f":"IF(ISNUMBER(K15),IF(OR(K15<_xlfn.QUARTILE.INC($K$10:$K$29,1)-1.5*(_xlfn.QUARTILE.INC($K$10:K35,3)-_xlfn.QUARTILE.INC($K$10:$K$29,1)),K15>_xlfn.QUARTILE.INC($K$10:$K$29,3)+1.5*(_xlfn.QUARTILE.INC($K$10:$K$29,3)-_xlfn.QUARTILE.INC($K$10:$K$29,1))),\"Não\",\"Sim\"),\"\")","v":""}]
[{"$nulls":9},"","","",null,null,{"$f":"IF(ISNUMBER(K16),IF(OR(K16<_xlfn.QUARTILE.INC($K$10:$K$29,1)-1.5*(_xlfn.QUARTILE.INC($I$10:I37,3)-_xlfn.QUARTILE.INC($K$10:$K$29,1)),K16>_xlfn.QUARTILE.INC($K$10:$K$29,3)+1.5*(_xlfn.QUARTILE.INC($K$10:$K$29,3)-_xlfn.QUARTILE.INC($K$10:$K$29,1))),\"Não\",\"Sim\"),\"\")","v":""}]
[null,"COTAÇÕES DE MERCADO",{"$nulls":12},"Cotações"]
[null,"Empresa",{"$nulls":7},"Data","Preço Unitário","Utilizar? (Sim/Não)",null,null,"Outliers","Por critério do(a) analista"]
[null,"Mercado Livre - https://produto.mercadolivre.com.br/MLB-4575682440-padiola-dobravel-simples-para-transporte-medico-sem-rodas-_JM?matt_tool=35397717&matt_word=&matt_source=google&matt_campaign_id=22090354487&matt_ad_group_id=197094212811&matt_match_type=&matt_network=g&matt_device=c&matt_creative=792396419710&matt_keyword=&matt_ad_position=&matt_ad_type=pla&matt_merchant_id=5453613819&matt_product_id=MLB4575682440&matt_product_partition_id=2454528377974&matt_target_id=pla-2454528377974&cq_src=google_ads&cq_cmp=22090354487&cq_net=g&cq_plt=gp&cq_med=pla&gad_source=1&gad_campaignid=22090354487&gbraid=0AAAAAD93qcBfLFR1XdV3TTBDV-b1ql_pL&gclid=Cj0KCQjw2MbPBhCSARIsAP3jP9xWZXgel21n57t5t0O93oHTm8l5LLgIxKvnaELGyp8o1Vgg70_dA5gaAiPbEALw_wcB",{"$nulls":7},"2026-04-29",855,{"$f":"IF(ISNUMBER(K19),IF($L$32=$O$18,O19,IF($L$32=$P$18,P19,\"\")),\"\")","v":"Sim"},null,null,{"$f":"IF(ISNUMBER(K19),IF(OR(K19<_xlfn.QUARTILE.INC($K$10:$K$29,1)-1.5*(_xlfn.QUARTILE.INC($K$10:$K$29,3)-_xlfn.QUARTILE.INC($K$10:$K$29,1)),K19>_xlfn.QUARTILE.INC($K$10:$K$29,3)+1.5*(_xlfn.QUARTILE.INC($K$10:$K$29,3)-_xlfn.QUARTILE.INC($K$10:$K$29,1))),\"Não\",\"Sim\"),\"\")","v":"Sim"}]
[null,"Medical Company - https://www.medicalcompany.com.br/hn2hhr7v4-colchao-pneumatico-ortopedico-anti-escaras-dellamed-airplus-ate-135kg-220v?utm_source=Site&utm_medium=GoogleMerchant&utm_campaign=GoogleMerchant",{"$nulls":7},"2026-04-29",1148.1600000000001,"Sim",null,null,"Sim"]
[null,"Amazon - https://www.amazon.com.br/port%C3%A1til-dobr%C3%A1vel-esportivos-capacidade-ambul%C3%A2ncia/dp/B0D3F9XC36?th=1",{"$nulls":7},"2026-04-29",1209.29,"Sim",null,null,"Sim"]
[{"$nulls":11},"",null,null,""]
[{"$nulls":11},"",null,null,""]
[{"$nulls":11},"",null,null,""]
[{"$nulls":11},"",null,null,""]
[{"$nulls":11},"",null,null,""]
[{"$nulls":11},"",null,null,""]
[{"$nulls":11},"",null,null,""]
[{"$nulls":11},"",null,null,""]
[null,"Observações:",{"$nulls":8},"Média:",{"$f":"IF($L$32=\"\",\"Selecione metodologia para exclusão de preços\",AVERAGE(IF($L$10:$L$29=\"Sim\",$K$10:$K$29)))","v":1070.8166666666666},null,"Média (Cotações)",{"$f":"IF(COUNTIF(O19:O29,\"Sim\")<3,\"N/D (são necessários pelo menos 3 preços)\",AVERAGE(IF(O19:O29=\"Sim\",$K19:$K29)))","v":1070.8166666666666},{"$f":"IF(COUNTIF(P19:P29,\"Sim\")<3,\"N/D (são necessários pelo menos 3 preços)\",AVERAGE(IF(P19:P29=\"Sim\",$K19:$K29)))","v":"N/D (são necessários pelo menos 3 preços)"}]
[{"$nulls":10},"Mediana:",{"$f":"IF($L$32=\"\",\"Selecione metodologia para exclusão de preços\",MEDIAN(IF($L$10:$L$29=\"Sim\",$K$10:$K$29)))","v":1148.1600000000001},null,"Mediana (Cotações)",{"$f":"IF(COUNTIF(O19:O29,\"Sim\")<3,\"N/D (são necessários pelo menos 3 preços)\",MEDIAN(IF(O19:O29=\"Sim\",$K19:$K29)))","v":1148.1600000000001},{"$f":"IF(COUNTIF(P19:P29,\"Sim\")<3,\"N/D (são necessários pelo menos 3 preços)\",MEDIAN(IF(P19:P29=\"Sim\",$K19:$K29)))","v":"N/D (são necessários pelo menos 3 preços)"}]
[null,"Metodologia de exclusão de preços adotada:",{"$nulls":9},{"$f":"IF(O35=\"\",INDEX(O18:P18,MATCH(MIN(#REF!),#REF!,0)),O35)","v":"Outliers"},null,"CV (Cotações)",{"$f":"IF(COUNTIF(O19:O29,\"Sim\")<3,\"N/D (são necessários pelo menos 3 preços)\",_xlfn.STDEV.S(IF(O19:O29=\"Sim\",$K19:$K29))/AVERAGE(IF(O19:O29=\"Sim\",$K19:$K29)))","v":0.17686075002898466},{"$f":"IF(COUNTIF(P19:P29,\"Sim\")<3,\"N/D (são necessários pelo menos 3 preços)\",_xlfn.STDEV.S(IF(P19:P29=\"Sim\",$K19:$K29))/AVERAGE(IF(P19:P29=\"Sim\",$K19:$K29)))","v":"N/D (são necessários pelo menos 3 preços)"}]
[{"$nulls":13},"Média",{"$f":"IF(SUM(COUNTIF($O$10:$O$16,\"Sim\")) + SUM(COUNTIF(O19:O29,\"Sim\")) < 3,\n   \"N/D (são necessários pelo menos 3 preços)\",\n   IFERROR(AVERAGE(_xlfn._xlws.FILTER($K$10:$K$16,$O$10:$O$16=\"Sim\"), _xlfn._xlws.FILTER($K$19:$K$29,O19:O29=\"Sim\")),O30))","v":1070.8166666666666},{"$f":"IF(SUM(COUNTIF($P$10:$P$16,\"Sim\")) + SUM(COUNTIF(P19:P29,\"Sim\")) < 3,\n   \"N/D (são necessários pelo menos 3 preços)\",\n   IFERROR(AVERAGE(_xlfn._xlws.FILTER($K$10:$K$16,$P$10:$P$16=\"Sim\"), _xlfn._xlws.FILTER($K$19:$K$29,P19:P29=\"Sim\")),P30))","v":"N/D (são necessários pelo menos 3 preços)"}]
[{"$nulls":13},"Mediana",{"$f":"IF(SUM(COUNTIF($O$10:$O$16,\"Sim\")) + SUM(COUNTIF(O19:O29,\"Sim\")) < 3,\n   \"N/D (são necessários pelo menos 3 preços)\",\n   IFERROR(MEDIAN(_xlfn._xlws.FILTER($K$10:$K$16,$O$10:$O$16=\"Sim\"), _xlfn._xlws.FILTER($K$19:$K$29,O19:O29=\"Sim\")),O31))","v":1148.1600000000001},{"$f":"IF(SUM(COUNTIF($P10:$P$16,\"Sim\")) + SUM(COUNTIF(P19:P29,\"Sim\")) < 3,\n   \"N/D (são necessários pelo menos 3 preços)\",\n   IFERROR(MEDIAN(_xlfn._xlws.FILTER($K$10:$K$16,$P$10:$P$16=\"Sim\"), _xlfn._xlws.FILTER($K$19:$K$29,P19:P29=\"Sim\")),P31))","v":"N/D (são necessários pelo menos 3 preços)"}]
[null,"COSOLIDAÇÃO DOS PREÇOS",{"$nulls":11},"Metodologia a adotar:",{"$f":"IF(INDEX(O18:P18,P35)=0,\"\",INDEX(O18:P18,P35))","v":"Outliers"},1]
[]
[null,"PREÇO UNITÁRIO ESTIMADO ADOTADO:",{"$nulls":9},{"$f":"IF($B$39=\"Mediana:\",L31,L30)","v":1070.8166666666666}]
[]
[{"$f":"O18","v":"Outliers"},"Média:"]

{"sheet":"Bolsa termica","index":37,"n_rows":39,"n_cols":16,"rows_kept":39,"cut":false,"hidden":true,"merged":[[16,1,16,11],[16,14,16,15],[0,0,0,6],[6,2,6,7],[6,14,6,15],[7,1,7,11],[7,14,7,15],[28,1,28,8],[17,1,17,8],[18,1,18,8],[19,1,19,8],[20,1,20,8],[21,1,21,8],[22,1,22,8],[23,1,23,8],[24,1,24,8],[25,1,25,8],[26,1,26,8],[27,1,27,8],[31,1,33,10],[31,11,33,11],[34,1,35,10],[34,11,35,11],[36,1,36,10]]}
[]
[null,"Processo"]
[null,"Responsável"]
[null,"Área de Origem"]
[null,"Data da pesquisa"]
[]
[null,"ITEM:","BOLSA TÉRMICA de gel para uso quente ou gelado. 25 cm x 14 cm.",{"$nulls":5},"UNIDADE DE MEDIDA:","Unidade","QUANTIDADE:",2,null,null,"Tabela auxiliar de metodologias para exclusão de preços"]
[null,"LICITAÇÕES ANTERIORES",{"$nulls":12},"Licitações Anteriores"]
[null,"Órgão","Edital/Ano - Nº do Lote / Item","Quantidade","Valor Unitário","Data","índice de atualização (nome)","I0","If","Variação acumulada do índice (%)","Preço unitário atualizado","Utilizar?  (Sim/Não)",null,null,"Outliers","Por critério do(a) analista"]
[{"$nulls":9},{"$f":"IF(ISBLANK(E10),\"\",IF(ISNUMBER(H10),(I10-H10)/H10,0))","v":""},{"$f":"IF(ISBLANK(E10),\"\",E10*(1+J10))","v":""},{"$f":"IF(ISNUMBER(K10),IF($L$32<>$P$9,O10,P10),\"\")","v":""},null,null,{"$f":"IF(ISNUMBER(K10),IF(OR(K10<_xlfn.QUARTILE.INC($K$10:$K$29,1)-1.5*(_xlfn.QUARTILE.INC($K$10:K29,3)-_xlfn.QUARTILE.INC($K$10:$K$29,1)),K10>_xlfn.QUARTILE.INC($K$10:$K$29,3)+1.5*(_xlfn.QUARTILE.INC($K$10:$K$29,3)-_xlfn.QUARTILE.INC($K$10:$K$29,1))),\"Não\",\"Sim\"),\"\")","v":""}]
[{"$nulls":9},{"$f":"IF(ISBLANK(E11),\"\",IF(ISNUMBER(H11),(I11-H11)/H11,0))","v":""},{"$f":"IF(ISBLANK(E11),\"\",E11*(1+J11))","v":""},"",null,null,{"$f":"IF(ISNUMBER(K11),IF(OR(K11<_xlfn.QUARTILE.INC($K$10:$K$29,1)-1.5*(_xlfn.QUARTILE.INC($K$10:K29,3)-_xlfn.QUARTILE.INC($K$10:$K$29,1)),K11>_xlfn.QUARTILE.INC($K$10:$K$29,3)+1.5*(_xlfn.QUARTILE.INC($K$10:$K$29,3)-_xlfn.QUARTILE.INC($K$10:$K$29,1))),\"Não\",\"Sim\"),\"\")","v":""}]
[{"$nulls":9},"","","",null,null,{"$f":"IF(ISNUMBER(K12),IF(OR(K12<_xlfn.QUARTILE.INC($K$10:$K$29,1)-1.5*(_xlfn.QUARTILE.INC($K$10:K30,3)-_xlfn.QUARTILE.INC($K$10:$K$29,1)),K12>_xlfn.QUARTILE.INC($K$10:$K$29,3)+1.5*(_xlfn.QUARTILE.INC($K$10:$K$29,3)-_xlfn.QUARTILE.INC($K$10:$K$29,1))),\"Não\",\"Sim\"),\"\")","v":""}]
[{"$nulls":9},"","","",null,null,{"$f":"IF(ISNUMBER(K13),IF(OR(K13<_xlfn.QUARTILE.INC($K$10:$K$29,1)-1.5*(_xlfn.QUARTILE.INC($K$10:K31,3)-_xlfn.QUARTILE.INC($K$10:$K$29,1)),K13>_xlfn.QUARTILE.INC($K$10:$K$29,3)+1.5*(_xlfn.QUARTILE.INC($K$10:$K$29,3)-_xlfn.QUARTILE.INC($K$10:$K$29,1))),\"Não\",\"Sim\"),\"\")","v":""}]
[{"$nulls":9},"","","",null,null,{"$f":"IF(ISNUMBER(K14),IF(OR(K14<_xlfn.QUARTILE.INC($K$10:$K$29,1)-1.5*(_xlfn.QUARTILE.INC($K$10:K32,3)-_xlfn.QUARTILE.INC($K$10:$K$29,1)),K14>_xlfn.QUARTILE.INC($K$10:$K$29,3)+1.5*(_xlfn.QUARTILE.INC($K$10:$K$29,3)-_xlfn.QUARTILE.INC($K$10:$K$29,1))),\"Não\",\"Sim\"),\"\")","v":""}]
[{"$nulls":9},"","","",null,null,{"$f":"IF(ISNUMBER(K15),IF(OR(K15<_xlfn.QUARTILE.INC($K$10:$K$29,1)-1.5*(_xlfn.QUARTILE.INC($K$10:K35,3)-_xlfn.QUARTILE.INC($K$10:$K$29,1)),K15>_xlfn.QUARTILE.INC($K$10:$K$29,3)+1.5*(_xlfn.QUARTILE.INC($K$10:$K$29,3)-_xlfn.QUARTILE.INC($K$10:$K$29,1))),\"Não\",\"Sim\"),\"\")","v":""}]
[{"$nulls":9},"","","",null,null,{"$f":"IF(ISNUMBER(K16),IF(OR(K16<_xlfn.QUARTILE.INC($K$10:$K$29,1)-1.5*(_xlfn.QUARTILE.INC($I$10:I37,3)-_xlfn.QUARTILE.INC($K$10:$K$29,1)),K16>_xlfn.QUARTILE.INC($K$10:$K$29,3)+1.5*(_xlfn.QUARTILE.INC($K$10:$K$29,3)-_xlfn.QUARTILE.INC($K$10:$K$29,1))),\"Não\",\"Sim\"),\"\")","v":""}]
[null,"COTAÇÕES DE MERCADO",{"$nulls":12},"Cotações"]
[null,"Empresa",{"$nulls":7},"Data","Preço Unitário","Utilizar? (Sim/Não)",null,null,"Outliers","Por critério do(a) analista"]
[null,"Amazon - https://www.amazon.com.br/Termogel-Bolsa-Grande/dp/B07KFQLBXL/ref=asc_df_B07KFQLBXL?mcid=8ddfe27a97f03a0296b8a8dbcb9cae29&tag=googleshopp00-20&linkCode=df0&hvadid=721147801917&hvpos=&hvnetw=g&hvrand=5311095459875978494&hvpone=&hvptwo=&hvqmt=&hvdev=c&hvdvcmdl=&hvlocint=&hvlocphy=9196708&hvtargid=pla-2374768376294&gad_source=1&th=1",{"$nulls":7},"2026-04-29",23.9,{"$f":"IF(ISNUMBER(K19),IF($L$32=$O$18,O19,IF($L$32=$P$18,P19,\"\")),\"\")","v":"Sim"},null,null,{"$f":"IF(ISNUMBER(K19),IF(OR(K19<_xlfn.QUARTILE.INC($K$10:$K$29,1)-1.5*(_xlfn.QUARTILE.INC($K$10:$K$29,3)-_xlfn.QUARTILE.INC($K$10:$K$29,1)),K19>_xlfn.QUARTILE.INC($K$10:$K$29,3)+1.5*(_xlfn.QUARTILE.INC($K$10:$K$29,3)-_xlfn.QUARTILE.INC($K$10:$K$29,1))),\"Não\",\"Sim\"),\"\")","v":"Sim"}]
[null,"Mercado Livre - https://www.mercadolivre.com.br/termogel-bolsa-termica-unidade-1-155-cm-235-cm/p/MLB61518411?product_trigger_id=MLB33487850&pdp_filters=item_id%3AMLB5551198944&applied_product_filters=MLB33487850&from=gshop&picker=true&matt_tool=35397717&matt_word=&matt_source=google&matt_campaign_id=22090354487&matt_ad_group_id=194474639234&matt_match_type=&matt_network=g&matt_device=c&matt_creative=792396419728&matt_keyword=&matt_ad_position=&matt_ad_type=pla&matt_merchant_id=735128761&matt_product_id=MLB33487850-product&matt_product_partition_id=2453510989122&matt_target_id=pla-2453510989122&cq_src=google_ads&cq_cmp=22090354487&cq_net=g&cq_plt=gp&cq_med=pla&gad_source=1&gad_campaignid=22090354487&gbraid=0AAAAAD93qcBfLFR1XdV3TTBDV-b1ql_pL&gclid=Cj0KCQjw2MbPBhCSARIsAP3jP9wCF-jaO1lmC1U2oq-P4xzVokWMalHSBFFh6ARNDjewyCYkieVnNfMaAhqBEALw_wcB&quantity=1",{"$nulls":7},"2026-04-29",22.7,"Sim",null,null,"Sim"]
[null,"Rosário - https://www.drogariarosario.com.br/bolsa-termica-termogel-laranja-tam-g---termogel/p?idsku=1695&utm_source=googleshopping&utm_source=google&utm_medium=cpc&utm_campaign=pmax.compras&gad_source=1&gad_campaignid=23733391099&gbraid=0AAAAACRP8prqYmt8p-riAd52pyvjRwCm0&gclid=Cj0KCQjw2MbPBhCSARIsAP3jP9xacSAio9H3BeLvBXwqoQjIrKPtfKBG4ckAx-KIOPbPpHWlxJbC0EoaApYlEALw_wcB",{"$nulls":7},"2026-04-29",21.99,"Sim",null,null,"Sim"]
[{"$nulls":11},"",null,null,""]
[{"$nulls":11},"",null,null,""]
[{"$nulls":11},"",null,null,""]
[{"$nulls":11},"",null,null,""]
[{"$nulls":11},"",null,null,""]
[{"$nulls":11},"",null,null,""]
[{"$nulls":11},"",null,null,""]
[{"$nulls":11},"",null,null,""]
[null,"Observações:",{"$nulls":8},"Média:",{"$f":"IF($L$32=\"\",\"Selecione metodologia para exclusão de preços\",AVERAGE(IF($L$10:$L$29=\"Sim\",$K$10:$K$29)))","v":22.86333333333333},null,"Média (Cotações)",{"$f":"IF(COUNTIF(O19:O29,\"Sim\")<3,\"N/D (são necessários pelo menos 3 preços)\",AVERAGE(IF(O19:O29=\"Sim\",$K19:$K29)))","v":22.86333333333333},{"$f":"IF(COUNTIF(P19:P29,\"Sim\")<3,\"N/D (são necessários pelo menos 3 preços)\",AVERAGE(IF(P19:P29=\"Sim\",$K19:$K29)))","v":"N/D (são necessários pelo menos 3 preços)"}]
[{"$nulls":10},"Mediana:",{"$f":"IF($L$32=\"\",\"Selecione metodologia para exclusão de preços\",MEDIAN(IF($L$10:$L$29=\"Sim\",$K$10:$K$29)))","v":22.7},null,"Mediana (Cotações)",{"$f":"IF(COUNTIF(O19:O29,\"Sim\")<3,\"N/D (são necessários pelo menos 3 preços)\",MEDIAN(IF(O19:O29=\"Sim\",$K19:$K29)))","v":22.7},{"$f":"IF(COUNTIF(P19:P29,\"Sim\")<3,\"N/D (são necessários pelo menos 3 preços)\",MEDIAN(IF(P19:P29=\"Sim\",$K19:$K29)))","v":"N/D (são necessários pelo menos 3 preços)"}]
[null,"Metodologia de exclusão de preços adotada:",{"$nulls":9},{"$f":"IF(O35=\"\",INDEX(O18:P18,MATCH(MIN(#REF!),#REF!,0)),O35)","v":"Outliers"},null,"CV (Cotações)",{"$f":"IF(COUNTIF(O19:O29,\"Sim\")<3,\"N/D (são necessários pelo menos 3 preços)\",_xlfn.STDEV.S(IF(O19:O29=\"Sim\",$K19:$K29))/AVERAGE(IF(O19:O29=\"Sim\",$K19:$K29)))","v":4.2225633534577117E-2},{"$f":"IF(COUNTIF(P19:P29,\"Sim\")<3,\"N/D (são necessários pelo menos 3 preços)\",_xlfn.STDEV.S(IF(P19:P29=\"Sim\",$K19:$K29))/AVERAGE(IF(P19:P29=\"Sim\",$K19:$K29)))","v":"N/D (são necessários pelo menos 3 preços)"}]
[{"$nulls":13},"Média",{"$f":"IF(SUM(COUNTIF($O$10:$O$16,\"Sim\")) + SUM(COUNTIF(O19:O29,\"Sim\")) < 3,\n   \"N/D (são necessários pelo menos 3 preços)\",\n   IFERROR(AVERAGE(_xlfn._xlws.FILTER($K$10:$K$16,$O$10:$O$16=\"Sim\"), _xlfn._xlws.FILTER($K$19:$K$29,O19:O29=\"Sim\")),O30))","v":22.86333333333333},{"$f":"IF(SUM(COUNTIF($P$10:$P$16,\"Sim\")) + SUM(COUNTIF(P19:P29,\"Sim\")) < 3,\n   \"N/D (são necessários pelo menos 3 preços)\",\n   IFERROR(AVERAGE(_xlfn._xlws.FILTER($K$10:$K$16,$P$10:$P$16=\"Sim\"), _xlfn._xlws.FILTER($K$19:$K$29,P19:P29=\"Sim\")),P30))","v":"N/D (são necessários pelo menos 3 preços)"}]
[{"$nulls":13},"Mediana",{"$f":"IF(SUM(COUNTIF($O$10:$O$16,\"Sim\")) + SUM(COUNTIF(O19:O29,\"Sim\")) < 3,\n   \"N/D (são necessários pelo menos 3 preços)\",\n   IFERROR(MEDIAN(_xlfn._xlws.FILTER($K$10:$K$16,$O$10:$O$16=\"Sim\"), _xlfn._xlws.FILTER($K$19:$K$29,O19:O29=\"Sim\")),O31))","v":22.7},{"$f":"IF(SUM(COUNTIF($P10:$P$16,\"Sim\")) + SUM(COUNTIF(P19:P29,\"Sim\")) < 3,\n   \"N/D (são necessários pelo menos 3 preços)\",\n   IFERROR(MEDIAN(_xlfn._xlws.FILTER($K$10:$K$16,$P$10:$P$16=\"Sim\"), _xlfn._xlws.FILTER($K$19:$K$29,P19:P29=\"Sim\")),P31))","v":"N/D (são necessários pelo menos 3 preços)"}]
[null,"COSOLIDAÇÃO DOS PREÇOS",{"$nulls":11},"Metodologia a adotar:",{"$f":"IF(INDEX(O18:P18,P35)=0,\"\",INDEX(O18:P18,P35))","v":"Outliers"},1]
[]
[null,"PREÇO UNITÁRIO ESTIMADO ADOTADO:",{"$nulls":9},{"$f":"IF($B$39=\"Mediana:\",L31,L30)","v":22.86333333333333}]
[]
[{"$f":"O18","v":"Outliers"},""]

{"sheet":"Oximetro","index":38,"n_rows":39,"n_cols":16,"rows_kept":39,"cut":false,"hidden":true,"merged":[[16,1,16,11],[16,14,16,15],[0,0,0,6],[6,2,6,7],[6,14,6,15],[7,1,7,11],[7,14,7,15],[28,1,28,8],[17,1,17,8],[18,1,18,8],[19,1,19,8],[20,1,20,8],[21,1,21,8],[22,1,22,8],[23,1,23,8],[24,1,24,8],[25,1,25,8],[26,1,26,8],[27,1,27,8],[31,1,33,10],[31,11,33,11],[34,1,35,10],[34,11,35,11],[36,1,36,10]]}
[]
[null,"Processo"]
[null,"Responsável"]
[null,"Área de Origem"]
[null,"Data da pesquisa"]
[]
[null,"ITEM:","OXIMETRO digital de dedo, medidor portátil de saturação de oxigenio no sangue ",{"$nulls":5},"UNIDADE DE MEDIDA:","Unidade","QUANTIDADE:",2,null,null,"Tabela auxiliar de metodologias para exclusão de preços"]
[null,"LICITAÇÕES ANTERIORES",{"$nulls":12},"Licitações Anteriores"]
[null,"Órgão","Edital/Ano - Nº do Lote / Item","Quantidade","Valor Unitário","Data","índice de atualização (nome)","I0","If","Variação acumulada do índice (%)","Preço unitário atualizado","Utilizar?  (Sim/Não)",null,null,"Outliers","Por critério do(a) analista"]
[{"$nulls":9},{"$f":"IF(ISBLANK(E10),\"\",IF(ISNUMBER(H10),(I10-H10)/H10,0))","v":""},{"$f":"IF(ISBLANK(E10),\"\",E10*(1+J10))","v":""},{"$f":"IF(ISNUMBER(K10),IF($L$32<>$P$9,O10,P10),\"\")","v":""},null,null,{"$f":"IF(ISNUMBER(K10),IF(OR(K10<_xlfn.QUARTILE.INC($K$10:$K$29,1)-1.5*(_xlfn.QUARTILE.INC($K$10:K29,3)-_xlfn.QUARTILE.INC($K$10:$K$29,1)),K10>_xlfn.QUARTILE.INC($K$10:$K$29,3)+1.5*(_xlfn.QUARTILE.INC($K$10:$K$29,3)-_xlfn.QUARTILE.INC($K$10:$K$29,1))),\"Não\",\"Sim\"),\"\")","v":""}]
[{"$nulls":9},{"$f":"IF(ISBLANK(E11),\"\",IF(ISNUMBER(H11),(I11-H11)/H11,0))","v":""},{"$f":"IF(ISBLANK(E11),\"\",E11*(1+J11))","v":""},"",null,null,{"$f":"IF(ISNUMBER(K11),IF(OR(K11<_xlfn.QUARTILE.INC($K$10:$K$29,1)-1.5*(_xlfn.QUARTILE.INC($K$10:K29,3)-_xlfn.QUARTILE.INC($K$10:$K$29,1)),K11>_xlfn.QUARTILE.INC($K$10:$K$29,3)+1.5*(_xlfn.QUARTILE.INC($K$10:$K$29,3)-_xlfn.QUARTILE.INC($K$10:$K$29,1))),\"Não\",\"Sim\"),\"\")","v":""}]
[{"$nulls":9},"","","",null,null,{"$f":"IF(ISNUMBER(K12),IF(OR(K12<_xlfn.QUARTILE.INC($K$10:$K$29,1)-1.5*(_xlfn.QUARTILE.INC($K$10:K30,3)-_xlfn.QUARTILE.INC($K$10:$K$29,1)),K12>_xlfn.QUARTILE.INC($K$10:$K$29,3)+1.5*(_xlfn.QUARTILE.INC($K$10:$K$29,3)-_xlfn.QUARTILE.INC($K$10:$K$29,1))),\"Não\",\"Sim\"),\"\")","v":""}]
[{"$nulls":9},"","","",null,null,{"$f":"IF(ISNUMBER(K13),IF(OR(K13<_xlfn.QUARTILE.INC($K$10:$K$29,1)-1.5*(_xlfn.QUARTILE.INC($K$10:K31,3)-_xlfn.QUARTILE.INC($K$10:$K$29,1)),K13>_xlfn.QUARTILE.INC($K$10:$K$29,3)+1.5*(_xlfn.QUARTILE.INC($K$10:$K$29,3)-_xlfn.QUARTILE.INC($K$10:$K$29,1))),\"Não\",\"Sim\"),\"\")","v":""}]
[{"$nulls":9},"","","",null,null,{"$f":"IF(ISNUMBER(K14),IF(OR(K14<_xlfn.QUARTILE.INC($K$10:$K$29,1)-1.5*(_xlfn.QUARTILE.INC($K$10:K32,3)-_xlfn.QUARTILE.INC($K$10:$K$29,1)),K14>_xlfn.QUARTILE.INC($K$10:$K$29,3)+1.5*(_xlfn.QUARTILE.INC($K$10:$K$29,3)-_xlfn.QUARTILE.INC($K$10:$K$29,1))),\"Não\",\"Sim\"),\"\")","v":""}]
[{"$nulls":9},"","","",null,null,{"$f":"IF(ISNUMBER(K15),IF(OR(K15<_xlfn.QUARTILE.INC($K$10:$K$29,1)-1.5*(_xlfn.QUARTILE.INC($K$10:K35,3)-_xlfn.QUARTILE.INC($K$10:$K$29,1)),K15>_xlfn.QUARTILE.INC($K$10:$K$29,3)+1.5*(_xlfn.QUARTILE.INC($K$10:$K$29,3)-_xlfn.QUARTILE.INC($K$10:$K$29,1))),\"Não\",\"Sim\"),\"\")","v":""}]
[{"$nulls":9},"","","",null,null,{"$f":"IF(ISNUMBER(K16),IF(OR(K16<_xlfn.QUARTILE.INC($K$10:$K$29,1)-1.5*(_xlfn.QUARTILE.INC($I$10:I37,3)-_xlfn.QUARTILE.INC($K$10:$K$29,1)),K16>_xlfn.QUARTILE.INC($K$10:$K$29,3)+1.5*(_xlfn.QUARTILE.INC($K$10:$K$29,3)-_xlfn.QUARTILE.INC($K$10:$K$29,1))),\"Não\",\"Sim\"),\"\")","v":""}]
[null,"COTAÇÕES DE MERCADO",{"$nulls":12},"Cotações"]
[null,"Empresa",{"$nulls":7},"Data","Preço Unitário","Utilizar? (Sim/Não)",null,null,"Outliers","Por critério do(a) analista"]
[null,"Magazine Médica - https://magazinemedica.com.br/produtos/visualiza/sku/9266/?gad_source=1&gad_campaignid=23257119241&gbraid=0AAAAA-LLl3RLzXqqgnGcdPho_yiSl5zbL&gclid=CjwKCAjwtcHPBhADEiwAWo3sJixplrs5khG2nU4AmIDyt6CKVKscfhK4lzIm9xYcMtA16RCDPMIL_BoCd3sQAvD_BwE",{"$nulls":7},"2026-04-28",127,{"$f":"IF(ISNUMBER(K19),IF($L$32=$O$18,O19,IF($L$32=$P$18,P19,\"\")),\"\")","v":"Sim"},null,null,{"$f":"IF(ISNUMBER(K19),IF(OR(K19<_xlfn.QUARTILE.INC($K$10:$K$29,1)-1.5*(_xlfn.QUARTILE.INC($K$10:$K$29,3)-_xlfn.QUARTILE.INC($K$10:$K$29,1)),K19>_xlfn.QUARTILE.INC($K$10:$K$29,3)+1.5*(_xlfn.QUARTILE.INC($K$10:$K$29,3)-_xlfn.QUARTILE.INC($K$10:$K$29,1))),\"Não\",\"Sim\"),\"\")","v":"Sim"}]
[null,"Amazon - https://www.amazon.com.br/G-Tech-Ox%C3%ADmetro-Pulso-Port%C3%A1til-Modelo/dp/B07MRZ2R3V/ref=asc_df_B07MRZ2R3V?mcid=05d2fc5a47553880bf23275e879a9caa&tag=googleshopp00-20&linkCode=df0&hvadid=709970993495&hvpos=&hvnetw=g&hvrand=16396232016077669903&hvpone=&hvptwo=&hvqmt=&hvdev=c&hvdvcmdl=&hvlocint=&hvlocphy=9196708&hvtargid=pla-809230318976&psc=1&hvocijid=16396232016077669903-B07MRZ2R3V-&hvexpln=0&language=pt_BR",{"$nulls":7},"2026-04-28",101.42,"Sim",null,null,"Sim"]
[null,"Dental Speed - https://www.dentalspeed.com/oximetro-de-pulso-portatil-oled-graph-g-tech-acc21931a.html?gad_source=1&gad_campaignid=21627635641&gbraid=0AAAAAD1ZbgM-T4kH1CxewF6OSQySfJKkt&gclid=CjwKCAjwtcHPBhADEiwAWo3sJtjRek-FCcQU8FkoymrQtH4jnsMoILbxeIy75qyZD8xNmKrpzYOv7BoCmkkQAvD_BwE",{"$nulls":7},"2026-04-28",139.9,"Sim",null,null,"Sim"]
[{"$nulls":11},"",null,null,""]
[{"$nulls":11},"",null,null,""]
[{"$nulls":11},"",null,null,""]
[{"$nulls":11},"",null,null,""]
[{"$nulls":11},"",null,null,""]
[{"$nulls":11},"",null,null,""]
[{"$nulls":11},"",null,null,""]
[{"$nulls":11},"",null,null,""]
[null,"Observações:",{"$nulls":8},"Média:",{"$f":"IF($L$32=\"\",\"Selecione metodologia para exclusão de preços\",AVERAGE(IF($L$10:$L$29=\"Sim\",$K$10:$K$29)))","v":122.77333333333335},null,"Média (Cotações)",{"$f":"IF(COUNTIF(O19:O29,\"Sim\")<3,\"N/D (são necessários pelo menos 3 preços)\",AVERAGE(IF(O19:O29=\"Sim\",$K19:$K29)))","v":122.77333333333335},{"$f":"IF(COUNTIF(P19:P29,\"Sim\")<3,\"N/D (são necessários pelo menos 3 preços)\",AVERAGE(IF(P19:P29=\"Sim\",$K19:$K29)))","v":"N/D (são necessários pelo menos 3 preços)"}]
[{"$nulls":10},"Mediana:",{"$f":"IF($L$32=\"\",\"Selecione metodologia para exclusão de preços\",MEDIAN(IF($L$10:$L$29=\"Sim\",$K$10:$K$29)))","v":127},null,"Mediana (Cotações)",{"$f":"IF(COUNTIF(O19:O29,\"Sim\")<3,\"N/D (são necessários pelo menos 3 preços)\",MEDIAN(IF(O19:O29=\"Sim\",$K19:$K29)))","v":127},{"$f":"IF(COUNTIF(P19:P29,\"Sim\")<3,\"N/D (são necessários pelo menos 3 preços)\",MEDIAN(IF(P19:P29=\"Sim\",$K19:$K29)))","v":"N/D (são necessários pelo menos 3 preços)"}]
[null,"Metodologia de exclusão de preços adotada:",{"$nulls":9},{"$f":"IF(O35=\"\",INDEX(O18:P18,MATCH(MIN(#REF!),#REF!,0)),O35)","v":"Outliers"},null,"CV (Cotações)",{"$f":"IF(COUNTIF(O19:O29,\"Sim\")<3,\"N/D (são necessários pelo menos 3 preços)\",_xlfn.STDEV.S(IF(O19:O29=\"Sim\",$K19:$K29))/AVERAGE(IF(O19:O29=\"Sim\",$K19:$K29)))","v":0.1595224243469362},{"$f":"IF(COUNTIF(P19:P29,\"Sim\")<3,\"N/D (são necessários pelo menos 3 preços)\",_xlfn.STDEV.S(IF(P19:P29=\"Sim\",$K19:$K29))/AVERAGE(IF(P19:P29=\"Sim\",$K19:$K29)))","v":"N/D (são necessários pelo menos 3 preços)"}]
[{"$nulls":13},"Média",{"$f":"IF(SUM(COUNTIF($O$10:$O$16,\"Sim\")) + SUM(COUNTIF(O19:O29,\"Sim\")) < 3,\n   \"N/D (são necessários pelo menos 3 preços)\",\n   IFERROR(AVERAGE(_xlfn._xlws.FILTER($K$10:$K$16,$O$10:$O$16=\"Sim\"), _xlfn._xlws.FILTER($K$19:$K$29,O19:O29=\"Sim\")),O30))","v":122.77333333333335},{"$f":"IF(SUM(COUNTIF($P$10:$P$16,\"Sim\")) + SUM(COUNTIF(P19:P29,\"Sim\")) < 3,\n   \"N/D (são necessários pelo menos 3 preços)\",\n   IFERROR(AVERAGE(_xlfn._xlws.FILTER($K$10:$K$16,$P$10:$P$16=\"Sim\"), _xlfn._xlws.FILTER($K$19:$K$29,P19:P29=\"Sim\")),P30))","v":"N/D (são necessários pelo menos 3 preços)"}]
[{"$nulls":13},"Mediana",{"$f":"IF(SUM(COUNTIF($O$10:$O$16,\"Sim\")) + SUM(COUNTIF(O19:O29,\"Sim\")) < 3,\n   \"N/D (são necessários pelo menos 3 preços)\",\n   IFERROR(MEDIAN(_xlfn._xlws.FILTER($K$10:$K$16,$O$10:$O$16=\"Sim\"), _xlfn._xlws.FILTER($K$19:$K$29,O19:O29=\"Sim\")),O31))","v":127},{"$f":"IF(SUM(COUNTIF($P10:$P$16,\"Sim\")) + SUM(COUNTIF(P19:P29,\"Sim\")) < 3,\n   \"N/D (são necessários pelo menos 3 preços)\",\n   IFERROR(MEDIAN(_xlfn._xlws.FILTER($K$10:$K$16,$P$10:$P$16=\"Sim\"), _xlfn._xlws.FILTER($K$19:$K$29,P19:P29=\"Sim\")),P31))","v":"N/D (são necessários pelo menos 3 preços)"}]
[null,"COSOLIDAÇÃO DOS PREÇOS",{"$nulls":11},"Metodologia a adotar:",{"$f":"IF(INDEX(O18:P18,P35)=0,\"\",INDEX(O18:P18,P35))","v":"Outliers"},1]
[]
[null,"PREÇO UNITÁRIO ESTIMADO ADOTADO:",{"$nulls":9},{"$f":"IF($B$39=\"Mediana:\",L31,L30)","v":122.77333333333335}]
[]
[{"$f":"O18","v":"Outliers"},"Média:"]

{"sheet":"I-buttons","index":39,"n_rows":39,"n_cols":16,"rows_kept":39,"cut":false,"hidden":true,"merged":[[16,1,16,11],[16,14,16,15],[0,0,0,6],[6,2,6,7],[6,14,6,15],[7,1,7,11],[7,14,7,15],[28,1,28,8],[17,1,17,8],[18,1,18,8],[19,1,19,8],[20,1,20,8],[21,1,21,8],[22,1,22,8],[23,1,23,8],[24,1,24,8],[25,1,25,8],[26,1,26,8],[27,1,27,8],[31,1,33,10],[31,11,33,11],[34,1,35,10],[34,11,35,11],[36,1,36,10]]}
[]
[null,"Processo"]
[null,"Responsável"]
[null,"Área de Origem"]
[null,"Data da pesquisa"]
[]
[null,"ITEM:","I-buttons avulsos com suporte ",{"$nulls":5},"UNIDADE DE MEDIDA:","Unidade","QUANTIDADE:",30,null,null,"Tabela auxiliar de metodologias para exclusão de preços"]
[null,"LICITAÇÕES ANTERIORES",{"$nulls":12},"Licitações Anteriores"]
[null,"Órgão","Edital/Ano - Nº do Lote / Item","Quantidade","Valor Unitário","Data","índice de atualização (nome)","I0","If","Variação acumulada do índice (%)","Preço unitário atualizado","Utilizar?  (Sim/Não)",null,null,"Outliers","Por critério do(a) analista"]
[{"$nulls":9},{"$f":"IF(ISBLANK(E10),\"\",IF(ISNUMBER(H10),(I10-H10)/H10,0))","v":""},{"$f":"IF(ISBLANK(E10),\"\",E10*(1+J10))","v":""},{"$f":"IF(ISNUMBER(K10),IF($L$32<>$P$9,O10,P10),\"\")","v":""},null,null,{"$f":"IF(ISNUMBER(K10),IF(OR(K10<_xlfn.QUARTILE.INC($K$10:$K$29,1)-1.5*(_xlfn.QUARTILE.INC($K$10:K29,3)-_xlfn.QUARTILE.INC($K$10:$K$29,1)),K10>_xlfn.QUARTILE.INC($K$10:$K$29,3)+1.5*(_xlfn.QUARTILE.INC($K$10:$K$29,3)-_xlfn.QUARTILE.INC($K$10:$K$29,1))),\"Não\",\"Sim\"),\"\")","v":""}]
[{"$nulls":9},{"$f":"IF(ISBLANK(E11),\"\",IF(ISNUMBER(H11),(I11-H11)/H11,0))","v":""},{"$f":"IF(ISBLANK(E11),\"\",E11*(1+J11))","v":""},"",null,null,{"$f":"IF(ISNUMBER(K11),IF(OR(K11<_xlfn.QUARTILE.INC($K$10:$K$29,1)-1.5*(_xlfn.QUARTILE.INC($K$10:K29,3)-_xlfn.QUARTILE.INC($K$10:$K$29,1)),K11>_xlfn.QUARTILE.INC($K$10:$K$29,3)+1.5*(_xlfn.QUARTILE.INC($K$10:$K$29,3)-_xlfn.QUARTILE.INC($K$10:$K$29,1))),\"Não\",\"Sim\"),\"\")","v":""}]
[{"$nulls":9},"","","",null,null,{"$f":"IF(ISNUMBER(K12),IF(OR(K12<_xlfn.QUARTILE.INC($K$10:$K$29,1)-1.5*(_xlfn.QUARTILE.INC($K$10:K30,3)-_xlfn.QUARTILE.INC($K$10:$K$29,1)),K12>_xlfn.QUARTILE.INC($K$10:$K$29,3)+1.5*(_xlfn.QUARTILE.INC($K$10:$K$29,3)-_xlfn.QUARTILE.INC($K$10:$K$29,1))),\"Não\",\"Sim\"),\"\")","v":""}]
[{"$nulls":9},"","","",null,null,{"$f":"IF(ISNUMBER(K13),IF(OR(K13<_xlfn.QUARTILE.INC($K$10:$K$29,1)-1.5*(_xlfn.QUARTILE.INC($K$10:K31,3)-_xlfn.QUARTILE.INC($K$10:$K$29,1)),K13>_xlfn.QUARTILE.INC($K$10:$K$29,3)+1.5*(_xlfn.QUARTILE.INC($K$10:$K$29,3)-_xlfn.QUARTILE.INC($K$10:$K$29,1))),\"Não\",\"Sim\"),\"\")","v":""}]
[{"$nulls":9},"","","",null,null,{"$f":"IF(ISNUMBER(K14),IF(OR(K14<_xlfn.QUARTILE.INC($K$10:$K$29,1)-1.5*(_xlfn.QUARTILE.INC($K$10:K32,3)-_xlfn.QUARTILE.INC($K$10:$K$29,1)),K14>_xlfn.QUARTILE.INC($K$10:$K$29,3)+1.5*(_xlfn.QUARTILE.INC($K$10:$K$29,3)-_xlfn.QUARTILE.INC($K$10:$K$29,1))),\"Não\",\"Sim\"),\"\")","v":""}]
[{"$nulls":9},"","","",null,null,{"$f":"IF(ISNUMBER(K15),IF(OR(K15<_xlfn.QUARTILE.INC($K$10:$K$29,1)-1.5*(_xlfn.QUARTILE.INC($K$10:K35,3)-_xlfn.QUARTILE.INC($K$10:$K$29,1)),K15>_xlfn.QUARTILE.INC($K$10:$K$29,3)+1.5*(_xlfn.QUARTILE.INC($K$10:$K$29,3)-_xlfn.QUARTILE.INC($K$10:$K$29,1))),\"Não\",\"Sim\"),\"\")","v":""}]
[{"$nulls":9},"","","",null,null,{"$f":"IF(ISNUMBER(K16),IF(OR(K16<_xlfn.QUARTILE.INC($K$10:$K$29,1)-1.5*(_xlfn.QUARTILE.INC($I$10:I37,3)-_xlfn.QUARTILE.INC($K$10:$K$29,1)),K16>_xlfn.QUARTILE.INC($K$10:$K$29,3)+1.5*(_xlfn.QUARTILE.INC($K$10:$K$29,3)-_xlfn.QUARTILE.INC($K$10:$K$29,1))),\"Não\",\"Sim\"),\"\")","v":""}]
[null,"COTAÇÕES DE MERCADO",{"$nulls":12},"Cotações"]
[null,"Empresa",{"$nulls":7},"Data","Preço Unitário","Utilizar? (Sim/Não)",null,null,"Outliers","Por critério do(a) analista"]
[null,"https://www.mercadolivre.com.br/kit-5-i-buttons-para-vigia-basto-com-suporte-de-fixaco/p/MLB28768331#polycard_client=search-desktop&be_origin=backend&search_layout=grid&position=7&type=product&tracking_id=cd58f068-1495-4f3f-b2fc-a12776e681a0&wid=MLB3541323259&sid=search",{"$nulls":7},"2026-04-29",65.95,{"$f":"IF(ISNUMBER(K19),IF($L$32=$O$18,O19,IF($L$32=$P$18,P19,\"\")),\"\")","v":"Sim"},null,null,{"$f":"IF(ISNUMBER(K19),IF(OR(K19<_xlfn.QUARTILE.INC($K$10:$K$29,1)-1.5*(_xlfn.QUARTILE.INC($K$10:$K$29,3)-_xlfn.QUARTILE.INC($K$10:$K$29,1)),K19>_xlfn.QUARTILE.INC($K$10:$K$29,3)+1.5*(_xlfn.QUARTILE.INC($K$10:$K$29,3)-_xlfn.QUARTILE.INC($K$10:$K$29,1))),\"Não\",\"Sim\"),\"\")","v":"Sim"}]
[null,"VGA Tecnologia - https://vgatecnologia.com.br/products/ibuttons-para-vigia-bastao-topdata-viggia-software?variant=49242013008162&country=BR&currency=BRL&utm_medium=product_sync&utm_source=google&utm_content=sag_organic&utm_campaign=sag_organic&utm_source=google&utm_medium=cpc&utm_campaign=pmax-sem-recurso&gad_source=1&gad_campaignid=23386948072&gbraid=0AAAAACxq1-kIJSThQ_WxjgbcaP67ZKGBv&gclid=Cj0KCQjw2MbPBhCSARIsAP3jP9zDBpkmRxcMK1KwW7Wn7tAfIu7x7xmuYMuSO0BO_WVapKrSEiRJ9rgaAtlrEALw_wcB",{"$nulls":7},"2026-04-29",25,"Sim",null,null,"Sim"]
[null,"Iponto - https://www.ipontotecnologia.com.br/relogio-de-vigia/ibutton-topdata-2-unid?parceiro=3405&gad_source=1&gad_campaignid=250185612&gbraid=0AAAAAD9D5pQuQTTu32oQSH2Mjkn_NPGMh&gclid=Cj0KCQjw2MbPBhCSARIsAP3jP9xelaTWQtZteg1tjatse3VpgOMeGytdSl-S4IHwE4I8i1fttxZjg2UaAizWEALw_wcB",{"$nulls":7},"2026-04-29",89,"Sim",null,null,"Sim"]
[{"$nulls":11},"",null,null,""]
[{"$nulls":11},"",null,null,""]
[{"$nulls":11},"",null,null,""]
[{"$nulls":11},"",null,null,""]
[{"$nulls":11},"",null,null,""]
[{"$nulls":11},"",null,null,""]
[{"$nulls":11},"",null,null,""]
[{"$nulls":11},"",null,null,""]
[null,"Observações:","I Ponto Vende duas unidades",{"$nulls":7},"Média:",{"$f":"IF($L$32=\"\",\"Selecione metodologia para exclusão de preços\",AVERAGE(IF($L$10:$L$29=\"Sim\",$K$10:$K$29)))","v":59.983333333333327},null,"Média (Cotações)",{"$f":"IF(COUNTIF(O19:O29,\"Sim\")<3,\"N/D (são necessários pelo menos 3 preços)\",AVERAGE(IF(O19:O29=\"Sim\",$K19:$K29)))","v":59.983333333333327},{"$f":"IF(COUNTIF(P19:P29,\"Sim\")<3,\"N/D (são necessários pelo menos 3 preços)\",AVERAGE(IF(P19:P29=\"Sim\",$K19:$K29)))","v":"N/D (são necessários pelo menos 3 preços)"}]
[null,null,"Mercado Livre Vende 10 Unidades",{"$nulls":7},"Mediana:",{"$f":"IF($L$32=\"\",\"Selecione metodologia para exclusão de preços\",MEDIAN(IF($L$10:$L$29=\"Sim\",$K$10:$K$29)))","v":65.95},null,"Mediana (Cotações)",{"$f":"IF(COUNTIF(O19:O29,\"Sim\")<3,\"N/D (são necessários pelo menos 3 preços)\",MEDIAN(IF(O19:O29=\"Sim\",$K19:$K29)))","v":65.95},{"$f":"IF(COUNTIF(P19:P29,\"Sim\")<3,\"N/D (são necessários pelo menos 3 preços)\",MEDIAN(IF(P19:P29=\"Sim\",$K19:$K29)))","v":"N/D (são necessários pelo menos 3 preços)"}]
[null,"Metodologia de exclusão de preços adotada:",{"$nulls":9},{"$f":"IF(O35=\"\",INDEX(O18:P18,MATCH(MIN(#REF!),#REF!,0)),O35)","v":"Outliers"},null,"CV (Cotações)",{"$f":"IF(COUNTIF(O19:O29,\"Sim\")<3,\"N/D (são necessários pelo menos 3 preços)\",_xlfn.STDEV.S(IF(O19:O29=\"Sim\",$K19:$K29))/AVERAGE(IF(O19:O29=\"Sim\",$K19:$K29)))","v":0.54039203858721796},{"$f":"IF(COUNTIF(P19:P29,\"Sim\")<3,\"N/D (são necessários pelo menos 3 preços)\",_xlfn.STDEV.S(IF(P19:P29=\"Sim\",$K19:$K29))/AVERAGE(IF(P19:P29=\"Sim\",$K19:$K29)))","v":"N/D (são necessários pelo menos 3 preços)"}]
[{"$nulls":13},"Média",{"$f":"IF(SUM(COUNTIF($O$10:$O$16,\"Sim\")) + SUM(COUNTIF(O19:O29,\"Sim\")) < 3,\n   \"N/D (são necessários pelo menos 3 preços)\",\n   IFERROR(AVERAGE(_xlfn._xlws.FILTER($K$10:$K$16,$O$10:$O$16=\"Sim\"), _xlfn._xlws.FILTER($K$19:$K$29,O19:O29=\"Sim\")),O30))","v":59.983333333333327},{"$f":"IF(SUM(COUNTIF($P$10:$P$16,\"Sim\")) + SUM(COUNTIF(P19:P29,\"Sim\")) < 3,\n   \"N/D (são necessários pelo menos 3 preços)\",\n   IFERROR(AVERAGE(_xlfn._xlws.FILTER($K$10:$K$16,$P$10:$P$16=\"Sim\"), _xlfn._xlws.FILTER($K$19:$K$29,P19:P29=\"Sim\")),P30))","v":"N/D (são necessários pelo menos 3 preços)"}]
[{"$nulls":13},"Mediana",{"$f":"IF(SUM(COUNTIF($O$10:$O$16,\"Sim\")) + SUM(COUNTIF(O19:O29,\"Sim\")) < 3,\n   \"N/D (são necessários pelo menos 3 preços)\",\n   IFERROR(MEDIAN(_xlfn._xlws.FILTER($K$10:$K$16,$O$10:$O$16=\"Sim\"), _xlfn._xlws.FILTER($K$19:$K$29,O19:O29=\"Sim\")),O31))","v":65.95},{"$f":"IF(SUM(COUNTIF($P10:$P$16,\"Sim\")) + SUM(COUNTIF(P19:P29,\"Sim\")) < 3,\n   \"N/D (são necessários pelo menos 3 preços)\",\n   IFERROR(MEDIAN(_xlfn._xlws.FILTER($K$10:$K$16,$P$10:$P$16=\"Sim\"), _xlfn._xlws.FILTER($K$19:$K$29,P19:P29=\"Sim\")),P31))","v":"N/D (são necessários pelo menos 3 preços)"}]
[null,"COSOLIDAÇÃO DOS PREÇOS",{"$nulls":11},"Metodologia a adotar:",{"$f":"IF(INDEX(O18:P18,P35)=0,\"\",INDEX(O18:P18,P35))","v":"Outliers"},1]
[]
[null,"PREÇO UNITÁRIO ESTIMADO ADOTADO:",{"$nulls":9},{"$f":"IF($B$39=\"Mediana:\",L31,L30)","v":59.983333333333327}]
[]
[{"$f":"O18","v":"Outliers"},"Média:"]

{"sheet":"Gandola","index":40,"n_rows":39,"n_cols":16,"rows_kept":39,"cut":false,"hidden":true,"merged":[[16,1,16,11],[16,14,16,15],[0,0,0,6],[6,2,6,7],[6,14,6,15],[7,1,7,11],[7,14,7,15],[28,1,28,8],[17,1,17,8],[18,1,18,8],[19,1,19,8],[20,1,20,8],[21,1,21,8],[22,1,22,8],[23,1,23,8],[24,1,24,8],[25,1,25,8],[26,1,26,8],[27,1,27,8],[31,1,33,10],[31,11,33,11],[34,1,35,10],[34,11,35,11],[36,1,36,10]]}
[]
[null,"Processo"]
[null,"Responsável"]
[null,"Área de Origem"]
[null,"Data da pesquisa"]
[]
[null,"ITEM:","Gandola - Blusa com manga longa, tecido \"Ripstop\" padrão estipulado pelo CBMDF",{"$nulls":5},"UNIDADE DE MEDIDA:","Unidade","QUANTIDADE:",2,null,null,"Tabela auxiliar de metodologias para exclusão de preços"]
[null,"LICITAÇÕES ANTERIORES",{"$nulls":12},"Licitações Anteriores"]
[null,"Órgão","Edital/Ano - Nº do Lote / Item","Quantidade","Valor Unitário","Data","índice de atualização (nome)","I0","If","Variação acumulada do índice (%)","Preço unitário atualizado","Utilizar?  (Sim/Não)",null,null,"Outliers","Por critério do(a) analista"]
[{"$nulls":9},{"$f":"IF(ISBLANK(E10),\"\",IF(ISNUMBER(H10),(I10-H10)/H10,0))","v":""},{"$f":"IF(ISBLANK(E10),\"\",E10*(1+J10))","v":""},{"$f":"IF(ISNUMBER(K10),IF($L$32<>$P$9,O10,P10),\"\")","v":""},null,null,{"$f":"IF(ISNUMBER(K10),IF(OR(K10<_xlfn.QUARTILE.INC($K$10:$K$29,1)-1.5*(_xlfn.QUARTILE.INC($K$10:K29,3)-_xlfn.QUARTILE.INC($K$10:$K$29,1)),K10>_xlfn.QUARTILE.INC($K$10:$K$29,3)+1.5*(_xlfn.QUARTILE.INC($K$10:$K$29,3)-_xlfn.QUARTILE.INC($K$10:$K$29,1))),\"Não\",\"Sim\"),\"\")","v":""}]
[{"$nulls":9},{"$f":"IF(ISBLANK(E11),\"\",IF(ISNUMBER(H11),(I11-H11)/H11,0))","v":""},{"$f":"IF(ISBLANK(E11),\"\",E11*(1+J11))","v":""},"",null,null,{"$f":"IF(ISNUMBER(K11),IF(OR(K11<_xlfn.QUARTILE.INC($K$10:$K$29,1)-1.5*(_xlfn.QUARTILE.INC($K$10:K29,3)-_xlfn.QUARTILE.INC($K$10:$K$29,1)),K11>_xlfn.QUARTILE.INC($K$10:$K$29,3)+1.5*(_xlfn.QUARTILE.INC($K$10:$K$29,3)-_xlfn.QUARTILE.INC($K$10:$K$29,1))),\"Não\",\"Sim\"),\"\")","v":""}]
[{"$nulls":9},"","","",null,null,{"$f":"IF(ISNUMBER(K12),IF(OR(K12<_xlfn.QUARTILE.INC($K$10:$K$29,1)-1.5*(_xlfn.QUARTILE.INC($K$10:K30,3)-_xlfn.QUARTILE.INC($K$10:$K$29,1)),K12>_xlfn.QUARTILE.INC($K$10:$K$29,3)+1.5*(_xlfn.QUARTILE.INC($K$10:$K$29,3)-_xlfn.QUARTILE.INC($K$10:$K$29,1))),\"Não\",\"Sim\"),\"\")","v":""}]
[{"$nulls":9},"","","",null,null,{"$f":"IF(ISNUMBER(K13),IF(OR(K13<_xlfn.QUARTILE.INC($K$10:$K$29,1)-1.5*(_xlfn.QUARTILE.INC($K$10:K31,3)-_xlfn.QUARTILE.INC($K$10:$K$29,1)),K13>_xlfn.QUARTILE.INC($K$10:$K$29,3)+1.5*(_xlfn.QUARTILE.INC($K$10:$K$29,3)-_xlfn.QUARTILE.INC($K$10:$K$29,1))),\"Não\",\"Sim\"),\"\")","v":""}]
[{"$nulls":9},"","","",null,null,{"$f":"IF(ISNUMBER(K14),IF(OR(K14<_xlfn.QUARTILE.INC($K$10:$K$29,1)-1.5*(_xlfn.QUARTILE.INC($K$10:K32,3)-_xlfn.QUARTILE.INC($K$10:$K$29,1)),K14>_xlfn.QUARTILE.INC($K$10:$K$29,3)+1.5*(_xlfn.QUARTILE.INC($K$10:$K$29,3)-_xlfn.QUARTILE.INC($K$10:$K$29,1))),\"Não\",\"Sim\"),\"\")","v":""}]
[{"$nulls":9},"","","",null,null,{"$f":"IF(ISNUMBER(K15),IF(OR(K15<_xlfn.QUARTILE.INC($K$10:$K$29,1)-1.5*(_xlfn.QUARTILE.INC($K$10:K35,3)-_xlfn.QUARTILE.INC($K$10:$K$29,1)),K15>_xlfn.QUARTILE.INC($K$10:$K$29,3)+1.5*(_xlfn.QUARTILE.INC($K$10:$K$29,3)-_xlfn.QUARTILE.INC($K$10:$K$29,1))),\"Não\",\"Sim\"),\"\")","v":""}]
[{"$nulls":9},"","","",null,null,{"$f":"IF(ISNUMBER(K16),IF(OR(K16<_xlfn.QUARTILE.INC($K$10:$K$29,1)-1.5*(_xlfn.QUARTILE.INC($I$10:I37,3)-_xlfn.QUARTILE.INC($K$10:$K$29,1)),K16>_xlfn.QUARTILE.INC($K$10:$K$29,3)+1.5*(_xlfn.QUARTILE.INC($K$10:$K$29,3)-_xlfn.QUARTILE.INC($K$10:$K$29,1))),\"Não\",\"Sim\"),\"\")","v":""}]
[null,"COTAÇÕES DE MERCADO",{"$nulls":12},"Cotações"]
[null,"Empresa",{"$nulls":7},"Data","Preço Unitário","Utilizar? (Sim/Não)",null,null,"Outliers","Por critério do(a) analista"]
[null,"Couro ART - https://couroart.com.br/produto/gandola-tatica-bombeiro-civil-caqui-manga-longa-c-refletivo-rip-stop/?attribute_pa_tamanho=pp&campaignid=17672119903&adgroupid=&keyword=&device=c&gad_source=1&gad_campaignid=17681361038&gbraid=0AAAAADBtTKkq3zoA70Az-BvCdRcV8YrIW&gclid=CjwKCAjw7vzOBhBxEiwAc7WNr0UzB8IPWQQ0tpAEfM-ApNPXYinMqrbiGtCeyNLq-r_a0PAW7lC8aBoCs88QAvD_BwE",{"$nulls":7},"2026-04-16",198.55,{"$f":"IF(ISNUMBER(K19),IF($L$32=$O$18,O19,IF($L$32=$P$18,P19,\"\")),\"\")","v":"Sim"},null,null,{"$f":"IF(ISNUMBER(K19),IF(OR(K19<_xlfn.QUARTILE.INC($K$10:$K$29,1)-1.5*(_xlfn.QUARTILE.INC($K$10:$K$29,3)-_xlfn.QUARTILE.INC($K$10:$K$29,1)),K19>_xlfn.QUARTILE.INC($K$10:$K$29,3)+1.5*(_xlfn.QUARTILE.INC($K$10:$K$29,3)-_xlfn.QUARTILE.INC($K$10:$K$29,1))),\"Não\",\"Sim\"),\"\")","v":"Sim"}]
[null,"Brasido - https://brasido.com.br/produtos/gandola-tatica-operacional-safo-assault-ripstop-azul-marinho-uv50-e-antimicrobial-17d1b/",{"$nulls":7},"2026-04-16",285,"Sim",null,null,"Sim"]
[null,"A Loja do Bombeiro - https://www.alojadobombeiro.com.br/gandola-verde-petroleo-bombeiro-civil-manga-longa-cfaixa-refletiva",{"$nulls":7},"2026-04-17",185,"Sim",null,null,"Sim"]
[{"$nulls":11},"",null,null,""]
[{"$nulls":11},"",null,null,""]
[{"$nulls":11},"",null,null,""]
[{"$nulls":11},"",null,null,""]
[{"$nulls":11},"",null,null,""]
[{"$nulls":11},"",null,null,""]
[{"$nulls":11},"",null,null,""]
[{"$nulls":11},"",null,null,""]
[null,"Observações:",{"$nulls":8},"Média:",{"$f":"IF($L$32=\"\",\"Selecione metodologia para exclusão de preços\",AVERAGE(IF($L$10:$L$29=\"Sim\",$K$10:$K$29)))","v":222.85},null,"Média (Cotações)",{"$f":"IF(COUNTIF(O19:O29,\"Sim\")<3,\"N/D (são necessários pelo menos 3 preços)\",AVERAGE(IF(O19:O29=\"Sim\",$K19:$K29)))","v":222.85},{"$f":"IF(COUNTIF(P19:P29,\"Sim\")<3,\"N/D (são necessários pelo menos 3 preços)\",AVERAGE(IF(P19:P29=\"Sim\",$K19:$K29)))","v":"N/D (são necessários pelo menos 3 preços)"}]
[{"$nulls":10},"Mediana:",{"$f":"IF($L$32=\"\",\"Selecione metodologia para exclusão de preços\",MEDIAN(IF($L$10:$L$29=\"Sim\",$K$10:$K$29)))","v":198.55},null,"Mediana (Cotações)",{"$f":"IF(COUNTIF(O19:O29,\"Sim\")<3,\"N/D (são necessários pelo menos 3 preços)\",MEDIAN(IF(O19:O29=\"Sim\",$K19:$K29)))","v":198.55},{"$f":"IF(COUNTIF(P19:P29,\"Sim\")<3,\"N/D (são necessários pelo menos 3 preços)\",MEDIAN(IF(P19:P29=\"Sim\",$K19:$K29)))","v":"N/D (são necessários pelo menos 3 preços)"}]
[null,"Metodologia de exclusão de preços adotada:",{"$nulls":9},{"$f":"IF(O35=\"\",INDEX(O18:P18,MATCH(MIN(#REF!),#REF!,0)),O35)","v":"Outliers"},null,"CV (Cotações)",{"$f":"IF(COUNTIF(O19:O29,\"Sim\")<3,\"N/D (são necessários pelo menos 3 preços)\",_xlfn.STDEV.S(IF(O19:O29=\"Sim\",$K19:$K29))/AVERAGE(IF(O19:O29=\"Sim\",$K19:$K29)))","v":0.24342922474851286},{"$f":"IF(COUNTIF(P19:P29,\"Sim\")<3,\"N/D (são necessários pelo menos 3 preços)\",_xlfn.STDEV.S(IF(P19:P29=\"Sim\",$K19:$K29))/AVERAGE(IF(P19:P29=\"Sim\",$K19:$K29)))","v":"N/D (são necessários pelo menos 3 preços)"}]
[{"$nulls":13},"Média",{"$f":"IF(SUM(COUNTIF($O$10:$O$16,\"Sim\")) + SUM(COUNTIF(O19:O29,\"Sim\")) < 3,\n   \"N/D (são necessários pelo menos 3 preços)\",\n   IFERROR(AVERAGE(_xlfn._xlws.FILTER($K$10:$K$16,$O$10:$O$16=\"Sim\"), _xlfn._xlws.FILTER($K$19:$K$29,O19:O29=\"Sim\")),O30))","v":222.85},{"$f":"IF(SUM(COUNTIF($P$10:$P$16,\"Sim\")) + SUM(COUNTIF(P19:P29,\"Sim\")) < 3,\n   \"N/D (são necessários pelo menos 3 preços)\",\n   IFERROR(AVERAGE(_xlfn._xlws.FILTER($K$10:$K$16,$P$10:$P$16=\"Sim\"), _xlfn._xlws.FILTER($K$19:$K$29,P19:P29=\"Sim\")),P30))","v":"N/D (são necessários pelo menos 3 preços)"}]
[{"$nulls":13},"Mediana",{"$f":"IF(SUM(COUNTIF($O$10:$O$16,\"Sim\")) + SUM(COUNTIF(O19:O29,\"Sim\")) < 3,\n   \"N/D (são necessários pelo menos 3 preços)\",\n   IFERROR(MEDIAN(_xlfn._xlws.FILTER($K$10:$K$16,$O$10:$O$16=\"Sim\"), _xlfn._xlws.FILTER($K$19:$K$29,O19:O29=\"Sim\")),O31))","v":198.55},{"$f":"IF(SUM(COUNTIF($P10:$P$16,\"Sim\")) + SUM(COUNTIF(P19:P29,\"Sim\")) < 3,\n   \"N/D (são necessários pelo menos 3 preços)\",\n   IFERROR(MEDIAN(_xlfn._xlws.FILTER($K$10:$K$16,$P$10:$P$16=\"Sim\"), _xlfn._xlws.FILTER($K$19:$K$29,P19:P29=\"Sim\")),P31))","v":"N/D (são necessários pelo menos 3 preços)"}]
[null,"COSOLIDAÇÃO DOS PREÇOS",{"$nulls":11},"Metodologia a adotar:",{"$f":"IF(INDEX(O18:P18,P35)=0,\"\",INDEX(O18:P18,P35))","v":"Outliers"},1]
[]
[null,"PREÇO UNITÁRIO ESTIMADO ADOTADO:",{"$nulls":9},{"$f":"IF($B$39=\"Mediana:\",L31,L30)","v":198.55}]
[]
[{"$f":"O18","v":"Outliers"},"Mediana:"]

{"sheet":"Calça","index":41,"n_rows":39,"n_cols":16,"rows_kept":39,"cut":false,"hidden":true,"merged":[[16,1,16,11],[16,14,16,15],[0,0,0,6],[6,2,6,7],[6,14,6,15],[7,1,7,11],[7,14,7,15],[28,1,28,8],[17,1,17,8],[18,1,18,8],[19,1,19,8],[20,1,20,8],[21,1,21,8],[22,1,22,8],[23,1,23,8],[24,1,24,8],[25,1,25,8],[26,1,26,8],[27,1,27,8],[31,1,33,10],[31,11,33,11],[34,1,35,10],[34,11,35,11],[36,1,36,10]]}
[]
[null,"Processo"]
[null,"Responsável"]
[null,"Área de Origem"]
[null,"Data da pesquisa"]
[]
[null,"ITEM:","Calça tecido \"Ripstop\" padrão estipulado pelo CBMDF",{"$nulls":5},"UNIDADE DE MEDIDA:","Unidade","QUANTIDADE:",2,null,null,"Tabela auxiliar de metodologias para exclusão de preços"]
[null,"LICITAÇÕES ANTERIORES",{"$nulls":12},"Licitações Anteriores"]
[null,"Órgão","Edital/Ano - Nº do Lote / Item","Quantidade","Valor Unitário","Data","índice de atualização (nome)","I0","If","Variação acumulada do índice (%)","Preço unitário atualizado","Utilizar?  (Sim/Não)",null,null,"Outliers","Por critério do(a) analista"]
[{"$nulls":9},{"$f":"IF(ISBLANK(E10),\"\",IF(ISNUMBER(H10),(I10-H10)/H10,0))","v":""},{"$f":"IF(ISBLANK(E10),\"\",E10*(1+J10))","v":""},{"$f":"IF(ISNUMBER(K10),IF($L$32<>$P$9,O10,P10),\"\")","v":""},null,null,{"$f":"IF(ISNUMBER(K10),IF(OR(K10<_xlfn.QUARTILE.INC($K$10:$K$29,1)-1.5*(_xlfn.QUARTILE.INC($K$10:K29,3)-_xlfn.QUARTILE.INC($K$10:$K$29,1)),K10>_xlfn.QUARTILE.INC($K$10:$K$29,3)+1.5*(_xlfn.QUARTILE.INC($K$10:$K$29,3)-_xlfn.QUARTILE.INC($K$10:$K$29,1))),\"Não\",\"Sim\"),\"\")","v":""}]
[{"$nulls":9},{"$f":"IF(ISBLANK(E11),\"\",IF(ISNUMBER(H11),(I11-H11)/H11,0))","v":""},{"$f":"IF(ISBLANK(E11),\"\",E11*(1+J11))","v":""},"",null,null,{"$f":"IF(ISNUMBER(K11),IF(OR(K11<_xlfn.QUARTILE.INC($K$10:$K$29,1)-1.5*(_xlfn.QUARTILE.INC($K$10:K29,3)-_xlfn.QUARTILE.INC($K$10:$K$29,1)),K11>_xlfn.QUARTILE.INC($K$10:$K$29,3)+1.5*(_xlfn.QUARTILE.INC($K$10:$K$29,3)-_xlfn.QUARTILE.INC($K$10:$K$29,1))),\"Não\",\"Sim\"),\"\")","v":""}]
[{"$nulls":9},"","","",null,null,{"$f":"IF(ISNUMBER(K12),IF(OR(K12<_xlfn.QUARTILE.INC($K$10:$K$29,1)-1.5*(_xlfn.QUARTILE.INC($K$10:K30,3)-_xlfn.QUARTILE.INC($K$10:$K$29,1)),K12>_xlfn.QUARTILE.INC($K$10:$K$29,3)+1.5*(_xlfn.QUARTILE.INC($K$10:$K$29,3)-_xlfn.QUARTILE.INC($K$10:$K$29,1))),\"Não\",\"Sim\"),\"\")","v":""}]
[{"$nulls":9},"","","",null,null,{"$f":"IF(ISNUMBER(K13),IF(OR(K13<_xlfn.QUARTILE.INC($K$10:$K$29,1)-1.5*(_xlfn.QUARTILE.INC($K$10:K31,3)-_xlfn.QUARTILE.INC($K$10:$K$29,1)),K13>_xlfn.QUARTILE.INC($K$10:$K$29,3)+1.5*(_xlfn.QUARTILE.INC($K$10:$K$29,3)-_xlfn.QUARTILE.INC($K$10:$K$29,1))),\"Não\",\"Sim\"),\"\")","v":""}]
[{"$nulls":9},"","","",null,null,{"$f":"IF(ISNUMBER(K14),IF(OR(K14<_xlfn.QUARTILE.INC($K$10:$K$29,1)-1.5*(_xlfn.QUARTILE.INC($K$10:K32,3)-_xlfn.QUARTILE.INC($K$10:$K$29,1)),K14>_xlfn.QUARTILE.INC($K$10:$K$29,3)+1.5*(_xlfn.QUARTILE.INC($K$10:$K$29,3)-_xlfn.QUARTILE.INC($K$10:$K$29,1))),\"Não\",\"Sim\"),\"\")","v":""}]
[{"$nulls":9},"","","",null,null,{"$f":"IF(ISNUMBER(K15),IF(OR(K15<_xlfn.QUARTILE.INC($K$10:$K$29,1)-1.5*(_xlfn.QUARTILE.INC($K$10:K35,3)-_xlfn.QUARTILE.INC($K$10:$K$29,1)),K15>_xlfn.QUARTILE.INC($K$10:$K$29,3)+1.5*(_xlfn.QUARTILE.INC($K$10:$K$29,3)-_xlfn.QUARTILE.INC($K$10:$K$29,1))),\"Não\",\"Sim\"),\"\")","v":""}]
[{"$nulls":9},"","","",null,null,{"$f":"IF(ISNUMBER(K16),IF(OR(K16<_xlfn.QUARTILE.INC($K$10:$K$29,1)-1.5*(_xlfn.QUARTILE.INC($I$10:I37,3)-_xlfn.QUARTILE.INC($K$10:$K$29,1)),K16>_xlfn.QUARTILE.INC($K$10:$K$29,3)+1.5*(_xlfn.QUARTILE.INC($K$10:$K$29,3)-_xlfn.QUARTILE.INC($K$10:$K$29,1))),\"Não\",\"Sim\"),\"\")","v":""}]
[null,"COTAÇÕES DE MERCADO",{"$nulls":12},"Cotações"]
[null,"Empresa",{"$nulls":7},"Data","Preço Unitário","Utilizar? (Sim/Não)",null,null,"Outliers","Por critério do(a) analista"]
[null,"Kaluci - https://www.lojakallucci.com.br/produto/calca-tatica-preta-6-bolsos-ripstop/?gad_source=1&gad_campaignid=22703324152&gbraid=0AAAAAC9sVHNXEub-EXJcSgNv4kqjYxwOo&gclid=CjwKCAjw7vzOBhBxEiwAc7WNrxatdSjftHKD-226iS9tbkHTqskQKiSziMG89ne6xUCnwABhPfx7IRoCm0cQAvD_BwE",{"$nulls":7},"2026-04-16",219.9,{"$f":"IF(ISNUMBER(K19),IF($L$32=$O$18,O19,IF($L$32=$P$18,P19,\"\")),\"\")","v":"Sim"},null,null,{"$f":"IF(ISNUMBER(K19),IF(OR(K19<_xlfn.QUARTILE.INC($K$10:$K$29,1)-1.5*(_xlfn.QUARTILE.INC($K$10:$K$29,3)-_xlfn.QUARTILE.INC($K$10:$K$29,1)),K19>_xlfn.QUARTILE.INC($K$10:$K$29,3)+1.5*(_xlfn.QUARTILE.INC($K$10:$K$29,3)-_xlfn.QUARTILE.INC($K$10:$K$29,1))),\"Não\",\"Sim\"),\"\")","v":"Sim"}]
[null,"Couro ART - https://couroart.com.br/produto/calca-tatica-caqui-c-refletivo-ripstop/?_gl=1*1v3o01o*_up*MQ..*_gs*MQ..&gclid=CjwKCAjw7vzOBhBxEiwAc7WNr835T4u4-mvsPE6sM1IRe9FWLWlJwCl0XlHDukCqU8NvYkBIrJMt-hoCG_4QAvD_BwE&gbraid=0AAAAADBtTKnIAyQsZ11VtUB3zvxbXB4zS",{"$nulls":7},"2026-04-16",155,"Sim",null,null,"Sim"]
[null,"Invictus - https://www.invictus.com.br/products/calca-new-combat-azul-marinho?variant=51700207485246&country=BR&currency=BRL&utm_medium=product_sync&utm_source=google&utm_content=sag_organic&utm_campaign=sag_organic&utm_source=google&utm_content=724757830738&utm_campaign=21882389728&gad_source=1&gad_campaignid=21882389728&gbraid=0AAAAADMyss2ZEVq_7p2CDaUvJJ9SByCBv&gclid=Cj0KCQjwkYLPBhC3ARIsAIyHi3S89ZTejIEwRlss0YjILB-d5ktO52Jy8qIIS16R4J_7CWaMkmggDv8aApsDEALw_wcB",{"$nulls":7},"2026-04-16",289,"Sim",null,null,"Sim"]
[{"$nulls":11},"",null,null,""]
[{"$nulls":11},"",null,null,""]
[{"$nulls":11},"",null,null,""]
[{"$nulls":11},"",null,null,""]
[{"$nulls":11},"",null,null,""]
[{"$nulls":11},"",null,null,""]
[{"$nulls":11},"",null,null,""]
[{"$nulls":11},"",null,null,""]
[null,"Observações:",{"$nulls":8},"Média:",{"$f":"IF($L$32=\"\",\"Selecione metodologia para exclusão de preços\",AVERAGE(IF($L$10:$L$29=\"Sim\",$K$10:$K$29)))","v":221.29999999999998},null,"Média (Cotações)",{"$f":"IF(COUNTIF(O19:O29,\"Sim\")<3,\"N/D (são necessários pelo menos 3 preços)\",AVERAGE(IF(O19:O29=\"Sim\",$K19:$K29)))","v":221.29999999999998},{"$f":"IF(COUNTIF(P19:P29,\"Sim\")<3,\"N/D (são necessários pelo menos 3 preços)\",AVERAGE(IF(P19:P29=\"Sim\",$K19:$K29)))","v":"N/D (são necessários pelo menos 3 preços)"}]
[{"$nulls":10},"Mediana:",{"$f":"IF($L$32=\"\",\"Selecione metodologia para exclusão de preços\",MEDIAN(IF($L$10:$L$29=\"Sim\",$K$10:$K$29)))","v":219.9},null,"Mediana (Cotações)",{"$f":"IF(COUNTIF(O19:O29,\"Sim\")<3,\"N/D (são necessários pelo menos 3 preços)\",MEDIAN(IF(O19:O29=\"Sim\",$K19:$K29)))","v":219.9},{"$f":"IF(COUNTIF(P19:P29,\"Sim\")<3,\"N/D (são necessários pelo menos 3 preços)\",MEDIAN(IF(P19:P29=\"Sim\",$K19:$K29)))","v":"N/D (são necessários pelo menos 3 preços)"}]
[null,"Metodologia de exclusão de preços adotada:",{"$nulls":9},{"$f":"IF(O35=\"\",INDEX(O18:P18,MATCH(MIN(#REF!),#REF!,0)),O35)","v":"Outliers"},null,"CV (Cotações)",{"$f":"IF(COUNTIF(O19:O29,\"Sim\")<3,\"N/D (são necessários pelo menos 3 preços)\",_xlfn.STDEV.S(IF(O19:O29=\"Sim\",$K19:$K29))/AVERAGE(IF(O19:O29=\"Sim\",$K19:$K29)))","v":0.30280600655811124},{"$f":"IF(COUNTIF(P19:P29,\"Sim\")<3,\"N/D (são necessários pelo menos 3 preços)\",_xlfn.STDEV.S(IF(P19:P29=\"Sim\",$K19:$K29))/AVERAGE(IF(P19:P29=\"Sim\",$K19:$K29)))","v":"N/D (são necessários pelo menos 3 preços)"}]
[{"$nulls":13},"Média",{"$f":"IF(SUM(COUNTIF($O$10:$O$16,\"Sim\")) + SUM(COUNTIF(O19:O29,\"Sim\")) < 3,\n   \"N/D (são necessários pelo menos 3 preços)\",\n   IFERROR(AVERAGE(_xlfn._xlws.FILTER($K$10:$K$16,$O$10:$O$16=\"Sim\"), _xlfn._xlws.FILTER($K$19:$K$29,O19:O29=\"Sim\")),O30))","v":221.29999999999998},{"$f":"IF(SUM(COUNTIF($P$10:$P$16,\"Sim\")) + SUM(COUNTIF(P19:P29,\"Sim\")) < 3,\n   \"N/D (são necessários pelo menos 3 preços)\",\n   IFERROR(AVERAGE(_xlfn._xlws.FILTER($K$10:$K$16,$P$10:$P$16=\"Sim\"), _xlfn._xlws.FILTER($K$19:$K$29,P19:P29=\"Sim\")),P30))","v":"N/D (são necessários pelo menos 3 preços)"}]
[{"$nulls":13},"Mediana",{"$f":"IF(SUM(COUNTIF($O$10:$O$16,\"Sim\")) + SUM(COUNTIF(O19:O29,\"Sim\")) < 3,\n   \"N/D (são necessários pelo menos 3 preços)\",\n   IFERROR(MEDIAN(_xlfn._xlws.FILTER($K$10:$K$16,$O$10:$O$16=\"Sim\"), _xlfn._xlws.FILTER($K$19:$K$29,O19:O29=\"Sim\")),O31))","v":219.9},{"$f":"IF(SUM(COUNTIF($P10:$P$16,\"Sim\")) + SUM(COUNTIF(P19:P29,\"Sim\")) < 3,\n   \"N/D (são necessários pelo menos 3 preços)\",\n   IFERROR(MEDIAN(_xlfn._xlws.FILTER($K$10:$K$16,$P$10:$P$16=\"Sim\"), _xlfn._xlws.FILTER($K$19:$K$29,P19:P29=\"Sim\")),P31))","v":"N/D (são necessários pelo menos 3 preços)"}]
[null,"COSOLIDAÇÃO DOS PREÇOS",{"$nulls":11},"Metodologia a adotar:",{"$f":"IF(INDEX(O18:P18,P35)=0,\"\",INDEX(O18:P18,P35))","v":"Outliers"},1]
[]
[null,"PREÇO UNITÁRIO ESTIMADO ADOTADO:",{"$nulls":9},{"$f":"IF($B$39=\"Mediana:\",L31,L30)","v":219.9}]
[]
[{"$f":"O18","v":"Outliers"},"Mediana:"]

{"sheet":"Cinto","index":42,"n_rows":39,"n_cols":16,"rows_kept":39,"cut":false,"hidden":true,"merged":[[16,1,16,11],[16,14,16,15],[0,0,0,6],[6,2,6,7],[6,14,6,15],[7,1,7,11],[7,14,7,15],[28,1,28,8],[17,1,17,8],[18,1,18,8],[19,1,19,8],[20,1,20,8],[21,1,21,8],[22,1,22,8],[23,1,23,8],[24,1,24,8],[25,1,25,8],[26,1,26,8],[27,1,27,8],[31,1,33,10],[31,11,33,11],[34,1,35,10],[34,11,35,11],[36,1,36,10]]}
[]
[null,"Processo"]
[null,"Responsável"]
[null,"Área de Origem"]
[null,"Data da pesquisa"]
[]
[null,"ITEM:","Cinto confeccionado em nylon e/ou poliéster, com fivela e ponteira prata",{"$nulls":5},"UNIDADE DE MEDIDA:","Unidade","QUANTIDADE:",1,null,null,"Tabela auxiliar de metodologias para exclusão de preços"]
[null,"LICITAÇÕES ANTERIORES",{"$nulls":12},"Licitações Anteriores"]
[null,"Órgão","Edital/Ano - Nº do Lote / Item","Quantidade","Valor Unitário","Data","índice de atualização (nome)","I0","If","Variação acumulada do índice (%)","Preço unitário atualizado","Utilizar?  (Sim/Não)",null,null,"Outliers","Por critério do(a) analista"]
[{"$nulls":9},{"$f":"IF(ISBLANK(E10),\"\",IF(ISNUMBER(H10),(I10-H10)/H10,0))","v":""},{"$f":"IF(ISBLANK(E10),\"\",E10*(1+J10))","v":""},{"$f":"IF(ISNUMBER(K10),IF($L$32<>$P$9,O10,P10),\"\")","v":""},null,null,{"$f":"IF(ISNUMBER(K10),IF(OR(K10<_xlfn.QUARTILE.INC($K$10:$K$29,1)-1.5*(_xlfn.QUARTILE.INC($K$10:K29,3)-_xlfn.QUARTILE.INC($K$10:$K$29,1)),K10>_xlfn.QUARTILE.INC($K$10:$K$29,3)+1.5*(_xlfn.QUARTILE.INC($K$10:$K$29,3)-_xlfn.QUARTILE.INC($K$10:$K$29,1))),\"Não\",\"Sim\"),\"\")","v":""}]
[{"$nulls":9},{"$f":"IF(ISBLANK(E11),\"\",IF(ISNUMBER(H11),(I11-H11)/H11,0))","v":""},{"$f":"IF(ISBLANK(E11),\"\",E11*(1+J11))","v":""},"",null,null,{"$f":"IF(ISNUMBER(K11),IF(OR(K11<_xlfn.QUARTILE.INC($K$10:$K$29,1)-1.5*(_xlfn.QUARTILE.INC($K$10:K29,3)-_xlfn.QUARTILE.INC($K$10:$K$29,1)),K11>_xlfn.QUARTILE.INC($K$10:$K$29,3)+1.5*(_xlfn.QUARTILE.INC($K$10:$K$29,3)-_xlfn.QUARTILE.INC($K$10:$K$29,1))),\"Não\",\"Sim\"),\"\")","v":""}]
[{"$nulls":9},"","","",null,null,{"$f":"IF(ISNUMBER(K12),IF(OR(K12<_xlfn.QUARTILE.INC($K$10:$K$29,1)-1.5*(_xlfn.QUARTILE.INC($K$10:K30,3)-_xlfn.QUARTILE.INC($K$10:$K$29,1)),K12>_xlfn.QUARTILE.INC($K$10:$K$29,3)+1.5*(_xlfn.QUARTILE.INC($K$10:$K$29,3)-_xlfn.QUARTILE.INC($K$10:$K$29,1))),\"Não\",\"Sim\"),\"\")","v":""}]
[{"$nulls":9},"","","",null,null,{"$f":"IF(ISNUMBER(K13),IF(OR(K13<_xlfn.QUARTILE.INC($K$10:$K$29,1)-1.5*(_xlfn.QUARTILE.INC($K$10:K31,3)-_xlfn.QUARTILE.INC($K$10:$K$29,1)),K13>_xlfn.QUARTILE.INC($K$10:$K$29,3)+1.5*(_xlfn.QUARTILE.INC($K$10:$K$29,3)-_xlfn.QUARTILE.INC($K$10:$K$29,1))),\"Não\",\"Sim\"),\"\")","v":""}]
[{"$nulls":9},"","","",null,null,{"$f":"IF(ISNUMBER(K14),IF(OR(K14<_xlfn.QUARTILE.INC($K$10:$K$29,1)-1.5*(_xlfn.QUARTILE.INC($K$10:K32,3)-_xlfn.QUARTILE.INC($K$10:$K$29,1)),K14>_xlfn.QUARTILE.INC($K$10:$K$29,3)+1.5*(_xlfn.QUARTILE.INC($K$10:$K$29,3)-_xlfn.QUARTILE.INC($K$10:$K$29,1))),\"Não\",\"Sim\"),\"\")","v":""}]
[{"$nulls":9},"","","",null,null,{"$f":"IF(ISNUMBER(K15),IF(OR(K15<_xlfn.QUARTILE.INC($K$10:$K$29,1)-1.5*(_xlfn.QUARTILE.INC($K$10:K35,3)-_xlfn.QUARTILE.INC($K$10:$K$29,1)),K15>_xlfn.QUARTILE.INC($K$10:$K$29,3)+1.5*(_xlfn.QUARTILE.INC($K$10:$K$29,3)-_xlfn.QUARTILE.INC($K$10:$K$29,1))),\"Não\",\"Sim\"),\"\")","v":""}]
[{"$nulls":9},"","","",null,null,{"$f":"IF(ISNUMBER(K16),IF(OR(K16<_xlfn.QUARTILE.INC($K$10:$K$29,1)-1.5*(_xlfn.QUARTILE.INC($I$10:I37,3)-_xlfn.QUARTILE.INC($K$10:$K$29,1)),K16>_xlfn.QUARTILE.INC($K$10:$K$29,3)+1.5*(_xlfn.QUARTILE.INC($K$10:$K$29,3)-_xlfn.QUARTILE.INC($K$10:$K$29,1))),\"Não\",\"Sim\"),\"\")","v":""}]
[null,"COTAÇÕES DE MERCADO",{"$nulls":12},"Cotações"]
[null,"Empresa",{"$nulls":7},"Data","Preço Unitário","Utilizar? (Sim/Não)",null,null,"Outliers","Por critério do(a) analista"]
[null,"Julio Almeida - https://cintosjulioalmeida.com.br/produto/cinto-tatico-militar-nylon/?attribute_pa_cor-fivela=prata&gad_source=1&gad_campaignid=17339168383&gbraid=0AAAAADgk-hFhjIgJEI4LjrEvxBcWV1uO8&gclid=CjwKCAjw7vzOBhBxEiwAc7WNrxy1nx715M0r2MUfQZ_xlLZTbODdfmhg6xsc6wutR06oDVijRuOUtRoCJ3YQAvD_BwE",{"$nulls":7},"2026-04-17",9,{"$f":"IF(ISNUMBER(K19),IF($L$32=$O$18,O19,IF($L$32=$P$18,P19,\"\")),\"\")","v":"Sim"},null,null,{"$f":"IF(ISNUMBER(K19),IF(OR(K19<_xlfn.QUARTILE.INC($K$10:$K$29,1)-1.5*(_xlfn.QUARTILE.INC($K$10:$K$29,3)-_xlfn.QUARTILE.INC($K$10:$K$29,1)),K19>_xlfn.QUARTILE.INC($K$10:$K$29,3)+1.5*(_xlfn.QUARTILE.INC($K$10:$K$29,3)-_xlfn.QUARTILE.INC($K$10:$K$29,1))),\"Não\",\"Sim\"),\"\")","v":"Sim"}]
[null,"Couro ART - https://couroart.com.br/produto/cinto-em-nylon-fivela-lisa-garra-prata/?attribute_pa_cor=preto&attribute_pa_tamanho=140&gad_source=1&gad_campaignid=22316882581&gbraid=0AAAAADBtTKmr4_WcVrJ65GaHyoVvnzZFh&gclid=CjwKCAjw7vzOBhBxEiwAc7WNryx8cuiZ98m9nWRyfOhOTCulI1MmYHrTwxYI5tDfqsyrEc18He0__xoC06wQAvD_BwE",{"$nulls":7},"2026-04-17",18.760000000000002,"Sim",null,null,"Sim"]
[null,"Amazon - https://www.amazon.com.br/Cinto-T%C3%A1tico-Militar-Nylon-Antial%C3%A9rgico/dp/B0GJ758LLB/ref=asc_df_B0GJ758LLB?mcid=2b35d6b9fb3131fb8c359cd0de991a83&tag=googleshopp00-20&linkCode=df0&hvadid=788924091514&hvpos=&hvnetw=g&hvrand=9998671533135262550&hvpone=&hvptwo=&hvqmt=&hvdev=c&hvdvcmdl=&hvlocint=&hvlocphy=9196708&hvtargid=pla-2465020145935&psc=1&hvocijid=9998671533135262550-B0GJ758LLB-&hvexpln=0&language=pt_BR",{"$nulls":7},"2026-04-17",34.9,"Sim",null,null,"Sim"]
[{"$nulls":11},"",null,null,""]
[{"$nulls":11},"",null,null,""]
[{"$nulls":11},"",null,null,""]
[{"$nulls":11},"",null,null,""]
[{"$nulls":11},"",null,null,""]
[{"$nulls":11},"",null,null,""]
[{"$nulls":11},"",null,null,""]
[{"$nulls":11},"",null,null,""]
[null,"Observações:",{"$nulls":8},"Média:",{"$f":"IF($L$32=\"\",\"Selecione metodologia para exclusão de preços\",AVERAGE(IF($L$10:$L$29=\"Sim\",$K$10:$K$29)))","v":20.886666666666667},null,"Média (Cotações)",{"$f":"IF(COUNTIF(O19:O29,\"Sim\")<3,\"N/D (são necessários pelo menos 3 preços)\",AVERAGE(IF(O19:O29=\"Sim\",$K19:$K29)))","v":20.886666666666667},{"$f":"IF(COUNTIF(P19:P29,\"Sim\")<3,\"N/D (são necessários pelo menos 3 preços)\",AVERAGE(IF(P19:P29=\"Sim\",$K19:$K29)))","v":"N/D (são necessários pelo menos 3 preços)"}]
[{"$nulls":10},"Mediana:",{"$f":"IF($L$32=\"\",\"Selecione metodologia para exclusão de preços\",MEDIAN(IF($L$10:$L$29=\"Sim\",$K$10:$K$29)))","v":18.760000000000002},null,"Mediana (Cotações)",{"$f":"IF(COUNTIF(O19:O29,\"Sim\")<3,\"N/D (são necessários pelo menos 3 preços)\",MEDIAN(IF(O19:O29=\"Sim\",$K19:$K29)))","v":18.760000000000002},{"$f":"IF(COUNTIF(P19:P29,\"Sim\")<3,\"N/D (são necessários pelo menos 3 preços)\",MEDIAN(IF(P19:P29=\"Sim\",$K19:$K29)))","v":"N/D (são necessários pelo menos 3 preços)"}]
[null,"Metodologia de exclusão de preços adotada:",{"$nulls":9},{"$f":"IF(O35=\"\",INDEX(O18:P18,MATCH(MIN(#REF!),#REF!,0)),O35)","v":"Outliers"},null,"CV (Cotações)",{"$f":"IF(COUNTIF(O19:O29,\"Sim\")<3,\"N/D (são necessários pelo menos 3 preços)\",_xlfn.STDEV.S(IF(O19:O29=\"Sim\",$K19:$K29))/AVERAGE(IF(O19:O29=\"Sim\",$K19:$K29)))","v":0.62625171896947929},{"$f":"IF(COUNTIF(P19:P29,\"Sim\")<3,\"N/D (são necessários pelo menos 3 preços)\",_xlfn.STDEV.S(IF(P19:P29=\"Sim\",$K19:$K29))/AVERAGE(IF(P19:P29=\"Sim\",$K19:$K29)))","v":"N/D (são necessários pelo menos 3 preços)"}]
[{"$nulls":13},"Média",{"$f":"IF(SUM(COUNTIF($O$10:$O$16,\"Sim\")) + SUM(COUNTIF(O19:O29,\"Sim\")) < 3,\n   \"N/D (são necessários pelo menos 3 preços)\",\n   IFERROR(AVERAGE(_xlfn._xlws.FILTER($K$10:$K$16,$O$10:$O$16=\"Sim\"), _xlfn._xlws.FILTER($K$19:$K$29,O19:O29=\"Sim\")),O30))","v":20.886666666666667},{"$f":"IF(SUM(COUNTIF($P$10:$P$16,\"Sim\")) + SUM(COUNTIF(P19:P29,\"Sim\")) < 3,\n   \"N/D (são necessários pelo menos 3 preços)\",\n   IFERROR(AVERAGE(_xlfn._xlws.FILTER($K$10:$K$16,$P$10:$P$16=\"Sim\"), _xlfn._xlws.FILTER($K$19:$K$29,P19:P29=\"Sim\")),P30))","v":"N/D (são necessários pelo menos 3 preços)"}]
[{"$nulls":13},"Mediana",{"$f":"IF(SUM(COUNTIF($O$10:$O$16,\"Sim\")) + SUM(COUNTIF(O19:O29,\"Sim\")) < 3,\n   \"N/D (são necessários pelo menos 3 preços)\",\n   IFERROR(MEDIAN(_xlfn._xlws.FILTER($K$10:$K$16,$O$10:$O$16=\"Sim\"), _xlfn._xlws.FILTER($K$19:$K$29,O19:O29=\"Sim\")),O31))","v":18.760000000000002},{"$f":"IF(SUM(COUNTIF($P10:$P$16,\"Sim\")) + SUM(COUNTIF(P19:P29,\"Sim\")) < 3,\n   \"N/D (são necessários pelo menos 3 preços)\",\n   IFERROR(MEDIAN(_xlfn._xlws.FILTER($K$10:$K$16,$P$10:$P$16=\"Sim\"), _xlfn._xlws.FILTER($K$19:$K$29,P19:P29=\"Sim\")),P31))","v":"N/D (são necessários pelo menos 3 preços)"}]
[null,"COSOLIDAÇÃO DOS PREÇOS",{"$nulls":11},"Metodologia a adotar:",{"$f":"IF(INDEX(O18:P18,P35)=0,\"\",INDEX(O18:P18,P35))","v":"Outliers"},1]
[]
[null,"PREÇO UNITÁRIO ESTIMADO ADOTADO:",{"$nulls":9},{"$f":"IF($B$39=\"Mediana:\",L31,L30)","v":18.760000000000002}]
[]
[{"$f":"O18","v":"Outliers"},"Mediana:"]

{"sheet":"Japona","index":43,"n_rows":39,"n_cols":16,"rows_kept":39,"cut":false,"hidden":true,"merged":[[16,1,16,11],[16,14,16,15],[0,0,0,6],[6,2,6,7],[6,14,6,15],[7,1,7,11],[7,14,7,15],[28,1,28,8],[17,1,17,8],[18,1,18,8],[19,1,19,8],[20,1,20,8],[21,1,21,8],[22,1,22,8],[23,1,23,8],[24,1,24,8],[25,1,25,8],[26,1,26,8],[27,1,27,8],[31,1,33,10],[31,11,33,11],[34,1,35,10],[34,11,35,11],[36,1,36,10]]}
[]
[null,"Processo"]
[null,"Responsável"]
[null,"Área de Origem"]
[null,"Data da pesquisa"]
[]
[null,"ITEM:","Blusão de frio tipo japona- Padrão aprovado pelo Corpo de Bombeiros Militar",{"$nulls":5}," - ","Unidade","QUANTIDADE:",1,null,null,"Tabela auxiliar de metodologias para exclusão de preços"]
[null,"LICITAÇÕES ANTERIORES",{"$nulls":12},"Licitações Anteriores"]
[null,"Órgão","Edital/Ano - Nº do Lote / Item","Quantidade","Valor Unitário","Data","índice de atualização (nome)","I0","If","Variação acumulada do índice (%)","Preço unitário atualizado","Utilizar?  (Sim/Não)",null,null,"Outliers","Por critério do(a) analista"]
[{"$nulls":9},{"$f":"IF(ISBLANK(E10),\"\",IF(ISNUMBER(H10),(I10-H10)/H10,0))","v":""},{"$f":"IF(ISBLANK(E10),\"\",E10*(1+J10))","v":""},{"$f":"IF(ISNUMBER(K10),IF($L$32<>$P$9,O10,P10),\"\")","v":""},null,null,{"$f":"IF(ISNUMBER(K10),IF(OR(K10<_xlfn.QUARTILE.INC($K$10:$K$29,1)-1.5*(_xlfn.QUARTILE.INC($K$10:K29,3)-_xlfn.QUARTILE.INC($K$10:$K$29,1)),K10>_xlfn.QUARTILE.INC($K$10:$K$29,3)+1.5*(_xlfn.QUARTILE.INC($K$10:$K$29,3)-_xlfn.QUARTILE.INC($K$10:$K$29,1))),\"Não\",\"Sim\"),\"\")","v":""}]
[{"$nulls":9},{"$f":"IF(ISBLANK(E11),\"\",IF(ISNUMBER(H11),(I11-H11)/H11,0))","v":""},{"$f":"IF(ISBLANK(E11),\"\",E11*(1+J11))","v":""},"",null,null,{"$f":"IF(ISNUMBER(K11),IF(OR(K11<_xlfn.QUARTILE.INC($K$10:$K$29,1)-1.5*(_xlfn.QUARTILE.INC($K$10:K29,3)-_xlfn.QUARTILE.INC($K$10:$K$29,1)),K11>_xlfn.QUARTILE.INC($K$10:$K$29,3)+1.5*(_xlfn.QUARTILE.INC($K$10:$K$29,3)-_xlfn.QUARTILE.INC($K$10:$K$29,1))),\"Não\",\"Sim\"),\"\")","v":""}]
[{"$nulls":9},"","","",null,null,{"$f":"IF(ISNUMBER(K12),IF(OR(K12<_xlfn.QUARTILE.INC($K$10:$K$29,1)-1.5*(_xlfn.QUARTILE.INC($K$10:K30,3)-_xlfn.QUARTILE.INC($K$10:$K$29,1)),K12>_xlfn.QUARTILE.INC($K$10:$K$29,3)+1.5*(_xlfn.QUARTILE.INC($K$10:$K$29,3)-_xlfn.QUARTILE.INC($K$10:$K$29,1))),\"Não\",\"Sim\"),\"\")","v":""}]
[{"$nulls":9},"","","",null,null,{"$f":"IF(ISNUMBER(K13),IF(OR(K13<_xlfn.QUARTILE.INC($K$10:$K$29,1)-1.5*(_xlfn.QUARTILE.INC($K$10:K31,3)-_xlfn.QUARTILE.INC($K$10:$K$29,1)),K13>_xlfn.QUARTILE.INC($K$10:$K$29,3)+1.5*(_xlfn.QUARTILE.INC($K$10:$K$29,3)-_xlfn.QUARTILE.INC($K$10:$K$29,1))),\"Não\",\"Sim\"),\"\")","v":""}]
[{"$nulls":9},"","","",null,null,{"$f":"IF(ISNUMBER(K14),IF(OR(K14<_xlfn.QUARTILE.INC($K$10:$K$29,1)-1.5*(_xlfn.QUARTILE.INC($K$10:K32,3)-_xlfn.QUARTILE.INC($K$10:$K$29,1)),K14>_xlfn.QUARTILE.INC($K$10:$K$29,3)+1.5*(_xlfn.QUARTILE.INC($K$10:$K$29,3)-_xlfn.QUARTILE.INC($K$10:$K$29,1))),\"Não\",\"Sim\"),\"\")","v":""}]
[{"$nulls":9},"","","",null,null,{"$f":"IF(ISNUMBER(K15),IF(OR(K15<_xlfn.QUARTILE.INC($K$10:$K$29,1)-1.5*(_xlfn.QUARTILE.INC($K$10:K35,3)-_xlfn.QUARTILE.INC($K$10:$K$29,1)),K15>_xlfn.QUARTILE.INC($K$10:$K$29,3)+1.5*(_xlfn.QUARTILE.INC($K$10:$K$29,3)-_xlfn.QUARTILE.INC($K$10:$K$29,1))),\"Não\",\"Sim\"),\"\")","v":""}]
[{"$nulls":9},"","","",null,null,{"$f":"IF(ISNUMBER(K16),IF(OR(K16<_xlfn.QUARTILE.INC($K$10:$K$29,1)-1.5*(_xlfn.QUARTILE.INC($I$10:I37,3)-_xlfn.QUARTILE.INC($K$10:$K$29,1)),K16>_xlfn.QUARTILE.INC($K$10:$K$29,3)+1.5*(_xlfn.QUARTILE.INC($K$10:$K$29,3)-_xlfn.QUARTILE.INC($K$10:$K$29,1))),\"Não\",\"Sim\"),\"\")","v":""}]
[null,"COTAÇÕES DE MERCADO",{"$nulls":12},"Cotações"]
[null,"Empresa",{"$nulls":7},"Data","Preço Unitário","Utilizar? (Sim/Não)",null,null,"Outliers","Por critério do(a) analista"]
[null,"Super EPI - https://superepi.com.br/japona-operacional-azul-marinho-vertice-impermeavel-e-termica-ca-28729-p1068037#descricaoCompleta",{"$nulls":7},"2026-04-23",268.14,{"$f":"IF(ISNUMBER(K19),IF($L$32=$O$18,O19,IF($L$32=$P$18,P19,\"\")),\"\")","v":"Sim"},null,null,{"$f":"IF(ISNUMBER(K19),IF(OR(K19<_xlfn.QUARTILE.INC($K$10:$K$29,1)-1.5*(_xlfn.QUARTILE.INC($K$10:$K$29,3)-_xlfn.QUARTILE.INC($K$10:$K$29,1)),K19>_xlfn.QUARTILE.INC($K$10:$K$29,3)+1.5*(_xlfn.QUARTILE.INC($K$10:$K$29,3)-_xlfn.QUARTILE.INC($K$10:$K$29,1))),\"Não\",\"Sim\"),\"\")","v":"Sim"}]
[null,"Comercial WADY - https://www.comercialwady.com.br/epi/japona-operacional-azul-marinho-refletiva-termica-com-capuz-impermeavel?variant_id=821&parceiro=3&srsltid=AfmBOoqAhHGIgDU8_2UG-m1oKVTn_XeJhdGEQ68AjBJrFBtGxh0UlqDHkbY",{"$nulls":7},"2026-04-23",229.88,"Sim",null,null,"Sim"]
[null,"Shopee - https://shopee.com.br/product/287381123/7645943547?gads_t_sig=gqRjZGVrxHCFomtpsTE0MjUxOnRzc19zZGtfa2V5omt20QABpGFsZ2_SAAAAZKNkZWvAomN0xEAAAAAMRvS3L9OTXdZ5FJNxILig8p7lQ7pNpXYtdZAbsM8MQrkGmzJ0eOQRwaQfuYgAF9FAqYvxRTQ9oVrOjPOJqmNpcGhlcnRleHTEcAAAAAzn20zIrovWKOlPGO4-XJ5v8xZyTutRe9P07hvMj6JC8CQDld8pFe1J8jB0xA_70cqS90tcfwSwKMsGrTVwHGmIcj27_cTbqj1Q0gwQ9Iyxt4NLd7VTP5SfZsashEfquMI-uLY2z71II9D2niE",{"$nulls":7},"2026-04-24",332.5,"Sim",null,null,"Sim"]
[{"$nulls":11},"",null,null,""]
[{"$nulls":11},"",null,null,""]
[{"$nulls":11},"",null,null,""]
[{"$nulls":11},"",null,null,""]
[{"$nulls":11},"",null,null,""]
[{"$nulls":11},"",null,null,""]
[{"$nulls":11},"",null,null,""]
[{"$nulls":11},"",null,null,""]
[null,"Observações:",{"$nulls":8},"Média:",{"$f":"IF($L$32=\"\",\"Selecione metodologia para exclusão de preços\",AVERAGE(IF($L$10:$L$29=\"Sim\",$K$10:$K$29)))","v":276.83999999999997},null,"Média (Cotações)",{"$f":"IF(COUNTIF(O19:O29,\"Sim\")<3,\"N/D (são necessários pelo menos 3 preços)\",AVERAGE(IF(O19:O29=\"Sim\",$K19:$K29)))","v":276.83999999999997},{"$f":"IF(COUNTIF(P19:P29,\"Sim\")<3,\"N/D (são necessários pelo menos 3 preços)\",AVERAGE(IF(P19:P29=\"Sim\",$K19:$K29)))","v":"N/D (são necessários pelo menos 3 preços)"}]
[{"$nulls":10},"Mediana:",{"$f":"IF($L$32=\"\",\"Selecione metodologia para exclusão de preços\",MEDIAN(IF($L$10:$L$29=\"Sim\",$K$10:$K$29)))","v":268.14},null,"Mediana (Cotações)",{"$f":"IF(COUNTIF(O19:O29,\"Sim\")<3,\"N/D (são necessários pelo menos 3 preços)\",MEDIAN(IF(O19:O29=\"Sim\",$K19:$K29)))","v":268.14},{"$f":"IF(COUNTIF(P19:P29,\"Sim\")<3,\"N/D (são necessários pelo menos 3 preços)\",MEDIAN(IF(P19:P29=\"Sim\",$K19:$K29)))","v":"N/D (são necessários pelo menos 3 preços)"}]
[null,"Metodologia de exclusão de preços adotada:",{"$nulls":9},{"$f":"IF(O35=\"\",INDEX(O18:P18,MATCH(MIN(#REF!),#REF!,0)),O35)","v":"Outliers"},null,"CV (Cotações)",{"$f":"IF(COUNTIF(O19:O29,\"Sim\")<3,\"N/D (são necessários pelo menos 3 preços)\",_xlfn.STDEV.S(IF(O19:O29=\"Sim\",$K19:$K29))/AVERAGE(IF(O19:O29=\"Sim\",$K19:$K29)))","v":0.18732925658031177},{"$f":"IF(COUNTIF(P19:P29,\"Sim\")<3,\"N/D (são necessários pelo menos 3 preços)\",_xlfn.STDEV.S(IF(P19:P29=\"Sim\",$K19:$K29))/AVERAGE(IF(P19:P29=\"Sim\",$K19:$K29)))","v":"N/D (são necessários pelo menos 3 preços)"}]
[{"$nulls":13},"Média",{"$f":"IF(SUM(COUNTIF($O$10:$O$16,\"Sim\")) + SUM(COUNTIF(O19:O29,\"Sim\")) < 3,\n   \"N/D (são necessários pelo menos 3 preços)\",\n   IFERROR(AVERAGE(_xlfn._xlws.FILTER($K$10:$K$16,$O$10:$O$16=\"Sim\"), _xlfn._xlws.FILTER($K$19:$K$29,O19:O29=\"Sim\")),O30))","v":276.83999999999997},{"$f":"IF(SUM(COUNTIF($P$10:$P$16,\"Sim\")) + SUM(COUNTIF(P19:P29,\"Sim\")) < 3,\n   \"N/D (são necessários pelo menos 3 preços)\",\n   IFERROR(AVERAGE(_xlfn._xlws.FILTER($K$10:$K$16,$P$10:$P$16=\"Sim\"), _xlfn._xlws.FILTER($K$19:$K$29,P19:P29=\"Sim\")),P30))","v":"N/D (são necessários pelo menos 3 preços)"}]
[{"$nulls":13},"Mediana",{"$f":"IF(SUM(COUNTIF($O$10:$O$16,\"Sim\")) + SUM(COUNTIF(O19:O29,\"Sim\")) < 3,\n   \"N/D (são necessários pelo menos 3 preços)\",\n   IFERROR(MEDIAN(_xlfn._xlws.FILTER($K$10:$K$16,$O$10:$O$16=\"Sim\"), _xlfn._xlws.FILTER($K$19:$K$29,O19:O29=\"Sim\")),O31))","v":268.14},{"$f":"IF(SUM(COUNTIF($P10:$P$16,\"Sim\")) + SUM(COUNTIF(P19:P29,\"Sim\")) < 3,\n   \"N/D (são necessários pelo menos 3 preços)\",\n   IFERROR(MEDIAN(_xlfn._xlws.FILTER($K$10:$K$16,$P$10:$P$16=\"Sim\"), _xlfn._xlws.FILTER($K$19:$K$29,P19:P29=\"Sim\")),P31))","v":"N/D (são necessários pelo menos 3 preços)"}]
[null,"COSOLIDAÇÃO DOS PREÇOS",{"$nulls":11},"Metodologia a adotar:",{"$f":"IF(INDEX(O18:P18,P35)=0,\"\",INDEX(O18:P18,P35))","v":"Outliers"},1]
[]
[null,"PREÇO UNITÁRIO ESTIMADO ADOTADO:",{"$nulls":9},{"$f":"IF($B$39=\"Mediana:\",L31,L30)","v":268.14}]
[]
[{"$f":"O18","v":"Outliers"},"Mediana:"]

{"sheet":"Camisa","index":44,"n_rows":39,"n_cols":16,"rows_kept":39,"cut":false,"hidden":true,"merged":[[16,1,16,11],[16,14,16,15],[0,0,0,6],[6,2,6,7],[6,14,6,15],[7,1,7,11],[7,14,7,15],[28,1,28,8],[17,1,17,8],[18,1,18,8],[19,1,19,8],[20,1,20,8],[21,1,21,8],[22,1,22,8],[23,1,23,8],[24,1,24,8],[25,1,25,8],[26,1,26,8],[27,1,27,8],[31,1,33,10],[31,11,33,11],[34,1,35,10],[34,11,35,11],[36,1,36,10]]}
[]
[null,"Processo"]
[null,"Responsável"]
[null,"Área de Origem"]
[null,"Data da pesquisa"]
[]
[null,"ITEM:","Camiseta 100% Algodão, aprovado com logotipo da prestadora de serviço e nome fantasia",{"$nulls":5},"UNIDADE DE MEDIDA:","Unidade","QUANTIDADE:",6,null,null,"Tabela auxiliar de metodologias para exclusão de preços"]
[null,"LICITAÇÕES ANTERIORES",{"$nulls":12},"Licitações Anteriores"]
[null,"Órgão","Edital/Ano - Nº do Lote / Item","Quantidade","Valor Unitário","Data","índice de atualização (nome)","I0","If","Variação acumulada do índice (%)","Preço unitário atualizado","Utilizar?  (Sim/Não)",null,null,"Outliers","Por critério do(a) analista"]
[{"$nulls":9},{"$f":"IF(ISBLANK(E10),\"\",IF(ISNUMBER(H10),(I10-H10)/H10,0))","v":""},{"$f":"IF(ISBLANK(E10),\"\",E10*(1+J10))","v":""},{"$f":"IF(ISNUMBER(K10),IF($L$32<>$P$9,O10,P10),\"\")","v":""},null,null,{"$f":"IF(ISNUMBER(K10),IF(OR(K10<_xlfn.QUARTILE.INC($K$10:$K$29,1)-1.5*(_xlfn.QUARTILE.INC($K$10:K29,3)-_xlfn.QUARTILE.INC($K$10:$K$29,1)),K10>_xlfn.QUARTILE.INC($K$10:$K$29,3)+1.5*(_xlfn.QUARTILE.INC($K$10:$K$29,3)-_xlfn.QUARTILE.INC($K$10:$K$29,1))),\"Não\",\"Sim\"),\"\")","v":""}]
[{"$nulls":9},{"$f":"IF(ISBLANK(E11),\"\",IF(ISNUMBER(H11),(I11-H11)/H11,0))","v":""},{"$f":"IF(ISBLANK(E11),\"\",E11*(1+J11))","v":""},"",null,null,{"$f":"IF(ISNUMBER(K11),IF(OR(K11<_xlfn.QUARTILE.INC($K$10:$K$29,1)-1.5*(_xlfn.QUARTILE.INC($K$10:K29,3)-_xlfn.QUARTILE.INC($K$10:$K$29,1)),K11>_xlfn.QUARTILE.INC($K$10:$K$29,3)+1.5*(_xlfn.QUARTILE.INC($K$10:$K$29,3)-_xlfn.QUARTILE.INC($K$10:$K$29,1))),\"Não\",\"Sim\"),\"\")","v":""}]
[{"$nulls":9},"","","",null,null,{"$f":"IF(ISNUMBER(K12),IF(OR(K12<_xlfn.QUARTILE.INC($K$10:$K$29,1)-1.5*(_xlfn.QUARTILE.INC($K$10:K30,3)-_xlfn.QUARTILE.INC($K$10:$K$29,1)),K12>_xlfn.QUARTILE.INC($K$10:$K$29,3)+1.5*(_xlfn.QUARTILE.INC($K$10:$K$29,3)-_xlfn.QUARTILE.INC($K$10:$K$29,1))),\"Não\",\"Sim\"),\"\")","v":""}]
[{"$nulls":9},"","","",null,null,{"$f":"IF(ISNUMBER(K13),IF(OR(K13<_xlfn.QUARTILE.INC($K$10:$K$29,1)-1.5*(_xlfn.QUARTILE.INC($K$10:K31,3)-_xlfn.QUARTILE.INC($K$10:$K$29,1)),K13>_xlfn.QUARTILE.INC($K$10:$K$29,3)+1.5*(_xlfn.QUARTILE.INC($K$10:$K$29,3)-_xlfn.QUARTILE.INC($K$10:$K$29,1))),\"Não\",\"Sim\"),\"\")","v":""}]
[{"$nulls":9},"","","",null,null,{"$f":"IF(ISNUMBER(K14),IF(OR(K14<_xlfn.QUARTILE.INC($K$10:$K$29,1)-1.5*(_xlfn.QUARTILE.INC($K$10:K32,3)-_xlfn.QUARTILE.INC($K$10:$K$29,1)),K14>_xlfn.QUARTILE.INC($K$10:$K$29,3)+1.5*(_xlfn.QUARTILE.INC($K$10:$K$29,3)-_xlfn.QUARTILE.INC($K$10:$K$29,1))),\"Não\",\"Sim\"),\"\")","v":""}]
[{"$nulls":9},"","","",null,null,{"$f":"IF(ISNUMBER(K15),IF(OR(K15<_xlfn.QUARTILE.INC($K$10:$K$29,1)-1.5*(_xlfn.QUARTILE.INC($K$10:K35,3)-_xlfn.QUARTILE.INC($K$10:$K$29,1)),K15>_xlfn.QUARTILE.INC($K$10:$K$29,3)+1.5*(_xlfn.QUARTILE.INC($K$10:$K$29,3)-_xlfn.QUARTILE.INC($K$10:$K$29,1))),\"Não\",\"Sim\"),\"\")","v":""}]
[{"$nulls":9},"","","",null,null,{"$f":"IF(ISNUMBER(K16),IF(OR(K16<_xlfn.QUARTILE.INC($K$10:$K$29,1)-1.5*(_xlfn.QUARTILE.INC($I$10:I37,3)-_xlfn.QUARTILE.INC($K$10:$K$29,1)),K16>_xlfn.QUARTILE.INC($K$10:$K$29,3)+1.5*(_xlfn.QUARTILE.INC($K$10:$K$29,3)-_xlfn.QUARTILE.INC($K$10:$K$29,1))),\"Não\",\"Sim\"),\"\")","v":""}]
[null,"COTAÇÕES DE MERCADO",{"$nulls":12},"Cotações"]
[null,"Empresa",{"$nulls":7},"Data","Preço Unitário","Utilizar? (Sim/Não)",null,null,"Outliers","Por critério do(a) analista"]
[null,"Amazon - https://www.amazon.com.br/Camiseta-Masculina-Algod%C3%A3o-Premium-B%C3%A1sicas/dp/B0D4C7ZFRH/ref=asc_df_B0D4C7ZFRH?mcid=21e0d6d0bcb231899f16f3387e0d112e&tag=googleshopp00-20&linkCode=df0&hvadid=713646718495&hvpos=&hvnetw=g&hvrand=5159020338684974895&hvpone=&hvptwo=&hvqmt=&hvdev=c&hvdvcmdl=&hvlocint=&hvlocphy=9196708&hvtargid=pla-2387960975994&hvocijid=5159020338684974895-B0D4C7ZFRH-&hvexpln=0&language=pt_BR&th=1&psc=1",{"$nulls":7},"2026-04-17",24.99,{"$f":"IF(ISNUMBER(K19),IF($L$32=$O$18,O19,IF($L$32=$P$18,P19,\"\")),\"\")","v":"Sim"},null,null,{"$f":"IF(ISNUMBER(K19),IF(OR(K19<_xlfn.QUARTILE.INC($K$10:$K$29,1)-1.5*(_xlfn.QUARTILE.INC($K$10:$K$29,3)-_xlfn.QUARTILE.INC($K$10:$K$29,1)),K19>_xlfn.QUARTILE.INC($K$10:$K$29,3)+1.5*(_xlfn.QUARTILE.INC($K$10:$K$29,3)-_xlfn.QUARTILE.INC($K$10:$K$29,1))),\"Não\",\"Sim\"),\"\")","v":"Sim"}]
[null,"Mirante - https://www.lojamirante.com.br/p/camisetas-algodao/camiseta-basica-masculina/unit/camiseta-de-algodao-premium-branca?utm_source=google&utm_content=&utm_campaign=22938050598&gad_source=1&gad_campaignid=22948068184&gbraid=0AAAAADLX411kNML5xmWWaq56ibUO_t634&gclid=CjwKCAjwtIfPBhAzEiwAv9RTJgYGITTKV84Sckr0Ztk5bMXE4EFC9yiRff9v4TnVm0ZCbvwvG2YkORoCNCsQAvD_BwE",{"$nulls":7},"2026-04-17",43.9,"Sim",null,null,"Sim"]
[null,"UP Básico - https://www.upbasico.com.br/camisetas-masculinas/camiseta-masculina-basica-lisa-100-algodao?parceiro=2527&variant_id=4510&gad_source=1&gad_campaignid=18531574284&gbraid=0AAAAAo-RI5wdW8im8aBDNN2J6_PjHWVNz&gclid=CjwKCAjwtIfPBhAzEiwAv9RTJqlBhxUl-AuPtRY9xuRqMrP_-xhzPjlKi58JbiiN3pdLnAFBO9kk6RoCLtwQAvD_BwE",{"$nulls":7},"2026-04-17",19.899999999999999,"Sim",null,null,"Sim"]
[{"$nulls":11},"",null,null,""]
[{"$nulls":11},"",null,null,""]
[{"$nulls":11},"",null,null,""]
[{"$nulls":11},"",null,null,""]
[{"$nulls":11},"",null,null,""]
[{"$nulls":11},"",null,null,""]
[{"$nulls":11},"",null,null,""]
[{"$nulls":11},"",null,null,""]
[null,"Observações:",{"$nulls":8},"Média:",{"$f":"IF($L$32=\"\",\"Selecione metodologia para exclusão de preços\",AVERAGE(IF($L$10:$L$29=\"Sim\",$K$10:$K$29)))","v":29.596666666666664},null,"Média (Cotações)",{"$f":"IF(COUNTIF(O19:O29,\"Sim\")<3,\"N/D (são necessários pelo menos 3 preços)\",AVERAGE(IF(O19:O29=\"Sim\",$K19:$K29)))","v":29.596666666666664},{"$f":"IF(COUNTIF(P19:P29,\"Sim\")<3,\"N/D (são necessários pelo menos 3 preços)\",AVERAGE(IF(P19:P29=\"Sim\",$K19:$K29)))","v":"N/D (são necessários pelo menos 3 preços)"}]
[{"$nulls":10},"Mediana:",{"$f":"IF($L$32=\"\",\"Selecione metodologia para exclusão de preços\",MEDIAN(IF($L$10:$L$29=\"Sim\",$K$10:$K$29)))","v":24.99},null,"Mediana (Cotações)",{"$f":"IF(COUNTIF(O19:O29,\"Sim\")<3,\"N/D (são necessários pelo menos 3 preços)\",MEDIAN(IF(O19:O29=\"Sim\",$K19:$K29)))","v":24.99},{"$f":"IF(COUNTIF(P19:P29,\"Sim\")<3,\"N/D (são necessários pelo menos 3 preços)\",MEDIAN(IF(P19:P29=\"Sim\",$K19:$K29)))","v":"N/D (são necessários pelo menos 3 preços)"}]
[null,"Metodologia de exclusão de preços adotada:",{"$nulls":9},{"$f":"IF(O35=\"\",INDEX(O18:P18,MATCH(MIN(#REF!),#REF!,0)),O35)","v":"Outliers"},null,"CV (Cotações)",{"$f":"IF(COUNTIF(O19:O29,\"Sim\")<3,\"N/D (são necessários pelo menos 3 preços)\",_xlfn.STDEV.S(IF(O19:O29=\"Sim\",$K19:$K29))/AVERAGE(IF(O19:O29=\"Sim\",$K19:$K29)))","v":0.4272707894304365},{"$f":"IF(COUNTIF(P19:P29,\"Sim\")<3,\"N/D (são necessários pelo menos 3 preços)\",_xlfn.STDEV.S(IF(P19:P29=\"Sim\",$K19:$K29))/AVERAGE(IF(P19:P29=\"Sim\",$K19:$K29)))","v":"N/D (são necessários pelo menos 3 preços)"}]
[{"$nulls":13},"Média",{"$f":"IF(SUM(COUNTIF($O$10:$O$16,\"Sim\")) + SUM(COUNTIF(O19:O29,\"Sim\")) < 3,\n   \"N/D (são necessários pelo menos 3 preços)\",\n   IFERROR(AVERAGE(_xlfn._xlws.FILTER($K$10:$K$16,$O$10:$O$16=\"Sim\"), _xlfn._xlws.FILTER($K$19:$K$29,O19:O29=\"Sim\")),O30))","v":29.596666666666664},{"$f":"IF(SUM(COUNTIF($P$10:$P$16,\"Sim\")) + SUM(COUNTIF(P19:P29,\"Sim\")) < 3,\n   \"N/D (são necessários pelo menos 3 preços)\",\n   IFERROR(AVERAGE(_xlfn._xlws.FILTER($K$10:$K$16,$P$10:$P$16=\"Sim\"), _xlfn._xlws.FILTER($K$19:$K$29,P19:P29=\"Sim\")),P30))","v":"N/D (são necessários pelo menos 3 preços)"}]
[{"$nulls":13},"Mediana",{"$f":"IF(SUM(COUNTIF($O$10:$O$16,\"Sim\")) + SUM(COUNTIF(O19:O29,\"Sim\")) < 3,\n   \"N/D (são necessários pelo menos 3 preços)\",\n   IFERROR(MEDIAN(_xlfn._xlws.FILTER($K$10:$K$16,$O$10:$O$16=\"Sim\"), _xlfn._xlws.FILTER($K$19:$K$29,O19:O29=\"Sim\")),O31))","v":24.99},{"$f":"IF(SUM(COUNTIF($P10:$P$16,\"Sim\")) + SUM(COUNTIF(P19:P29,\"Sim\")) < 3,\n   \"N/D (são necessários pelo menos 3 preços)\",\n   IFERROR(MEDIAN(_xlfn._xlws.FILTER($K$10:$K$16,$P$10:$P$16=\"Sim\"), _xlfn._xlws.FILTER($K$19:$K$29,P19:P29=\"Sim\")),P31))","v":"N/D (são necessários pelo menos 3 preços)"}]
[null,"COSOLIDAÇÃO DOS PREÇOS",{"$nulls":11},"Metodologia a adotar:",{"$f":"IF(INDEX(O18:P18,P35)=0,\"\",INDEX(O18:P18,P35))","v":"Outliers"},1]
[]
[null,"PREÇO UNITÁRIO ESTIMADO ADOTADO:",{"$nulls":9},{"$f":"IF($B$39=\"Mediana:\",L31,L30)","v":24.99}]
[]
[{"$f":"O18","v":"Outliers"},"Mediana:"]

{"sheet":"Bota","index":45,"n_rows":39,"n_cols":16,"rows_kept":39,"cut":false,"hidden":true,"merged":[[16,1,16,11],[16,14,16,15],[0,0,0,6],[6,2,6,7],[6,14,6,15],[7,1,7,11],[7,14,7,15],[28,1,28,8],[17,1,17,8],[18,1,18,8],[19,1,19,8],[20,1,20,8],[21,1,21,8],[22,1,22,8],[23,1,23,8],[24,1,24,8],[25,1,25,8],[26,1,26,8],[27,1,27,8],[31,1,33,10],[31,11,33,11],[34,1,35,10],[34,11,35,11],[36,1,36,10]]}
[]
[null,"Processo"]
[null,"Responsável"]
[null,"Área de Origem"]
[null,"Data da pesquisa"]
[]
[null,"ITEM:","Coturno (par) ",{"$nulls":5},"UNIDADE DE MEDIDA:","Unidade","QUANTIDADE:",1,null,null,"Tabela auxiliar de metodologias para exclusão de preços"]
[null,"LICITAÇÕES ANTERIORES",{"$nulls":12},"Licitações Anteriores"]
[null,"Órgão","Edital/Ano - Nº do Lote / Item","Quantidade","Valor Unitário","Data","índice de atualização (nome)","I0","If","Variação acumulada do índice (%)","Preço unitário atualizado","Utilizar?  (Sim/Não)",null,null,"Outliers","Por critério do(a) analista"]
[{"$nulls":9},{"$f":"IF(ISBLANK(E10),\"\",IF(ISNUMBER(H10),(I10-H10)/H10,0))","v":""},{"$f":"IF(ISBLANK(E10),\"\",E10*(1+J10))","v":""},{"$f":"IF(ISNUMBER(K10),IF($L$32<>$P$9,O10,P10),\"\")","v":""},null,null,{"$f":"IF(ISNUMBER(K10),IF(OR(K10<_xlfn.QUARTILE.INC($K$10:$K$29,1)-1.5*(_xlfn.QUARTILE.INC($K$10:K29,3)-_xlfn.QUARTILE.INC($K$10:$K$29,1)),K10>_xlfn.QUARTILE.INC($K$10:$K$29,3)+1.5*(_xlfn.QUARTILE.INC($K$10:$K$29,3)-_xlfn.QUARTILE.INC($K$10:$K$29,1))),\"Não\",\"Sim\"),\"\")","v":""}]
[{"$nulls":9},{"$f":"IF(ISBLANK(E11),\"\",IF(ISNUMBER(H11),(I11-H11)/H11,0))","v":""},{"$f":"IF(ISBLANK(E11),\"\",E11*(1+J11))","v":""},"",null,null,{"$f":"IF(ISNUMBER(K11),IF(OR(K11<_xlfn.QUARTILE.INC($K$10:$K$29,1)-1.5*(_xlfn.QUARTILE.INC($K$10:K29,3)-_xlfn.QUARTILE.INC($K$10:$K$29,1)),K11>_xlfn.QUARTILE.INC($K$10:$K$29,3)+1.5*(_xlfn.QUARTILE.INC($K$10:$K$29,3)-_xlfn.QUARTILE.INC($K$10:$K$29,1))),\"Não\",\"Sim\"),\"\")","v":""}]
[{"$nulls":9},"","","",null,null,{"$f":"IF(ISNUMBER(K12),IF(OR(K12<_xlfn.QUARTILE.INC($K$10:$K$29,1)-1.5*(_xlfn.QUARTILE.INC($K$10:K30,3)-_xlfn.QUARTILE.INC($K$10:$K$29,1)),K12>_xlfn.QUARTILE.INC($K$10:$K$29,3)+1.5*(_xlfn.QUARTILE.INC($K$10:$K$29,3)-_xlfn.QUARTILE.INC($K$10:$K$29,1))),\"Não\",\"Sim\"),\"\")","v":""}]
[{"$nulls":9},"","","",null,null,{"$f":"IF(ISNUMBER(K13),IF(OR(K13<_xlfn.QUARTILE.INC($K$10:$K$29,1)-1.5*(_xlfn.QUARTILE.INC($K$10:K31,3)-_xlfn.QUARTILE.INC($K$10:$K$29,1)),K13>_xlfn.QUARTILE.INC($K$10:$K$29,3)+1.5*(_xlfn.QUARTILE.INC($K$10:$K$29,3)-_xlfn.QUARTILE.INC($K$10:$K$29,1))),\"Não\",\"Sim\"),\"\")","v":""}]
[{"$nulls":9},"","","",null,null,{"$f":"IF(ISNUMBER(K14),IF(OR(K14<_xlfn.QUARTILE.INC($K$10:$K$29,1)-1.5*(_xlfn.QUARTILE.INC($K$10:K32,3)-_xlfn.QUARTILE.INC($K$10:$K$29,1)),K14>_xlfn.QUARTILE.INC($K$10:$K$29,3)+1.5*(_xlfn.QUARTILE.INC($K$10:$K$29,3)-_xlfn.QUARTILE.INC($K$10:$K$29,1))),\"Não\",\"Sim\"),\"\")","v":""}]
[{"$nulls":9},"","","",null,null,{"$f":"IF(ISNUMBER(K15),IF(OR(K15<_xlfn.QUARTILE.INC($K$10:$K$29,1)-1.5*(_xlfn.QUARTILE.INC($K$10:K35,3)-_xlfn.QUARTILE.INC($K$10:$K$29,1)),K15>_xlfn.QUARTILE.INC($K$10:$K$29,3)+1.5*(_xlfn.QUARTILE.INC($K$10:$K$29,3)-_xlfn.QUARTILE.INC($K$10:$K$29,1))),\"Não\",\"Sim\"),\"\")","v":""}]
[{"$nulls":9},"","","",null,null,{"$f":"IF(ISNUMBER(K16),IF(OR(K16<_xlfn.QUARTILE.INC($K$10:$K$29,1)-1.5*(_xlfn.QUARTILE.INC($I$10:I37,3)-_xlfn.QUARTILE.INC($K$10:$K$29,1)),K16>_xlfn.QUARTILE.INC($K$10:$K$29,3)+1.5*(_xlfn.QUARTILE.INC($K$10:$K$29,3)-_xlfn.QUARTILE.INC($K$10:$K$29,1))),\"Não\",\"Sim\"),\"\")","v":""}]
[null,"COTAÇÕES DE MERCADO",{"$nulls":12},"Cotações"]
[null,"Empresa",{"$nulls":7},"Data","Preço Unitário","Utilizar? (Sim/Não)",null,null,"Outliers","Por critério do(a) analista"]
[null,"Guartelá - https://www.guartela.com.br/attack-2-dry",{"$nulls":7},"2026-04-17",521.91,{"$f":"IF(ISNUMBER(K19),IF($L$32=$O$18,O19,IF($L$32=$P$18,P19,\"\")),\"\")","v":"Sim"},null,null,{"$f":"IF(ISNUMBER(K19),IF(OR(K19<_xlfn.QUARTILE.INC($K$10:$K$29,1)-1.5*(_xlfn.QUARTILE.INC($K$10:$K$29,3)-_xlfn.QUARTILE.INC($K$10:$K$29,1)),K19>_xlfn.QUARTILE.INC($K$10:$K$29,3)+1.5*(_xlfn.QUARTILE.INC($K$10:$K$29,3)-_xlfn.QUARTILE.INC($K$10:$K$29,1))),\"Não\",\"Sim\"),\"\")","v":"Sim"}]
[null,"Thabel - https://thabel.com.br/products/coturno-militar-masculino-impermeavel-patrol-preto-ca?variant=43043088465979&country=BR&currency=BRL&utm_medium=product_sync&utm_source=google&utm_content=sag_organic&utm_campaign=sag_organic&gad_source=1&gad_campaignid=22988124600&gbraid=0AAAAADtWA5Ta9HfowPeqNO3s1Frf73Xb6&gclid=CjwKCAjwtIfPBhAzEiwAv9RTJoqOzwz5aLlWY9Qdb9ROBh87Ucjf9VI0pzzgsLTdGtUJA-hhdxUpvhoCC9YQAvD_BwE",{"$nulls":7},"2026-04-17",589.9,"Sim",null,null,"Sim"]
[null,"Citerol - https://www.citerol.com.br/coturno-citerol-brute-omega-preto-impermeavel-31-02-0064/p",{"$nulls":7},"2026-04-17",649.99,"Sim",null,null,"Sim"]
[{"$nulls":11},"",null,null,""]
[{"$nulls":11},"",null,null,""]
[{"$nulls":11},"",null,null,""]
[{"$nulls":11},"",null,null,""]
[{"$nulls":11},"",null,null,""]
[{"$nulls":11},"",null,null,""]
[{"$nulls":11},"",null,null,""]
[{"$nulls":11},"",null,null,""]
[null,"Observações:",{"$nulls":8},"Média:",{"$f":"IF($L$32=\"\",\"Selecione metodologia para exclusão de preços\",AVERAGE(IF($L$10:$L$29=\"Sim\",$K$10:$K$29)))","v":587.26666666666665},null,"Média (Cotações)",{"$f":"IF(COUNTIF(O19:O29,\"Sim\")<3,\"N/D (são necessários pelo menos 3 preços)\",AVERAGE(IF(O19:O29=\"Sim\",$K19:$K29)))","v":587.26666666666665},{"$f":"IF(COUNTIF(P19:P29,\"Sim\")<3,\"N/D (são necessários pelo menos 3 preços)\",AVERAGE(IF(P19:P29=\"Sim\",$K19:$K29)))","v":"N/D (são necessários pelo menos 3 preços)"}]
[{"$nulls":10},"Mediana:",{"$f":"IF($L$32=\"\",\"Selecione metodologia para exclusão de preços\",MEDIAN(IF($L$10:$L$29=\"Sim\",$K$10:$K$29)))","v":589.9},null,"Mediana (Cotações)",{"$f":"IF(COUNTIF(O19:O29,\"Sim\")<3,\"N/D (são necessários pelo menos 3 preços)\",MEDIAN(IF(O19:O29=\"Sim\",$K19:$K29)))","v":589.9},{"$f":"IF(COUNTIF(P19:P29,\"Sim\")<3,\"N/D (são necessários pelo menos 3 preços)\",MEDIAN(IF(P19:P29=\"Sim\",$K19:$K29)))","v":"N/D (são necessários pelo menos 3 preços)"}]
[null,"Metodologia de exclusão de preços adotada:",{"$nulls":9},{"$f":"IF(O35=\"\",INDEX(O18:P18,MATCH(MIN(#REF!),#REF!,0)),O35)","v":"Outliers"},null,"CV (Cotações)",{"$f":"IF(COUNTIF(O19:O29,\"Sim\")<3,\"N/D (são necessários pelo menos 3 preços)\",_xlfn.STDEV.S(IF(O19:O29=\"Sim\",$K19:$K29))/AVERAGE(IF(O19:O29=\"Sim\",$K19:$K29)))","v":0.10911668736420312},{"$f":"IF(COUNTIF(P19:P29,\"Sim\")<3,\"N/D (são necessários pelo menos 3 preços)\",_xlfn.STDEV.S(IF(P19:P29=\"Sim\",$K19:$K29))/AVERAGE(IF(P19:P29=\"Sim\",$K19:$K29)))","v":"N/D (são necessários pelo menos 3 preços)"}]
[{"$nulls":13},"Média",{"$f":"IF(SUM(COUNTIF($O$10:$O$16,\"Sim\")) + SUM(COUNTIF(O19:O29,\"Sim\")) < 3,\n   \"N/D (são necessários pelo menos 3 preços)\",\n   IFERROR(AVERAGE(_xlfn._xlws.FILTER($K$10:$K$16,$O$10:$O$16=\"Sim\"), _xlfn._xlws.FILTER($K$19:$K$29,O19:O29=\"Sim\")),O30))","v":587.26666666666665},{"$f":"IF(SUM(COUNTIF($P$10:$P$16,\"Sim\")) + SUM(COUNTIF(P19:P29,\"Sim\")) < 3,\n   \"N/D (são necessários pelo menos 3 preços)\",\n   IFERROR(AVERAGE(_xlfn._xlws.FILTER($K$10:$K$16,$P$10:$P$16=\"Sim\"), _xlfn._xlws.FILTER($K$19:$K$29,P19:P29=\"Sim\")),P30))","v":"N/D (são necessários pelo menos 3 preços)"}]
[{"$nulls":13},"Mediana",{"$f":"IF(SUM(COUNTIF($O$10:$O$16,\"Sim\")) + SUM(COUNTIF(O19:O29,\"Sim\")) < 3,\n   \"N/D (são necessários pelo menos 3 preços)\",\n   IFERROR(MEDIAN(_xlfn._xlws.FILTER($K$10:$K$16,$O$10:$O$16=\"Sim\"), _xlfn._xlws.FILTER($K$19:$K$29,O19:O29=\"Sim\")),O31))","v":589.9},{"$f":"IF(SUM(COUNTIF($P10:$P$16,\"Sim\")) + SUM(COUNTIF(P19:P29,\"Sim\")) < 3,\n   \"N/D (são necessários pelo menos 3 preços)\",\n   IFERROR(MEDIAN(_xlfn._xlws.FILTER($K$10:$K$16,$P$10:$P$16=\"Sim\"), _xlfn._xlws.FILTER($K$19:$K$29,P19:P29=\"Sim\")),P31))","v":"N/D (são necessários pelo menos 3 preços)"}]
[null,"COSOLIDAÇÃO DOS PREÇOS",{"$nulls":11},"Metodologia a adotar:",{"$f":"IF(INDEX(O18:P18,P35)=0,\"\",INDEX(O18:P18,P35))","v":"Outliers"},1]
[]
[null,"PREÇO UNITÁRIO ESTIMADO ADOTADO:",{"$nulls":9},{"$f":"IF($B$39=\"Mediana:\",L31,L30)","v":587.26666666666665}]
[]
[{"$f":"O18","v":"Outliers"},"Média:"]

{"sheet":"Pochete","index":46,"n_rows":39,"n_cols":16,"rows_kept":39,"cut":false,"hidden":true,"merged":[[16,1,16,11],[16,14,16,15],[0,0,0,6],[6,2,6,7],[6,14,6,15],[7,1,7,11],[7,14,7,15],[28,1,28,8],[17,1,17,8],[18,1,18,8],[19,1,19,8],[20,1,20,8],[21,1,21,8],[22,1,22,8],[23,1,23,8],[24,1,24,8],[25,1,25,8],[26,1,26,8],[27,1,27,8],[31,1,33,10],[31,11,33,11],[34,1,35,10],[34,11,35,11],[36,1,36,10]]}
[]
[null,"Processo"]
[null,"Responsável"]
[null,"Área de Origem"]
[null,"Data da pesquisa"]
[]
[null,"ITEM:","Pochete confeccionada em tecido nylon, com duas divisórias para colocar tesoura, luvas, RCP, gaze e atadura.",{"$nulls":5}," - ","Unidade","QUANTIDADE:",1,null,null,"Tabela auxiliar de metodologias para exclusão de preços"]
[null,"LICITAÇÕES ANTERIORES",{"$nulls":12},"Licitações Anteriores"]
[null,"Órgão","Edital/Ano - Nº do Lote / Item","Quantidade","Valor Unitário","Data","índice de atualização (nome)","I0","If","Variação acumulada do índice (%)","Preço unitário atualizado","Utilizar?  (Sim/Não)",null,null,"Outliers","Por critério do(a) analista"]
[{"$nulls":9},{"$f":"IF(ISBLANK(E10),\"\",IF(ISNUMBER(H10),(I10-H10)/H10,0))","v":""},{"$f":"IF(ISBLANK(E10),\"\",E10*(1+J10))","v":""},{"$f":"IF(ISNUMBER(K10),IF($L$32<>$P$9,O10,P10),\"\")","v":""},null,null,{"$f":"IF(ISNUMBER(K10),IF(OR(K10<_xlfn.QUARTILE.INC($K$10:$K$29,1)-1.5*(_xlfn.QUARTILE.INC($K$10:K29,3)-_xlfn.QUARTILE.INC($K$10:$K$29,1)),K10>_xlfn.QUARTILE.INC($K$10:$K$29,3)+1.5*(_xlfn.QUARTILE.INC($K$10:$K$29,3)-_xlfn.QUARTILE.INC($K$10:$K$29,1))),\"Não\",\"Sim\"),\"\")","v":""}]
[{"$nulls":9},{"$f":"IF(ISBLANK(E11),\"\",IF(ISNUMBER(H11),(I11-H11)/H11,0))","v":""},{"$f":"IF(ISBLANK(E11),\"\",E11*(1+J11))","v":""},"",null,null,{"$f":"IF(ISNUMBER(K11),IF(OR(K11<_xlfn.QUARTILE.INC($K$10:$K$29,1)-1.5*(_xlfn.QUARTILE.INC($K$10:K29,3)-_xlfn.QUARTILE.INC($K$10:$K$29,1)),K11>_xlfn.QUARTILE.INC($K$10:$K$29,3)+1.5*(_xlfn.QUARTILE.INC($K$10:$K$29,3)-_xlfn.QUARTILE.INC($K$10:$K$29,1))),\"Não\",\"Sim\"),\"\")","v":""}]
[{"$nulls":9},"","","",null,null,{"$f":"IF(ISNUMBER(K12),IF(OR(K12<_xlfn.QUARTILE.INC($K$10:$K$29,1)-1.5*(_xlfn.QUARTILE.INC($K$10:K30,3)-_xlfn.QUARTILE.INC($K$10:$K$29,1)),K12>_xlfn.QUARTILE.INC($K$10:$K$29,3)+1.5*(_xlfn.QUARTILE.INC($K$10:$K$29,3)-_xlfn.QUARTILE.INC($K$10:$K$29,1))),\"Não\",\"Sim\"),\"\")","v":""}]
[{"$nulls":9},"","","",null,null,{"$f":"IF(ISNUMBER(K13),IF(OR(K13<_xlfn.QUARTILE.INC($K$10:$K$29,1)-1.5*(_xlfn.QUARTILE.INC($K$10:K31,3)-_xlfn.QUARTILE.INC($K$10:$K$29,1)),K13>_xlfn.QUARTILE.INC($K$10:$K$29,3)+1.5*(_xlfn.QUARTILE.INC($K$10:$K$29,3)-_xlfn.QUARTILE.INC($K$10:$K$29,1))),\"Não\",\"Sim\"),\"\")","v":""}]
[{"$nulls":9},"","","",null,null,{"$f":"IF(ISNUMBER(K14),IF(OR(K14<_xlfn.QUARTILE.INC($K$10:$K$29,1)-1.5*(_xlfn.QUARTILE.INC($K$10:K32,3)-_xlfn.QUARTILE.INC($K$10:$K$29,1)),K14>_xlfn.QUARTILE.INC($K$10:$K$29,3)+1.5*(_xlfn.QUARTILE.INC($K$10:$K$29,3)-_xlfn.QUARTILE.INC($K$10:$K$29,1))),\"Não\",\"Sim\"),\"\")","v":""}]
[{"$nulls":9},"","","",null,null,{"$f":"IF(ISNUMBER(K15),IF(OR(K15<_xlfn.QUARTILE.INC($K$10:$K$29,1)-1.5*(_xlfn.QUARTILE.INC($K$10:K35,3)-_xlfn.QUARTILE.INC($K$10:$K$29,1)),K15>_xlfn.QUARTILE.INC($K$10:$K$29,3)+1.5*(_xlfn.QUARTILE.INC($K$10:$K$29,3)-_xlfn.QUARTILE.INC($K$10:$K$29,1))),\"Não\",\"Sim\"),\"\")","v":""}]
[{"$nulls":9},"","","",null,null,{"$f":"IF(ISNUMBER(K16),IF(OR(K16<_xlfn.QUARTILE.INC($K$10:$K$29,1)-1.5*(_xlfn.QUARTILE.INC($I$10:I37,3)-_xlfn.QUARTILE.INC($K$10:$K$29,1)),K16>_xlfn.QUARTILE.INC($K$10:$K$29,3)+1.5*(_xlfn.QUARTILE.INC($K$10:$K$29,3)-_xlfn.QUARTILE.INC($K$10:$K$29,1))),\"Não\",\"Sim\"),\"\")","v":""}]
[null,"COTAÇÕES DE MERCADO",{"$nulls":12},"Cotações"]
[null,"Empresa",{"$nulls":7},"Data","Preço Unitário","Utilizar? (Sim/Não)",null,null,"Outliers","Por critério do(a) analista"]
[null,"Couro ART - https://couroart.com.br/produto/pochete-bombeiro-civil/?campaignid=17672119903&adgroupid=&keyword=&device=c&gad_source=1&gad_campaignid=17681361038&gbraid=0AAAAADBtTKm5OPktQaucIYmHG6bkzudxu&gclid=CjwKCAjwqazPBhALEiwAOuXqdLRuEiPWo0y6tg-fbz1GcrRH-ZhxXRSg6WzGyXQntpWJ5eap-q0tWRoC1m8QAvD_BwE",{"$nulls":7},"2026-04-24",21.5,{"$f":"IF(ISNUMBER(K19),IF($L$32=$O$18,O19,IF($L$32=$P$18,P19,\"\")),\"\")","v":"Sim"},null,null,{"$f":"IF(ISNUMBER(K19),IF(OR(K19<_xlfn.QUARTILE.INC($K$10:$K$29,1)-1.5*(_xlfn.QUARTILE.INC($K$10:$K$29,3)-_xlfn.QUARTILE.INC($K$10:$K$29,1)),K19>_xlfn.QUARTILE.INC($K$10:$K$29,3)+1.5*(_xlfn.QUARTILE.INC($K$10:$K$29,3)-_xlfn.QUARTILE.INC($K$10:$K$29,1))),\"Não\",\"Sim\"),\"\")","v":"Sim"}]
[null,"Elo7 - https://www.elo7.com.br/pochete-de-nylon-imperme-vel-personalizado/dp/21037A3?elo7_source=google_pmax&elo7_medium=cpc&elo7_campaign=google-performance-pmax-lembrancinhas-convite&elo7_content=6503506968&elo7_term=&gad_source=1&gad_campaignid=21071023885&gbraid=0AAAAADpqywXt88T5sQEAHlT4N6jTUVlTq&gclid=CjwKCAjwqazPBhALEiwAOuXqdAiV44A6iA7y2boalDJQmhSL_yZOJRWDM8mvjYOAEVF4aezff4qf5xoC6FUQAvD_BwE",{"$nulls":7},"2026-04-24",64.989999999999995,"Sim",null,null,"Sim"]
[null,"Mercado Livre - https://www.mercadolivre.com.br/bornal-pochete-de-perna--socorrista-patch-incluso-7-bolsos/up/MLBU3279898513?pdp_filters=item_id%3AMLB4119620839&from=gshop&matt_tool=36736295&matt_word=&matt_source=google&matt_campaign_id=22090193696&matt_ad_group_id=174661956164&matt_match_type=&matt_network=g&matt_device=c&matt_creative=727914179032&matt_keyword=&matt_ad_position=&matt_ad_type=pla&matt_merchant_id=686799937&matt_product_id=MLBU3279898513&matt_product_partition_id=2387501143387&matt_target_id=pla-2387501143387&cq_src=google_ads&cq_cmp=22090193696&cq_net=g&cq_plt=gp&cq_med=pla&gad_source=4&gad_campaignid=22090193696&gbraid=0AAAAAD93qcD4bjAREtP791lLSH8MyUbp2&gclid=CjwKCAjwqazPBhALEiwAOuXqdNQxzocbmSeEpTqJFH-LAdy8ATZ4SEvW1ZzG_WMffIxCY2kg8ZzwvBoCh3oQAvD_BwE",{"$nulls":7},"2026-04-24",113.92,"Sim",null,null,"Sim"]
[{"$nulls":11},"",null,null,""]
[{"$nulls":11},"",null,null,""]
[{"$nulls":11},"",null,null,""]
[{"$nulls":11},"",null,null,""]
[{"$nulls":11},"",null,null,""]
[{"$nulls":11},"",null,null,""]
[{"$nulls":11},"",null,null,""]
[{"$nulls":11},"",null,null,""]
[null,"Observações:",{"$nulls":8},"Média:",{"$f":"IF($L$32=\"\",\"Selecione metodologia para exclusão de preços\",AVERAGE(IF($L$10:$L$29=\"Sim\",$K$10:$K$29)))","v":66.803333333333327},null,"Média (Cotações)",{"$f":"IF(COUNTIF(O19:O29,\"Sim\")<3,\"N/D (são necessários pelo menos 3 preços)\",AVERAGE(IF(O19:O29=\"Sim\",$K19:$K29)))","v":66.803333333333327},{"$f":"IF(COUNTIF(P19:P29,\"Sim\")<3,\"N/D (são necessários pelo menos 3 preços)\",AVERAGE(IF(P19:P29=\"Sim\",$K19:$K29)))","v":"N/D (são necessários pelo menos 3 preços)"}]
[{"$nulls":10},"Mediana:",{"$f":"IF($L$32=\"\",\"Selecione metodologia para exclusão de preços\",MEDIAN(IF($L$10:$L$29=\"Sim\",$K$10:$K$29)))","v":64.989999999999995},null,"Mediana (Cotações)",{"$f":"IF(COUNTIF(O19:O29,\"Sim\")<3,\"N/D (são necessários pelo menos 3 preços)\",MEDIAN(IF(O19:O29=\"Sim\",$K19:$K29)))","v":64.989999999999995},{"$f":"IF(COUNTIF(P19:P29,\"Sim\")<3,\"N/D (são necessários pelo menos 3 preços)\",MEDIAN(IF(P19:P29=\"Sim\",$K19:$K29)))","v":"N/D (são necessários pelo menos 3 preços)"}]
[null,"Metodologia de exclusão de preços adotada:",{"$nulls":9},{"$f":"IF(O35=\"\",INDEX(O18:P18,MATCH(MIN(#REF!),#REF!,0)),O35)","v":"Outliers"},null,"CV (Cotações)",{"$f":"IF(COUNTIF(O19:O29,\"Sim\")<3,\"N/D (são necessários pelo menos 3 preços)\",_xlfn.STDEV.S(IF(O19:O29=\"Sim\",$K19:$K29))/AVERAGE(IF(O19:O29=\"Sim\",$K19:$K29)))","v":0.69213127507179906},{"$f":"IF(COUNTIF(P19:P29,\"Sim\")<3,\"N/D (são necessários pelo menos 3 preços)\",_xlfn.STDEV.S(IF(P19:P29=\"Sim\",$K19:$K29))/AVERAGE(IF(P19:P29=\"Sim\",$K19:$K29)))","v":"N/D (são necessários pelo menos 3 preços)"}]
[{"$nulls":13},"Média",{"$f":"IF(SUM(COUNTIF($O$10:$O$16,\"Sim\")) + SUM(COUNTIF(O19:O29,\"Sim\")) < 3,\n   \"N/D (são necessários pelo menos 3 preços)\",\n   IFERROR(AVERAGE(_xlfn._xlws.FILTER($K$10:$K$16,$O$10:$O$16=\"Sim\"), _xlfn._xlws.FILTER($K$19:$K$29,O19:O29=\"Sim\")),O30))","v":66.803333333333327},{"$f":"IF(SUM(COUNTIF($P$10:$P$16,\"Sim\")) + SUM(COUNTIF(P19:P29,\"Sim\")) < 3,\n   \"N/D (são necessários pelo menos 3 preços)\",\n   IFERROR(AVERAGE(_xlfn._xlws.FILTER($K$10:$K$16,$P$10:$P$16=\"Sim\"), _xlfn._xlws.FILTER($K$19:$K$29,P19:P29=\"Sim\")),P30))","v":"N/D (são necessários pelo menos 3 preços)"}]
[{"$nulls":13},"Mediana",{"$f":"IF(SUM(COUNTIF($O$10:$O$16,\"Sim\")) + SUM(COUNTIF(O19:O29,\"Sim\")) < 3,\n   \"N/D (são necessários pelo menos 3 preços)\",\n   IFERROR(MEDIAN(_xlfn._xlws.FILTER($K$10:$K$16,$O$10:$O$16=\"Sim\"), _xlfn._xlws.FILTER($K$19:$K$29,O19:O29=\"Sim\")),O31))","v":64.989999999999995},{"$f":"IF(SUM(COUNTIF($P10:$P$16,\"Sim\")) + SUM(COUNTIF(P19:P29,\"Sim\")) < 3,\n   \"N/D (são necessários pelo menos 3 preços)\",\n   IFERROR(MEDIAN(_xlfn._xlws.FILTER($K$10:$K$16,$P$10:$P$16=\"Sim\"), _xlfn._xlws.FILTER($K$19:$K$29,P19:P29=\"Sim\")),P31))","v":"N/D (são necessários pelo menos 3 preços)"}]
[null,"COSOLIDAÇÃO DOS PREÇOS",{"$nulls":11},"Metodologia a adotar:",{"$f":"IF(INDEX(O18:P18,P35)=0,\"\",INDEX(O18:P18,P35))","v":"Outliers"},1]
[]
[null,"PREÇO UNITÁRIO ESTIMADO ADOTADO:",{"$nulls":9},{"$f":"IF($B$39=\"Mediana:\",L31,L30)","v":64.989999999999995}]
[]
[{"$f":"O18","v":"Outliers"},"Mediana:"]

{"sheet":"Meia ","index":47,"n_rows":39,"n_cols":16,"rows_kept":39,"cut":false,"hidden":true,"merged":[[16,1,16,11],[16,14,16,15],[0,0,0,6],[6,2,6,7],[6,14,6,15],[7,1,7,11],[7,14,7,15],[28,1,28,8],[17,1,17,8],[18,1,18,8],[19,1,19,8],[20,1,20,8],[21,1,21,8],[22,1,22,8],[23,1,23,8],[24,1,24,8],[25,1,25,8],[26,1,26,8],[27,1,27,8],[31,1,33,10],[31,11,33,11],[34,1,35,10],[34,11,35,11],[36,1,36,10]]}
[]
[null,"Processo"]
[null,"Responsável"]
[null,"Área de Origem"]
[null,"Data da pesquisa"]
[]
[null,"ITEM:","Meias (par) - Confeccionado em algodão e lycra-cor preta",{"$nulls":5}," - ","Unidade","QUANTIDADE:",1,null,null,"Tabela auxiliar de metodologias para exclusão de preços"]
[null,"LICITAÇÕES ANTERIORES",{"$nulls":12},"Licitações Anteriores"]
[null,"Órgão","Edital/Ano - Nº do Lote / Item","Quantidade","Valor Unitário","Data","índice de atualização (nome)","I0","If","Variação acumulada do índice (%)","Preço unitário atualizado","Utilizar?  (Sim/Não)",null,null,"Outliers","Por critério do(a) analista"]
[{"$nulls":9},{"$f":"IF(ISBLANK(E10),\"\",IF(ISNUMBER(H10),(I10-H10)/H10,0))","v":""},{"$f":"IF(ISBLANK(E10),\"\",E10*(1+J10))","v":""},{"$f":"IF(ISNUMBER(K10),IF($L$32<>$P$9,O10,P10),\"\")","v":""},null,null,{"$f":"IF(ISNUMBER(K10),IF(OR(K10<_xlfn.QUARTILE.INC($K$10:$K$29,1)-1.5*(_xlfn.QUARTILE.INC($K$10:K29,3)-_xlfn.QUARTILE.INC($K$10:$K$29,1)),K10>_xlfn.QUARTILE.INC($K$10:$K$29,3)+1.5*(_xlfn.QUARTILE.INC($K$10:$K$29,3)-_xlfn.QUARTILE.INC($K$10:$K$29,1))),\"Não\",\"Sim\"),\"\")","v":""}]
[{"$nulls":9},{"$f":"IF(ISBLANK(E11),\"\",IF(ISNUMBER(H11),(I11-H11)/H11,0))","v":""},{"$f":"IF(ISBLANK(E11),\"\",E11*(1+J11))","v":""},"",null,null,{"$f":"IF(ISNUMBER(K11),IF(OR(K11<_xlfn.QUARTILE.INC($K$10:$K$29,1)-1.5*(_xlfn.QUARTILE.INC($K$10:K29,3)-_xlfn.QUARTILE.INC($K$10:$K$29,1)),K11>_xlfn.QUARTILE.INC($K$10:$K$29,3)+1.5*(_xlfn.QUARTILE.INC($K$10:$K$29,3)-_xlfn.QUARTILE.INC($K$10:$K$29,1))),\"Não\",\"Sim\"),\"\")","v":""}]
[{"$nulls":9},"","","",null,null,{"$f":"IF(ISNUMBER(K12),IF(OR(K12<_xlfn.QUARTILE.INC($K$10:$K$29,1)-1.5*(_xlfn.QUARTILE.INC($K$10:K30,3)-_xlfn.QUARTILE.INC($K$10:$K$29,1)),K12>_xlfn.QUARTILE.INC($K$10:$K$29,3)+1.5*(_xlfn.QUARTILE.INC($K$10:$K$29,3)-_xlfn.QUARTILE.INC($K$10:$K$29,1))),\"Não\",\"Sim\"),\"\")","v":""}]
[{"$nulls":9},"","","",null,null,{"$f":"IF(ISNUMBER(K13),IF(OR(K13<_xlfn.QUARTILE.INC($K$10:$K$29,1)-1.5*(_xlfn.QUARTILE.INC($K$10:K31,3)-_xlfn.QUARTILE.INC($K$10:$K$29,1)),K13>_xlfn.QUARTILE.INC($K$10:$K$29,3)+1.5*(_xlfn.QUARTILE.INC($K$10:$K$29,3)-_xlfn.QUARTILE.INC($K$10:$K$29,1))),\"Não\",\"Sim\"),\"\")","v":""}]
[{"$nulls":9},"","","",null,null,{"$f":"IF(ISNUMBER(K14),IF(OR(K14<_xlfn.QUARTILE.INC($K$10:$K$29,1)-1.5*(_xlfn.QUARTILE.INC($K$10:K32,3)-_xlfn.QUARTILE.INC($K$10:$K$29,1)),K14>_xlfn.QUARTILE.INC($K$10:$K$29,3)+1.5*(_xlfn.QUARTILE.INC($K$10:$K$29,3)-_xlfn.QUARTILE.INC($K$10:$K$29,1))),\"Não\",\"Sim\"),\"\")","v":""}]
[{"$nulls":9},"","","",null,null,{"$f":"IF(ISNUMBER(K15),IF(OR(K15<_xlfn.QUARTILE.INC($K$10:$K$29,1)-1.5*(_xlfn.QUARTILE.INC($K$10:K35,3)-_xlfn.QUARTILE.INC($K$10:$K$29,1)),K15>_xlfn.QUARTILE.INC($K$10:$K$29,3)+1.5*(_xlfn.QUARTILE.INC($K$10:$K$29,3)-_xlfn.QUARTILE.INC($K$10:$K$29,1))),\"Não\",\"Sim\"),\"\")","v":""}]
[{"$nulls":9},"","","",null,null,{"$f":"IF(ISNUMBER(K16),IF(OR(K16<_xlfn.QUARTILE.INC($K$10:$K$29,1)-1.5*(_xlfn.QUARTILE.INC($I$10:I37,3)-_xlfn.QUARTILE.INC($K$10:$K$29,1)),K16>_xlfn.QUARTILE.INC($K$10:$K$29,3)+1.5*(_xlfn.QUARTILE.INC($K$10:$K$29,3)-_xlfn.QUARTILE.INC($K$10:$K$29,1))),\"Não\",\"Sim\"),\"\")","v":""}]
[null,"COTAÇÕES DE MERCADO",{"$nulls":12},"Cotações"]
[null,"Empresa",{"$nulls":7},"Data","Preço Unitário","Utilizar? (Sim/Não)",null,null,"Outliers","Por critério do(a) analista"]
[null,"Invectus - https://www.invictus.com.br/products/meia-tatica-air-preta?variant=51700137165118&country=BR&currency=BRL&utm_medium=product_sync&utm_source=google&utm_content=sag_organic&utm_campaign=sag_organic&utm_source=google&utm_content=&utm_campaign=22251297032&gad_source=1&gad_campaignid=22244812770&gbraid=0AAAAADMyss1hp-d7LRlcQ_qPJpwiaSwfL&gclid=CjwKCAjwtIfPBhAzEiwAv9RTJvYImBmY82KZiQ98-HSHJiNPrQO7xjt98DNO6fgPVSSq4In6IhVtfBoCH6cQAvD_BwE",{"$nulls":7},"2026-04-17",42,{"$f":"IF(ISNUMBER(K19),IF($L$32=$O$18,O19,IF($L$32=$P$18,P19,\"\")),\"\")","v":"Sim"},null,null,{"$f":"IF(ISNUMBER(K19),IF(OR(K19<_xlfn.QUARTILE.INC($K$10:$K$29,1)-1.5*(_xlfn.QUARTILE.INC($K$10:$K$29,3)-_xlfn.QUARTILE.INC($K$10:$K$29,1)),K19>_xlfn.QUARTILE.INC($K$10:$K$29,3)+1.5*(_xlfn.QUARTILE.INC($K$10:$K$29,3)-_xlfn.QUARTILE.INC($K$10:$K$29,1))),\"Não\",\"Sim\"),\"\")","v":"Sim"}]
[null,"Brunx - https://brunxind.com/meia-cano-alto-algodao-preta-1513196449/p?gad_source=1&gad_campaignid=22916565243&gbraid=0AAAAAoZ1zNebVa6qTh63YEehyZKzEpKG4&gclid=CjwKCAjwtIfPBhAzEiwAv9RTJt3nhq7l2TBpBVbqGK2R3tQGoBnqgU1koTs3qMRVsOxFzp8J1QnjJBoCwNIQAvD_BwE",{"$nulls":7},"2026-04-17",30.99,"Sim",null,null,"Sim"]
[null,"Vistho - https://www.vistho.com.br/meia-de-tenis?gad_source=1&gad_campaignid=22326404141&gbraid=0AAAAACVe2wxwqcBVSm521KH20q9MdhlgW&gclid=CjwKCAjwtIfPBhAzEiwAv9RTJoUfa-IXO9UB2wNHFEoh5daGCCF_QFSR8e_IzB7w9Xb6bajP_w_fTBoCqRMQAvD_BwE",{"$nulls":7},"2026-04-17",38,"Sim",null,null,"Sim"]
[{"$nulls":11},"",null,null,""]
[{"$nulls":11},"",null,null,""]
[{"$nulls":11},"",null,null,""]
[{"$nulls":11},"",null,null,""]
[{"$nulls":11},"",null,null,""]
[{"$nulls":11},"",null,null,""]
[{"$nulls":11},"",null,null,""]
[{"$nulls":11},"",null,null,""]
[null,"Observações:",{"$nulls":8},"Média:",{"$f":"IF($L$32=\"\",\"Selecione metodologia para exclusão de preços\",AVERAGE(IF($L$10:$L$29=\"Sim\",$K$10:$K$29)))","v":36.996666666666663},null,"Média (Cotações)",{"$f":"IF(COUNTIF(O19:O29,\"Sim\")<3,\"N/D (são necessários pelo menos 3 preços)\",AVERAGE(IF(O19:O29=\"Sim\",$K19:$K29)))","v":36.996666666666663},{"$f":"IF(COUNTIF(P19:P29,\"Sim\")<3,\"N/D (são necessários pelo menos 3 preços)\",AVERAGE(IF(P19:P29=\"Sim\",$K19:$K29)))","v":"N/D (são necessários pelo menos 3 preços)"}]
[{"$nulls":10},"Mediana:",{"$f":"IF($L$32=\"\",\"Selecione metodologia para exclusão de preços\",MEDIAN(IF($L$10:$L$29=\"Sim\",$K$10:$K$29)))","v":38},null,"Mediana (Cotações)",{"$f":"IF(COUNTIF(O19:O29,\"Sim\")<3,\"N/D (são necessários pelo menos 3 preços)\",MEDIAN(IF(O19:O29=\"Sim\",$K19:$K29)))","v":38},{"$f":"IF(COUNTIF(P19:P29,\"Sim\")<3,\"N/D (são necessários pelo menos 3 preços)\",MEDIAN(IF(P19:P29=\"Sim\",$K19:$K29)))","v":"N/D (são necessários pelo menos 3 preços)"}]
[null,"Metodologia de exclusão de preços adotada:",{"$nulls":9},{"$f":"IF(O35=\"\",INDEX(O18:P18,MATCH(MIN(#REF!),#REF!,0)),O35)","v":"Outliers"},null,"CV (Cotações)",{"$f":"IF(COUNTIF(O19:O29,\"Sim\")<3,\"N/D (são necessários pelo menos 3 preços)\",_xlfn.STDEV.S(IF(O19:O29=\"Sim\",$K19:$K29))/AVERAGE(IF(O19:O29=\"Sim\",$K19:$K29)))","v":0.15063932537432315},{"$f":"IF(COUNTIF(P19:P29,\"Sim\")<3,\"N/D (são necessários pelo menos 3 preços)\",_xlfn.STDEV.S(IF(P19:P29=\"Sim\",$K19:$K29))/AVERAGE(IF(P19:P29=\"Sim\",$K19:$K29)))","v":"N/D (são necessários pelo menos 3 preços)"}]
[{"$nulls":13},"Média",{"$f":"IF(SUM(COUNTIF($O$10:$O$16,\"Sim\")) + SUM(COUNTIF(O19:O29,\"Sim\")) < 3,\n   \"N/D (são necessários pelo menos 3 preços)\",\n   IFERROR(AVERAGE(_xlfn._xlws.FILTER($K$10:$K$16,$O$10:$O$16=\"Sim\"), _xlfn._xlws.FILTER($K$19:$K$29,O19:O29=\"Sim\")),O30))","v":36.996666666666663},{"$f":"IF(SUM(COUNTIF($P$10:$P$16,\"Sim\")) + SUM(COUNTIF(P19:P29,\"Sim\")) < 3,\n   \"N/D (são necessários pelo menos 3 preços)\",\n   IFERROR(AVERAGE(_xlfn._xlws.FILTER($K$10:$K$16,$P$10:$P$16=\"Sim\"), _xlfn._xlws.FILTER($K$19:$K$29,P19:P29=\"Sim\")),P30))","v":"N/D (são necessários pelo menos 3 preços)"}]
[{"$nulls":13},"Mediana",{"$f":"IF(SUM(COUNTIF($O$10:$O$16,\"Sim\")) + SUM(COUNTIF(O19:O29,\"Sim\")) < 3,\n   \"N/D (são necessários pelo menos 3 preços)\",\n   IFERROR(MEDIAN(_xlfn._xlws.FILTER($K$10:$K$16,$O$10:$O$16=\"Sim\"), _xlfn._xlws.FILTER($K$19:$K$29,O19:O29=\"Sim\")),O31))","v":38},{"$f":"IF(SUM(COUNTIF($P10:$P$16,\"Sim\")) + SUM(COUNTIF(P19:P29,\"Sim\")) < 3,\n   \"N/D (são necessários pelo menos 3 preços)\",\n   IFERROR(MEDIAN(_xlfn._xlws.FILTER($K$10:$K$16,$P$10:$P$16=\"Sim\"), _xlfn._xlws.FILTER($K$19:$K$29,P19:P29=\"Sim\")),P31))","v":"N/D (são necessários pelo menos 3 preços)"}]
[null,"COSOLIDAÇÃO DOS PREÇOS",{"$nulls":11},"Metodologia a adotar:",{"$f":"IF(INDEX(O18:P18,P35)=0,\"\",INDEX(O18:P18,P35))","v":"Outliers"},1]
[]
[null,"PREÇO UNITÁRIO ESTIMADO ADOTADO:",{"$nulls":9},{"$f":"IF($B$39=\"Mediana:\",L31,L30)","v":36.996666666666663}]
[]
[{"$f":"O18","v":"Outliers"},"Média:"]

{"sheet":"Alicate reto","index":48,"n_rows":39,"n_cols":16,"rows_kept":39,"cut":false,"hidden":true,"merged":[[16,1,16,11],[16,14,16,15],[0,0,0,6],[6,2,6,7],[6,14,6,15],[7,1,7,11],[7,14,7,15],[28,1,28,8],[17,1,17,8],[18,1,18,8],[19,1,19,8],[20,1,20,8],[21,1,21,8],[22,1,22,8],[23,1,23,8],[24,1,24,8],[25,1,25,8],[26,1,26,8],[27,1,27,8],[31,1,33,10],[31,11,33,11],[34,1,35,10],[34,11,35,11],[36,1,36,10]]}
[]
[null,"Processo"]
[null,"Responsável"]
[null,"Área de Origem"]
[null,"Data da pesquisa"]
[]
[null,"ITEM:","ALICATE bico meia cana 6 polegadas",{"$nulls":5},"UNIDADE DE MEDIDA:","Unidade","QUANTIDADE:",2,null,null,"Tabela auxiliar de metodologias para exclusão de preços"]
[null,"LICITAÇÕES ANTERIORES",{"$nulls":12},"Licitações Anteriores"]
[null,"Órgão","Edital/Ano - Nº do Lote / Item","Quantidade","Valor Unitário","Data","índice de atualização (nome)","I0","If","Variação acumulada do índice (%)","Preço unitário atualizado","Utilizar?  (Sim/Não)",null,null,"Outliers","Por critério do(a) analista"]
[{"$nulls":9},{"$f":"IF(ISBLANK(E10),\"\",IF(ISNUMBER(H10),(I10-H10)/H10,0))","v":""},{"$f":"IF(ISBLANK(E10),\"\",E10*(1+J10))","v":""},{"$f":"IF(ISNUMBER(K10),IF($L$32<>$P$9,O10,P10),\"\")","v":""},null,null,{"$f":"IF(ISNUMBER(K10),IF(OR(K10<_xlfn.QUARTILE.INC($K$10:$K$29,1)-1.5*(_xlfn.QUARTILE.INC($K$10:K29,3)-_xlfn.QUARTILE.INC($K$10:$K$29,1)),K10>_xlfn.QUARTILE.INC($K$10:$K$29,3)+1.5*(_xlfn.QUARTILE.INC($K$10:$K$29,3)-_xlfn.QUARTILE.INC($K$10:$K$29,1))),\"Não\",\"Sim\"),\"\")","v":""}]
[{"$nulls":9},{"$f":"IF(ISBLANK(E11),\"\",IF(ISNUMBER(H11),(I11-H11)/H11,0))","v":""},{"$f":"IF(ISBLANK(E11),\"\",E11*(1+J11))","v":""},"",null,null,{"$f":"IF(ISNUMBER(K11),IF(OR(K11<_xlfn.QUARTILE.INC($K$10:$K$29,1)-1.5*(_xlfn.QUARTILE.INC($K$10:K29,3)-_xlfn.QUARTILE.INC($K$10:$K$29,1)),K11>_xlfn.QUARTILE.INC($K$10:$K$29,3)+1.5*(_xlfn.QUARTILE.INC($K$10:$K$29,3)-_xlfn.QUARTILE.INC($K$10:$K$29,1))),\"Não\",\"Sim\"),\"\")","v":""}]
[{"$nulls":9},"","","",null,null,{"$f":"IF(ISNUMBER(K12),IF(OR(K12<_xlfn.QUARTILE.INC($K$10:$K$29,1)-1.5*(_xlfn.QUARTILE.INC($K$10:K30,3)-_xlfn.QUARTILE.INC($K$10:$K$29,1)),K12>_xlfn.QUARTILE.INC($K$10:$K$29,3)+1.5*(_xlfn.QUARTILE.INC($K$10:$K$29,3)-_xlfn.QUARTILE.INC($K$10:$K$29,1))),\"Não\",\"Sim\"),\"\")","v":""}]
[{"$nulls":9},"","","",null,null,{"$f":"IF(ISNUMBER(K13),IF(OR(K13<_xlfn.QUARTILE.INC($K$10:$K$29,1)-1.5*(_xlfn.QUARTILE.INC($K$10:K31,3)-_xlfn.QUARTILE.INC($K$10:$K$29,1)),K13>_xlfn.QUARTILE.INC($K$10:$K$29,3)+1.5*(_xlfn.QUARTILE.INC($K$10:$K$29,3)-_xlfn.QUARTILE.INC($K$10:$K$29,1))),\"Não\",\"Sim\"),\"\")","v":""}]
[{"$nulls":9},"","","",null,null,{"$f":"IF(ISNUMBER(K14),IF(OR(K14<_xlfn.QUARTILE.INC($K$10:$K$29,1)-1.5*(_xlfn.QUARTILE.INC($K$10:K32,3)-_xlfn.QUARTILE.INC($K$10:$K$29,1)),K14>_xlfn.QUARTILE.INC($K$10:$K$29,3)+1.5*(_xlfn.QUARTILE.INC($K$10:$K$29,3)-_xlfn.QUARTILE.INC($K$10:$K$29,1))),\"Não\",\"Sim\"),\"\")","v":""}]
[{"$nulls":9},"","","",null,null,{"$f":"IF(ISNUMBER(K15),IF(OR(K15<_xlfn.QUARTILE.INC($K$10:$K$29,1)-1.5*(_xlfn.QUARTILE.INC($K$10:K35,3)-_xlfn.QUARTILE.INC($K$10:$K$29,1)),K15>_xlfn.QUARTILE.INC($K$10:$K$29,3)+1.5*(_xlfn.QUARTILE.INC($K$10:$K$29,3)-_xlfn.QUARTILE.INC($K$10:$K$29,1))),\"Não\",\"Sim\"),\"\")","v":""}]
[{"$nulls":9},"","","",null,null,{"$f":"IF(ISNUMBER(K16),IF(OR(K16<_xlfn.QUARTILE.INC($K$10:$K$29,1)-1.5*(_xlfn.QUARTILE.INC($I$10:I37,3)-_xlfn.QUARTILE.INC($K$10:$K$29,1)),K16>_xlfn.QUARTILE.INC($K$10:$K$29,3)+1.5*(_xlfn.QUARTILE.INC($K$10:$K$29,3)-_xlfn.QUARTILE.INC($K$10:$K$29,1))),\"Não\",\"Sim\"),\"\")","v":""}]
[null,"COTAÇÕES DE MERCADO",{"$nulls":12},"Cotações"]
[null,"Empresa",{"$nulls":7},"Data","Preço Unitário","Utilizar? (Sim/Não)",null,null,"Outliers","Por critério do(a) analista"]
[null,"https://www.amazon.com.br/Alicate-Bico-Meia-Cana-RAYCO/dp/B07NJ4R9L5/ref=asc_df_B07NJ4R9L5?mcid=14556542f1663d328a4e412b7860fc90&tag=googleshopp00-20&linkCode=df0&hvadid=721147801917&hvpos=&hvnetw=g&hvrand=574520544747016542&hvpone=&hvptwo=&hvqmt=&hvdev=c&hvdvcmdl=&hvlocint=&hvlocphy=9196708&hvtargid=pla-2374768376294&psc=1&gad_source=1",{"$nulls":7},"2026-04-23",17.18,{"$f":"IF(ISNUMBER(K19),IF($L$32=$O$18,O19,IF($L$32=$P$18,P19,\"\")),\"\")","v":"Sim"},null,null,{"$f":"IF(ISNUMBER(K19),IF(OR(K19<_xlfn.QUARTILE.INC($K$10:$K$29,1)-1.5*(_xlfn.QUARTILE.INC($K$10:$K$29,3)-_xlfn.QUARTILE.INC($K$10:$K$29,1)),K19>_xlfn.QUARTILE.INC($K$10:$K$29,3)+1.5*(_xlfn.QUARTILE.INC($K$10:$K$29,3)-_xlfn.QUARTILE.INC($K$10:$K$29,1))),\"Não\",\"Sim\"),\"\")","v":"Sim"}]
[null,"https://www.leroymerlin.com.br/alicate-bico-meia-cana-6-tramontina_90779885?store_code=28&gad_source=1&gad_campaignid=23604906371&gbraid=0AAAAADkzLZ5sU151SqcFZMpWzElwZU7uU&gclid=CjwKCAjwhqfPBhBWEiwAZo196hlCfmYcwyD5BQiS0I31Y31rsEHVhwmgnSKilv9ec7f1rtKrv2XaHxoC9WsQAvD_BwE",{"$nulls":7},"2026-04-23",35.9,"Sim",null,null,"Sim"]
[null,"https://www.accoelho.com.br/alicate-bico-meia-cana-6--isolado-1000-v-tramontina-master/p?idsku=2157&gad_source=1&gad_campaignid=23140544044&gbraid=0AAAAABbHGdpeZC9ADYWeszkgxkzhXPRBS&gclid=CjwKCAjwhqfPBhBWEiwAZo196htkC4Aft6rvSJW91U3PMawyiEH651T7FURRPWZjA6thd9ua8xM04BoCAkMQAvD_BwE",{"$nulls":7},"2026-04-23",45.9,"Sim",null,null,"Sim"]
[{"$nulls":11},"",null,null,""]
[{"$nulls":11},"",null,null,""]
[{"$nulls":11},"",null,null,""]
[{"$nulls":11},"",null,null,""]
[{"$nulls":11},"",null,null,""]
[{"$nulls":11},"",null,null,""]
[{"$nulls":11},"",null,null,""]
[{"$nulls":11},"",null,null,""]
[null,"Observações:",{"$nulls":8},"Média:",{"$f":"IF($L$32=\"\",\"Selecione metodologia para exclusão de preços\",AVERAGE(IF($L$10:$L$29=\"Sim\",$K$10:$K$29)))","v":32.993333333333332},null,"Média (Cotações)",{"$f":"IF(COUNTIF(O19:O29,\"Sim\")<3,\"N/D (são necessários pelo menos 3 preços)\",AVERAGE(IF(O19:O29=\"Sim\",$K19:$K29)))","v":32.993333333333332},{"$f":"IF(COUNTIF(P19:P29,\"Sim\")<3,\"N/D (são necessários pelo menos 3 preços)\",AVERAGE(IF(P19:P29=\"Sim\",$K19:$K29)))","v":"N/D (são necessários pelo menos 3 preços)"}]
[{"$nulls":10},"Mediana:",{"$f":"IF($L$32=\"\",\"Selecione metodologia para exclusão de preços\",MEDIAN(IF($L$10:$L$29=\"Sim\",$K$10:$K$29)))","v":35.9},null,"Mediana (Cotações)",{"$f":"IF(COUNTIF(O19:O29,\"Sim\")<3,\"N/D (são necessários pelo menos 3 preços)\",MEDIAN(IF(O19:O29=\"Sim\",$K19:$K29)))","v":35.9},{"$f":"IF(COUNTIF(P19:P29,\"Sim\")<3,\"N/D (são necessários pelo menos 3 preços)\",MEDIAN(IF(P19:P29=\"Sim\",$K19:$K29)))","v":"N/D (são necessários pelo menos 3 preços)"}]
[null,"Metodologia de exclusão de preços adotada:",{"$nulls":9},{"$f":"IF(O35=\"\",INDEX(O18:P18,MATCH(MIN(#REF!),#REF!,0)),O35)","v":"Outliers"},null,"CV (Cotações)",{"$f":"IF(COUNTIF(O19:O29,\"Sim\")<3,\"N/D (são necessários pelo menos 3 preços)\",_xlfn.STDEV.S(IF(O19:O29=\"Sim\",$K19:$K29))/AVERAGE(IF(O19:O29=\"Sim\",$K19:$K29)))","v":0.44187599549968676},{"$f":"IF(COUNTIF(P19:P29,\"Sim\")<3,\"N/D (são necessários pelo menos 3 preços)\",_xlfn.STDEV.S(IF(P19:P29=\"Sim\",$K19:$K29))/AVERAGE(IF(P19:P29=\"Sim\",$K19:$K29)))","v":"N/D (são necessários pelo menos 3 preços)"}]
[{"$nulls":13},"Média",{"$f":"IF(SUM(COUNTIF($O$10:$O$16,\"Sim\")) + SUM(COUNTIF(O19:O29,\"Sim\")) < 3,\n   \"N/D (são necessários pelo menos 3 preços)\",\n   IFERROR(AVERAGE(_xlfn._xlws.FILTER($K$10:$K$16,$O$10:$O$16=\"Sim\"), _xlfn._xlws.FILTER($K$19:$K$29,O19:O29=\"Sim\")),O30))","v":32.993333333333332},{"$f":"IF(SUM(COUNTIF($P$10:$P$16,\"Sim\")) + SUM(COUNTIF(P19:P29,\"Sim\")) < 3,\n   \"N/D (são necessários pelo menos 3 preços)\",\n   IFERROR(AVERAGE(_xlfn._xlws.FILTER($K$10:$K$16,$P$10:$P$16=\"Sim\"), _xlfn._xlws.FILTER($K$19:$K$29,P19:P29=\"Sim\")),P30))","v":"N/D (são necessários pelo menos 3 preços)"}]
[{"$nulls":13},"Mediana",{"$f":"IF(SUM(COUNTIF($O$10:$O$16,\"Sim\")) + SUM(COUNTIF(O19:O29,\"Sim\")) < 3,\n   \"N/D (são necessários pelo menos 3 preços)\",\n   IFERROR(MEDIAN(_xlfn._xlws.FILTER($K$10:$K$16,$O$10:$O$16=\"Sim\"), _xlfn._xlws.FILTER($K$19:$K$29,O19:O29=\"Sim\")),O31))","v":35.9},{"$f":"IF(SUM(COUNTIF($P10:$P$16,\"Sim\")) + SUM(COUNTIF(P19:P29,\"Sim\")) < 3,\n   \"N/D (são necessários pelo menos 3 preços)\",\n   IFERROR(MEDIAN(_xlfn._xlws.FILTER($K$10:$K$16,$P$10:$P$16=\"Sim\"), _xlfn._xlws.FILTER($K$19:$K$29,P19:P29=\"Sim\")),P31))","v":"N/D (são necessários pelo menos 3 preços)"}]
[null,"COSOLIDAÇÃO DOS PREÇOS",{"$nulls":11},"Metodologia a adotar:",{"$f":"IF(INDEX(O18:P18,P35)=0,\"\",INDEX(O18:P18,P35))","v":"Outliers"},1]
[]
[null,"PREÇO UNITÁRIO ESTIMADO ADOTADO:",{"$nulls":9},{"$f":"IF($B$39=\"Mediana:\",L31,L30)","v":32.993333333333332}]
[]
[{"$f":"O18","v":"Outliers"},"Média:"]

{"sheet":"Alicate de corte","index":49,"n_rows":39,"n_cols":16,"rows_kept":39,"cut":false,"hidden":true,"merged":[[16,1,16,11],[16,14,16,15],[0,0,0,6],[6,2,6,7],[6,14,6,15],[7,1,7,11],[7,14,7,15],[28,1,28,8],[17,1,17,8],[18,1,18,8],[19,1,19,8],[20,1,20,8],[21,1,21,8],[22,1,22,8],[23,1,23,8],[24,1,24,8],[25,1,25,8],[26,1,26,8],[27,1,27,8],[31,1,33,10],[31,11,33,11],[34,1,35,10],[34,11,35,11],[36,1,36,10]]}
[]
[null,"Processo"]
[null,"Responsável"]
[null,"Área de Origem"]
[null,"Data da pesquisa"]
[]
[null,"ITEM:","ALICATE corte diagonal 6 polegadas",{"$nulls":5},"UNIDADE DE MEDIDA:",null,"QUANTIDADE:",null,null,null,"Tabela auxiliar de metodologias para exclusão de preços"]
[null,"LICITAÇÕES ANTERIORES",{"$nulls":12},"Licitações Anteriores"]
[null,"Órgão","Edital/Ano - Nº do Lote / Item","Quantidade","Valor Unitário","Data","índice de atualização (nome)","I0","If","Variação acumulada do índice (%)","Preço unitário atualizado","Utilizar?  (Sim/Não)",null,null,"Outliers","Por critério do(a) analista"]
[{"$nulls":9},{"$f":"IF(ISBLANK(E10),\"\",IF(ISNUMBER(H10),(I10-H10)/H10,0))","v":""},{"$f":"IF(ISBLANK(E10),\"\",E10*(1+J10))","v":""},{"$f":"IF(ISNUMBER(K10),IF($L$32<>$P$9,O10,P10),\"\")","v":""},null,null,{"$f":"IF(ISNUMBER(K10),IF(OR(K10<_xlfn.QUARTILE.INC($K$10:$K$29,1)-1.5*(_xlfn.QUARTILE.INC($K$10:K29,3)-_xlfn.QUARTILE.INC($K$10:$K$29,1)),K10>_xlfn.QUARTILE.INC($K$10:$K$29,3)+1.5*(_xlfn.QUARTILE.INC($K$10:$K$29,3)-_xlfn.QUARTILE.INC($K$10:$K$29,1))),\"Não\",\"Sim\"),\"\")","v":""}]
[{"$nulls":9},{"$f":"IF(ISBLANK(E11),\"\",IF(ISNUMBER(H11),(I11-H11)/H11,0))","v":""},{"$f":"IF(ISBLANK(E11),\"\",E11*(1+J11))","v":""},"",null,null,{"$f":"IF(ISNUMBER(K11),IF(OR(K11<_xlfn.QUARTILE.INC($K$10:$K$29,1)-1.5*(_xlfn.QUARTILE.INC($K$10:K29,3)-_xlfn.QUARTILE.INC($K$10:$K$29,1)),K11>_xlfn.QUARTILE.INC($K$10:$K$29,3)+1.5*(_xlfn.QUARTILE.INC($K$10:$K$29,3)-_xlfn.QUARTILE.INC($K$10:$K$29,1))),\"Não\",\"Sim\"),\"\")","v":""}]
[{"$nulls":9},"","","",null,null,{"$f":"IF(ISNUMBER(K12),IF(OR(K12<_xlfn.QUARTILE.INC($K$10:$K$29,1)-1.5*(_xlfn.QUARTILE.INC($K$10:K30,3)-_xlfn.QUARTILE.INC($K$10:$K$29,1)),K12>_xlfn.QUARTILE.INC($K$10:$K$29,3)+1.5*(_xlfn.QUARTILE.INC($K$10:$K$29,3)-_xlfn.QUARTILE.INC($K$10:$K$29,1))),\"Não\",\"Sim\"),\"\")","v":""}]
[{"$nulls":9},"","","",null,null,{"$f":"IF(ISNUMBER(K13),IF(OR(K13<_xlfn.QUARTILE.INC($K$10:$K$29,1)-1.5*(_xlfn.QUARTILE.INC($K$10:K31,3)-_xlfn.QUARTILE.INC($K$10:$K$29,1)),K13>_xlfn.QUARTILE.INC($K$10:$K$29,3)+1.5*(_xlfn.QUARTILE.INC($K$10:$K$29,3)-_xlfn.QUARTILE.INC($K$10:$K$29,1))),\"Não\",\"Sim\"),\"\")","v":""}]
[{"$nulls":9},"","","",null,null,{"$f":"IF(ISNUMBER(K14),IF(OR(K14<_xlfn.QUARTILE.INC($K$10:$K$29,1)-1.5*(_xlfn.QUARTILE.INC($K$10:K32,3)-_xlfn.QUARTILE.INC($K$10:$K$29,1)),K14>_xlfn.QUARTILE.INC($K$10:$K$29,3)+1.5*(_xlfn.QUARTILE.INC($K$10:$K$29,3)-_xlfn.QUARTILE.INC($K$10:$K$29,1))),\"Não\",\"Sim\"),\"\")","v":""}]
[{"$nulls":9},"","","",null,null,{"$f":"IF(ISNUMBER(K15),IF(OR(K15<_xlfn.QUARTILE.INC($K$10:$K$29,1)-1.5*(_xlfn.QUARTILE.INC($K$10:K35,3)-_xlfn.QUARTILE.INC($K$10:$K$29,1)),K15>_xlfn.QUARTILE.INC($K$10:$K$29,3)+1.5*(_xlfn.QUARTILE.INC($K$10:$K$29,3)-_xlfn.QUARTILE.INC($K$10:$K$29,1))),\"Não\",\"Sim\"),\"\")","v":""}]
[{"$nulls":9},"","","",null,null,{"$f":"IF(ISNUMBER(K16),IF(OR(K16<_xlfn.QUARTILE.INC($K$10:$K$29,1)-1.5*(_xlfn.QUARTILE.INC($I$10:I37,3)-_xlfn.QUARTILE.INC($K$10:$K$29,1)),K16>_xlfn.QUARTILE.INC($K$10:$K$29,3)+1.5*(_xlfn.QUARTILE.INC($K$10:$K$29,3)-_xlfn.QUARTILE.INC($K$10:$K$29,1))),\"Não\",\"Sim\"),\"\")","v":""}]
[null,"COTAÇÕES DE MERCADO",{"$nulls":12},"Cotações"]
[null,"Empresa",{"$nulls":7},"Data","Preço Unitário","Utilizar? (Sim/Não)",null,null,"Outliers","Por critério do(a) analista"]
[null,"Loja do Mecânico - https://www.lojadomecanico.com.br/produto/101474/2/468/alicate-de-corte-diagonal-6-pol-mtx-175209/153/?utm_source=google&utm_medium=cpc&utm_campaign=MONKS_GG_F_SHOPPING_CURVA_A&utm_content=&gad_source=1&gad_campaignid=22817350947&gbraid=0AAAAADsnw5ZbZtFvEWh10Wku4ULGcrg-X&gclid=CjwKCAjw46HPBhAMEiwASZpLRAqs4KDkr2ePqhVQsX5kBLOGntA1AlZBKIeVCOF3AUI8j1VQ5Gg7_xoCKzgQAvD_BwE",{"$nulls":7},"2026-04-22",15.9,{"$f":"IF(ISNUMBER(K19),IF($L$32=$O$18,O19,IF($L$32=$P$18,P19,\"\")),\"\")","v":"Sim"},null,null,{"$f":"IF(ISNUMBER(K19),IF(OR(K19<_xlfn.QUARTILE.INC($K$10:$K$29,1)-1.5*(_xlfn.QUARTILE.INC($K$10:$K$29,3)-_xlfn.QUARTILE.INC($K$10:$K$29,1)),K19>_xlfn.QUARTILE.INC($K$10:$K$29,3)+1.5*(_xlfn.QUARTILE.INC($K$10:$K$29,3)-_xlfn.QUARTILE.INC($K$10:$K$29,1))),\"Não\",\"Sim\"),\"\")","v":"Sim"}]
[null,"Leroy Merlin - https://www.leroymerlin.com.br/alicate-corte-diagonal-6-tramontina_90779871?store_code=77&gad_source=1&gad_campaignid=23604906371&gbraid=0AAAAADkzLZ5EPI4Gif416hTTh-9E0WgKE&gclid=CjwKCAjw46HPBhAMEiwASZpLRM1Vw0QW8r41-48b6bauF11QaI7nRKqfp8Ys5Kc7_7O7nswzDvrU3hoCWvgQAvD_BwE",{"$nulls":7},"2026-04-22",34.9,"Sim",null,null,"Sim"]
[null,"Sekai - https://sekaidistribuidora.com.br/loja/produto/alicate-de-corte-diagonal-6-tramontina?gad_source=1&gad_campaignid=23744636814&gbraid=0AAAAA-5HJv4UuZw_XrpcfdXajzXuTZCto&gclid=CjwKCAjw46HPBhAMEiwASZpLRPRbpgqX-iXsdfGW1MY0nE23iFn4MBbMLoplBu4AB19EPBZdmxUhyBoCI1gQAvD_BwE",{"$nulls":7},"2026-04-22",44.5,"Sim",null,null,"Sim"]
[{"$nulls":11},"",null,null,""]
[{"$nulls":11},"",null,null,""]
[{"$nulls":11},"",null,null,""]
[{"$nulls":11},"",null,null,""]
[{"$nulls":11},"",null,null,""]
[{"$nulls":11},"",null,null,""]
[{"$nulls":11},"",null,null,""]
[{"$nulls":11},"",null,null,""]
[null,"Observações:",{"$nulls":8},"Média:",{"$f":"IF($L$32=\"\",\"Selecione metodologia para exclusão de preços\",AVERAGE(IF($L$10:$L$29=\"Sim\",$K$10:$K$29)))","v":31.766666666666666},null,"Média (Cotações)",{"$f":"IF(COUNTIF(O19:O29,\"Sim\")<3,\"N/D (são necessários pelo menos 3 preços)\",AVERAGE(IF(O19:O29=\"Sim\",$K19:$K29)))","v":31.766666666666666},{"$f":"IF(COUNTIF(P19:P29,\"Sim\")<3,\"N/D (são necessários pelo menos 3 preços)\",AVERAGE(IF(P19:P29=\"Sim\",$K19:$K29)))","v":"N/D (são necessários pelo menos 3 preços)"}]
[{"$nulls":10},"Mediana:",{"$f":"IF($L$32=\"\",\"Selecione metodologia para exclusão de preços\",MEDIAN(IF($L$10:$L$29=\"Sim\",$K$10:$K$29)))","v":34.9},null,"Mediana (Cotações)",{"$f":"IF(COUNTIF(O19:O29,\"Sim\")<3,\"N/D (são necessários pelo menos 3 preços)\",MEDIAN(IF(O19:O29=\"Sim\",$K19:$K29)))","v":34.9},{"$f":"IF(COUNTIF(P19:P29,\"Sim\")<3,\"N/D (são necessários pelo menos 3 preços)\",MEDIAN(IF(P19:P29=\"Sim\",$K19:$K29)))","v":"N/D (são necessários pelo menos 3 preços)"}]
[null,"Metodologia de exclusão de preços adotada:",{"$nulls":9},{"$f":"IF(O35=\"\",INDEX(O18:P18,MATCH(MIN(#REF!),#REF!,0)),O35)","v":"Outliers"},null,"CV (Cotações)",{"$f":"IF(COUNTIF(O19:O29,\"Sim\")<3,\"N/D (são necessários pelo menos 3 preços)\",_xlfn.STDEV.S(IF(O19:O29=\"Sim\",$K19:$K29))/AVERAGE(IF(O19:O29=\"Sim\",$K19:$K29)))","v":0.45819042035087149},{"$f":"IF(COUNTIF(P19:P29,\"Sim\")<3,\"N/D (são necessários pelo menos 3 preços)\",_xlfn.STDEV.S(IF(P19:P29=\"Sim\",$K19:$K29))/AVERAGE(IF(P19:P29=\"Sim\",$K19:$K29)))","v":"N/D (são necessários pelo menos 3 preços)"}]
[{"$nulls":13},"Média",{"$f":"IF(SUM(COUNTIF($O$10:$O$16,\"Sim\")) + SUM(COUNTIF(O19:O29,\"Sim\")) < 3,\n   \"N/D (são necessários pelo menos 3 preços)\",\n   IFERROR(AVERAGE(_xlfn._xlws.FILTER($K$10:$K$16,$O$10:$O$16=\"Sim\"), _xlfn._xlws.FILTER($K$19:$K$29,O19:O29=\"Sim\")),O30))","v":31.766666666666666},{"$f":"IF(SUM(COUNTIF($P$10:$P$16,\"Sim\")) + SUM(COUNTIF(P19:P29,\"Sim\")) < 3,\n   \"N/D (são necessários pelo menos 3 preços)\",\n   IFERROR(AVERAGE(_xlfn._xlws.FILTER($K$10:$K$16,$P$10:$P$16=\"Sim\"), _xlfn._xlws.FILTER($K$19:$K$29,P19:P29=\"Sim\")),P30))","v":"N/D (são necessários pelo menos 3 preços)"}]
[{"$nulls":13},"Mediana",{"$f":"IF(SUM(COUNTIF($O$10:$O$16,\"Sim\")) + SUM(COUNTIF(O19:O29,\"Sim\")) < 3,\n   \"N/D (são necessários pelo menos 3 preços)\",\n   IFERROR(MEDIAN(_xlfn._xlws.FILTER($K$10:$K$16,$O$10:$O$16=\"Sim\"), _xlfn._xlws.FILTER($K$19:$K$29,O19:O29=\"Sim\")),O31))","v":34.9},{"$f":"IF(SUM(COUNTIF($P10:$P$16,\"Sim\")) + SUM(COUNTIF(P19:P29,\"Sim\")) < 3,\n   \"N/D (são necessários pelo menos 3 preços)\",\n   IFERROR(MEDIAN(_xlfn._xlws.FILTER($K$10:$K$16,$P$10:$P$16=\"Sim\"), _xlfn._xlws.FILTER($K$19:$K$29,P19:P29=\"Sim\")),P31))","v":"N/D (são necessários pelo menos 3 preços)"}]
[null,"COSOLIDAÇÃO DOS PREÇOS",{"$nulls":11},"Metodologia a adotar:",{"$f":"IF(INDEX(O18:P18,P35)=0,\"\",INDEX(O18:P18,P35))","v":"Outliers"},1]
[]
[null,"PREÇO UNITÁRIO ESTIMADO ADOTADO:",{"$nulls":9},{"$f":"IF($B$39=\"Mediana:\",L31,L30)","v":31.766666666666666}]
[]
[{"$f":"O18","v":"Outliers"},"Média:"]

{"sheet":"Alicate universal","index":50,"n_rows":39,"n_cols":16,"rows_kept":39,"cut":false,"hidden":true,"merged":[[16,1,16,11],[16,14,16,15],[0,0,0,6],[6,2,6,7],[6,14,6,15],[7,1,7,11],[7,14,7,15],[28,1,28,8],[17,1,17,8],[18,1,18,8],[19,1,19,8],[20,1,20,8],[21,1,21,8],[22,1,22,8],[23,1,23,8],[24,1,24,8],[25,1,25,8],[26,1,26,8],[27,1,27,8],[31,1,33,10],[31,11,33,11],[34,1,35,10],[34,11,35,11],[36,1,36,10]]}
[]
[null,"Processo"]
[null,"Responsável"]
[null,"Área de Origem"]
[null,"Data da pesquisa"]
[]
[null,"ITEM:","ALICATE universal 8 polegadas",{"$nulls":5},"UNIDADE DE MEDIDA:","Unidade","QUANTIDADE:",2,null,null,"Tabela auxiliar de metodologias para exclusão de preços"]
[null,"LICITAÇÕES ANTERIORES",{"$nulls":12},"Licitações Anteriores"]
[null,"Órgão","Edital/Ano - Nº do Lote / Item","Quantidade","Valor Unitário","Data","índice de atualização (nome)","I0","If","Variação acumulada do índice (%)","Preço unitário atualizado","Utilizar?  (Sim/Não)",null,null,"Outliers","Por critério do(a) analista"]
[{"$nulls":9},{"$f":"IF(ISBLANK(E10),\"\",IF(ISNUMBER(H10),(I10-H10)/H10,0))","v":""},{"$f":"IF(ISBLANK(E10),\"\",E10*(1+J10))","v":""},{"$f":"IF(ISNUMBER(K10),IF($L$32<>$P$9,O10,P10),\"\")","v":""},null,null,{"$f":"IF(ISNUMBER(K10),IF(OR(K10<_xlfn.QUARTILE.INC($K$10:$K$29,1)-1.5*(_xlfn.QUARTILE.INC($K$10:K29,3)-_xlfn.QUARTILE.INC($K$10:$K$29,1)),K10>_xlfn.QUARTILE.INC($K$10:$K$29,3)+1.5*(_xlfn.QUARTILE.INC($K$10:$K$29,3)-_xlfn.QUARTILE.INC($K$10:$K$29,1))),\"Não\",\"Sim\"),\"\")","v":""}]
[{"$nulls":9},{"$f":"IF(ISBLANK(E11),\"\",IF(ISNUMBER(H11),(I11-H11)/H11,0))","v":""},{"$f":"IF(ISBLANK(E11),\"\",E11*(1+J11))","v":""},"",null,null,{"$f":"IF(ISNUMBER(K11),IF(OR(K11<_xlfn.QUARTILE.INC($K$10:$K$29,1)-1.5*(_xlfn.QUARTILE.INC($K$10:K29,3)-_xlfn.QUARTILE.INC($K$10:$K$29,1)),K11>_xlfn.QUARTILE.INC($K$10:$K$29,3)+1.5*(_xlfn.QUARTILE.INC($K$10:$K$29,3)-_xlfn.QUARTILE.INC($K$10:$K$29,1))),\"Não\",\"Sim\"),\"\")","v":""}]
[{"$nulls":9},"","","",null,null,{"$f":"IF(ISNUMBER(K12),IF(OR(K12<_xlfn.QUARTILE.INC($K$10:$K$29,1)-1.5*(_xlfn.QUARTILE.INC($K$10:K30,3)-_xlfn.QUARTILE.INC($K$10:$K$29,1)),K12>_xlfn.QUARTILE.INC($K$10:$K$29,3)+1.5*(_xlfn.QUARTILE.INC($K$10:$K$29,3)-_xlfn.QUARTILE.INC($K$10:$K$29,1))),\"Não\",\"Sim\"),\"\")","v":""}]
[{"$nulls":9},"","","",null,null,{"$f":"IF(ISNUMBER(K13),IF(OR(K13<_xlfn.QUARTILE.INC($K$10:$K$29,1)-1.5*(_xlfn.QUARTILE.INC($K$10:K31,3)-_xlfn.QUARTILE.INC($K$10:$K$29,1)),K13>_xlfn.QUARTILE.INC($K$10:$K$29,3)+1.5*(_xlfn.QUARTILE.INC($K$10:$K$29,3)-_xlfn.QUARTILE.INC($K$10:$K$29,1))),\"Não\",\"Sim\"),\"\")","v":""}]
[{"$nulls":9},"","","",null,null,{"$f":"IF(ISNUMBER(K14),IF(OR(K14<_xlfn.QUARTILE.INC($K$10:$K$29,1)-1.5*(_xlfn.QUARTILE.INC($K$10:K32,3)-_xlfn.QUARTILE.INC($K$10:$K$29,1)),K14>_xlfn.QUARTILE.INC($K$10:$K$29,3)+1.5*(_xlfn.QUARTILE.INC($K$10:$K$29,3)-_xlfn.QUARTILE.INC($K$10:$K$29,1))),\"Não\",\"Sim\"),\"\")","v":""}]
[{"$nulls":9},"","","",null,null,{"$f":"IF(ISNUMBER(K15),IF(OR(K15<_xlfn.QUARTILE.INC($K$10:$K$29,1)-1.5*(_xlfn.QUARTILE.INC($K$10:K35,3)-_xlfn.QUARTILE.INC($K$10:$K$29,1)),K15>_xlfn.QUARTILE.INC($K$10:$K$29,3)+1.5*(_xlfn.QUARTILE.INC($K$10:$K$29,3)-_xlfn.QUARTILE.INC($K$10:$K$29,1))),\"Não\",\"Sim\"),\"\")","v":""}]
[{"$nulls":9},"","","",null,null,{"$f":"IF(ISNUMBER(K16),IF(OR(K16<_xlfn.QUARTILE.INC($K$10:$K$29,1)-1.5*(_xlfn.QUARTILE.INC($I$10:I37,3)-_xlfn.QUARTILE.INC($K$10:$K$29,1)),K16>_xlfn.QUARTILE.INC($K$10:$K$29,3)+1.5*(_xlfn.QUARTILE.INC($K$10:$K$29,3)-_xlfn.QUARTILE.INC($K$10:$K$29,1))),\"Não\",\"Sim\"),\"\")","v":""}]
[null,"COTAÇÕES DE MERCADO",{"$nulls":12},"Cotações"]
[null,"Empresa",{"$nulls":7},"Data","Preço Unitário","Utilizar? (Sim/Não)",null,null,"Outliers","Por critério do(a) analista"]
[null,"https://www.amazon.com.br/Tramontina-41001108-Alicate-Universal-Amarelo/dp/B076KP7X7F/ref=asc_df_B076KP7X7F?mcid=7d9ea1af53f033a2b4a16c80ffb219ab&tag=googleshopp00-20&linkCode=df0&hvadid=709857067836&hvpos=&hvnetw=g&hvrand=2229890076969028222&hvpone=&hvptwo=&hvqmt=&hvdev=c&hvdvcmdl=&hvlocint=&hvlocphy=9196708&hvtargid=pla-811339533073&hvocijid=2229890076969028222-B076KP7X7F-&hvexpln=0&language=pt_BR&th=1",{"$nulls":7},"2026-04-23",35.200000000000003,{"$f":"IF(ISNUMBER(K19),IF($L$32=$O$18,O19,IF($L$32=$P$18,P19,\"\")),\"\")","v":"Sim"},null,null,{"$f":"IF(ISNUMBER(K19),IF(OR(K19<_xlfn.QUARTILE.INC($K$10:$K$29,1)-1.5*(_xlfn.QUARTILE.INC($K$10:$K$29,3)-_xlfn.QUARTILE.INC($K$10:$K$29,1)),K19>_xlfn.QUARTILE.INC($K$10:$K$29,3)+1.5*(_xlfn.QUARTILE.INC($K$10:$K$29,3)-_xlfn.QUARTILE.INC($K$10:$K$29,1))),\"Não\",\"Sim\"),\"\")","v":"Sim"}]
[null,"https://www.lojadomecanico.com.br/produto/19571/2/468/alicate-universal-8-pol-isolado-1000v-tramontina-41001108/153/?utm_source=google&utm_medium=cpc&utm_campaign=MONKS_GG_F_SHOPPING_FM_FG&utm_content=&gad_source=1&gad_campaignid=23667223569&gbraid=0AAAAADsnw5aiMmNadb-1h5HTpoOYD1XkM&gclid=CjwKCAjwhqfPBhBWEiwAZo196ty2iuyZ44tmu8U3b9kwwoM5od9u-fH6eFfpu7oJL2RoRhvqfslWABoCT8IQAvD_BwE",{"$nulls":7},"2026-04-23",45.81,"Sim",null,null,"Sim"]
[null,"https://www.leroymerlin.com.br/alicate-universal-8-tramontina_90345220?store_code=28&gad_source=1&gad_campaignid=23604906371&gbraid=0AAAAADkzLZ5sU151SqcFZMpWzElwZU7uU&gclid=CjwKCAjwhqfPBhBWEiwAZo196vzDCWZcfVuD36Y2FzDr9T_F-SgYL5NVdZkgbIyk7Qsek7xDsgBC1hoCeLAQAvD_BwE",{"$nulls":7},"2026-04-23",33.9,"Sim",null,null,"Sim"]
[{"$nulls":11},"",null,null,""]
[{"$nulls":11},"",null,null,""]
[{"$nulls":11},"",null,null,""]
[{"$nulls":11},"",null,null,""]
[{"$nulls":11},"",null,null,""]
[{"$nulls":11},"",null,null,""]
[{"$nulls":11},"",null,null,""]
[{"$nulls":11},"",null,null,""]
[null,"Observações:",{"$nulls":8},"Média:",{"$f":"IF($L$32=\"\",\"Selecione metodologia para exclusão de preços\",AVERAGE(IF($L$10:$L$29=\"Sim\",$K$10:$K$29)))","v":38.303333333333335},null,"Média (Cotações)",{"$f":"IF(COUNTIF(O19:O29,\"Sim\")<3,\"N/D (são necessários pelo menos 3 preços)\",AVERAGE(IF(O19:O29=\"Sim\",$K19:$K29)))","v":38.303333333333335},{"$f":"IF(COUNTIF(P19:P29,\"Sim\")<3,\"N/D (são necessários pelo menos 3 preços)\",AVERAGE(IF(P19:P29=\"Sim\",$K19:$K29)))","v":"N/D (são necessários pelo menos 3 preços)"}]
[{"$nulls":10},"Mediana:",{"$f":"IF($L$32=\"\",\"Selecione metodologia para exclusão de preços\",MEDIAN(IF($L$10:$L$29=\"Sim\",$K$10:$K$29)))","v":35.200000000000003},null,"Mediana (Cotações)",{"$f":"IF(COUNTIF(O19:O29,\"Sim\")<3,\"N/D (são necessários pelo menos 3 preços)\",MEDIAN(IF(O19:O29=\"Sim\",$K19:$K29)))","v":35.200000000000003},{"$f":"IF(COUNTIF(P19:P29,\"Sim\")<3,\"N/D (são necessários pelo menos 3 preços)\",MEDIAN(IF(P19:P29=\"Sim\",$K19:$K29)))","v":"N/D (são necessários pelo menos 3 preços)"}]
[null,"Metodologia de exclusão de preços adotada:",{"$nulls":9},{"$f":"IF(O35=\"\",INDEX(O18:P18,MATCH(MIN(#REF!),#REF!,0)),O35)","v":"Outliers"},null,"CV (Cotações)",{"$f":"IF(COUNTIF(O19:O29,\"Sim\")<3,\"N/D (são necessários pelo menos 3 preços)\",_xlfn.STDEV.S(IF(O19:O29=\"Sim\",$K19:$K29))/AVERAGE(IF(O19:O29=\"Sim\",$K19:$K29)))","v":0.17056944742507599},{"$f":"IF(COUNTIF(P19:P29,\"Sim\")<3,\"N/D (são necessários pelo menos 3 preços)\",_xlfn.STDEV.S(IF(P19:P29=\"Sim\",$K19:$K29))/AVERAGE(IF(P19:P29=\"Sim\",$K19:$K29)))","v":"N/D (são necessários pelo menos 3 preços)"}]
[{"$nulls":13},"Média",{"$f":"IF(SUM(COUNTIF($O$10:$O$16,\"Sim\")) + SUM(COUNTIF(O19:O29,\"Sim\")) < 3,\n   \"N/D (são necessários pelo menos 3 preços)\",\n   IFERROR(AVERAGE(_xlfn._xlws.FILTER($K$10:$K$16,$O$10:$O$16=\"Sim\"), _xlfn._xlws.FILTER($K$19:$K$29,O19:O29=\"Sim\")),O30))","v":38.303333333333335},{"$f":"IF(SUM(COUNTIF($P$10:$P$16,\"Sim\")) + SUM(COUNTIF(P19:P29,\"Sim\")) < 3,\n   \"N/D (são necessários pelo menos 3 preços)\",\n   IFERROR(AVERAGE(_xlfn._xlws.FILTER($K$10:$K$16,$P$10:$P$16=\"Sim\"), _xlfn._xlws.FILTER($K$19:$K$29,P19:P29=\"Sim\")),P30))","v":"N/D (são necessários pelo menos 3 preços)"}]
[{"$nulls":13},"Mediana",{"$f":"IF(SUM(COUNTIF($O$10:$O$16,\"Sim\")) + SUM(COUNTIF(O19:O29,\"Sim\")) < 3,\n   \"N/D (são necessários pelo menos 3 preços)\",\n   IFERROR(MEDIAN(_xlfn._xlws.FILTER($K$10:$K$16,$O$10:$O$16=\"Sim\"), _xlfn._xlws.FILTER($K$19:$K$29,O19:O29=\"Sim\")),O31))","v":35.200000000000003},{"$f":"IF(SUM(COUNTIF($P10:$P$16,\"Sim\")) + SUM(COUNTIF(P19:P29,\"Sim\")) < 3,\n   \"N/D (são necessários pelo menos 3 preços)\",\n   IFERROR(MEDIAN(_xlfn._xlws.FILTER($K$10:$K$16,$P$10:$P$16=\"Sim\"), _xlfn._xlws.FILTER($K$19:$K$29,P19:P29=\"Sim\")),P31))","v":"N/D (são necessários pelo menos 3 preços)"}]
[null,"COSOLIDAÇÃO DOS PREÇOS",{"$nulls":11},"Metodologia a adotar:",{"$f":"IF(INDEX(O18:P18,P35)=0,\"\",INDEX(O18:P18,P35))","v":"Outliers"},1]
[]
[null,"PREÇO UNITÁRIO ESTIMADO ADOTADO:",{"$nulls":9},{"$f":"IF($B$39=\"Mediana:\",L31,L30)","v":38.303333333333335}]
[]
[{"$f":"O18","v":"Outliers"},""]

{"sheet":"Arco de serra","index":51,"n_rows":39,"n_cols":16,"rows_kept":39,"cut":false,"hidden":true,"merged":[[16,1,16,11],[16,14,16,15],[0,0,0,6],[6,2,6,7],[6,14,6,15],[7,1,7,11],[7,14,7,15],[28,1,28,8],[17,1,17,8],[18,1,18,8],[19,1,19,8],[20,1,20,8],[21,1,21,8],[22,1,22,8],[23,1,23,8],[24,1,24,8],[25,1,25,8],[26,1,26,8],[27,1,27,8],[31,1,33,10],[31,11,33,11],[34,1,35,10],[34,11,35,11],[36,1,36,10]]}
[]
[null,"Processo"]
[null,"Responsável"]
[null,"Área de Origem"]
[null,"Data da pesquisa"]
[]
[null,"ITEM:","ARCO DE SERRA fixo de 12'' com lâmina",{"$nulls":5},"UNIDADE DE MEDIDA:","Unidade","QUANTIDADE:",2,null,null,"Tabela auxiliar de metodologias para exclusão de preços"]
[null,"LICITAÇÕES ANTERIORES",{"$nulls":12},"Licitações Anteriores"]
[null,"Órgão","Edital/Ano - Nº do Lote / Item","Quantidade","Valor Unitário","Data","índice de atualização (nome)","I0","If","Variação acumulada do índice (%)","Preço unitário atualizado","Utilizar?  (Sim/Não)",null,null,"Outliers","Por critério do(a) analista"]
[{"$nulls":9},{"$f":"IF(ISBLANK(E10),\"\",IF(ISNUMBER(H10),(I10-H10)/H10,0))","v":""},{"$f":"IF(ISBLANK(E10),\"\",E10*(1+J10))","v":""},{"$f":"IF(ISNUMBER(K10),IF($L$32<>$P$9,O10,P10),\"\")","v":""},null,null,{"$f":"IF(ISNUMBER(K10),IF(OR(K10<_xlfn.QUARTILE.INC($K$10:$K$29,1)-1.5*(_xlfn.QUARTILE.INC($K$10:K29,3)-_xlfn.QUARTILE.INC($K$10:$K$29,1)),K10>_xlfn.QUARTILE.INC($K$10:$K$29,3)+1.5*(_xlfn.QUARTILE.INC($K$10:$K$29,3)-_xlfn.QUARTILE.INC($K$10:$K$29,1))),\"Não\",\"Sim\"),\"\")","v":""}]
[{"$nulls":9},{"$f":"IF(ISBLANK(E11),\"\",IF(ISNUMBER(H11),(I11-H11)/H11,0))","v":""},{"$f":"IF(ISBLANK(E11),\"\",E11*(1+J11))","v":""},"",null,null,{"$f":"IF(ISNUMBER(K11),IF(OR(K11<_xlfn.QUARTILE.INC($K$10:$K$29,1)-1.5*(_xlfn.QUARTILE.INC($K$10:K29,3)-_xlfn.QUARTILE.INC($K$10:$K$29,1)),K11>_xlfn.QUARTILE.INC($K$10:$K$29,3)+1.5*(_xlfn.QUARTILE.INC($K$10:$K$29,3)-_xlfn.QUARTILE.INC($K$10:$K$29,1))),\"Não\",\"Sim\"),\"\")","v":""}]
[{"$nulls":9},"","","",null,null,{"$f":"IF(ISNUMBER(K12),IF(OR(K12<_xlfn.QUARTILE.INC($K$10:$K$29,1)-1.5*(_xlfn.QUARTILE.INC($K$10:K30,3)-_xlfn.QUARTILE.INC($K$10:$K$29,1)),K12>_xlfn.QUARTILE.INC($K$10:$K$29,3)+1.5*(_xlfn.QUARTILE.INC($K$10:$K$29,3)-_xlfn.QUARTILE.INC($K$10:$K$29,1))),\"Não\",\"Sim\"),\"\")","v":""}]
[{"$nulls":9},"","","",null,null,{"$f":"IF(ISNUMBER(K13),IF(OR(K13<_xlfn.QUARTILE.INC($K$10:$K$29,1)-1.5*(_xlfn.QUARTILE.INC($K$10:K31,3)-_xlfn.QUARTILE.INC($K$10:$K$29,1)),K13>_xlfn.QUARTILE.INC($K$10:$K$29,3)+1.5*(_xlfn.QUARTILE.INC($K$10:$K$29,3)-_xlfn.QUARTILE.INC($K$10:$K$29,1))),\"Não\",\"Sim\"),\"\")","v":""}]
[{"$nulls":9},"","","",null,null,{"$f":"IF(ISNUMBER(K14),IF(OR(K14<_xlfn.QUARTILE.INC($K$10:$K$29,1)-1.5*(_xlfn.QUARTILE.INC($K$10:K32,3)-_xlfn.QUARTILE.INC($K$10:$K$29,1)),K14>_xlfn.QUARTILE.INC($K$10:$K$29,3)+1.5*(_xlfn.QUARTILE.INC($K$10:$K$29,3)-_xlfn.QUARTILE.INC($K$10:$K$29,1))),\"Não\",\"Sim\"),\"\")","v":""}]
[{"$nulls":9},"","","",null,null,{"$f":"IF(ISNUMBER(K15),IF(OR(K15<_xlfn.QUARTILE.INC($K$10:$K$29,1)-1.5*(_xlfn.QUARTILE.INC($K$10:K35,3)-_xlfn.QUARTILE.INC($K$10:$K$29,1)),K15>_xlfn.QUARTILE.INC($K$10:$K$29,3)+1.5*(_xlfn.QUARTILE.INC($K$10:$K$29,3)-_xlfn.QUARTILE.INC($K$10:$K$29,1))),\"Não\",\"Sim\"),\"\")","v":""}]
[{"$nulls":9},"","","",null,null,{"$f":"IF(ISNUMBER(K16),IF(OR(K16<_xlfn.QUARTILE.INC($K$10:$K$29,1)-1.5*(_xlfn.QUARTILE.INC($I$10:I37,3)-_xlfn.QUARTILE.INC($K$10:$K$29,1)),K16>_xlfn.QUARTILE.INC($K$10:$K$29,3)+1.5*(_xlfn.QUARTILE.INC($K$10:$K$29,3)-_xlfn.QUARTILE.INC($K$10:$K$29,1))),\"Não\",\"Sim\"),\"\")","v":""}]
[null,"COTAÇÕES DE MERCADO",{"$nulls":12},"Cotações"]
[null,"Empresa",{"$nulls":7},"Data","Preço Unitário","Utilizar? (Sim/Não)",null,null,"Outliers","Por critério do(a) analista"]
[null,"Tecno Ferramentas - https://www.tecnoferramentas.com.br/arco-de-serra-c-lamina-bs-de-12-starrett-k140-334996_0/p?idsku=2147456268&utm_source=google&utm_medium=cpc&utm_campaign=Pmax_Smart-Shopping&utm_content=&utm_term=&gad_source=1&gad_campaignid=23359518379&gbraid=0AAAAADy1nPe_AOoy7KRaa2JwJne1CbSj2&gclid=CjwKCAjw46HPBhAMEiwASZpLRP4UDGhCsMNctGWHIMM3V8svyO6zmrJ_iPojkAdZ4oarRGEklM4WtRoCVcQQAvD_BwE",{"$nulls":7},"2026-04-22",58.09,{"$f":"IF(ISNUMBER(K19),IF($L$32=$O$18,O19,IF($L$32=$P$18,P19,\"\")),\"\")","v":"Sim"},null,null,{"$f":"IF(ISNUMBER(K19),IF(OR(K19<_xlfn.QUARTILE.INC($K$10:$K$29,1)-1.5*(_xlfn.QUARTILE.INC($K$10:$K$29,3)-_xlfn.QUARTILE.INC($K$10:$K$29,1)),K19>_xlfn.QUARTILE.INC($K$10:$K$29,3)+1.5*(_xlfn.QUARTILE.INC($K$10:$K$29,3)-_xlfn.QUARTILE.INC($K$10:$K$29,1))),\"Não\",\"Sim\"),\"\")","v":"Sim"}]
[null,"Casa Parafusar - https://www.casaparafusar.com.br/arco-de-serra-12-c-lamina-bi-metal-starret?utm_source=google-merchant&utm_medium=referral&utm_campaign=ga-google-merchant&utm_content=arco-de-serra-12-c-lamina-bi-metal-starret&inStock&gad_source=1&gad_campaignid=20798004120&gbraid=0AAAAAqcqXBWrpMSYJTs77u7mIfXpLhXsn&gclid=CjwKCAjw46HPBhAMEiwASZpLRMlBUSEMm6hJ2I5ium4_r3my9xRXC0B8hYIZxG6fYclGKOImeDUMIxoCwuAQAvD_BwE#derivacao=8&utm_source=google-shopping&utm_medium=cpc&utm_campaign=ga-shopping-sul-sudeste&utm_content=ad01-todos-produtos",{"$nulls":7},"2026-04-22",58,"Sim",null,null,"Sim"]
[null,"Hiperfer - https://www.hiperfer.com.br/arco-de-serra-starrett-com-lamina-bs-de-12?utm_source=google&utm_medium=Shopping&utm_campaign=arco-de-serra-starrett-com-lamina-bs-de-12&gad_source=1&gad_campaignid=23690410023&gbraid=0AAAAADCuioBwxg6qA5nqaloTOExxBF6t_&gclid=CjwKCAjw46HPBhAMEiwASZpLRDZidWn0OVRux5br2ViZU4VaqN666PRtExW_TGgQF16gliVMQtb4OBoC-YoQAvD_BwE#derivacao=11",{"$nulls":7},"2026-04-22",53.23,"Sim",null,null,"Sim"]
[{"$nulls":11},"",null,null,""]
[{"$nulls":11},"",null,null,""]
[{"$nulls":11},"",null,null,""]
[{"$nulls":11},"",null,null,""]
[{"$nulls":11},"",null,null,""]
[{"$nulls":11},"",null,null,""]
[{"$nulls":11},"",null,null,""]
[{"$nulls":11},"",null,null,""]
[null,"Observações:",{"$nulls":8},"Média:",{"$f":"IF($L$32=\"\",\"Selecione metodologia para exclusão de preços\",AVERAGE(IF($L$10:$L$29=\"Sim\",$K$10:$K$29)))","v":56.44},null,"Média (Cotações)",{"$f":"IF(COUNTIF(O19:O29,\"Sim\")<3,\"N/D (são necessários pelo menos 3 preços)\",AVERAGE(IF(O19:O29=\"Sim\",$K19:$K29)))","v":56.44},{"$f":"IF(COUNTIF(P19:P29,\"Sim\")<3,\"N/D (são necessários pelo menos 3 preços)\",AVERAGE(IF(P19:P29=\"Sim\",$K19:$K29)))","v":"N/D (são necessários pelo menos 3 preços)"}]
[{"$nulls":10},"Mediana:",{"$f":"IF($L$32=\"\",\"Selecione metodologia para exclusão de preços\",MEDIAN(IF($L$10:$L$29=\"Sim\",$K$10:$K$29)))","v":58},null,"Mediana (Cotações)",{"$f":"IF(COUNTIF(O19:O29,\"Sim\")<3,\"N/D (são necessários pelo menos 3 preços)\",MEDIAN(IF(O19:O29=\"Sim\",$K19:$K29)))","v":58},{"$f":"IF(COUNTIF(P19:P29,\"Sim\")<3,\"N/D (são necessários pelo menos 3 preços)\",MEDIAN(IF(P19:P29=\"Sim\",$K19:$K29)))","v":"N/D (são necessários pelo menos 3 preços)"}]
[null,"Metodologia de exclusão de preços adotada:",{"$nulls":9},{"$f":"IF(O35=\"\",INDEX(O18:P18,MATCH(MIN(#REF!),#REF!,0)),O35)","v":"Outliers"},null,"CV (Cotações)",{"$f":"IF(COUNTIF(O19:O29,\"Sim\")<3,\"N/D (são necessários pelo menos 3 preços)\",_xlfn.STDEV.S(IF(O19:O29=\"Sim\",$K19:$K29))/AVERAGE(IF(O19:O29=\"Sim\",$K19:$K29)))","v":4.9261263972066642E-2},{"$f":"IF(COUNTIF(P19:P29,\"Sim\")<3,\"N/D (são necessários pelo menos 3 preços)\",_xlfn.STDEV.S(IF(P19:P29=\"Sim\",$K19:$K29))/AVERAGE(IF(P19:P29=\"Sim\",$K19:$K29)))","v":"N/D (são necessários pelo menos 3 preços)"}]
[{"$nulls":13},"Média",{"$f":"IF(SUM(COUNTIF($O$10:$O$16,\"Sim\")) + SUM(COUNTIF(O19:O29,\"Sim\")) < 3,\n   \"N/D (são necessários pelo menos 3 preços)\",\n   IFERROR(AVERAGE(_xlfn._xlws.FILTER($K$10:$K$16,$O$10:$O$16=\"Sim\"), _xlfn._xlws.FILTER($K$19:$K$29,O19:O29=\"Sim\")),O30))","v":56.44},{"$f":"IF(SUM(COUNTIF($P$10:$P$16,\"Sim\")) + SUM(COUNTIF(P19:P29,\"Sim\")) < 3,\n   \"N/D (são necessários pelo menos 3 preços)\",\n   IFERROR(AVERAGE(_xlfn._xlws.FILTER($K$10:$K$16,$P$10:$P$16=\"Sim\"), _xlfn._xlws.FILTER($K$19:$K$29,P19:P29=\"Sim\")),P30))","v":"N/D (são necessários pelo menos 3 preços)"}]
[{"$nulls":13},"Mediana",{"$f":"IF(SUM(COUNTIF($O$10:$O$16,\"Sim\")) + SUM(COUNTIF(O19:O29,\"Sim\")) < 3,\n   \"N/D (são necessários pelo menos 3 preços)\",\n   IFERROR(MEDIAN(_xlfn._xlws.FILTER($K$10:$K$16,$O$10:$O$16=\"Sim\"), _xlfn._xlws.FILTER($K$19:$K$29,O19:O29=\"Sim\")),O31))","v":58},{"$f":"IF(SUM(COUNTIF($P10:$P$16,\"Sim\")) + SUM(COUNTIF(P19:P29,\"Sim\")) < 3,\n   \"N/D (são necessários pelo menos 3 preços)\",\n   IFERROR(MEDIAN(_xlfn._xlws.FILTER($K$10:$K$16,$P$10:$P$16=\"Sim\"), _xlfn._xlws.FILTER($K$19:$K$29,P19:P29=\"Sim\")),P31))","v":"N/D (são necessários pelo menos 3 preços)"}]
[null,"COSOLIDAÇÃO DOS PREÇOS",{"$nulls":11},"Metodologia a adotar:",{"$f":"IF(INDEX(O18:P18,P35)=0,\"\",INDEX(O18:P18,P35))","v":"Outliers"},1]
[]
[null,"PREÇO UNITÁRIO ESTIMADO ADOTADO:",{"$nulls":9},{"$f":"IF($B$39=\"Mediana:\",L31,L30)","v":56.44}]
[]
[{"$f":"O18","v":"Outliers"},"Média:"]

{"sheet":"Chave teste","index":52,"n_rows":39,"n_cols":16,"rows_kept":39,"cut":false,"hidden":true,"merged":[[16,1,16,11],[16,14,16,15],[0,0,0,6],[6,2,6,7],[6,14,6,15],[7,1,7,11],[7,14,7,15],[28,1,28,8],[17,1,17,8],[18,1,18,8],[19,1,19,8],[20,1,20,8],[21,1,21,8],[22,1,22,8],[23,1,23,8],[24,1,24,8],[25,1,25,8],[26,1,26,8],[27,1,27,8],[31,1,33,10],[31,11,33,11],[34,1,35,10],[34,11,35,11],[36,1,36,10]]}
[]
[null,"Processo"]
[null,"Responsável"]
[null,"Área de Origem"]
[null,"Data da pesquisa"]
[]
[null,"ITEM:","CHAVE DE FENDA TESTE , com \"neon\", de 100 a 500 volts",{"$nulls":5},"UNIDADE DE MEDIDA:","Unidade","QUANTIDADE:",2,null,null,"Tabela auxiliar de metodologias para exclusão de preços"]
[null,"LICITAÇÕES ANTERIORES",{"$nulls":12},"Licitações Anteriores"]
[null,"Órgão","Edital/Ano - Nº do Lote / Item","Quantidade","Valor Unitário","Data","índice de atualização (nome)","I0","If","Variação acumulada do índice (%)","Preço unitário atualizado","Utilizar?  (Sim/Não)",null,null,"Outliers","Por critério do(a) analista"]
[{"$nulls":9},{"$f":"IF(ISBLANK(E10),\"\",IF(ISNUMBER(H10),(I10-H10)/H10,0))","v":""},{"$f":"IF(ISBLANK(E10),\"\",E10*(1+J10))","v":""},{"$f":"IF(ISNUMBER(K10),IF($L$32<>$P$9,O10,P10),\"\")","v":""},null,null,{"$f":"IF(ISNUMBER(K10),IF(OR(K10<_xlfn.QUARTILE.INC($K$10:$K$29,1)-1.5*(_xlfn.QUARTILE.INC($K$10:K29,3)-_xlfn.QUARTILE.INC($K$10:$K$29,1)),K10>_xlfn.QUARTILE.INC($K$10:$K$29,3)+1.5*(_xlfn.QUARTILE.INC($K$10:$K$29,3)-_xlfn.QUARTILE.INC($K$10:$K$29,1))),\"Não\",\"Sim\"),\"\")","v":""}]
[{"$nulls":9},{"$f":"IF(ISBLANK(E11),\"\",IF(ISNUMBER(H11),(I11-H11)/H11,0))","v":""},{"$f":"IF(ISBLANK(E11),\"\",E11*(1+J11))","v":""},"",null,null,{"$f":"IF(ISNUMBER(K11),IF(OR(K11<_xlfn.QUARTILE.INC($K$10:$K$29,1)-1.5*(_xlfn.QUARTILE.INC($K$10:K29,3)-_xlfn.QUARTILE.INC($K$10:$K$29,1)),K11>_xlfn.QUARTILE.INC($K$10:$K$29,3)+1.5*(_xlfn.QUARTILE.INC($K$10:$K$29,3)-_xlfn.QUARTILE.INC($K$10:$K$29,1))),\"Não\",\"Sim\"),\"\")","v":""}]
[{"$nulls":9},"","","",null,null,{"$f":"IF(ISNUMBER(K12),IF(OR(K12<_xlfn.QUARTILE.INC($K$10:$K$29,1)-1.5*(_xlfn.QUARTILE.INC($K$10:K30,3)-_xlfn.QUARTILE.INC($K$10:$K$29,1)),K12>_xlfn.QUARTILE.INC($K$10:$K$29,3)+1.5*(_xlfn.QUARTILE.INC($K$10:$K$29,3)-_xlfn.QUARTILE.INC($K$10:$K$29,1))),\"Não\",\"Sim\"),\"\")","v":""}]
[{"$nulls":9},"","","",null,null,{"$f":"IF(ISNUMBER(K13),IF(OR(K13<_xlfn.QUARTILE.INC($K$10:$K$29,1)-1.5*(_xlfn.QUARTILE.INC($K$10:K31,3)-_xlfn.QUARTILE.INC($K$10:$K$29,1)),K13>_xlfn.QUARTILE.INC($K$10:$K$29,3)+1.5*(_xlfn.QUARTILE.INC($K$10:$K$29,3)-_xlfn.QUARTILE.INC($K$10:$K$29,1))),\"Não\",\"Sim\"),\"\")","v":""}]
[{"$nulls":9},"","","",null,null,{"$f":"IF(ISNUMBER(K14),IF(OR(K14<_xlfn.QUARTILE.INC($K$10:$K$29,1)-1.5*(_xlfn.QUARTILE.INC($K$10:K32,3)-_xlfn.QUARTILE.INC($K$10:$K$29,1)),K14>_xlfn.QUARTILE.INC($K$10:$K$29,3)+1.5*(_xlfn.QUARTILE.INC($K$10:$K$29,3)-_xlfn.QUARTILE.INC($K$10:$K$29,1))),\"Não\",\"Sim\"),\"\")","v":""}]
[{"$nulls":9},"","","",null,null,{"$f":"IF(ISNUMBER(K15),IF(OR(K15<_xlfn.QUARTILE.INC($K$10:$K$29,1)-1.5*(_xlfn.QUARTILE.INC($K$10:K35,3)-_xlfn.QUARTILE.INC($K$10:$K$29,1)),K15>_xlfn.QUARTILE.INC($K$10:$K$29,3)+1.5*(_xlfn.QUARTILE.INC($K$10:$K$29,3)-_xlfn.QUARTILE.INC($K$10:$K$29,1))),\"Não\",\"Sim\"),\"\")","v":""}]
[{"$nulls":9},"","","",null,null,{"$f":"IF(ISNUMBER(K16),IF(OR(K16<_xlfn.QUARTILE.INC($K$10:$K$29,1)-1.5*(_xlfn.QUARTILE.INC($I$10:I37,3)-_xlfn.QUARTILE.INC($K$10:$K$29,1)),K16>_xlfn.QUARTILE.INC($K$10:$K$29,3)+1.5*(_xlfn.QUARTILE.INC($K$10:$K$29,3)-_xlfn.QUARTILE.INC($K$10:$K$29,1))),\"Não\",\"Sim\"),\"\")","v":""}]
[null,"COTAÇÕES DE MERCADO",{"$nulls":12},"Cotações"]
[null,"Empresa",{"$nulls":7},"Data","Preço Unitário","Utilizar? (Sim/Não)",null,null,"Outliers","Por critério do(a) analista"]
[null,"https://www.magazineluiza.com.br/chave-teste-com-ponta-fenda-140mm-100-a-500v-sparta/p/gg6bd25bfc/fs/chtt/?&seller_id=dutramaquinas&utm_source=google&utm_medium=cpc&utm_term=84405&utm_campaign=google_eco_per_ven_pla_ca_sor_3p_ci-cj-fs-a-0326&utm_content=&partner_id=84405&gclsrc=aw.ds&gad_source=1&gad_campaignid=23605395067&gbraid=0AAAAAD4zZmRvRgZci4vYk6RWRY5-aRE5n&gclid=CjwKCAjwhqfPBhBWEiwAZo196mVje1-6bLmfZMJsVgWCO5soGYG4vU4eoRRfiqubik4xenR4gLxJtRoCIKAQAvD_BwE",{"$nulls":7},"2026-04-23",5.9,{"$f":"IF(ISNUMBER(K19),IF($L$32=$O$18,O19,IF($L$32=$P$18,P19,\"\")),\"\")","v":"Sim"},null,null,{"$f":"IF(ISNUMBER(K19),IF(OR(K19<_xlfn.QUARTILE.INC($K$10:$K$29,1)-1.5*(_xlfn.QUARTILE.INC($K$10:$K$29,3)-_xlfn.QUARTILE.INC($K$10:$K$29,1)),K19>_xlfn.QUARTILE.INC($K$10:$K$29,3)+1.5*(_xlfn.QUARTILE.INC($K$10:$K$29,3)-_xlfn.QUARTILE.INC($K$10:$K$29,1))),\"Não\",\"Sim\"),\"\")","v":"Sim"}]
[null,"https://www.lojadomecanico.com.br/produto/126237/19/189/chave-teste-100-v-a-500-v-vonder-3571091520?srsltid=AfmBOoqjdf5iDkuUIFeC5yLraJRIEpupVBJ-vQeN2yAf9nGIEUqJM7bZ",{"$nulls":7},"2026-04-24",7.9,"Sim",null,null,"Sim"]
[null,"https://www.amazon.com.br/Chave-Fenda-Teste-El%C3%A9trica-Derrapagem/dp/B0DSGD5F41",{"$nulls":7},"2026-04-24",105.67,"Sim",null,null,"Sim"]
[{"$nulls":11},"",null,null,""]
[{"$nulls":11},"",null,null,""]
[{"$nulls":11},"",null,null,""]
[{"$nulls":11},"",null,null,""]
[{"$nulls":11},"",null,null,""]
[{"$nulls":11},"",null,null,""]
[{"$nulls":11},"",null,null,""]
[{"$nulls":11},"",null,null,""]
[null,"Observações:",{"$nulls":8},"Média:",{"$f":"IF($L$32=\"\",\"Selecione metodologia para exclusão de preços\",AVERAGE(IF($L$10:$L$29=\"Sim\",$K$10:$K$29)))","v":39.823333333333331},null,"Média (Cotações)",{"$f":"IF(COUNTIF(O19:O29,\"Sim\")<3,\"N/D (são necessários pelo menos 3 preços)\",AVERAGE(IF(O19:O29=\"Sim\",$K19:$K29)))","v":39.823333333333331},{"$f":"IF(COUNTIF(P19:P29,\"Sim\")<3,\"N/D (são necessários pelo menos 3 preços)\",AVERAGE(IF(P19:P29=\"Sim\",$K19:$K29)))","v":"N/D (são necessários pelo menos 3 preços)"}]
[{"$nulls":10},"Mediana:",{"$f":"IF($L$32=\"\",\"Selecione metodologia para exclusão de preços\",MEDIAN(IF($L$10:$L$29=\"Sim\",$K$10:$K$29)))","v":7.9},null,"Mediana (Cotações)",{"$f":"IF(COUNTIF(O19:O29,\"Sim\")<3,\"N/D (são necessários pelo menos 3 preços)\",MEDIAN(IF(O19:O29=\"Sim\",$K19:$K29)))","v":7.9},{"$f":"IF(COUNTIF(P19:P29,\"Sim\")<3,\"N/D (são necessários pelo menos 3 preços)\",MEDIAN(IF(P19:P29=\"Sim\",$K19:$K29)))","v":"N/D (são necessários pelo menos 3 preços)"}]
[null,"Metodologia de exclusão de preços adotada:",{"$nulls":9},{"$f":"IF(O35=\"\",INDEX(O18:P18,MATCH(MIN(#REF!),#REF!,0)),O35)","v":"Outliers"},null,"CV (Cotações)",{"$f":"IF(COUNTIF(O19:O29,\"Sim\")<3,\"N/D (são necessários pelo menos 3 preços)\",_xlfn.STDEV.S(IF(O19:O29=\"Sim\",$K19:$K29))/AVERAGE(IF(O19:O29=\"Sim\",$K19:$K29)))","v":1.4321667409951462},{"$f":"IF(COUNTIF(P19:P29,\"Sim\")<3,\"N/D (são necessários pelo menos 3 preços)\",_xlfn.STDEV.S(IF(P19:P29=\"Sim\",$K19:$K29))/AVERAGE(IF(P19:P29=\"Sim\",$K19:$K29)))","v":"N/D (são necessários pelo menos 3 preços)"}]
[{"$nulls":13},"Média",{"$f":"IF(SUM(COUNTIF($O$10:$O$16,\"Sim\")) + SUM(COUNTIF(O19:O29,\"Sim\")) < 3,\n   \"N/D (são necessários pelo menos 3 preços)\",\n   IFERROR(AVERAGE(_xlfn._xlws.FILTER($K$10:$K$16,$O$10:$O$16=\"Sim\"), _xlfn._xlws.FILTER($K$19:$K$29,O19:O29=\"Sim\")),O30))","v":39.823333333333331},{"$f":"IF(SUM(COUNTIF($P$10:$P$16,\"Sim\")) + SUM(COUNTIF(P19:P29,\"Sim\")) < 3,\n   \"N/D (são necessários pelo menos 3 preços)\",\n   IFERROR(AVERAGE(_xlfn._xlws.FILTER($K$10:$K$16,$P$10:$P$16=\"Sim\"), _xlfn._xlws.FILTER($K$19:$K$29,P19:P29=\"Sim\")),P30))","v":"N/D (são necessários pelo menos 3 preços)"}]
[{"$nulls":13},"Mediana",{"$f":"IF(SUM(COUNTIF($O$10:$O$16,\"Sim\")) + SUM(COUNTIF(O19:O29,\"Sim\")) < 3,\n   \"N/D (são necessários pelo menos 3 preços)\",\n   IFERROR(MEDIAN(_xlfn._xlws.FILTER($K$10:$K$16,$O$10:$O$16=\"Sim\"), _xlfn._xlws.FILTER($K$19:$K$29,O19:O29=\"Sim\")),O31))","v":7.9},{"$f":"IF(SUM(COUNTIF($P10:$P$16,\"Sim\")) + SUM(COUNTIF(P19:P29,\"Sim\")) < 3,\n   \"N/D (são necessários pelo menos 3 preços)\",\n   IFERROR(MEDIAN(_xlfn._xlws.FILTER($K$10:$K$16,$P$10:$P$16=\"Sim\"), _xlfn._xlws.FILTER($K$19:$K$29,P19:P29=\"Sim\")),P31))","v":"N/D (são necessários pelo menos 3 preços)"}]
[null,"COSOLIDAÇÃO DOS PREÇOS",{"$nulls":11},"Metodologia a adotar:",{"$f":"IF(INDEX(O18:P18,P35)=0,\"\",INDEX(O18:P18,P35))","v":"Outliers"},1]
[]
[null,"PREÇO UNITÁRIO ESTIMADO ADOTADO:",{"$nulls":9},{"$f":"IF($B$39=\"Mediana:\",L31,L30)","v":7.9}]
[]
[{"$f":"O18","v":"Outliers"},"Mediana:"]

{"sheet":"Chave de fenda","index":53,"n_rows":39,"n_cols":16,"rows_kept":39,"cut":false,"hidden":true,"merged":[[16,1,16,11],[16,14,16,15],[0,0,0,6],[6,2,6,7],[6,14,6,15],[7,1,7,11],[7,14,7,15],[28,1,28,8],[17,1,17,8],[18,1,18,8],[19,1,19,8],[20,1,20,8],[21,1,21,8],[22,1,22,8],[23,1,23,8],[24,1,24,8],[25,1,25,8],[26,1,26,8],[27,1,27,8],[31,1,33,10],[31,11,33,11],[34,1,35,10],[34,11,35,11],[36,1,36,10]]}
[]
[null,"Processo"]
[null,"Responsável"]
[null,"Área de Origem"]
[null,"Data da pesquisa"]
[]
[null,"ITEM:","Conjunto CHAVES DE FENDA : 1/8 x 4'', 3/16 x 4' e 1/4 x 5'' e CHAVES PHILIPS : 1/4 x 4'', 1/4 x 6'', 1/8 x 3'' e 3/16 x 3''",{"$nulls":5},"UNIDADE DE MEDIDA:","Unidade","QUANTIDADE:",2,null,null,"Tabela auxiliar de metodologias para exclusão de preços"]
[null,"LICITAÇÕES ANTERIORES",{"$nulls":12},"Licitações Anteriores"]
[null,"Órgão","Edital/Ano - Nº do Lote / Item","Quantidade","Valor Unitário","Data","índice de atualização (nome)","I0","If","Variação acumulada do índice (%)","Preço unitário atualizado","Utilizar?  (Sim/Não)",null,null,"Outliers","Por critério do(a) analista"]
[{"$nulls":9},{"$f":"IF(ISBLANK(E10),\"\",IF(ISNUMBER(H10),(I10-H10)/H10,0))","v":""},{"$f":"IF(ISBLANK(E10),\"\",E10*(1+J10))","v":""},{"$f":"IF(ISNUMBER(K10),IF($L$32<>$P$9,O10,P10),\"\")","v":""},null,null,{"$f":"IF(ISNUMBER(K10),IF(OR(K10<_xlfn.QUARTILE.INC($K$10:$K$29,1)-1.5*(_xlfn.QUARTILE.INC($K$10:K29,3)-_xlfn.QUARTILE.INC($K$10:$K$29,1)),K10>_xlfn.QUARTILE.INC($K$10:$K$29,3)+1.5*(_xlfn.QUARTILE.INC($K$10:$K$29,3)-_xlfn.QUARTILE.INC($K$10:$K$29,1))),\"Não\",\"Sim\"),\"\")","v":""}]
[{"$nulls":9},{"$f":"IF(ISBLANK(E11),\"\",IF(ISNUMBER(H11),(I11-H11)/H11,0))","v":""},{"$f":"IF(ISBLANK(E11),\"\",E11*(1+J11))","v":""},"",null,null,{"$f":"IF(ISNUMBER(K11),IF(OR(K11<_xlfn.QUARTILE.INC($K$10:$K$29,1)-1.5*(_xlfn.QUARTILE.INC($K$10:K29,3)-_xlfn.QUARTILE.INC($K$10:$K$29,1)),K11>_xlfn.QUARTILE.INC($K$10:$K$29,3)+1.5*(_xlfn.QUARTILE.INC($K$10:$K$29,3)-_xlfn.QUARTILE.INC($K$10:$K$29,1))),\"Não\",\"Sim\"),\"\")","v":""}]
[{"$nulls":9},"","","",null,null,{"$f":"IF(ISNUMBER(K12),IF(OR(K12<_xlfn.QUARTILE.INC($K$10:$K$29,1)-1.5*(_xlfn.QUARTILE.INC($K$10:K30,3)-_xlfn.QUARTILE.INC($K$10:$K$29,1)),K12>_xlfn.QUARTILE.INC($K$10:$K$29,3)+1.5*(_xlfn.QUARTILE.INC($K$10:$K$29,3)-_xlfn.QUARTILE.INC($K$10:$K$29,1))),\"Não\",\"Sim\"),\"\")","v":""}]
[{"$nulls":9},"","","",null,null,{"$f":"IF(ISNUMBER(K13),IF(OR(K13<_xlfn.QUARTILE.INC($K$10:$K$29,1)-1.5*(_xlfn.QUARTILE.INC($K$10:K31,3)-_xlfn.QUARTILE.INC($K$10:$K$29,1)),K13>_xlfn.QUARTILE.INC($K$10:$K$29,3)+1.5*(_xlfn.QUARTILE.INC($K$10:$K$29,3)-_xlfn.QUARTILE.INC($K$10:$K$29,1))),\"Não\",\"Sim\"),\"\")","v":""}]
[{"$nulls":9},"","","",null,null,{"$f":"IF(ISNUMBER(K14),IF(OR(K14<_xlfn.QUARTILE.INC($K$10:$K$29,1)-1.5*(_xlfn.QUARTILE.INC($K$10:K32,3)-_xlfn.QUARTILE.INC($K$10:$K$29,1)),K14>_xlfn.QUARTILE.INC($K$10:$K$29,3)+1.5*(_xlfn.QUARTILE.INC($K$10:$K$29,3)-_xlfn.QUARTILE.INC($K$10:$K$29,1))),\"Não\",\"Sim\"),\"\")","v":""}]
[{"$nulls":9},"","","",null,null,{"$f":"IF(ISNUMBER(K15),IF(OR(K15<_xlfn.QUARTILE.INC($K$10:$K$29,1)-1.5*(_xlfn.QUARTILE.INC($K$10:K35,3)-_xlfn.QUARTILE.INC($K$10:$K$29,1)),K15>_xlfn.QUARTILE.INC($K$10:$K$29,3)+1.5*(_xlfn.QUARTILE.INC($K$10:$K$29,3)-_xlfn.QUARTILE.INC($K$10:$K$29,1))),\"Não\",\"Sim\"),\"\")","v":""}]
[{"$nulls":9},"","","",null,null,{"$f":"IF(ISNUMBER(K16),IF(OR(K16<_xlfn.QUARTILE.INC($K$10:$K$29,1)-1.5*(_xlfn.QUARTILE.INC($I$10:I37,3)-_xlfn.QUARTILE.INC($K$10:$K$29,1)),K16>_xlfn.QUARTILE.INC($K$10:$K$29,3)+1.5*(_xlfn.QUARTILE.INC($K$10:$K$29,3)-_xlfn.QUARTILE.INC($K$10:$K$29,1))),\"Não\",\"Sim\"),\"\")","v":""}]
[null,"COTAÇÕES DE MERCADO",{"$nulls":12},"Cotações"]
[null,"Empresa",{"$nulls":7},"Data","Preço Unitário","Utilizar? (Sim/Não)",null,null,"Outliers","Por critério do(a) analista"]
[null,"Amazon - https://www.amazon.com.br/Jogo-Chaves-Fenda-Tramontina-Master/dp/B0C95CRQZJ/ref=asc_df_B0C95CRQZJ?mcid=5dd7aad001c238938b788731abab81cb&tag=googleshopp00-20&linkCode=df0&hvadid=709857067836&hvpos=&hvnetw=g&hvrand=17843189766985672623&hvpone=&hvptwo=&hvqmt=&hvdev=c&hvdvcmdl=&hvlocint=&hvlocphy=9198389&hvtargid=pla-2198649490787&psc=1&hvocijid=17843189766985672623-B0C95CRQZJ-&hvexpln=0&language=pt_BR",{"$nulls":7},"2026-04-24",127.5,{"$f":"IF(ISNUMBER(K19),IF($L$32=$O$18,O19,IF($L$32=$P$18,P19,\"\")),\"\")","v":"Sim"},null,null,{"$f":"IF(ISNUMBER(K19),IF(OR(K19<_xlfn.QUARTILE.INC($K$10:$K$29,1)-1.5*(_xlfn.QUARTILE.INC($K$10:$K$29,3)-_xlfn.QUARTILE.INC($K$10:$K$29,1)),K19>_xlfn.QUARTILE.INC($K$10:$K$29,3)+1.5*(_xlfn.QUARTILE.INC($K$10:$K$29,3)-_xlfn.QUARTILE.INC($K$10:$K$29,1))),\"Não\",\"Sim\"),\"\")","v":"Sim"}]
[null,"Mercado Livre - https://www.mercadolivre.com.br/jogo-de-chaves-de-fenda-tramontina-41516514-master-14-pecas/p/MLB37250196?pdp_filters=item_id%3AMLB4219256815&from=gshop&matt_tool=85656537&matt_word=&matt_source=google&matt_campaign_id=23740811998&matt_ad_group_id=195751047512&matt_match_type=&matt_network=g&matt_device=c&matt_creative=804370642066&matt_keyword=&matt_ad_position=&matt_ad_type=pla&matt_merchant_id=735128188&matt_product_id=MLB37250196-product&matt_product_partition_id=2388010174026&matt_target_id=pla-2388010174026&cq_src=google_ads&cq_cmp=23740811998&cq_net=g&cq_plt=gp&cq_med=pla&gad_source=4&gad_campaignid=23740811998&gbraid=0AAAAAD93qcAxTtYit_OwOZaQPOGp_jY_z&gclid=CjwKCAjwqazPBhALEiwAOuXqdPlAoyaDo79YrpR0wziG02E2zQOimHl5mX-nxZo9ZCa36XciT-L6TRoCJ6IQAvD_BwE",{"$nulls":7},"2026-04-24",88.21,"Sim",null,null,"Sim"]
[null,"Universo do Lar - https://www.universodolar.com.br/Jogo-de-Chaves-de-Fenda-Tramontina-14-Pecas-41516514?utm_source=google&utm_medium=Shopping&utm_campaign=Jogo-de-Chaves-de-Fenda-Tramontina-14-Pecas-41516514&inStock=&srsltid=AfmBOorvdHSCCaGdVWZAfJIIEv_Guh28ctc0dZbmyhTz3rRQ9G3iS4b05YY",{"$nulls":7},"2026-04-24",75.14,"Sim",null,null,"Sim"]
[{"$nulls":11},"",null,null,""]
[{"$nulls":11},"",null,null,""]
[{"$nulls":11},"",null,null,""]
[{"$nulls":11},"",null,null,""]
[{"$nulls":11},"",null,null,""]
[{"$nulls":11},"",null,null,""]
[{"$nulls":11},"",null,null,""]
[{"$nulls":11},"",null,null,""]
[null,"Observações:",{"$nulls":8},"Média:",{"$f":"IF($L$32=\"\",\"Selecione metodologia para exclusão de preços\",AVERAGE(IF($L$10:$L$29=\"Sim\",$K$10:$K$29)))","v":96.949999999999989},null,"Média (Cotações)",{"$f":"IF(COUNTIF(O19:O29,\"Sim\")<3,\"N/D (são necessários pelo menos 3 preços)\",AVERAGE(IF(O19:O29=\"Sim\",$K19:$K29)))","v":96.949999999999989},{"$f":"IF(COUNTIF(P19:P29,\"Sim\")<3,\"N/D (são necessários pelo menos 3 preços)\",AVERAGE(IF(P19:P29=\"Sim\",$K19:$K29)))","v":"N/D (são necessários pelo menos 3 preços)"}]
[{"$nulls":10},"Mediana:",{"$f":"IF($L$32=\"\",\"Selecione metodologia para exclusão de preços\",MEDIAN(IF($L$10:$L$29=\"Sim\",$K$10:$K$29)))","v":88.21},null,"Mediana (Cotações)",{"$f":"IF(COUNTIF(O19:O29,\"Sim\")<3,\"N/D (são necessários pelo menos 3 preços)\",MEDIAN(IF(O19:O29=\"Sim\",$K19:$K29)))","v":88.21},{"$f":"IF(COUNTIF(P19:P29,\"Sim\")<3,\"N/D (são necessários pelo menos 3 preços)\",MEDIAN(IF(P19:P29=\"Sim\",$K19:$K29)))","v":"N/D (são necessários pelo menos 3 preços)"}]
[null,"Metodologia de exclusão de preços adotada:",{"$nulls":9},{"$f":"IF(O35=\"\",INDEX(O18:P18,MATCH(MIN(#REF!),#REF!,0)),O35)","v":"Outliers"},null,"CV (Cotações)",{"$f":"IF(COUNTIF(O19:O29,\"Sim\")<3,\"N/D (são necessários pelo menos 3 preços)\",_xlfn.STDEV.S(IF(O19:O29=\"Sim\",$K19:$K29))/AVERAGE(IF(O19:O29=\"Sim\",$K19:$K29)))","v":0.28109554155953326},{"$f":"IF(COUNTIF(P19:P29,\"Sim\")<3,\"N/D (são necessários pelo menos 3 preços)\",_xlfn.STDEV.S(IF(P19:P29=\"Sim\",$K19:$K29))/AVERAGE(IF(P19:P29=\"Sim\",$K19:$K29)))","v":"N/D (são necessários pelo menos 3 preços)"}]
[{"$nulls":13},"Média",{"$f":"IF(SUM(COUNTIF($O$10:$O$16,\"Sim\")) + SUM(COUNTIF(O19:O29,\"Sim\")) < 3,\n   \"N/D (são necessários pelo menos 3 preços)\",\n   IFERROR(AVERAGE(_xlfn._xlws.FILTER($K$10:$K$16,$O$10:$O$16=\"Sim\"), _xlfn._xlws.FILTER($K$19:$K$29,O19:O29=\"Sim\")),O30))","v":96.949999999999989},{"$f":"IF(SUM(COUNTIF($P$10:$P$16,\"Sim\")) + SUM(COUNTIF(P19:P29,\"Sim\")) < 3,\n   \"N/D (são necessários pelo menos 3 preços)\",\n   IFERROR(AVERAGE(_xlfn._xlws.FILTER($K$10:$K$16,$P$10:$P$16=\"Sim\"), _xlfn._xlws.FILTER($K$19:$K$29,P19:P29=\"Sim\")),P30))","v":"N/D (são necessários pelo menos 3 preços)"}]
[{"$nulls":13},"Mediana",{"$f":"IF(SUM(COUNTIF($O$10:$O$16,\"Sim\")) + SUM(COUNTIF(O19:O29,\"Sim\")) < 3,\n   \"N/D (são necessários pelo menos 3 preços)\",\n   IFERROR(MEDIAN(_xlfn._xlws.FILTER($K$10:$K$16,$O$10:$O$16=\"Sim\"), _xlfn._xlws.FILTER($K$19:$K$29,O19:O29=\"Sim\")),O31))","v":88.21},{"$f":"IF(SUM(COUNTIF($P10:$P$16,\"Sim\")) + SUM(COUNTIF(P19:P29,\"Sim\")) < 3,\n   \"N/D (são necessários pelo menos 3 preços)\",\n   IFERROR(MEDIAN(_xlfn._xlws.FILTER($K$10:$K$16,$P$10:$P$16=\"Sim\"), _xlfn._xlws.FILTER($K$19:$K$29,P19:P29=\"Sim\")),P31))","v":"N/D (são necessários pelo menos 3 preços)"}]
[null,"COSOLIDAÇÃO DOS PREÇOS",{"$nulls":11},"Metodologia a adotar:",{"$f":"IF(INDEX(O18:P18,P35)=0,\"\",INDEX(O18:P18,P35))","v":"Outliers"},1]
[]
[null,"PREÇO UNITÁRIO ESTIMADO ADOTADO:",{"$nulls":9},{"$f":"IF($B$39=\"Mediana:\",L31,L30)","v":88.21}]
[]
[{"$f":"O18","v":"Outliers"},"Mediana:"]

{"sheet":"Facão","index":54,"n_rows":39,"n_cols":16,"rows_kept":39,"cut":false,"hidden":true,"merged":[[16,1,16,11],[16,14,16,15],[0,0,0,6],[6,2,6,7],[6,14,6,15],[7,1,7,11],[7,14,7,15],[28,1,28,8],[17,1,17,8],[18,1,18,8],[19,1,19,8],[20,1,20,8],[21,1,21,8],[22,1,22,8],[23,1,23,8],[24,1,24,8],[25,1,25,8],[26,1,26,8],[27,1,27,8],[31,1,33,10],[31,11,33,11],[34,1,35,10],[34,11,35,11],[36,1,36,10]]}
[]
[null,"Processo"]
[null,"Responsável"]
[null,"Área de Origem"]
[null,"Data da pesquisa"]
[]
[null,"ITEM:","FACÃO  de 18'', em aço carbono, com cabo em polipropileno",{"$nulls":5},"UNIDADE DE MEDIDA:","Unidade","QUANTIDADE:",2,null,null,"Tabela auxiliar de metodologias para exclusão de preços"]
[null,"LICITAÇÕES ANTERIORES",{"$nulls":12},"Licitações Anteriores"]
[null,"Órgão","Edital/Ano - Nº do Lote / Item","Quantidade","Valor Unitário","Data","índice de atualização (nome)","I0","If","Variação acumulada do índice (%)","Preço unitário atualizado","Utilizar?  (Sim/Não)",null,null,"Outliers","Por critério do(a) analista"]
[{"$nulls":9},{"$f":"IF(ISBLANK(E10),\"\",IF(ISNUMBER(H10),(I10-H10)/H10,0))","v":""},{"$f":"IF(ISBLANK(E10),\"\",E10*(1+J10))","v":""},{"$f":"IF(ISNUMBER(K10),IF($L$32<>$P$9,O10,P10),\"\")","v":""},null,null,{"$f":"IF(ISNUMBER(K10),IF(OR(K10<_xlfn.QUARTILE.INC($K$10:$K$29,1)-1.5*(_xlfn.QUARTILE.INC($K$10:K29,3)-_xlfn.QUARTILE.INC($K$10:$K$29,1)),K10>_xlfn.QUARTILE.INC($K$10:$K$29,3)+1.5*(_xlfn.QUARTILE.INC($K$10:$K$29,3)-_xlfn.QUARTILE.INC($K$10:$K$29,1))),\"Não\",\"Sim\"),\"\")","v":""}]
[{"$nulls":9},{"$f":"IF(ISBLANK(E11),\"\",IF(ISNUMBER(H11),(I11-H11)/H11,0))","v":""},{"$f":"IF(ISBLANK(E11),\"\",E11*(1+J11))","v":""},"",null,null,{"$f":"IF(ISNUMBER(K11),IF(OR(K11<_xlfn.QUARTILE.INC($K$10:$K$29,1)-1.5*(_xlfn.QUARTILE.INC($K$10:K29,3)-_xlfn.QUARTILE.INC($K$10:$K$29,1)),K11>_xlfn.QUARTILE.INC($K$10:$K$29,3)+1.5*(_xlfn.QUARTILE.INC($K$10:$K$29,3)-_xlfn.QUARTILE.INC($K$10:$K$29,1))),\"Não\",\"Sim\"),\"\")","v":""}]
[{"$nulls":9},"","","",null,null,{"$f":"IF(ISNUMBER(K12),IF(OR(K12<_xlfn.QUARTILE.INC($K$10:$K$29,1)-1.5*(_xlfn.QUARTILE.INC($K$10:K30,3)-_xlfn.QUARTILE.INC($K$10:$K$29,1)),K12>_xlfn.QUARTILE.INC($K$10:$K$29,3)+1.5*(_xlfn.QUARTILE.INC($K$10:$K$29,3)-_xlfn.QUARTILE.INC($K$10:$K$29,1))),\"Não\",\"Sim\"),\"\")","v":""}]
[{"$nulls":9},"","","",null,null,{"$f":"IF(ISNUMBER(K13),IF(OR(K13<_xlfn.QUARTILE.INC($K$10:$K$29,1)-1.5*(_xlfn.QUARTILE.INC($K$10:K31,3)-_xlfn.QUARTILE.INC($K$10:$K$29,1)),K13>_xlfn.QUARTILE.INC($K$10:$K$29,3)+1.5*(_xlfn.QUARTILE.INC($K$10:$K$29,3)-_xlfn.QUARTILE.INC($K$10:$K$29,1))),\"Não\",\"Sim\"),\"\")","v":""}]
[{"$nulls":9},"","","",null,null,{"$f":"IF(ISNUMBER(K14),IF(OR(K14<_xlfn.QUARTILE.INC($K$10:$K$29,1)-1.5*(_xlfn.QUARTILE.INC($K$10:K32,3)-_xlfn.QUARTILE.INC($K$10:$K$29,1)),K14>_xlfn.QUARTILE.INC($K$10:$K$29,3)+1.5*(_xlfn.QUARTILE.INC($K$10:$K$29,3)-_xlfn.QUARTILE.INC($K$10:$K$29,1))),\"Não\",\"Sim\"),\"\")","v":""}]
[{"$nulls":9},"","","",null,null,{"$f":"IF(ISNUMBER(K15),IF(OR(K15<_xlfn.QUARTILE.INC($K$10:$K$29,1)-1.5*(_xlfn.QUARTILE.INC($K$10:K35,3)-_xlfn.QUARTILE.INC($K$10:$K$29,1)),K15>_xlfn.QUARTILE.INC($K$10:$K$29,3)+1.5*(_xlfn.QUARTILE.INC($K$10:$K$29,3)-_xlfn.QUARTILE.INC($K$10:$K$29,1))),\"Não\",\"Sim\"),\"\")","v":""}]
[{"$nulls":9},"","","",null,null,{"$f":"IF(ISNUMBER(K16),IF(OR(K16<_xlfn.QUARTILE.INC($K$10:$K$29,1)-1.5*(_xlfn.QUARTILE.INC($I$10:I37,3)-_xlfn.QUARTILE.INC($K$10:$K$29,1)),K16>_xlfn.QUARTILE.INC($K$10:$K$29,3)+1.5*(_xlfn.QUARTILE.INC($K$10:$K$29,3)-_xlfn.QUARTILE.INC($K$10:$K$29,1))),\"Não\",\"Sim\"),\"\")","v":""}]
[null,"COTAÇÕES DE MERCADO",{"$nulls":12},"Cotações"]
[null,"Empresa",{"$nulls":7},"Data","Preço Unitário","Utilizar? (Sim/Não)",null,null,"Outliers","Por critério do(a) analista"]
[null,"Tramontina - https://www.tramontina.com.br/facao-para-mato-tramontina-com-lamina-em-aco-carbono-e-cabo-de-polipropileno-preto-18%22/26600018.html?gad_source=1&gad_campaignid=16780160538&gbraid=0AAAAAC9EDsKujCb0PFgStWkXQXTz1ty1-&gclid=CjwKCAjw46HPBhAMEiwASZpLRAmoGpX2PZStMjgUdG4u__2DNtXp2Y5JeLz5RNNBRhepjFrg3R5FIxoCwMIQAvD_BwE",{"$nulls":7},"2026-04-22",45.04,{"$f":"IF(ISNUMBER(K19),IF($L$32=$O$18,O19,IF($L$32=$P$18,P19,\"\")),\"\")","v":"Sim"},null,null,{"$f":"IF(ISNUMBER(K19),IF(OR(K19<_xlfn.QUARTILE.INC($K$10:$K$29,1)-1.5*(_xlfn.QUARTILE.INC($K$10:$K$29,3)-_xlfn.QUARTILE.INC($K$10:$K$29,1)),K19>_xlfn.QUARTILE.INC($K$10:$K$29,3)+1.5*(_xlfn.QUARTILE.INC($K$10:$K$29,3)-_xlfn.QUARTILE.INC($K$10:$K$29,1))),\"Não\",\"Sim\"),\"\")","v":"Sim"}]
[null,"Minas Ferramentas - https://www.minasferramentas.com.br/5074/facao-para-mato-com-cabo-de-polipropileno-18-paraboni-46072?gad_source=1&gad_campaignid=23265587657&gbraid=0AAAAADEVR92jiWNf3yf7ju56pj0wjr6vU&gclid=CjwKCAjw46HPBhAMEiwASZpLRGCL6KoETvTZNOXKhyrMD6gAkPDixYhRNiTjBukNvUFF4l1EVA3G8BoCSRgQAvD_BwE",{"$nulls":7},"2026-04-22",19.48,"Sim",null,null,"Sim"]
[null,"Ritec - https://www.ritec.com.br/facao-para-mato-com-cabo-preto-em-polipropileno-18-26601-018-tramontina-1101110?utm_source=google&utm_medium=paid&utm_campaign={campaignname}&utm_content=&gad_source=4&gad_campaignid=17633094922&gbraid=0AAAAADPjSQWZEyGS1JHCsT0XVdkD678Jy&gclid=CjwKCAjw46HPBhAMEiwASZpLRN8AElyt_MmDVFBn2yIh3QhRnYEgnZZXGm3DqtBuMg4vLOlWqgCTLxoCX7YQAvD_BwE",{"$nulls":7},"2026-04-22",28.95,"Sim",null,null,"Sim"]
[{"$nulls":11},"",null,null,""]
[{"$nulls":11},"",null,null,""]
[{"$nulls":11},"",null,null,""]
[{"$nulls":11},"",null,null,""]
[{"$nulls":11},"",null,null,""]
[{"$nulls":11},"",null,null,""]
[{"$nulls":11},"",null,null,""]
[{"$nulls":11},"",null,null,""]
[null,"Observações:",{"$nulls":8},"Média:",{"$f":"IF($L$32=\"\",\"Selecione metodologia para exclusão de preços\",AVERAGE(IF($L$10:$L$29=\"Sim\",$K$10:$K$29)))","v":31.156666666666666},null,"Média (Cotações)",{"$f":"IF(COUNTIF(O19:O29,\"Sim\")<3,\"N/D (são necessários pelo menos 3 preços)\",AVERAGE(IF(O19:O29=\"Sim\",$K19:$K29)))","v":31.156666666666666},{"$f":"IF(COUNTIF(P19:P29,\"Sim\")<3,\"N/D (são necessários pelo menos 3 preços)\",AVERAGE(IF(P19:P29=\"Sim\",$K19:$K29)))","v":"N/D (são necessários pelo menos 3 preços)"}]
[{"$nulls":10},"Mediana:",{"$f":"IF($L$32=\"\",\"Selecione metodologia para exclusão de preços\",MEDIAN(IF($L$10:$L$29=\"Sim\",$K$10:$K$29)))","v":28.95},null,"Mediana (Cotações)",{"$f":"IF(COUNTIF(O19:O29,\"Sim\")<3,\"N/D (são necessários pelo menos 3 preços)\",MEDIAN(IF(O19:O29=\"Sim\",$K19:$K29)))","v":28.95},{"$f":"IF(COUNTIF(P19:P29,\"Sim\")<3,\"N/D (são necessários pelo menos 3 preços)\",MEDIAN(IF(P19:P29=\"Sim\",$K19:$K29)))","v":"N/D (são necessários pelo menos 3 preços)"}]
[null,"Metodologia de exclusão de preços adotada:",{"$nulls":9},{"$f":"IF(O35=\"\",INDEX(O18:P18,MATCH(MIN(#REF!),#REF!,0)),O35)","v":"Outliers"},null,"CV (Cotações)",{"$f":"IF(COUNTIF(O19:O29,\"Sim\")<3,\"N/D (são necessários pelo menos 3 preços)\",_xlfn.STDEV.S(IF(O19:O29=\"Sim\",$K19:$K29))/AVERAGE(IF(O19:O29=\"Sim\",$K19:$K29)))","v":0.41474561583655778},{"$f":"IF(COUNTIF(P19:P29,\"Sim\")<3,\"N/D (são necessários pelo menos 3 preços)\",_xlfn.STDEV.S(IF(P19:P29=\"Sim\",$K19:$K29))/AVERAGE(IF(P19:P29=\"Sim\",$K19:$K29)))","v":"N/D (são necessários pelo menos 3 preços)"}]
[{"$nulls":13},"Média",{"$f":"IF(SUM(COUNTIF($O$10:$O$16,\"Sim\")) + SUM(COUNTIF(O19:O29,\"Sim\")) < 3,\n   \"N/D (são necessários pelo menos 3 preços)\",\n   IFERROR(AVERAGE(_xlfn._xlws.FILTER($K$10:$K$16,$O$10:$O$16=\"Sim\"), _xlfn._xlws.FILTER($K$19:$K$29,O19:O29=\"Sim\")),O30))","v":31.156666666666666},{"$f":"IF(SUM(COUNTIF($P$10:$P$16,\"Sim\")) + SUM(COUNTIF(P19:P29,\"Sim\")) < 3,\n   \"N/D (são necessários pelo menos 3 preços)\",\n   IFERROR(AVERAGE(_xlfn._xlws.FILTER($K$10:$K$16,$P$10:$P$16=\"Sim\"), _xlfn._xlws.FILTER($K$19:$K$29,P19:P29=\"Sim\")),P30))","v":"N/D (são necessários pelo menos 3 preços)"}]
[{"$nulls":13},"Mediana",{"$f":"IF(SUM(COUNTIF($O$10:$O$16,\"Sim\")) + SUM(COUNTIF(O19:O29,\"Sim\")) < 3,\n   \"N/D (são necessários pelo menos 3 preços)\",\n   IFERROR(MEDIAN(_xlfn._xlws.FILTER($K$10:$K$16,$O$10:$O$16=\"Sim\"), _xlfn._xlws.FILTER($K$19:$K$29,O19:O29=\"Sim\")),O31))","v":28.95},{"$f":"IF(SUM(COUNTIF($P10:$P$16,\"Sim\")) + SUM(COUNTIF(P19:P29,\"Sim\")) < 3,\n   \"N/D (são necessários pelo menos 3 preços)\",\n   IFERROR(MEDIAN(_xlfn._xlws.FILTER($K$10:$K$16,$P$10:$P$16=\"Sim\"), _xlfn._xlws.FILTER($K$19:$K$29,P19:P29=\"Sim\")),P31))","v":"N/D (são necessários pelo menos 3 preços)"}]
[null,"COSOLIDAÇÃO DOS PREÇOS",{"$nulls":11},"Metodologia a adotar:",{"$f":"IF(INDEX(O18:P18,P35)=0,\"\",INDEX(O18:P18,P35))","v":"Outliers"},1]
[]
[null,"PREÇO UNITÁRIO ESTIMADO ADOTADO:",{"$nulls":9},{"$f":"IF($B$39=\"Mediana:\",L31,L30)","v":28.95}]
[]
[{"$f":"O18","v":"Outliers"},"Mediana:"]

{"sheet":"Machado","index":55,"n_rows":39,"n_cols":16,"rows_kept":39,"cut":false,"hidden":true,"merged":[[16,1,16,11],[16,14,16,15],[0,0,0,6],[6,2,6,7],[6,14,6,15],[7,1,7,11],[7,14,7,15],[28,1,28,8],[17,1,17,8],[18,1,18,8],[19,1,19,8],[20,1,20,8],[21,1,21,8],[22,1,22,8],[23,1,23,8],[24,1,24,8],[25,1,25,8],[26,1,26,8],[27,1,27,8],[31,1,33,10],[31,11,33,11],[34,1,35,10],[34,11,35,11],[36,1,36,10]]}
[]
[null,"Processo"]
[null,"Responsável"]
[null,"Área de Origem"]
[null,"Data da pesquisa"]
[]
[null,"ITEM:","MACHADO para bombeiro, com cabeça chata,cunha de ferro cortante e cabo de madeira",{"$nulls":5},"UNIDADE DE MEDIDA:","Unidade","QUANTIDADE:",2,null,null,"Tabela auxiliar de metodologias para exclusão de preços"]
[null,"LICITAÇÕES ANTERIORES",{"$nulls":12},"Licitações Anteriores"]
[null,"Órgão","Edital/Ano - Nº do Lote / Item","Quantidade","Valor Unitário","Data","índice de atualização (nome)","I0","If","Variação acumulada do índice (%)","Preço unitário atualizado","Utilizar?  (Sim/Não)",null,null,"Outliers","Por critério do(a) analista"]
[{"$nulls":9},{"$f":"IF(ISBLANK(E10),\"\",IF(ISNUMBER(H10),(I10-H10)/H10,0))","v":""},{"$f":"IF(ISBLANK(E10),\"\",E10*(1+J10))","v":""},{"$f":"IF(ISNUMBER(K10),IF($L$32<>$P$9,O10,P10),\"\")","v":""},null,null,{"$f":"IF(ISNUMBER(K10),IF(OR(K10<_xlfn.QUARTILE.INC($K$10:$K$29,1)-1.5*(_xlfn.QUARTILE.INC($K$10:K29,3)-_xlfn.QUARTILE.INC($K$10:$K$29,1)),K10>_xlfn.QUARTILE.INC($K$10:$K$29,3)+1.5*(_xlfn.QUARTILE.INC($K$10:$K$29,3)-_xlfn.QUARTILE.INC($K$10:$K$29,1))),\"Não\",\"Sim\"),\"\")","v":""}]
[{"$nulls":9},{"$f":"IF(ISBLANK(E11),\"\",IF(ISNUMBER(H11),(I11-H11)/H11,0))","v":""},{"$f":"IF(ISBLANK(E11),\"\",E11*(1+J11))","v":""},"",null,null,{"$f":"IF(ISNUMBER(K11),IF(OR(K11<_xlfn.QUARTILE.INC($K$10:$K$29,1)-1.5*(_xlfn.QUARTILE.INC($K$10:K29,3)-_xlfn.QUARTILE.INC($K$10:$K$29,1)),K11>_xlfn.QUARTILE.INC($K$10:$K$29,3)+1.5*(_xlfn.QUARTILE.INC($K$10:$K$29,3)-_xlfn.QUARTILE.INC($K$10:$K$29,1))),\"Não\",\"Sim\"),\"\")","v":""}]
[{"$nulls":9},"","","",null,null,{"$f":"IF(ISNUMBER(K12),IF(OR(K12<_xlfn.QUARTILE.INC($K$10:$K$29,1)-1.5*(_xlfn.QUARTILE.INC($K$10:K30,3)-_xlfn.QUARTILE.INC($K$10:$K$29,1)),K12>_xlfn.QUARTILE.INC($K$10:$K$29,3)+1.5*(_xlfn.QUARTILE.INC($K$10:$K$29,3)-_xlfn.QUARTILE.INC($K$10:$K$29,1))),\"Não\",\"Sim\"),\"\")","v":""}]
[{"$nulls":9},"","","",null,null,{"$f":"IF(ISNUMBER(K13),IF(OR(K13<_xlfn.QUARTILE.INC($K$10:$K$29,1)-1.5*(_xlfn.QUARTILE.INC($K$10:K31,3)-_xlfn.QUARTILE.INC($K$10:$K$29,1)),K13>_xlfn.QUARTILE.INC($K$10:$K$29,3)+1.5*(_xlfn.QUARTILE.INC($K$10:$K$29,3)-_xlfn.QUARTILE.INC($K$10:$K$29,1))),\"Não\",\"Sim\"),\"\")","v":""}]
[{"$nulls":9},"","","",null,null,{"$f":"IF(ISNUMBER(K14),IF(OR(K14<_xlfn.QUARTILE.INC($K$10:$K$29,1)-1.5*(_xlfn.QUARTILE.INC($K$10:K32,3)-_xlfn.QUARTILE.INC($K$10:$K$29,1)),K14>_xlfn.QUARTILE.INC($K$10:$K$29,3)+1.5*(_xlfn.QUARTILE.INC($K$10:$K$29,3)-_xlfn.QUARTILE.INC($K$10:$K$29,1))),\"Não\",\"Sim\"),\"\")","v":""}]
[{"$nulls":9},"","","",null,null,{"$f":"IF(ISNUMBER(K15),IF(OR(K15<_xlfn.QUARTILE.INC($K$10:$K$29,1)-1.5*(_xlfn.QUARTILE.INC($K$10:K35,3)-_xlfn.QUARTILE.INC($K$10:$K$29,1)),K15>_xlfn.QUARTILE.INC($K$10:$K$29,3)+1.5*(_xlfn.QUARTILE.INC($K$10:$K$29,3)-_xlfn.QUARTILE.INC($K$10:$K$29,1))),\"Não\",\"Sim\"),\"\")","v":""}]
[{"$nulls":9},"","","",null,null,{"$f":"IF(ISNUMBER(K16),IF(OR(K16<_xlfn.QUARTILE.INC($K$10:$K$29,1)-1.5*(_xlfn.QUARTILE.INC($I$10:I37,3)-_xlfn.QUARTILE.INC($K$10:$K$29,1)),K16>_xlfn.QUARTILE.INC($K$10:$K$29,3)+1.5*(_xlfn.QUARTILE.INC($K$10:$K$29,3)-_xlfn.QUARTILE.INC($K$10:$K$29,1))),\"Não\",\"Sim\"),\"\")","v":""}]
[null,"COTAÇÕES DE MERCADO",{"$nulls":12},"Cotações"]
[null,"Empresa",{"$nulls":7},"Data","Preço Unitário","Utilizar? (Sim/Não)",null,null,"Outliers","Por critério do(a) analista"]
[null,"Mercado Livre - https://www.mercadolivre.com.br/machado-machado-para-bombeiros-bellota-arrombador-com-alca-de-madeira/p/MLB68445782#polycard_client=search-desktop&be_origin=backend&search_layout=grid&position=3&type=product&tracking_id=aa1acb50-30d5-4f42-b1d5-6fd701cb61d9&wid=MLB4626757531&sid=search",{"$nulls":7},"2026-04-23",429.87,{"$f":"IF(ISNUMBER(K19),IF($L$32=$O$18,O19,IF($L$32=$P$18,P19,\"\")),\"\")","v":"Sim"},null,null,{"$f":"IF(ISNUMBER(K19),IF(OR(K19<_xlfn.QUARTILE.INC($K$10:$K$29,1)-1.5*(_xlfn.QUARTILE.INC($K$10:$K$29,3)-_xlfn.QUARTILE.INC($K$10:$K$29,1)),K19>_xlfn.QUARTILE.INC($K$10:$K$29,3)+1.5*(_xlfn.QUARTILE.INC($K$10:$K$29,3)-_xlfn.QUARTILE.INC($K$10:$K$29,1))),\"Não\",\"Sim\"),\"\")","v":"Sim"}]
[null,"Mercado Livre - https://www.mercadolivre.com.br/machado-de-bombeiro-arrombador-cabo-de-madeira/up/MLBU3424133467#polycard_client=search-desktop&be_origin=backend&search_layout=grid&position=2&type=product&tracking_id=c237fbde-8e21-40e2-b876-c835e11fd5b5&wid=MLB4210111267&sid=search",{"$nulls":7},"2026-04-23",322.44,"Sim",null,null,"Sim"]
[null,"Mercado Livre - https://www.mercadolivre.com.br/machado-woods-nobo-aco-carbono-1055-cr2732/up/MLBU728463201#polycard_client=search-desktop&be_origin=backend&search_layout=grid&position=24&type=product&tracking_id=42fe3204-7300-4b3f-bd25-738483bbdb32&wid=MLB1330750560&sid=search",{"$nulls":7},"2026-04-23",611.28,"Sim",null,null,"Sim"]
[null,"SOS Sul Casa do Bombeiro - https://www.loja.sossul.com.br/combate-a-incendio/machado-com-cunha-divisora-e-cabo-de-hickory-prandi?srsltid=AfmBOoo9Irg8AL30gusEAwMXoMODquyDuVGUpWwYiyKYLZg0jEesIvz6",{"$nulls":7},"2026-04-23",779.99,"Sim",null,null,"Sim"]
[{"$nulls":11},"",null,null,""]
[{"$nulls":11},"",null,null,""]
[{"$nulls":11},"",null,null,""]
[{"$nulls":11},"",null,null,""]
[{"$nulls":11},"",null,null,""]
[{"$nulls":11},"",null,null,""]
[{"$nulls":11},"",null,null,""]
[null,"Observações:",{"$nulls":8},"Média:",{"$f":"IF($L$32=\"\",\"Selecione metodologia para exclusão de preços\",AVERAGE(IF($L$10:$L$29=\"Sim\",$K$10:$K$29)))","v":535.89499999999998},null,"Média (Cotações)",{"$f":"IF(COUNTIF(O19:O29,\"Sim\")<3,\"N/D (são necessários pelo menos 3 preços)\",AVERAGE(IF(O19:O29=\"Sim\",$K19:$K29)))","v":535.89499999999998},{"$f":"IF(COUNTIF(P19:P29,\"Sim\")<3,\"N/D (são necessários pelo menos 3 preços)\",AVERAGE(IF(P19:P29=\"Sim\",$K19:$K29)))","v":"N/D (são necessários pelo menos 3 preços)"}]
[{"$nulls":10},"Mediana:",{"$f":"IF($L$32=\"\",\"Selecione metodologia para exclusão de preços\",MEDIAN(IF($L$10:$L$29=\"Sim\",$K$10:$K$29)))","v":520.57500000000005},null,"Mediana (Cotações)",{"$f":"IF(COUNTIF(O19:O29,\"Sim\")<3,\"N/D (são necessários pelo menos 3 preços)\",MEDIAN(IF(O19:O29=\"Sim\",$K19:$K29)))","v":520.57500000000005},{"$f":"IF(COUNTIF(P19:P29,\"Sim\")<3,\"N/D (são necessários pelo menos 3 preços)\",MEDIAN(IF(P19:P29=\"Sim\",$K19:$K29)))","v":"N/D (são necessários pelo menos 3 preços)"}]
[null,"Metodologia de exclusão de preços adotada:",{"$nulls":9},{"$f":"IF(O35=\"\",INDEX(O18:P18,MATCH(MIN(#REF!),#REF!,0)),O35)","v":"Outliers"},null,"CV (Cotações)",{"$f":"IF(COUNTIF(O19:O29,\"Sim\")<3,\"N/D (são necessários pelo menos 3 preços)\",_xlfn.STDEV.S(IF(O19:O29=\"Sim\",$K19:$K29))/AVERAGE(IF(O19:O29=\"Sim\",$K19:$K29)))","v":0.37641197990130992},{"$f":"IF(COUNTIF(P19:P29,\"Sim\")<3,\"N/D (são necessários pelo menos 3 preços)\",_xlfn.STDEV.S(IF(P19:P29=\"Sim\",$K19:$K29))/AVERAGE(IF(P19:P29=\"Sim\",$K19:$K29)))","v":"N/D (são necessários pelo menos 3 preços)"}]
[{"$nulls":13},"Média",{"$f":"IF(SUM(COUNTIF($O$10:$O$16,\"Sim\")) + SUM(COUNTIF(O19:O29,\"Sim\")) < 3,\n   \"N/D (são necessários pelo menos 3 preços)\",\n   IFERROR(AVERAGE(_xlfn._xlws.FILTER($K$10:$K$16,$O$10:$O$16=\"Sim\"), _xlfn._xlws.FILTER($K$19:$K$29,O19:O29=\"Sim\")),O30))","v":535.89499999999998},{"$f":"IF(SUM(COUNTIF($P$10:$P$16,\"Sim\")) + SUM(COUNTIF(P19:P29,\"Sim\")) < 3,\n   \"N/D (são necessários pelo menos 3 preços)\",\n   IFERROR(AVERAGE(_xlfn._xlws.FILTER($K$10:$K$16,$P$10:$P$16=\"Sim\"), _xlfn._xlws.FILTER($K$19:$K$29,P19:P29=\"Sim\")),P30))","v":"N/D (são necessários pelo menos 3 preços)"}]
[{"$nulls":13},"Mediana",{"$f":"IF(SUM(COUNTIF($O$10:$O$16,\"Sim\")) + SUM(COUNTIF(O19:O29,\"Sim\")) < 3,\n   \"N/D (são necessários pelo menos 3 preços)\",\n   IFERROR(MEDIAN(_xlfn._xlws.FILTER($K$10:$K$16,$O$10:$O$16=\"Sim\"), _xlfn._xlws.FILTER($K$19:$K$29,O19:O29=\"Sim\")),O31))","v":520.57500000000005},{"$f":"IF(SUM(COUNTIF($P10:$P$16,\"Sim\")) + SUM(COUNTIF(P19:P29,\"Sim\")) < 3,\n   \"N/D (são necessários pelo menos 3 preços)\",\n   IFERROR(MEDIAN(_xlfn._xlws.FILTER($K$10:$K$16,$P$10:$P$16=\"Sim\"), _xlfn._xlws.FILTER($K$19:$K$29,P19:P29=\"Sim\")),P31))","v":"N/D (são necessários pelo menos 3 preços)"}]
[null,"COSOLIDAÇÃO DOS PREÇOS",{"$nulls":11},"Metodologia a adotar:",{"$f":"IF(INDEX(O18:P18,P35)=0,\"\",INDEX(O18:P18,P35))","v":"Outliers"},1]
[]
[null,"PREÇO UNITÁRIO ESTIMADO ADOTADO:",{"$nulls":9},{"$f":"IF($B$39=\"Mediana:\",L31,L30)","v":520.57500000000005}]
[]
[{"$f":"O18","v":"Outliers"},"Mediana:"]

{"sheet":"Marreta","index":56,"n_rows":39,"n_cols":16,"rows_kept":39,"cut":false,"hidden":true,"merged":[[16,1,16,11],[16,14,16,15],[0,0,0,6],[6,2,6,7],[6,14,6,15],[7,1,7,11],[7,14,7,15],[28,1,28,8],[17,1,17,8],[18,1,18,8],[19,1,19,8],[20,1,20,8],[21,1,21,8],[22,1,22,8],[23,1,23,8],[24,1,24,8],[25,1,25,8],[26,1,26,8],[27,1,27,8],[31,1,33,10],[31,11,33,11],[34,1,35,10],[34,11,35,11],[36,1,36,10]]}
[]
[null,"Processo"]
[null,"Responsável"]
[null,"Área de Origem"]
[null,"Data da pesquisa"]
[]
[null,"ITEM:","MARRETA de 5kg, com base polida, cabo curto de madeira fixado com cunhas metálicas",{"$nulls":5},"UNIDADE DE MEDIDA:","Unidade","QUANTIDADE:",2,null,null,"Tabela auxiliar de metodologias para exclusão de preços"]
[null,"LICITAÇÕES ANTERIORES",{"$nulls":12},"Licitações Anteriores"]
[null,"Órgão","Edital/Ano - Nº do Lote / Item","Quantidade","Valor Unitário","Data","índice de atualização (nome)","I0","If","Variação acumulada do índice (%)","Preço unitário atualizado","Utilizar?  (Sim/Não)",null,null,"Outliers","Por critério do(a) analista"]
[{"$nulls":9},{"$f":"IF(ISBLANK(E10),\"\",IF(ISNUMBER(H10),(I10-H10)/H10,0))","v":""},{"$f":"IF(ISBLANK(E10),\"\",E10*(1+J10))","v":""},{"$f":"IF(ISNUMBER(K10),IF($L$32<>$P$9,O10,P10),\"\")","v":""},null,null,{"$f":"IF(ISNUMBER(K10),IF(OR(K10<_xlfn.QUARTILE.INC($K$10:$K$29,1)-1.5*(_xlfn.QUARTILE.INC($K$10:K29,3)-_xlfn.QUARTILE.INC($K$10:$K$29,1)),K10>_xlfn.QUARTILE.INC($K$10:$K$29,3)+1.5*(_xlfn.QUARTILE.INC($K$10:$K$29,3)-_xlfn.QUARTILE.INC($K$10:$K$29,1))),\"Não\",\"Sim\"),\"\")","v":""}]
[{"$nulls":9},{"$f":"IF(ISBLANK(E11),\"\",IF(ISNUMBER(H11),(I11-H11)/H11,0))","v":""},{"$f":"IF(ISBLANK(E11),\"\",E11*(1+J11))","v":""},"",null,null,{"$f":"IF(ISNUMBER(K11),IF(OR(K11<_xlfn.QUARTILE.INC($K$10:$K$29,1)-1.5*(_xlfn.QUARTILE.INC($K$10:K29,3)-_xlfn.QUARTILE.INC($K$10:$K$29,1)),K11>_xlfn.QUARTILE.INC($K$10:$K$29,3)+1.5*(_xlfn.QUARTILE.INC($K$10:$K$29,3)-_xlfn.QUARTILE.INC($K$10:$K$29,1))),\"Não\",\"Sim\"),\"\")","v":""}]
[{"$nulls":9},"","","",null,null,{"$f":"IF(ISNUMBER(K12),IF(OR(K12<_xlfn.QUARTILE.INC($K$10:$K$29,1)-1.5*(_xlfn.QUARTILE.INC($K$10:K30,3)-_xlfn.QUARTILE.INC($K$10:$K$29,1)),K12>_xlfn.QUARTILE.INC($K$10:$K$29,3)+1.5*(_xlfn.QUARTILE.INC($K$10:$K$29,3)-_xlfn.QUARTILE.INC($K$10:$K$29,1))),\"Não\",\"Sim\"),\"\")","v":""}]
[{"$nulls":9},"","","",null,null,{"$f":"IF(ISNUMBER(K13),IF(OR(K13<_xlfn.QUARTILE.INC($K$10:$K$29,1)-1.5*(_xlfn.QUARTILE.INC($K$10:K31,3)-_xlfn.QUARTILE.INC($K$10:$K$29,1)),K13>_xlfn.QUARTILE.INC($K$10:$K$29,3)+1.5*(_xlfn.QUARTILE.INC($K$10:$K$29,3)-_xlfn.QUARTILE.INC($K$10:$K$29,1))),\"Não\",\"Sim\"),\"\")","v":""}]
[{"$nulls":9},"","","",null,null,{"$f":"IF(ISNUMBER(K14),IF(OR(K14<_xlfn.QUARTILE.INC($K$10:$K$29,1)-1.5*(_xlfn.QUARTILE.INC($K$10:K32,3)-_xlfn.QUARTILE.INC($K$10:$K$29,1)),K14>_xlfn.QUARTILE.INC($K$10:$K$29,3)+1.5*(_xlfn.QUARTILE.INC($K$10:$K$29,3)-_xlfn.QUARTILE.INC($K$10:$K$29,1))),\"Não\",\"Sim\"),\"\")","v":""}]
[{"$nulls":9},"","","",null,null,{"$f":"IF(ISNUMBER(K15),IF(OR(K15<_xlfn.QUARTILE.INC($K$10:$K$29,1)-1.5*(_xlfn.QUARTILE.INC($K$10:K35,3)-_xlfn.QUARTILE.INC($K$10:$K$29,1)),K15>_xlfn.QUARTILE.INC($K$10:$K$29,3)+1.5*(_xlfn.QUARTILE.INC($K$10:$K$29,3)-_xlfn.QUARTILE.INC($K$10:$K$29,1))),\"Não\",\"Sim\"),\"\")","v":""}]
[{"$nulls":9},"","","",null,null,{"$f":"IF(ISNUMBER(K16),IF(OR(K16<_xlfn.QUARTILE.INC($K$10:$K$29,1)-1.5*(_xlfn.QUARTILE.INC($I$10:I37,3)-_xlfn.QUARTILE.INC($K$10:$K$29,1)),K16>_xlfn.QUARTILE.INC($K$10:$K$29,3)+1.5*(_xlfn.QUARTILE.INC($K$10:$K$29,3)-_xlfn.QUARTILE.INC($K$10:$K$29,1))),\"Não\",\"Sim\"),\"\")","v":""}]
[null,"COTAÇÕES DE MERCADO",{"$nulls":12},"Cotações"]
[null,"Empresa",{"$nulls":7},"Data","Preço Unitário","Utilizar? (Sim/Não)",null,null,"Outliers","Por critério do(a) analista"]
[null,"Anhanguera Ferramentas - https://www.anhangueraferramentas.com.br/produto/marreta-oitavada-5kg-com-cabo-de-madeira-r92200583-gedore-red-133606?gad_source=1&gad_campaignid=22535366575&gbraid=0AAAAADs0iZKAaFMSVNuYAF9mhcQk0ySoh&gclid=CjwKCAjw46HPBhAMEiwASZpLRMo20UJG4SiL_TofgU_ev9rLh6-k8dev1FdGQAoH4pmA8V2QLWPqDxoC0QsQAvD_BwE",{"$nulls":7},"2026-04-22",274.99,{"$f":"IF(ISNUMBER(K19),IF($L$32=$O$18,O19,IF($L$32=$P$18,P19,\"\")),\"\")","v":"Sim"},null,null,{"$f":"IF(ISNUMBER(K19),IF(OR(K19<_xlfn.QUARTILE.INC($K$10:$K$29,1)-1.5*(_xlfn.QUARTILE.INC($K$10:$K$29,3)-_xlfn.QUARTILE.INC($K$10:$K$29,1)),K19>_xlfn.QUARTILE.INC($K$10:$K$29,3)+1.5*(_xlfn.QUARTILE.INC($K$10:$K$29,3)-_xlfn.QUARTILE.INC($K$10:$K$29,1))),\"Não\",\"Sim\"),\"\")","v":"Sim"}]
[null,"Ferramentas Kennedy - https://www.ferramentaskennedy.com.br/marreta-tenace-5kg-com-cabo-agr-876690/p?srsltid=AfmBOoosnp3rF_UpAoOaFK08syDbfG9cXM2vR5rCdQyaWRol_rG5v8FjuR4",{"$nulls":7},"2026-04-22",130.99,"Sim",null,null,"Sim"]
[null,"Magazine Luiza - https://www.magazineluiza.com.br/marreta-c-cab-50kg-forj-oit-m-sul-minasul/p/ea55cc4jj1/fs/marr/?seller_id=uaiexpress1&srsltid=AfmBOorlQvr_yWTJ9rQs5UCI9Pi7iGKbjg81V-EPo3jvjteUZ-T8ORULfxQ",{"$nulls":7},"2026-04-22",184.58,"Sim",null,null,"Sim"]
[{"$nulls":11},"",null,null,""]
[{"$nulls":11},"",null,null,""]
[{"$nulls":11},"",null,null,""]
[{"$nulls":11},"",null,null,""]
[{"$nulls":11},"",null,null,""]
[{"$nulls":11},"",null,null,""]
[{"$nulls":11},"",null,null,""]
[{"$nulls":11},"",null,null,""]
[null,"Observações:",{"$nulls":8},"Média:",{"$f":"IF($L$32=\"\",\"Selecione metodologia para exclusão de preços\",AVERAGE(IF($L$10:$L$29=\"Sim\",$K$10:$K$29)))","v":196.85333333333335},null,"Média (Cotações)",{"$f":"IF(COUNTIF(O19:O29,\"Sim\")<3,\"N/D (são necessários pelo menos 3 preços)\",AVERAGE(IF(O19:O29=\"Sim\",$K19:$K29)))","v":196.85333333333335},{"$f":"IF(COUNTIF(P19:P29,\"Sim\")<3,\"N/D (são necessários pelo menos 3 preços)\",AVERAGE(IF(P19:P29=\"Sim\",$K19:$K29)))","v":"N/D (são necessários pelo menos 3 preços)"}]
[{"$nulls":10},"Mediana:",{"$f":"IF($L$32=\"\",\"Selecione metodologia para exclusão de preços\",MEDIAN(IF($L$10:$L$29=\"Sim\",$K$10:$K$29)))","v":184.58},null,"Mediana (Cotações)",{"$f":"IF(COUNTIF(O19:O29,\"Sim\")<3,\"N/D (são necessários pelo menos 3 preços)\",MEDIAN(IF(O19:O29=\"Sim\",$K19:$K29)))","v":184.58},{"$f":"IF(COUNTIF(P19:P29,\"Sim\")<3,\"N/D (são necessários pelo menos 3 preços)\",MEDIAN(IF(P19:P29=\"Sim\",$K19:$K29)))","v":"N/D (são necessários pelo menos 3 preços)"}]
[null,"Metodologia de exclusão de preços adotada:",{"$nulls":9},{"$f":"IF(O35=\"\",INDEX(O18:P18,MATCH(MIN(#REF!),#REF!,0)),O35)","v":"Outliers"},null,"CV (Cotações)",{"$f":"IF(COUNTIF(O19:O29,\"Sim\")<3,\"N/D (são necessários pelo menos 3 preços)\",_xlfn.STDEV.S(IF(O19:O29=\"Sim\",$K19:$K29))/AVERAGE(IF(O19:O29=\"Sim\",$K19:$K29)))","v":0.36971854125498099},{"$f":"IF(COUNTIF(P19:P29,\"Sim\")<3,\"N/D (são necessários pelo menos 3 preços)\",_xlfn.STDEV.S(IF(P19:P29=\"Sim\",$K19:$K29))/AVERAGE(IF(P19:P29=\"Sim\",$K19:$K29)))","v":"N/D (são necessários pelo menos 3 preços)"}]
[{"$nulls":13},"Média",{"$f":"IF(SUM(COUNTIF($O$10:$O$16,\"Sim\")) + SUM(COUNTIF(O19:O29,\"Sim\")) < 3,\n   \"N/D (são necessários pelo menos 3 preços)\",\n   IFERROR(AVERAGE(_xlfn._xlws.FILTER($K$10:$K$16,$O$10:$O$16=\"Sim\"), _xlfn._xlws.FILTER($K$19:$K$29,O19:O29=\"Sim\")),O30))","v":196.85333333333335},{"$f":"IF(SUM(COUNTIF($P$10:$P$16,\"Sim\")) + SUM(COUNTIF(P19:P29,\"Sim\")) < 3,\n   \"N/D (são necessários pelo menos 3 preços)\",\n   IFERROR(AVERAGE(_xlfn._xlws.FILTER($K$10:$K$16,$P$10:$P$16=\"Sim\"), _xlfn._xlws.FILTER($K$19:$K$29,P19:P29=\"Sim\")),P30))","v":"N/D (são necessários pelo menos 3 preços)"}]
[{"$nulls":13},"Mediana",{"$f":"IF(SUM(COUNTIF($O$10:$O$16,\"Sim\")) + SUM(COUNTIF(O19:O29,\"Sim\")) < 3,\n   \"N/D (são necessários pelo menos 3 preços)\",\n   IFERROR(MEDIAN(_xlfn._xlws.FILTER($K$10:$K$16,$O$10:$O$16=\"Sim\"), _xlfn._xlws.FILTER($K$19:$K$29,O19:O29=\"Sim\")),O31))","v":184.58},{"$f":"IF(SUM(COUNTIF($P10:$P$16,\"Sim\")) + SUM(COUNTIF(P19:P29,\"Sim\")) < 3,\n   \"N/D (são necessários pelo menos 3 preços)\",\n   IFERROR(MEDIAN(_xlfn._xlws.FILTER($K$10:$K$16,$P$10:$P$16=\"Sim\"), _xlfn._xlws.FILTER($K$19:$K$29,P19:P29=\"Sim\")),P31))","v":"N/D (são necessários pelo menos 3 preços)"}]
[null,"COSOLIDAÇÃO DOS PREÇOS",{"$nulls":11},"Metodologia a adotar:",{"$f":"IF(INDEX(O18:P18,P35)=0,\"\",INDEX(O18:P18,P35))","v":"Outliers"},1]
[]
[null,"PREÇO UNITÁRIO ESTIMADO ADOTADO:",{"$nulls":9},{"$f":"IF($B$39=\"Mediana:\",L31,L30)","v":184.58}]
[]
[{"$f":"O18","v":"Outliers"},"Mediana:"]

{"sheet":"Martelo","index":57,"n_rows":39,"n_cols":16,"rows_kept":39,"cut":false,"hidden":true,"merged":[[16,1,16,11],[16,14,16,15],[0,0,0,6],[6,2,6,7],[6,14,6,15],[7,1,7,11],[7,14,7,15],[28,1,28,8],[17,1,17,8],[18,1,18,8],[19,1,19,8],[20,1,20,8],[21,1,21,8],[22,1,22,8],[23,1,23,8],[24,1,24,8],[25,1,25,8],[26,1,26,8],[27,1,27,8],[31,1,33,10],[31,11,33,11],[34,1,35,10],[34,11,35,11],[36,1,36,10]]}
[]
[null,"Processo"]
[null,"Responsável"]
[null,"Área de Origem"]
[null,"Data da pesquisa"]
[]
[null,"ITEM:","MARTELO  de aço com cabo e madeira e mínio de 250mm de comprimento",{"$nulls":5},"UNIDADE DE MEDIDA:","Unidade","QUANTIDADE:",2,null,null,"Tabela auxiliar de metodologias para exclusão de preços"]
[null,"LICITAÇÕES ANTERIORES",{"$nulls":12},"Licitações Anteriores"]
[null,"Órgão","Edital/Ano - Nº do Lote / Item","Quantidade","Valor Unitário","Data","índice de atualização (nome)","I0","If","Variação acumulada do índice (%)","Preço unitário atualizado","Utilizar?  (Sim/Não)",null,null,"Outliers","Por critério do(a) analista"]
[{"$nulls":9},{"$f":"IF(ISBLANK(E10),\"\",IF(ISNUMBER(H10),(I10-H10)/H10,0))","v":""},{"$f":"IF(ISBLANK(E10),\"\",E10*(1+J10))","v":""},{"$f":"IF(ISNUMBER(K10),IF($L$32<>$P$9,O10,P10),\"\")","v":""},null,null,{"$f":"IF(ISNUMBER(K10),IF(OR(K10<_xlfn.QUARTILE.INC($K$10:$K$29,1)-1.5*(_xlfn.QUARTILE.INC($K$10:K29,3)-_xlfn.QUARTILE.INC($K$10:$K$29,1)),K10>_xlfn.QUARTILE.INC($K$10:$K$29,3)+1.5*(_xlfn.QUARTILE.INC($K$10:$K$29,3)-_xlfn.QUARTILE.INC($K$10:$K$29,1))),\"Não\",\"Sim\"),\"\")","v":""}]
[{"$nulls":9},{"$f":"IF(ISBLANK(E11),\"\",IF(ISNUMBER(H11),(I11-H11)/H11,0))","v":""},{"$f":"IF(ISBLANK(E11),\"\",E11*(1+J11))","v":""},"",null,null,{"$f":"IF(ISNUMBER(K11),IF(OR(K11<_xlfn.QUARTILE.INC($K$10:$K$29,1)-1.5*(_xlfn.QUARTILE.INC($K$10:K29,3)-_xlfn.QUARTILE.INC($K$10:$K$29,1)),K11>_xlfn.QUARTILE.INC($K$10:$K$29,3)+1.5*(_xlfn.QUARTILE.INC($K$10:$K$29,3)-_xlfn.QUARTILE.INC($K$10:$K$29,1))),\"Não\",\"Sim\"),\"\")","v":""}]
[{"$nulls":9},"","","",null,null,{"$f":"IF(ISNUMBER(K12),IF(OR(K12<_xlfn.QUARTILE.INC($K$10:$K$29,1)-1.5*(_xlfn.QUARTILE.INC($K$10:K30,3)-_xlfn.QUARTILE.INC($K$10:$K$29,1)),K12>_xlfn.QUARTILE.INC($K$10:$K$29,3)+1.5*(_xlfn.QUARTILE.INC($K$10:$K$29,3)-_xlfn.QUARTILE.INC($K$10:$K$29,1))),\"Não\",\"Sim\"),\"\")","v":""}]
[{"$nulls":9},"","","",null,null,{"$f":"IF(ISNUMBER(K13),IF(OR(K13<_xlfn.QUARTILE.INC($K$10:$K$29,1)-1.5*(_xlfn.QUARTILE.INC($K$10:K31,3)-_xlfn.QUARTILE.INC($K$10:$K$29,1)),K13>_xlfn.QUARTILE.INC($K$10:$K$29,3)+1.5*(_xlfn.QUARTILE.INC($K$10:$K$29,3)-_xlfn.QUARTILE.INC($K$10:$K$29,1))),\"Não\",\"Sim\"),\"\")","v":""}]
[{"$nulls":9},"","","",null,null,{"$f":"IF(ISNUMBER(K14),IF(OR(K14<_xlfn.QUARTILE.INC($K$10:$K$29,1)-1.5*(_xlfn.QUARTILE.INC($K$10:K32,3)-_xlfn.QUARTILE.INC($K$10:$K$29,1)),K14>_xlfn.QUARTILE.INC($K$10:$K$29,3)+1.5*(_xlfn.QUARTILE.INC($K$10:$K$29,3)-_xlfn.QUARTILE.INC($K$10:$K$29,1))),\"Não\",\"Sim\"),\"\")","v":""}]
[{"$nulls":9},"","","",null,null,{"$f":"IF(ISNUMBER(K15),IF(OR(K15<_xlfn.QUARTILE.INC($K$10:$K$29,1)-1.5*(_xlfn.QUARTILE.INC($K$10:K35,3)-_xlfn.QUARTILE.INC($K$10:$K$29,1)),K15>_xlfn.QUARTILE.INC($K$10:$K$29,3)+1.5*(_xlfn.QUARTILE.INC($K$10:$K$29,3)-_xlfn.QUARTILE.INC($K$10:$K$29,1))),\"Não\",\"Sim\"),\"\")","v":""}]
[{"$nulls":9},"","","",null,null,{"$f":"IF(ISNUMBER(K16),IF(OR(K16<_xlfn.QUARTILE.INC($K$10:$K$29,1)-1.5*(_xlfn.QUARTILE.INC($I$10:I37,3)-_xlfn.QUARTILE.INC($K$10:$K$29,1)),K16>_xlfn.QUARTILE.INC($K$10:$K$29,3)+1.5*(_xlfn.QUARTILE.INC($K$10:$K$29,3)-_xlfn.QUARTILE.INC($K$10:$K$29,1))),\"Não\",\"Sim\"),\"\")","v":""}]
[null,"COTAÇÕES DE MERCADO",{"$nulls":12},"Cotações"]
[null,"Empresa",{"$nulls":7},"Data","Preço Unitário","Utilizar? (Sim/Não)",null,null,"Outliers","Por critério do(a) analista"]
[null,"Amazon - https://www.amazon.com.br/SPARTA-Martelo-25-Mm-Sparta/dp/B07BB2TQSG/ref=asc_df_B07BB2TQSG?mcid=7a7faaa5ab2835d48dff67e135b6029d&tag=googleshopp00-20&linkCode=df0&hvadid=709857067836&hvpos=&hvnetw=g&hvrand=13897254371786082920&hvpone=&hvptwo=&hvqmt=&hvdev=c&hvdvcmdl=&hvlocint=&hvlocphy=9196708&hvtargid=pla-948128706407&psc=1&hvocijid=13897254371786082920-B07BB2TQSG-&hvexpln=0&language=pt_BR",{"$nulls":7},"2026-04-23",18.05,{"$f":"IF(ISNUMBER(K19),IF($L$32=$O$18,O19,IF($L$32=$P$18,P19,\"\")),\"\")","v":"Sim"},null,null,{"$f":"IF(ISNUMBER(K19),IF(OR(K19<_xlfn.QUARTILE.INC($K$10:$K$29,1)-1.5*(_xlfn.QUARTILE.INC($K$10:$K$29,3)-_xlfn.QUARTILE.INC($K$10:$K$29,1)),K19>_xlfn.QUARTILE.INC($K$10:$K$29,3)+1.5*(_xlfn.QUARTILE.INC($K$10:$K$29,3)-_xlfn.QUARTILE.INC($K$10:$K$29,1))),\"Não\",\"Sim\"),\"\")","v":"Sim"}]
[null,"Mercado Livre - https://www.mercadolivre.com.br/martelo-unha-com-cabo-de-madeira-250mm/up/MLBU3289799007?matt_tool=18956390&utm_source=google_shopping&utm_medium=organic&pdp_filters=item_id%3AMLB4124412913&from=gshop",{"$nulls":7},"2026-04-23",49.99,"Sim",null,null,"Sim"]
[null,"Mercado Livre - https://www.mercadolivre.com.br/martelo-polido-com-cabo-de-madeira-25mm-thompson/up/MLBU3406603860#polycard_client=recommendations_vpp-v2p-pom&reco_backend=ranker_retrieval_system_vpp_v2p&reco_model=coldstart_low_exposition&reco_client=vpp-v2p-pom&reco_item_pos=1&reco_backend_type=low_level&reco_id=80d6ee65-d7ee-4a51-a209-6441ce24836c&wid=MLB4190859495&sid=recos ",{"$nulls":7},"2026-04-23",39.9,"Sim",null,null,"Sim"]
[{"$nulls":11},"",null,null,""]
[{"$nulls":11},"",null,null,""]
[{"$nulls":11},"",null,null,""]
[{"$nulls":11},"",null,null,""]
[{"$nulls":11},"",null,null,""]
[{"$nulls":11},"",null,null,""]
[{"$nulls":11},"",null,null,""]
[{"$nulls":11},"",null,null,""]
[null,"Observações:",{"$nulls":8},"Média:",{"$f":"IF($L$32=\"\",\"Selecione metodologia para exclusão de preços\",AVERAGE(IF($L$10:$L$29=\"Sim\",$K$10:$K$29)))","v":35.979999999999997},null,"Média (Cotações)",{"$f":"IF(COUNTIF(O19:O29,\"Sim\")<3,\"N/D (são necessários pelo menos 3 preços)\",AVERAGE(IF(O19:O29=\"Sim\",$K19:$K29)))","v":35.979999999999997},{"$f":"IF(COUNTIF(P19:P29,\"Sim\")<3,\"N/D (são necessários pelo menos 3 preços)\",AVERAGE(IF(P19:P29=\"Sim\",$K19:$K29)))","v":"N/D (são necessários pelo menos 3 preços)"}]
[{"$nulls":10},"Mediana:",{"$f":"IF($L$32=\"\",\"Selecione metodologia para exclusão de preços\",MEDIAN(IF($L$10:$L$29=\"Sim\",$K$10:$K$29)))","v":39.9},null,"Mediana (Cotações)",{"$f":"IF(COUNTIF(O19:O29,\"Sim\")<3,\"N/D (são necessários pelo menos 3 preços)\",MEDIAN(IF(O19:O29=\"Sim\",$K19:$K29)))","v":39.9},{"$f":"IF(COUNTIF(P19:P29,\"Sim\")<3,\"N/D (são necessários pelo menos 3 preços)\",MEDIAN(IF(P19:P29=\"Sim\",$K19:$K29)))","v":"N/D (são necessários pelo menos 3 preços)"}]
[null,"Metodologia de exclusão de preços adotada:",{"$nulls":9},{"$f":"IF(O35=\"\",INDEX(O18:P18,MATCH(MIN(#REF!),#REF!,0)),O35)","v":"Outliers"},null,"CV (Cotações)",{"$f":"IF(COUNTIF(O19:O29,\"Sim\")<3,\"N/D (são necessários pelo menos 3 preços)\",_xlfn.STDEV.S(IF(O19:O29=\"Sim\",$K19:$K29))/AVERAGE(IF(O19:O29=\"Sim\",$K19:$K29)))","v":0.45377542706207769},{"$f":"IF(COUNTIF(P19:P29,\"Sim\")<3,\"N/D (são necessários pelo menos 3 preços)\",_xlfn.STDEV.S(IF(P19:P29=\"Sim\",$K19:$K29))/AVERAGE(IF(P19:P29=\"Sim\",$K19:$K29)))","v":"N/D (são necessários pelo menos 3 preços)"}]
[{"$nulls":13},"Média",{"$f":"IF(SUM(COUNTIF($O$10:$O$16,\"Sim\")) + SUM(COUNTIF(O19:O29,\"Sim\")) < 3,\n   \"N/D (são necessários pelo menos 3 preços)\",\n   IFERROR(AVERAGE(_xlfn._xlws.FILTER($K$10:$K$16,$O$10:$O$16=\"Sim\"), _xlfn._xlws.FILTER($K$19:$K$29,O19:O29=\"Sim\")),O30))","v":35.979999999999997},{"$f":"IF(SUM(COUNTIF($P$10:$P$16,\"Sim\")) + SUM(COUNTIF(P19:P29,\"Sim\")) < 3,\n   \"N/D (são necessários pelo menos 3 preços)\",\n   IFERROR(AVERAGE(_xlfn._xlws.FILTER($K$10:$K$16,$P$10:$P$16=\"Sim\"), _xlfn._xlws.FILTER($K$19:$K$29,P19:P29=\"Sim\")),P30))","v":"N/D (são necessários pelo menos 3 preços)"}]
[{"$nulls":13},"Mediana",{"$f":"IF(SUM(COUNTIF($O$10:$O$16,\"Sim\")) + SUM(COUNTIF(O19:O29,\"Sim\")) < 3,\n   \"N/D (são necessários pelo menos 3 preços)\",\n   IFERROR(MEDIAN(_xlfn._xlws.FILTER($K$10:$K$16,$O$10:$O$16=\"Sim\"), _xlfn._xlws.FILTER($K$19:$K$29,O19:O29=\"Sim\")),O31))","v":39.9},{"$f":"IF(SUM(COUNTIF($P10:$P$16,\"Sim\")) + SUM(COUNTIF(P19:P29,\"Sim\")) < 3,\n   \"N/D (são necessários pelo menos 3 preços)\",\n   IFERROR(MEDIAN(_xlfn._xlws.FILTER($K$10:$K$16,$P$10:$P$16=\"Sim\"), _xlfn._xlws.FILTER($K$19:$K$29,P19:P29=\"Sim\")),P31))","v":"N/D (são necessários pelo menos 3 preços)"}]
[null,"COSOLIDAÇÃO DOS PREÇOS",{"$nulls":11},"Metodologia a adotar:",{"$f":"IF(INDEX(O18:P18,P35)=0,\"\",INDEX(O18:P18,P35))","v":"Outliers"},1]
[]
[null,"PREÇO UNITÁRIO ESTIMADO ADOTADO:",{"$nulls":9},{"$f":"IF($B$39=\"Mediana:\",L31,L30)","v":35.979999999999997}]
[]
[{"$f":"O18","v":"Outliers"},"Média:"]

{"sheet":"Pé de cabra","index":58,"n_rows":39,"n_cols":16,"rows_kept":39,"cut":false,"hidden":true,"merged":[[16,1,16,11],[16,14,16,15],[0,0,0,6],[6,2,6,7],[6,14,6,15],[7,1,7,11],[7,14,7,15],[28,1,28,8],[17,1,17,8],[18,1,18,8],[19,1,19,8],[20,1,20,8],[21,1,21,8],[22,1,22,8],[23,1,23,8],[24,1,24,8],[25,1,25,8],[26,1,26,8],[27,1,27,8],[31,1,33,10],[31,11,33,11],[34,1,35,10],[34,11,35,11],[36,1,36,10]]}
[]
[null,"Processo"]
[null,"Responsável"]
[null,"Área de Origem"]
[null,"Data da pesquisa"]
[]
[null,"ITEM:","PÉ DE  CABRA 3/4'' x 80cm",{"$nulls":5},"UNIDADE DE MEDIDA:","Unidade","QUANTIDADE:",2,null,null,"Tabela auxiliar de metodologias para exclusão de preços"]
[null,"LICITAÇÕES ANTERIORES",{"$nulls":12},"Licitações Anteriores"]
[null,"Órgão","Edital/Ano - Nº do Lote / Item","Quantidade","Valor Unitário","Data","índice de atualização (nome)","I0","If","Variação acumulada do índice (%)","Preço unitário atualizado","Utilizar?  (Sim/Não)",null,null,"Outliers","Por critério do(a) analista"]
[{"$nulls":9},{"$f":"IF(ISBLANK(E10),\"\",IF(ISNUMBER(H10),(I10-H10)/H10,0))","v":""},{"$f":"IF(ISBLANK(E10),\"\",E10*(1+J10))","v":""},{"$f":"IF(ISNUMBER(K10),IF($L$32<>$P$9,O10,P10),\"\")","v":""},null,null,{"$f":"IF(ISNUMBER(K10),IF(OR(K10<_xlfn.QUARTILE.INC($K$10:$K$29,1)-1.5*(_xlfn.QUARTILE.INC($K$10:K29,3)-_xlfn.QUARTILE.INC($K$10:$K$29,1)),K10>_xlfn.QUARTILE.INC($K$10:$K$29,3)+1.5*(_xlfn.QUARTILE.INC($K$10:$K$29,3)-_xlfn.QUARTILE.INC($K$10:$K$29,1))),\"Não\",\"Sim\"),\"\")","v":""}]
[{"$nulls":9},{"$f":"IF(ISBLANK(E11),\"\",IF(ISNUMBER(H11),(I11-H11)/H11,0))","v":""},{"$f":"IF(ISBLANK(E11),\"\",E11*(1+J11))","v":""},"",null,null,{"$f":"IF(ISNUMBER(K11),IF(OR(K11<_xlfn.QUARTILE.INC($K$10:$K$29,1)-1.5*(_xlfn.QUARTILE.INC($K$10:K29,3)-_xlfn.QUARTILE.INC($K$10:$K$29,1)),K11>_xlfn.QUARTILE.INC($K$10:$K$29,3)+1.5*(_xlfn.QUARTILE.INC($K$10:$K$29,3)-_xlfn.QUARTILE.INC($K$10:$K$29,1))),\"Não\",\"Sim\"),\"\")","v":""}]
[{"$nulls":9},"","","",null,null,{"$f":"IF(ISNUMBER(K12),IF(OR(K12<_xlfn.QUARTILE.INC($K$10:$K$29,1)-1.5*(_xlfn.QUARTILE.INC($K$10:K30,3)-_xlfn.QUARTILE.INC($K$10:$K$29,1)),K12>_xlfn.QUARTILE.INC($K$10:$K$29,3)+1.5*(_xlfn.QUARTILE.INC($K$10:$K$29,3)-_xlfn.QUARTILE.INC($K$10:$K$29,1))),\"Não\",\"Sim\"),\"\")","v":""}]
[{"$nulls":9},"","","",null,null,{"$f":"IF(ISNUMBER(K13),IF(OR(K13<_xlfn.QUARTILE.INC($K$10:$K$29,1)-1.5*(_xlfn.QUARTILE.INC($K$10:K31,3)-_xlfn.QUARTILE.INC($K$10:$K$29,1)),K13>_xlfn.QUARTILE.INC($K$10:$K$29,3)+1.5*(_xlfn.QUARTILE.INC($K$10:$K$29,3)-_xlfn.QUARTILE.INC($K$10:$K$29,1))),\"Não\",\"Sim\"),\"\")","v":""}]
[{"$nulls":9},"","","",null,null,{"$f":"IF(ISNUMBER(K14),IF(OR(K14<_xlfn.QUARTILE.INC($K$10:$K$29,1)-1.5*(_xlfn.QUARTILE.INC($K$10:K32,3)-_xlfn.QUARTILE.INC($K$10:$K$29,1)),K14>_xlfn.QUARTILE.INC($K$10:$K$29,3)+1.5*(_xlfn.QUARTILE.INC($K$10:$K$29,3)-_xlfn.QUARTILE.INC($K$10:$K$29,1))),\"Não\",\"Sim\"),\"\")","v":""}]
[{"$nulls":9},"","","",null,null,{"$f":"IF(ISNUMBER(K15),IF(OR(K15<_xlfn.QUARTILE.INC($K$10:$K$29,1)-1.5*(_xlfn.QUARTILE.INC($K$10:K35,3)-_xlfn.QUARTILE.INC($K$10:$K$29,1)),K15>_xlfn.QUARTILE.INC($K$10:$K$29,3)+1.5*(_xlfn.QUARTILE.INC($K$10:$K$29,3)-_xlfn.QUARTILE.INC($K$10:$K$29,1))),\"Não\",\"Sim\"),\"\")","v":""}]
[{"$nulls":9},"","","",null,null,{"$f":"IF(ISNUMBER(K16),IF(OR(K16<_xlfn.QUARTILE.INC($K$10:$K$29,1)-1.5*(_xlfn.QUARTILE.INC($I$10:I37,3)-_xlfn.QUARTILE.INC($K$10:$K$29,1)),K16>_xlfn.QUARTILE.INC($K$10:$K$29,3)+1.5*(_xlfn.QUARTILE.INC($K$10:$K$29,3)-_xlfn.QUARTILE.INC($K$10:$K$29,1))),\"Não\",\"Sim\"),\"\")","v":""}]
[null,"COTAÇÕES DE MERCADO",{"$nulls":12},"Cotações"]
[null,"Empresa",{"$nulls":7},"Data","Preço Unitário","Utilizar? (Sim/Não)",null,null,"Outliers","Por critério do(a) analista"]
[null,"Ferramentas Kennedy - https://www.ferramentaskennedy.com.br/pe-de-cabra-3-4x80cm-323055-worker/p?adset_id=&device=c&gad_campaignid=17498598395&gad_source=1&gbraid=0AAAAADyLiV9PTfpPI0a9IJoRVLyf7pfnt&gclid=CjwKCAjw46HPBhAMEiwASZpLRKbPXO23ECsWqB0u22f97d2NRC5wJqDtv1xPtbdUIoamg1Qza3TOqhoCvz4QAvD_BwE&kwd=&matchtype=&utm_campaign=17487853896&utm_medium=cpc&utm_source=google",{"$nulls":7},"2026-04-22",70.989999999999995,{"$f":"IF(ISNUMBER(K19),IF($L$32=$O$18,O19,IF($L$32=$P$18,P19,\"\")),\"\")","v":"Sim"},null,null,{"$f":"IF(ISNUMBER(K19),IF(OR(K19<_xlfn.QUARTILE.INC($K$10:$K$29,1)-1.5*(_xlfn.QUARTILE.INC($K$10:$K$29,3)-_xlfn.QUARTILE.INC($K$10:$K$29,1)),K19>_xlfn.QUARTILE.INC($K$10:$K$29,3)+1.5*(_xlfn.QUARTILE.INC($K$10:$K$29,3)-_xlfn.QUARTILE.INC($K$10:$K$29,1))),\"Não\",\"Sim\"),\"\")","v":"Sim"}]
[null,"Ponto Frio - https://www.pontofrio.com.br/pe-de-cabra-3-4-fundicao-petropolis-80cm/p/1563220305?utm_medium=cpc&utm_source=google_freelisting&IdSku=1563220305&idLojista=11121&tipoLojista=3P",{"$nulls":7},"2026-04-22",42.21,"Sim",null,null,"Sim"]
[null,"Drystore - https://www.drystore.com.br/ferramentas/ferramentas-manuais/pe-de-cabra-34-80cm-redondo-954-3081001880-vonder?parceiro=4470",{"$nulls":7},"2026-04-22",59.9,"Sim",null,null,"Sim"]
[{"$nulls":11},"",null,null,""]
[{"$nulls":11},"",null,null,""]
[{"$nulls":11},"",null,null,""]
[{"$nulls":11},"",null,null,""]
[{"$nulls":11},"",null,null,""]
[{"$nulls":11},"",null,null,""]
[{"$nulls":11},"",null,null,""]
[{"$nulls":11},"",null,null,""]
[null,"Observações:",{"$nulls":8},"Média:",{"$f":"IF($L$32=\"\",\"Selecione metodologia para exclusão de preços\",AVERAGE(IF($L$10:$L$29=\"Sim\",$K$10:$K$29)))","v":57.699999999999996},null,"Média (Cotações)",{"$f":"IF(COUNTIF(O19:O29,\"Sim\")<3,\"N/D (são necessários pelo menos 3 preços)\",AVERAGE(IF(O19:O29=\"Sim\",$K19:$K29)))","v":57.699999999999996},{"$f":"IF(COUNTIF(P19:P29,\"Sim\")<3,\"N/D (são necessários pelo menos 3 preços)\",AVERAGE(IF(P19:P29=\"Sim\",$K19:$K29)))","v":"N/D (são necessários pelo menos 3 preços)"}]
[{"$nulls":10},"Mediana:",{"$f":"IF($L$32=\"\",\"Selecione metodologia para exclusão de preços\",MEDIAN(IF($L$10:$L$29=\"Sim\",$K$10:$K$29)))","v":59.9},null,"Mediana (Cotações)",{"$f":"IF(COUNTIF(O19:O29,\"Sim\")<3,\"N/D (são necessários pelo menos 3 preços)\",MEDIAN(IF(O19:O29=\"Sim\",$K19:$K29)))","v":59.9},{"$f":"IF(COUNTIF(P19:P29,\"Sim\")<3,\"N/D (são necessários pelo menos 3 preços)\",MEDIAN(IF(P19:P29=\"Sim\",$K19:$K29)))","v":"N/D (são necessários pelo menos 3 preços)"}]
[null,"Metodologia de exclusão de preços adotada:",{"$nulls":9},{"$f":"IF(O35=\"\",INDEX(O18:P18,MATCH(MIN(#REF!),#REF!,0)),O35)","v":"Outliers"},null,"CV (Cotações)",{"$f":"IF(COUNTIF(O19:O29,\"Sim\")<3,\"N/D (são necessários pelo menos 3 preços)\",_xlfn.STDEV.S(IF(O19:O29=\"Sim\",$K19:$K29))/AVERAGE(IF(O19:O29=\"Sim\",$K19:$K29)))","v":0.25156986626642125},{"$f":"IF(COUNTIF(P19:P29,\"Sim\")<3,\"N/D (são necessários pelo menos 3 preços)\",_xlfn.STDEV.S(IF(P19:P29=\"Sim\",$K19:$K29))/AVERAGE(IF(P19:P29=\"Sim\",$K19:$K29)))","v":"N/D (são necessários pelo menos 3 preços)"}]
[{"$nulls":13},"Média",{"$f":"IF(SUM(COUNTIF($O$10:$O$16,\"Sim\")) + SUM(COUNTIF(O19:O29,\"Sim\")) < 3,\n   \"N/D (são necessários pelo menos 3 preços)\",\n   IFERROR(AVERAGE(_xlfn._xlws.FILTER($K$10:$K$16,$O$10:$O$16=\"Sim\"), _xlfn._xlws.FILTER($K$19:$K$29,O19:O29=\"Sim\")),O30))","v":57.699999999999996},{"$f":"IF(SUM(COUNTIF($P$10:$P$16,\"Sim\")) + SUM(COUNTIF(P19:P29,\"Sim\")) < 3,\n   \"N/D (são necessários pelo menos 3 preços)\",\n   IFERROR(AVERAGE(_xlfn._xlws.FILTER($K$10:$K$16,$P$10:$P$16=\"Sim\"), _xlfn._xlws.FILTER($K$19:$K$29,P19:P29=\"Sim\")),P30))","v":"N/D (são necessários pelo menos 3 preços)"}]
[{"$nulls":13},"Mediana",{"$f":"IF(SUM(COUNTIF($O$10:$O$16,\"Sim\")) + SUM(COUNTIF(O19:O29,\"Sim\")) < 3,\n   \"N/D (são necessários pelo menos 3 preços)\",\n   IFERROR(MEDIAN(_xlfn._xlws.FILTER($K$10:$K$16,$O$10:$O$16=\"Sim\"), _xlfn._xlws.FILTER($K$19:$K$29,O19:O29=\"Sim\")),O31))","v":59.9},{"$f":"IF(SUM(COUNTIF($P10:$P$16,\"Sim\")) + SUM(COUNTIF(P19:P29,\"Sim\")) < 3,\n   \"N/D (são necessários pelo menos 3 preços)\",\n   IFERROR(MEDIAN(_xlfn._xlws.FILTER($K$10:$K$16,$P$10:$P$16=\"Sim\"), _xlfn._xlws.FILTER($K$19:$K$29,P19:P29=\"Sim\")),P31))","v":"N/D (são necessários pelo menos 3 preços)"}]
[null,"COSOLIDAÇÃO DOS PREÇOS",{"$nulls":11},"Metodologia a adotar:",{"$f":"IF(INDEX(O18:P18,P35)=0,\"\",INDEX(O18:P18,P35))","v":"Outliers"},1]
[]
[null,"PREÇO UNITÁRIO ESTIMADO ADOTADO:",{"$nulls":9},{"$f":"IF($B$39=\"Mediana:\",L31,L30)","v":57.699999999999996}]
[]
[{"$f":"O18","v":"Outliers"},"Média:"]

{"sheet":"Talhadeira","index":59,"n_rows":39,"n_cols":16,"rows_kept":39,"cut":false,"hidden":true,"merged":[[16,1,16,11],[16,14,16,15],[0,0,0,6],[6,2,6,7],[6,14,6,15],[7,1,7,11],[7,14,7,15],[28,1,28,8],[17,1,17,8],[18,1,18,8],[19,1,19,8],[20,1,20,8],[21,1,21,8],[22,1,22,8],[23,1,23,8],[24,1,24,8],[25,1,25,8],[26,1,26,8],[27,1,27,8],[31,1,33,10],[31,11,33,11],[34,1,35,10],[34,11,35,11],[36,1,36,10]]}
[]
[null,"Processo"]
[null,"Responsável"]
[null,"Área de Origem"]
[null,"Data da pesquisa"]
[]
[null,"ITEM:","TALHADEIRA em aço especial com empunhadura",{"$nulls":5},"UNIDADE DE MEDIDA:","Unidade","QUANTIDADE:",2,null,null,"Tabela auxiliar de metodologias para exclusão de preços"]
[null,"LICITAÇÕES ANTERIORES",{"$nulls":12},"Licitações Anteriores"]
[null,"Órgão","Edital/Ano - Nº do Lote / Item","Quantidade","Valor Unitário","Data","índice de atualização (nome)","I0","If","Variação acumulada do índice (%)","Preço unitário atualizado","Utilizar?  (Sim/Não)",null,null,"Outliers","Por critério do(a) analista"]
[{"$nulls":9},{"$f":"IF(ISBLANK(E10),\"\",IF(ISNUMBER(H10),(I10-H10)/H10,0))","v":""},{"$f":"IF(ISBLANK(E10),\"\",E10*(1+J10))","v":""},{"$f":"IF(ISNUMBER(K10),IF($L$32<>$P$9,O10,P10),\"\")","v":""},null,null,{"$f":"IF(ISNUMBER(K10),IF(OR(K10<_xlfn.QUARTILE.INC($K$10:$K$29,1)-1.5*(_xlfn.QUARTILE.INC($K$10:K29,3)-_xlfn.QUARTILE.INC($K$10:$K$29,1)),K10>_xlfn.QUARTILE.INC($K$10:$K$29,3)+1.5*(_xlfn.QUARTILE.INC($K$10:$K$29,3)-_xlfn.QUARTILE.INC($K$10:$K$29,1))),\"Não\",\"Sim\"),\"\")","v":""}]
[{"$nulls":9},{"$f":"IF(ISBLANK(E11),\"\",IF(ISNUMBER(H11),(I11-H11)/H11,0))","v":""},{"$f":"IF(ISBLANK(E11),\"\",E11*(1+J11))","v":""},"",null,null,{"$f":"IF(ISNUMBER(K11),IF(OR(K11<_xlfn.QUARTILE.INC($K$10:$K$29,1)-1.5*(_xlfn.QUARTILE.INC($K$10:K29,3)-_xlfn.QUARTILE.INC($K$10:$K$29,1)),K11>_xlfn.QUARTILE.INC($K$10:$K$29,3)+1.5*(_xlfn.QUARTILE.INC($K$10:$K$29,3)-_xlfn.QUARTILE.INC($K$10:$K$29,1))),\"Não\",\"Sim\"),\"\")","v":""}]
[{"$nulls":9},"","","",null,null,{"$f":"IF(ISNUMBER(K12),IF(OR(K12<_xlfn.QUARTILE.INC($K$10:$K$29,1)-1.5*(_xlfn.QUARTILE.INC($K$10:K30,3)-_xlfn.QUARTILE.INC($K$10:$K$29,1)),K12>_xlfn.QUARTILE.INC($K$10:$K$29,3)+1.5*(_xlfn.QUARTILE.INC($K$10:$K$29,3)-_xlfn.QUARTILE.INC($K$10:$K$29,1))),\"Não\",\"Sim\"),\"\")","v":""}]
[{"$nulls":9},"","","",null,null,{"$f":"IF(ISNUMBER(K13),IF(OR(K13<_xlfn.QUARTILE.INC($K$10:$K$29,1)-1.5*(_xlfn.QUARTILE.INC($K$10:K31,3)-_xlfn.QUARTILE.INC($K$10:$K$29,1)),K13>_xlfn.QUARTILE.INC($K$10:$K$29,3)+1.5*(_xlfn.QUARTILE.INC($K$10:$K$29,3)-_xlfn.QUARTILE.INC($K$10:$K$29,1))),\"Não\",\"Sim\"),\"\")","v":""}]
[{"$nulls":9},"","","",null,null,{"$f":"IF(ISNUMBER(K14),IF(OR(K14<_xlfn.QUARTILE.INC($K$10:$K$29,1)-1.5*(_xlfn.QUARTILE.INC($K$10:K32,3)-_xlfn.QUARTILE.INC($K$10:$K$29,1)),K14>_xlfn.QUARTILE.INC($K$10:$K$29,3)+1.5*(_xlfn.QUARTILE.INC($K$10:$K$29,3)-_xlfn.QUARTILE.INC($K$10:$K$29,1))),\"Não\",\"Sim\"),\"\")","v":""}]
[{"$nulls":9},"","","",null,null,{"$f":"IF(ISNUMBER(K15),IF(OR(K15<_xlfn.QUARTILE.INC($K$10:$K$29,1)-1.5*(_xlfn.QUARTILE.INC($K$10:K35,3)-_xlfn.QUARTILE.INC($K$10:$K$29,1)),K15>_xlfn.QUARTILE.INC($K$10:$K$29,3)+1.5*(_xlfn.QUARTILE.INC($K$10:$K$29,3)-_xlfn.QUARTILE.INC($K$10:$K$29,1))),\"Não\",\"Sim\"),\"\")","v":""}]
[{"$nulls":9},"","","",null,null,{"$f":"IF(ISNUMBER(K16),IF(OR(K16<_xlfn.QUARTILE.INC($K$10:$K$29,1)-1.5*(_xlfn.QUARTILE.INC($I$10:I37,3)-_xlfn.QUARTILE.INC($K$10:$K$29,1)),K16>_xlfn.QUARTILE.INC($K$10:$K$29,3)+1.5*(_xlfn.QUARTILE.INC($K$10:$K$29,3)-_xlfn.QUARTILE.INC($K$10:$K$29,1))),\"Não\",\"Sim\"),\"\")","v":""}]
[null,"COTAÇÕES DE MERCADO",{"$nulls":12},"Cotações"]
[null,"Empresa",{"$nulls":7},"Data","Preço Unitário","Utilizar? (Sim/Não)",null,null,"Outliers","Por critério do(a) analista"]
[null,"Amazon - https://www.amazon.com.br/Talhadeira-Empunhadura-Para-Metal-Vonder/dp/B0785Y5YXM/ref=asc_df_B0785Y5YXM?mcid=a341ce3729813f95aac83dfc38988abd&tag=googleshopp00-20&linkCode=df0&hvadid=709857067647&hvpos=&hvnetw=g&hvrand=9963420119907376625&hvpone=&hvptwo=&hvqmt=&hvdev=c&hvdvcmdl=&hvlocint=&hvlocphy=9196708&hvtargid=pla-2402560632951&psc=1&hvocijid=9963420119907376625-B0785Y5YXM-&hvexpln=0&language=pt_BR",{"$nulls":7},"2026-04-23",61.11,{"$f":"IF(ISNUMBER(K19),IF($L$32=$O$18,O19,IF($L$32=$P$18,P19,\"\")),\"\")","v":"Sim"},null,null,{"$f":"IF(ISNUMBER(K19),IF(OR(K19<_xlfn.QUARTILE.INC($K$10:$K$29,1)-1.5*(_xlfn.QUARTILE.INC($K$10:$K$29,3)-_xlfn.QUARTILE.INC($K$10:$K$29,1)),K19>_xlfn.QUARTILE.INC($K$10:$K$29,3)+1.5*(_xlfn.QUARTILE.INC($K$10:$K$29,3)-_xlfn.QUARTILE.INC($K$10:$K$29,1))),\"Não\",\"Sim\"),\"\")","v":"Sim"}]
[null,"Mercado Livre - https://www.mercadolivre.com.br/talhadeira-com-empunhadura-250x19mm-3341341000-vonder/p/MLB33139546?pdp_filters=item_id:MLB3949191205#is_advertising=true&searchVariation=MLB33139546&backend_model=search-backend&be_origin=backend&position=1&search_layout=grid&type=pad&tracking_id=ac1a1911-6b1c-487e-b75c-edbce94347ef&ad_domain=VQCATCORE_LST&ad_position=1&ad_click_id=OGRjNThlNjctNzJjMi00NWFjLTg0OGItOWNhNjU0N2ZiZDIx",{"$nulls":7},"2026-04-23",59.17,"Sim",null,null,"Sim"]
[null,"Anhaguera Ferramentas - https://www.anhangueraferramentas.com.br/produto/talhadeira-sextavada-10-empunhadura-42700-910-tramontina-96423?srsltid=AfmBOor1ToAPTng3iJh6csYZZYTZrO01dQR9S5ZeJvSNqeXZY_sVubte",{"$nulls":7},"2026-04-23",66.400000000000006,"Sim",null,null,"Sim"]
[null,"LF Máquinas e Ferramentas - https://www.lfmaquinaseferramentas.com.br/talhadeira-aco-redonda-34x10-momfort-809110/p",{"$nulls":7},"2026-04-23",24.6,"Não",null,null,"Não"]
[{"$nulls":11},"",null,null,""]
[{"$nulls":11},"",null,null,""]
[{"$nulls":11},"",null,null,""]
[{"$nulls":11},"",null,null,""]
[{"$nulls":11},"",null,null,""]
[{"$nulls":11},"",null,null,""]
[{"$nulls":11},"",null,null,""]
[null,"Observações:",{"$nulls":8},"Média:",{"$f":"IF($L$32=\"\",\"Selecione metodologia para exclusão de preços\",AVERAGE(IF($L$10:$L$29=\"Sim\",$K$10:$K$29)))","v":62.226666666666667},null,"Média (Cotações)",{"$f":"IF(COUNTIF(O19:O29,\"Sim\")<3,\"N/D (são necessários pelo menos 3 preços)\",AVERAGE(IF(O19:O29=\"Sim\",$K19:$K29)))","v":62.226666666666667},{"$f":"IF(COUNTIF(P19:P29,\"Sim\")<3,\"N/D (são necessários pelo menos 3 preços)\",AVERAGE(IF(P19:P29=\"Sim\",$K19:$K29)))","v":"N/D (são necessários pelo menos 3 preços)"}]
[{"$nulls":10},"Mediana:",{"$f":"IF($L$32=\"\",\"Selecione metodologia para exclusão de preços\",MEDIAN(IF($L$10:$L$29=\"Sim\",$K$10:$K$29)))","v":61.11},null,"Mediana (Cotações)",{"$f":"IF(COUNTIF(O19:O29,\"Sim\")<3,\"N/D (são necessários pelo menos 3 preços)\",MEDIAN(IF(O19:O29=\"Sim\",$K19:$K29)))","v":61.11},{"$f":"IF(COUNTIF(P19:P29,\"Sim\")<3,\"N/D (são necessários pelo menos 3 preços)\",MEDIAN(IF(P19:P29=\"Sim\",$K19:$K29)))","v":"N/D (são necessários pelo menos 3 preços)"}]
[null,"Metodologia de exclusão de preços adotada:",{"$nulls":9},{"$f":"IF(O35=\"\",INDEX(O18:P18,MATCH(MIN(#REF!),#REF!,0)),O35)","v":"Outliers"},null,"CV (Cotações)",{"$f":"IF(COUNTIF(O19:O29,\"Sim\")<3,\"N/D (são necessários pelo menos 3 preços)\",_xlfn.STDEV.S(IF(O19:O29=\"Sim\",$K19:$K29))/AVERAGE(IF(O19:O29=\"Sim\",$K19:$K29)))","v":6.0136857035257549E-2},{"$f":"IF(COUNTIF(P19:P29,\"Sim\")<3,\"N/D (são necessários pelo menos 3 preços)\",_xlfn.STDEV.S(IF(P19:P29=\"Sim\",$K19:$K29))/AVERAGE(IF(P19:P29=\"Sim\",$K19:$K29)))","v":"N/D (são necessários pelo menos 3 preços)"}]
[{"$nulls":13},"Média",{"$f":"IF(SUM(COUNTIF($O$10:$O$16,\"Sim\")) + SUM(COUNTIF(O19:O29,\"Sim\")) < 3,\n   \"N/D (são necessários pelo menos 3 preços)\",\n   IFERROR(AVERAGE(_xlfn._xlws.FILTER($K$10:$K$16,$O$10:$O$16=\"Sim\"), _xlfn._xlws.FILTER($K$19:$K$29,O19:O29=\"Sim\")),O30))","v":62.226666666666667},{"$f":"IF(SUM(COUNTIF($P$10:$P$16,\"Sim\")) + SUM(COUNTIF(P19:P29,\"Sim\")) < 3,\n   \"N/D (são necessários pelo menos 3 preços)\",\n   IFERROR(AVERAGE(_xlfn._xlws.FILTER($K$10:$K$16,$P$10:$P$16=\"Sim\"), _xlfn._xlws.FILTER($K$19:$K$29,P19:P29=\"Sim\")),P30))","v":"N/D (são necessários pelo menos 3 preços)"}]
[{"$nulls":13},"Mediana",{"$f":"IF(SUM(COUNTIF($O$10:$O$16,\"Sim\")) + SUM(COUNTIF(O19:O29,\"Sim\")) < 3,\n   \"N/D (são necessários pelo menos 3 preços)\",\n   IFERROR(MEDIAN(_xlfn._xlws.FILTER($K$10:$K$16,$O$10:$O$16=\"Sim\"), _xlfn._xlws.FILTER($K$19:$K$29,O19:O29=\"Sim\")),O31))","v":61.11},{"$f":"IF(SUM(COUNTIF($P10:$P$16,\"Sim\")) + SUM(COUNTIF(P19:P29,\"Sim\")) < 3,\n   \"N/D (são necessários pelo menos 3 preços)\",\n   IFERROR(MEDIAN(_xlfn._xlws.FILTER($K$10:$K$16,$P$10:$P$16=\"Sim\"), _xlfn._xlws.FILTER($K$19:$K$29,P19:P29=\"Sim\")),P31))","v":"N/D (são necessários pelo menos 3 preços)"}]
[null,"COSOLIDAÇÃO DOS PREÇOS",{"$nulls":11},"Metodologia a adotar:",{"$f":"IF(INDEX(O18:P18,P35)=0,\"\",INDEX(O18:P18,P35))","v":"Outliers"},1]
[]
[null,"PREÇO UNITÁRIO ESTIMADO ADOTADO:",{"$nulls":9},{"$f":"IF($B$39=\"Mediana:\",L31,L30)","v":61.11}]
[]
[{"$f":"O18","v":"Outliers"},"Mediana:"]

{"sheet":"Corda","index":60,"n_rows":39,"n_cols":16,"rows_kept":39,"cut":false,"hidden":true,"merged":[[16,1,16,11],[16,14,16,15],[0,0,0,6],[6,2,6,7],[6,14,6,15],[7,1,7,11],[7,14,7,15],[28,1,28,8],[17,1,17,8],[18,1,18,8],[19,1,19,8],[20,1,20,8],[21,1,21,8],[22,1,22,8],[23,1,23,8],[24,1,24,8],[25,1,25,8],[26,1,26,8],[27,1,27,8],[31,1,33,10],[31,11,33,11],[34,1,35,10],[34,11,35,11],[36,1,36,10]]}
[]
[null,"Processo"]
[null,"Responsável"]
[null,"Área de Origem"]
[null,"Data da pesquisa"]
[]
[null,"ITEM:","CORDA para resgate com 150m de comprimento, com 10mm de espessura",{"$nulls":5},"UNIDADE DE MEDIDA:","Unidade","QUANTIDADE:",1,null,null,"Tabela auxiliar de metodologias para exclusão de preços"]
[null,"LICITAÇÕES ANTERIORES",{"$nulls":12},"Licitações Anteriores"]
[null,"Órgão","Edital/Ano - Nº do Lote / Item","Quantidade","Valor Unitário","Data","índice de atualização (nome)","I0","If","Variação acumulada do índice (%)","Preço unitário atualizado","Utilizar?  (Sim/Não)",null,null,"Outliers","Por critério do(a) analista"]
[{"$nulls":9},{"$f":"IF(ISBLANK(E10),\"\",IF(ISNUMBER(H10),(I10-H10)/H10,0))","v":""},{"$f":"IF(ISBLANK(E10),\"\",E10*(1+J10))","v":""},{"$f":"IF(ISNUMBER(K10),IF($L$32<>$P$9,O10,P10),\"\")","v":""},null,null,{"$f":"IF(ISNUMBER(K10),IF(OR(K10<_xlfn.QUARTILE.INC($K$10:$K$29,1)-1.5*(_xlfn.QUARTILE.INC($K$10:K29,3)-_xlfn.QUARTILE.INC($K$10:$K$29,1)),K10>_xlfn.QUARTILE.INC($K$10:$K$29,3)+1.5*(_xlfn.QUARTILE.INC($K$10:$K$29,3)-_xlfn.QUARTILE.INC($K$10:$K$29,1))),\"Não\",\"Sim\"),\"\")","v":""}]
[{"$nulls":9},{"$f":"IF(ISBLANK(E11),\"\",IF(ISNUMBER(H11),(I11-H11)/H11,0))","v":""},{"$f":"IF(ISBLANK(E11),\"\",E11*(1+J11))","v":""},"",null,null,{"$f":"IF(ISNUMBER(K11),IF(OR(K11<_xlfn.QUARTILE.INC($K$10:$K$29,1)-1.5*(_xlfn.QUARTILE.INC($K$10:K29,3)-_xlfn.QUARTILE.INC($K$10:$K$29,1)),K11>_xlfn.QUARTILE.INC($K$10:$K$29,3)+1.5*(_xlfn.QUARTILE.INC($K$10:$K$29,3)-_xlfn.QUARTILE.INC($K$10:$K$29,1))),\"Não\",\"Sim\"),\"\")","v":""}]
[{"$nulls":9},"","","",null,null,{"$f":"IF(ISNUMBER(K12),IF(OR(K12<_xlfn.QUARTILE.INC($K$10:$K$29,1)-1.5*(_xlfn.QUARTILE.INC($K$10:K30,3)-_xlfn.QUARTILE.INC($K$10:$K$29,1)),K12>_xlfn.QUARTILE.INC($K$10:$K$29,3)+1.5*(_xlfn.QUARTILE.INC($K$10:$K$29,3)-_xlfn.QUARTILE.INC($K$10:$K$29,1))),\"Não\",\"Sim\"),\"\")","v":""}]
[{"$nulls":9},"","","",null,null,{"$f":"IF(ISNUMBER(K13),IF(OR(K13<_xlfn.QUARTILE.INC($K$10:$K$29,1)-1.5*(_xlfn.QUARTILE.INC($K$10:K31,3)-_xlfn.QUARTILE.INC($K$10:$K$29,1)),K13>_xlfn.QUARTILE.INC($K$10:$K$29,3)+1.5*(_xlfn.QUARTILE.INC($K$10:$K$29,3)-_xlfn.QUARTILE.INC($K$10:$K$29,1))),\"Não\",\"Sim\"),\"\")","v":""}]
[{"$nulls":9},"","","",null,null,{"$f":"IF(ISNUMBER(K14),IF(OR(K14<_xlfn.QUARTILE.INC($K$10:$K$29,1)-1.5*(_xlfn.QUARTILE.INC($K$10:K32,3)-_xlfn.QUARTILE.INC($K$10:$K$29,1)),K14>_xlfn.QUARTILE.INC($K$10:$K$29,3)+1.5*(_xlfn.QUARTILE.INC($K$10:$K$29,3)-_xlfn.QUARTILE.INC($K$10:$K$29,1))),\"Não\",\"Sim\"),\"\")","v":""}]
[{"$nulls":9},"","","",null,null,{"$f":"IF(ISNUMBER(K15),IF(OR(K15<_xlfn.QUARTILE.INC($K$10:$K$29,1)-1.5*(_xlfn.QUARTILE.INC($K$10:K35,3)-_xlfn.QUARTILE.INC($K$10:$K$29,1)),K15>_xlfn.QUARTILE.INC($K$10:$K$29,3)+1.5*(_xlfn.QUARTILE.INC($K$10:$K$29,3)-_xlfn.QUARTILE.INC($K$10:$K$29,1))),\"Não\",\"Sim\"),\"\")","v":""}]
[{"$nulls":9},"","","",null,null,{"$f":"IF(ISNUMBER(K16),IF(OR(K16<_xlfn.QUARTILE.INC($K$10:$K$29,1)-1.5*(_xlfn.QUARTILE.INC($I$10:I37,3)-_xlfn.QUARTILE.INC($K$10:$K$29,1)),K16>_xlfn.QUARTILE.INC($K$10:$K$29,3)+1.5*(_xlfn.QUARTILE.INC($K$10:$K$29,3)-_xlfn.QUARTILE.INC($K$10:$K$29,1))),\"Não\",\"Sim\"),\"\")","v":""}]
[null,"COTAÇÕES DE MERCADO",{"$nulls":12},"Cotações"]
[null,"Empresa",{"$nulls":7},"Data","Preço Unitário","Utilizar? (Sim/Não)",null,null,"Outliers","Por critério do(a) analista"]
[null,"https://www.mercadolivre.com.br/corda-forte-e-resistente-a-chuva-e-sol-promocao-10mm-x-150m/up/MLBU1102592816#polycard_client=search-desktop&be_origin=backend&search_layout=grid&position=4&type=product&tracking_id=5d141271-b769-43eb-a777-b3004f2093f5&wid=MLB2078730719&sid=search",{"$nulls":7},"2026-04-28",370.5,{"$f":"IF(ISNUMBER(K19),IF($L$32=$O$18,O19,IF($L$32=$P$18,P19,\"\")),\"\")","v":"Sim"},null,null,{"$f":"IF(ISNUMBER(K19),IF(OR(K19<_xlfn.QUARTILE.INC($K$10:$K$29,1)-1.5*(_xlfn.QUARTILE.INC($K$10:$K$29,3)-_xlfn.QUARTILE.INC($K$10:$K$29,1)),K19>_xlfn.QUARTILE.INC($K$10:$K$29,3)+1.5*(_xlfn.QUARTILE.INC($K$10:$K$29,3)-_xlfn.QUARTILE.INC($K$10:$K$29,1))),\"Não\",\"Sim\"),\"\")","v":"Sim"}]
[null,"https://www.ferragensgarcia.com.br/corda-color-10mm-x-150mt-poliester",{"$nulls":7},"2026-04-28",370.2,"Sim",null,null,"Sim"]
[null,"https://www.magazineluiza.com.br/carretel-de-corda-polipropileno-starfer-10mm-150m-laranja/p/ka9ek6h9c4/es/escp/?utm_source=bing&utm_medium=cpc&utm_campaign=bing_eco_per_ven_pla_all_sor_4p_lifestyle-std&partner_id=81936&utm_term=81936&msclkid=86339bdaeab913ff0388f22a52418c34&gclid=86339bdaeab913ff0388f22a52418c34&gclsrc=3p.ds",{"$nulls":7},"2026-04-28",474.17,"Sim",null,null,"Sim"]
[{"$nulls":11},"",null,null,""]
[{"$nulls":11},"",null,null,""]
[{"$nulls":11},"",null,null,""]
[{"$nulls":11},"",null,null,""]
[{"$nulls":11},"",null,null,""]
[{"$nulls":11},"",null,null,""]
[{"$nulls":11},"",null,null,""]
[{"$nulls":11},"",null,null,""]
[null,"Observações:",{"$nulls":8},"Média:",{"$f":"IF($L$32=\"\",\"Selecione metodologia para exclusão de preços\",AVERAGE(IF($L$10:$L$29=\"Sim\",$K$10:$K$29)))","v":404.95666666666671},null,"Média (Cotações)",{"$f":"IF(COUNTIF(O19:O29,\"Sim\")<3,\"N/D (são necessários pelo menos 3 preços)\",AVERAGE(IF(O19:O29=\"Sim\",$K19:$K29)))","v":404.95666666666671},{"$f":"IF(COUNTIF(P19:P29,\"Sim\")<3,\"N/D (são necessários pelo menos 3 preços)\",AVERAGE(IF(P19:P29=\"Sim\",$K19:$K29)))","v":"N/D (são necessários pelo menos 3 preços)"}]
[{"$nulls":10},"Mediana:",{"$f":"IF($L$32=\"\",\"Selecione metodologia para exclusão de preços\",MEDIAN(IF($L$10:$L$29=\"Sim\",$K$10:$K$29)))","v":370.5},null,"Mediana (Cotações)",{"$f":"IF(COUNTIF(O19:O29,\"Sim\")<3,\"N/D (são necessários pelo menos 3 preços)\",MEDIAN(IF(O19:O29=\"Sim\",$K19:$K29)))","v":370.5},{"$f":"IF(COUNTIF(P19:P29,\"Sim\")<3,\"N/D (são necessários pelo menos 3 preços)\",MEDIAN(IF(P19:P29=\"Sim\",$K19:$K29)))","v":"N/D (são necessários pelo menos 3 preços)"}]
[null,"Metodologia de exclusão de preços adotada:",{"$nulls":9},{"$f":"IF(O35=\"\",INDEX(O18:P18,MATCH(MIN(#REF!),#REF!,0)),O35)","v":"Outliers"},null,"CV (Cotações)",{"$f":"IF(COUNTIF(O19:O29,\"Sim\")<3,\"N/D (são necessários pelo menos 3 preços)\",_xlfn.STDEV.S(IF(O19:O29=\"Sim\",$K19:$K29))/AVERAGE(IF(O19:O29=\"Sim\",$K19:$K29)))","v":0.14801754747358797},{"$f":"IF(COUNTIF(P19:P29,\"Sim\")<3,\"N/D (são necessários pelo menos 3 preços)\",_xlfn.STDEV.S(IF(P19:P29=\"Sim\",$K19:$K29))/AVERAGE(IF(P19:P29=\"Sim\",$K19:$K29)))","v":"N/D (são necessários pelo menos 3 preços)"}]
[{"$nulls":13},"Média",{"$f":"IF(SUM(COUNTIF($O$10:$O$16,\"Sim\")) + SUM(COUNTIF(O19:O29,\"Sim\")) < 3,\n   \"N/D (são necessários pelo menos 3 preços)\",\n   IFERROR(AVERAGE(_xlfn._xlws.FILTER($K$10:$K$16,$O$10:$O$16=\"Sim\"), _xlfn._xlws.FILTER($K$19:$K$29,O19:O29=\"Sim\")),O30))","v":404.95666666666671},{"$f":"IF(SUM(COUNTIF($P$10:$P$16,\"Sim\")) + SUM(COUNTIF(P19:P29,\"Sim\")) < 3,\n   \"N/D (são necessários pelo menos 3 preços)\",\n   IFERROR(AVERAGE(_xlfn._xlws.FILTER($K$10:$K$16,$P$10:$P$16=\"Sim\"), _xlfn._xlws.FILTER($K$19:$K$29,P19:P29=\"Sim\")),P30))","v":"N/D (são necessários pelo menos 3 preços)"}]
[{"$nulls":13},"Mediana",{"$f":"IF(SUM(COUNTIF($O$10:$O$16,\"Sim\")) + SUM(COUNTIF(O19:O29,\"Sim\")) < 3,\n   \"N/D (são necessários pelo menos 3 preços)\",\n   IFERROR(MEDIAN(_xlfn._xlws.FILTER($K$10:$K$16,$O$10:$O$16=\"Sim\"), _xlfn._xlws.FILTER($K$19:$K$29,O19:O29=\"Sim\")),O31))","v":370.5},{"$f":"IF(SUM(COUNTIF($P10:$P$16,\"Sim\")) + SUM(COUNTIF(P19:P29,\"Sim\")) < 3,\n   \"N/D (são necessários pelo menos 3 preços)\",\n   IFERROR(MEDIAN(_xlfn._xlws.FILTER($K$10:$K$16,$P$10:$P$16=\"Sim\"), _xlfn._xlws.FILTER($K$19:$K$29,P19:P29=\"Sim\")),P31))","v":"N/D (são necessários pelo menos 3 preços)"}]
[null,"COSOLIDAÇÃO DOS PREÇOS",{"$nulls":11},"Metodologia a adotar:",{"$f":"IF(INDEX(O18:P18,P35)=0,\"\",INDEX(O18:P18,P35))","v":"Outliers"},1]
[]
[null,"PREÇO UNITÁRIO ESTIMADO ADOTADO:",{"$nulls":9},{"$f":"IF($B$39=\"Mediana:\",L31,L30)","v":404.95666666666671}]
[]
[{"$f":"O18","v":"Outliers"},"Média:"]

{"sheet":"Escada","index":61,"n_rows":39,"n_cols":16,"rows_kept":39,"cut":false,"hidden":true,"merged":[[16,1,16,11],[16,14,16,15],[0,0,0,6],[6,2,6,7],[6,14,6,15],[7,1,7,11],[7,14,7,15],[28,1,28,8],[17,1,17,8],[18,1,18,8],[19,1,19,8],[20,1,20,8],[21,1,21,8],[22,1,22,8],[23,1,23,8],[24,1,24,8],[25,1,25,8],[26,1,26,8],[27,1,27,8],[31,1,33,10],[31,11,33,11],[34,1,35,10],[34,11,35,11],[36,1,36,10]]}
[]
[null,"Processo"]
[null,"Responsável"]
[null,"Área de Origem"]
[null,"Data da pesquisa"]
[]
[null,"ITEM:","ESCADA  com 6 (seis) degraus em fibra de vidro ou aluminio, com abertura, pés e degraus emborrachados",{"$nulls":5},"UNIDADE DE MEDIDA:","Unidade","QUANTIDADE:",1,null,null,"Tabela auxiliar de metodologias para exclusão de preços"]
[null,"LICITAÇÕES ANTERIORES",{"$nulls":12},"Licitações Anteriores"]
[null,"Órgão","Edital/Ano - Nº do Lote / Item","Quantidade","Valor Unitário","Data","índice de atualização (nome)","I0","If","Variação acumulada do índice (%)","Preço unitário atualizado","Utilizar?  (Sim/Não)",null,null,"Outliers","Por critério do(a) analista"]
[{"$nulls":9},{"$f":"IF(ISBLANK(E10),\"\",IF(ISNUMBER(H10),(I10-H10)/H10,0))","v":""},{"$f":"IF(ISBLANK(E10),\"\",E10*(1+J10))","v":""},{"$f":"IF(ISNUMBER(K10),IF($L$32<>$P$9,O10,P10),\"\")","v":""},null,null,{"$f":"IF(ISNUMBER(K10),IF(OR(K10<_xlfn.QUARTILE.INC($K$10:$K$29,1)-1.5*(_xlfn.QUARTILE.INC($K$10:K29,3)-_xlfn.QUARTILE.INC($K$10:$K$29,1)),K10>_xlfn.QUARTILE.INC($K$10:$K$29,3)+1.5*(_xlfn.QUARTILE.INC($K$10:$K$29,3)-_xlfn.QUARTILE.INC($K$10:$K$29,1))),\"Não\",\"Sim\"),\"\")","v":""}]
[{"$nulls":9},{"$f":"IF(ISBLANK(E11),\"\",IF(ISNUMBER(H11),(I11-H11)/H11,0))","v":""},{"$f":"IF(ISBLANK(E11),\"\",E11*(1+J11))","v":""},"",null,null,{"$f":"IF(ISNUMBER(K11),IF(OR(K11<_xlfn.QUARTILE.INC($K$10:$K$29,1)-1.5*(_xlfn.QUARTILE.INC($K$10:K29,3)-_xlfn.QUARTILE.INC($K$10:$K$29,1)),K11>_xlfn.QUARTILE.INC($K$10:$K$29,3)+1.5*(_xlfn.QUARTILE.INC($K$10:$K$29,3)-_xlfn.QUARTILE.INC($K$10:$K$29,1))),\"Não\",\"Sim\"),\"\")","v":""}]
[{"$nulls":9},"","","",null,null,{"$f":"IF(ISNUMBER(K12),IF(OR(K12<_xlfn.QUARTILE.INC($K$10:$K$29,1)-1.5*(_xlfn.QUARTILE.INC($K$10:K30,3)-_xlfn.QUARTILE.INC($K$10:$K$29,1)),K12>_xlfn.QUARTILE.INC($K$10:$K$29,3)+1.5*(_xlfn.QUARTILE.INC($K$10:$K$29,3)-_xlfn.QUARTILE.INC($K$10:$K$29,1))),\"Não\",\"Sim\"),\"\")","v":""}]
[{"$nulls":9},"","","",null,null,{"$f":"IF(ISNUMBER(K13),IF(OR(K13<_xlfn.QUARTILE.INC($K$10:$K$29,1)-1.5*(_xlfn.QUARTILE.INC($K$10:K31,3)-_xlfn.QUARTILE.INC($K$10:$K$29,1)),K13>_xlfn.QUARTILE.INC($K$10:$K$29,3)+1.5*(_xlfn.QUARTILE.INC($K$10:$K$29,3)-_xlfn.QUARTILE.INC($K$10:$K$29,1))),\"Não\",\"Sim\"),\"\")","v":""}]
[{"$nulls":9},"","","",null,null,{"$f":"IF(ISNUMBER(K14),IF(OR(K14<_xlfn.QUARTILE.INC($K$10:$K$29,1)-1.5*(_xlfn.QUARTILE.INC($K$10:K32,3)-_xlfn.QUARTILE.INC($K$10:$K$29,1)),K14>_xlfn.QUARTILE.INC($K$10:$K$29,3)+1.5*(_xlfn.QUARTILE.INC($K$10:$K$29,3)-_xlfn.QUARTILE.INC($K$10:$K$29,1))),\"Não\",\"Sim\"),\"\")","v":""}]
[{"$nulls":9},"","","",null,null,{"$f":"IF(ISNUMBER(K15),IF(OR(K15<_xlfn.QUARTILE.INC($K$10:$K$29,1)-1.5*(_xlfn.QUARTILE.INC($K$10:K35,3)-_xlfn.QUARTILE.INC($K$10:$K$29,1)),K15>_xlfn.QUARTILE.INC($K$10:$K$29,3)+1.5*(_xlfn.QUARTILE.INC($K$10:$K$29,3)-_xlfn.QUARTILE.INC($K$10:$K$29,1))),\"Não\",\"Sim\"),\"\")","v":""}]
[{"$nulls":9},"","","",null,null,{"$f":"IF(ISNUMBER(K16),IF(OR(K16<_xlfn.QUARTILE.INC($K$10:$K$29,1)-1.5*(_xlfn.QUARTILE.INC($I$10:I37,3)-_xlfn.QUARTILE.INC($K$10:$K$29,1)),K16>_xlfn.QUARTILE.INC($K$10:$K$29,3)+1.5*(_xlfn.QUARTILE.INC($K$10:$K$29,3)-_xlfn.QUARTILE.INC($K$10:$K$29,1))),\"Não\",\"Sim\"),\"\")","v":""}]
[null,"COTAÇÕES DE MERCADO",{"$nulls":12},"Cotações"]
[null,"Empresa",{"$nulls":7},"Data","Preço Unitário","Utilizar? (Sim/Não)",null,null,"Outliers","Por critério do(a) analista"]
[null,"https://www.mercadolivre.com.br/escada-de-aluminio-e-fibra-simples-6-degraus-18-metros/up/MLBU3170910327?pdp_filters=item_id:MLB5385985196#is_advertising=true&searchVariation=MLBU3170910327&backend_model=search-backend&be_origin=backend&position=28&search_layout=grid&type=pad&tracking_id=73a49410-5ad8-4b97-97d2-c9f05c54d2da&ad_domain=VQCATCORE_LST&ad_position=28&ad_click_id=ZGE3NmM2MmQtN2I1OS00ODdkLWFmZWEtNzE5YjBkNjBmNWMz",{"$nulls":7},"2026-04-28",383.65,{"$f":"IF(ISNUMBER(K19),IF($L$32=$O$18,O19,IF($L$32=$P$18,P19,\"\")),\"\")","v":"Sim"},null,null,{"$f":"IF(ISNUMBER(K19),IF(OR(K19<_xlfn.QUARTILE.INC($K$10:$K$29,1)-1.5*(_xlfn.QUARTILE.INC($K$10:$K$29,3)-_xlfn.QUARTILE.INC($K$10:$K$29,1)),K19>_xlfn.QUARTILE.INC($K$10:$K$29,3)+1.5*(_xlfn.QUARTILE.INC($K$10:$K$29,3)-_xlfn.QUARTILE.INC($K$10:$K$29,1))),\"Não\",\"Sim\"),\"\")","v":"Sim"}]
[null,"https://www.magazineluiza.com.br/escada-de-aluminio-e-fibra-simples-residencial-6-degraus-18-metros-w-bertolo/p/bfd703d84c/cj/esdo/?seller_id=maxiferramentasfbits",{"$nulls":7},"2026-04-28",413.99,"Sim",null,null,"Sim"]
[null,"https://www.amazon.com.br/Escada-Tesoura-Residencial-Degraus-Patamar-BERTOLO-RF-6/dp/B0795V5Y98/ref=sr_1_56?adgrpid=1146791616450105&dib=eyJ2IjoiMSJ9.bERIF0PHutXEe4qZAxw8pGIiwzibSoZGBPGdeJXCUcq5rhR24FAJv9Uz5ztzxuI1GTAIITXIi6QUtZAOLy6eZMAd-YeswoCMxRWY3tRdW_4.sAEjgxVV4LrZvqq5CoajOqyfOtggYB8F29BcBxXD6Zw&dib_tag=se&hvadid=71674643354204&hvbmt=be&hvdev=c&hvlocphy=147252&hvnetw=o&hvqmt=e&hvtargid=kwd-71675183507450%3Aloc-20&hydadcr=15703_13562301&keywords=escada+com+6+degraus&mcid=dff84fa1309b341ca5f27ac7267ad5b6&qid=1777384939&sr=8-56&ufe=app_do%3Aamzn1.fos.95de73c3-5dda-43a7-bd1f-63af03b14751&xpid=08HeJPM4uryTv",{"$nulls":7},"2026-04-28",765,"Sim",null,null,"Sim"]
[{"$nulls":11},"",null,null,""]
[{"$nulls":11},"",null,null,""]
[{"$nulls":11},"",null,null,""]
[{"$nulls":11},"",null,null,""]
[{"$nulls":11},"",null,null,""]
[{"$nulls":11},"",null,null,""]
[{"$nulls":11},"",null,null,""]
[{"$nulls":11},"",null,null,""]
[null,"Observações:",{"$nulls":8},"Média:",{"$f":"IF($L$32=\"\",\"Selecione metodologia para exclusão de preços\",AVERAGE(IF($L$10:$L$29=\"Sim\",$K$10:$K$29)))","v":520.88},null,"Média (Cotações)",{"$f":"IF(COUNTIF(O19:O29,\"Sim\")<3,\"N/D (são necessários pelo menos 3 preços)\",AVERAGE(IF(O19:O29=\"Sim\",$K19:$K29)))","v":520.88},{"$f":"IF(COUNTIF(P19:P29,\"Sim\")<3,\"N/D (são necessários pelo menos 3 preços)\",AVERAGE(IF(P19:P29=\"Sim\",$K19:$K29)))","v":"N/D (são necessários pelo menos 3 preços)"}]
[{"$nulls":10},"Mediana:",{"$f":"IF($L$32=\"\",\"Selecione metodologia para exclusão de preços\",MEDIAN(IF($L$10:$L$29=\"Sim\",$K$10:$K$29)))","v":413.99},null,"Mediana (Cotações)",{"$f":"IF(COUNTIF(O19:O29,\"Sim\")<3,\"N/D (são necessários pelo menos 3 preços)\",MEDIAN(IF(O19:O29=\"Sim\",$K19:$K29)))","v":413.99},{"$f":"IF(COUNTIF(P19:P29,\"Sim\")<3,\"N/D (são necessários pelo menos 3 preços)\",MEDIAN(IF(P19:P29=\"Sim\",$K19:$K29)))","v":"N/D (são necessários pelo menos 3 preços)"}]
[null,"Metodologia de exclusão de preços adotada:",{"$nulls":9},{"$f":"IF(O35=\"\",INDEX(O18:P18,MATCH(MIN(#REF!),#REF!,0)),O35)","v":"Outliers"},null,"CV (Cotações)",{"$f":"IF(COUNTIF(O19:O29,\"Sim\")<3,\"N/D (são necessários pelo menos 3 preços)\",_xlfn.STDEV.S(IF(O19:O29=\"Sim\",$K19:$K29))/AVERAGE(IF(O19:O29=\"Sim\",$K19:$K29)))","v":0.40692229255957485},{"$f":"IF(COUNTIF(P19:P29,\"Sim\")<3,\"N/D (são necessários pelo menos 3 preços)\",_xlfn.STDEV.S(IF(P19:P29=\"Sim\",$K19:$K29))/AVERAGE(IF(P19:P29=\"Sim\",$K19:$K29)))","v":"N/D (são necessários pelo menos 3 preços)"}]
[{"$nulls":13},"Média",{"$f":"IF(SUM(COUNTIF($O$10:$O$16,\"Sim\")) + SUM(COUNTIF(O19:O29,\"Sim\")) < 3,\n   \"N/D (são necessários pelo menos 3 preços)\",\n   IFERROR(AVERAGE(_xlfn._xlws.FILTER($K$10:$K$16,$O$10:$O$16=\"Sim\"), _xlfn._xlws.FILTER($K$19:$K$29,O19:O29=\"Sim\")),O30))","v":520.88},{"$f":"IF(SUM(COUNTIF($P$10:$P$16,\"Sim\")) + SUM(COUNTIF(P19:P29,\"Sim\")) < 3,\n   \"N/D (são necessários pelo menos 3 preços)\",\n   IFERROR(AVERAGE(_xlfn._xlws.FILTER($K$10:$K$16,$P$10:$P$16=\"Sim\"), _xlfn._xlws.FILTER($K$19:$K$29,P19:P29=\"Sim\")),P30))","v":"N/D (são necessários pelo menos 3 preços)"}]
[{"$nulls":13},"Mediana",{"$f":"IF(SUM(COUNTIF($O$10:$O$16,\"Sim\")) + SUM(COUNTIF(O19:O29,\"Sim\")) < 3,\n   \"N/D (são necessários pelo menos 3 preços)\",\n   IFERROR(MEDIAN(_xlfn._xlws.FILTER($K$10:$K$16,$O$10:$O$16=\"Sim\"), _xlfn._xlws.FILTER($K$19:$K$29,O19:O29=\"Sim\")),O31))","v":413.99},{"$f":"IF(SUM(COUNTIF($P10:$P$16,\"Sim\")) + SUM(COUNTIF(P19:P29,\"Sim\")) < 3,\n   \"N/D (são necessários pelo menos 3 preços)\",\n   IFERROR(MEDIAN(_xlfn._xlws.FILTER($K$10:$K$16,$P$10:$P$16=\"Sim\"), _xlfn._xlws.FILTER($K$19:$K$29,P19:P29=\"Sim\")),P31))","v":"N/D (são necessários pelo menos 3 preços)"}]
[null,"COSOLIDAÇÃO DOS PREÇOS",{"$nulls":11},"Metodologia a adotar:",{"$f":"IF(INDEX(O18:P18,P35)=0,\"\",INDEX(O18:P18,P35))","v":"Outliers"},1]
[]
[null,"PREÇO UNITÁRIO ESTIMADO ADOTADO:",{"$nulls":9},{"$f":"IF($B$39=\"Mediana:\",L31,L30)","v":413.99}]
[]
[{"$f":"O18","v":"Outliers"},"Mediana:"]

{"sheet":"Holofote","index":62,"n_rows":39,"n_cols":16,"rows_kept":39,"cut":false,"hidden":true,"merged":[[16,1,16,11],[16,14,16,15],[0,0,0,6],[6,2,6,7],[6,14,6,15],[7,1,7,11],[7,14,7,15],[28,1,28,8],[17,1,17,8],[18,1,18,8],[19,1,19,8],[20,1,20,8],[21,1,21,8],[22,1,22,8],[23,1,23,8],[24,1,24,8],[25,1,25,8],[26,1,26,8],[27,1,27,8],[31,1,33,10],[31,11,33,11],[34,1,35,10],[34,11,35,11],[36,1,36,10]]}
[]
[null,"Processo"]
[null,"Responsável"]
[null,"Área de Origem"]
[null,"Data da pesquisa"]
[]
[null,"ITEM:","LANTERNA de mão tipo farolete, led , com recarregador e transformador bivolt automático",{"$nulls":5},"UNIDADE DE MEDIDA:","Unidade","QUANTIDADE:",2,null,null,"Tabela auxiliar de metodologias para exclusão de preços"]
[null,"LICITAÇÕES ANTERIORES",{"$nulls":12},"Licitações Anteriores"]
[null,"Órgão","Edital/Ano - Nº do Lote / Item","Quantidade","Valor Unitário","Data","índice de atualização (nome)","I0","If","Variação acumulada do índice (%)","Preço unitário atualizado","Utilizar?  (Sim/Não)",null,null,"Outliers","Por critério do(a) analista"]
[{"$nulls":9},{"$f":"IF(ISBLANK(E10),\"\",IF(ISNUMBER(H10),(I10-H10)/H10,0))","v":""},{"$f":"IF(ISBLANK(E10),\"\",E10*(1+J10))","v":""},{"$f":"IF(ISNUMBER(K10),IF($L$32<>$P$9,O10,P10),\"\")","v":""},null,null,{"$f":"IF(ISNUMBER(K10),IF(OR(K10<_xlfn.QUARTILE.INC($K$10:$K$29,1)-1.5*(_xlfn.QUARTILE.INC($K$10:K29,3)-_xlfn.QUARTILE.INC($K$10:$K$29,1)),K10>_xlfn.QUARTILE.INC($K$10:$K$29,3)+1.5*(_xlfn.QUARTILE.INC($K$10:$K$29,3)-_xlfn.QUARTILE.INC($K$10:$K$29,1))),\"Não\",\"Sim\"),\"\")","v":""}]
[{"$nulls":9},{"$f":"IF(ISBLANK(E11),\"\",IF(ISNUMBER(H11),(I11-H11)/H11,0))","v":""},{"$f":"IF(ISBLANK(E11),\"\",E11*(1+J11))","v":""},"",null,null,{"$f":"IF(ISNUMBER(K11),IF(OR(K11<_xlfn.QUARTILE.INC($K$10:$K$29,1)-1.5*(_xlfn.QUARTILE.INC($K$10:K29,3)-_xlfn.QUARTILE.INC($K$10:$K$29,1)),K11>_xlfn.QUARTILE.INC($K$10:$K$29,3)+1.5*(_xlfn.QUARTILE.INC($K$10:$K$29,3)-_xlfn.QUARTILE.INC($K$10:$K$29,1))),\"Não\",\"Sim\"),\"\")","v":""}]
[{"$nulls":9},"","","",null,null,{"$f":"IF(ISNUMBER(K12),IF(OR(K12<_xlfn.QUARTILE.INC($K$10:$K$29,1)-1.5*(_xlfn.QUARTILE.INC($K$10:K30,3)-_xlfn.QUARTILE.INC($K$10:$K$29,1)),K12>_xlfn.QUARTILE.INC($K$10:$K$29,3)+1.5*(_xlfn.QUARTILE.INC($K$10:$K$29,3)-_xlfn.QUARTILE.INC($K$10:$K$29,1))),\"Não\",\"Sim\"),\"\")","v":""}]
[{"$nulls":9},"","","",null,null,{"$f":"IF(ISNUMBER(K13),IF(OR(K13<_xlfn.QUARTILE.INC($K$10:$K$29,1)-1.5*(_xlfn.QUARTILE.INC($K$10:K31,3)-_xlfn.QUARTILE.INC($K$10:$K$29,1)),K13>_xlfn.QUARTILE.INC($K$10:$K$29,3)+1.5*(_xlfn.QUARTILE.INC($K$10:$K$29,3)-_xlfn.QUARTILE.INC($K$10:$K$29,1))),\"Não\",\"Sim\"),\"\")","v":""}]
[{"$nulls":9},"","","",null,null,{"$f":"IF(ISNUMBER(K14),IF(OR(K14<_xlfn.QUARTILE.INC($K$10:$K$29,1)-1.5*(_xlfn.QUARTILE.INC($K$10:K32,3)-_xlfn.QUARTILE.INC($K$10:$K$29,1)),K14>_xlfn.QUARTILE.INC($K$10:$K$29,3)+1.5*(_xlfn.QUARTILE.INC($K$10:$K$29,3)-_xlfn.QUARTILE.INC($K$10:$K$29,1))),\"Não\",\"Sim\"),\"\")","v":""}]
[{"$nulls":9},"","","",null,null,{"$f":"IF(ISNUMBER(K15),IF(OR(K15<_xlfn.QUARTILE.INC($K$10:$K$29,1)-1.5*(_xlfn.QUARTILE.INC($K$10:K35,3)-_xlfn.QUARTILE.INC($K$10:$K$29,1)),K15>_xlfn.QUARTILE.INC($K$10:$K$29,3)+1.5*(_xlfn.QUARTILE.INC($K$10:$K$29,3)-_xlfn.QUARTILE.INC($K$10:$K$29,1))),\"Não\",\"Sim\"),\"\")","v":""}]
[{"$nulls":9},"","","",null,null,{"$f":"IF(ISNUMBER(K16),IF(OR(K16<_xlfn.QUARTILE.INC($K$10:$K$29,1)-1.5*(_xlfn.QUARTILE.INC($I$10:I37,3)-_xlfn.QUARTILE.INC($K$10:$K$29,1)),K16>_xlfn.QUARTILE.INC($K$10:$K$29,3)+1.5*(_xlfn.QUARTILE.INC($K$10:$K$29,3)-_xlfn.QUARTILE.INC($K$10:$K$29,1))),\"Não\",\"Sim\"),\"\")","v":""}]
[null,"COTAÇÕES DE MERCADO",{"$nulls":12},"Cotações"]
[null,"Empresa",{"$nulls":7},"Data","Preço Unitário","Utilizar? (Sim/Não)",null,null,"Outliers","Por critério do(a) analista"]
[null,"https://www.amazon.com.br/Pot%C3%AAncia-recarreg%C3%A1vel-Imperme%C3%A1vel-Emergencia-Acampamento/dp/B0F5Z3KCK9/ref=sr_1_5?__mk_pt_BR=%C3%85M%C3%85%C5%BD%C3%95%C3%91&crid=1HJDW3OB8LI9I&dib=eyJ2IjoiMSJ9.CFEFOYisr-RWrW8edLQJICxp0mtoI6mt9lFnFfiloS3uiV5vk20ULPCWzam7Xc5WyiNvf5PdZyNFWoU9pNc6OXa_tuk1uN18i-R2rmVva3pj-oy18AVzSHftLupJkDn67pDU1_ApWMQtKxip-PceqR_GLVz9tn7eNqVH3usGd_YxwIGABA_-7EJuIehSFQVgXbAbYp8d_uWyQm2DPUwx3s6cnaMOF62AfzDS6PlyPR8rZA9q31vgmk16RDAvJ9j_4LZqNrTCFc_se9nWSSZGh6ous5vKjmOylElDA_j-BiU.lmQUaiDkqqWgE8ET4PpvH0z514uRhW2XvEnglAyodYg&dib_tag=se&keywords=lanterna+m%C3%A3o+farolete&qid=1777385992&sprefix=lanterna+m%C3%A3o+farolete%2Caps%2C187&sr=8-5&ufe=app_do%3Aamzn1.fos.fcd6d665-32ba-4479-9f21-b774e276a678",{"$nulls":7},"2026-04-28",225,{"$f":"IF(ISNUMBER(K19),IF($L$32=$O$18,O19,IF($L$32=$P$18,P19,\"\")),\"\")","v":"Sim"},null,null,{"$f":"IF(ISNUMBER(K19),IF(OR(K19<_xlfn.QUARTILE.INC($K$10:$K$29,1)-1.5*(_xlfn.QUARTILE.INC($K$10:$K$29,3)-_xlfn.QUARTILE.INC($K$10:$K$29,1)),K19>_xlfn.QUARTILE.INC($K$10:$K$29,3)+1.5*(_xlfn.QUARTILE.INC($K$10:$K$29,3)-_xlfn.QUARTILE.INC($K$10:$K$29,1))),\"Não\",\"Sim\"),\"\")","v":"Sim"}]
[null,"https://www.magazineluiza.com.br/holofote-recarregavel-lanterna-impermeavel-farolete-sabre-de-luz-2km-ultra-brilhante-longo-alcance-playshop-eletronicos/p/be541b8fcc/es/lhof/?seller_id=playshopeletronicos",{"$nulls":7},"2026-04-28",235.55,"Sim",null,null,"Sim"]
[null,"https://www.mercadolivre.com.br/lanterna-holofote-alta-potencia-led-t6-50w-alcance-800metros-cor-da-lanterna-preto-cor-da-luz-branco/p/MLB29317088?pdp_filters=item_id:MLB5577551388#polycard_client=recommendations_pdp-pads-up&wid=MLB5577551388&sid=recos&reco_backend=recomm_platform_base_pads_rfa_MERGE&reco_model=search_recos_backend_merge&reco_client=pdp-pads-up&reco_item_pos=1&reco_backend_type=low_level&reco_id=369ade77-f241-4ce8-b3e0-9bd2b60dc8f4&is_advertising=true&ad_domain=PDPDESKTOP_UP&ad_position=2&ad_click_id=YmUyOTg0MjAtNWUyMi00M2Q0LTlhNDAtOTk2ZGJlZjlhZjZl",{"$nulls":7},"2026-04-29",293.76,"Sim",null,null,"Sim"]
[{"$nulls":11},"",null,null,""]
[{"$nulls":11},"",null,null,""]
[{"$nulls":11},"",null,null,""]
[{"$nulls":11},"",null,null,""]
[{"$nulls":11},"",null,null,""]
[{"$nulls":11},"",null,null,""]
[{"$nulls":11},"",null,null,""]
[{"$nulls":11},"",null,null,""]
[null,"Observações:",{"$nulls":8},"Média:",{"$f":"IF($L$32=\"\",\"Selecione metodologia para exclusão de preços\",AVERAGE(IF($L$10:$L$29=\"Sim\",$K$10:$K$29)))","v":251.43666666666664},null,"Média (Cotações)",{"$f":"IF(COUNTIF(O19:O29,\"Sim\")<3,\"N/D (são necessários pelo menos 3 preços)\",AVERAGE(IF(O19:O29=\"Sim\",$K19:$K29)))","v":251.43666666666664},{"$f":"IF(COUNTIF(P19:P29,\"Sim\")<3,\"N/D (são necessários pelo menos 3 preços)\",AVERAGE(IF(P19:P29=\"Sim\",$K19:$K29)))","v":"N/D (são necessários pelo menos 3 preços)"}]
[{"$nulls":10},"Mediana:",{"$f":"IF($L$32=\"\",\"Selecione metodologia para exclusão de preços\",MEDIAN(IF($L$10:$L$29=\"Sim\",$K$10:$K$29)))","v":235.55},null,"Mediana (Cotações)",{"$f":"IF(COUNTIF(O19:O29,\"Sim\")<3,\"N/D (são necessários pelo menos 3 preços)\",MEDIAN(IF(O19:O29=\"Sim\",$K19:$K29)))","v":235.55},{"$f":"IF(COUNTIF(P19:P29,\"Sim\")<3,\"N/D (são necessários pelo menos 3 preços)\",MEDIAN(IF(P19:P29=\"Sim\",$K19:$K29)))","v":"N/D (são necessários pelo menos 3 preços)"}]
[null,"Metodologia de exclusão de preços adotada:",{"$nulls":9},{"$f":"IF(O35=\"\",INDEX(O18:P18,MATCH(MIN(#REF!),#REF!,0)),O35)","v":"Outliers"},null,"CV (Cotações)",{"$f":"IF(COUNTIF(O19:O29,\"Sim\")<3,\"N/D (são necessários pelo menos 3 preços)\",_xlfn.STDEV.S(IF(O19:O29=\"Sim\",$K19:$K29))/AVERAGE(IF(O19:O29=\"Sim\",$K19:$K29)))","v":0.14727652064547636},{"$f":"IF(COUNTIF(P19:P29,\"Sim\")<3,\"N/D (são necessários pelo menos 3 preços)\",_xlfn.STDEV.S(IF(P19:P29=\"Sim\",$K19:$K29))/AVERAGE(IF(P19:P29=\"Sim\",$K19:$K29)))","v":"N/D (são necessários pelo menos 3 preços)"}]
[{"$nulls":13},"Média",{"$f":"IF(SUM(COUNTIF($O$10:$O$16,\"Sim\")) + SUM(COUNTIF(O19:O29,\"Sim\")) < 3,\n   \"N/D (são necessários pelo menos 3 preços)\",\n   IFERROR(AVERAGE(_xlfn._xlws.FILTER($K$10:$K$16,$O$10:$O$16=\"Sim\"), _xlfn._xlws.FILTER($K$19:$K$29,O19:O29=\"Sim\")),O30))","v":251.43666666666664},{"$f":"IF(SUM(COUNTIF($P$10:$P$16,\"Sim\")) + SUM(COUNTIF(P19:P29,\"Sim\")) < 3,\n   \"N/D (são necessários pelo menos 3 preços)\",\n   IFERROR(AVERAGE(_xlfn._xlws.FILTER($K$10:$K$16,$P$10:$P$16=\"Sim\"), _xlfn._xlws.FILTER($K$19:$K$29,P19:P29=\"Sim\")),P30))","v":"N/D (são necessários pelo menos 3 preços)"}]
[{"$nulls":13},"Mediana",{"$f":"IF(SUM(COUNTIF($O$10:$O$16,\"Sim\")) + SUM(COUNTIF(O19:O29,\"Sim\")) < 3,\n   \"N/D (são necessários pelo menos 3 preços)\",\n   IFERROR(MEDIAN(_xlfn._xlws.FILTER($K$10:$K$16,$O$10:$O$16=\"Sim\"), _xlfn._xlws.FILTER($K$19:$K$29,O19:O29=\"Sim\")),O31))","v":235.55},{"$f":"IF(SUM(COUNTIF($P10:$P$16,\"Sim\")) + SUM(COUNTIF(P19:P29,\"Sim\")) < 3,\n   \"N/D (são necessários pelo menos 3 preços)\",\n   IFERROR(MEDIAN(_xlfn._xlws.FILTER($K$10:$K$16,$P$10:$P$16=\"Sim\"), _xlfn._xlws.FILTER($K$19:$K$29,P19:P29=\"Sim\")),P31))","v":"N/D (são necessários pelo menos 3 preços)"}]
[null,"COSOLIDAÇÃO DOS PREÇOS",{"$nulls":11},"Metodologia a adotar:",{"$f":"IF(INDEX(O18:P18,P35)=0,\"\",INDEX(O18:P18,P35))","v":"Outliers"},1]
[]
[null,"PREÇO UNITÁRIO ESTIMADO ADOTADO:",{"$nulls":9},{"$f":"IF($B$39=\"Mediana:\",L31,L30)","v":235.55}]
[]
[{"$f":"O18","v":"Outliers"},"Mediana:"]

{"sheet":"Fita zebrada","index":63,"n_rows":39,"n_cols":16,"rows_kept":39,"cut":false,"hidden":true,"merged":[[16,1,16,11],[16,14,16,15],[0,0,0,6],[6,2,6,7],[6,14,6,15],[7,1,7,11],[7,14,7,15],[28,1,28,8],[17,1,17,8],[18,1,18,8],[19,1,19,8],[20,1,20,8],[21,1,21,8],[22,1,22,8],[23,1,23,8],[24,1,24,8],[25,1,25,8],[26,1,26,8],[27,1,27,8],[31,1,33,10],[31,11,33,11],[34,1,35,10],[34,11,35,11],[36,1,36,10]]}
[]
[null,"Processo"]
[null,"Responsável"]
[null,"Área de Origem"]
[null,"Data da pesquisa"]
[]
[null,"ITEM:","FITA ZEBRADA plástica utilizada para isolamento, rolo com dimensões 7cmx 200 m ",{"$nulls":5},"UNIDADE DE MEDIDA:","Unidade","QUANTIDADE:",12,null,null,"Tabela auxiliar de metodologias para exclusão de preços"]
[null,"LICITAÇÕES ANTERIORES",{"$nulls":12},"Licitações Anteriores"]
[null,"Órgão","Edital/Ano - Nº do Lote / Item","Quantidade","Valor Unitário","Data","índice de atualização (nome)","I0","If","Variação acumulada do índice (%)","Preço unitário atualizado","Utilizar?  (Sim/Não)",null,null,"Outliers","Por critério do(a) analista"]
[{"$nulls":9},{"$f":"IF(ISBLANK(E10),\"\",IF(ISNUMBER(H10),(I10-H10)/H10,0))","v":""},{"$f":"IF(ISBLANK(E10),\"\",E10*(1+J10))","v":""},{"$f":"IF(ISNUMBER(K10),IF($L$32<>$P$9,O10,P10),\"\")","v":""},null,null,{"$f":"IF(ISNUMBER(K10),IF(OR(K10<_xlfn.QUARTILE.INC($K$10:$K$29,1)-1.5*(_xlfn.QUARTILE.INC($K$10:K29,3)-_xlfn.QUARTILE.INC($K$10:$K$29,1)),K10>_xlfn.QUARTILE.INC($K$10:$K$29,3)+1.5*(_xlfn.QUARTILE.INC($K$10:$K$29,3)-_xlfn.QUARTILE.INC($K$10:$K$29,1))),\"Não\",\"Sim\"),\"\")","v":""}]
[{"$nulls":9},{"$f":"IF(ISBLANK(E11),\"\",IF(ISNUMBER(H11),(I11-H11)/H11,0))","v":""},{"$f":"IF(ISBLANK(E11),\"\",E11*(1+J11))","v":""},"",null,null,{"$f":"IF(ISNUMBER(K11),IF(OR(K11<_xlfn.QUARTILE.INC($K$10:$K$29,1)-1.5*(_xlfn.QUARTILE.INC($K$10:K29,3)-_xlfn.QUARTILE.INC($K$10:$K$29,1)),K11>_xlfn.QUARTILE.INC($K$10:$K$29,3)+1.5*(_xlfn.QUARTILE.INC($K$10:$K$29,3)-_xlfn.QUARTILE.INC($K$10:$K$29,1))),\"Não\",\"Sim\"),\"\")","v":""}]
[{"$nulls":9},"","","",null,null,{"$f":"IF(ISNUMBER(K12),IF(OR(K12<_xlfn.QUARTILE.INC($K$10:$K$29,1)-1.5*(_xlfn.QUARTILE.INC($K$10:K30,3)-_xlfn.QUARTILE.INC($K$10:$K$29,1)),K12>_xlfn.QUARTILE.INC($K$10:$K$29,3)+1.5*(_xlfn.QUARTILE.INC($K$10:$K$29,3)-_xlfn.QUARTILE.INC($K$10:$K$29,1))),\"Não\",\"Sim\"),\"\")","v":""}]
[{"$nulls":9},"","","",null,null,{"$f":"IF(ISNUMBER(K13),IF(OR(K13<_xlfn.QUARTILE.INC($K$10:$K$29,1)-1.5*(_xlfn.QUARTILE.INC($K$10:K31,3)-_xlfn.QUARTILE.INC($K$10:$K$29,1)),K13>_xlfn.QUARTILE.INC($K$10:$K$29,3)+1.5*(_xlfn.QUARTILE.INC($K$10:$K$29,3)-_xlfn.QUARTILE.INC($K$10:$K$29,1))),\"Não\",\"Sim\"),\"\")","v":""}]
[{"$nulls":9},"","","",null,null,{"$f":"IF(ISNUMBER(K14),IF(OR(K14<_xlfn.QUARTILE.INC($K$10:$K$29,1)-1.5*(_xlfn.QUARTILE.INC($K$10:K32,3)-_xlfn.QUARTILE.INC($K$10:$K$29,1)),K14>_xlfn.QUARTILE.INC($K$10:$K$29,3)+1.5*(_xlfn.QUARTILE.INC($K$10:$K$29,3)-_xlfn.QUARTILE.INC($K$10:$K$29,1))),\"Não\",\"Sim\"),\"\")","v":""}]
[{"$nulls":9},"","","",null,null,{"$f":"IF(ISNUMBER(K15),IF(OR(K15<_xlfn.QUARTILE.INC($K$10:$K$29,1)-1.5*(_xlfn.QUARTILE.INC($K$10:K35,3)-_xlfn.QUARTILE.INC($K$10:$K$29,1)),K15>_xlfn.QUARTILE.INC($K$10:$K$29,3)+1.5*(_xlfn.QUARTILE.INC($K$10:$K$29,3)-_xlfn.QUARTILE.INC($K$10:$K$29,1))),\"Não\",\"Sim\"),\"\")","v":""}]
[{"$nulls":9},"","","",null,null,{"$f":"IF(ISNUMBER(K16),IF(OR(K16<_xlfn.QUARTILE.INC($K$10:$K$29,1)-1.5*(_xlfn.QUARTILE.INC($I$10:I37,3)-_xlfn.QUARTILE.INC($K$10:$K$29,1)),K16>_xlfn.QUARTILE.INC($K$10:$K$29,3)+1.5*(_xlfn.QUARTILE.INC($K$10:$K$29,3)-_xlfn.QUARTILE.INC($K$10:$K$29,1))),\"Não\",\"Sim\"),\"\")","v":""}]
[null,"COTAÇÕES DE MERCADO",{"$nulls":12},"Cotações"]
[null,"Empresa",{"$nulls":7},"Data","Preço Unitário","Utilizar? (Sim/Não)",null,null,"Outliers","Por critério do(a) analista"]
[null,"https://www.amazon.com.br/FITA-ZEBRADA-SINALIZA%C3%87%C3%83O-PRET-70mmX200m/dp/B0FJB9SY8Y/ref=sr_1_2?adgrpid=1145692902936984&dib=eyJ2IjoiMSJ9.12D3wV3efe8Fp-LCYcfxLhNkSR_icE6ZZ52uZNZrFRyIuVn9lvN0C2yvTQcdtngUtlc1cUDPN_uydRcUAf12nqGlnRrtkvqvOx2Se9ejcbXOswYrTYT1C624nmGgG9HpBbxKAKV5XTeQl8pxyaN-sr9EPt6cVGz5fUXQZYzotDnA6JkIMn2LH6SiC3s6MimzF1hIsx2Gcifuqdn1azsKEXAiUTQWBwCxwr6KUf3n5z7_Ynis9vjH82PnwxSiKzeXAcz2g-d0el4qaF_i66ZMC86mVyOPQ-WTe2NP2YgTDDM.GMc84udF-C_hf90IRZiPAC_p5zhB-mD3PWXSSsX99jY&dib_tag=se&hvadid=71605970101756&hvbmt=bp&hvdev=c&hvlocphy=147252&hvnetw=o&hvqmt=p&hvtargid=kwd-71606524144769%3Aloc-20&hydadcr=20193_13361997&keywords=fita+plastica+zebrada&mcid=8626c7e233a8307089dc06416ac97469&msclkid=9e0485ef4d491f481b98ec1f867f5293&qid=1777388346&sr=8-2",{"$nulls":7},"2026-04-28",11.9,{"$f":"IF(ISNUMBER(K19),IF($L$32=$O$18,O19,IF($L$32=$P$18,P19,\"\")),\"\")","v":"Sim"},null,null,{"$f":"IF(ISNUMBER(K19),IF(OR(K19<_xlfn.QUARTILE.INC($K$10:$K$29,1)-1.5*(_xlfn.QUARTILE.INC($K$10:$K$29,3)-_xlfn.QUARTILE.INC($K$10:$K$29,1)),K19>_xlfn.QUARTILE.INC($K$10:$K$29,3)+1.5*(_xlfn.QUARTILE.INC($K$10:$K$29,3)-_xlfn.QUARTILE.INC($K$10:$K$29,1))),\"Não\",\"Sim\"),\"\")","v":"Sim"}]
[null,"https://www.mercadolivre.com.br/fita-zebrada-para-isolamento-de-area-plastcor-200m/p/MLB27472641#polycard_client=search-desktop&be_origin=backend&search_layout=grid&position=5&type=product&tracking_id=7a74d782-c39e-4521-b9e8-daddf83b8f39&wid=MLB4456612158&sid=search",{"$nulls":7},"2026-04-28",19,"Sim",null,null,"Sim"]
[null,"https://www.casatoni.com.br/fita-zebrada-para-isolamento-adere-7cm-x-200m/p",{"$nulls":7},"2026-04-28",22.47,"Sim",null,null,"Sim"]
[{"$nulls":11},"",null,null,""]
[{"$nulls":11},"",null,null,""]
[{"$nulls":11},"",null,null,""]
[{"$nulls":11},"",null,null,""]
[{"$nulls":11},"",null,null,""]
[{"$nulls":11},"",null,null,""]
[{"$nulls":11},"",null,null,""]
[{"$nulls":11},"",null,null,""]
[null,"Observações:",{"$nulls":8},"Média:",{"$f":"IF($L$32=\"\",\"Selecione metodologia para exclusão de preços\",AVERAGE(IF($L$10:$L$29=\"Sim\",$K$10:$K$29)))","v":17.79},null,"Média (Cotações)",{"$f":"IF(COUNTIF(O19:O29,\"Sim\")<3,\"N/D (são necessários pelo menos 3 preços)\",AVERAGE(IF(O19:O29=\"Sim\",$K19:$K29)))","v":17.79},{"$f":"IF(COUNTIF(P19:P29,\"Sim\")<3,\"N/D (são necessários pelo menos 3 preços)\",AVERAGE(IF(P19:P29=\"Sim\",$K19:$K29)))","v":"N/D (são necessários pelo menos 3 preços)"}]
[{"$nulls":10},"Mediana:",{"$f":"IF($L$32=\"\",\"Selecione metodologia para exclusão de preços\",MEDIAN(IF($L$10:$L$29=\"Sim\",$K$10:$K$29)))","v":19},null,"Mediana (Cotações)",{"$f":"IF(COUNTIF(O19:O29,\"Sim\")<3,\"N/D (são necessários pelo menos 3 preços)\",MEDIAN(IF(O19:O29=\"Sim\",$K19:$K29)))","v":19},{"$f":"IF(COUNTIF(P19:P29,\"Sim\")<3,\"N/D (são necessários pelo menos 3 preços)\",MEDIAN(IF(P19:P29=\"Sim\",$K19:$K29)))","v":"N/D (são necessários pelo menos 3 preços)"}]
[null,"Metodologia de exclusão de preços adotada:",{"$nulls":9},{"$f":"IF(O35=\"\",INDEX(O18:P18,MATCH(MIN(#REF!),#REF!,0)),O35)","v":"Outliers"},null,"CV (Cotações)",{"$f":"IF(COUNTIF(O19:O29,\"Sim\")<3,\"N/D (são necessários pelo menos 3 preços)\",_xlfn.STDEV.S(IF(O19:O29=\"Sim\",$K19:$K29))/AVERAGE(IF(O19:O29=\"Sim\",$K19:$K29)))","v":0.3028602898842564},{"$f":"IF(COUNTIF(P19:P29,\"Sim\")<3,\"N/D (são necessários pelo menos 3 preços)\",_xlfn.STDEV.S(IF(P19:P29=\"Sim\",$K19:$K29))/AVERAGE(IF(P19:P29=\"Sim\",$K19:$K29)))","v":"N/D (são necessários pelo menos 3 preços)"}]
[{"$nulls":13},"Média",{"$f":"IF(SUM(COUNTIF($O$10:$O$16,\"Sim\")) + SUM(COUNTIF(O19:O29,\"Sim\")) < 3,\n   \"N/D (são necessários pelo menos 3 preços)\",\n   IFERROR(AVERAGE(_xlfn._xlws.FILTER($K$10:$K$16,$O$10:$O$16=\"Sim\"), _xlfn._xlws.FILTER($K$19:$K$29,O19:O29=\"Sim\")),O30))","v":17.79},{"$f":"IF(SUM(COUNTIF($P$10:$P$16,\"Sim\")) + SUM(COUNTIF(P19:P29,\"Sim\")) < 3,\n   \"N/D (são necessários pelo menos 3 preços)\",\n   IFERROR(AVERAGE(_xlfn._xlws.FILTER($K$10:$K$16,$P$10:$P$16=\"Sim\"), _xlfn._xlws.FILTER($K$19:$K$29,P19:P29=\"Sim\")),P30))","v":"N/D (são necessários pelo menos 3 preços)"}]
[{"$nulls":13},"Mediana",{"$f":"IF(SUM(COUNTIF($O$10:$O$16,\"Sim\")) + SUM(COUNTIF(O19:O29,\"Sim\")) < 3,\n   \"N/D (são necessários pelo menos 3 preços)\",\n   IFERROR(MEDIAN(_xlfn._xlws.FILTER($K$10:$K$16,$O$10:$O$16=\"Sim\"), _xlfn._xlws.FILTER($K$19:$K$29,O19:O29=\"Sim\")),O31))","v":19},{"$f":"IF(SUM(COUNTIF($P10:$P$16,\"Sim\")) + SUM(COUNTIF(P19:P29,\"Sim\")) < 3,\n   \"N/D (são necessários pelo menos 3 preços)\",\n   IFERROR(MEDIAN(_xlfn._xlws.FILTER($K$10:$K$16,$P$10:$P$16=\"Sim\"), _xlfn._xlws.FILTER($K$19:$K$29,P19:P29=\"Sim\")),P31))","v":"N/D (são necessários pelo menos 3 preços)"}]
[null,"COSOLIDAÇÃO DOS PREÇOS",{"$nulls":11},"Metodologia a adotar:",{"$f":"IF(INDEX(O18:P18,P35)=0,\"\",INDEX(O18:P18,P35))","v":"Outliers"},1]
[]
[null,"PREÇO UNITÁRIO ESTIMADO ADOTADO:",{"$nulls":9},{"$f":"IF($B$39=\"Mediana:\",L31,L30)","v":17.79}]
[]
[{"$f":"O18","v":"Outliers"},"Média:"]

{"sheet":"Megafone","index":64,"n_rows":39,"n_cols":16,"rows_kept":39,"cut":false,"hidden":true,"merged":[[16,1,16,11],[16,14,16,15],[0,0,0,6],[6,2,6,7],[6,14,6,15],[7,1,7,11],[7,14,7,15],[28,1,28,8],[17,1,17,8],[18,1,18,8],[19,1,19,8],[20,1,20,8],[21,1,21,8],[22,1,22,8],[23,1,23,8],[24,1,24,8],[25,1,25,8],[26,1,26,8],[27,1,27,8],[31,1,33,10],[31,11,33,11],[34,1,35,10],[34,11,35,11],[36,1,36,10]]}
[]
[null,"Processo"]
[null,"Responsável"]
[null,"Área de Origem"]
[null,"Data da pesquisa"]
[]
[null,"ITEM:","MEGAFONE  com potência de no mínimo 35W, alimentação com bateria de 12v, alcance de no mínimo 600m, peso de 2,5Kg, com manopla e alça de carregamento",{"$nulls":5},"UNIDADE DE MEDIDA:","Unidade","QUANTIDADE:",2,null,null,"Tabela auxiliar de metodologias para exclusão de preços"]
[null,"LICITAÇÕES ANTERIORES",{"$nulls":12},"Licitações Anteriores"]
[null,"Órgão","Edital/Ano - Nº do Lote / Item","Quantidade","Valor Unitário","Data","índice de atualização (nome)","I0","If","Variação acumulada do índice (%)","Preço unitário atualizado","Utilizar?  (Sim/Não)",null,null,"Outliers","Por critério do(a) analista"]
[{"$nulls":9},{"$f":"IF(ISBLANK(E10),\"\",IF(ISNUMBER(H10),(I10-H10)/H10,0))","v":""},{"$f":"IF(ISBLANK(E10),\"\",E10*(1+J10))","v":""},{"$f":"IF(ISNUMBER(K10),IF($L$32<>$P$9,O10,P10),\"\")","v":""},null,null,{"$f":"IF(ISNUMBER(K10),IF(OR(K10<_xlfn.QUARTILE.INC($K$10:$K$29,1)-1.5*(_xlfn.QUARTILE.INC($K$10:K29,3)-_xlfn.QUARTILE.INC($K$10:$K$29,1)),K10>_xlfn.QUARTILE.INC($K$10:$K$29,3)+1.5*(_xlfn.QUARTILE.INC($K$10:$K$29,3)-_xlfn.QUARTILE.INC($K$10:$K$29,1))),\"Não\",\"Sim\"),\"\")","v":""}]
[{"$nulls":9},{"$f":"IF(ISBLANK(E11),\"\",IF(ISNUMBER(H11),(I11-H11)/H11,0))","v":""},{"$f":"IF(ISBLANK(E11),\"\",E11*(1+J11))","v":""},"",null,null,{"$f":"IF(ISNUMBER(K11),IF(OR(K11<_xlfn.QUARTILE.INC($K$10:$K$29,1)-1.5*(_xlfn.QUARTILE.INC($K$10:K29,3)-_xlfn.QUARTILE.INC($K$10:$K$29,1)),K11>_xlfn.QUARTILE.INC($K$10:$K$29,3)+1.5*(_xlfn.QUARTILE.INC($K$10:$K$29,3)-_xlfn.QUARTILE.INC($K$10:$K$29,1))),\"Não\",\"Sim\"),\"\")","v":""}]
[{"$nulls":9},"","","",null,null,{"$f":"IF(ISNUMBER(K12),IF(OR(K12<_xlfn.QUARTILE.INC($K$10:$K$29,1)-1.5*(_xlfn.QUARTILE.INC($K$10:K30,3)-_xlfn.QUARTILE.INC($K$10:$K$29,1)),K12>_xlfn.QUARTILE.INC($K$10:$K$29,3)+1.5*(_xlfn.QUARTILE.INC($K$10:$K$29,3)-_xlfn.QUARTILE.INC($K$10:$K$29,1))),\"Não\",\"Sim\"),\"\")","v":""}]
[{"$nulls":9},"","","",null,null,{"$f":"IF(ISNUMBER(K13),IF(OR(K13<_xlfn.QUARTILE.INC($K$10:$K$29,1)-1.5*(_xlfn.QUARTILE.INC($K$10:K31,3)-_xlfn.QUARTILE.INC($K$10:$K$29,1)),K13>_xlfn.QUARTILE.INC($K$10:$K$29,3)+1.5*(_xlfn.QUARTILE.INC($K$10:$K$29,3)-_xlfn.QUARTILE.INC($K$10:$K$29,1))),\"Não\",\"Sim\"),\"\")","v":""}]
[{"$nulls":9},"","","",null,null,{"$f":"IF(ISNUMBER(K14),IF(OR(K14<_xlfn.QUARTILE.INC($K$10:$K$29,1)-1.5*(_xlfn.QUARTILE.INC($K$10:K32,3)-_xlfn.QUARTILE.INC($K$10:$K$29,1)),K14>_xlfn.QUARTILE.INC($K$10:$K$29,3)+1.5*(_xlfn.QUARTILE.INC($K$10:$K$29,3)-_xlfn.QUARTILE.INC($K$10:$K$29,1))),\"Não\",\"Sim\"),\"\")","v":""}]
[{"$nulls":9},"","","",null,null,{"$f":"IF(ISNUMBER(K15),IF(OR(K15<_xlfn.QUARTILE.INC($K$10:$K$29,1)-1.5*(_xlfn.QUARTILE.INC($K$10:K35,3)-_xlfn.QUARTILE.INC($K$10:$K$29,1)),K15>_xlfn.QUARTILE.INC($K$10:$K$29,3)+1.5*(_xlfn.QUARTILE.INC($K$10:$K$29,3)-_xlfn.QUARTILE.INC($K$10:$K$29,1))),\"Não\",\"Sim\"),\"\")","v":""}]
[{"$nulls":9},"","","",null,null,{"$f":"IF(ISNUMBER(K16),IF(OR(K16<_xlfn.QUARTILE.INC($K$10:$K$29,1)-1.5*(_xlfn.QUARTILE.INC($I$10:I37,3)-_xlfn.QUARTILE.INC($K$10:$K$29,1)),K16>_xlfn.QUARTILE.INC($K$10:$K$29,3)+1.5*(_xlfn.QUARTILE.INC($K$10:$K$29,3)-_xlfn.QUARTILE.INC($K$10:$K$29,1))),\"Não\",\"Sim\"),\"\")","v":""}]
[null,"COTAÇÕES DE MERCADO",{"$nulls":12},"Cotações"]
[null,"Empresa",{"$nulls":7},"Data","Preço Unitário","Utilizar? (Sim/Não)",null,null,"Outliers","Por critério do(a) analista"]
[null,"https://produto.mercadolivre.com.br/MLB-4143314539-megafone-pyle-recarregavel-40w-profissional-potente-gravaco-_JM?searchVariation=189325758003#polycard_client=search-desktop&be_origin=backend&searchVariation=189325758003&search_layout=grid&position=1&type=item&tracking_id=82708762-69b4-48a3-a217-0b1fe6549965",{"$nulls":7},"2026-04-28",247.68,{"$f":"IF(ISNUMBER(K19),IF($L$32=$O$18,O19,IF($L$32=$P$18,P19,\"\")),\"\")","v":"Sim"},null,null,{"$f":"IF(ISNUMBER(K19),IF(OR(K19<_xlfn.QUARTILE.INC($K$10:$K$29,1)-1.5*(_xlfn.QUARTILE.INC($K$10:$K$29,3)-_xlfn.QUARTILE.INC($K$10:$K$29,1)),K19>_xlfn.QUARTILE.INC($K$10:$K$29,3)+1.5*(_xlfn.QUARTILE.INC($K$10:$K$29,3)-_xlfn.QUARTILE.INC($K$10:$K$29,1))),\"Não\",\"Sim\"),\"\")","v":"Sim"}]
[null,"https://www.amazon.com.br/Pyle-Alto-falante-Megafone-port%C3%A1til-compacto/dp/B0046IP6U6/ref=sr_1_2_sspa?adgrpid=1150089821288188&dib=eyJ2IjoiMSJ9.xc_5Gx8NwYLNk4WV928Ebdj0z7DrzjRGg9NM_CZQFnhOdrNSCLwYakhboRBISKIAPGxzFZbu5OuvmWnxm2cqlsho8pnhzv3LHC7546NhIuT31x6qs3-Rxcu4Ho5GXY8CFuKRWUTpRKpTuapSBd-fR8jpd1eEPfB7Bxk9F-4jX4ioKggD9U0Uurt900lHAV2MCoZj-WajTy_qI1x76gJAG5FUitRa26yLCaXHu-b5153iv7rjBbIIZYX1IH84KV0wIE6CCFfxFMBf0lGK8-5ZXZsWeJXTFiwSw1aHuBJB2lU.XEAQRLNZHm9MPBLrMbnGt6yjh5xu3eNQm0A4MlfYzTU&dib_tag=se&hvadid=71880780435475&hvbmt=bp&hvdev=c&hvlocphy=147252&hvnetw=o&hvqmt=p&hvtargid=kwd-71881130854589%3Aloc-20&hydadcr=1468_13485645&keywords=megafone&mcid=5e752091e2893f05aa17d4901d91237a&qid=1777389224&sr=8-2-spons&ufe=app_do%3Aamzn1.fos.fcd6d665-32ba-4479-9f21-b774e276a678&sp_csd=d2lkZ2V0TmFtZT1zcF9hdGY&th=1",{"$nulls":7},"2026-04-28",215,"Sim",null,null,"Sim"]
[null,"https://www.magazineluiza.com.br/alto-falante-megafone-pyle-pmp48ir-40w-1000-jardas-com-sirene-e-microfone/p/hek0a217ef/ea/mene/?msockid=091c2cef909f6982385f3ab491f4682e",{"$nulls":7},"2026-04-28",359.97,"Sim",null,null,"Sim"]
[{"$nulls":11},"",null,null,""]
[{"$nulls":11},"",null,null,""]
[{"$nulls":11},"",null,null,""]
[{"$nulls":11},"",null,null,""]
[{"$nulls":11},"",null,null,""]
[{"$nulls":11},"",null,null,""]
[{"$nulls":11},"",null,null,""]
[{"$nulls":11},"",null,null,""]
[null,"Observações:",{"$nulls":8},"Média:",{"$f":"IF($L$32=\"\",\"Selecione metodologia para exclusão de preços\",AVERAGE(IF($L$10:$L$29=\"Sim\",$K$10:$K$29)))","v":274.2166666666667},null,"Média (Cotações)",{"$f":"IF(COUNTIF(O19:O29,\"Sim\")<3,\"N/D (são necessários pelo menos 3 preços)\",AVERAGE(IF(O19:O29=\"Sim\",$K19:$K29)))","v":274.2166666666667},{"$f":"IF(COUNTIF(P19:P29,\"Sim\")<3,\"N/D (são necessários pelo menos 3 preços)\",AVERAGE(IF(P19:P29=\"Sim\",$K19:$K29)))","v":"N/D (são necessários pelo menos 3 preços)"}]
[{"$nulls":10},"Mediana:",{"$f":"IF($L$32=\"\",\"Selecione metodologia para exclusão de preços\",MEDIAN(IF($L$10:$L$29=\"Sim\",$K$10:$K$29)))","v":247.68},null,"Mediana (Cotações)",{"$f":"IF(COUNTIF(O19:O29,\"Sim\")<3,\"N/D (são necessários pelo menos 3 preços)\",MEDIAN(IF(O19:O29=\"Sim\",$K19:$K29)))","v":247.68},{"$f":"IF(COUNTIF(P19:P29,\"Sim\")<3,\"N/D (são necessários pelo menos 3 preços)\",MEDIAN(IF(P19:P29=\"Sim\",$K19:$K29)))","v":"N/D (são necessários pelo menos 3 preços)"}]
[null,"Metodologia de exclusão de preços adotada:",{"$nulls":9},{"$f":"IF(O35=\"\",INDEX(O18:P18,MATCH(MIN(#REF!),#REF!,0)),O35)","v":"Outliers"},null,"CV (Cotações)",{"$f":"IF(COUNTIF(O19:O29,\"Sim\")<3,\"N/D (são necessários pelo menos 3 preços)\",_xlfn.STDEV.S(IF(O19:O29=\"Sim\",$K19:$K29))/AVERAGE(IF(O19:O29=\"Sim\",$K19:$K29)))","v":0.27730232110217073},{"$f":"IF(COUNTIF(P19:P29,\"Sim\")<3,\"N/D (são necessários pelo menos 3 preços)\",_xlfn.STDEV.S(IF(P19:P29=\"Sim\",$K19:$K29))/AVERAGE(IF(P19:P29=\"Sim\",$K19:$K29)))","v":"N/D (são necessários pelo menos 3 preços)"}]
[{"$nulls":13},"Média",{"$f":"IF(SUM(COUNTIF($O$10:$O$16,\"Sim\")) + SUM(COUNTIF(O19:O29,\"Sim\")) < 3,\n   \"N/D (são necessários pelo menos 3 preços)\",\n   IFERROR(AVERAGE(_xlfn._xlws.FILTER($K$10:$K$16,$O$10:$O$16=\"Sim\"), _xlfn._xlws.FILTER($K$19:$K$29,O19:O29=\"Sim\")),O30))","v":274.2166666666667},{"$f":"IF(SUM(COUNTIF($P$10:$P$16,\"Sim\")) + SUM(COUNTIF(P19:P29,\"Sim\")) < 3,\n   \"N/D (são necessários pelo menos 3 preços)\",\n   IFERROR(AVERAGE(_xlfn._xlws.FILTER($K$10:$K$16,$P$10:$P$16=\"Sim\"), _xlfn._xlws.FILTER($K$19:$K$29,P19:P29=\"Sim\")),P30))","v":"N/D (são necessários pelo menos 3 preços)"}]
[{"$nulls":13},"Mediana",{"$f":"IF(SUM(COUNTIF($O$10:$O$16,\"Sim\")) + SUM(COUNTIF(O19:O29,\"Sim\")) < 3,\n   \"N/D (são necessários pelo menos 3 preços)\",\n   IFERROR(MEDIAN(_xlfn._xlws.FILTER($K$10:$K$16,$O$10:$O$16=\"Sim\"), _xlfn._xlws.FILTER($K$19:$K$29,O19:O29=\"Sim\")),O31))","v":247.68},{"$f":"IF(SUM(COUNTIF($P10:$P$16,\"Sim\")) + SUM(COUNTIF(P19:P29,\"Sim\")) < 3,\n   \"N/D (são necessários pelo menos 3 preços)\",\n   IFERROR(MEDIAN(_xlfn._xlws.FILTER($K$10:$K$16,$P$10:$P$16=\"Sim\"), _xlfn._xlws.FILTER($K$19:$K$29,P19:P29=\"Sim\")),P31))","v":"N/D (são necessários pelo menos 3 preços)"}]
[null,"COSOLIDAÇÃO DOS PREÇOS",{"$nulls":11},"Metodologia a adotar:",{"$f":"IF(INDEX(O18:P18,P35)=0,\"\",INDEX(O18:P18,P35))","v":"Outliers"},1]
[]
[null,"PREÇO UNITÁRIO ESTIMADO ADOTADO:",{"$nulls":9},{"$f":"IF($B$39=\"Mediana:\",L31,L30)","v":274.2166666666667}]
[]
[{"$f":"O18","v":"Outliers"},""]

{"sheet":"Oculos","index":65,"n_rows":39,"n_cols":16,"rows_kept":39,"cut":false,"hidden":true,"merged":[[16,1,16,11],[16,14,16,15],[0,0,0,6],[6,2,6,7],[6,14,6,15],[7,1,7,11],[7,14,7,15],[28,1,28,8],[17,1,17,8],[18,1,18,8],[19,1,19,8],[20,1,20,8],[21,1,21,8],[22,1,22,8],[23,1,23,8],[24,1,24,8],[25,1,25,8],[26,1,26,8],[27,1,27,8],[31,1,33,10],[31,11,33,11],[34,1,35,10],[34,11,35,11],[36,1,36,10]]}
[]
[null,"Processo"]
[null,"Responsável"]
[null,"Área de Origem"]
[null,"Data da pesquisa"]
[]
[null,"ITEM:","ÓCULOS DE PROTEÇÃO individual para trabalho sujeitas a particulas e poeiras",{"$nulls":5},"UNIDADE DE MEDIDA:","Unidade","QUANTIDADE:",4,null,null,"Tabela auxiliar de metodologias para exclusão de preços"]
[null,"LICITAÇÕES ANTERIORES",{"$nulls":12},"Licitações Anteriores"]
[null,"Órgão","Edital/Ano - Nº do Lote / Item","Quantidade","Valor Unitário","Data","índice de atualização (nome)","I0","If","Variação acumulada do índice (%)","Preço unitário atualizado","Utilizar?  (Sim/Não)",null,null,"Outliers","Por critério do(a) analista"]
[{"$nulls":9},{"$f":"IF(ISBLANK(E10),\"\",IF(ISNUMBER(H10),(I10-H10)/H10,0))","v":""},{"$f":"IF(ISBLANK(E10),\"\",E10*(1+J10))","v":""},{"$f":"IF(ISNUMBER(K10),IF($L$32<>$P$9,O10,P10),\"\")","v":""},null,null,{"$f":"IF(ISNUMBER(K10),IF(OR(K10<_xlfn.QUARTILE.INC($K$10:$K$29,1)-1.5*(_xlfn.QUARTILE.INC($K$10:K29,3)-_xlfn.QUARTILE.INC($K$10:$K$29,1)),K10>_xlfn.QUARTILE.INC($K$10:$K$29,3)+1.5*(_xlfn.QUARTILE.INC($K$10:$K$29,3)-_xlfn.QUARTILE.INC($K$10:$K$29,1))),\"Não\",\"Sim\"),\"\")","v":""}]
[{"$nulls":9},{"$f":"IF(ISBLANK(E11),\"\",IF(ISNUMBER(H11),(I11-H11)/H11,0))","v":""},{"$f":"IF(ISBLANK(E11),\"\",E11*(1+J11))","v":""},"",null,null,{"$f":"IF(ISNUMBER(K11),IF(OR(K11<_xlfn.QUARTILE.INC($K$10:$K$29,1)-1.5*(_xlfn.QUARTILE.INC($K$10:K29,3)-_xlfn.QUARTILE.INC($K$10:$K$29,1)),K11>_xlfn.QUARTILE.INC($K$10:$K$29,3)+1.5*(_xlfn.QUARTILE.INC($K$10:$K$29,3)-_xlfn.QUARTILE.INC($K$10:$K$29,1))),\"Não\",\"Sim\"),\"\")","v":""}]
[{"$nulls":9},"","","",null,null,{"$f":"IF(ISNUMBER(K12),IF(OR(K12<_xlfn.QUARTILE.INC($K$10:$K$29,1)-1.5*(_xlfn.QUARTILE.INC($K$10:K30,3)-_xlfn.QUARTILE.INC($K$10:$K$29,1)),K12>_xlfn.QUARTILE.INC($K$10:$K$29,3)+1.5*(_xlfn.QUARTILE.INC($K$10:$K$29,3)-_xlfn.QUARTILE.INC($K$10:$K$29,1))),\"Não\",\"Sim\"),\"\")","v":""}]
[{"$nulls":9},"","","",null,null,{"$f":"IF(ISNUMBER(K13),IF(OR(K13<_xlfn.QUARTILE.INC($K$10:$K$29,1)-1.5*(_xlfn.QUARTILE.INC($K$10:K31,3)-_xlfn.QUARTILE.INC($K$10:$K$29,1)),K13>_xlfn.QUARTILE.INC($K$10:$K$29,3)+1.5*(_xlfn.QUARTILE.INC($K$10:$K$29,3)-_xlfn.QUARTILE.INC($K$10:$K$29,1))),\"Não\",\"Sim\"),\"\")","v":""}]
[{"$nulls":9},"","","",null,null,{"$f":"IF(ISNUMBER(K14),IF(OR(K14<_xlfn.QUARTILE.INC($K$10:$K$29,1)-1.5*(_xlfn.QUARTILE.INC($K$10:K32,3)-_xlfn.QUARTILE.INC($K$10:$K$29,1)),K14>_xlfn.QUARTILE.INC($K$10:$K$29,3)+1.5*(_xlfn.QUARTILE.INC($K$10:$K$29,3)-_xlfn.QUARTILE.INC($K$10:$K$29,1))),\"Não\",\"Sim\"),\"\")","v":""}]
[{"$nulls":9},"","","",null,null,{"$f":"IF(ISNUMBER(K15),IF(OR(K15<_xlfn.QUARTILE.INC($K$10:$K$29,1)-1.5*(_xlfn.QUARTILE.INC($K$10:K35,3)-_xlfn.QUARTILE.INC($K$10:$K$29,1)),K15>_xlfn.QUARTILE.INC($K$10:$K$29,3)+1.5*(_xlfn.QUARTILE.INC($K$10:$K$29,3)-_xlfn.QUARTILE.INC($K$10:$K$29,1))),\"Não\",\"Sim\"),\"\")","v":""}]
[{"$nulls":9},"","","",null,null,{"$f":"IF(ISNUMBER(K16),IF(OR(K16<_xlfn.QUARTILE.INC($K$10:$K$29,1)-1.5*(_xlfn.QUARTILE.INC($I$10:I37,3)-_xlfn.QUARTILE.INC($K$10:$K$29,1)),K16>_xlfn.QUARTILE.INC($K$10:$K$29,3)+1.5*(_xlfn.QUARTILE.INC($K$10:$K$29,3)-_xlfn.QUARTILE.INC($K$10:$K$29,1))),\"Não\",\"Sim\"),\"\")","v":""}]
[null,"COTAÇÕES DE MERCADO",{"$nulls":12},"Cotações"]
[null,"Empresa",{"$nulls":7},"Data","Preço Unitário","Utilizar? (Sim/Não)",null,null,"Outliers","Por critério do(a) analista"]
[null,"https://superepi.com.br/oculos-de-seguranca-kalipso-paraty-ca-20030-p1046703",{"$nulls":7},"2026-04-28",31.52,{"$f":"IF(ISNUMBER(K19),IF($L$32=$O$18,O19,IF($L$32=$P$18,P19,\"\")),\"\")","v":"Sim"},null,null,{"$f":"IF(ISNUMBER(K19),IF(OR(K19<_xlfn.QUARTILE.INC($K$10:$K$29,1)-1.5*(_xlfn.QUARTILE.INC($K$10:$K$29,3)-_xlfn.QUARTILE.INC($K$10:$K$29,1)),K19>_xlfn.QUARTILE.INC($K$10:$K$29,3)+1.5*(_xlfn.QUARTILE.INC($K$10:$K$29,3)-_xlfn.QUARTILE.INC($K$10:$K$29,1))),\"Não\",\"Sim\"),\"\")","v":"Sim"}]
[null,"https://www.amazon.com.br/%C3%93culos-Seguran%C3%A7a-Foxter-Incolor-VDO2467/dp/B075X3KZRV/ref=sr_1_5?adgrpid=1141294854241268&dib=eyJ2IjoiMSJ9.7TYc9_CVSP4EhZbbL4YOVJRV8iYzlGCU4tKcn71fPOWMtdl9Xu9y0BIMJcFVJ2zXZuTWWngVm8s1vplDRtzjQcWwPSBT2ETGV32oN0pQvAoBKsuscck8q1qXK5BmaFbS_Hq69S1fcpXjTiqgMT-Uh7UufFogaXwpKslkWGYXjwKEaj0sRQZIUm9V7D60t_jgUI8gdeIrothFzlkZSEM0uglzmcqJg7tqSpB8Gyo6s2XSkmiheJIlt9wzbmVj5jPai_54dS6bWiWJTqAoeQ906XoYJGPFWBnhUChlfUSOZ0U.ZGBeOvfQ6RWUM7PUJJhYqx2-3KV9htYHzdbW0fK2bXA&dib_tag=se&hvadid=71331090488164&hvbmt=bp&hvdev=c&hvlocphy=147252&hvnetw=o&hvqmt=p&hvtargid=kwd-71331642193428%3Aloc-20&hydadcr=22954_13534973&keywords=equipamentos+de+seguran%C3%A7a+epi&mcid=627ba2f9bbe93954a523e9dbac244364&msclkid=b825c08339e0137a05bfa973df502045&qid=1777395931&sr=8-5",{"$nulls":7},"2026-04-28",8.4600000000000009,"Sim",null,null,"Sim"]
[null,"https://www.mercadolivre.com.br/oculos-de-protecoseguranca-com-viso-ampla-incolor-vonder/p/MLB27901453#polycard_client=search-desktop&be_origin=backend&search_layout=grid&position=1&type=product&tracking_id=da3c8dd0-9aea-4276-8db6-2e3cef777aee&wid=MLB6318864042&sid=search",{"$nulls":7},"2026-04-28",19,"Sim",null,null,"Sim"]
[{"$nulls":11},"",null,null,""]
[{"$nulls":11},"",null,null,""]
[{"$nulls":11},"",null,null,""]
[{"$nulls":11},"",null,null,""]
[{"$nulls":11},"",null,null,""]
[{"$nulls":11},"",null,null,""]
[{"$nulls":11},"",null,null,""]
[{"$nulls":11},"",null,null,""]
[null,"Observações:",{"$nulls":8},"Média:",{"$f":"IF($L$32=\"\",\"Selecione metodologia para exclusão de preços\",AVERAGE(IF($L$10:$L$29=\"Sim\",$K$10:$K$29)))","v":19.66},null,"Média (Cotações)",{"$f":"IF(COUNTIF(O19:O29,\"Sim\")<3,\"N/D (são necessários pelo menos 3 preços)\",AVERAGE(IF(O19:O29=\"Sim\",$K19:$K29)))","v":19.66},{"$f":"IF(COUNTIF(P19:P29,\"Sim\")<3,\"N/D (são necessários pelo menos 3 preços)\",AVERAGE(IF(P19:P29=\"Sim\",$K19:$K29)))","v":"N/D (são necessários pelo menos 3 preços)"}]
[{"$nulls":10},"Mediana:",{"$f":"IF($L$32=\"\",\"Selecione metodologia para exclusão de preços\",MEDIAN(IF($L$10:$L$29=\"Sim\",$K$10:$K$29)))","v":19},null,"Mediana (Cotações)",{"$f":"IF(COUNTIF(O19:O29,\"Sim\")<3,\"N/D (são necessários pelo menos 3 preços)\",MEDIAN(IF(O19:O29=\"Sim\",$K19:$K29)))","v":19},{"$f":"IF(COUNTIF(P19:P29,\"Sim\")<3,\"N/D (são necessários pelo menos 3 preços)\",MEDIAN(IF(P19:P29=\"Sim\",$K19:$K29)))","v":"N/D (são necessários pelo menos 3 preços)"}]
[null,"Metodologia de exclusão de preços adotada:",{"$nulls":9},{"$f":"IF(O35=\"\",INDEX(O18:P18,MATCH(MIN(#REF!),#REF!,0)),O35)","v":"Outliers"},null,"CV (Cotações)",{"$f":"IF(COUNTIF(O19:O29,\"Sim\")<3,\"N/D (são necessários pelo menos 3 preços)\",_xlfn.STDEV.S(IF(O19:O29=\"Sim\",$K19:$K29))/AVERAGE(IF(O19:O29=\"Sim\",$K19:$K29)))","v":0.58719016765350407},{"$f":"IF(COUNTIF(P19:P29,\"Sim\")<3,\"N/D (são necessários pelo menos 3 preços)\",_xlfn.STDEV.S(IF(P19:P29=\"Sim\",$K19:$K29))/AVERAGE(IF(P19:P29=\"Sim\",$K19:$K29)))","v":"N/D (são necessários pelo menos 3 preços)"}]
[{"$nulls":13},"Média",{"$f":"IF(SUM(COUNTIF($O$10:$O$16,\"Sim\")) + SUM(COUNTIF(O19:O29,\"Sim\")) < 3,\n   \"N/D (são necessários pelo menos 3 preços)\",\n   IFERROR(AVERAGE(_xlfn._xlws.FILTER($K$10:$K$16,$O$10:$O$16=\"Sim\"), _xlfn._xlws.FILTER($K$19:$K$29,O19:O29=\"Sim\")),O30))","v":19.66},{"$f":"IF(SUM(COUNTIF($P$10:$P$16,\"Sim\")) + SUM(COUNTIF(P19:P29,\"Sim\")) < 3,\n   \"N/D (são necessários pelo menos 3 preços)\",\n   IFERROR(AVERAGE(_xlfn._xlws.FILTER($K$10:$K$16,$P$10:$P$16=\"Sim\"), _xlfn._xlws.FILTER($K$19:$K$29,P19:P29=\"Sim\")),P30))","v":"N/D (são necessários pelo menos 3 preços)"}]
[{"$nulls":13},"Mediana",{"$f":"IF(SUM(COUNTIF($O$10:$O$16,\"Sim\")) + SUM(COUNTIF(O19:O29,\"Sim\")) < 3,\n   \"N/D (são necessários pelo menos 3 preços)\",\n   IFERROR(MEDIAN(_xlfn._xlws.FILTER($K$10:$K$16,$O$10:$O$16=\"Sim\"), _xlfn._xlws.FILTER($K$19:$K$29,O19:O29=\"Sim\")),O31))","v":19},{"$f":"IF(SUM(COUNTIF($P10:$P$16,\"Sim\")) + SUM(COUNTIF(P19:P29,\"Sim\")) < 3,\n   \"N/D (são necessários pelo menos 3 preços)\",\n   IFERROR(MEDIAN(_xlfn._xlws.FILTER($K$10:$K$16,$P$10:$P$16=\"Sim\"), _xlfn._xlws.FILTER($K$19:$K$29,P19:P29=\"Sim\")),P31))","v":"N/D (são necessários pelo menos 3 preços)"}]
[null,"COSOLIDAÇÃO DOS PREÇOS",{"$nulls":11},"Metodologia a adotar:",{"$f":"IF(INDEX(O18:P18,P35)=0,\"\",INDEX(O18:P18,P35))","v":"Outliers"},1]
[]
[null,"PREÇO UNITÁRIO ESTIMADO ADOTADO:",{"$nulls":9},{"$f":"IF($B$39=\"Mediana:\",L31,L30)","v":19}]
[]
[{"$f":"O18","v":"Outliers"},"Mediana:"]

{"sheet":"Capacete","index":66,"n_rows":39,"n_cols":16,"rows_kept":39,"cut":false,"hidden":true,"merged":[[16,1,16,11],[16,14,16,15],[0,0,0,6],[6,2,6,7],[6,14,6,15],[7,1,7,11],[7,14,7,15],[28,1,28,8],[17,1,17,8],[18,1,18,8],[19,1,19,8],[20,1,20,8],[21,1,21,8],[22,1,22,8],[23,1,23,8],[24,1,24,8],[25,1,25,8],[26,1,26,8],[27,1,27,8],[31,1,33,10],[31,11,33,11],[34,1,35,10],[34,11,35,11],[36,1,36,10]]}
[]
[null,"Processo"]
[null,"Responsável"]
[null,"Área de Origem"]
[null,"Data da pesquisa"]
[]
[null,"ITEM:","CAPACETE DE SEGURANÇA com catraca e jugular Tipo III, classe A, de polipropileno injetado",{"$nulls":5},"UNIDADE DE MEDIDA:","Unidade","QUANTIDADE:",null,null,null,"Tabela auxiliar de metodologias para exclusão de preços"]
[null,"LICITAÇÕES ANTERIORES",{"$nulls":12},"Licitações Anteriores"]
[null,"Órgão","Edital/Ano - Nº do Lote / Item","Quantidade","Valor Unitário","Data","índice de atualização (nome)","I0","If","Variação acumulada do índice (%)","Preço unitário atualizado","Utilizar?  (Sim/Não)",null,null,"Outliers","Por critério do(a) analista"]
[{"$nulls":9},{"$f":"IF(ISBLANK(E10),\"\",IF(ISNUMBER(H10),(I10-H10)/H10,0))","v":""},{"$f":"IF(ISBLANK(E10),\"\",E10*(1+J10))","v":""},{"$f":"IF(ISNUMBER(K10),IF($L$32<>$P$9,O10,P10),\"\")","v":""},null,null,{"$f":"IF(ISNUMBER(K10),IF(OR(K10<_xlfn.QUARTILE.INC($K$10:$K$29,1)-1.5*(_xlfn.QUARTILE.INC($K$10:K29,3)-_xlfn.QUARTILE.INC($K$10:$K$29,1)),K10>_xlfn.QUARTILE.INC($K$10:$K$29,3)+1.5*(_xlfn.QUARTILE.INC($K$10:$K$29,3)-_xlfn.QUARTILE.INC($K$10:$K$29,1))),\"Não\",\"Sim\"),\"\")","v":""}]
[{"$nulls":9},{"$f":"IF(ISBLANK(E11),\"\",IF(ISNUMBER(H11),(I11-H11)/H11,0))","v":""},{"$f":"IF(ISBLANK(E11),\"\",E11*(1+J11))","v":""},"",null,null,{"$f":"IF(ISNUMBER(K11),IF(OR(K11<_xlfn.QUARTILE.INC($K$10:$K$29,1)-1.5*(_xlfn.QUARTILE.INC($K$10:K29,3)-_xlfn.QUARTILE.INC($K$10:$K$29,1)),K11>_xlfn.QUARTILE.INC($K$10:$K$29,3)+1.5*(_xlfn.QUARTILE.INC($K$10:$K$29,3)-_xlfn.QUARTILE.INC($K$10:$K$29,1))),\"Não\",\"Sim\"),\"\")","v":""}]
[{"$nulls":9},"","","",null,null,{"$f":"IF(ISNUMBER(K12),IF(OR(K12<_xlfn.QUARTILE.INC($K$10:$K$29,1)-1.5*(_xlfn.QUARTILE.INC($K$10:K30,3)-_xlfn.QUARTILE.INC($K$10:$K$29,1)),K12>_xlfn.QUARTILE.INC($K$10:$K$29,3)+1.5*(_xlfn.QUARTILE.INC($K$10:$K$29,3)-_xlfn.QUARTILE.INC($K$10:$K$29,1))),\"Não\",\"Sim\"),\"\")","v":""}]
[{"$nulls":9},"","","",null,null,{"$f":"IF(ISNUMBER(K13),IF(OR(K13<_xlfn.QUARTILE.INC($K$10:$K$29,1)-1.5*(_xlfn.QUARTILE.INC($K$10:K31,3)-_xlfn.QUARTILE.INC($K$10:$K$29,1)),K13>_xlfn.QUARTILE.INC($K$10:$K$29,3)+1.5*(_xlfn.QUARTILE.INC($K$10:$K$29,3)-_xlfn.QUARTILE.INC($K$10:$K$29,1))),\"Não\",\"Sim\"),\"\")","v":""}]
[{"$nulls":9},"","","",null,null,{"$f":"IF(ISNUMBER(K14),IF(OR(K14<_xlfn.QUARTILE.INC($K$10:$K$29,1)-1.5*(_xlfn.QUARTILE.INC($K$10:K32,3)-_xlfn.QUARTILE.INC($K$10:$K$29,1)),K14>_xlfn.QUARTILE.INC($K$10:$K$29,3)+1.5*(_xlfn.QUARTILE.INC($K$10:$K$29,3)-_xlfn.QUARTILE.INC($K$10:$K$29,1))),\"Não\",\"Sim\"),\"\")","v":""}]
[{"$nulls":9},"","","",null,null,{"$f":"IF(ISNUMBER(K15),IF(OR(K15<_xlfn.QUARTILE.INC($K$10:$K$29,1)-1.5*(_xlfn.QUARTILE.INC($K$10:K35,3)-_xlfn.QUARTILE.INC($K$10:$K$29,1)),K15>_xlfn.QUARTILE.INC($K$10:$K$29,3)+1.5*(_xlfn.QUARTILE.INC($K$10:$K$29,3)-_xlfn.QUARTILE.INC($K$10:$K$29,1))),\"Não\",\"Sim\"),\"\")","v":""}]
[{"$nulls":9},"","","",null,null,{"$f":"IF(ISNUMBER(K16),IF(OR(K16<_xlfn.QUARTILE.INC($K$10:$K$29,1)-1.5*(_xlfn.QUARTILE.INC($I$10:I37,3)-_xlfn.QUARTILE.INC($K$10:$K$29,1)),K16>_xlfn.QUARTILE.INC($K$10:$K$29,3)+1.5*(_xlfn.QUARTILE.INC($K$10:$K$29,3)-_xlfn.QUARTILE.INC($K$10:$K$29,1))),\"Não\",\"Sim\"),\"\")","v":""}]
[null,"COTAÇÕES DE MERCADO",{"$nulls":12},"Cotações"]
[null,"Empresa",{"$nulls":7},"Data","Preço Unitário","Utilizar? (Sim/Não)",null,null,"Outliers","Por critério do(a) analista"]
[null,"https://www.amazon.com.br/Capacete-frontal-jugular-suspens%C3%A3o-catraca/dp/B0B75KT933/ref=asc_df_B0B75KT933?tag=brbngshpdsk-20&linkCode=df0&hvadid=76897312648644&hvnetw=o&hvqmt=e&hvbmt=be&hvdev=c&hvlocint=&hvlocphy=147252&hvtargid=pla-4580496745518390&psc=1&msclkid=38ea74327b831ed194dd1dc295fac7e0",{"$nulls":7},"2026-04-28",46.6,{"$f":"IF(ISNUMBER(K19),IF($L$32=$O$18,O19,IF($L$32=$P$18,P19,\"\")),\"\")","v":"Sim"},null,null,{"$f":"IF(ISNUMBER(K19),IF(OR(K19<_xlfn.QUARTILE.INC($K$10:$K$29,1)-1.5*(_xlfn.QUARTILE.INC($K$10:$K$29,3)-_xlfn.QUARTILE.INC($K$10:$K$29,1)),K19>_xlfn.QUARTILE.INC($K$10:$K$29,3)+1.5*(_xlfn.QUARTILE.INC($K$10:$K$29,3)-_xlfn.QUARTILE.INC($K$10:$K$29,1))),\"Não\",\"Sim\"),\"\")","v":"Sim"}]
[null,"https://www.mercadolivre.com.br/capacete-aba-branco-c-jugular-e-susp-ccatraca-vonder-plus/p/MLB27707990#polycard_client=search-desktop&be_origin=backend&search_layout=grid&position=1&type=product&tracking_id=c322a5e9-6b0a-482c-b39b-0d0236fd5a62&wid=MLB5966429170&sid=search",{"$nulls":7},"2026-04-28",46.6,"Sim",null,null,"Sim"]
[null,"https://segurancaepis.com/capacete-aba-frontal-branco-com-jugular-e-suspensao-com-catraca-vonder-plus-ca-14712/p",{"$nulls":7},"2026-04-29",56,"Sim",null,null,"Sim"]
[{"$nulls":11},"",null,null,""]
[{"$nulls":11},"",null,null,""]
[{"$nulls":11},"",null,null,""]
[{"$nulls":11},"",null,null,""]
[{"$nulls":11},"",null,null,""]
[{"$nulls":11},"",null,null,""]
[{"$nulls":11},"",null,null,""]
[{"$nulls":11},"",null,null,""]
[null,"Observações:",{"$nulls":8},"Média:",{"$f":"IF($L$32=\"\",\"Selecione metodologia para exclusão de preços\",AVERAGE(IF($L$10:$L$29=\"Sim\",$K$10:$K$29)))","v":49.733333333333327},null,"Média (Cotações)",{"$f":"IF(COUNTIF(O19:O29,\"Sim\")<3,\"N/D (são necessários pelo menos 3 preços)\",AVERAGE(IF(O19:O29=\"Sim\",$K19:$K29)))","v":49.733333333333327},{"$f":"IF(COUNTIF(P19:P29,\"Sim\")<3,\"N/D (são necessários pelo menos 3 preços)\",AVERAGE(IF(P19:P29=\"Sim\",$K19:$K29)))","v":"N/D (são necessários pelo menos 3 preços)"}]
[{"$nulls":10},"Mediana:",{"$f":"IF($L$32=\"\",\"Selecione metodologia para exclusão de preços\",MEDIAN(IF($L$10:$L$29=\"Sim\",$K$10:$K$29)))","v":46.6},null,"Mediana (Cotações)",{"$f":"IF(COUNTIF(O19:O29,\"Sim\")<3,\"N/D (são necessários pelo menos 3 preços)\",MEDIAN(IF(O19:O29=\"Sim\",$K19:$K29)))","v":46.6},{"$f":"IF(COUNTIF(P19:P29,\"Sim\")<3,\"N/D (são necessários pelo menos 3 preços)\",MEDIAN(IF(P19:P29=\"Sim\",$K19:$K29)))","v":"N/D (são necessários pelo menos 3 preços)"}]
[null,"Metodologia de exclusão de preços adotada:",{"$nulls":9},{"$f":"IF(O35=\"\",INDEX(O18:P18,MATCH(MIN(#REF!),#REF!,0)),O35)","v":"Outliers"},null,"CV (Cotações)",{"$f":"IF(COUNTIF(O19:O29,\"Sim\")<3,\"N/D (são necessários pelo menos 3 preços)\",_xlfn.STDEV.S(IF(O19:O29=\"Sim\",$K19:$K29))/AVERAGE(IF(O19:O29=\"Sim\",$K19:$K29)))","v":0.10912384444468796},{"$f":"IF(COUNTIF(P19:P29,\"Sim\")<3,\"N/D (são necessários pelo menos 3 preços)\",_xlfn.STDEV.S(IF(P19:P29=\"Sim\",$K19:$K29))/AVERAGE(IF(P19:P29=\"Sim\",$K19:$K29)))","v":"N/D (são necessários pelo menos 3 preços)"}]
[{"$nulls":13},"Média",{"$f":"IF(SUM(COUNTIF($O$10:$O$16,\"Sim\")) + SUM(COUNTIF(O19:O29,\"Sim\")) < 3,\n   \"N/D (são necessários pelo menos 3 preços)\",\n   IFERROR(AVERAGE(_xlfn._xlws.FILTER($K$10:$K$16,$O$10:$O$16=\"Sim\"), _xlfn._xlws.FILTER($K$19:$K$29,O19:O29=\"Sim\")),O30))","v":49.733333333333327},{"$f":"IF(SUM(COUNTIF($P$10:$P$16,\"Sim\")) + SUM(COUNTIF(P19:P29,\"Sim\")) < 3,\n   \"N/D (são necessários pelo menos 3 preços)\",\n   IFERROR(AVERAGE(_xlfn._xlws.FILTER($K$10:$K$16,$P$10:$P$16=\"Sim\"), _xlfn._xlws.FILTER($K$19:$K$29,P19:P29=\"Sim\")),P30))","v":"N/D (são necessários pelo menos 3 preços)"}]
[{"$nulls":13},"Mediana",{"$f":"IF(SUM(COUNTIF($O$10:$O$16,\"Sim\")) + SUM(COUNTIF(O19:O29,\"Sim\")) < 3,\n   \"N/D (são necessários pelo menos 3 preços)\",\n   IFERROR(MEDIAN(_xlfn._xlws.FILTER($K$10:$K$16,$O$10:$O$16=\"Sim\"), _xlfn._xlws.FILTER($K$19:$K$29,O19:O29=\"Sim\")),O31))","v":46.6},{"$f":"IF(SUM(COUNTIF($P10:$P$16,\"Sim\")) + SUM(COUNTIF(P19:P29,\"Sim\")) < 3,\n   \"N/D (são necessários pelo menos 3 preços)\",\n   IFERROR(MEDIAN(_xlfn._xlws.FILTER($K$10:$K$16,$P$10:$P$16=\"Sim\"), _xlfn._xlws.FILTER($K$19:$K$29,P19:P29=\"Sim\")),P31))","v":"N/D (são necessários pelo menos 3 preços)"}]
[null,"COSOLIDAÇÃO DOS PREÇOS",{"$nulls":11},"Metodologia a adotar:",{"$f":"IF(INDEX(O18:P18,P35)=0,\"\",INDEX(O18:P18,P35))","v":"Outliers"},1]
[]
[null,"PREÇO UNITÁRIO ESTIMADO ADOTADO:",{"$nulls":9},{"$f":"IF($B$39=\"Mediana:\",L31,L30)","v":46.6}]
[]
[{"$f":"O18","v":"Outliers"},"Mediana:"]

{"sheet":"Espatula","index":67,"n_rows":39,"n_cols":16,"rows_kept":39,"cut":false,"hidden":true,"merged":[[16,1,16,11],[16,14,16,15],[0,0,0,6],[6,2,6,7],[6,14,6,15],[7,1,7,11],[7,14,7,15],[28,1,28,8],[17,1,17,8],[18,1,18,8],[19,1,19,8],[20,1,20,8],[21,1,21,8],[22,1,22,8],[23,1,23,8],[24,1,24,8],[25,1,25,8],[26,1,26,8],[27,1,27,8],[31,1,33,10],[31,11,33,11],[34,1,35,10],[34,11,35,11],[36,1,36,10]]}
[]
[null,"Processo"]
[null,"Responsável"]
[null,"Área de Origem"]
[null,"Data da pesquisa"]
[]
[null,"ITEM:","ESPATULA de aço inoxidável 40 mm",{"$nulls":5},"UNIDADE DE MEDIDA:","Unidade","QUANTIDADE:",1,null,null,"Tabela auxiliar de metodologias para exclusão de preços"]
[null,"LICITAÇÕES ANTERIORES",{"$nulls":12},"Licitações Anteriores"]
[null,"Órgão","Edital/Ano - Nº do Lote / Item","Quantidade","Valor Unitário","Data","índice de atualização (nome)","I0","If","Variação acumulada do índice (%)","Preço unitário atualizado","Utilizar?  (Sim/Não)",null,null,"Outliers","Por critério do(a) analista"]
[{"$nulls":9},{"$f":"IF(ISBLANK(E10),\"\",IF(ISNUMBER(H10),(I10-H10)/H10,0))","v":""},{"$f":"IF(ISBLANK(E10),\"\",E10*(1+J10))","v":""},{"$f":"IF(ISNUMBER(K10),IF($L$32<>$P$9,O10,P10),\"\")","v":""},null,null,{"$f":"IF(ISNUMBER(K10),IF(OR(K10<_xlfn.QUARTILE.INC($K$10:$K$29,1)-1.5*(_xlfn.QUARTILE.INC($K$10:K29,3)-_xlfn.QUARTILE.INC($K$10:$K$29,1)),K10>_xlfn.QUARTILE.INC($K$10:$K$29,3)+1.5*(_xlfn.QUARTILE.INC($K$10:$K$29,3)-_xlfn.QUARTILE.INC($K$10:$K$29,1))),\"Não\",\"Sim\"),\"\")","v":""}]
[{"$nulls":9},{"$f":"IF(ISBLANK(E11),\"\",IF(ISNUMBER(H11),(I11-H11)/H11,0))","v":""},{"$f":"IF(ISBLANK(E11),\"\",E11*(1+J11))","v":""},"",null,null,{"$f":"IF(ISNUMBER(K11),IF(OR(K11<_xlfn.QUARTILE.INC($K$10:$K$29,1)-1.5*(_xlfn.QUARTILE.INC($K$10:K29,3)-_xlfn.QUARTILE.INC($K$10:$K$29,1)),K11>_xlfn.QUARTILE.INC($K$10:$K$29,3)+1.5*(_xlfn.QUARTILE.INC($K$10:$K$29,3)-_xlfn.QUARTILE.INC($K$10:$K$29,1))),\"Não\",\"Sim\"),\"\")","v":""}]
[{"$nulls":9},"","","",null,null,{"$f":"IF(ISNUMBER(K12),IF(OR(K12<_xlfn.QUARTILE.INC($K$10:$K$29,1)-1.5*(_xlfn.QUARTILE.INC($K$10:K30,3)-_xlfn.QUARTILE.INC($K$10:$K$29,1)),K12>_xlfn.QUARTILE.INC($K$10:$K$29,3)+1.5*(_xlfn.QUARTILE.INC($K$10:$K$29,3)-_xlfn.QUARTILE.INC($K$10:$K$29,1))),\"Não\",\"Sim\"),\"\")","v":""}]
[{"$nulls":9},"","","",null,null,{"$f":"IF(ISNUMBER(K13),IF(OR(K13<_xlfn.QUARTILE.INC($K$10:$K$29,1)-1.5*(_xlfn.QUARTILE.INC($K$10:K31,3)-_xlfn.QUARTILE.INC($K$10:$K$29,1)),K13>_xlfn.QUARTILE.INC($K$10:$K$29,3)+1.5*(_xlfn.QUARTILE.INC($K$10:$K$29,3)-_xlfn.QUARTILE.INC($K$10:$K$29,1))),\"Não\",\"Sim\"),\"\")","v":""}]
[{"$nulls":9},"","","",null,null,{"$f":"IF(ISNUMBER(K14),IF(OR(K14<_xlfn.QUARTILE.INC($K$10:$K$29,1)-1.5*(_xlfn.QUARTILE.INC($K$10:K32,3)-_xlfn.QUARTILE.INC($K$10:$K$29,1)),K14>_xlfn.QUARTILE.INC($K$10:$K$29,3)+1.5*(_xlfn.QUARTILE.INC($K$10:$K$29,3)-_xlfn.QUARTILE.INC($K$10:$K$29,1))),\"Não\",\"Sim\"),\"\")","v":""}]
[{"$nulls":9},"","","",null,null,{"$f":"IF(ISNUMBER(K15),IF(OR(K15<_xlfn.QUARTILE.INC($K$10:$K$29,1)-1.5*(_xlfn.QUARTILE.INC($K$10:K35,3)-_xlfn.QUARTILE.INC($K$10:$K$29,1)),K15>_xlfn.QUARTILE.INC($K$10:$K$29,3)+1.5*(_xlfn.QUARTILE.INC($K$10:$K$29,3)-_xlfn.QUARTILE.INC($K$10:$K$29,1))),\"Não\",\"Sim\"),\"\")","v":""}]
[{"$nulls":9},"","","",null,null,{"$f":"IF(ISNUMBER(K16),IF(OR(K16<_xlfn.QUARTILE.INC($K$10:$K$29,1)-1.5*(_xlfn.QUARTILE.INC($I$10:I37,3)-_xlfn.QUARTILE.INC($K$10:$K$29,1)),K16>_xlfn.QUARTILE.INC($K$10:$K$29,3)+1.5*(_xlfn.QUARTILE.INC($K$10:$K$29,3)-_xlfn.QUARTILE.INC($K$10:$K$29,1))),\"Não\",\"Sim\"),\"\")","v":""}]
[null,"COTAÇÕES DE MERCADO",{"$nulls":12},"Cotações"]
[null,"Empresa",{"$nulls":7},"Data","Preço Unitário","Utilizar? (Sim/Não)",null,null,"Outliers","Por critério do(a) analista"]
[null,"https://www.lojadomecanico.com.br/produto/105147/31/276/espatula-de-aco-inoxidavel-lisa-de-40mm-mtx-855049",{"$nulls":7},"2026-04-29",8.14,{"$f":"IF(ISNUMBER(K19),IF($L$32=$O$18,O19,IF($L$32=$P$18,P19,\"\")),\"\")","v":"Sim"},null,null,{"$f":"IF(ISNUMBER(K19),IF(OR(K19<_xlfn.QUARTILE.INC($K$10:$K$29,1)-1.5*(_xlfn.QUARTILE.INC($K$10:$K$29,3)-_xlfn.QUARTILE.INC($K$10:$K$29,1)),K19>_xlfn.QUARTILE.INC($K$10:$K$29,3)+1.5*(_xlfn.QUARTILE.INC($K$10:$K$29,3)-_xlfn.QUARTILE.INC($K$10:$K$29,1))),\"Não\",\"Sim\"),\"\")","v":"Sim"}]
[null,"https://www.amazon.com.br/Espatula-betumadeira-Inoxidavel-Lisa-Pol/dp/B07X4G4N7H/ref=sr_1_5?__mk_pt_BR=%C3%85M%C3%85%C5%BD%C3%95%C3%91&crid=3E7B7ZXY82I81&dib=eyJ2IjoiMSJ9.UehaKW7jcBzW6MEoBTZoHza-AbEGN1JCd_Cr7NHP1cvONbndfJE2Qe8Xn9xiM6iRUWzNIBRFh2ebIbVWWMgm6NAjxrZLEKmliX79WS_jFYh26YzbblOvhXGoyk2e_Kw3r_DkqHCehQoB0lnEq-tLPZadWprVSLo3khTsYuvp99sp4KgnEv6f2OjU-Sxj8l7gwTkLoDXpPhf38USgl67RfhuDlB9UZOZVXQdPt5sirRRyVabypwvGcS3yqhPzE6ku8tiNGXx-hcX4Qte067USn-qwYoBlJTb9WH9v1rwZkD4.aTqqeRQDSuycmNWNfH6eZl6dxcGfdyaX8WZQ3AykgF4&dib_tag=se&keywords=esp%C3%A1tula%2Ba%C3%A7o%2Binox%2B40%2Bmm&qid=1777467878&sprefix=espatula%2Ba%C3%A7o%2Binox%2B40%2Bmm%2Caps%2C203&sr=8-5&th=1",{"$nulls":7},"2026-04-29",9.0399999999999991,"Sim",null,null,"Sim"]
[null,"https://www.leroymerlin.com.br/espatula-de-aco-inox-cabo-pvc-40mm-calice-momfort_90781194",{"$nulls":7},"2026-04-29",19.670000000000002,"Sim",null,null,"Sim"]
[{"$nulls":11},"",null,null,""]
[{"$nulls":11},"",null,null,""]
[{"$nulls":11},"",null,null,""]
[{"$nulls":11},"",null,null,""]
[{"$nulls":11},"",null,null,""]
[{"$nulls":11},"",null,null,""]
[{"$nulls":11},"",null,null,""]
[{"$nulls":11},"",null,null,""]
[null,"Observações:",{"$nulls":8},"Média:",{"$f":"IF($L$32=\"\",\"Selecione metodologia para exclusão de preços\",AVERAGE(IF($L$10:$L$29=\"Sim\",$K$10:$K$29)))","v":12.283333333333333},null,"Média (Cotações)",{"$f":"IF(COUNTIF(O19:O29,\"Sim\")<3,\"N/D (são necessários pelo menos 3 preços)\",AVERAGE(IF(O19:O29=\"Sim\",$K19:$K29)))","v":12.283333333333333},{"$f":"IF(COUNTIF(P19:P29,\"Sim\")<3,\"N/D (são necessários pelo menos 3 preços)\",AVERAGE(IF(P19:P29=\"Sim\",$K19:$K29)))","v":"N/D (são necessários pelo menos 3 preços)"}]
[{"$nulls":10},"Mediana:",{"$f":"IF($L$32=\"\",\"Selecione metodologia para exclusão de preços\",MEDIAN(IF($L$10:$L$29=\"Sim\",$K$10:$K$29)))","v":9.0399999999999991},null,"Mediana (Cotações)",{"$f":"IF(COUNTIF(O19:O29,\"Sim\")<3,\"N/D (são necessários pelo menos 3 preços)\",MEDIAN(IF(O19:O29=\"Sim\",$K19:$K29)))","v":9.0399999999999991},{"$f":"IF(COUNTIF(P19:P29,\"Sim\")<3,\"N/D (são necessários pelo menos 3 preços)\",MEDIAN(IF(P19:P29=\"Sim\",$K19:$K29)))","v":"N/D (são necessários pelo menos 3 preços)"}]
[null,"Metodologia de exclusão de preços adotada:",{"$nulls":9},{"$f":"IF(O35=\"\",INDEX(O18:P18,MATCH(MIN(#REF!),#REF!,0)),O35)","v":"Outliers"},null,"CV (Cotações)",{"$f":"IF(COUNTIF(O19:O29,\"Sim\")<3,\"N/D (são necessários pelo menos 3 preços)\",_xlfn.STDEV.S(IF(O19:O29=\"Sim\",$K19:$K29))/AVERAGE(IF(O19:O29=\"Sim\",$K19:$K29)))","v":0.52207726573814139},{"$f":"IF(COUNTIF(P19:P29,\"Sim\")<3,\"N/D (são necessários pelo menos 3 preços)\",_xlfn.STDEV.S(IF(P19:P29=\"Sim\",$K19:$K29))/AVERAGE(IF(P19:P29=\"Sim\",$K19:$K29)))","v":"N/D (são necessários pelo menos 3 preços)"}]
[{"$nulls":13},"Média",{"$f":"IF(SUM(COUNTIF($O$10:$O$16,\"Sim\")) + SUM(COUNTIF(O19:O29,\"Sim\")) < 3,\n   \"N/D (são necessários pelo menos 3 preços)\",\n   IFERROR(AVERAGE(_xlfn._xlws.FILTER($K$10:$K$16,$O$10:$O$16=\"Sim\"), _xlfn._xlws.FILTER($K$19:$K$29,O19:O29=\"Sim\")),O30))","v":12.283333333333333},{"$f":"IF(SUM(COUNTIF($P$10:$P$16,\"Sim\")) + SUM(COUNTIF(P19:P29,\"Sim\")) < 3,\n   \"N/D (são necessários pelo menos 3 preços)\",\n   IFERROR(AVERAGE(_xlfn._xlws.FILTER($K$10:$K$16,$P$10:$P$16=\"Sim\"), _xlfn._xlws.FILTER($K$19:$K$29,P19:P29=\"Sim\")),P30))","v":"N/D (são necessários pelo menos 3 preços)"}]
[{"$nulls":13},"Mediana",{"$f":"IF(SUM(COUNTIF($O$10:$O$16,\"Sim\")) + SUM(COUNTIF(O19:O29,\"Sim\")) < 3,\n   \"N/D (são necessários pelo menos 3 preços)\",\n   IFERROR(MEDIAN(_xlfn._xlws.FILTER($K$10:$K$16,$O$10:$O$16=\"Sim\"), _xlfn._xlws.FILTER($K$19:$K$29,O19:O29=\"Sim\")),O31))","v":9.0399999999999991},{"$f":"IF(SUM(COUNTIF($P10:$P$16,\"Sim\")) + SUM(COUNTIF(P19:P29,\"Sim\")) < 3,\n   \"N/D (são necessários pelo menos 3 preços)\",\n   IFERROR(MEDIAN(_xlfn._xlws.FILTER($K$10:$K$16,$P$10:$P$16=\"Sim\"), _xlfn._xlws.FILTER($K$19:$K$29,P19:P29=\"Sim\")),P31))","v":"N/D (são necessários pelo menos 3 preços)"}]
[null,"COSOLIDAÇÃO DOS PREÇOS",{"$nulls":11},"Metodologia a adotar:",{"$f":"IF(INDEX(O18:P18,P35)=0,\"\",INDEX(O18:P18,P35))","v":"Outliers"},1]
[]
[null,"PREÇO UNITÁRIO ESTIMADO ADOTADO:",{"$nulls":9},{"$f":"IF($B$39=\"Mediana:\",L31,L30)","v":12.283333333333333}]
[]
[{"$f":"O18","v":"Outliers"},"Média:"]

{"sheet":"Rádiocomunicador","index":68,"n_rows":39,"n_cols":16,"rows_kept":39,"cut":false,"hidden":true,"merged":[[16,1,16,11],[16,14,16,15],[0,0,0,6],[6,2,6,7],[6,14,6,15],[7,1,7,11],[7,14,7,15],[28,1,28,8],[17,1,17,8],[18,1,18,8],[19,1,19,8],[20,1,20,8],[21,1,21,8],[22,1,22,8],[23,1,23,8],[24,1,24,8],[25,1,25,8],[26,1,26,8],[27,1,27,8],[31,1,33,10],[31,11,33,11],[34,1,35,10],[34,11,35,11],[36,1,36,10]]}
[]
[null,"Processo"]
[null,"Responsável"]
[null,"Área de Origem"]
[null,"Data da pesquisa"]
[]
[null,"ITEM:","EQUIPAMENTO DE RADIOCOMUNICAÇÃO de boa qualidade de recepção/transmissão, inclusive em subsolos, sem necessidade de licença da ANATEL, compostos por rádio, bateria recarregável, carregadores e baterias sobressalentes. Equipamento deve ser compativel com o equipamento de radiocomunicação da equipe de Vigilância.",{"$nulls":5},"UNIDADE DE MEDIDA:","Unidade","QUANTIDADE:",4,null,null,"Tabela auxiliar de metodologias para exclusão de preços"]
[null,"LICITAÇÕES ANTERIORES",{"$nulls":12},"Licitações Anteriores"]
[null,"Órgão","Edital/Ano - Nº do Lote / Item","Quantidade","Valor Unitário","Data","índice de atualização (nome)","I0","If","Variação acumulada do índice (%)","Preço unitário atualizado","Utilizar?  (Sim/Não)",null,null,"Outliers","Por critério do(a) analista"]
[null,"POLICIA RODOVIARIA FEDERAL","08650.224986/2024-44",5,188.03,"2026-02-05","IPAOG-EQUIPAMENTOS",104.443,104.607,{"$f":"IF(ISBLANK(E10),\"\",IF(ISNUMBER(H10),(I10-H10)/H10,0))","v":1.5702344819662542E-3},{"$f":"IF(ISBLANK(E10),\"\",E10*(1+J10))","v":188.32525118964415},{"$f":"IF(ISNUMBER(K10),IF($L$32<>$P$9,O10,P10),\"\")","v":"Sim"},null,null,{"$f":"IF(ISNUMBER(K10),IF(OR(K10<_xlfn.QUARTILE.INC($K$10:$K$29,1)-1.5*(_xlfn.QUARTILE.INC($K$10:K29,3)-_xlfn.QUARTILE.INC($K$10:$K$29,1)),K10>_xlfn.QUARTILE.INC($K$10:$K$29,3)+1.5*(_xlfn.QUARTILE.INC($K$10:$K$29,3)-_xlfn.QUARTILE.INC($K$10:$K$29,1))),\"Não\",\"Sim\"),\"\")","v":"Sim"}]
[{"$nulls":9},{"$f":"IF(ISBLANK(E11),\"\",IF(ISNUMBER(H11),(I11-H11)/H11,0))","v":""},{"$f":"IF(ISBLANK(E11),\"\",E11*(1+J11))","v":""},"",null,null,{"$f":"IF(ISNUMBER(K11),IF(OR(K11<_xlfn.QUARTILE.INC($K$10:$K$29,1)-1.5*(_xlfn.QUARTILE.INC($K$10:K29,3)-_xlfn.QUARTILE.INC($K$10:$K$29,1)),K11>_xlfn.QUARTILE.INC($K$10:$K$29,3)+1.5*(_xlfn.QUARTILE.INC($K$10:$K$29,3)-_xlfn.QUARTILE.INC($K$10:$K$29,1))),\"Não\",\"Sim\"),\"\")","v":""}]
[{"$nulls":9},"","","",null,null,{"$f":"IF(ISNUMBER(K12),IF(OR(K12<_xlfn.QUARTILE.INC($K$10:$K$29,1)-1.5*(_xlfn.QUARTILE.INC($K$10:K30,3)-_xlfn.QUARTILE.INC($K$10:$K$29,1)),K12>_xlfn.QUARTILE.INC($K$10:$K$29,3)+1.5*(_xlfn.QUARTILE.INC($K$10:$K$29,3)-_xlfn.QUARTILE.INC($K$10:$K$29,1))),\"Não\",\"Sim\"),\"\")","v":""}]
[{"$nulls":9},"","","",null,null,{"$f":"IF(ISNUMBER(K13),IF(OR(K13<_xlfn.QUARTILE.INC($K$10:$K$29,1)-1.5*(_xlfn.QUARTILE.INC($K$10:K31,3)-_xlfn.QUARTILE.INC($K$10:$K$29,1)),K13>_xlfn.QUARTILE.INC($K$10:$K$29,3)+1.5*(_xlfn.QUARTILE.INC($K$10:$K$29,3)-_xlfn.QUARTILE.INC($K$10:$K$29,1))),\"Não\",\"Sim\"),\"\")","v":""}]
[{"$nulls":9},"","","",null,null,{"$f":"IF(ISNUMBER(K14),IF(OR(K14<_xlfn.QUARTILE.INC($K$10:$K$29,1)-1.5*(_xlfn.QUARTILE.INC($K$10:K32,3)-_xlfn.QUARTILE.INC($K$10:$K$29,1)),K14>_xlfn.QUARTILE.INC($K$10:$K$29,3)+1.5*(_xlfn.QUARTILE.INC($K$10:$K$29,3)-_xlfn.QUARTILE.INC($K$10:$K$29,1))),\"Não\",\"Sim\"),\"\")","v":""}]
[{"$nulls":9},"","","",null,null,{"$f":"IF(ISNUMBER(K15),IF(OR(K15<_xlfn.QUARTILE.INC($K$10:$K$29,1)-1.5*(_xlfn.QUARTILE.INC($K$10:K35,3)-_xlfn.QUARTILE.INC($K$10:$K$29,1)),K15>_xlfn.QUARTILE.INC($K$10:$K$29,3)+1.5*(_xlfn.QUARTILE.INC($K$10:$K$29,3)-_xlfn.QUARTILE.INC($K$10:$K$29,1))),\"Não\",\"Sim\"),\"\")","v":""}]
[{"$nulls":9},"","","",null,null,{"$f":"IF(ISNUMBER(K16),IF(OR(K16<_xlfn.QUARTILE.INC($K$10:$K$29,1)-1.5*(_xlfn.QUARTILE.INC($I$10:I37,3)-_xlfn.QUARTILE.INC($K$10:$K$29,1)),K16>_xlfn.QUARTILE.INC($K$10:$K$29,3)+1.5*(_xlfn.QUARTILE.INC($K$10:$K$29,3)-_xlfn.QUARTILE.INC($K$10:$K$29,1))),\"Não\",\"Sim\"),\"\")","v":""}]
[null,"COTAÇÕES DE MERCADO",{"$nulls":12},"Cotações"]
[null,"Empresa",{"$nulls":7},"Data","Preço Unitário","Utilizar? (Sim/Não)",null,null,"Outliers","Por critério do(a) analista"]
[{"$nulls":11},{"$f":"IF(ISNUMBER(K19),IF($L$32=$O$18,O19,IF($L$32=$P$18,P19,\"\")),\"\")","v":""},null,null,{"$f":"IF(ISNUMBER(K19),IF(OR(K19<_xlfn.QUARTILE.INC($K$10:$K$29,1)-1.5*(_xlfn.QUARTILE.INC($K$10:$K$29,3)-_xlfn.QUARTILE.INC($K$10:$K$29,1)),K19>_xlfn.QUARTILE.INC($K$10:$K$29,3)+1.5*(_xlfn.QUARTILE.INC($K$10:$K$29,3)-_xlfn.QUARTILE.INC($K$10:$K$29,1))),\"Não\",\"Sim\"),\"\")","v":""}]
[{"$nulls":11},"",null,null,""]
[{"$nulls":11},"",null,null,""]
[{"$nulls":11},"",null,null,""]
[{"$nulls":11},"",null,null,""]
[{"$nulls":11},"",null,null,""]
[{"$nulls":11},"",null,null,""]
[{"$nulls":11},"",null,null,""]
[{"$nulls":11},"",null,null,""]
[{"$nulls":11},"",null,null,""]
[{"$nulls":11},"",null,null,""]
[null,"Observações:",{"$nulls":8},"Média:",{"$f":"IF($L$32=\"\",\"Selecione metodologia para exclusão de preços\",AVERAGE(IF($L$10:$L$29=\"Sim\",$K$10:$K$29)))","v":188.32525118964415},null,"Média (Cotações)",{"$f":"IF(COUNTIF(O19:O29,\"Sim\")<3,\"N/D (são necessários pelo menos 3 preços)\",AVERAGE(IF(O19:O29=\"Sim\",$K19:$K29)))","v":"N/D (são necessários pelo menos 3 preços)"},{"$f":"IF(COUNTIF(P19:P29,\"Sim\")<3,\"N/D (são necessários pelo menos 3 preços)\",AVERAGE(IF(P19:P29=\"Sim\",$K19:$K29)))","v":"N/D (são necessários pelo menos 3 preços)"}]
[{"$nulls":10},"Mediana:",{"$f":"IF($L$32=\"\",\"Selecione metodologia para exclusão de preços\",MEDIAN(IF($L$10:$L$29=\"Sim\",$K$10:$K$29)))","v":188.32525118964415},null,"Mediana (Cotações)",{"$f":"IF(COUNTIF(O19:O29,\"Sim\")<3,\"N/D (são necessários pelo menos 3 preços)\",MEDIAN(IF(O19:O29=\"Sim\",$K19:$K29)))","v":"N/D (são necessários pelo menos 3 preços)"},{"$f":"IF(COUNTIF(P19:P29,\"Sim\")<3,\"N/D (são necessários pelo menos 3 preços)\",MEDIAN(IF(P19:P29=\"Sim\",$K19:$K29)))","v":"N/D (são necessários pelo menos 3 preços)"}]
[null,"Metodologia de exclusão de preços adotada:",{"$nulls":9},{"$f":"IF(O35=\"\",INDEX(O18:P18,MATCH(MIN(#REF!),#REF!,0)),O35)","v":"Outliers"},null,"CV (Cotações)",{"$f":"IF(COUNTIF(O19:O29,\"Sim\")<3,\"N/D (são necessários pelo menos 3 preços)\",_xlfn.STDEV.S(IF(O19:O29=\"Sim\",$K19:$K29))/AVERAGE(IF(O19:O29=\"Sim\",$K19:$K29)))","v":"N/D (são necessários pelo menos 3 preços)"},{"$f":"IF(COUNTIF(P19:P29,\"Sim\")<3,\"N/D (são necessários pelo menos 3 preços)\",_xlfn.STDEV.S(IF(P19:P29=\"Sim\",$K19:$K29))/AVERAGE(IF(P19:P29=\"Sim\",$K19:$K29)))","v":"N/D (são necessários pelo menos 3 preços)"}]
[{"$nulls":13},"Média",{"$f":"IF(SUM(COUNTIF($O$10:$O$16,\"Sim\")) + SUM(COUNTIF(O19:O29,\"Sim\")) < 3,\n   \"N/D (são necessários pelo menos 3 preços)\",\n   IFERROR(AVERAGE(_xlfn._xlws.FILTER($K$10:$K$16,$O$10:$O$16=\"Sim\"), _xlfn._xlws.FILTER($K$19:$K$29,O19:O29=\"Sim\")),O30))","v":"N/D (são necessários pelo menos 3 preços)"},{"$f":"IF(SUM(COUNTIF($P$10:$P$16,\"Sim\")) + SUM(COUNTIF(P19:P29,\"Sim\")) < 3,\n   \"N/D (são necessários pelo menos 3 preços)\",\n   IFERROR(AVERAGE(_xlfn._xlws.FILTER($K$10:$K$16,$P$10:$P$16=\"Sim\"), _xlfn._xlws.FILTER($K$19:$K$29,P19:P29=\"Sim\")),P30))","v":"N/D (são necessários pelo menos 3 preços)"}]
[{"$nulls":13},"Mediana",{"$f":"IF(SUM(COUNTIF($O$10:$O$16,\"Sim\")) + SUM(COUNTIF(O19:O29,\"Sim\")) < 3,\n   \"N/D (são necessários pelo menos 3 preços)\",\n   IFERROR(MEDIAN(_xlfn._xlws.FILTER($K$10:$K$16,$O$10:$O$16=\"Sim\"), _xlfn._xlws.FILTER($K$19:$K$29,O19:O29=\"Sim\")),O31))","v":"N/D (são necessários pelo menos 3 preços)"},{"$f":"IF(SUM(COUNTIF($P10:$P$16,\"Sim\")) + SUM(COUNTIF(P19:P29,\"Sim\")) < 3,\n   \"N/D (são necessários pelo menos 3 preços)\",\n   IFERROR(MEDIAN(_xlfn._xlws.FILTER($K$10:$K$16,$P$10:$P$16=\"Sim\"), _xlfn._xlws.FILTER($K$19:$K$29,P19:P29=\"Sim\")),P31))","v":"N/D (são necessários pelo menos 3 preços)"}]
[null,"COSOLIDAÇÃO DOS PREÇOS",{"$nulls":11},"Metodologia a adotar:",{"$f":"IF(INDEX(O18:P18,P35)=0,\"\",INDEX(O18:P18,P35))","v":"Outliers"},1]
[]
[null,"PREÇO UNITÁRIO ESTIMADO ADOTADO:",{"$nulls":9},{"$f":"IF($B$39=\"Mediana:\",L31,L30)","v":188.32525118964415}]
[]
[{"$f":"O18","v":"Outliers"},"Média:"]

{"sheet":"Trena","index":69,"n_rows":39,"n_cols":16,"rows_kept":39,"cut":false,"hidden":true,"merged":[[16,1,16,11],[16,14,16,15],[0,0,0,6],[6,2,6,7],[6,14,6,15],[7,1,7,11],[7,14,7,15],[28,1,28,8],[17,1,17,8],[18,1,18,8],[19,1,19,8],[20,1,20,8],[21,1,21,8],[22,1,22,8],[23,1,23,8],[24,1,24,8],[25,1,25,8],[26,1,26,8],[27,1,27,8],[31,1,33,10],[31,11,33,11],[34,1,35,10],[34,11,35,11],[36,1,36,10]]}
[]
[null,"Processo"]
[null,"Responsável"]
[null,"Área de Origem"]
[null,"Data da pesquisa"]
[]
[null,"ITEM:","TRENA de 30m",{"$nulls":5},"UNIDADE DE MEDIDA:","Unidade","QUANTIDADE:",1,null,null,"Tabela auxiliar de metodologias para exclusão de preços"]
[null,"LICITAÇÕES ANTERIORES",{"$nulls":12},"Licitações Anteriores"]
[null,"Órgão","Edital/Ano - Nº do Lote / Item","Quantidade","Valor Unitário","Data","índice de atualização (nome)","I0","If","Variação acumulada do índice (%)","Preço unitário atualizado","Utilizar?  (Sim/Não)",null,null,"Outliers","Por critério do(a) analista"]
[{"$nulls":9},{"$f":"IF(ISBLANK(E10),\"\",IF(ISNUMBER(H10),(I10-H10)/H10,0))","v":""},{"$f":"IF(ISBLANK(E10),\"\",E10*(1+J10))","v":""},{"$f":"IF(ISNUMBER(K10),IF($L$32<>$P$9,O10,P10),\"\")","v":""},null,null,{"$f":"IF(ISNUMBER(K10),IF(OR(K10<_xlfn.QUARTILE.INC($K$10:$K$29,1)-1.5*(_xlfn.QUARTILE.INC($K$10:K29,3)-_xlfn.QUARTILE.INC($K$10:$K$29,1)),K10>_xlfn.QUARTILE.INC($K$10:$K$29,3)+1.5*(_xlfn.QUARTILE.INC($K$10:$K$29,3)-_xlfn.QUARTILE.INC($K$10:$K$29,1))),\"Não\",\"Sim\"),\"\")","v":""}]
[{"$nulls":9},{"$f":"IF(ISBLANK(E11),\"\",IF(ISNUMBER(H11),(I11-H11)/H11,0))","v":""},{"$f":"IF(ISBLANK(E11),\"\",E11*(1+J11))","v":""},"",null,null,{"$f":"IF(ISNUMBER(K11),IF(OR(K11<_xlfn.QUARTILE.INC($K$10:$K$29,1)-1.5*(_xlfn.QUARTILE.INC($K$10:K29,3)-_xlfn.QUARTILE.INC($K$10:$K$29,1)),K11>_xlfn.QUARTILE.INC($K$10:$K$29,3)+1.5*(_xlfn.QUARTILE.INC($K$10:$K$29,3)-_xlfn.QUARTILE.INC($K$10:$K$29,1))),\"Não\",\"Sim\"),\"\")","v":""}]
[{"$nulls":9},"","","",null,null,{"$f":"IF(ISNUMBER(K12),IF(OR(K12<_xlfn.QUARTILE.INC($K$10:$K$29,1)-1.5*(_xlfn.QUARTILE.INC($K$10:K30,3)-_xlfn.QUARTILE.INC($K$10:$K$29,1)),K12>_xlfn.QUARTILE.INC($K$10:$K$29,3)+1.5*(_xlfn.QUARTILE.INC($K$10:$K$29,3)-_xlfn.QUARTILE.INC($K$10:$K$29,1))),\"Não\",\"Sim\"),\"\")","v":""}]
[{"$nulls":9},"","","",null,null,{"$f":"IF(ISNUMBER(K13),IF(OR(K13<_xlfn.QUARTILE.INC($K$10:$K$29,1)-1.5*(_xlfn.QUARTILE.INC($K$10:K31,3)-_xlfn.QUARTILE.INC($K$10:$K$29,1)),K13>_xlfn.QUARTILE.INC($K$10:$K$29,3)+1.5*(_xlfn.QUARTILE.INC($K$10:$K$29,3)-_xlfn.QUARTILE.INC($K$10:$K$29,1))),\"Não\",\"Sim\"),\"\")","v":""}]
[{"$nulls":9},"","","",null,null,{"$f":"IF(ISNUMBER(K14),IF(OR(K14<_xlfn.QUARTILE.INC($K$10:$K$29,1)-1.5*(_xlfn.QUARTILE.INC($K$10:K32,3)-_xlfn.QUARTILE.INC($K$10:$K$29,1)),K14>_xlfn.QUARTILE.INC($K$10:$K$29,3)+1.5*(_xlfn.QUARTILE.INC($K$10:$K$29,3)-_xlfn.QUARTILE.INC($K$10:$K$29,1))),\"Não\",\"Sim\"),\"\")","v":""}]
[{"$nulls":9},"","","",null,null,{"$f":"IF(ISNUMBER(K15),IF(OR(K15<_xlfn.QUARTILE.INC($K$10:$K$29,1)-1.5*(_xlfn.QUARTILE.INC($K$10:K35,3)-_xlfn.QUARTILE.INC($K$10:$K$29,1)),K15>_xlfn.QUARTILE.INC($K$10:$K$29,3)+1.5*(_xlfn.QUARTILE.INC($K$10:$K$29,3)-_xlfn.QUARTILE.INC($K$10:$K$29,1))),\"Não\",\"Sim\"),\"\")","v":""}]
[{"$nulls":9},"","","",null,null,{"$f":"IF(ISNUMBER(K16),IF(OR(K16<_xlfn.QUARTILE.INC($K$10:$K$29,1)-1.5*(_xlfn.QUARTILE.INC($I$10:I37,3)-_xlfn.QUARTILE.INC($K$10:$K$29,1)),K16>_xlfn.QUARTILE.INC($K$10:$K$29,3)+1.5*(_xlfn.QUARTILE.INC($K$10:$K$29,3)-_xlfn.QUARTILE.INC($K$10:$K$29,1))),\"Não\",\"Sim\"),\"\")","v":""}]
[null,"COTAÇÕES DE MERCADO",{"$nulls":12},"Cotações"]
[null,"Empresa",{"$nulls":7},"Data","Preço Unitário","Utilizar? (Sim/Não)",null,null,"Outliers","Por critério do(a) analista"]
[null,"https://www.mercadolivre.com.br/trena-de-aco-30-m-mmpol-fita-aco-3868300830-vonder/p/MLB23981623?pdp_filters=item_id%3AMLB5395538886&from=gshop&matt_tool=92309335&matt_word=&matt_source=bing&matt_campaign=MLB_ML_BING_AO_HOME%20%26%20INDUSTRY-ALL-ALL_X_PLA_ALLB_TXS_ALL&matt_campaign_id=382858298&matt_ad_group=HOME%20%26%20INDUSTRY&matt_match_type=e&matt_network=o&matt_device=c&matt_keyword=default&msclkid=bcd2fc05f34a18921fad95f504d33833&utm_source=bing&utm_medium=cpc&utm_campaign=MLB_ML_BING_AO_HOME%20%26%20INDUSTRY-ALL-ALL_X_PLA_ALLB_TXS_ALL&utm_term=4581252654962803&utm_content=HOME%20%26%20INDUSTRY",{"$nulls":7},"2026-04-28",117.9,{"$f":"IF(ISNUMBER(K19),IF($L$32=$O$18,O19,IF($L$32=$P$18,P19,\"\")),\"\")","v":"Sim"},null,null,{"$f":"IF(ISNUMBER(K19),IF(OR(K19<_xlfn.QUARTILE.INC($K$10:$K$29,1)-1.5*(_xlfn.QUARTILE.INC($K$10:$K$29,3)-_xlfn.QUARTILE.INC($K$10:$K$29,1)),K19>_xlfn.QUARTILE.INC($K$10:$K$29,3)+1.5*(_xlfn.QUARTILE.INC($K$10:$K$29,3)-_xlfn.QUARTILE.INC($K$10:$K$29,1))),\"Não\",\"Sim\"),\"\")","v":"Sim"}]
[null,"https://www.amazon.com.br/Trena-a%C3%A7o-longa-3868300830-Vonder/dp/B078YWWVRP/ref=sr_1_13?adgrpid=1146792386055977&dib=eyJ2IjoiMSJ9.Af65DE0r9ARFwptlRir3e-tzhXb7oIJiGqWeklbPutBPDSpp_XcgcxpuwDoWi9ZxSu3fedZEfHp2gzaFsOyLwxo63QTLdn157hQ1x6Xjy_KwNpZn1NA5gVjTJG3hASBZfyvnKtT0FBhAMSi0evvEWXbWe390U3EfJ9s7FE0YQNk-kPGjH3MBXenxGSAn5Cx-QEEHSul-UXVFF8n5laNFLK4S6-_muLHpUlO-rSoBkdvVjMo5mCE5C_fyeYEdlQ5O21RcnUYlbaX7UyIV3KnOKYKqFTcmf0hk4Ki6gbED8Ww.ZPWOpvXY1e3o7LiyVJons1WgXmk5qqf7HvSjh31Qt_g&dib_tag=se&hvadid=71674681621658&hvbmt=be&hvdev=c&hvlocphy=147252&hvnetw=o&hvqmt=e&hvtargid=kwd-71675234817685%3Aloc-20&hydadcr=682_1015027893&keywords=trena%2B30%2Bmts&mcid=7a874552345639819ed7f3f07d450408&qid=1777399795&sr=8-13&ufe=app_do%3Aamzn1.fos.6121c6c4-c969-43ae-92f7-cc248fc6181d&th=1",{"$nulls":7},"2026-04-28",117.9,"Sim",null,null,"Sim"]
[null,"https://www.lojadomecanico.com.br/produto/80195/31/271/trena-longa-com-fita-de-aco-30-metros-stanley-34-107/153/?utm_source=bing&utm_medium=cpc&utm_id=xml_bing&utm_content=80195&adj_t=1tapat56&adj_campaign=MONKS_MS_F_PMAX_Todos_Produtos_&utm_source=bing&utm_medium=cpc&utm_campaign=MONKS_MS_F_PMAX_Todos_Produtos_&msclkid=bd1393dee3de12de2b38fa2e1b3d90b7&utm_term=2333575991447147",{"$nulls":7},"2026-04-28",188.78,"Sim",null,null,"Sim"]
[{"$nulls":11},"",null,null,""]
[{"$nulls":11},"",null,null,""]
[{"$nulls":11},"",null,null,""]
[{"$nulls":11},"",null,null,""]
[{"$nulls":11},"",null,null,""]
[{"$nulls":11},"",null,null,""]
[{"$nulls":11},"",null,null,""]
[{"$nulls":11},"",null,null,""]
[null,"Observações:",{"$nulls":8},"Média:",{"$f":"IF($L$32=\"\",\"Selecione metodologia para exclusão de preços\",AVERAGE(IF($L$10:$L$29=\"Sim\",$K$10:$K$29)))","v":141.52666666666667},null,"Média (Cotações)",{"$f":"IF(COUNTIF(O19:O29,\"Sim\")<3,\"N/D (são necessários pelo menos 3 preços)\",AVERAGE(IF(O19:O29=\"Sim\",$K19:$K29)))","v":141.52666666666667},{"$f":"IF(COUNTIF(P19:P29,\"Sim\")<3,\"N/D (são necessários pelo menos 3 preços)\",AVERAGE(IF(P19:P29=\"Sim\",$K19:$K29)))","v":"N/D (são necessários pelo menos 3 preços)"}]
[{"$nulls":10},"Mediana:",{"$f":"IF($L$32=\"\",\"Selecione metodologia para exclusão de preços\",MEDIAN(IF($L$10:$L$29=\"Sim\",$K$10:$K$29)))","v":117.9},null,"Mediana (Cotações)",{"$f":"IF(COUNTIF(O19:O29,\"Sim\")<3,\"N/D (são necessários pelo menos 3 preços)\",MEDIAN(IF(O19:O29=\"Sim\",$K19:$K29)))","v":117.9},{"$f":"IF(COUNTIF(P19:P29,\"Sim\")<3,\"N/D (são necessários pelo menos 3 preços)\",MEDIAN(IF(P19:P29=\"Sim\",$K19:$K29)))","v":"N/D (são necessários pelo menos 3 preços)"}]
[null,"Metodologia de exclusão de preços adotada:",{"$nulls":9},{"$f":"IF(O35=\"\",INDEX(O18:P18,MATCH(MIN(#REF!),#REF!,0)),O35)","v":"Outliers"},null,"CV (Cotações)",{"$f":"IF(COUNTIF(O19:O29,\"Sim\")<3,\"N/D (são necessários pelo menos 3 preços)\",_xlfn.STDEV.S(IF(O19:O29=\"Sim\",$K19:$K29))/AVERAGE(IF(O19:O29=\"Sim\",$K19:$K29)))","v":0.28915106985840577},{"$f":"IF(COUNTIF(P19:P29,\"Sim\")<3,\"N/D (são necessários pelo menos 3 preços)\",_xlfn.STDEV.S(IF(P19:P29=\"Sim\",$K19:$K29))/AVERAGE(IF(P19:P29=\"Sim\",$K19:$K29)))","v":"N/D (são necessários pelo menos 3 preços)"}]
[{"$nulls":13},"Média",{"$f":"IF(SUM(COUNTIF($O$10:$O$16,\"Sim\")) + SUM(COUNTIF(O19:O29,\"Sim\")) < 3,\n   \"N/D (são necessários pelo menos 3 preços)\",\n   IFERROR(AVERAGE(_xlfn._xlws.FILTER($K$10:$K$16,$O$10:$O$16=\"Sim\"), _xlfn._xlws.FILTER($K$19:$K$29,O19:O29=\"Sim\")),O30))","v":141.52666666666667},{"$f":"IF(SUM(COUNTIF($P$10:$P$16,\"Sim\")) + SUM(COUNTIF(P19:P29,\"Sim\")) < 3,\n   \"N/D (são necessários pelo menos 3 preços)\",\n   IFERROR(AVERAGE(_xlfn._xlws.FILTER($K$10:$K$16,$P$10:$P$16=\"Sim\"), _xlfn._xlws.FILTER($K$19:$K$29,P19:P29=\"Sim\")),P30))","v":"N/D (são necessários pelo menos 3 preços)"}]
[{"$nulls":13},"Mediana",{"$f":"IF(SUM(COUNTIF($O$10:$O$16,\"Sim\")) + SUM(COUNTIF(O19:O29,\"Sim\")) < 3,\n   \"N/D (são necessários pelo menos 3 preços)\",\n   IFERROR(MEDIAN(_xlfn._xlws.FILTER($K$10:$K$16,$O$10:$O$16=\"Sim\"), _xlfn._xlws.FILTER($K$19:$K$29,O19:O29=\"Sim\")),O31))","v":117.9},{"$f":"IF(SUM(COUNTIF($P10:$P$16,\"Sim\")) + SUM(COUNTIF(P19:P29,\"Sim\")) < 3,\n   \"N/D (são necessários pelo menos 3 preços)\",\n   IFERROR(MEDIAN(_xlfn._xlws.FILTER($K$10:$K$16,$P$10:$P$16=\"Sim\"), _xlfn._xlws.FILTER($K$19:$K$29,P19:P29=\"Sim\")),P31))","v":"N/D (são necessários pelo menos 3 preços)"}]
[null,"COSOLIDAÇÃO DOS PREÇOS",{"$nulls":11},"Metodologia a adotar:",{"$f":"IF(INDEX(O18:P18,P35)=0,\"\",INDEX(O18:P18,P35))","v":"Outliers"},1]
[]
[null,"PREÇO UNITÁRIO ESTIMADO ADOTADO:",{"$nulls":9},{"$f":"IF($B$39=\"Mediana:\",L31,L30)","v":117.9}]
[]
[{"$f":"O18","v":"Outliers"},"Mediana:"]

{"sheet":"Luvas","index":70,"n_rows":39,"n_cols":16,"rows_kept":39,"cut":false,"hidden":true,"merged":[[16,1,16,11],[16,14,16,15],[0,0,0,6],[6,2,6,7],[6,14,6,15],[7,1,7,11],[7,14,7,15],[28,1,28,8],[17,1,17,8],[18,1,18,8],[19,1,19,8],[20,1,20,8],[21,1,21,8],[22,1,22,8],[23,1,23,8],[24,1,24,8],[25,1,25,8],[26,1,26,8],[27,1,27,8],[31,1,33,10],[31,11,33,11],[34,1,35,10],[34,11,35,11],[36,1,36,10]]}
[]
[null,"Processo"]
[null,"Responsável"]
[null,"Área de Origem"]
[null,"Data da pesquisa"]
[]
[null,"ITEM:","LUVAS PARA COMBATE DE INCENDIO",{"$nulls":5},"UNIDADE DE MEDIDA:","Unidade","QUANTIDADE:",4,null,null,"Tabela auxiliar de metodologias para exclusão de preços"]
[null,"LICITAÇÕES ANTERIORES",{"$nulls":12},"Licitações Anteriores"]
[null,"Órgão","Edital/Ano - Nº do Lote / Item","Quantidade","Valor Unitário","Data","índice de atualização (nome)","I0","If","Variação acumulada do índice (%)","Preço unitário atualizado","Utilizar?  (Sim/Não)",null,null,"Outliers","Por critério do(a) analista"]
[{"$nulls":9},{"$f":"IF(ISBLANK(E10),\"\",IF(ISNUMBER(H10),(I10-H10)/H10,0))","v":""},{"$f":"IF(ISBLANK(E10),\"\",E10*(1+J10))","v":""},{"$f":"IF(ISNUMBER(K10),IF($L$32<>$P$9,O10,P10),\"\")","v":""},null,null,{"$f":"IF(ISNUMBER(K10),IF(OR(K10<_xlfn.QUARTILE.INC($K$10:$K$29,1)-1.5*(_xlfn.QUARTILE.INC($K$10:K29,3)-_xlfn.QUARTILE.INC($K$10:$K$29,1)),K10>_xlfn.QUARTILE.INC($K$10:$K$29,3)+1.5*(_xlfn.QUARTILE.INC($K$10:$K$29,3)-_xlfn.QUARTILE.INC($K$10:$K$29,1))),\"Não\",\"Sim\"),\"\")","v":""}]
[{"$nulls":9},{"$f":"IF(ISBLANK(E11),\"\",IF(ISNUMBER(H11),(I11-H11)/H11,0))","v":""},{"$f":"IF(ISBLANK(E11),\"\",E11*(1+J11))","v":""},"",null,null,{"$f":"IF(ISNUMBER(K11),IF(OR(K11<_xlfn.QUARTILE.INC($K$10:$K$29,1)-1.5*(_xlfn.QUARTILE.INC($K$10:K29,3)-_xlfn.QUARTILE.INC($K$10:$K$29,1)),K11>_xlfn.QUARTILE.INC($K$10:$K$29,3)+1.5*(_xlfn.QUARTILE.INC($K$10:$K$29,3)-_xlfn.QUARTILE.INC($K$10:$K$29,1))),\"Não\",\"Sim\"),\"\")","v":""}]
[{"$nulls":9},"","","",null,null,{"$f":"IF(ISNUMBER(K12),IF(OR(K12<_xlfn.QUARTILE.INC($K$10:$K$29,1)-1.5*(_xlfn.QUARTILE.INC($K$10:K30,3)-_xlfn.QUARTILE.INC($K$10:$K$29,1)),K12>_xlfn.QUARTILE.INC($K$10:$K$29,3)+1.5*(_xlfn.QUARTILE.INC($K$10:$K$29,3)-_xlfn.QUARTILE.INC($K$10:$K$29,1))),\"Não\",\"Sim\"),\"\")","v":""}]
[{"$nulls":9},"","","",null,null,{"$f":"IF(ISNUMBER(K13),IF(OR(K13<_xlfn.QUARTILE.INC($K$10:$K$29,1)-1.5*(_xlfn.QUARTILE.INC($K$10:K31,3)-_xlfn.QUARTILE.INC($K$10:$K$29,1)),K13>_xlfn.QUARTILE.INC($K$10:$K$29,3)+1.5*(_xlfn.QUARTILE.INC($K$10:$K$29,3)-_xlfn.QUARTILE.INC($K$10:$K$29,1))),\"Não\",\"Sim\"),\"\")","v":""}]
[{"$nulls":9},"","","",null,null,{"$f":"IF(ISNUMBER(K14),IF(OR(K14<_xlfn.QUARTILE.INC($K$10:$K$29,1)-1.5*(_xlfn.QUARTILE.INC($K$10:K32,3)-_xlfn.QUARTILE.INC($K$10:$K$29,1)),K14>_xlfn.QUARTILE.INC($K$10:$K$29,3)+1.5*(_xlfn.QUARTILE.INC($K$10:$K$29,3)-_xlfn.QUARTILE.INC($K$10:$K$29,1))),\"Não\",\"Sim\"),\"\")","v":""}]
[{"$nulls":9},"","","",null,null,{"$f":"IF(ISNUMBER(K15),IF(OR(K15<_xlfn.QUARTILE.INC($K$10:$K$29,1)-1.5*(_xlfn.QUARTILE.INC($K$10:K35,3)-_xlfn.QUARTILE.INC($K$10:$K$29,1)),K15>_xlfn.QUARTILE.INC($K$10:$K$29,3)+1.5*(_xlfn.QUARTILE.INC($K$10:$K$29,3)-_xlfn.QUARTILE.INC($K$10:$K$29,1))),\"Não\",\"Sim\"),\"\")","v":""}]
[{"$nulls":9},"","","",null,null,{"$f":"IF(ISNUMBER(K16),IF(OR(K16<_xlfn.QUARTILE.INC($K$10:$K$29,1)-1.5*(_xlfn.QUARTILE.INC($I$10:I37,3)-_xlfn.QUARTILE.INC($K$10:$K$29,1)),K16>_xlfn.QUARTILE.INC($K$10:$K$29,3)+1.5*(_xlfn.QUARTILE.INC($K$10:$K$29,3)-_xlfn.QUARTILE.INC($K$10:$K$29,1))),\"Não\",\"Sim\"),\"\")","v":""}]
[null,"COTAÇÕES DE MERCADO",{"$nulls":12},"Cotações"]
[null,"Empresa",{"$nulls":7},"Data","Preço Unitário","Utilizar? (Sim/Não)",null,null,"Outliers","Por critério do(a) analista"]
[null,"https://www.amazon.com.br/Inc%C3%AAndios-Prote%C3%A7%C3%A3o-Reflexivas-Retardador-Antiderrapante/dp/B0DTH9S644/ref=sr_1_1?adgrpid=1143493842600774&dib=eyJ2IjoiMSJ9.4lq43vQnIOd_SQtS-Jg4Gr2Gcsxm6VxUPyFZ5O9zMdTn5xStqSFG9X7n5Fu69tpurj3e8Cmv0Xavu7P_tCLbq4JmxSNtQnMQSgXRd802lob4PTZPMKgDI2Wy62witPH5jpRmjWOKGb1-jLn45eqjF7io9YydPhMBdld90eY84i649yRra0uRwfYu98iajBFZE4bY24AnCQEviYtSsY10Ez2G-akUkVq8YHXGQa1G_1xpLmSAhPf193hO7MFvAvCs2J2D3Ds7dqeHtlVEN7rDeWI1685Xk9EeOwIX0m7sNgg.KLDSmhD8MJSGKN1d7ZmXofRakAzqO5HpCQunecfw6oo&dib_tag=se&hvadid=71468522322025&hvbmt=be&hvdev=c&hvlocphy=147252&hvnetw=o&hvqmt=e&hvtargid=kwd-71469069002474%3Aloc-20&hydadcr=22956_13534996&keywords=luvas+de+combate+a+inc%C3%AAndio&mcid=c1e8f187843d36eea276cfbde7d9ff3f&qid=1777400198&sr=8-1&ufe=app_do%3Aamzn1.fos.db68964d-7c0e-4bb2-a95c-e5cb9e32eb12",{"$nulls":7},"2026-04-28",154.06,{"$f":"IF(ISNUMBER(K19),IF($L$32=$O$18,O19,IF($L$32=$P$18,P19,\"\")),\"\")","v":"Sim"},null,null,{"$f":"IF(ISNUMBER(K19),IF(OR(K19<_xlfn.QUARTILE.INC($K$10:$K$29,1)-1.5*(_xlfn.QUARTILE.INC($K$10:$K$29,3)-_xlfn.QUARTILE.INC($K$10:$K$29,1)),K19>_xlfn.QUARTILE.INC($K$10:$K$29,3)+1.5*(_xlfn.QUARTILE.INC($K$10:$K$29,3)-_xlfn.QUARTILE.INC($K$10:$K$29,1))),\"Não\",\"Sim\"),\"\")","v":"Sim"}]
[null,"https://www.protektus.com.br/protecao-para-as-maos-e-bracos/luvas/luva-para-combate-a-incendio",{"$nulls":7},"2026-04-28",154.47999999999999,"Sim",null,null,"Sim"]
[null,"https://www.mercadolivre.com.br/luva-para-combate-a-incendio/up/MLBU1459943082?pdp_filters=item_id:MLB3765578681",{"$nulls":7},"2026-04-28",213.76,"Sim",null,null,"Sim"]
[{"$nulls":11},"",null,null,""]
[{"$nulls":11},"",null,null,""]
[{"$nulls":11},"",null,null,""]
[{"$nulls":11},"",null,null,""]
[{"$nulls":11},"",null,null,""]
[{"$nulls":11},"",null,null,""]
[{"$nulls":11},"",null,null,""]
[{"$nulls":11},"",null,null,""]
[null,"Observações:",{"$nulls":8},"Média:",{"$f":"IF($L$32=\"\",\"Selecione metodologia para exclusão de preços\",AVERAGE(IF($L$10:$L$29=\"Sim\",$K$10:$K$29)))","v":174.1},null,"Média (Cotações)",{"$f":"IF(COUNTIF(O19:O29,\"Sim\")<3,\"N/D (são necessários pelo menos 3 preços)\",AVERAGE(IF(O19:O29=\"Sim\",$K19:$K29)))","v":174.1},{"$f":"IF(COUNTIF(P19:P29,\"Sim\")<3,\"N/D (são necessários pelo menos 3 preços)\",AVERAGE(IF(P19:P29=\"Sim\",$K19:$K29)))","v":"N/D (são necessários pelo menos 3 preços)"}]
[{"$nulls":10},"Mediana:",{"$f":"IF($L$32=\"\",\"Selecione metodologia para exclusão de preços\",MEDIAN(IF($L$10:$L$29=\"Sim\",$K$10:$K$29)))","v":154.47999999999999},null,"Mediana (Cotações)",{"$f":"IF(COUNTIF(O19:O29,\"Sim\")<3,\"N/D (são necessários pelo menos 3 preços)\",MEDIAN(IF(O19:O29=\"Sim\",$K19:$K29)))","v":154.47999999999999},{"$f":"IF(COUNTIF(P19:P29,\"Sim\")<3,\"N/D (são necessários pelo menos 3 preços)\",MEDIAN(IF(P19:P29=\"Sim\",$K19:$K29)))","v":"N/D (são necessários pelo menos 3 preços)"}]
[null,"Metodologia de exclusão de preços adotada:",{"$nulls":9},{"$f":"IF(O35=\"\",INDEX(O18:P18,MATCH(MIN(#REF!),#REF!,0)),O35)","v":"Outliers"},null,"CV (Cotações)",{"$f":"IF(COUNTIF(O19:O29,\"Sim\")<3,\"N/D (são necessários pelo menos 3 preços)\",_xlfn.STDEV.S(IF(O19:O29=\"Sim\",$K19:$K29))/AVERAGE(IF(O19:O29=\"Sim\",$K19:$K29)))","v":0.19728437388650297},{"$f":"IF(COUNTIF(P19:P29,\"Sim\")<3,\"N/D (são necessários pelo menos 3 preços)\",_xlfn.STDEV.S(IF(P19:P29=\"Sim\",$K19:$K29))/AVERAGE(IF(P19:P29=\"Sim\",$K19:$K29)))","v":"N/D (são necessários pelo menos 3 preços)"}]
[{"$nulls":13},"Média",{"$f":"IF(SUM(COUNTIF($O$10:$O$16,\"Sim\")) + SUM(COUNTIF(O19:O29,\"Sim\")) < 3,\n   \"N/D (são necessários pelo menos 3 preços)\",\n   IFERROR(AVERAGE(_xlfn._xlws.FILTER($K$10:$K$16,$O$10:$O$16=\"Sim\"), _xlfn._xlws.FILTER($K$19:$K$29,O19:O29=\"Sim\")),O30))","v":174.1},{"$f":"IF(SUM(COUNTIF($P$10:$P$16,\"Sim\")) + SUM(COUNTIF(P19:P29,\"Sim\")) < 3,\n   \"N/D (são necessários pelo menos 3 preços)\",\n   IFERROR(AVERAGE(_xlfn._xlws.FILTER($K$10:$K$16,$P$10:$P$16=\"Sim\"), _xlfn._xlws.FILTER($K$19:$K$29,P19:P29=\"Sim\")),P30))","v":"N/D (são necessários pelo menos 3 preços)"}]
[{"$nulls":13},"Mediana",{"$f":"IF(SUM(COUNTIF($O$10:$O$16,\"Sim\")) + SUM(COUNTIF(O19:O29,\"Sim\")) < 3,\n   \"N/D (são necessários pelo menos 3 preços)\",\n   IFERROR(MEDIAN(_xlfn._xlws.FILTER($K$10:$K$16,$O$10:$O$16=\"Sim\"), _xlfn._xlws.FILTER($K$19:$K$29,O19:O29=\"Sim\")),O31))","v":154.47999999999999},{"$f":"IF(SUM(COUNTIF($P10:$P$16,\"Sim\")) + SUM(COUNTIF(P19:P29,\"Sim\")) < 3,\n   \"N/D (são necessários pelo menos 3 preços)\",\n   IFERROR(MEDIAN(_xlfn._xlws.FILTER($K$10:$K$16,$P$10:$P$16=\"Sim\"), _xlfn._xlws.FILTER($K$19:$K$29,P19:P29=\"Sim\")),P31))","v":"N/D (são necessários pelo menos 3 preços)"}]
[null,"COSOLIDAÇÃO DOS PREÇOS",{"$nulls":11},"Metodologia a adotar:",{"$f":"IF(INDEX(O18:P18,P35)=0,\"\",INDEX(O18:P18,P35))","v":"Outliers"},1]
[]
[null,"PREÇO UNITÁRIO ESTIMADO ADOTADO:",{"$nulls":9},{"$f":"IF($B$39=\"Mediana:\",L31,L30)","v":154.47999999999999}]
[]
[{"$f":"O18","v":"Outliers"},"Mediana:"]

{"sheet":"Descensor","index":71,"n_rows":39,"n_cols":16,"rows_kept":39,"cut":false,"hidden":true,"merged":[[16,1,16,11],[16,14,16,15],[0,0,0,6],[6,2,6,7],[6,14,6,15],[7,1,7,11],[7,14,7,15],[28,1,28,8],[17,1,17,8],[18,1,18,8],[19,1,19,8],[20,1,20,8],[21,1,21,8],[22,1,22,8],[23,1,23,8],[24,1,24,8],[25,1,25,8],[26,1,26,8],[27,1,27,8],[31,1,33,10],[31,11,33,11],[34,1,35,10],[34,11,35,11],[36,1,36,10]]}
[]
[null,"Processo"]
[null,"Responsável"]
[null,"Área de Origem"]
[null,"Data da pesquisa"]
[]
[null,"ITEM:","DESCENSOR TIPO 8 para resgate, confeccionado em duraluminio de alta resistência, tensão mínima de ruptura de 22KN.",{"$nulls":5},"UNIDADE DE MEDIDA:","Unidade","QUANTIDADE:",null,null,null,"Tabela auxiliar de metodologias para exclusão de preços"]
[null,"LICITAÇÕES ANTERIORES",{"$nulls":12},"Licitações Anteriores"]
[null,"Órgão","Edital/Ano - Nº do Lote / Item","Quantidade","Valor Unitário","Data","índice de atualização (nome)","I0","If","Variação acumulada do índice (%)","Preço unitário atualizado","Utilizar?  (Sim/Não)",null,null,"Outliers","Por critério do(a) analista"]
[{"$nulls":9},{"$f":"IF(ISBLANK(E10),\"\",IF(ISNUMBER(H10),(I10-H10)/H10,0))","v":""},{"$f":"IF(ISBLANK(E10),\"\",E10*(1+J10))","v":""},{"$f":"IF(ISNUMBER(K10),IF($L$32<>$P$9,O10,P10),\"\")","v":""},null,null,{"$f":"IF(ISNUMBER(K10),IF(OR(K10<_xlfn.QUARTILE.INC($K$10:$K$29,1)-1.5*(_xlfn.QUARTILE.INC($K$10:K29,3)-_xlfn.QUARTILE.INC($K$10:$K$29,1)),K10>_xlfn.QUARTILE.INC($K$10:$K$29,3)+1.5*(_xlfn.QUARTILE.INC($K$10:$K$29,3)-_xlfn.QUARTILE.INC($K$10:$K$29,1))),\"Não\",\"Sim\"),\"\")","v":""}]
[{"$nulls":9},{"$f":"IF(ISBLANK(E11),\"\",IF(ISNUMBER(H11),(I11-H11)/H11,0))","v":""},{"$f":"IF(ISBLANK(E11),\"\",E11*(1+J11))","v":""},"",null,null,{"$f":"IF(ISNUMBER(K11),IF(OR(K11<_xlfn.QUARTILE.INC($K$10:$K$29,1)-1.5*(_xlfn.QUARTILE.INC($K$10:K29,3)-_xlfn.QUARTILE.INC($K$10:$K$29,1)),K11>_xlfn.QUARTILE.INC($K$10:$K$29,3)+1.5*(_xlfn.QUARTILE.INC($K$10:$K$29,3)-_xlfn.QUARTILE.INC($K$10:$K$29,1))),\"Não\",\"Sim\"),\"\")","v":""}]
[{"$nulls":9},"","","",null,null,{"$f":"IF(ISNUMBER(K12),IF(OR(K12<_xlfn.QUARTILE.INC($K$10:$K$29,1)-1.5*(_xlfn.QUARTILE.INC($K$10:K30,3)-_xlfn.QUARTILE.INC($K$10:$K$29,1)),K12>_xlfn.QUARTILE.INC($K$10:$K$29,3)+1.5*(_xlfn.QUARTILE.INC($K$10:$K$29,3)-_xlfn.QUARTILE.INC($K$10:$K$29,1))),\"Não\",\"Sim\"),\"\")","v":""}]
[{"$nulls":9},"","","",null,null,{"$f":"IF(ISNUMBER(K13),IF(OR(K13<_xlfn.QUARTILE.INC($K$10:$K$29,1)-1.5*(_xlfn.QUARTILE.INC($K$10:K31,3)-_xlfn.QUARTILE.INC($K$10:$K$29,1)),K13>_xlfn.QUARTILE.INC($K$10:$K$29,3)+1.5*(_xlfn.QUARTILE.INC($K$10:$K$29,3)-_xlfn.QUARTILE.INC($K$10:$K$29,1))),\"Não\",\"Sim\"),\"\")","v":""}]
[{"$nulls":9},"","","",null,null,{"$f":"IF(ISNUMBER(K14),IF(OR(K14<_xlfn.QUARTILE.INC($K$10:$K$29,1)-1.5*(_xlfn.QUARTILE.INC($K$10:K32,3)-_xlfn.QUARTILE.INC($K$10:$K$29,1)),K14>_xlfn.QUARTILE.INC($K$10:$K$29,3)+1.5*(_xlfn.QUARTILE.INC($K$10:$K$29,3)-_xlfn.QUARTILE.INC($K$10:$K$29,1))),\"Não\",\"Sim\"),\"\")","v":""}]
[{"$nulls":9},"","","",null,null,{"$f":"IF(ISNUMBER(K15),IF(OR(K15<_xlfn.QUARTILE.INC($K$10:$K$29,1)-1.5*(_xlfn.QUARTILE.INC($K$10:K35,3)-_xlfn.QUARTILE.INC($K$10:$K$29,1)),K15>_xlfn.QUARTILE.INC($K$10:$K$29,3)+1.5*(_xlfn.QUARTILE.INC($K$10:$K$29,3)-_xlfn.QUARTILE.INC($K$10:$K$29,1))),\"Não\",\"Sim\"),\"\")","v":""}]
[{"$nulls":9},"","","",null,null,{"$f":"IF(ISNUMBER(K16),IF(OR(K16<_xlfn.QUARTILE.INC($K$10:$K$29,1)-1.5*(_xlfn.QUARTILE.INC($I$10:I37,3)-_xlfn.QUARTILE.INC($K$10:$K$29,1)),K16>_xlfn.QUARTILE.INC($K$10:$K$29,3)+1.5*(_xlfn.QUARTILE.INC($K$10:$K$29,3)-_xlfn.QUARTILE.INC($K$10:$K$29,1))),\"Não\",\"Sim\"),\"\")","v":""}]
[null,"COTAÇÕES DE MERCADO",{"$nulls":12},"Cotações"]
[null,"Empresa",{"$nulls":7},"Data","Preço Unitário","Utilizar? (Sim/Não)",null,null,"Outliers","Por critério do(a) analista"]
[null,"https://www.mercadolivre.com.br/freio-8-oito-aluminio-35kn-preto-alpinismo-rapel-escalada/up/MLBU1138032009#polycard_client=search-desktop&be_origin=backend&search_layout=grid&position=11&type=product&tracking_id=b959adb6-c14c-4a62-a6c9-257c60d6c5c3&wid=MLB3552768985&sid=search",{"$nulls":7},"2026-04-29",94.58,{"$f":"IF(ISNUMBER(K19),IF($L$32=$O$18,O19,IF($L$32=$P$18,P19,\"\")),\"\")","v":"Sim"},null,null,{"$f":"IF(ISNUMBER(K19),IF(OR(K19<_xlfn.QUARTILE.INC($K$10:$K$29,1)-1.5*(_xlfn.QUARTILE.INC($K$10:$K$29,3)-_xlfn.QUARTILE.INC($K$10:$K$29,1)),K19>_xlfn.QUARTILE.INC($K$10:$K$29,3)+1.5*(_xlfn.QUARTILE.INC($K$10:$K$29,3)-_xlfn.QUARTILE.INC($K$10:$K$29,1))),\"Não\",\"Sim\"),\"\")","v":"Sim"}]
[null,"https://www.montibeler.com.br/produto/descensor-freio-8-aluminio.html",{"$nulls":7},"2026-04-29",102,"Sim",null,null,"Sim"]
[null,"https://www.superepi.com.br/descensor-dgmaster-freio-8-em-aco-inox-dg-1000-p1062969",{"$nulls":7},"2026-04-29",109.98,"Sim",null,null,"Sim"]
[{"$nulls":11},"",null,null,""]
[{"$nulls":11},"",null,null,""]
[{"$nulls":11},"",null,null,""]
[{"$nulls":11},"",null,null,""]
[{"$nulls":11},"",null,null,""]
[{"$nulls":11},"",null,null,""]
[{"$nulls":11},"",null,null,""]
[{"$nulls":11},"",null,null,""]
[null,"Observações:",{"$nulls":8},"Média:",{"$f":"IF($L$32=\"\",\"Selecione metodologia para exclusão de preços\",AVERAGE(IF($L$10:$L$29=\"Sim\",$K$10:$K$29)))","v":102.18666666666667},null,"Média (Cotações)",{"$f":"IF(COUNTIF(O19:O29,\"Sim\")<3,\"N/D (são necessários pelo menos 3 preços)\",AVERAGE(IF(O19:O29=\"Sim\",$K19:$K29)))","v":102.18666666666667},{"$f":"IF(COUNTIF(P19:P29,\"Sim\")<3,\"N/D (são necessários pelo menos 3 preços)\",AVERAGE(IF(P19:P29=\"Sim\",$K19:$K29)))","v":"N/D (são necessários pelo menos 3 preços)"}]
[{"$nulls":10},"Mediana:",{"$f":"IF($L$32=\"\",\"Selecione metodologia para exclusão de preços\",MEDIAN(IF($L$10:$L$29=\"Sim\",$K$10:$K$29)))","v":102},null,"Mediana (Cotações)",{"$f":"IF(COUNTIF(O19:O29,\"Sim\")<3,\"N/D (são necessários pelo menos 3 preços)\",MEDIAN(IF(O19:O29=\"Sim\",$K19:$K29)))","v":102},{"$f":"IF(COUNTIF(P19:P29,\"Sim\")<3,\"N/D (são necessários pelo menos 3 preços)\",MEDIAN(IF(P19:P29=\"Sim\",$K19:$K29)))","v":"N/D (são necessários pelo menos 3 preços)"}]
[null,"Metodologia de exclusão de preços adotada:",{"$nulls":9},{"$f":"IF(O35=\"\",INDEX(O18:P18,MATCH(MIN(#REF!),#REF!,0)),O35)","v":"Outliers"},null,"CV (Cotações)",{"$f":"IF(COUNTIF(O19:O29,\"Sim\")<3,\"N/D (são necessários pelo menos 3 preços)\",_xlfn.STDEV.S(IF(O19:O29=\"Sim\",$K19:$K29))/AVERAGE(IF(O19:O29=\"Sim\",$K19:$K29)))","v":7.5368901188128903E-2},{"$f":"IF(COUNTIF(P19:P29,\"Sim\")<3,\"N/D (são necessários pelo menos 3 preços)\",_xlfn.STDEV.S(IF(P19:P29=\"Sim\",$K19:$K29))/AVERAGE(IF(P19:P29=\"Sim\",$K19:$K29)))","v":"N/D (são necessários pelo menos 3 preços)"}]
[{"$nulls":13},"Média",{"$f":"IF(SUM(COUNTIF($O$10:$O$16,\"Sim\")) + SUM(COUNTIF(O19:O29,\"Sim\")) < 3,\n   \"N/D (são necessários pelo menos 3 preços)\",\n   IFERROR(AVERAGE(_xlfn._xlws.FILTER($K$10:$K$16,$O$10:$O$16=\"Sim\"), _xlfn._xlws.FILTER($K$19:$K$29,O19:O29=\"Sim\")),O30))","v":102.18666666666667},{"$f":"IF(SUM(COUNTIF($P$10:$P$16,\"Sim\")) + SUM(COUNTIF(P19:P29,\"Sim\")) < 3,\n   \"N/D (são necessários pelo menos 3 preços)\",\n   IFERROR(AVERAGE(_xlfn._xlws.FILTER($K$10:$K$16,$P$10:$P$16=\"Sim\"), _xlfn._xlws.FILTER($K$19:$K$29,P19:P29=\"Sim\")),P30))","v":"N/D (são necessários pelo menos 3 preços)"}]
[{"$nulls":13},"Mediana",{"$f":"IF(SUM(COUNTIF($O$10:$O$16,\"Sim\")) + SUM(COUNTIF(O19:O29,\"Sim\")) < 3,\n   \"N/D (são necessários pelo menos 3 preços)\",\n   IFERROR(MEDIAN(_xlfn._xlws.FILTER($K$10:$K$16,$O$10:$O$16=\"Sim\"), _xlfn._xlws.FILTER($K$19:$K$29,O19:O29=\"Sim\")),O31))","v":102},{"$f":"IF(SUM(COUNTIF($P10:$P$16,\"Sim\")) + SUM(COUNTIF(P19:P29,\"Sim\")) < 3,\n   \"N/D (são necessários pelo menos 3 preços)\",\n   IFERROR(MEDIAN(_xlfn._xlws.FILTER($K$10:$K$16,$P$10:$P$16=\"Sim\"), _xlfn._xlws.FILTER($K$19:$K$29,P19:P29=\"Sim\")),P31))","v":"N/D (são necessários pelo menos 3 preços)"}]
[null,"COSOLIDAÇÃO DOS PREÇOS",{"$nulls":11},"Metodologia a adotar:",{"$f":"IF(INDEX(O18:P18,P35)=0,\"\",INDEX(O18:P18,P35))","v":"Outliers"},1]
[]
[null,"PREÇO UNITÁRIO ESTIMADO ADOTADO:",{"$nulls":9},{"$f":"IF($B$39=\"Mediana:\",L31,L30)","v":102}]
[]
[{"$f":"O18","v":"Outliers"},"Mediana:"]

{"sheet":"Mosquetão","index":72,"n_rows":39,"n_cols":16,"rows_kept":39,"cut":false,"hidden":true,"merged":[[16,1,16,11],[16,14,16,15],[0,0,0,6],[6,2,6,7],[6,14,6,15],[7,1,7,11],[7,14,7,15],[28,1,28,8],[17,1,17,8],[18,1,18,8],[19,1,19,8],[20,1,20,8],[21,1,21,8],[22,1,22,8],[23,1,23,8],[24,1,24,8],[25,1,25,8],[26,1,26,8],[27,1,27,8],[31,1,33,10],[31,11,33,11],[34,1,35,10],[34,11,35,11],[36,1,36,10]]}
[]
[null,"Processo"]
[null,"Responsável"]
[null,"Área de Origem"]
[null,"Data da pesquisa"]
[]
[null,"ITEM:","MOSQUETÃO TIPO DELTA (assimetrico), fabircado em duraluminio, com trava de rosca, tensão minima de ruptura de 22KN, para ser usado em sistemas de descensor.",{"$nulls":5},"UNIDADE DE MEDIDA:","Unidade","QUANTIDADE:",null,null,null,"Tabela auxiliar de metodologias para exclusão de preços"]
[null,"LICITAÇÕES ANTERIORES",{"$nulls":12},"Licitações Anteriores"]
[null,"Órgão","Edital/Ano - Nº do Lote / Item","Quantidade","Valor Unitário","Data","índice de atualização (nome)","I0","If","Variação acumulada do índice (%)","Preço unitário atualizado","Utilizar?  (Sim/Não)",null,null,"Outliers","Por critério do(a) analista"]
[{"$nulls":9},{"$f":"IF(ISBLANK(E10),\"\",IF(ISNUMBER(H10),(I10-H10)/H10,0))","v":""},{"$f":"IF(ISBLANK(E10),\"\",E10*(1+J10))","v":""},{"$f":"IF(ISNUMBER(K10),IF($L$32<>$P$9,O10,P10),\"\")","v":""},null,null,{"$f":"IF(ISNUMBER(K10),IF(OR(K10<_xlfn.QUARTILE.INC($K$10:$K$29,1)-1.5*(_xlfn.QUARTILE.INC($K$10:K29,3)-_xlfn.QUARTILE.INC($K$10:$K$29,1)),K10>_xlfn.QUARTILE.INC($K$10:$K$29,3)+1.5*(_xlfn.QUARTILE.INC($K$10:$K$29,3)-_xlfn.QUARTILE.INC($K$10:$K$29,1))),\"Não\",\"Sim\"),\"\")","v":""}]
[{"$nulls":9},{"$f":"IF(ISBLANK(E11),\"\",IF(ISNUMBER(H11),(I11-H11)/H11,0))","v":""},{"$f":"IF(ISBLANK(E11),\"\",E11*(1+J11))","v":""},"",null,null,{"$f":"IF(ISNUMBER(K11),IF(OR(K11<_xlfn.QUARTILE.INC($K$10:$K$29,1)-1.5*(_xlfn.QUARTILE.INC($K$10:K29,3)-_xlfn.QUARTILE.INC($K$10:$K$29,1)),K11>_xlfn.QUARTILE.INC($K$10:$K$29,3)+1.5*(_xlfn.QUARTILE.INC($K$10:$K$29,3)-_xlfn.QUARTILE.INC($K$10:$K$29,1))),\"Não\",\"Sim\"),\"\")","v":""}]
[{"$nulls":9},"","","",null,null,{"$f":"IF(ISNUMBER(K12),IF(OR(K12<_xlfn.QUARTILE.INC($K$10:$K$29,1)-1.5*(_xlfn.QUARTILE.INC($K$10:K30,3)-_xlfn.QUARTILE.INC($K$10:$K$29,1)),K12>_xlfn.QUARTILE.INC($K$10:$K$29,3)+1.5*(_xlfn.QUARTILE.INC($K$10:$K$29,3)-_xlfn.QUARTILE.INC($K$10:$K$29,1))),\"Não\",\"Sim\"),\"\")","v":""}]
[{"$nulls":9},"","","",null,null,{"$f":"IF(ISNUMBER(K13),IF(OR(K13<_xlfn.QUARTILE.INC($K$10:$K$29,1)-1.5*(_xlfn.QUARTILE.INC($K$10:K31,3)-_xlfn.QUARTILE.INC($K$10:$K$29,1)),K13>_xlfn.QUARTILE.INC($K$10:$K$29,3)+1.5*(_xlfn.QUARTILE.INC($K$10:$K$29,3)-_xlfn.QUARTILE.INC($K$10:$K$29,1))),\"Não\",\"Sim\"),\"\")","v":""}]
[{"$nulls":9},"","","",null,null,{"$f":"IF(ISNUMBER(K14),IF(OR(K14<_xlfn.QUARTILE.INC($K$10:$K$29,1)-1.5*(_xlfn.QUARTILE.INC($K$10:K32,3)-_xlfn.QUARTILE.INC($K$10:$K$29,1)),K14>_xlfn.QUARTILE.INC($K$10:$K$29,3)+1.5*(_xlfn.QUARTILE.INC($K$10:$K$29,3)-_xlfn.QUARTILE.INC($K$10:$K$29,1))),\"Não\",\"Sim\"),\"\")","v":""}]
[{"$nulls":9},"","","",null,null,{"$f":"IF(ISNUMBER(K15),IF(OR(K15<_xlfn.QUARTILE.INC($K$10:$K$29,1)-1.5*(_xlfn.QUARTILE.INC($K$10:K35,3)-_xlfn.QUARTILE.INC($K$10:$K$29,1)),K15>_xlfn.QUARTILE.INC($K$10:$K$29,3)+1.5*(_xlfn.QUARTILE.INC($K$10:$K$29,3)-_xlfn.QUARTILE.INC($K$10:$K$29,1))),\"Não\",\"Sim\"),\"\")","v":""}]
[{"$nulls":9},"","","",null,null,{"$f":"IF(ISNUMBER(K16),IF(OR(K16<_xlfn.QUARTILE.INC($K$10:$K$29,1)-1.5*(_xlfn.QUARTILE.INC($I$10:I37,3)-_xlfn.QUARTILE.INC($K$10:$K$29,1)),K16>_xlfn.QUARTILE.INC($K$10:$K$29,3)+1.5*(_xlfn.QUARTILE.INC($K$10:$K$29,3)-_xlfn.QUARTILE.INC($K$10:$K$29,1))),\"Não\",\"Sim\"),\"\")","v":""}]
[null,"COTAÇÕES DE MERCADO",{"$nulls":12},"Cotações"]
[null,"Empresa",{"$nulls":7},"Data","Preço Unitário","Utilizar? (Sim/Não)",null,null,"Outliers","Por critério do(a) analista"]
[null,"https://www.mercadolivre.com.br/mosqueto-hms-aluminio-30kn-rosca-keylock-cinza-for-rope/p/MLB55573145#polycard_client=search-desktop&be_origin=backend&search_layout=grid&position=22&type=product&tracking_id=de8c30ce-4ded-4583-a60d-f834cd1575fa&wid=MLB5687076758&sid=search",{"$nulls":7},"2026-04-29",145.22,{"$f":"IF(ISNUMBER(K19),IF($L$32=$O$18,O19,IF($L$32=$P$18,P19,\"\")),\"\")","v":"Sim"},null,null,{"$f":"IF(ISNUMBER(K19),IF(OR(K19<_xlfn.QUARTILE.INC($K$10:$K$29,1)-1.5*(_xlfn.QUARTILE.INC($K$10:$K$29,3)-_xlfn.QUARTILE.INC($K$10:$K$29,1)),K19>_xlfn.QUARTILE.INC($K$10:$K$29,3)+1.5*(_xlfn.QUARTILE.INC($K$10:$K$29,3)-_xlfn.QUARTILE.INC($K$10:$K$29,1))),\"Não\",\"Sim\"),\"\")","v":"Sim"}]
[null,"https://www.casadosmosquetoes.com.br/mosquetoes/mosquetao-hms-tipo-pera/aluminio/mosquetao-hms-trava-com-rosca-22kn-de-aluminio-com-grande-abertura-harry",{"$nulls":7},"2026-04-29",186,"Sim",null,null,"Sim"]
[null,"https://www.lojanerea.com.br/task-mosquet-o-alum-nio-hms-22kn-trava-rosca-ce-seguran-a-nr-35-escalada-p716",{"$nulls":7},"2026-04-29",79.900000000000006,"Sim",null,null,"Sim"]
[{"$nulls":11},"",null,null,""]
[{"$nulls":11},"",null,null,""]
[{"$nulls":11},"",null,null,""]
[{"$nulls":11},"",null,null,""]
[{"$nulls":11},"",null,null,""]
[{"$nulls":11},"",null,null,""]
[{"$nulls":11},"",null,null,""]
[{"$nulls":11},"",null,null,""]
[null,"Observações:",{"$nulls":8},"Média:",{"$f":"IF($L$32=\"\",\"Selecione metodologia para exclusão de preços\",AVERAGE(IF($L$10:$L$29=\"Sim\",$K$10:$K$29)))","v":137.04},null,"Média (Cotações)",{"$f":"IF(COUNTIF(O19:O29,\"Sim\")<3,\"N/D (são necessários pelo menos 3 preços)\",AVERAGE(IF(O19:O29=\"Sim\",$K19:$K29)))","v":137.04},{"$f":"IF(COUNTIF(P19:P29,\"Sim\")<3,\"N/D (são necessários pelo menos 3 preços)\",AVERAGE(IF(P19:P29=\"Sim\",$K19:$K29)))","v":"N/D (são necessários pelo menos 3 preços)"}]
[{"$nulls":10},"Mediana:",{"$f":"IF($L$32=\"\",\"Selecione metodologia para exclusão de preços\",MEDIAN(IF($L$10:$L$29=\"Sim\",$K$10:$K$29)))","v":145.22},null,"Mediana (Cotações)",{"$f":"IF(COUNTIF(O19:O29,\"Sim\")<3,\"N/D (são necessários pelo menos 3 preços)\",MEDIAN(IF(O19:O29=\"Sim\",$K19:$K29)))","v":145.22},{"$f":"IF(COUNTIF(P19:P29,\"Sim\")<3,\"N/D (são necessários pelo menos 3 preços)\",MEDIAN(IF(P19:P29=\"Sim\",$K19:$K29)))","v":"N/D (são necessários pelo menos 3 preços)"}]
[null,"Metodologia de exclusão de preços adotada:",{"$nulls":9},{"$f":"IF(O35=\"\",INDEX(O18:P18,MATCH(MIN(#REF!),#REF!,0)),O35)","v":"Outliers"},null,"CV (Cotações)",{"$f":"IF(COUNTIF(O19:O29,\"Sim\")<3,\"N/D (são necessários pelo menos 3 preços)\",_xlfn.STDEV.S(IF(O19:O29=\"Sim\",$K19:$K29))/AVERAGE(IF(O19:O29=\"Sim\",$K19:$K29)))","v":0.39054947891367597},{"$f":"IF(COUNTIF(P19:P29,\"Sim\")<3,\"N/D (são necessários pelo menos 3 preços)\",_xlfn.STDEV.S(IF(P19:P29=\"Sim\",$K19:$K29))/AVERAGE(IF(P19:P29=\"Sim\",$K19:$K29)))","v":"N/D (são necessários pelo menos 3 preços)"}]
[{"$nulls":13},"Média",{"$f":"IF(SUM(COUNTIF($O$10:$O$16,\"Sim\")) + SUM(COUNTIF(O19:O29,\"Sim\")) < 3,\n   \"N/D (são necessários pelo menos 3 preços)\",\n   IFERROR(AVERAGE(_xlfn._xlws.FILTER($K$10:$K$16,$O$10:$O$16=\"Sim\"), _xlfn._xlws.FILTER($K$19:$K$29,O19:O29=\"Sim\")),O30))","v":137.04},{"$f":"IF(SUM(COUNTIF($P$10:$P$16,\"Sim\")) + SUM(COUNTIF(P19:P29,\"Sim\")) < 3,\n   \"N/D (são necessários pelo menos 3 preços)\",\n   IFERROR(AVERAGE(_xlfn._xlws.FILTER($K$10:$K$16,$P$10:$P$16=\"Sim\"), _xlfn._xlws.FILTER($K$19:$K$29,P19:P29=\"Sim\")),P30))","v":"N/D (são necessários pelo menos 3 preços)"}]
[{"$nulls":13},"Mediana",{"$f":"IF(SUM(COUNTIF($O$10:$O$16,\"Sim\")) + SUM(COUNTIF(O19:O29,\"Sim\")) < 3,\n   \"N/D (são necessários pelo menos 3 preços)\",\n   IFERROR(MEDIAN(_xlfn._xlws.FILTER($K$10:$K$16,$O$10:$O$16=\"Sim\"), _xlfn._xlws.FILTER($K$19:$K$29,O19:O29=\"Sim\")),O31))","v":145.22},{"$f":"IF(SUM(COUNTIF($P10:$P$16,\"Sim\")) + SUM(COUNTIF(P19:P29,\"Sim\")) < 3,\n   \"N/D (são necessários pelo menos 3 preços)\",\n   IFERROR(MEDIAN(_xlfn._xlws.FILTER($K$10:$K$16,$P$10:$P$16=\"Sim\"), _xlfn._xlws.FILTER($K$19:$K$29,P19:P29=\"Sim\")),P31))","v":"N/D (são necessários pelo menos 3 preços)"}]
[null,"COSOLIDAÇÃO DOS PREÇOS",{"$nulls":11},"Metodologia a adotar:",{"$f":"IF(INDEX(O18:P18,P35)=0,\"\",INDEX(O18:P18,P35))","v":"Outliers"},1]
[]
[null,"PREÇO UNITÁRIO ESTIMADO ADOTADO:",{"$nulls":9},{"$f":"IF($B$39=\"Mediana:\",L31,L30)","v":137.04}]
[]
[{"$f":"O18","v":"Outliers"},"Média:"]